{"text_format":"2","workbook":"xlsx","n_sheets":8,"sheets":["PLANILHA ORÇAMENTARIA","CPU COMPLETA","CURVA","CPU","COMPOSIÇÕES","Cronograma","BDI's","Leis Sociais"],"not_rendered":{"charts":0,"images":1,"macros":1,"external_links":6,"defined_names":4107,"comments":0,"pivot_tables":0},"unopened":[],"bounds":{"document_bytes":16777216,"sheet_cells":100000,"run_cost":"one","rows_first":2000,"rows_last":500,"rows_between":2000,"halvings":0,"cell_chars":16384,"cell_head_chars":4096},"cells_cut":0,"cells_raw":0,"read":"whole","date_system":"1900"}

{"sheet":"PLANILHA ORÇAMENTARIA","index":0,"n_rows":510,"n_cols":12,"rows_kept":510,"cut":false,"hidden":false,"merged":[[6,3,8,3],[6,2,8,2],[6,1,8,1],[3,1,3,10],[7,7,8,7],[7,8,7,10],[0,1,0,4],[0,5,0,8],[1,1,1,10],[4,1,5,5],[7,6,8,6],[2,1,2,8],[2,9,2,10],[6,5,8,5],[6,4,8,4]]}
[{"$nulls":5},"COMPANHIA DE DESENVOLVIMENTO DOS                                                                                                                                                         VALES DO SÃO FRANCISCO E DO PARNAÍBA\n3ª Superintendência Regional"]
[null,"COMPLEMENTAÇÃO DAS OBRAS E DOS SERVIÇOS NECESSÁRIOS A IMPLANTAÇÃO DO SISTEMA DE ESGOTAMENTO SANITÁRIO DO MUNICÍPIO DE FLORESTA, NO ESTADO DE PERNAMBUCO, NA ÁREA DE ATUAÇÃO DA 3ª SUPERINTENDÊNCIA REGIONAL DA CODEVASF."]
[null,"PETROLINA-PE",{"$nulls":7},"DATA: 06/06/2019"]
[null,"PLANILHA ORÇAMENTÁRIA DE SERVIÇOS E MATERIAIS  "]
[null,"TABELAS DE REFERÊNCIA (SEM DESONERAÇÃO): ",{"$nulls":5},"CODEVASF","FEV/2018","ORSE","JUN/2018"]
[{"$nulls":7},"SEINFRA:","ABR/2017","SINAPI:","JUN/2018"]
[null,"ITEM","TIPO","FONTE","CÓDIGO","DISCRIMINAÇÃO DOS SERVIÇOS","BDI:","SERVIÇOS:",0.245,"MATERIAIS:",0.13]
[{"$nulls":6},"UNID.","QUANT.","PREÇO (R$)"]
[{"$nulls":8},"SEM BDI","COM BDI","TOTAL"]
[null,1,"INSTALAÇÕES PRELIMINARES E CANTEIRO DE OBRAS",{"$nulls":4},"Custo Total dos Serviços (R$)",null,null,{"$f":"SUM(K11:K16)","v":540412.32999999996}]
[null,"1.1","SERVIÇO","SINAPI","74209/1","FORNECIMENTO, MONTAGEM, MANUTENÇÃO  E INSTALAÇÃO DE PLACA DE IDENTIFICAÇÃO DE OBRA COM 2MX3M, CONFORME MODELO APRESENTADO PELA FISCALIZAÇÃO.","M²",6,262.10000000000002,{"$f":"I11+(I11*$I$7)","v":326.31},{"$f":"H11*J11","v":1957.86},1.2450000000000001]
[null,"1.2","SERVIÇO","CODEVASF","COMPOSIÇÃO","MOBILIZAÇÃO DE EQUIPAMENTOS, MATERIAIS E PESSOAL.","UN ",1,5543.37,{"$f":"I12+(I12*$I$7)","v":6901.5},6901.5,1.2450000000000001]
[null,"1.3","SERVIÇO","CODEVASF","COMPOSIÇÃO","DESMOBILIZAÇÃO DE EQUIPAMENTOS, MATERIAIS E PESSOAL.","UN ",1,5543.37,6901.5,6901.5,1.2450000000000001]
[null,"1.4","SERVIÇO","CODEVASF","COMPOSIÇÃO","INSTALAÇÃO DE CANTEIRO DE OBRAS.","UN ",1,32951.629999999997,41024.78,41024.78,1.2450000000000001]
[null,"1.5","SERVIÇO","CODEVASF","COMPOSIÇÃO","ADMINISTRAÇÃO LOCAL E MANUTENÇÃO DE CANTEIRO DE OBRAS.","UN ",1,289841.58,360852.77,360852.77,1.2450000000000001]
[null,"1.6","INSUMO","CODEVASF","COMPOSIÇÃO","VEÍCULO PICK-UP CABINE DUPLA 4X4 (163 CV).","MÊS",24,4527.0600000000004,{"$f":"I16+(I16*$K$7)","v":5115.58},122773.92,1.1299999999999999]
[null,2,"REDE COLETORA; LINHA DE RECALQUE (EEE-01, EEE-02 e EEE-04); EMISSÁRIO FINAL (ETE-01, ETE-02)",{"$nulls":4},"Custo Total dos Serviços (R$)",null,null,{"$f":"SUM(K18,K20,K23,K34,K40,K47,K54,K59,K67,K75,K79,K81,K85)","v":2108106.5299999998}]
[null,"2.1","LOCAÇÃO",{"$nulls":7},{"$f":"SUM(K19)","v":9452.0400000000009}]
[null,"2.1.1","SERVIÇO","SINAPI",85323,"LOCACAO E NIVELAMENTO DE EMISSARIO/REDE COLETORA COM AUXILIO DE EQUIPAMENTO TOPOGRAFICO","M",6474,1.17,{"$f":"I19+(I19*$I$7)","v":1.46},{"$f":"H19*J19","v":9452.0400000000009},1.2465999999999999]
[null,"2.2","CADASTRO",{"$nulls":7},{"$f":"SUM(K21:K22)","v":20716.8}]
[null,"2.2.1","SERVIÇO","ORSE",11676,"CADASTRO DE REDES DE ESGOTO","M",6474,1.1100000000000001,{"$f":"I21+(I21*$I$7)","v":1.38},{"$f":"H21*J21","v":8934.1200000000008},1.2464]
[null,"2.2.2","SERVIÇO","ORSE",2830,"LIMPEZA E TESTE DE REDES DE ESGOTOS SANITÁRIOS","M",6474,1.46,1.82,{"$f":"H22*J22","v":11782.68},1.2473000000000001]
[null,"2.3","ESCAVAÇÃO EM VALAS",{"$nulls":7},{"$f":"SUM(K24:K33)","v":674883.51}]
[null,"2.3.1","SERVIÇO","SINAPI",93358,"ESCAVAÇÃO MANUAL DE VALA COM PROFUNDIDADE MENOR OU IGUAL A 1,30 M. AF_03/2016","M³",394.6,50.41,{"$f":"I24+(I24*$I$7)","v":62.76},{"$f":"H24*J24","v":24765.1},1.2450000000000001]
[null,"2.3.2","SERVIÇO","SINAPI",90105,"ESCAVAÇÃO MECANIZADA DE VALA COM PROFUNDIDADE ATÉ 1,5 M (MÉDIA ENTRE MONTANTE E JUSANTE/UMA COMPOSIÇÃO POR TRECHO) COM RETROESCAVADEIRA (CAPACIDADE DA CAÇAMBA DA RETRO: 0,26 M3 / POTÊNCIA: 88 HP), LARGURA MENOR QUE 0,8 M, EM SOLO DE 1A CATEGORIA, LOCAISCOM BAIXO NÍVEL DE INTERFERÊNCIA. AF_01/2015","M³",3946.01,6.18,7.69,30344.82,1.2444999999999999]
[null,"2.3.3","SERVIÇO","SINAPI",90092,"ESCAVAÇÃO MECANIZADA DE VALA COM PROF. MAIOR QUE 1,5 M E ATÉ 3,0 M(MÉDIA ENTRE MONTANTE E JUSANTE/UMA COMPOSIÇÃO POR TRECHO), COM ESCAVADEIRA HIDRÁULICA (0,8 M3/111 HP), LARG. MENOR QUE 1,5 M, EM SOLO DE 1A CATEGORIA, LOCAIS COM BAIXO NÍVEL DE INTERFERÊNCIA. AF_01/2015","M³",618.13,4.17,5.19,3208.09,1.2452000000000001]
[null,"2.3.4","SERVIÇO","SINAPI",72915,"ESCAVACAO MECANICA DE VALA EM MATERIAL DE 2A. CATEGORIA ATE 2 M DE PROFUNDIDADE COM UTILIZACAO DE ESCAVADEIRA HIDRAULICA","M³",2610.5700000000002,8.8000000000000007,10.96,28611.85,1.2450000000000001]
[null,"2.3.5","SERVIÇO","SINAPI",72917,"ESCAVACAO MECANICA DE VALA EM MATERIAL 2A. CATEGORIA DE 2,01 ATE 4,00 M DE PROFUNDIDADE COM UTILIZACAO DE ESCAVADEIRA HIDRAULICA","M³",133,10.050000000000001,12.51,1663.83,1.2447999999999999]
[null,"2.3.6","SERVIÇO","ORSE",4357,"ESCAVAÇÃO COM PERFURATRIZ EM MATERIAL DE 2ª CATEGORIA","M³",453.08,62.97,78.400000000000006,35521.47,1.2451000000000001]
[null,"2.3.7","SERVIÇO","ORSE",4503,"ESCAVAÇÃO MANUAL DE VALA OU CAVA EM MATERIAL DE 3ª CATEGORIA, PROFUNDIDADE AT É 4,00 M, COM USO DE EXPLOSIVOS E PERFURAÇÃO MECÂNICA","M³",906.16,191.28,238.14,215792.94,1.2450000000000001]
[null,"2.3.8","SERVIÇO","SINAPI",94111,"LASTRO DE VALA COM PREPARO DE FUNDO, LARGURA MENOR QUE 1,5 M, COM CAMADA DE AREIA, LANÇAMENTO MECANIZADO, EM LOCAL COM NÍVEL BAIXO DE INTERFERÊNCIA. AF_06/2016","M³",1812.72,112.45,140,253780.8,1.2450000000000001]
[null,"2.3.9","SERVIÇO","ORSE",2508,"CARGA MECÂNICA DE MATERIAL DE 3ª CATEGORIA","M³",4102.8100000000004,2.56,3.19,13087.96,1.2453000000000001]
[null,"2.3.10","SERVIÇO","SINAPI",97914,"TRANSPORTE COM CAMINHÃO BASCULANTE DE 6 M3, EM VIA URBANA PAVIMENTADA, DMT ATÉ 30 KM (UNIDADE: M3XKM). AF_01/2018","M³XKM",41028.1,1.33,1.66,68106.649999999994,1.2423999999999999]
[null,"2.4","ATERRO/REATERRO COMPACTADOS",{"$nulls":7},{"$f":"SUM(K35:K39)","v":212977.12}]
[null,"2.4.1","SERVIÇO","SINAPI",93378,"REATERRO MECANIZADO DE VALA COM RETROESCAVADEIRA (CAPACIDADE DA CAÇAMBA DA RETRO: 0,26 M³ / POTÊNCIA: 88 HP), LARGURA ATÉ 0,8 M, PROFUNDIDADE ATÉ 1,5 M, COM SOLO (SEM SUBSTITUIÇÃO) DE 1ª CATEGORIA EM LOCAIS COM BAIXO NÍVEL DE INTERFERÊNCIA. AF_04/2016","M³",4340.6099999999997,19.190000000000001,{"$f":"I35+(I35*$I$7)","v":23.89},{"$f":"H35*J35","v":103697.17},1.2452000000000001]
[null,"2.4.2","SERVIÇO","SINAPI",93368,"REATERRO MECANIZADO DE VALA COM ESCAVADEIRA HIDRÁULICA (CAPACIDADE DA CAÇAMBA: 0,8 M³ / POTÊNCIA: 111 HP), LARGURA ATÉ 1,5 M, PROFUNDIDADE DE 1,5 A 3,0 M, COM SOLO (SEM SUBSTITUIÇÃO) DE 1ª CATEGORIA EM LOCAIS COM BAIXO NÍVEL DE INTERFERÊNCIA. AF_04/2016","M³",618.13,11.1,13.82,{"$f":"H36*J36","v":8542.56},1.2447999999999999]
[null,"2.4.3","SERVIÇO","SINAPI",94315,"ATERRO MECANIZADO DE VALA COM RETROESCAVADEIRA (CAPACIDADE DA CAÇAMBA DA RETRO: 0,26 M³ / POTÊNCIA: 88 HP), LARGURA ATÉ 0,8 M, PROFUNDIDADE ATÉ 1,5 M, COM SOLO ARGILO-ARENOSO. AF_05/2016","M³",2284.23,35.36,44.02,{"$f":"H37*J37","v":100551.8},1.2451000000000001]
[null,"2.4.4","SERVIÇO","SINAPI",94305,"ATERRO MECANIZADO DE VALA COM ESCAVADEIRA HIDRÁULICA (CAPACIDADE DA CAÇAMBA: 0,8 M³ / POTÊNCIA: 111 HP), LARGURA ATÉ 1,5 M, PROFUNDIDADE DE 1,5 A 3,0 M, COM SOLO ARGILO-ARENOSO. AF_05/2016","M³",0,23.41,29.15,{"$f":"H38*J38","v":0},1.2447999999999999]
[null,"2.4.5","SERVIÇO","SINAPI",94307,"ATERRO MECANIZADO DE VALA COM ESCAVADEIRA HIDRÁULICA (CAPACIDADE DA CAÇAMBA: 0,8 M³ / POTÊNCIA: 111 HP), LARGURA ATÉ 1,5 M, PROFUNDIDADE DE 3,0 A 4,5 M, COM SOLO ARGILO-ARENOSO. AF_05/2016","M³",5.86,20.46,25.47,185.59,1.2448999999999999]
[null,"2.5","POÇOS (INCLUSIVE ASSENTAMENTO DE TAMPÃO)",{"$nulls":7},{"$f":"SUM(K41:K46)","v":141899.93}]
[null,"2.5.1","SERVIÇO","SINAPI",98420,"(COMPOSIÇÃO REPRESENTATIVA) POÇO DE VISITA CIRCULAR PARA ESGOTO, EM CONCRETO PRÉ-MOLDADO, DIÂMETRO INTERNO = 1,0 M, PROFUNDIDADE ATÉ 1,50 M, INCLUINDO TAMPÃO DE FERRO FUNDIDO, DIÂMETRO DE 60 CM. AF_04/2018","UN",35,1058.95,{"$f":"I41+(I41*$I$7)","v":1318.39},{"$f":"H41*J41","v":46143.65},1.2450000000000001]
[null,"2.5.2","SERVIÇO","SINAPI",98421,"(COMPOSIÇÃO REPRESENTATIVA) POÇO DE VISITA CIRCULAR PARA ESGOTO, EM CONCRETO PRÉ-MOLDADO, DIÂMETRO INTERNO = 1,0 M, PROFUNDIDADE DE 1,50 A 2,00 M, INCLUINDO TAMPÃO DE FERRO FUNDIDO, DIÂMETRO DE 60 CM. AF_04/2018","UN",20,1179.1400000000001,1468.03,29360.6,1.2450000000000001]
[null,"2.5.3","SERVIÇO","SINAPI",98422,"(COMPOSIÇÃO REPRESENTATIVA) POÇO DE VISITA CIRCULAR PARA ESGOTO, EM CONCRETO PRÉ-MOLDADO, DIÂMETRO INTERNO = 1,0 M, PROFUNDIDADE DE 2,00 A 2,50 M, INCLUINDO TAMPÃO DE FERRO FUNDIDO, DIÂMETRO DE 60 CM. AF_04/2018","UN",4,1299.3399999999999,1617.68,6470.72,1.2450000000000001]
[null,"2.5.4","SERVIÇO","SINAPI",98423,"(COMPOSIÇÃO REPRESENTATIVA) POÇO DE VISITA CIRCULAR PARA ESGOTO, EM CONCRETO PRÉ-MOLDADO, DIÂMETRO INTERNO = 1,0 M, PROFUNDIDADE DE 2,50 A 3,00 M, INCLUINDO TAMPÃO DE FERRO FUNDIDO, DIÂMETRO DE 60 CM. AF_04/2018","UN",5,1363.13,1697.1,8485.5,1.2450000000000001]
[null,"2.5.5","SERVIÇO","SINAPI",98424,"(COMPOSIÇÃO REPRESENTATIVA) POÇO DE VISITA CIRCULAR PARA ESGOTO, EM CONCRETO PRÉ-MOLDADO, DIÂMETRO INTERNO = 1,0 M, PROFUNDIDADE DE 3,00 A 3,50 M, INCLUINDO TAMPÃO DE FERRO FUNDIDO, DIÂMETRO DE 60 CM. AF_04/2018","UN",2,1426.93,1776.53,3553.06,1.2450000000000001]
[null,"2.5.6","SERVIÇO","SINAPI",97983,"ACRÉSCIMO PARA POÇO DE VISITA CIRCULAR PARA ESGOTO, EM CONCRETO PRÉ-MOLDADO, DIÂMETRO INTERNO = 1 M. AF_05/2018","M",160,240.39,299.29000000000002,47886.400000000001,1.2450000000000001]
[null,"2.6","ASSENTAMENTO DE TUBOS E CONEXÕES EM PVC, JUNTA ELÁSTICA",{"$nulls":7},{"$f":"SUM(K48:K53)","v":94816}]
[null,"2.6.1","SERVIÇO","SINAPI",90734,"ASSENTAMENTO DE TUBO DE PVC PARA REDE COLETORA DE ESGOTO DE PAREDE MACIÇA, DN 150 MM, JUNTA ELÁSTICA, INSTALADO EM LOCAL COM NÍVEL BAIXO DE INTERFERÊNCIAS (NÃO INCLUI FORNECIMENTO). AF_06/2015","M",4584,2.71,{"$f":"I48+(I48*$I$7)","v":3.37},{"$f":"H48*J48","v":15448.08},1.2463]
[null,"2.6.2","SERVIÇO","SINAPI",90735,"ASSENTAMENTO DE TUBO DE PVC PARA REDE COLETORA DE ESGOTO DE PAREDE MACIÇA, DN 200 MM, JUNTA ELÁSTICA, INSTALADO EM LOCAL COM NÍVEL BAIXO DE INTERFERÊNCIAS (NÃO INCLUI FORNECIMENTO). AF_06/2015","M",1410,3.22,4.01,5654.1,1.2444]
[null,"2.6.3","SERVIÇO","SINAPI",90736,"ASSENTAMENTO DE TUBO DE PVC PARA REDE COLETORA DE ESGOTO DE PAREDE MACIÇA, DN 250 MM, JUNTA ELÁSTICA, INSTALADO EM LOCAL COM NÍVEL BAIXO DE INTERFERÊNCIAS (NÃO INCLUI FORNECIMENTO). AF_06/2015","M",204,3.71,4.62,942.48,1.2445999999999999]
[null,"2.6.4","SERVIÇO","SINAPI",90737,"ASSENTAMENTO DE TUBO DE PVC PARA REDE COLETORA DE ESGOTO DE PAREDE MACIÇA, DN 300 MM, JUNTA ELÁSTICA, INSTALADO EM LOCAL COM NÍVEL BAIXO DE INTERFERÊNCIAS (NÃO INCLUI FORNECIMENTO). AF_06/2015","M",276,4.21,5.24,1446.24,1.2443]
[null,"2.6.5","SERVIÇO","SEINFRA","C3475","TRAVESSIA MÉTODO NÃO DESTRUTIVO P/ TUBO 100<DN<=200 (COMPLETO)","M",45,1264.24,1573.98,70829.100000000006,1.2450000000000001]
[null,"2.6.6","SERVIÇO","SINAPI",83724,"ASSENTAMENTO DE PECAS, CONEXOES, APARELHOS E ACESSORIOS DE FERRO FUNDIDO DUCTIL, JUNTA ELASTICA, MECANICA OU FLANGEADA, COM DIAMETROS DE 50 A 300 MM.","KG",200,1.99,2.48,496,1.2470000000000001]
[null,"2.7","RETIRADA DE PAVIMENTAÇÃO",{"$nulls":7},{"$f":"SUM(K55:K58)","v":43017.97}]
[null,"2.7.1","SERVIÇO","SINAPI",92970,"DEMOLIÇÃO DE PAVIMENTAÇÃO ASFÁLTICA COM UTILIZAÇÃO DE MARTELO PERFURADOR, ESPESSURA ATÉ 15 CM, EXCLUSIVE CARGA E TRANSPORTE","M²",1085,12.67,{"$f":"I55+(I55*$I$7)","v":15.77},{"$f":"H55*J55","v":17110.45},1.2448999999999999]
[null,"2.7.2","SERVIÇO","ORSE",20,"DEMOLIÇÃO DE PAVIMENTAÇÃO EM PARALELEPÍPEDO OU PRÉ-MOLDADOS DE CONCRETO C/ RE APROVEITAMENTO","M²",3406,5.72,7.12,{"$f":"H56*J56","v":24250.720000000001},1.2446999999999999]
[null,"2.7.3","SERVIÇO","SINAPI",72898,"CARGA E DESCARGA MECANIZADAS DE ENTULHO EM CAMINHAO BASCULANTE 6 M3","M³",162.75,3.25,4.05,{"$f":"H57*J57","v":659.14},1.2450000000000001]
[null,"2.7.4","SERVIÇO","SINAPI",72900,"TRANSPORTE DE ENTULHO COM CAMINHAO BASCULANTE 6 M3, RODOVIA PAVIMENTADA, DMT 0,5 A 1,0 KM","M³",162.75,4.92,6.13,{"$f":"H58*J58","v":997.66},1.2451000000000001]
[null,"2.8","RECOMPOSIÇÃO DE PAVIMENTAÇÃO",{"$nulls":7},{"$f":"SUM(K60:K66)","v":278384.90999999997}]
[null,"2.8.1","SERVIÇO","SINAPI","73790/4","REASSENTAMENTO DE PARALELEPIPEDO SOBRE COLCHAO DE PO DE PEDRA ESPESSURA 10CM, REJUNTADO COM ARGAMASSA TRACO 1:3 (CIMENTO E AREIA), CONSIDERANDO APROVEITAMENTO DO PARALELEPIPEDO","M²",3406,33.06,{"$f":"I60+(I60*$I$7)","v":41.16},{"$f":"H60*J60","v":140190.96},1.2448999999999999]
[null,"2.8.2","SERVIÇO","ORSE",2600,"REPOSIÇÃO DE PAVIMENTAÇÃO ASFÁLTICA, INCLUINDO PINTURA DE LIGAÇÃO, FORNECIMEN TO E APLICAÇÃO DE CBUQ","M²",1085,31.91,39.729999999999997,43107.05,1.2450000000000001]
[null,"2.8.3","SERVIÇO","SINAPI",96396,"EXECUÇÃO E COMPACTAÇÃO DE BASE E OU SUB BASE COM BRITA GRADUADA SIMPLES - EXCLUSIVE CARGA E TRANSPORTE. AF_09/2017","M³",21.7,80.16,99.8,2165.66,1.2450000000000001]
[null,"2.8.4","SERVIÇO","SINAPI","74253/1","RAMAL PREDIAL EM TUBO PEAD 20MM - FORNECIMENTO, INSTALAÇÃO, ESCAVAÇÃO E REATERRO","M",600,18.329999999999998,22.82,13692,1.2452000000000001]
[null,"2.8.5","SERVIÇO","SEINFRA","C2918","RAMAL PREDIAL DE ESGOTO EM PVC 100mm, S/ PAVIMENTO","M",300,34.57,43.04,12912,1.2448999999999999]
[null,"2.8.6","SERVIÇO","SINAPI",83675,"TUBO CONCRETO SIMPLES DN 200 MM PARA DRENAGEM - FORNECIMENTO E INSTALACAO, INCLUSIVE ESCAVACAO MANUAL 1M3/M.","M",220,70.52,87.8,19316,1.2450000000000001]
[null,"2.8.7","SERVIÇO","SINAPI",9537,"LIMPEZA FINAL DA OBRA","M²",19422,1.94,2.42,47001.24,1.2447999999999999]
[null,"2.9","SINALIZAÇÃO E TRAFEGABILIDADE",{"$nulls":7},{"$f":"SUM(K68:K74)","v":100115.58}]
[null,"2.9.1","SERVIÇO","SINAPI","74219/2","PASSADICOS COM TABUAS DE MADEIRA PARA VEICULOS","M²",35,38.799999999999997,{"$f":"I68+(I68*$I$7)","v":48.31},{"$f":"H68*J68","v":1690.85},1.2450000000000001]
[null,"2.9.2","SERVIÇO","SINAPI","74219/1","PASSADICOS COM TABUAS DE MADEIRA PARA PEDESTRES","M²",24,48.12,59.91,1437.84,1.2448999999999999]
[null,"2.9.3","SERVIÇO","CODEVASF","COMPOSIÇÃO","CONES DE SINALIZAÇÃO - FORNECIMENTO E MOVIMENTAÇÃO","UN/DIA",900,0.68,0.85,765,1.25]
[null,"2.9.4","SERVIÇO","SINAPI","74209/1","PLACA DE OBRA EM CHAPA DE ACO GALVANIZADO","M²",6,262.10000000000002,326.31,1957.86,1.2450000000000001]
[null,"2.9.5","SERVIÇO","ORSE",59,"INTERDIÇÃO DE OBRA COM FITA DE SINALIZAÇÃO","M",5179.2,5.44,6.77,35063.18,1.2456]
[null,"2.9.6","SERVIÇO","ORSE",4518,"TELA DE NYLON PARA PROTEÇÃO DE FACHADA","M²",1294.8,16.64,20.72,26828.26,1.2448999999999999]
[null,"2.9.7","SERVIÇO","SINAPI","74220/1","TAPUME DE CHAPA DE MADEIRA COMPENSADA, E= 6MM, COM PINTURA A CAL E REAPROVEITAMENTO DE 2X","M²",582.66,44.63,55.56,32372.59,1.2450000000000001]
[null,"2.10","ESCORAMENTO",{"$nulls":7},{"$f":"SUM(K76:K78)","v":95284.13}]
[null,"2.10.1","SERVIÇO","SINAPI",94057,"ESCORAMENTO DE VALA, TIPO DESCONTÍNUO, COM PROFUNDIDADE DE 1,5 M A 3,0 M, LARGURA MENOR QUE 1,5 M, EM LOCAL COM NÍVEL BAIXO DE INTERFERÊNCIA. AF_06/2016","M²",994.2,15.77,{"$f":"I76+(I76*$I$7)","v":19.63},{"$f":"H76*J76","v":19516.150000000001},1.2447999999999999]
[null,"2.10.2","SERVIÇO","SINAPI","73877/2","ESCORAMENTO DE VALAS COM PRANCHOES METALICOS - AREA NAO CRAVADA","M²",994.2,34.9,43.45,{"$f":"H77*J77","v":43197.99},1.2451000000000001]
[null,"2.10.3","SERVIÇO","SINAPI",94045,"ESCORAMENTO DE VALA, TIPO PONTALETEAMENTO, COM PROFUNDIDADE DE 1,5 A 3,0 M, LARGURA MENOR QUE 1,5 M, EM LOCAL COM NÍVEL BAIXO DE INTERFERÊNCIA. AF_06/2016","M²",2982.6,8.77,10.92,{"$f":"H78*J78","v":32569.99},1.2446999999999999]
[null,"2.11","ESGOTAMENTO",{"$nulls":7},{"$f":"SUM(K80)","v":1397.5}]
[null,"2.11.1","SERVIÇO","SINAPI","73891/1","ESGOTAMENTO COM MOTO-BOMBA AUTOESCOVANTE","H",250,4.49,{"$f":"I80+(I80*$I$7)","v":5.59},{"$f":"H80*J80","v":1397.5},1.2455000000000001]
[null,"2.12","LIMPEZA E DESOBSTRUÇÃO DE REDE EXISTENTE",{"$nulls":7},{"$f":"SUM(K82:K84)","v":33264.5}]
[null,"2.12.1","SERVIÇO","ORSE",2830,"LIMPEZA E TESTE DE REDES DE ESGOTOS SANITÁRIOS","M",6500,1.46,{"$f":"I82+(I82*$I$7)","v":1.82},{"$f":"H82*J82","v":11830},1.2473000000000001]
[null,"2.12.2","SERVIÇO","CODEVASF","COMPOSIÇÃO","DESOBSTRUÇÃO E LIMPEZA MANUAL DE POÇO DE VISITA DN - 1,2M E PROFUNDIDADE ATÉ 4,0M ","UN ",50,53.94,67.16,{"$f":"H83*J83","v":3358},1.2450000000000001]
[null,"2.12.3","SERVIÇO","CODEVASF","COMPOSIÇÃO","DESOBSTRUÇÃO E LIMPEZA MANUAL DO COLETOR DE ESGOTOS ATÉ 200MM ","M",1950,8.1999999999999993,{"$f":"I84+(I84*$K$7)","v":9.27},{"$f":"H84*J84","v":18076.5}]
[null,"2.13","RELAÇÃO DE MATERIAIS PARA REDE COLETORA, LINHAS DE RECALQUE E EMISSÁRIOS FINAL ",{"$nulls":7},{"$f":"SUM(K86:K97)","v":401896.54}]
[null,"2.13.1","INSUMO","SINAPI",41936,"TUBO COLETOR DE ESGOTO, PVC, JEI, DN 150 MM  (NBR 7362)                                                                                                                                                                                                                                                                                                                                                                                                                                                   ","M     ",3492,30.26,{"$f":"I86+(I86*$K$7)","v":34.19},{"$f":"H86*J86","v":119391.48},1.1298999999999999]
[null,"2.13.2","INSUMO","SINAPI",41930,"TUBO COLETOR DE ESGOTO PVC, JEI, DN 200 MM (NBR 7362)                                                                                                                                                                                                                                                                                                                                                                                                                                                     ","M     ",144,47.23,53.37,7685.28,1.1301000000000001]
[null,"2.13.3","INSUMO","SINAPI",41931,"TUBO COLETOR DE ESGOTO PVC, JEI, DN 250 MM (NBR 7362)                                                                                                                                                                                                                                                                                                                                                                                                                                                     ","M     ",204,80.06,90.47,18455.88,1.1299999999999999]
[null,"2.13.4","INSUMO","SINAPI",41932,"TUBO COLETOR DE ESGOTO PVC, JEI, DN 300 MM (NBR 7362)                                                                                                                                                                                                                                                                                                                                                                                                                                                     ","M     ",276,129.74,146.61000000000001,40464.36,1.1299999999999999]
[null,"2.13.5","INSUMO","SINAPI",9828,"TUBO PVC DEFOFO, JEI, 1 MPA, DN 150 MM, PARA REDE DE  AGUA (NBR 7665)                                                                                                                                                                                                                                                                                                                                                                                                                                     ","M     ",1092,54.43,61.51,67168.92,1.1299999999999999]
[null,"2.13.6","INSUMO","SINAPI",9829,"TUBO PVC DEFOFO, JEI, 1 MPA, DN 200 MM, PARA REDE DE AGUA (NBR 7665)                                                                                                                                                                                                                                                                                                                                                                                                                                      ","M     ",1266,96.9,109.5,138627,1.1299999999999999]
[null,"2.13.7","INSUMO","SINAPI",305,"ANEL BORRACHA, PARA TUBO PVC, REDE COLETOR ESGOTO, DN 150 MM (NBR 7362)                                                                                                                                                                                                                                                                                                                                                                                                                                   ","UN    ",582,5.0599999999999996,5.72,3329.04,1.1304000000000001]
[null,"2.13.8","INSUMO","SINAPI",306,"ANEL BORRACHA, PARA TUBO PVC, REDE COLETOR ESGOTO, DN 200 MM (NBR 7362)                                                                                                                                                                                                                                                                                                                                                                                                                                   ","UN    ",24,6.08,6.87,164.88,1.1295999999999999]
[null,"2.13.9","INSUMO","SINAPI",307,"ANEL BORRACHA, PARA TUBO PVC, REDE COLETOR ESGOTO, DN 250 MM (NBR 7362)                                                                                                                                                                                                                                                                                                                                                                                                                                   ","UN    ",34,12,13.56,461.04,1.1299999999999999]
[null,"2.13.10","INSUMO","SINAPI",308,"ANEL BORRACHA, PARA TUBO, PVC REDE COLETOR ESGOTO, DN 300 MM (NBR 7362)                                                                                                                                                                                                                                                                                                                                                                                                                                   ","UN    ",46,16.03,18.11,833.06,1.1299999999999999]
[null,"2.13.11","INSUMO","SINAPI",318,"ANEL BORRACHA, PARA TUBO PVC DEFOFO, DN 150 MM (NBR 7665)                                                                                                                                                                                                                                                                                                                                                                                                                                                 ","UN    ",182,8.1,9.15,1665.3,1.1299999999999999]
[null,"2.13.12","INSUMO","SINAPI",319,"ANEL BORRACHA, PARA TUBO PVC DEFOFO, DN 200 MM (NBR 7665)                                                                                                                                                                                                                                                                                                                                                                                                                                                 ","UN    ",211,15.31,17.3,3650.3,1.1303000000000001]
[null,3,"REDE CONDOMINIAL",{"$nulls":4},"Custo Total dos Serviços (R$)",null,null,{"$f":"SUM(K99,K101,K104,K111,K114,K116,K118,K127,K137,K142)","v":2350774.27}]
[null,"3.1","LOCAÇÃO",{"$nulls":7},{"$f":"SUM(K100)","v":22789.14}]
[null,"3.1.1","SERVIÇO","SINAPI",85323,"LOCACAO E NIVELAMENTO DE EMISSARIO/REDE COLETORA COM AUXILIO DE EQUIPAMENTO TOPOGRAFICO","M",15609,1.17,{"$f":"I100+(I100*$I$7)","v":1.46},{"$f":"H100*J100","v":22789.14},1.2465999999999999]
[null,"3.2","CADASTRO",{"$nulls":7},{"$f":"SUM(K102:K103)","v":49948.800000000003}]
[null,"3.2.1","SERVIÇO","ORSE",11676,"CADASTRO DE REDES DE ESGOTO","M",15609,1.1100000000000001,{"$f":"I102+(I102*$I$7)","v":1.38},{"$f":"H102*J102","v":21540.42},1.2464]
[null,"3.2.2","SERVIÇO","ORSE",2830,"LIMPEZA E TESTE DE REDES DE ESGOTOS SANITÁRIOS","M",15609,1.46,1.82,{"$f":"H103*J103","v":28408.38},1.2473000000000001]
[null,"3.3","ESCAVAÇÃO EM VALAS",{"$nulls":7},{"$f":"SUM(K105:K110)","v":559751.22}]
[null,"3.3.1","SERVIÇO","SINAPI",93358,"ESCAVAÇÃO MANUAL DE VALA COM PROFUNDIDADE MENOR OU IGUAL A 1,30 M. AF_03/2016","M³",1873.08,50.41,{"$f":"I105+(I105*$I$7)","v":62.76},{"$f":"H105*J105","v":117554.5},1.2450000000000001]
[null,"3.3.2","SERVIÇO","SINAPI",90105,"ESCAVAÇÃO MECANIZADA DE VALA COM PROFUNDIDADE ATÉ 1,5 M (MÉDIA ENTRE MONTANTE E JUSANTE/UMA COMPOSIÇÃO POR TRECHO) COM RETROESCAVADEIRA (CAPACIDADE DA CAÇAMBA DA RETRO: 0,26 M3 / POTÊNCIA: 88 HP), LARGURA MENOR QUE 0,8 M, EM SOLO DE 1A CATEGORIA, LOCAISCOM BAIXO NÍVEL DE INTERFERÊNCIA. AF_01/2015","M³",6087.51,6.18,7.69,46812.95,1.2444999999999999]
[null,"3.3.3","SERVIÇO","ORSE",4357,"ESCAVAÇÃO COM PERFURATRIZ EM MATERIAL DE 2ª CATEGORIA","M³",1404.81,62.97,78.400000000000006,110137.1,1.2451000000000001]
[null,"3.3.4","SERVIÇO","SINAPI",94342,"ATERRO MANUAL DE VALAS COM AREIA PARA ATERRO E COMPACTAÇÃO MECANIZADA. AF_05/2016","M³",2809.62,73.599999999999994,91.63,257445.48,1.2448999999999999]
[null,"3.3.5","SERVIÇO","ORSE",2508,"CARGA MECÂNICA DE MATERIAL DE 3ª CATEGORIA","M³",1404.81,2.56,3.19,4481.34,1.2453000000000001]
[null,"3.3.6","SERVIÇO","SINAPI",97914,"TRANSPORTE COM CAMINHÃO BASCULANTE DE 6 M3, EM VIA URBANA PAVIMENTADA, DMT ATÉ 30 KM (UNIDADE: M3XKM). AF_01/2018","M³XKM",14048.1,1.33,1.66,23319.85,1.2423999999999999]
[null,"3.4","ATERRO/REATERRO COMPACTADOS",{"$nulls":7},{"$f":"SUM(K112:K113)","v":156617.57999999999}]
[null,"3.4.1","SERVIÇO","SINAPI",93378,"REATERRO MECANIZADO DE VALA COM RETROESCAVADEIRA (CAPACIDADE DA CAÇAMBA DA RETRO: 0,26 M³ / POTÊNCIA: 88 HP), LARGURA ATÉ 0,8 M, PROFUNDIDADE ATÉ 1,5 M, COM SOLO (SEM SUBSTITUIÇÃO) DE 1ª CATEGORIA EM LOCAIS COM BAIXO NÍVEL DE INTERFERÊNCIA. AF_04/2016","M³",6555.78,19.190000000000001,{"$f":"I112+(I112*$I$7)","v":23.89},{"$f":"H112*J112","v":156617.57999999999},1.2452000000000001]
[null,"3.4.2","SERVIÇO","SINAPI",94315,"ATERRO MECANIZADO DE VALA COM RETROESCAVADEIRA (CAPACIDADE DA CAÇAMBA DA RETRO: 0,26 M³ / POTÊNCIA: 88 HP), LARGURA ATÉ 0,8 M, PROFUNDIDADE ATÉ 1,5 M, COM SOLO ARGILO-ARENOSO. AF_05/2016","M³",0,35.36,44.02,{"$f":"H113*J113","v":0},1.2451000000000001]
[null,"3.5","CAIXAS",{"$nulls":7},{"$f":"SUM(K115)","v":442950}]
[null,"3.5.1","SERVIÇO","CODEVASF","COMPOSIÇÃO","CAIXA DE PASSAGEM EM ANEL CONCRETO ARMADO PRÉ-MOLD. DN = 0,60 PROF. H = 0,60 MC/TAMPA EM CONCRETO ARMADO","UN ",2500,142.31,{"$f":"I115+(I115*$I$7)","v":177.18},{"$f":"H115*J115","v":442950},1.2450000000000001]
[null,"3.6","ASSENTAMENTO DE TUBOS E CONEXÕES EM PVC E FOFO, JUNTA ELÁSTICA",{"$nulls":7},{"$f":"SUM(K117)","v":43393.02}]
[null,"3.6.1","SERVIÇO","SINAPI",90733,"ASSENTAMENTO DE TUBO DE PVC PARA REDE COLETORA DE ESGOTO DE PAREDE MACIÇA, DN 100 MM, JUNTA ELÁSTICA, INSTALADO EM LOCAL COM NÍVEL BAIXO DE INTERFERÊNCIAS (NÃO INCLUI FORNECIMENTO). AF_06/2015","M",15609,2.23,{"$f":"I117+(I117*$I$7)","v":2.78},{"$f":"H117*J117","v":43393.02},1.2455000000000001]
[null,"3.7","RETIRADA DE PAVIMENTAÇÃO",{"$nulls":7},{"$f":"SUM(K119:K126)","v":139204.53}]
[null,"3.7.1","SERVIÇO","ORSE",16,"DEMOLIÇÃO MANUAL DE PISO EM CONCRETO SIMPLES E/OU CIMENTADO","M²",3902.25,14.1,{"$f":"I119+(I119*$I$7)","v":17.55},{"$f":"H119*J119","v":68484.490000000005},1.2452000000000001]
[null,"3.7.2","SERVIÇO","ORSE",18,"DEMOLIÇÃO DE PISO CERÂMICO OU LADRILHO","M²",2341.35,7.56,9.41,22032.1,1.2446999999999999]
[null,"3.7.3","SERVIÇO","ORSE",3258,"DEMOLIÇÃO DE PISO EM LAJOTA HEXAGONAL","M²",1560.9,6.96,8.67,13533,1.2447999999999999]
[null,"3.7.4","SERVIÇO","ORSE",21,"DEMOLIÇÃO DE MEIO-FIO GRANÍTICO OU PRE-MOLDADO","M",118,5.4,6.72,792.96,1.2455000000000001]
[null,"3.7.5","SERVIÇO","ORSE",20,"DEMOLIÇÃO DE PAVIMENTAÇÃO EM PARALELEPÍPEDO OU PRÉ-MOLDADOS DE CONCRETO C/ RE APROVEITAMENTO","M²",1000.8,5.72,7.12,7125.7,1.2446999999999999]
[null,"3.7.6","SERVIÇO","SINAPI",92970,"DEMOLIÇÃO DE PAVIMENTAÇÃO ASFÁLTICA COM UTILIZAÇÃO DE MARTELO PERFURADOR, ESPESSURA ATÉ 15 CM, EXCLUSIVE CARGA E TRANSPORTE","M²",550.4,12.67,15.77,8679.81,1.2448999999999999]
[null,"3.7.7","SERVIÇO","SINAPI",72897,"CARGA MANUAL DE ENTULHO EM CAMINHAO BASCULANTE 6 M3","M³",477.03,17.91,22.3,10637.77,1.2452000000000001]
[null,"3.7.8","SERVIÇO","SINAPI",97914,"TRANSPORTE COM CAMINHÃO BASCULANTE DE 6 M3, EM VIA URBANA PAVIMENTADA, DMT ATÉ 30 KM (UNIDADE: M3XKM). AF_01/2018","M³XKM",4770.3,1.33,1.66,7918.7,1.2423999999999999]
[null,"3.8","RECOMPOSIÇÃO DE PAVIMENTAÇÃO",{"$nulls":7},{"$f":"SUM(K128:K136)","v":649982.05000000005}]
[null,"3.8.1","SERVIÇO","SINAPI",93389,"REVESTIMENTO CERÂMICO PARA PISO COM PLACAS TIPO ESMALTADA PADRÃO POPULAR DE DIMENSÕES 35X35 CM APLICADA EM AMBIENTES DE ÁREA MENOR QUE 5 M2. AF_06/2014","M²",2341.35,29.34,{"$f":"I128+(I128*$I$7)","v":36.53},{"$f":"H128*J128","v":85529.52},1.2450000000000001]
[null,"3.8.2","SERVIÇO","SINAPI",98681,"PISO CIMENTADO, TRAÇO 1:3 (CIMENTO E AREIA), ACABAMENTO RÚSTICO, ESPESSURA 2,0 CM, PREPARO MECÂNICO DA ARGAMASSA. AF_06/2018","M²",5463.15,19.29,24.02,131224.85999999999,1.2451000000000001]
[null,"3.8.3","SERVIÇO","SINAPI",87702,"CONTRAPISO EM ARGAMASSA TRAÇO 1:4 (CIMENTO E AREIA), PREPARO MANUAL, APLICADO EM ÁREAS SECAS SOBRE LAJE, NÃO ADERIDO, ESPESSURA 6CM. AF_06/2014","M²",7804.5,32.21,40.1,312960.45,1.2448999999999999]
[null,"3.8.4","SERVIÇO","CODEVASF","COMPOSIÇÃO","RECUPERAÇÃO EM CONTENÇÃO DE DESNÍVEL DE CALÇADA EM ALVENARIA DE BLOCOS CERÂMICOS 8 FUROS ESP. 10CM, REVESTIDA EM CIMENTADO 1:3 ESPESSURA 2CM","M²",72,76.31,95.01,6840.72,1.2450000000000001]
[null,"3.8.5","SERVIÇO","SINAPI","73790/4","REASSENTAMENTO DE PARALELEPIPEDO SOBRE COLCHAO DE PO DE PEDRA ESPESSURA 10CM, REJUNTADO COM ARGAMASSA TRACO 1:3 (CIMENTO E AREIA), CONSIDERANDO APROVEITAMENTO DO PARALELEPIPEDO","M²",1000.8,33.06,41.16,41192.93,1.2448999999999999]
[null,"3.8.6","SERVIÇO","SINAPI",94273,"ASSENTAMENTO DE GUIA (MEIO-FIO) EM TRECHO RETO, CONFECCIONADA EM CONCRETO PRÉ-FABRICADO, DIMENSÕES 100X15X13X30 CM (COMPRIMENTO X BASE INFERIOR X BASE SUPERIOR X ALTURA), PARA VIAS URBANAS (USO VIÁRIO). AF_06/2016","M",118,26.81,33.380000000000003,3938.84,1.2451000000000001]
[null,"3.8.7","SERVIÇO","ORSE",2600,"REPOSIÇÃO DE PAVIMENTAÇÃO ASFÁLTICA, INCLUINDO PINTURA DE LIGAÇÃO, FORNECIMEN TO E APLICAÇÃO DE CBUQ","M²",550.4,31.91,39.729999999999997,21867.39,1.2450000000000001]
[null,"3.8.8","SERVIÇO","SINAPI",96396,"EXECUÇÃO E COMPACTAÇÃO DE BASE E OU SUB BASE COM BRITA GRADUADA SIMPLES - EXCLUSIVE CARGA E TRANSPORTE. AF_09/2017","M³",11.01,80.16,99.8,1098.8,1.2450000000000001]
[null,"3.8.9","SERVIÇO","SINAPI",9537,"LIMPEZA FINAL DA OBRA","M²",18730.8,1.94,2.42,45328.54,1.2447999999999999]
[null,"3.9","SINALIZAÇÃO E TRAFEGABILIDADE",{"$nulls":7},{"$f":"SUM(K138:K141)","v":32364.87}]
[null,"3.9.1","SERVIÇO","SINAPI","74219/1","PASSADICOS COM TABUAS DE MADEIRA PARA PEDESTRES","M²",3,48.12,{"$f":"I138+(I138*$I$7)","v":59.91},{"$f":"H138*J138","v":179.73},1.2448999999999999]
[null,"3.9.2","SERVIÇO","CODEVASF","COMPOSIÇÃO","CONES DE SINALIZAÇÃO - FORNECIMENTO E MOVIMENTAÇÃO","UN/DIA",200,0.68,0.85,{"$f":"H139*J139","v":170},1.25]
[null,"3.9.3","SERVIÇO","ORSE",59,"INTERDIÇÃO DE OBRA COM FITA DE SINALIZAÇÃO","M",4682.7,5.44,6.77,{"$f":"H140*J140","v":31701.88},1.2456]
[null,"3.9.4","SERVIÇO","SINAPI","74209/1","PLACA DE OBRA EM CHAPA DE ACO GALVANIZADO","M²",0.96,262.10000000000002,326.31,{"$f":"H141*J141","v":313.26},1.2450000000000001]
[null,"3.10","RELAÇÃO DE MATERIAIS PARA REDE CONDOMINIAL",{"$nulls":7},{"$f":"SUM(K143:K144)","v":253773.06}]
[null,"3.10.1","INSUMO","SINAPI",36365,"TUBO COLETOR DE ESGOTO PVC, JEI, DN 100 MM (NBR  7362)                                                                                                                                                                                                                                                                                                                                                                                                                                                    ","M     ",15612,14.06,{"$f":"I143+(I143*$K$7)","v":15.89},{"$f":"H143*J143","v":248074.68},1.1297999999999999]
[null,"3.10.2","INSUMO","SINAPI",303,"ANEL BORRACHA, PARA TUBO PVC, REDE COLETOR ESGOTO, DN 100 MM (NBR 7362)                                                                                                                                                                                                                                                                                                                                                                                                                                   ","UN    ",2602,1.94,2.19,{"$f":"H144*J144","v":5698.38},1.1286]
[null,4,"ESTAÇÃO ELEVATÓRIA DE ESGOTO - EEE-01",{"$nulls":4},"Custo Total dos Serviços (R$)",null,null,{"$f":"SUM(K146,K169,K189,K197)","v":209628.36}]
[null,"4.1","SERVIÇOS PRELIMINARES, POÇO DE SUCÇÃO E CAIXAS DE AREIA E REGISTROS",{"$nulls":7},{"$f":"SUM(K147:K168)","v":62642.879999999997}]
[null,"4.1.1","SERVIÇO","SINAPI","73859/2","CAPINA E LIMPEZA MANUAL DE TERRENO","M²",250,1.01,{"$f":"I147+(I147*$I$7)","v":1.26},{"$f":"H147*J147","v":315},1.246]
[null,"4.1.2","SERVIÇO","SEINFRA","C1630","LOCAÇÃO DA OBRA - EXECUÇÃO DE GABARITO","M²",64.83,3.68,4.58,296.92,1.2444999999999999]
[null,"4.1.3","SERVIÇO","SINAPI",93358,"ESCAVAÇÃO MANUAL DE VALA COM PROFUNDIDADE MENOR OU IGUAL A 1,30 M. AF_03/2016","M³",19.34,50.41,62.76,1213.78,1.2450000000000001]
[null,"4.1.4","SERVIÇO","SINAPI",83338,"ESCAVACAO MECANICA, A CEU ABERTO, EM MATERIAL DE 1A CATEGORIA, COM ESCAVADEIRA HIDRAULICA, CAPACIDADE DE 0,78 M3","M³",109.91,2.08,2.59,284.67,1.2432000000000001]
[null,"4.1.5","SERVIÇO","ORSE",4357,"ESCAVAÇÃO COM PERFURATRIZ EM MATERIAL DE 2ª CATEGORIA","M³",15.71,62.97,78.400000000000006,1231.6600000000001,1.2451000000000001]
[null,"4.1.6","SERVIÇO","ORSE",4503,"ESCAVAÇÃO MANUAL DE VALA OU CAVA EM MATERIAL DE 3ª CATEGORIA, PROFUNDIDADE AT É 4,00 M, COM USO DE EXPLOSIVOS E PERFURAÇÃO MECÂNICA","M³",15.71,191.28,238.14,3741.18,1.2450000000000001]
[null,"4.1.7","SERVIÇO","SINAPI",93382,"REATERRO MANUAL DE VALAS COM COMPACTAÇÃO MECANIZADA. AF_04/2016","M³",54.66,24.6,30.63,1674.24,1.2451000000000001]
[null,"4.1.8","SERVIÇO","ORSE",4986,"CARGA MECÂNICA DE MATERIAL DE 1ª CATEGORIA","M³",74.59,0.57999999999999996,0.72,53.7,1.25]
[null,"4.1.9","SERVIÇO","ORSE",2507,"CARGA MECÂNICA DE MATERIAL DE 2ª CATEGORIA","M³",15.71,1.79,2.23,35.03,1.2465999999999999]
[null,"4.1.10","SERVIÇO","ORSE",2508,"CARGA MECÂNICA DE MATERIAL DE 3ª CATEGORIA","M³",15.71,2.56,3.19,50.11,1.2453000000000001]
[null,"4.1.11","SERVIÇO","SINAPI",97914,"TRANSPORTE COM CAMINHÃO BASCULANTE DE 6 M3, EM VIA URBANA PAVIMENTADA, DMT ATÉ 30 KM (UNIDADE: M3XKM). AF_01/2018","M³XKM",106.01,1.33,1.66,175.98,1.2423999999999999]
[null,"4.1.12","SERVIÇO","SINAPI",94967,"CONCRETO FCK = 40MPA, TRAÇO 1:1,6:1,9 (CIMENTO/ AREIA MÉDIA/ BRITA 1)  - PREPARO MECÂNICO COM BETONEIRA 400 L. AF_07/2016","M³",38.28,291.45999999999998,362.87,13890.66,1.2450000000000001]
[null,"4.1.13","SERVIÇO","SINAPI",92873,"LANÇAMENTO COM USO DE BALDES, ADENSAMENTO E ACABAMENTO DE CONCRETO EM ESTRUTURAS. AF_12/2015","M³",38.28,129.37,161.07,6165.76,1.2450000000000001]
[null,"4.1.14","SERVIÇO","ORSE",3366,"FORMA PLANA PARA ESTRUTURAS, EM COMPENSADO PLASTIFICADO DE 12MM, 07 USOS, INC LUSIVE ESCORAMENTO - REVISADA 07.2015","M²",281.31,30.39,37.840000000000003,10644.77,1.2450000000000001]
[null,"4.1.15","SERVIÇO","SINAPI",92791,"CORTE E DOBRA DE AÇO CA-60, DIÂMETRO DE 5,0 MM, UTILIZADO EM ESTRUTURAS DIVERSAS, EXCETO LAJES. AF_12/2015","KG",652,5.19,6.46,4211.92,1.2445999999999999]
[null,"4.1.16","SERVIÇO","SINAPI",92794,"CORTE E DOBRA DE AÇO CA-50, DIÂMETRO DE 10,0 MM, UTILIZADO EM ESTRUTURAS DIVERSAS, EXCETO LAJES. AF_12/2015","KG",1956,4.25,5.29,10347.24,1.2457]
[null,"4.1.17","SERVIÇO","SINAPI",94962,"CONCRETO MAGRO PARA LASTRO, TRAÇO 1:4,5:4,5 (CIMENTO/ AREIA MÉDIA/ BRITA 1)  - PREPARO MECÂNICO COM BETONEIRA 400 L. AF_07/2016","M³",5.16,204.67,254.81,1314.82,1.2450000000000001]
[null,"4.1.18","SERVIÇO","SEINFRA","C0823","COMPORTA EM FIBRA, CALHA EM ALUMÍNIO","M²",0.48,332.27,413.68,198.57,1.2450000000000001]
[null,"4.1.19","SERVIÇO","SINAPI","73932/1","GRADE DE FERRO EM BARRA CHATA 3/16\"","M²",18.649999999999999,228.03,283.89999999999998,5294.74,1.2450000000000001]
[null,"4.1.20","SERVIÇO","SINAPI",73665,"ESCADA TIPO MARINHEIRO EM ACO CA-50 9,52MM INCLUSO PINTURA COM FUNDO ANTICORROSIVO TIPO ZARCAO","M",11.19,49,61.01,682.7,1.2450000000000001]
[null,"4.1.21","SERVIÇO","SINAPI",95468,"PINTURA ESMALTE BRILHANTE (2 DEMAOS) SOBRE SUPERFICIE METALICA, INCLUSIVE PROTECAO COM ZARCAO (1 DEMAO)","M²",18.93,29.08,36.200000000000003,685.27,1.2450000000000001]
[null,"4.1.22","SERVIÇO","SINAPI","73891/1","ESGOTAMENTO COM MOTO-BOMBA AUTOESCOVANTE","H",24,4.49,5.59,134.16,1.2455000000000001]
[null,"4.3","CASA DE COMANDO",{"$nulls":7},{"$f":"SUM(K170:K188)","v":35678.230000000003}]
[null,"4.3.1","SERVIÇO","SINAPI",93358,"ESCAVAÇÃO MANUAL DE VALA COM PROFUNDIDADE MENOR OU IGUAL A 1,30 M. AF_03/2016","M³",5.49,50.41,{"$f":"I170+(I170*$I$7)","v":62.76},{"$f":"H170*J170","v":344.55},1.2450000000000001]
[null,"4.3.2","SERVIÇO","SINAPI",94964,"CONCRETO FCK = 20MPA, TRAÇO 1:2,7:3 (CIMENTO/ AREIA MÉDIA/ BRITA 1)  - PREPARO MECÂNICO COM BETONEIRA 400 L. AF_07/2016","M³",3.23,242.25,301.60000000000002,974.17,1.2450000000000001]
[null,"4.3.3","SERVIÇO","SINAPI",92873,"LANÇAMENTO COM USO DE BALDES, ADENSAMENTO E ACABAMENTO DE CONCRETO EM ESTRUTURAS. AF_12/2015","M³",3.23,129.37,161.07,520.26,1.2450000000000001]
[null,"4.3.4","SERVIÇO","ORSE",3366,"FORMA PLANA PARA ESTRUTURAS, EM COMPENSADO PLASTIFICADO DE 12MM, 07 USOS, INC LUSIVE ESCORAMENTO - REVISADA 07.2015","M²",49.21,30.39,37.840000000000003,1862.11,1.2450000000000001]
[null,"4.3.5","SERVIÇO","SINAPI",92791,"CORTE E DOBRA DE AÇO CA-60, DIÂMETRO DE 5,0 MM, UTILIZADO EM ESTRUTURAS DIVERSAS, EXCETO LAJES. AF_12/2015","KG",64.599999999999994,5.19,6.46,417.32,1.2445999999999999]
[null,"4.3.6","SERVIÇO","SINAPI",92794,"CORTE E DOBRA DE AÇO CA-50, DIÂMETRO DE 10,0 MM, UTILIZADO EM ESTRUTURAS DIVERSAS, EXCETO LAJES. AF_12/2015","KG",193.8,4.25,5.29,1025.2,1.2457]
[null,"4.3.7","SERVIÇO","SINAPI",87503,"ALVENARIA DE VEDAÇÃO DE BLOCOS CERÂMICOS FURADOS NA HORIZONTAL DE 9X19X19CM (ESPESSURA 9CM) DE PAREDES COM ÁREA LÍQUIDA MAIOR OU IGUAL A 6M² SEM VÃOS E ARGAMASSA DE ASSENTAMENTO COM PREPARO EM BETONEIRA. AF_06/2014","M²",70.77,44.41,55.29,3912.87,1.2450000000000001]
[null,"4.3.8","SERVIÇO","SINAPI",87529,"MASSA ÚNICA, PARA RECEBIMENTO DE PINTURA, EM ARGAMASSA TRAÇO 1:2:8, PREPARO MECÂNICO COM BETONEIRA 400L, APLICADA MANUALMENTE EM FACES INTERNAS DE PAREDES, ESPESSURA DE 20MM, COM EXECUÇÃO DE TALISCAS. AF_06/2014","M²",141.52000000000001,22.96,28.59,4046.06,1.2447999999999999]
[null,"4.3.9","SERVIÇO","SINAPI",88489,"APLICAÇÃO MANUAL DE PINTURA COM TINTA LÁTEX ACRÍLICA EM PAREDES, DUAS DEMÃOS. AF_06/2014","M²",141.52000000000001,8.26,10.28,1454.83,1.2454000000000001]
[null,"4.3.10","SERVIÇO","SINAPI",88488,"APLICAÇÃO MANUAL DE PINTURA COM TINTA LÁTEX ACRÍLICA EM TETO, DUAS DEMÃOS. AF_06/2014","M²",44.79,9.41,11.72,524.94000000000005,1.2453000000000001]
[null,"4.3.11","SERVIÇO","SINAPI",68054,"PORTAO DE FERRO EM CHAPA GALVANIZADA PLANA 14 GSG","M²",6.68,187,232.82,1555.24,1.2450000000000001]
[null,"4.3.12","SERVIÇO","ORSE",6320,"LASTRO DE CONCRETO, FCK=15 MPA, LANÇADO E ADENSADO","M³",2.6,312.85000000000002,389.5,1012.7,1.2450000000000001]
[null,"4.3.13","SERVIÇO","SINAPI",98679,"PISO CIMENTADO, TRAÇO 1:3 (CIMENTO E AREIA), ACABAMENTO LISO, ESPESSURA 2,0 CM, PREPARO MECÂNICO DA ARGAMASSA. AF_06/2018","M²",26,20.69,25.76,669.76,1.2448999999999999]
[null,"4.3.14","SERVIÇO","SINAPI",94998,"EXECUÇÃO DE PASSEIO (CALÇADA) OU PISO DE CONCRETO COM CONCRETO MOLDADO IN LOCO, FEITO EM OBRA, ACABAMENTO CONVENCIONAL, ESPESSURA 12 CM, ARMADO. AF_07/2016","M²",13.25,68.91,85.79,1136.72,1.2450000000000001]
[null,"4.3.15","SERVIÇO","SINAPI",95465,"COBOGO CERAMICO (ELEMENTO VAZADO), 9X20X20CM, ASSENTADO COM ARGAMASSA TRACO 1:4 DE CIMENTO E AREIA","M²",3.84,92.74,115.46,443.37,1.2450000000000001]
[null,"4.3.16","SERVIÇO","SINAPI","74202/1","LAJE PRE-MOLDADA P/FORRO, SOBRECARGA 100KG/M2, VAOS ATE 3,50M/E=8CM, C/LAJOTAS E CAP.C/CONC FCK=20MPA, 3CM, INTER-EIXO 38CM, C/ESCORAMENTO (REAPR.3X) E FERRAGEM NEGATIVA","M²",154,54.48,67.83,10445.82,1.2450000000000001]
[null,"4.3.17","SERVIÇO","SINAPI",73661,"FORNECIMENTO E INSTALACAO DE TALHA E TROLEY MANUAL DE 1 TONELADA","UN",1,1703.65,2121.04,2121.04,1.2450000000000001]
[null,"4.3.18","SERVIÇO","SINAPI",83514,"FORNECIMENTO DE PERFIL SIMPLES \"I\" OU \"H\" 8 A 12\" INCLUSIVE PERDAS","KG",163.5,5.45,6.79,1110.17,1.2447999999999999]
[null,"4.3.19","SERVIÇO","SEINFRA","C3497","MONTAGEM DE TUBOS, CONEXÕES E PÇS, ELEVATÓRIA C/ VAZÃO DE 5,01 À 10 l/s","UN",1,1687.63,2101.1,2101.1,1.2450000000000001]
[null,"4.4","URBANIZAÇÃO",{"$nulls":7},{"$f":"SUM(K190:K196)","v":42214.53}]
[null,"4.4.1","SERVIÇO","ORSE",11146,"MURO EM ALVENARIA BLOCO CERÂMICO, E= 0,09M, C/ ALV DE PEDRA GRANÍTICA, 0,35 X 0,60M, COLUNAS (9X20CM) E CINTAMENTO (9X15CM) SUPERIOR E INFERIOR CONCRETO AR MADO FCK = 15,0 MPA CADA 3,00M, CHAPISCO E REBOCO","M²",154,110.68,{"$f":"I190+(I190*$I$7)","v":137.80000000000001},{"$f":"H190*J190","v":21221.200000000001},1.2450000000000001]
[null,"4.4.2","SERVIÇO","ORSE",4713,"CONCERTINA EM AÇO GALVANIZADO, ESPIRAL DE Ø = 450MM, 3 CLIPES P/ ESPIRAL, LÂM INA DE 30MM E FIO INTERNO DE 2,50MM,  INCLUISIVE INSTALAÇÃO","M",70,25.73,32.03,2242.1,1.2450000000000001]
[null,"4.4.3","SERVIÇO","SINAPI",88489,"APLICAÇÃO MANUAL DE PINTURA COM TINTA LÁTEX ACRÍLICA EM PAREDES, DUAS DEMÃOS. AF_06/2014","M²",308,8.26,10.28,3166.24,1.2454000000000001]
[null,"4.4.4","SERVIÇO","SINAPI",72799,"PAVIMENTO EM PARALELEPIPEDO SOBRE COLCHAO DE AREIA REJUNTADO COM ARGAMASSA DE CIMENTO E AREIA NO TRAÇO 1:3 (PEDRAS PEQUENAS 30 A 35 PECAS POR M2)","M²",157.22999999999999,62.81,78.2,12295.39,1.2450000000000001]
[null,"4.4.5","SERVIÇO","SINAPI",94998,"EXECUÇÃO DE PASSEIO (CALÇADA) OU PISO DE CONCRETO COM CONCRETO MOLDADO IN LOCO, FEITO EM OBRA, ACABAMENTO CONVENCIONAL, ESPESSURA 12 CM, ARMADO. AF_07/2016","M²",12,68.91,85.79,1029.48,1.2450000000000001]
[null,"4.4.6","SERVIÇO","SINAPI",94263,"GUIA (MEIO-FIO) CONCRETO, MOLDADA  IN LOCO  EM TRECHO RETO COM EXTRUSORA, 11,5 CM BASE X 22 CM ALTURA. AF_06/2016","M",10,16.97,21.13,211.3,1.2448999999999999]
[null,"4.4.7","SERVIÇO","SINAPI",68054,"PORTAO DE FERRO EM CHAPA GALVANIZADA PLANA 14 GSG","M²",8.8000000000000007,187,232.82,2048.8200000000002,1.2450000000000001]
[null,"4.5","RELAÇÃO DE MATERIAIS E EQUIPAMENTOS PARA EEE-01",{"$nulls":7},{"$f":"SUM(K198:K224)","v":69092.72}]
[null,"4.5.1","INSUMO","SIGMMA ESCO","COTAÇÃO","CONJUNTO MOTO BOMBA RE-AUTOESCORVANTE ESCO (CÓDIGO LP031004P) OU SIMILAR COM AS SEGUINTES CARACTERÍSTICAS: Q = 36,00 M³/H (10,00 L/S) , H = 17,02 MCA, POTÊNCIA CALCULADA = 5,67 CV, POTÊNCIA COMERCIAL = 10 CV, 380 V. ESCOPO DE FORNECIMENTO: BOMBA + BASE + CORREIA/POLIAS + VÁLVULA DE ALÍVIO DE AR + MOTOR, CONFORME PROPOSTA FINANCEIRA APRESENTADA.","UN ",2,18654.349999999999,{"$f":"I198+(I198*$K$7)","v":21079.42},{"$f":"H198*J198","v":42158.84},1.1299999999999999]
[null,"4.5.2","INSUMO","SEINFRA","I7266","TUBO FoFo PB JE K-9 P/ ESGOTO DN 150","M",2,231.28,261.35000000000002,522.70000000000005,1.1299999999999999]
[null,"4.5.3","INSUMO","SEINFRA","I3893","JUNTA GIBAULT DN 150","UN",3,234.56,265.05,795.15,1.1299999999999999]
[null,"4.5.4","INSUMO","SEINFRA","I6667","TUBO FoFo C/FLANGE E PONTA DN 150 PN10 L=500","UN",2,406.83,459.72,919.44,1.1299999999999999]
[null,"4.5.5","INSUMO","ORSE",6343,"REGISTRO GAVETA FOFO, C/ FLANGES, CUNHA BORRACHA, CORPO CURTO E CABEÇOTE, TIP O EURO 23,  PN16, DIAM  = 150MM","UN",3,473.77,535.36,1606.08,1.1299999999999999]
[null,"4.5.6","INSUMO","ORSE",8656,"TUBO INTEGRAL EM FOFO, PARA ESGOTO - JGS Ø= 150MM","M",0.4,188.75,213.29,85.32,1.1299999999999999]
[null,"4.5.7","INSUMO","SEINFRA","I3477","CURVA DE PÉ 90 FF DN 150 PN10","UN",2,354.07,400.1,800.2,1.1299999999999999]
[null,"4.5.8","INSUMO","SEINFRA","I4475","TUBO FoFo C/ FLANGES DN 150 PN10 - L=4000","UN",2,1633.76,1846.15,3692.3,1.1299999999999999]
[null,"4.5.9","INSUMO","SEINFRA","I3426","CURVA FoFo 90 FF DN 150 PN10","UN",5,269.47000000000003,304.5,1522.5,1.1299999999999999]
[null,"4.5.10","INSUMO","SEINFRA","I4473","TUBO FoFo C/ FLANGES DN 150 PN10 - L=3000","UN",2,1360.05,1536.86,3073.72,1.1299999999999999]
[null,"4.5.11","INSUMO","SEINFRA","I7605","REDUÇÃO EXCÊNTRICA C/ FLANGES DN 150 x 80 PN10","UN",2,354.58,400.68,801.36,1.1299999999999999]
[null,"4.5.12","INSUMO","SEINFRA","I4083","REDUÇÃO FoFo FF DN 150 x 75 PN10","UN",2,289.39,327.01,654.02,1.1299999999999999]
[null,"4.5.13","INSUMO","SEINFRA","I8745","VÁLVULA RETENÇÃO PORTA ÚNICA C/FLANGES DN 150 P/ESGOTO","UN",2,1412.46,1596.08,3192.16,1.1299999999999999]
[null,"4.5.14","INSUMO","SEINFRA","I3796","EXTREMIDADE FLANGE E PONTA DN 150 PN10","UN",4,219.5,248.04,992.16,1.1299999999999999]
[null,"4.5.15","INSUMO","SEINFRA","I3962","TUBO FoFo C/ FLANGES DN 150 PN10 - L=250","UN",2,227.36,256.92,513.84,1.1299999999999999]
[null,"4.5.16","INSUMO","SEINFRA","I3409","CURVA FoFo 45 FF DN 150 PN10","UN",1,249.75,282.22000000000003,282.22000000000003,1.1299999999999999]
[null,"4.5.17","INSUMO","SEINFRA","I3877","JUNÇÃO 45 FoFo FFF DN 150 x 150 PN10","UN",1,745.35,842.25,842.25,1.1299999999999999]
[null,"4.5.18","INSUMO","SEINFRA","I4470","TUBO FoFo C/ FLANGES DN 150 PN10 - L=1500","UN",1,977.14,1104.17,1104.17,1.1299999999999999]
[null,"4.5.19","INSUMO","SEINFRA","I3646","TE FoFo FF DN 150 x 50 PN10","UN",1,464.37,524.74,524.74,1.1299999999999999]
[null,"4.5.20","INSUMO","ORSE",12533,"REGISTRO GAVETA FOFO, C/ FLANGES, CUNHA BORRACHA, CORPO CURTO E VOLANTE, TIPO EURO 23,  PN16, DIAM  = 50MM","UN",1,267.32,302.07,302.07,1.1299999999999999]
[null,"4.5.21","INSUMO","ORSE",6439,"VENTOSA TRÍPLICE FUNÇÃO,  PN 25, DIAM  = 50MM","UN",1,864.91,977.35,977.35,1.1299999999999999]
[null,"4.5.22","INSUMO","SEINFRA","I4655","TUBO FoFo C/FLANGE E PONTA DN 150 PN10 - L=1000","UN",1,559.03,631.70000000000005,631.70000000000005,1.1299999999999999]
[null,"4.5.23","INSUMO","SEINFRA","I3364","CURVA 90 FoFo BB JUNTA ELÁSTICA DN 150","UN",1,267.61,302.39999999999998,302.39999999999998,1.1299999999999999]
[null,"4.5.24","INSUMO","SEINFRA","I4658","TUBO FoFo C/FLANGE E PONTA DN 150 PN10 - L=2500","UN",1,947.22,1070.3599999999999,1070.3599999999999,1.1299999999999999]
[null,"4.5.25","INSUMO","SEINFRA","I3648","TE FoFo FF DN 150 x 100 PN10","UN",1,493.95,558.16,558.16,1.1299999999999999]
[null,"4.5.26","INSUMO","ORSE",12532,"REGISTRO GAVETA FOFO, C/ FLANGES, CUNHA BORRACHA, CORPO CURTO E VOLANTE, TIPO EURO 23,  PN16, DIAM  = 100MM","UN",1,427.9,483.53,483.53,1.1299999999999999]
[null,"4.5.27","INSUMO","SEINFRA","I4646","TUBO FoFo C/FLANGE E PONTA DN 100 PN10 - L=2000","UN",1,605.29,683.98,683.98,1.1299999999999999]
[null,5,"ESTAÇÃO ELEVATÓRIA DE ESGOTO - EEE-02",{"$nulls":4},"Custo Total dos Serviços (R$)",null,null,{"$f":"SUM(K226,K249,K269,K277)","v":316043.32}]
[null,"5.1","SERVIÇOS PRELIMINARES, POÇO DE SUCÇÃO E CAIXAS DE AREIA E REGISTROS",{"$nulls":7},{"$f":"SUM(K227:K248)","v":104905.17}]
[null,"5.1.1","SERVIÇO","SINAPI","73859/2","CAPINA E LIMPEZA MANUAL DE TERRENO","M²",250,1.01,{"$f":"I227+(I227*$I$7)","v":1.26},{"$f":"H227*J227","v":315},1.246]
[null,"5.1.2","SERVIÇO","SEINFRA","C1630","LOCAÇÃO DA OBRA - EXECUÇÃO DE GABARITO","M²",95.14,3.68,4.58,435.74,1.2444999999999999]
[null,"5.1.3","SERVIÇO","SINAPI",93358,"ESCAVAÇÃO MANUAL DE VALA COM PROFUNDIDADE MENOR OU IGUAL A 1,30 M. AF_03/2016","M³",37,50.41,62.76,2322.12,1.2450000000000001]
[null,"5.1.4","SERVIÇO","SINAPI",83338,"ESCAVACAO MECANICA, A CEU ABERTO, EM MATERIAL DE 1A CATEGORIA, COM ESCAVADEIRA HIDRAULICA, CAPACIDADE DE 0,78 M3","M³",233.61,2.08,2.59,605.04999999999995,1.2432000000000001]
[null,"5.1.5","SERVIÇO","ORSE",4357,"ESCAVAÇÃO COM PERFURATRIZ EM MATERIAL DE 2ª CATEGORIA","M³",33.369999999999997,62.97,78.400000000000006,2616.21,1.2451000000000001]
[null,"5.1.6","SERVIÇO","ORSE",4503,"ESCAVAÇÃO MANUAL DE VALA OU CAVA EM MATERIAL DE 3ª CATEGORIA, PROFUNDIDADE AT É 4,00 M, COM USO DE EXPLOSIVOS E PERFURAÇÃO MECÂNICA","M³",33.369999999999997,191.28,238.14,7946.73,1.2450000000000001]
[null,"5.1.7","SERVIÇO","SINAPI",93382,"REATERRO MANUAL DE VALAS COM COMPACTAÇÃO MECANIZADA. AF_04/2016","M³",82.36,24.6,30.63,2522.69,1.2451000000000001]
[null,"5.1.8","SERVIÇO","ORSE",4986,"CARGA MECÂNICA DE MATERIAL DE 1ª CATEGORIA","M³",188.25,0.57999999999999996,0.72,135.54,1.25]
[null,"5.1.9","SERVIÇO","ORSE",2507,"CARGA MECÂNICA DE MATERIAL DE 2ª CATEGORIA","M³",33.369999999999997,1.79,2.23,74.42,1.2465999999999999]
[null,"5.1.10","SERVIÇO","ORSE",2508,"CARGA MECÂNICA DE MATERIAL DE 3ª CATEGORIA","M³",33.369999999999997,2.56,3.19,106.45,1.2453000000000001]
[null,"5.1.11","SERVIÇO","SINAPI",97914,"TRANSPORTE COM CAMINHÃO BASCULANTE DE 6 M3, EM VIA URBANA PAVIMENTADA, DMT ATÉ 30 KM (UNIDADE: M3XKM). AF_01/2018","M³XKM",254.99,1.33,1.66,423.28,1.2423999999999999]
[null,"5.1.12","SERVIÇO","SINAPI",94967,"CONCRETO FCK = 40MPA, TRAÇO 1:1,6:1,9 (CIMENTO/ AREIA MÉDIA/ BRITA 1)  - PREPARO MECÂNICO COM BETONEIRA 400 L. AF_07/2016","M³",62.28,291.45999999999998,362.87,22599.54,1.2450000000000001]
[null,"5.1.13","SERVIÇO","SINAPI",92873,"LANÇAMENTO COM USO DE BALDES, ADENSAMENTO E ACABAMENTO DE CONCRETO EM ESTRUTURAS. AF_12/2015","M³",62.28,129.37,161.07,10031.44,1.2450000000000001]
[null,"5.1.14","SERVIÇO","ORSE",3366,"FORMA PLANA PARA ESTRUTURAS, EM COMPENSADO PLASTIFICADO DE 12MM, 07 USOS, INC LUSIVE ESCORAMENTO - REVISADA 07.2015","M²",442.25,30.39,37.840000000000003,16734.740000000002,1.2450000000000001]
[null,"5.1.15","SERVIÇO","SINAPI",92791,"CORTE E DOBRA DE AÇO CA-60, DIÂMETRO DE 5,0 MM, UTILIZADO EM ESTRUTURAS DIVERSAS, EXCETO LAJES. AF_12/2015","KG",1100.8,5.19,6.46,7111.17,1.2445999999999999]
[null,"5.1.16","SERVIÇO","SINAPI",92794,"CORTE E DOBRA DE AÇO CA-50, DIÂMETRO DE 10,0 MM, UTILIZADO EM ESTRUTURAS DIVERSAS, EXCETO LAJES. AF_12/2015","KG",3302.4,4.25,5.29,17469.7,1.2457]
[null,"5.1.17","SERVIÇO","SINAPI",94962,"CONCRETO MAGRO PARA LASTRO, TRAÇO 1:4,5:4,5 (CIMENTO/ AREIA MÉDIA/ BRITA 1)  - PREPARO MECÂNICO COM BETONEIRA 400 L. AF_07/2016","M³",9.31,204.67,254.81,2372.2800000000002,1.2450000000000001]
[null,"5.1.18","SERVIÇO","SEINFRA","C0823","COMPORTA EM FIBRA, CALHA EM ALUMÍNIO","M²",2.09,332.27,413.68,864.59,1.2450000000000001]
[null,"5.1.19","SERVIÇO","SINAPI","73932/1","GRADE DE FERRO EM BARRA CHATA 3/16\"","M²",29,228.03,283.89999999999998,8233.1,1.2450000000000001]
[null,"5.1.20","SERVIÇO","SINAPI",73665,"ESCADA TIPO MARINHEIRO EM ACO CA-50 9,52MM INCLUSO PINTURA COM FUNDO ANTICORROSIVO TIPO ZARCAO","M",12.94,49,61.01,789.47,1.2450000000000001]
[null,"5.1.21","SERVIÇO","SINAPI",95468,"PINTURA ESMALTE BRILHANTE (2 DEMAOS) SOBRE SUPERFICIE METALICA, INCLUSIVE PROTECAO COM ZARCAO (1 DEMAO)","M²",29.33,29.08,36.200000000000003,1061.75,1.2450000000000001]
[null,"5.1.22","SERVIÇO","SINAPI","73891/1","ESGOTAMENTO COM MOTO-BOMBA AUTOESCOVANTE","H",24,4.49,5.59,134.16,1.2455000000000001]
[null,"5.3","CASA DE COMANDO",{"$nulls":7},{"$f":"SUM(K250:K268)","v":44253.02}]
[null,"5.3.1","SERVIÇO","SINAPI",93358,"ESCAVAÇÃO MANUAL DE VALA COM PROFUNDIDADE MENOR OU IGUAL A 1,30 M. AF_03/2016","M³",5.49,50.41,{"$f":"I250+(I250*$I$7)","v":62.76},{"$f":"H250*J250","v":344.55},1.2450000000000001]
[null,"5.3.2","SERVIÇO","SINAPI",94964,"CONCRETO FCK = 20MPA, TRAÇO 1:2,7:3 (CIMENTO/ AREIA MÉDIA/ BRITA 1)  - PREPARO MECÂNICO COM BETONEIRA 400 L. AF_07/2016","M³",3.23,242.25,301.60000000000002,974.17,1.2450000000000001]
[null,"5.3.3","SERVIÇO","SINAPI",92873,"LANÇAMENTO COM USO DE BALDES, ADENSAMENTO E ACABAMENTO DE CONCRETO EM ESTRUTURAS. AF_12/2015","M³",3.23,129.37,161.07,520.26,1.2450000000000001]
[null,"5.3.4","SERVIÇO","ORSE",3366,"FORMA PLANA PARA ESTRUTURAS, EM COMPENSADO PLASTIFICADO DE 12MM, 07 USOS, INC LUSIVE ESCORAMENTO - REVISADA 07.2015","M²",49.21,30.39,37.840000000000003,1862.11,1.2450000000000001]
[null,"5.3.5","SERVIÇO","SINAPI",92791,"CORTE E DOBRA DE AÇO CA-60, DIÂMETRO DE 5,0 MM, UTILIZADO EM ESTRUTURAS DIVERSAS, EXCETO LAJES. AF_12/2015","KG",64.599999999999994,5.19,6.46,417.32,1.2445999999999999]
[null,"5.3.6","SERVIÇO","SINAPI",92794,"CORTE E DOBRA DE AÇO CA-50, DIÂMETRO DE 10,0 MM, UTILIZADO EM ESTRUTURAS DIVERSAS, EXCETO LAJES. AF_12/2015","KG",193.8,4.25,5.29,1025.2,1.2457]
[null,"5.3.7","SERVIÇO","SINAPI",87503,"ALVENARIA DE VEDAÇÃO DE BLOCOS CERÂMICOS FURADOS NA HORIZONTAL DE 9X19X19CM (ESPESSURA 9CM) DE PAREDES COM ÁREA LÍQUIDA MAIOR OU IGUAL A 6M² SEM VÃOS E ARGAMASSA DE ASSENTAMENTO COM PREPARO EM BETONEIRA. AF_06/2014","M²",70.77,44.41,55.29,3912.87,1.2450000000000001]
[null,"5.3.8","SERVIÇO","SINAPI",87529,"MASSA ÚNICA, PARA RECEBIMENTO DE PINTURA, EM ARGAMASSA TRAÇO 1:2:8, PREPARO MECÂNICO COM BETONEIRA 400L, APLICADA MANUALMENTE EM FACES INTERNAS DE PAREDES, ESPESSURA DE 20MM, COM EXECUÇÃO DE TALISCAS. AF_06/2014","M²",141.52000000000001,22.96,28.59,4046.06,1.2447999999999999]
[null,"5.3.9","SERVIÇO","SINAPI",88489,"APLICAÇÃO MANUAL DE PINTURA COM TINTA LÁTEX ACRÍLICA EM PAREDES, DUAS DEMÃOS. AF_06/2014","M²",141.52000000000001,8.26,10.28,1454.83,1.2454000000000001]
[null,"5.3.10","SERVIÇO","SINAPI",88488,"APLICAÇÃO MANUAL DE PINTURA COM TINTA LÁTEX ACRÍLICA EM TETO, DUAS DEMÃOS. AF_06/2014","M²",44.79,9.41,11.72,524.94000000000005,1.2453000000000001]
[null,"5.3.11","SERVIÇO","SINAPI",68054,"PORTAO DE FERRO EM CHAPA GALVANIZADA PLANA 14 GSG","M²",6.68,187,232.82,1555.24,1.2450000000000001]
[null,"5.3.12","SERVIÇO","ORSE",6320,"LASTRO DE CONCRETO, FCK=15 MPA, LANÇADO E ADENSADO","M³",2.6,312.85000000000002,389.5,1012.7,1.2450000000000001]
[null,"5.3.13","SERVIÇO","SINAPI",98679,"PISO CIMENTADO, TRAÇO 1:3 (CIMENTO E AREIA), ACABAMENTO LISO, ESPESSURA 2,0 CM, PREPARO MECÂNICO DA ARGAMASSA. AF_06/2018","M²",26,20.69,25.76,669.76,1.2448999999999999]
[null,"5.3.14","SERVIÇO","SINAPI",94998,"EXECUÇÃO DE PASSEIO (CALÇADA) OU PISO DE CONCRETO COM CONCRETO MOLDADO IN LOCO, FEITO EM OBRA, ACABAMENTO CONVENCIONAL, ESPESSURA 12 CM, ARMADO. AF_07/2016","M²",13.25,68.91,85.79,1136.72,1.2450000000000001]
[null,"5.3.15","SERVIÇO","SINAPI",95465,"COBOGO CERAMICO (ELEMENTO VAZADO), 9X20X20CM, ASSENTADO COM ARGAMASSA TRACO 1:4 DE CIMENTO E AREIA","M²",3.84,92.74,115.46,443.37,1.2450000000000001]
[null,"5.3.16","SERVIÇO","SINAPI","74202/1","LAJE PRE-MOLDADA P/FORRO, SOBRECARGA 100KG/M2, VAOS ATE 3,50M/E=8CM, C/LAJOTAS E CAP.C/CONC FCK=20MPA, 3CM, INTER-EIXO 38CM, C/ESCORAMENTO (REAPR.3X) E FERRAGEM NEGATIVA","M²",154,54.48,67.83,10445.82,1.2450000000000001]
[null,"5.3.17","SERVIÇO","SINAPI",73661,"FORNECIMENTO E INSTALACAO DE TALHA E TROLEY MANUAL DE 1 TONELADA","UN",1,1703.65,2121.04,2121.04,1.2450000000000001]
[null,"5.3.18","SERVIÇO","SINAPI",83514,"FORNECIMENTO DE PERFIL SIMPLES \"I\" OU \"H\" 8 A 12\" INCLUSIVE PERDAS","KG",163.5,5.45,6.79,1110.17,1.2447999999999999]
[null,"5.3.19","SERVIÇO","SEINFRA","C3499","MONTAGEM DE TUBOS, CONEXÕES E PÇS, ELEVATÓRIA C/ VAZÃO DE 20,01 À 40 l/s","UN",1,8575.01,10675.89,10675.89,1.2450000000000001]
[null,"5.4","URBANIZAÇÃO",{"$nulls":7},{"$f":"SUM(K270:K276)","v":42214.53}]
[null,"5.4.1","SERVIÇO","ORSE",11146,"MURO EM ALVENARIA BLOCO CERÂMICO, E= 0,09M, C/ ALV DE PEDRA GRANÍTICA, 0,35 X 0,60M, COLUNAS (9X20CM) E CINTAMENTO (9X15CM) SUPERIOR E INFERIOR CONCRETO AR MADO FCK = 15,0 MPA CADA 3,00M, CHAPISCO E REBOCO","M²",154,110.68,{"$f":"I270+(I270*$I$7)","v":137.80000000000001},{"$f":"H270*J270","v":21221.200000000001},1.2450000000000001]
[null,"5.4.2","SERVIÇO","ORSE",4713,"CONCERTINA EM AÇO GALVANIZADO, ESPIRAL DE Ø = 450MM, 3 CLIPES P/ ESPIRAL, LÂM INA DE 30MM E FIO INTERNO DE 2,50MM,  INCLUISIVE INSTALAÇÃO","M",70,25.73,32.03,2242.1,1.2450000000000001]
[null,"5.4.3","SERVIÇO","SINAPI",88489,"APLICAÇÃO MANUAL DE PINTURA COM TINTA LÁTEX ACRÍLICA EM PAREDES, DUAS DEMÃOS. AF_06/2014","M²",308,8.26,10.28,3166.24,1.2454000000000001]
[null,"5.4.4","SERVIÇO","SINAPI",72799,"PAVIMENTO EM PARALELEPIPEDO SOBRE COLCHAO DE AREIA REJUNTADO COM ARGAMASSA DE CIMENTO E AREIA NO TRAÇO 1:3 (PEDRAS PEQUENAS 30 A 35 PECAS POR M2)","M²",157.22999999999999,62.81,78.2,12295.39,1.2450000000000001]
[null,"5.4.5","SERVIÇO","SINAPI",94998,"EXECUÇÃO DE PASSEIO (CALÇADA) OU PISO DE CONCRETO COM CONCRETO MOLDADO IN LOCO, FEITO EM OBRA, ACABAMENTO CONVENCIONAL, ESPESSURA 12 CM, ARMADO. AF_07/2016","M²",12,68.91,85.79,1029.48,1.2450000000000001]
[null,"5.4.6","SERVIÇO","SINAPI",94263,"GUIA (MEIO-FIO) CONCRETO, MOLDADA  IN LOCO  EM TRECHO RETO COM EXTRUSORA, 11,5 CM BASE X 22 CM ALTURA. AF_06/2016","M",10,16.97,21.13,211.3,1.2448999999999999]
[null,"5.4.7","SERVIÇO","SINAPI",68054,"PORTAO DE FERRO EM CHAPA GALVANIZADA PLANA 14 GSG","M²",8.8000000000000007,187,232.82,2048.8200000000002,1.2450000000000001]
[null,"5.5","RELAÇÃO DE MATERIAIS E EQUIPAMENTOS PARA EEE-02",{"$nulls":7},{"$f":"SUM(K278:K305)","v":124670.6}]
[null,"5.5.1","INSUMO","SIGMMA ESCO","COTAÇÃO","CONJUNTO MOTO BOMBA RE-AUTOESCORVANTE ESCO (CÓDIGOHP061504P) OU SIMILAR COM AS SEGUINTES CARACTERÍSTICAS:  CONJUNTO MOTOBOMBA RE-AUTOESCORVANTE ESCO: Q = 90,00 M³/H (25 L/S) , H = 21,06 MCA, POTÊNCIA CALCULADA = 10,80 CV, POTÊNCIA COMERCIAL = 15 CV, 380 V. ESCOPO DE FORNECIMENTO: BOMBA + BASE + CORREIA/POLIAS + VÁLVULA DE ALÍVIO DE AR + MOTOR, CONFORME PROPOSTA FINANCEIRA APRESENTADA.","UN ",2,37389.11,{"$f":"I278+(I278*$K$7)","v":42249.69},{"$f":"H278*J278","v":84499.38},1.1299999999999999]
[null,"5.5.2","INSUMO","SEINFRA","I7269","TUBO FoFo PB JE K-9 P/ ESGOTO DN 300","M",2,457.8,517.30999999999995,1034.6199999999999,1.1299999999999999]
[null,"5.5.3","INSUMO","SEINFRA","I3896","JUNTA GIBAULT DN 300","UN",1,469.26,530.26,530.26,1.1299999999999999]
[null,"5.5.4","INSUMO","SEINFRA","I6670","TUBO FoFo C/FLANGE E PONTA DN 300 PN10 L=500","UN",2,813.14,918.85,1837.7,1.1299999999999999]
[null,"5.5.5","INSUMO","ORSE",5649,"REGISTRO GAVETA FOFO, C/ FLANGES, CUNHA BORRACHA, CORPO CURTO E CABEÇOTE, PN  10, TIPO EURO 23, D=  300MM","UN",1,2472.36,2793.77,2793.77,1.1299999999999999]
[null,"5.5.6","INSUMO","ORSE",8662,"TUBO INTEGRAL EM FOFO, PARA ESGOTO - JGS Ø= 450MM","M",0.4,514.76,581.67999999999995,232.67,1.1299999999999999]
[null,"5.5.7","INSUMO","SEINFRA","I3478","CURVA DE PÉ 90 FF DN 200 PN10","UN",2,413.79,467.58,935.16,1.1299999999999999]
[null,"5.5.8","INSUMO","SEINFRA","I4487","TUBO FoFo C/ FLANGES DN 200 PN10 - L=4500","UN",2,2239.4,2530.52,5061.04,1.1299999999999999]
[null,"5.5.9","INSUMO","SEINFRA","I3427","CURVA FoFo 90 FF DN 200 PN10","UN",5,383.3,433.13,2165.65,1.1299999999999999]
[null,"5.5.10","INSUMO","SEINFRA","I4484","TUBO FoFo C/ FLANGES DN 200 PN10 - L=3000","UN",2,1735.1,1960.66,3921.32,1.1299999999999999]
[null,"5.5.11","INSUMO","SEINFRA","I4070","REDUÇÃO EXCÊNTRICA C/ FLANGES DN 200 x 100 PN10","UN",2,603.98,682.5,1365,1.1299999999999999]
[null,"5.5.12","INSUMO","SEINFRA","I4086","REDUÇÃO FoFo FF DN 200 x 100 PN10","UN",2,680.02,768.42,1536.84,1.1299999999999999]
[null,"5.5.13","INSUMO","SEINFRA","I8746","VÁLVULA RETENÇÃO PORTA ÚNICA C/FLANGES DN 200 P/ESGOTO","UN",2,2488.91,2812.47,5624.94,1.1299999999999999]
[null,"5.5.14","INSUMO","SEINFRA","I3797","EXTREMIDADE FLANGE E PONTA DN 200 PN10","UN",4,415.86,469.92,1879.68,1.1299999999999999]
[null,"5.5.15","INSUMO","SEINFRA","I3894","JUNTA GIBAULT DN 200","UN",2,274.04000000000002,309.67,619.34,1.1299999999999999]
[null,"5.5.16","INSUMO","SEINFRA","I3964","TUBO FoFo C/ FLANGES DN 200  PN10 - L=250","UN",2,414,467.82,935.64,1.1299999999999999]
[null,"5.5.17","INSUMO","SEINFRA","I3410","CURVA FoFo 45 FF DN 200 PN10","UN",1,327.84,370.46,370.46,1.1299999999999999]
[null,"5.5.18","INSUMO","SEINFRA","I3880","JUNÇÃO 45 FoFo FFF DN 200 x 200 PN10","UN",1,831.9,940.05,940.05,1.1299999999999999]
[null,"5.5.19","INSUMO","SEINFRA","I4481","TUBO FoFo C/ FLANGES DN 200 PN10 - L=1500","UN",1,1214.8599999999999,1372.79,1372.79,1.1299999999999999]
[null,"5.5.20","INSUMO","SEINFRA","I3650","TE FoFo FF DN 200 x 50 PN10","UN",1,530.32000000000005,599.26,599.26,1.1299999999999999]
[null,"5.5.21","INSUMO","ORSE",12533,"REGISTRO GAVETA FOFO, C/ FLANGES, CUNHA BORRACHA, CORPO CURTO E VOLANTE, TIPO EURO 23,  PN16, DIAM  = 50MM","UN",1,267.32,302.07,302.07,1.1299999999999999]
[null,"5.5.22","INSUMO","ORSE",6439,"VENTOSA TRÍPLICE FUNÇÃO,  PN 25, DIAM  = 50MM","UN",1,864.91,977.35,977.35,1.1299999999999999]
[null,"5.5.23","INSUMO","SEINFRA","I4666","TUBO FoFo C/FLANGE E PONTA DN 200 PN10 - L=1000","UN",1,693.57,783.73,783.73,1.1299999999999999]
[null,"5.5.24","INSUMO","SEINFRA","I3365","CURVA 90 FoFo BB JUNTA ELÁSTICA DN 200","UN",1,406.4,459.23,459.23,1.1299999999999999]
[null,"5.5.25","INSUMO","SEINFRA","I4669","TUBO FoFo C/FLANGE E PONTA DN 200 PN10 - L=2500","UN",1,1198.81,1354.66,1354.66,1.1299999999999999]
[null,"5.5.26","INSUMO","SEINFRA","I3652","TE FoFo FF DN 200 x 100 PN10","UN",1,739.56,835.7,835.7,1.1299999999999999]
[null,"5.5.27","INSUMO","ORSE",5647,"REGISTRO GAVETA FOFO, C/ FLANGES, CUNHA BORRACHA, CORPO CURTO E CABEÇOTE, PN  10, TIPO EURO 23, D=  200MM","UN",1,901.16,1018.31,1018.31,1.1299999999999999]
[null,"5.5.28","INSUMO","SEINFRA","I4646","TUBO FoFo C/FLANGE E PONTA DN 100 PN10 - L=2000","UN",1,605.29,683.98,683.98,1.1299999999999999]
[null,6,"ESTAÇÃO ELEVATÓRIA DE ESGOTO - EEE-04",{"$nulls":4},"Custo Total dos Serviços (R$)",null,null,{"$f":"SUM(K307,K330,K350,K358)","v":225409.13}]
[null,"6.1","SERVIÇOS PRELIMINARES, POÇO DE SUCÇÃO E CAIXAS DE AREIA E REGISTROS",{"$nulls":7},{"$f":"SUM(K308:K329)","v":74669.039999999994}]
[null,"6.1.1","SERVIÇO","SINAPI","73859/2","CAPINA E LIMPEZA MANUAL DE TERRENO","M²",250,1.01,{"$f":"I308+(I308*$I$7)","v":1.26},{"$f":"H308*J308","v":315},1.246]
[null,"6.1.2","SERVIÇO","SEINFRA","C1630","LOCAÇÃO DA OBRA - EXECUÇÃO DE GABARITO","M²",69.260000000000005,3.68,4.58,317.20999999999998,1.2444999999999999]
[null,"6.1.3","SERVIÇO","SINAPI",93358,"ESCAVAÇÃO MANUAL DE VALA COM PROFUNDIDADE MENOR OU IGUAL A 1,30 M. AF_03/2016","M³",25.82,50.41,62.76,1620.46,1.2450000000000001]
[null,"6.1.4","SERVIÇO","SINAPI",83338,"ESCAVACAO MECANICA, A CEU ABERTO, EM MATERIAL DE 1A CATEGORIA, COM ESCAVADEIRA HIDRAULICA, CAPACIDADE DE 0,78 M3","M³",155.34,2.08,2.59,402.33,1.2432000000000001]
[null,"6.1.5","SERVIÇO","ORSE",4357,"ESCAVAÇÃO COM PERFURATRIZ EM MATERIAL DE 2ª CATEGORIA","M³",22.19,62.97,78.400000000000006,1739.7,1.2451000000000001]
[null,"6.1.6","SERVIÇO","ORSE",4503,"ESCAVAÇÃO MANUAL DE VALA OU CAVA EM MATERIAL DE 3ª CATEGORIA, PROFUNDIDADE AT É 4,00 M, COM USO DE EXPLOSIVOS E PERFURAÇÃO MECÂNICA","M³",22.19,191.28,238.14,5284.33,1.2450000000000001]
[null,"6.1.7","SERVIÇO","SINAPI",93382,"REATERRO MANUAL DE VALAS COM COMPACTAÇÃO MECANIZADA. AF_04/2016","M³",68.34,24.6,30.63,2093.25,1.2451000000000001]
[null,"6.1.8","SERVIÇO","ORSE",4986,"CARGA MECÂNICA DE MATERIAL DE 1ª CATEGORIA","M³",112.82,0.57999999999999996,0.72,81.23,1.25]
[null,"6.1.9","SERVIÇO","ORSE",2507,"CARGA MECÂNICA DE MATERIAL DE 2ª CATEGORIA","M³",22.19,1.79,2.23,49.48,1.2465999999999999]
[null,"6.1.10","SERVIÇO","ORSE",2508,"CARGA MECÂNICA DE MATERIAL DE 3ª CATEGORIA","M³",22.19,2.56,3.19,70.790000000000006,1.2453000000000001]
[null,"6.1.11","SERVIÇO","SINAPI",97914,"TRANSPORTE COM CAMINHÃO BASCULANTE DE 6 M3, EM VIA URBANA PAVIMENTADA, DMT ATÉ 30 KM (UNIDADE: M3XKM). AF_01/2018","M³XKM",157.19999999999999,1.33,1.66,260.95,1.2423999999999999]
[null,"6.1.12","SERVIÇO","SINAPI",94967,"CONCRETO FCK = 40MPA, TRAÇO 1:1,6:1,9 (CIMENTO/ AREIA MÉDIA/ BRITA 1)  - PREPARO MECÂNICO COM BETONEIRA 400 L. AF_07/2016","M³",44.8,291.45999999999998,362.87,16256.58,1.2450000000000001]
[null,"6.1.13","SERVIÇO","SINAPI",92873,"LANÇAMENTO COM USO DE BALDES, ADENSAMENTO E ACABAMENTO DE CONCRETO EM ESTRUTURAS. AF_12/2015","M³",44.8,129.37,161.07,7215.94,1.2450000000000001]
[null,"6.1.14","SERVIÇO","ORSE",3366,"FORMA PLANA PARA ESTRUTURAS, EM COMPENSADO PLASTIFICADO DE 12MM, 07 USOS, INC LUSIVE ESCORAMENTO - REVISADA 07.2015","M²",340.18,30.39,37.840000000000003,12872.41,1.2450000000000001]
[null,"6.1.15","SERVIÇO","SINAPI",92791,"CORTE E DOBRA DE AÇO CA-60, DIÂMETRO DE 5,0 MM, UTILIZADO EM ESTRUTURAS DIVERSAS, EXCETO LAJES. AF_12/2015","KG",783.4,5.19,6.46,5060.76,1.2445999999999999]
[null,"6.1.16","SERVIÇO","SINAPI",92794,"CORTE E DOBRA DE AÇO CA-50, DIÂMETRO DE 10,0 MM, UTILIZADO EM ESTRUTURAS DIVERSAS, EXCETO LAJES. AF_12/2015","KG",2350.1999999999998,4.25,5.29,12432.56,1.2457]
[null,"6.1.17","SERVIÇO","SINAPI",94962,"CONCRETO MAGRO PARA LASTRO, TRAÇO 1:4,5:4,5 (CIMENTO/ AREIA MÉDIA/ BRITA 1)  - PREPARO MECÂNICO COM BETONEIRA 400 L. AF_07/2016","M³",5.81,204.67,254.81,1480.45,1.2450000000000001]
[null,"6.1.18","SERVIÇO","SEINFRA","C0823","COMPORTA EM FIBRA, CALHA EM ALUMÍNIO","M²",0.48,332.27,413.68,198.57,1.2450000000000001]
[null,"6.1.19","SERVIÇO","SINAPI","73932/1","GRADE DE FERRO EM BARRA CHATA 3/16\"","M²",18.649999999999999,228.03,283.89999999999998,5294.74,1.2450000000000001]
[null,"6.1.20","SERVIÇO","SINAPI",73665,"ESCADA TIPO MARINHEIRO EM ACO CA-50 9,52MM INCLUSO PINTURA COM FUNDO ANTICORROSIVO TIPO ZARCAO","M",13.13,49,61.01,801.06,1.2450000000000001]
[null,"6.1.21","SERVIÇO","SINAPI",95468,"PINTURA ESMALTE BRILHANTE (2 DEMAOS) SOBRE SUPERFICIE METALICA, INCLUSIVE PROTECAO COM ZARCAO (1 DEMAO)","M²",18.98,29.08,36.200000000000003,687.08,1.2450000000000001]
[null,"6.1.22","SERVIÇO","SINAPI","73891/1","ESGOTAMENTO COM MOTO-BOMBA AUTOESCOVANTE","H",24,4.49,5.59,134.16,1.2455000000000001]
[null,"6.2","CASA DE COMANDO",{"$nulls":7},{"$f":"SUM(K331:K349)","v":39012.18}]
[null,"6.2.1","SERVIÇO","SINAPI",93358,"ESCAVAÇÃO MANUAL DE VALA COM PROFUNDIDADE MENOR OU IGUAL A 1,30 M. AF_03/2016","M³",5.49,50.41,{"$f":"I331+(I331*$I$7)","v":62.76},{"$f":"H331*J331","v":344.55},1.2450000000000001]
[null,"6.2.2","SERVIÇO","SINAPI",94964,"CONCRETO FCK = 20MPA, TRAÇO 1:2,7:3 (CIMENTO/ AREIA MÉDIA/ BRITA 1)  - PREPARO MECÂNICO COM BETONEIRA 400 L. AF_07/2016","M³",3.23,242.25,301.60000000000002,974.17,1.2450000000000001]
[null,"6.2.3","SERVIÇO","SINAPI",92873,"LANÇAMENTO COM USO DE BALDES, ADENSAMENTO E ACABAMENTO DE CONCRETO EM ESTRUTURAS. AF_12/2015","M³",3.23,129.37,161.07,520.26,1.2450000000000001]
[null,"6.2.4","SERVIÇO","ORSE",3366,"FORMA PLANA PARA ESTRUTURAS, EM COMPENSADO PLASTIFICADO DE 12MM, 07 USOS, INC LUSIVE ESCORAMENTO - REVISADA 07.2015","M²",49.21,30.39,37.840000000000003,1862.11,1.2450000000000001]
[null,"6.2.5","SERVIÇO","SINAPI",92791,"CORTE E DOBRA DE AÇO CA-60, DIÂMETRO DE 5,0 MM, UTILIZADO EM ESTRUTURAS DIVERSAS, EXCETO LAJES. AF_12/2015","KG",64.599999999999994,5.19,6.46,417.32,1.2445999999999999]
[null,"6.2.6","SERVIÇO","SINAPI",92794,"CORTE E DOBRA DE AÇO CA-50, DIÂMETRO DE 10,0 MM, UTILIZADO EM ESTRUTURAS DIVERSAS, EXCETO LAJES. AF_12/2015","KG",193.8,4.25,5.29,1025.2,1.2457]
[null,"6.2.7","SERVIÇO","SINAPI",87503,"ALVENARIA DE VEDAÇÃO DE BLOCOS CERÂMICOS FURADOS NA HORIZONTAL DE 9X19X19CM (ESPESSURA 9CM) DE PAREDES COM ÁREA LÍQUIDA MAIOR OU IGUAL A 6M² SEM VÃOS E ARGAMASSA DE ASSENTAMENTO COM PREPARO EM BETONEIRA. AF_06/2014","M²",70.77,44.41,55.29,3912.87,1.2450000000000001]
[null,"6.2.8","SERVIÇO","SINAPI",87529,"MASSA ÚNICA, PARA RECEBIMENTO DE PINTURA, EM ARGAMASSA TRAÇO 1:2:8, PREPARO MECÂNICO COM BETONEIRA 400L, APLICADA MANUALMENTE EM FACES INTERNAS DE PAREDES, ESPESSURA DE 20MM, COM EXECUÇÃO DE TALISCAS. AF_06/2014","M²",141.52000000000001,22.96,28.59,4046.06,1.2447999999999999]
[null,"6.2.9","SERVIÇO","SINAPI",88489,"APLICAÇÃO MANUAL DE PINTURA COM TINTA LÁTEX ACRÍLICA EM PAREDES, DUAS DEMÃOS. AF_06/2014","M²",141.52000000000001,8.26,10.28,1454.83,1.2454000000000001]
[null,"6.2.10","SERVIÇO","SINAPI",88488,"APLICAÇÃO MANUAL DE PINTURA COM TINTA LÁTEX ACRÍLICA EM TETO, DUAS DEMÃOS. AF_06/2014","M²",44.79,9.41,11.72,524.94000000000005,1.2453000000000001]
[null,"6.2.11","SERVIÇO","SINAPI",68054,"PORTAO DE FERRO EM CHAPA GALVANIZADA PLANA 14 GSG","M²",6.68,187,232.82,1555.24,1.2450000000000001]
[null,"6.2.12","SERVIÇO","ORSE",6320,"LASTRO DE CONCRETO, FCK=15 MPA, LANÇADO E ADENSADO","M³",2.6,312.85000000000002,389.5,1012.7,1.2450000000000001]
[null,"6.2.13","SERVIÇO","SINAPI",98679,"PISO CIMENTADO, TRAÇO 1:3 (CIMENTO E AREIA), ACABAMENTO LISO, ESPESSURA 2,0 CM, PREPARO MECÂNICO DA ARGAMASSA. AF_06/2018","M²",26,20.69,25.76,669.76,1.2448999999999999]
[null,"6.2.14","SERVIÇO","SINAPI",94998,"EXECUÇÃO DE PASSEIO (CALÇADA) OU PISO DE CONCRETO COM CONCRETO MOLDADO IN LOCO, FEITO EM OBRA, ACABAMENTO CONVENCIONAL, ESPESSURA 12 CM, ARMADO. AF_07/2016","M²",13.25,68.91,85.79,1136.72,1.2450000000000001]
[null,"6.2.15","SERVIÇO","SINAPI",95465,"COBOGO CERAMICO (ELEMENTO VAZADO), 9X20X20CM, ASSENTADO COM ARGAMASSA TRACO 1:4 DE CIMENTO E AREIA","M²",3.84,92.74,115.46,443.37,1.2450000000000001]
[null,"6.2.16","SERVIÇO","SINAPI","74202/1","LAJE PRE-MOLDADA P/FORRO, SOBRECARGA 100KG/M2, VAOS ATE 3,50M/E=8CM, C/LAJOTAS E CAP.C/CONC FCK=20MPA, 3CM, INTER-EIXO 38CM, C/ESCORAMENTO (REAPR.3X) E FERRAGEM NEGATIVA","M²",154,54.48,67.83,10445.82,1.2450000000000001]
[null,"6.2.17","SERVIÇO","SINAPI",73661,"FORNECIMENTO E INSTALACAO DE TALHA E TROLEY MANUAL DE 1 TONELADA","UN",1,1703.65,2121.04,2121.04,1.2450000000000001]
[null,"6.2.18","SERVIÇO","SINAPI",83514,"FORNECIMENTO DE PERFIL SIMPLES \"I\" OU \"H\" 8 A 12\" INCLUSIVE PERDAS","KG",163.5,5.45,6.79,1110.17,1.2447999999999999]
[null,"6.2.19","SERVIÇO","SEINFRA","C3498","MONTAGEM DE TUBOS, CONEXÕES E PÇS, ELEVATÓRIA C/ VAZÃO DE 10,01 À 20 l/s","UN",1,4365.5,5435.05,5435.05,1.2450000000000001]
[null,"6.3","URBANIZAÇÃO",{"$nulls":7},{"$f":"SUM(K351:K357)","v":42214.53}]
[null,"6.3.1","SERVIÇO","ORSE",11146,"MURO EM ALVENARIA BLOCO CERÂMICO, E= 0,09M, C/ ALV DE PEDRA GRANÍTICA, 0,35 X 0,60M, COLUNAS (9X20CM) E CINTAMENTO (9X15CM) SUPERIOR E INFERIOR CONCRETO AR MADO FCK = 15,0 MPA CADA 3,00M, CHAPISCO E REBOCO","M²",154,110.68,{"$f":"I351+(I351*$I$7)","v":137.80000000000001},{"$f":"H351*J351","v":21221.200000000001},1.2450000000000001]
[null,"6.3.2","SERVIÇO","ORSE",4713,"CONCERTINA EM AÇO GALVANIZADO, ESPIRAL DE Ø = 450MM, 3 CLIPES P/ ESPIRAL, LÂM INA DE 30MM E FIO INTERNO DE 2,50MM,  INCLUISIVE INSTALAÇÃO","M",70,25.73,32.03,2242.1,1.2450000000000001]
[null,"6.3.3","SERVIÇO","SINAPI",88489,"APLICAÇÃO MANUAL DE PINTURA COM TINTA LÁTEX ACRÍLICA EM PAREDES, DUAS DEMÃOS. AF_06/2014","M²",308,8.26,10.28,3166.24,1.2454000000000001]
[null,"6.3.4","SERVIÇO","SINAPI",72799,"PAVIMENTO EM PARALELEPIPEDO SOBRE COLCHAO DE AREIA REJUNTADO COM ARGAMASSA DE CIMENTO E AREIA NO TRAÇO 1:3 (PEDRAS PEQUENAS 30 A 35 PECAS POR M2)","M²",157.22999999999999,62.81,78.2,12295.39,1.2450000000000001]
[null,"6.3.5","SERVIÇO","SINAPI",94998,"EXECUÇÃO DE PASSEIO (CALÇADA) OU PISO DE CONCRETO COM CONCRETO MOLDADO IN LOCO, FEITO EM OBRA, ACABAMENTO CONVENCIONAL, ESPESSURA 12 CM, ARMADO. AF_07/2016","M²",12,68.91,85.79,1029.48,1.2450000000000001]
[null,"6.3.6","SERVIÇO","SINAPI",94263,"GUIA (MEIO-FIO) CONCRETO, MOLDADA  IN LOCO  EM TRECHO RETO COM EXTRUSORA, 11,5 CM BASE X 22 CM ALTURA. AF_06/2016","M",10,16.97,21.13,211.3,1.2448999999999999]
[null,"6.3.7","SERVIÇO","SINAPI",68054,"PORTAO DE FERRO EM CHAPA GALVANIZADA PLANA 14 GSG","M²",8.8000000000000007,187,232.82,2048.8200000000002,1.2450000000000001]
[null,"6.4","RELAÇÃO DE MATERIAIS E EQUIPAMENTOS PARA EEE-04",{"$nulls":7},{"$f":"SUM(K359:K385)","v":69513.38}]
[null,"6.4.1","INSUMO","SIGMMA ESCO","COTAÇÃO","CONJUNTO MOTO BOMBA RE-AUTOESCORVANTE ESCO (CÓDIGOLP031004P) OU SIMILAR COM AS SEGUINTES CARACTERÍSTICAS: Q = 60,00 M³/H (16,67 L/S) , H = 15,23 MCA, POTÊNCIA CALCULADA = 6,77 CV, POTÊNCIA COMERCIAL = 10 CV, 380 V. ESCOPO DE FORNECIMENTO: BOMBA + BASE + CORREIA/POLIAS + VÁLVULA DE ALÍVIO DE AR + MOTOR, CONFORME PROPOSTA FINANCEIRA APRESENTADA.","UN ",2,18654.349999999999,{"$f":"I359+(I359*$K$7)","v":21079.42},{"$f":"H359*J359","v":42158.84},1.1299999999999999]
[null,"6.4.2","INSUMO","SEINFRA","I7266","TUBO FoFo PB JE K-9 P/ ESGOTO DN 150","M",2,231.28,261.35000000000002,522.70000000000005,1.1299999999999999]
[null,"6.4.3","INSUMO","SEINFRA","I3893","JUNTA GIBAULT DN 150","UN",3,234.56,265.05,795.15,1.1299999999999999]
[null,"6.4.4","INSUMO","SEINFRA","I6667","TUBO FoFo C/FLANGE E PONTA DN 150 PN10 L=500","UN",2,406.83,459.72,919.44,1.1299999999999999]
[null,"6.4.5","INSUMO","ORSE",6343,"REGISTRO GAVETA FOFO, C/ FLANGES, CUNHA BORRACHA, CORPO CURTO E CABEÇOTE, TIP O EURO 23,  PN16, DIAM  = 150MM","UN",3,473.77,535.36,1606.08,1.1299999999999999]
[null,"6.4.6","INSUMO","ORSE",8656,"TUBO INTEGRAL EM FOFO, PARA ESGOTO - JGS Ø= 150MM","M",0.4,188.75,213.29,85.32,1.1299999999999999]
[null,"6.4.7","INSUMO","SEINFRA","I3477","CURVA DE PÉ 90 FF DN 150 PN10","UN",2,354.07,400.1,800.2,1.1299999999999999]
[null,"6.4.8","INSUMO","SEINFRA","I4476","TUBO FoFo C/ FLANGES DN 150 PN10 - L=4500","UN",2,1819.89,2056.48,4112.96,1.1299999999999999]
[null,"6.4.9","INSUMO","SEINFRA","I3426","CURVA FoFo 90 FF DN 150 PN10","UN",5,269.47000000000003,304.5,1522.5,1.1299999999999999]
[null,"6.4.10","INSUMO","SEINFRA","I4473","TUBO FoFo C/ FLANGES DN 150 PN10 - L=3000","UN",2,1360.05,1536.86,3073.72,1.1299999999999999]
[null,"6.4.11","INSUMO","SEINFRA","I7605","REDUÇÃO EXCÊNTRICA C/ FLANGES DN 150 x 80 PN10","UN",2,354.58,400.68,801.36,1.1299999999999999]
[null,"6.4.12","INSUMO","SEINFRA","I4083","REDUÇÃO FoFo FF DN 150 x 75 PN10","UN",2,289.39,327.01,654.02,1.1299999999999999]
[null,"6.4.13","INSUMO","SEINFRA","I8745","VÁLVULA RETENÇÃO PORTA ÚNICA C/FLANGES DN 150 P/ESGOTO","UN",2,1412.46,1596.08,3192.16,1.1299999999999999]
[null,"6.4.14","INSUMO","SEINFRA","I3796","EXTREMIDADE FLANGE E PONTA DN 150 PN10","UN",4,219.5,248.04,992.16,1.1299999999999999]
[null,"6.4.15","INSUMO","SEINFRA","I3962","TUBO FoFo C/ FLANGES DN 150 PN10 - L=250","UN",2,227.36,256.92,513.84,1.1299999999999999]
[null,"6.4.16","INSUMO","SEINFRA","I3409","CURVA FoFo 45 FF DN 150 PN10","UN",1,249.75,282.22000000000003,282.22000000000003,1.1299999999999999]
[null,"6.4.17","INSUMO","SEINFRA","I3877","JUNÇÃO 45 FoFo FFF DN 150 x 150 PN10","UN",1,745.35,842.25,842.25,1.1299999999999999]
[null,"6.4.18","INSUMO","SEINFRA","I4470","TUBO FoFo C/ FLANGES DN 150 PN10 - L=1500","UN",1,977.14,1104.17,1104.17,1.1299999999999999]
[null,"6.4.19","INSUMO","SEINFRA","I3646","TE FoFo FF DN 150 x 50 PN10","UN",1,464.37,524.74,524.74,1.1299999999999999]
[null,"6.4.20","INSUMO","ORSE",12533,"REGISTRO GAVETA FOFO, C/ FLANGES, CUNHA BORRACHA, CORPO CURTO E VOLANTE, TIPO EURO 23,  PN16, DIAM  = 50MM","UN",1,267.32,302.07,302.07,1.1299999999999999]
[null,"6.4.21","INSUMO","ORSE",6439,"VENTOSA TRÍPLICE FUNÇÃO,  PN 25, DIAM  = 50MM","UN",1,864.91,977.35,977.35,1.1299999999999999]
[null,"6.4.22","INSUMO","SEINFRA","I4655","TUBO FoFo C/FLANGE E PONTA DN 150 PN10 - L=1000","UN",1,559.03,631.70000000000005,631.70000000000005,1.1299999999999999]
[null,"6.4.23","INSUMO","SEINFRA","I3648","TE FoFo FF DN 150 x 100 PN10","UN",1,493.95,558.16,558.16,1.1299999999999999]
[null,"6.4.24","INSUMO","SEINFRA","I3364","CURVA 90 FoFo BB JUNTA ELÁSTICA DN 150","UN",1,267.61,302.39999999999998,302.39999999999998,1.1299999999999999]
[null,"6.4.25","INSUMO","SEINFRA","I4658","TUBO FoFo C/FLANGE E PONTA DN 150 PN10 - L=2500","UN",1,947.22,1070.3599999999999,1070.3599999999999,1.1299999999999999]
[null,"6.4.26","INSUMO","ORSE",12532,"REGISTRO GAVETA FOFO, C/ FLANGES, CUNHA BORRACHA, CORPO CURTO E VOLANTE, TIPO EURO 23,  PN16, DIAM  = 100MM","UN",1,427.9,483.53,483.53,1.1299999999999999]
[null,"6.4.27","INSUMO","SEINFRA","I4646","TUBO FoFo C/FLANGE E PONTA DN 100 PN10 - L=2000","UN",1,605.29,683.98,683.98,1.1299999999999999]
[null,7,"ESTAÇÃO DE TRATAMENTO DE ESGOTOS (SBFD)",{"$nulls":4},"Custo Total dos Serviços (R$)",null,null,{"$f":"SUM(K387,K393,K415,K425,K432,K437)","v":2279742.5499999998}]
[null,"7.1","SERVIÇOS PRELIMINARES ",{"$nulls":7},{"$f":"SUM(K388:K392)","v":35407.51}]
[null,"7.1.1","SERVIÇO","SINAPI",73672,"DESMATAMENTO E LIMPEZA MECANIZADA DE TERRENO COM ARVORES ATE Ø 15CM, UTILIZANDO TRATOR DE ESTEIRAS","M²",15000,0.28999999999999998,{"$f":"I388+(I388*$I$7)","v":0.36},{"$f":"H388*J388","v":5400},1.25]
[null,"7.1.2","SERVIÇO","SINAPI",72898,"CARGA E DESCARGA MECANIZADAS DE ENTULHO EM CAMINHAO BASCULANTE 6 M3","M³",3750,3.25,4.05,{"$f":"H389*J389","v":15187.5},1.2450000000000001]
[null,"7.1.3","SERVIÇO","SINAPI",97912,"TRANSPORTE COM CAMINHÃO BASCULANTE DE 6 M3, EM VIA URBANA EM LEITO NATURAL (UNIDADE: M3XKM). AF_01/2018","M³XKM",3750,1.84,2.29,{"$f":"H390*J390","v":8587.5},1.2444999999999999]
[null,"7.1.4","SERVIÇO","SINAPI",83344,"ESPALHAMENTO DE MATERIAL EM BOTA FORA, COM UTILIZACAO DE TRATOR DE ESTEIRAS DE 165 HP","M³",3750,0.76,0.95,{"$f":"H391*J391","v":3562.5},1.2446999999999999]
[null,"7.1.5","SERVIÇO","ORSE",2548,"LOCAÇÃO DE SERVIÇOS DE TERRAPLENAGEM DE OBRAS CIVIS","M²",2206.62,0.97,1.21,{"$f":"H392*J392","v":2670.01},1.2479]
[null,"7.2","LAGOA DE MATURAÇÃO",{"$nulls":7},{"$f":"SUM(K394:K414)","v":532072.41}]
[null,"7.2.1","SERVIÇO","SINAPI",93358,"ESCAVAÇÃO MANUAL DE VALA COM PROFUNDIDADE MENOR OU IGUAL A 1,30 M. AF_03/2016","M³",89.89,50.41,{"$f":"I394+(I394*$I$7)","v":62.76},{"$f":"H394*J394","v":5641.5},1.2450000000000001]
[null,"7.2.2","SERVIÇO","SINAPI",79480,"ESCAVACAO MECANICA CAMPO ABERTO EM SOLO EXCETO ROCHA ATE 2,00M PROFUNDIDADE","M³",1348.31,1.89,2.35,3168.53,1.2467999999999999]
[null,"7.2.3","SERVIÇO","ORSE",4357,"ESCAVAÇÃO COM PERFURATRIZ EM MATERIAL DE 2ª CATEGORIA","M³",179.78,62.97,78.400000000000006,14094.75,1.2451000000000001]
[null,"7.2.4","SERVIÇO","ORSE",4503,"ESCAVAÇÃO MANUAL DE VALA OU CAVA EM MATERIAL DE 3ª CATEGORIA, PROFUNDIDADE AT É 4,00 M, COM USO DE EXPLOSIVOS E PERFURAÇÃO MECÂNICA","M³",179.78,191.28,238.14,42812.81,1.2450000000000001]
[null,"7.2.5","SERVIÇO","SINAPI",93382,"REATERRO MANUAL DE VALAS COM COMPACTAÇÃO MECANIZADA. AF_04/2016","M³",97,24.6,30.63,2971.11,1.2451000000000001]
[null,"7.2.6","SERVIÇO","ORSE",7086,"ATERRO MECANIZADO COM TRATOR DE ESTEIRA, INCLUSIVE COMPACTAÇÃO (MÃO DE OBRA,  CAMINHÃO PIPA, E ROLO)","M³",424.69,2.59,3.22,1367.5,1.2453000000000001]
[null,"7.2.7","SERVIÇO","ORSE",4986,"CARGA MECÂNICA DE MATERIAL DE 1ª CATEGORIA","M³",1341.2,0.57999999999999996,0.72,965.66,1.25]
[null,"7.2.8","SERVIÇO","ORSE",2507,"CARGA MECÂNICA DE MATERIAL DE 2ª CATEGORIA","M³",179.78,1.79,2.23,400.91,1.2465999999999999]
[null,"7.2.9","SERVIÇO","ORSE",2508,"CARGA MECÂNICA DE MATERIAL DE 3ª CATEGORIA","M³",179.78,2.56,3.19,573.5,1.2453000000000001]
[null,"7.2.10","SERVIÇO","SINAPI",97912,"TRANSPORTE COM CAMINHÃO BASCULANTE DE 6 M3, EM VIA URBANA EM LEITO NATURAL (UNIDADE: M3XKM). AF_01/2018","M³XKM",1700.76,1.84,2.29,3894.74,1.2444999999999999]
[null,"7.2.11","SERVIÇO","SINAPI",83344,"ESPALHAMENTO DE MATERIAL EM BOTA FORA, COM UTILIZACAO DE TRATOR DE ESTEIRAS DE 165 HP","M³",1700.76,0.76,0.95,1615.72,1.2446999999999999]
[null,"7.2.12","SERVIÇO","ORSE",3345,"CONCRETO SIMPLES USINADO FCK=40MPA, BOMBEADO, LANÇADO E ADENSADO EM SUPERESTR UTURA","M³",429.44,255.27,317.81,136480.32999999999,1.2450000000000001]
[null,"7.2.13","SERVIÇO","ORSE",3366,"FORMA PLANA PARA ESTRUTURAS, EM COMPENSADO PLASTIFICADO DE 12MM, 07 USOS, INC LUSIVE ESCORAMENTO - REVISADA 07.2015","M²",824.4,30.39,37.840000000000003,31195.3,1.2450000000000001]
[null,"7.2.14","SERVIÇO","SINAPI",92791,"CORTE E DOBRA DE AÇO CA-60, DIÂMETRO DE 5,0 MM, UTILIZADO EM ESTRUTURAS DIVERSAS, EXCETO LAJES. AF_12/2015, CONFORME QUANTITATIVOS DO PROJETO ESTRUTURAL","KG",14410,5.19,6.46,93088.6,1.2445999999999999]
[null,"7.2.15","SERVIÇO","SINAPI",92794,"CORTE E DOBRA DE AÇO CA-50, DIÂMETRO DE 10,0 MM, UTILIZADO EM ESTRUTURAS DIVERSAS, EXCETO LAJES. AF_12/2015, CONFORME QUANTITATIVOS DO PROJETO ESTRUTURAL","KG",743.7,4.25,5.29,3934.17,1.2457]
[null,"7.2.16","SERVIÇO","SINAPI",94962,"CONCRETO MAGRO PARA LASTRO, TRAÇO 1:4,5:4,5 (CIMENTO/ AREIA MÉDIA/ BRITA 1)  - PREPARO MECÂNICO COM BETONEIRA 400 L. AF_07/2016","M³",169.94,204.67,254.81,43302.41,1.2450000000000001]
[null,"7.2.17","SERVIÇO","SINAPI",73665,"ESCADA TIPO MARINHEIRO EM ACO CA-50 9,52MM INCLUSO PINTURA COM FUNDO ANTICORROSIVO TIPO ZARCAO","M",6,49,61.01,366.06,1.2450000000000001]
[null,"7.2.18","SERVIÇO","SINAPI",87481,"ALVENARIA DE VEDAÇÃO DE BLOCOS CERÂMICOS FURADOS NA VERTICAL DE 19X19X39CM (ESPESSURA 19CM) DE PAREDES COM ÁREA LÍQUIDA MAIOR OU IGUAL A 6M² SEM VÃOS E ARGAMASSA DE ASSENTAMENTO COM PREPARO EM BETONEIRA. AF_06/2014","M²",648,44.61,55.54,35989.919999999998,1.2450000000000001]
[null,"7.2.19","SERVIÇO","ORSE",3310,"CHAPISCO EM PAREDE COM ARGAMASSA TRAÇO T1 - 1:3 (CIMENTO / AREIA) - REVISADO  08/2015","M²",1296,3.71,4.62,5987.52,1.2451000000000001]
[null,"7.2.20","SERVIÇO","SINAPI",96920,"ARGAMASSA TRAÇO 1:3 (CIMENTO E AREIA), PREPARO MECANICO , INCLUSO ADITIVO IMPERMEABILIZANTE","M³",32.4,369.29,459.77,14896.55,1.2450000000000001]
[null,"7.2.21","SERVIÇO","ORSE",2341,"IMPERMEABILIZAÇAO FLEXÍVEL, BASE ACRÍLICA, TIPO IGOLFLEX BRANCO SIKA OU SIMIL AR, P/LAJES, CALHAS, VARANDAS, TERRAÇOS E COBERTURAS DE RESERVATORIOS","M²",1941,36.96,46.02,89324.82,1.2448999999999999]
[null,"7.3","LEITO DE SECAGEM",{"$nulls":7},{"$f":"SUM(K416:K424)","v":28726.25}]
[null,"7.3.1","SERVIÇO","ORSE",7086,"ATERRO MECANIZADO COM TRATOR DE ESTEIRA, INCLUSIVE COMPACTAÇÃO (MÃO DE OBRA,  CAMINHÃO PIPA, E ROLO)","M³",75,2.59,{"$f":"I416+(I416*$I$7)","v":3.22},{"$f":"H416*J416","v":241.5},1.2453000000000001]
[null,"7.3.2","SERVIÇO","ORSE",3345,"CONCRETO SIMPLES USINADO FCK=40MPA, BOMBEADO, LANÇADO E ADENSADO EM SUPERESTR UTURA","M³",24.79,255.27,317.81,7878.51,1.2450000000000001]
[null,"7.3.3","SERVIÇO","ORSE",3366,"FORMA PLANA PARA ESTRUTURAS, EM COMPENSADO PLASTIFICADO DE 12MM, 07 USOS, INC LUSIVE ESCORAMENTO - REVISADA 07.2015","M²",230.08,30.39,37.840000000000003,8706.23,1.2450000000000001]
[null,"7.3.4","SERVIÇO","SINAPI",92791,"CORTE E DOBRA DE AÇO CA-60, DIÂMETRO DE 5,0 MM, UTILIZADO EM ESTRUTURAS DIVERSAS, EXCETO LAJES. AF_12/2015, CONFORME QUANTITATIVOS DO PROJETO ESTRUTURAL","KG",743.7,5.19,6.46,4804.3,1.2445999999999999]
[null,"7.3.5","SERVIÇO","SINAPI",92794,"CORTE E DOBRA DE AÇO CA-50, DIÂMETRO DE 10,0 MM, UTILIZADO EM ESTRUTURAS DIVERSAS, EXCETO LAJES. AF_12/2015, CONFORME QUANTITATIVOS DO PROJETO ESTRUTURAL","KG",247.9,4.25,5.29,1311.39,1.2457]
[null,"7.3.6","SERVIÇO","SINAPI",94962,"CONCRETO MAGRO PARA LASTRO, TRAÇO 1:4,5:4,5 (CIMENTO/ AREIA MÉDIA/ BRITA 1)  - PREPARO MECÂNICO COM BETONEIRA 400 L. AF_07/2016","M³",10.62,204.67,254.81,2706.08,1.2450000000000001]
[null,"7.3.7","SERVIÇO","SEINFRA","C0823","COMPORTA EM FIBRA, CALHA EM ALUMÍNIO","M²",0.35,332.27,413.68,144.79,1.2450000000000001]
[null,"7.3.8","SERVIÇO","CODEVASF","COMPOSIÇÃO","CAMADA DRENANTE DE BRITA Nº 2 PARA LEITO DE SECAGEM","M³",21.24,51.21,63.76,1354.26,1.2448999999999999]
[null,"7.3.9","SERVIÇO","CODEVASF","COMPOSIÇÃO","CAMADA DRENANTE DE AREIA GROSSA PARA LEITO DE SECAGEM","M³",21.24,59.72,74.349999999999994,1579.19,1.2451000000000001]
[null,"7.4","BASES PARA OS RAFAS/FILTROS E CAIXA DE AREIA",{"$nulls":7},{"$f":"SUM(K426:K431)","v":39735.480000000003}]
[null,"7.4.1","SERVIÇO","ORSE",7086,"ATERRO MECANIZADO COM TRATOR DE ESTEIRA, INCLUSIVE COMPACTAÇÃO (MÃO DE OBRA,  CAMINHÃO PIPA, E ROLO)","M³",156.25,2.59,{"$f":"I426+(I426*$I$7)","v":3.22},{"$f":"H426*J426","v":503.13},1.2453000000000001]
[null,"7.4.2","SERVIÇO","ORSE",3345,"CONCRETO SIMPLES USINADO FCK=40MPA, BOMBEADO, LANÇADO E ADENSADO EM SUPERESTR UTURA","M³",58.06,255.27,317.81,18452.05,1.2450000000000001]
[null,"7.4.3","SERVIÇO","ORSE",3366,"FORMA PLANA PARA ESTRUTURAS, EM COMPENSADO PLASTIFICADO DE 12MM, 07 USOS, INC LUSIVE ESCORAMENTO - REVISADA 07.2015","M²",33.799999999999997,30.39,37.840000000000003,1278.99,1.2450000000000001]
[null,"7.4.4","SERVIÇO","SINAPI",92791,"CORTE E DOBRA DE AÇO CA-60, DIÂMETRO DE 5,0 MM, UTILIZADO EM ESTRUTURAS DIVERSAS, EXCETO LAJES. AF_12/2015, CONFORME QUANTITATIVOS DO PROJETO ESTRUTURAL","KG",1451.5,5.19,6.46,9376.69,1.2445999999999999]
[null,"7.4.5","SERVIÇO","SINAPI",92794,"CORTE E DOBRA DE AÇO CA-50, DIÂMETRO DE 10,0 MM, UTILIZADO EM ESTRUTURAS DIVERSAS, EXCETO LAJES. AF_12/2015, CONFORME QUANTITATIVOS DO PROJETO ESTRUTURAL","KG",1451.5,4.25,5.29,7678.44,1.2457]
[null,"7.4.6","SERVIÇO","SINAPI",94962,"CONCRETO MAGRO PARA LASTRO, TRAÇO 1:4,5:4,5 (CIMENTO/ AREIA MÉDIA/ BRITA 1)  - PREPARO MECÂNICO COM BETONEIRA 400 L. AF_07/2016","M³",9.6,204.67,254.81,2446.1799999999998,1.2450000000000001]
[null,"7.5","URBANIZAÇÃO",{"$nulls":7},{"$f":"SUM(K433:K436)","v":37494.15}]
[null,"7.5.1","SERVIÇO","SINAPI","74142/4","CERCA COM MOUROES DE CONCRETO, SECAO \"T\" PONTA INCLINADA, 10X10CM, ESPACAMENTO DE 3M, CRAVADOS 0,5M, COM 11 FIOS DE ARAME FARPADO Nº 16","M",500,42.46,{"$f":"I433+(I433*$I$7)","v":52.86},{"$f":"H433*J433","v":26430},1.2450000000000001]
[null,"7.5.2","SERVIÇO","SEINFRA","C2904","PORTÃO DE TUBO DE AÇO GALVANIZADO DE 2\" (4X2)m, INCL.. PILARES DE SUSTENTAÇÃO","UN",1,1951.34,2429.42,{"$f":"H434*J434","v":2429.42},1.2450000000000001]
[null,"7.5.3","SERVIÇO","SINAPI",68054,"PORTAO DE FERRO EM CHAPA GALVANIZADA PLANA 14 GSG, PARA PEDESTRE","M²",6.2,187,232.82,{"$f":"H435*J435","v":1443.48},1.2450000000000001]
[null,"7.5.4","SERVIÇO","SINAPI",98510,"PLANTIO DE ÁRVORE ORNAMENTAL COM ALTURA DE MUDA MENOR OU IGUAL A 2,00 M. AF_05/2018","UN",125,46.21,57.53,{"$f":"H436*J436","v":7191.25},1.2450000000000001]
[null,"7.6","RELAÇÃO DE MATERIAIS E EQUIPAMENTOS PARA ETE SBFD",{"$nulls":7},{"$f":"SUM(K438:K444)","v":1606306.75}]
[null,"7.6.1","INSUMO","IDEAL SAN","COTAÇÃO","DIGESTOR E FILTRO ANAERÓBIOS EM FIBRA DE VIDRO, DE FORMA CILÍNDRICA CONSTITUÍDO POR CILÍNDRO INTERNO (DIGESTOR) E ANEL EXTERNO(FILTRO) COM 5,20M DE ALTURA E DIÂMETRO TOTAL DE 7,00M, SENDO 5,00M O DIÂMETRO DO DIGESTOR E  1,00M A LARGURA DA FAIXA QUE CONSTITUÍ O FILTRO, TOTALIZANDO UMA ÁREA EM CHAPAS DE FIBRA DE VIDRO DE 390,00M². FORNECIMENTO, TRANSPORTE, MONTAGEM NO LOCAL E TESTE (MOTAGEM E INTERLIGAÇÃO DE TODAS AS UNIDADES, INCLUINDO COLOCAÇÃO DO MEIO SUPORTE NOS FILTROS)","UN ",3,430055.23,{"$f":"I438+(I438*$K$7)","v":485962.41},{"$f":"H438*J438","v":1457887.23},1.1299999999999999]
[null,"7.6.2","INSUMO","IDEAL SAN","COTAÇÃO","CONJUNTO DE PRÉ-TRATAMENTO, CONSTITUÍDO POR UM MEDIDOR DE VAZÃO TIPO CALHA PARSHALL W=3\" FABRICADA EM PRFV COM ESCALA METRICA PARA MEDIÇÃO DA VAZÃO NA ESTRUTURA DA UNIDADE; STOP-LOG E ANTEPAROS PARA MANOBRAS DOS CANAIS DE SEDIMENTAÇÃO DE AREIA.","UN ",1,6352.13,7177.91,7177.91,1.1299999999999999]
[null,"7.6.3","INSUMO","IDEAL SAN","COTAÇÃO","CAIXA SEPARADORA DE AREIA COM COMPARTIMENTO DE SEDIMENTAÇÃO E DE DISTRIBUIÇÃO, MODELO BIODIG CAD.FT 800, FABRICADA EM PRFV - EXCLUSIVAMENTE PELA FIBRA TÉCNICA, INCLUINDO PONTO DE DESCARTE DO MATERIAL SEDIMENTADO COM REGISTRO TIPO GAVETA COM VOLANTE FORNECIMENTO, TRANSPORTE, MONTAGEM NO LOCAL E TESTE.","UN ",1,8683.92,9812.83,9812.83,1.1299999999999999]
[null,"7.6.4","INSUMO","IDEAL SAN","COTAÇÃO","BARRILETE DE INTERLIGAÇÃO DOS REATORES HÍBRIDOS E TUBULAÇÕES DE LANÇAMENTO NOS LEITOS DE SECAGEM E LAGOA DE MATURAÇÃO, CONSTITUÍDOS POR TUBOS E CONEXÕES EM RPVC, FLANGES E VÁLVULAS.","UN ",1,114820.77,129747.47,129747.47,1.1299999999999999]
[null,"7.6.5","INSUMO","SINAPI",38052,"TUBO DRENO, CORRUGADO, ESPIRALADO, FLEXIVEL, PERFURADO, EM POLIETILENO DE ALTA DENSIDADE (PEAD), DN 100 MM, (4\") PARA DRENAGEM - EM ROLO (NORMA DNIT 093/2006 - E.M)                                                                                                                                                                                                                                                                                                                                      ","M     ",35.4,4.58,5.18,183.37,1.1301000000000001]
[null,"7.6.6","INSUMO","SEINFRA","I3180","TUBO PVC CORRUGADO E PERFURADO DN 100","M",10.5,25.51,28.83,302.72000000000003,1.1298999999999999]
[null,"7.6.7","INSUMO","SINAPI",7258,"TIJOLO CERAMICO MACICO *5 X 10 X 20* CM                                                                                                                                                                                                                                                                                                                                                                                                                                                                   ","UN    ",4597,0.23,0.26,1195.22,1.1429]
[null,8,"ESTAÇÃO DE TRATAMENTO DE ESGOTOS (SBPD E SBCE)",{"$nulls":4},"Custo Total dos Serviços (R$)",null,null,{"$f":"SUM(K446,K452,K456,K464,K469)","v":4402845.8099999996}]
[null,"8.1","SERVIÇOS PRELIMINARES ",{"$nulls":7},{"$f":"SUM(K447:K451)","v":24475.5}]
[null,"8.1.1","SERVIÇO","SINAPI","73859/2","CAPINA E LIMPEZA MANUAL DE TERRENO","M²",3000,1.01,{"$f":"I447+(I447*$I$7)","v":1.26},{"$f":"H447*J447","v":3780},1.246]
[null,"8.1.2","SERVIÇO","SINAPI",73672,"DESMATAMENTO E LIMPEZA MECANIZADA DE TERRENO COM ARVORES ATE Ø 15CM, UTILIZANDO TRATOR DE ESTEIRAS","M²",18000,0.28999999999999998,0.36,{"$f":"H448*J448","v":6480},1.25]
[null,"8.1.3","SERVIÇO","SINAPI",72898,"CARGA E DESCARGA MECANIZADAS DE ENTULHO EM CAMINHAO BASCULANTE 6 M3","M³",1950,3.25,4.05,{"$f":"H449*J449","v":7897.5},1.2450000000000001]
[null,"8.1.4","SERVIÇO","SINAPI",97912,"TRANSPORTE COM CAMINHÃO BASCULANTE DE 6 M3, EM VIA URBANA EM LEITO NATURAL (UNIDADE: M3XKM). AF_01/2018","M³XKM",1950,1.84,2.29,{"$f":"H450*J450","v":4465.5},1.2444999999999999]
[null,"8.1.5","SERVIÇO","SINAPI",83344,"ESPALHAMENTO DE MATERIAL EM BOTA FORA, COM UTILIZACAO DE TRATOR DE ESTEIRAS DE 165 HP","M³",1950,0.76,0.95,{"$f":"H451*J451","v":1852.5},1.2446999999999999]
[null,"8.2","LAGOA DE MATURAÇÃO",{"$nulls":7},{"$f":"SUM(K453:K455)","v":20740.650000000001}]
[null,"8.2.1","SERVIÇO","SINAPI",73665,"ESCADA TIPO MARINHEIRO EM ACO CA-50 9,52MM INCLUSO PINTURA COM FUNDO ANTICORROSIVO TIPO ZARCAO","M",12,49,{"$f":"I453+(I453*$I$7)","v":61.01},{"$f":"H453*J453","v":732.12},1.2450000000000001]
[null,"8.2.2","SERVIÇO","SINAPI",96920,"ARGAMASSA TRAÇO 1:3 (CIMENTO E AREIA), PREPARO MECANICO , INCLUSO ADITIVO IMPERMEABILIZANTE","M³",9.75,369.29,459.77,{"$f":"H454*J454","v":4482.76},1.2450000000000001]
[null,"8.2.3","SERVIÇO","ORSE",2341,"IMPERMEABILIZAÇAO FLEXÍVEL, BASE ACRÍLICA, TIPO IGOLFLEX BRANCO SIKA OU SIMIL AR, P/LAJES, CALHAS, VARANDAS, TERRAÇOS E COBERTURAS DE RESERVATORIOS","M²",337.37,36.96,46.02,{"$f":"H455*J455","v":15525.77},1.2448999999999999]
[null,"8.3","LEITO DE SECAGEM, BASES PARA OS RAFAS/FILTROS E CAIXAS DIVERSAS",{"$nulls":7},{"$f":"SUM(K457:K463)","v":15477.39}]
[null,"8.3.1","SERVIÇO","ORSE",3345,"CONCRETO SIMPLES USINADO FCK=40MPA, BOMBEADO, LANÇADO E ADENSADO EM SUPERESTR UTURA","M³",9.51,255.27,{"$f":"I457+(I457*$I$7)","v":317.81},{"$f":"H457*J457","v":3022.37},1.2450000000000001]
[null,"8.3.2","SERVIÇO","ORSE",3366,"FORMA PLANA PARA ESTRUTURAS, EM COMPENSADO PLASTIFICADO DE 12MM, 07 USOS, INC LUSIVE ESCORAMENTO - REVISADA 07.2015","M²",104.56,30.39,37.840000000000003,3956.55,1.2450000000000001]
[null,"8.3.3","SERVIÇO","SINAPI",92791,"CORTE E DOBRA DE AÇO CA-60, DIÂMETRO DE 5,0 MM, UTILIZADO EM ESTRUTURAS DIVERSAS, EXCETO LAJES. AF_12/2015, CONFORME QUANTITATIVOS DO PROJETO ESTRUTURAL","KG",285.3,5.19,6.46,1843.04,1.2445999999999999]
[null,"8.3.4","SERVIÇO","SINAPI",92794,"CORTE E DOBRA DE AÇO CA-50, DIÂMETRO DE 10,0 MM, UTILIZADO EM ESTRUTURAS DIVERSAS, EXCETO LAJES. AF_12/2015, CONFORME QUANTITATIVOS DO PROJETO ESTRUTURAL","KG",95.1,4.25,5.29,503.08,1.2457]
[null,"8.3.5","SERVIÇO","SEINFRA","C0823","COMPORTA EM FIBRA, CALHA EM ALUMÍNIO","M²",0.69,332.27,413.68,285.44,1.2450000000000001]
[null,"8.3.6","SERVIÇO","CODEVASF","COMPOSIÇÃO","CAMADA DRENANTE DE BRITA Nº 2 PARA LEITO DE SECAGEM","M³",42.48,51.21,63.76,2708.52,1.2448999999999999]
[null,"8.3.7","SERVIÇO","CODEVASF","COMPOSIÇÃO","CAMADA DRENANTE DE AREIA GROSSA PARA LEITO DE SECAGEM","M³",42.48,59.72,74.349999999999994,3158.39,1.2451000000000001]
[null,"8.4","URBANIZAÇÃO",{"$nulls":7},{"$f":"SUM(K465:K468)","v":71115.399999999994}]
[null,"8.4.1","SERVIÇO","SINAPI","74142/4","CERCA COM MOUROES DE CONCRETO, SECAO \"T\" PONTA INCLINADA, 10X10CM, ESPACAMENTO DE 3M, CRAVADOS 0,5M, COM 11 FIOS DE ARAME FARPADO Nº 16","M",1000,42.46,{"$f":"I465+(I465*$I$7)","v":52.86},{"$f":"H465*J465","v":52860},1.2450000000000001]
[null,"8.4.2","SERVIÇO","SEINFRA","C2904","PORTÃO DE TUBO DE AÇO GALVANIZADO DE 2\" (4X2)m, INCL.. PILARES DE SUSTENTAÇÃO","UN",1,1951.34,2429.42,{"$f":"H466*J466","v":2429.42},1.2450000000000001]
[null,"8.4.3","SERVIÇO","SINAPI",68054,"PORTAO DE FERRO EM CHAPA GALVANIZADA PLANA 14 GSG, PARA PEDESTRE","M²",6.2,187,232.82,{"$f":"H467*J467","v":1443.48},1.2450000000000001]
[null,"8.4.4","SERVIÇO","SINAPI",98510,"PLANTIO DE ÁRVORE ORNAMENTAL COM ALTURA DE MUDA MENOR OU IGUAL A 2,00 M. AF_05/2018","UN",250,46.21,57.53,{"$f":"H468*J468","v":14382.5},1.2450000000000001]
[null,"8.5","RELAÇÃO DE MATERIAIS E EQUIPAMENTOS PARA ETE  (SBPD E SBCE)",{"$nulls":7},{"$f":"SUM(K470:K476)","v":4271036.87}]
[null,"8.5.1","INSUMO","IDEAL SAN","COTAÇÃO","DIGESTOR E FILTRO ANAERÓBIOS EM FIBRA DE VIDRO, DE FORMA CILÍNDRICA CONSTITUÍDO POR CILÍNDRO INTERNO (DIGESTOR) E ANEL EXTERNO(FILTRO) COM 5,20M DE ALTURA E DIÂMETRO TOTAL DE 7,00M, SENDO 5,00M O DIÂMETRO DO DIGESTOR E  1,00M A LARGURA DA FAIXA QUE CONSTITUÍ O FILTRO, TOTALIZANDO UMA ÁREA EM CHAPAS DE FIBRA DE VIDRO DE 390,00M². FORNECIMENTO, TRANSPORTE, MONTAGEM NO LOCAL E TESTE (MOTAGEM E INTERLIGAÇÃO DE TODAS AS UNIDADES, INCLUINDO COLOCAÇÃO DO MEIO SUPORTE NOS FILTROS)","UN ",8,430055.23,{"$f":"I470+(I470*$K$7)","v":485962.41},{"$f":"H470*J470","v":3887699.28},1.1299999999999999]
[null,"8.5.2","INSUMO","IDEAL SAN","COTAÇÃO","CONJUNTO DE PRÉ-TRATAMENTO, CONSTITUÍDO POR UM MEDIDOR DE VAZÃO TIPO CALHA PARSHALL W=3\" FABRICADA EM PRFV COM ESCALA METRICA PARA MEDIÇÃO DA VAZÃO NA ESTRUTURA DA UNIDADE; STOP-LOG E ANTEPAROS PARA MANOBRAS DOS CANAIS DE SEDIMENTAÇÃO DE AREIA.","UN ",2,6352.13,7177.91,14355.82,1.1299999999999999]
[null,"8.5.3","INSUMO","IDEAL SAN","COTAÇÃO","CAIXA SEPARADORA DE AREIA COM COMPARTIMENTO DE SEDIMENTAÇÃO E DE DISTRIBUIÇÃO, MODELO BIODIG CAD.FT 800, FABRICADA EM PRFV - EXCLUSIVAMENTE PELA FIBRA TÉCNICA, INCLUINDO PONTO DE DESCARTE DO MATERIAL SEDIMENTADO COM REGISTRO TIPO GAVETA COM VOLANTE FORNECIMENTO, TRANSPORTE, MONTAGEM NO LOCAL E TESTE.","UN ",2,8683.92,9812.83,19625.66,1.1299999999999999]
[null,"8.5.4","INSUMO","IDEAL SAN","COTAÇÃO","BARRILETE DE INTERLIGAÇÃO DOS REATORES HÍBRIDOS E TUBULAÇÕES DE LANÇAMENTO NOS LEITOS DE SECAGEM E LAGOA DE MATURAÇÃO, CONSTITUÍDOS POR TUBOS E CONEXÕES EM RPVC, FLANGES E VÁLVULAS.","UN ",2,153094.35,172996.62,345993.24,1.1299999999999999]
[null,"8.5.5","INSUMO","SINAPI",38052,"TUBO DRENO, CORRUGADO, ESPIRALADO, FLEXIVEL, PERFURADO, EM POLIETILENO DE ALTA DENSIDADE (PEAD), DN 100 MM, (4\") PARA DRENAGEM - EM ROLO (NORMA DNIT 093/2006 - E.M)                                                                                                                                                                                                                                                                                                                                      ","M     ",70.8,4.58,5.18,366.74,1.1301000000000001]
[null,"8.5.6","INSUMO","SEINFRA","I3180","TUBO PVC CORRUGADO E PERFURADO DN 100","M",21,25.51,28.83,605.42999999999995,1.1298999999999999]
[null,"8.5.7","INSUMO","SINAPI",7258,"TIJOLO CERAMICO MACICO *5 X 10 X 20* CM                                                                                                                                                                                                                                                                                                                                                                                                                                                                   ","UN    ",9195,0.23,0.26,2390.6999999999998,1.1429]
[null,9,"INSTALAÇÕES ELÉTRICAS (EEE-01, EEE-02, EEE-04, ETE-01, ETE-02)",{"$nulls":4},"Custo Total dos Serviços (R$)",null,null,{"$f":"SUM(K478,K483,K488,K491,K494)","v":355747.11}]
[null,"9.1","SERVIÇOS E MATERIAIS PARA SISTEMA ELÉTRICO DA EEE-01 (SBCE) E EEE-04 (SBFD)",{"$nulls":7},{"$f":"SUM(K479:K482)","v":133211.06}]
[null,"9.1.1","INSUMO","CODEVASF","ELE01","FORNECIMENTO DOS MATERIAIS PARA O SISTEMA ELÉTRICO DE UMA EEE","UN",2,53554.11,{"$f":"I479+(I479*$K$7)","v":60516.14},{"$f":"H479*J479","v":121032.28},1.1299999999999999]
[null,"9.1.2","SERVIÇO","CODEVASF","ELE02","SERVIÇO PARA INSTALAÇÃO DOS MATERIAIS ELÉTRICOS DE UMA EEE","UN ",2,2818.8,{"$f":"I480+(I480*$I$7)","v":3509.41},{"$f":"H480*J480","v":7018.82},1.2450000000000001]
[null,"9.1.3","SERVIÇO","ORSE",11137,"ENTRADA DE ENERGIA ELÉTRICA TRIFÁSICA DEMANDA ENTRE 19 E 26,6 KW","UN",2,1043.9000000000001,1299.6600000000001,{"$f":"H481*J481","v":2599.3200000000002},1.2450000000000001]
[null,"9.1.4","SERVIÇO","CODEVASF","ELE03","COMISSIONAMENTO E STARTUP PARA CADA EEE","UN ",2,1028.3699999999999,1280.32,{"$f":"H482*J482","v":2560.64},1.2450000000000001]
[null,"9.2","SERVIÇOS E MATERIAIS PARA SISTEMA ELÉTRICO DA EEE-02 (SBPD)",{"$nulls":7},{"$f":"SUM(K484:K487)","v":66730.929999999993}]
[null,"9.2.1","INSUMO","CODEVASF","ELE04","FORNECIMENTO DOS MATERIAIS PARA O SISTEMA ELÉTRICO DA EEE-02","UN",1,53665.08,{"$f":"I484+(I484*$K$7)","v":60641.54},{"$f":"H484*J484","v":60641.54},1.1299999999999999]
[null,"9.2.2","SERVIÇO","CODEVASF","ELE05","SERVIÇO PARA INSTALAÇÃO DOS MATERIAIS ELÉTRICOS DA EEE-02","UN ",1,2818.8,{"$f":"I485+(I485*$I$7)","v":3509.41},{"$f":"H485*J485","v":3509.41},1.2450000000000001]
[null,"9.2.3","SERVIÇO","ORSE",11137,"ENTRADA DE ENERGIA ELÉTRICA TRIFÁSICA DEMANDA ENTRE 19 E 26,6 KW","UN",1,1043.9000000000001,1299.6600000000001,{"$f":"H486*J486","v":1299.6600000000001},1.2450000000000001]
[null,"9.2.4","SERVIÇO","CODEVASF","ELE06","COMISSIONAMENTO E STARTUP PARA EEE-02","UN ",1,1028.3699999999999,1280.32,{"$f":"H487*J487","v":1280.32},1.2450000000000001]
[null,"9.3","SERVIÇOS E MATERIAIS PARA SISTEMA ELÉTRICO ETE (SBPD E SBCE)",{"$nulls":7},{"$f":"SUM(K489:K490)","v":86241.76}]
[null,"9.3.1","INSUMO","ORSE",10605,"KIT SOLAR P/ ILUMINAÇÃO HT-012 US35.115.160-6 COM POSTE DE AÇO GALV.DE 6M, PA INEL SOLAR MONOCRISTALINO 135W/24V, 2 BATERIAS 80AH/12V SELADAS DE CHUMBO-ÁCI DO, LÂMPADA LED 40W/24V/3360LM, CONTROLE INTELIGENTE 10A/12V/24V","UN",14,5209.67,{"$f":"I489+(I489*$K$7)","v":5886.93},{"$f":"H489*J489","v":82417.02},1.1299999999999999]
[null,"9.3.2","SERVIÇO","CODEVASF","ELE07","SERVIÇO PARA INSTALAÇÃO DOS MATERIAIS ELÉTRICOS DA ETE SBPD E SBCE","UN ",1,3072.08,{"$f":"I490+(I490*$I$7)","v":3824.74},{"$f":"H490*J490","v":3824.74},1.2450000000000001]
[null,"9.4","SERVIÇOS E MATERIAIS PARA SISTEMA ELÉTRICO ETE (SBFD)",{"$nulls":7},{"$f":"SUM(K492:K493)","v":55958.97}]
[null,"9.4.1","INSUMO","ORSE",10605,"KIT SOLAR P/ ILUMINAÇÃO HT-012 US35.115.160-6 COM POSTE DE AÇO GALV.DE 6M, PA INEL SOLAR MONOCRISTALINO 135W/24V, 2 BATERIAS 80AH/12V SELADAS DE CHUMBO-ÁCI DO, LÂMPADA LED 40W/24V/3360LM, CONTROLE INTELIGENTE 10A/12V/24V","UN",9,5209.67,{"$f":"I492+(I492*$K$7)","v":5886.93},{"$f":"H492*J492","v":52982.37},1.1299999999999999]
[null,"9.4.2","SERVIÇO","CODEVASF","ELE08","SERVIÇO PARA INSTALAÇÃO DOS MATERIAIS ELÉTRICOS DA ETE SBFD","UN ",1,2390.84,{"$f":"I493+(I493*$I$7)","v":2976.6},{"$f":"H493*J493","v":2976.6},1.2450000000000001]
[null,"9.5","SERVIÇOS E MATERIAIS PARA PROJETO E CONSTRUÇÃO DA EXTENSÃO DE REDE BT PARA EEE-04 (SBFD)",{"$nulls":7},{"$f":"SUM(K495:K497)","v":13604.39}]
[null,"9.5.1","INSUMO","CODEVASF","ELE09","FORNECIMENTO DOS MATERIAIS PARA EXTENSÃO DE REDE BT PARA PARA A EEE-04","KM",0.3,28866.34,{"$f":"I495+(I495*$K$7)","v":32618.959999999999},{"$f":"H495*J495","v":9785.69},1.1299999999999999]
[null,"9.5.2","SERVIÇO","CODEVASF","ELE10","SERVIÇO PARA PROJETO DA EXTENSÃO DE REDE BT PARA EEE-04","UN ",1,942.69,{"$f":"I496+(I496*$I$7)","v":1173.6500000000001},{"$f":"H496*J496","v":1173.6500000000001},1.2450000000000001]
[null,"9.5.3","SERVIÇO","ORSE","ELE11","SERVIÇO PARA EXECUÇÃO DA EXTENSÃO DE REDE BT PARA EEE-04","UN ",1,2124.54,2645.05,{"$f":"H497*J497","v":2645.05},1.2450000000000001]
[null,10,"ELABORAÇÃO DOS PROJETOS EXECUTIVOS HIDRÁULICO, ELÉTRICO, ESTRUTURAL E SONDAGENS",{"$nulls":4},"Custo Total dos Serviços (R$)",null,null,{"$f":"SUM(K504,K499)","v":58639.85}]
[null,"10.1","PROJETOS",{"$nulls":7},{"$f":"SUM(K500:K503)","v":40854.589999999997}]
[null,"10.1.1","SERVIÇO","CODEVASF","COMPOSIÇÃO","ELABORAÇÃO DO PROJETO ESTRUTURAL","UN ",1,9742.3799999999992,{"$f":"I500+(I500*$I$7)","v":12129.26},{"$f":"H500*J500","v":12129.26},1.2450000000000001]
[null,"10.1.2","SERVIÇO","CODEVASF","COMPOSIÇÃO","ELABORAÇÃO DO PROJETO ELÉTRICO","UN ",1,7541.51,9389.18,{"$f":"H501*J501","v":9389.18},1.2450000000000001]
[null,"10.1.3","SERVIÇO","CODEVASF","COMPOSIÇÃO","ELABORAÇÃO DO PROJETO HIDRÁULICO  E RELATÓRIOS","UN ",1,10363.780000000001,12902.91,{"$f":"H502*J502","v":12902.91},1.2450000000000001]
[null,"10.1.4","SERVIÇO","CODEVASF","COMPOSIÇÃO","ELABORAÇÃO DE PLANILHAS ORÇAMENTÁRIAS","UN ",1,5167.26,6433.24,{"$f":"H503*J503","v":6433.24},1.2450000000000001]
[null,"10.2","SERVIÇOS DE SONDAGEM",{"$nulls":7},{"$f":"SUM(K505:K509)","v":17785.259999999998}]
[null,"10.2.1","SERVIÇO","CODEVASF","COMPOSIÇÃO","SONDAGEM A TRADO (4\")","M",195,39.67,{"$f":"I505+(I505*$I$7)","v":49.39},{"$f":"H505*J505","v":9631.0499999999993},1.2450000000000001]
[null,"10.2.2","SERVIÇO","CODEVASF","COMPOSIÇÃO","MOBILIZAÇÃO E DESMOBILIZAÇÃO DE EQUIPAMENTOS PARA SONDAGEM A PERCUSSÃO","UN ",1,475.03,591.41,{"$f":"H506*J506","v":591.41},1.2450000000000001]
[null,"10.2.3","SERVIÇO","CODEVASF","COMPOSIÇÃO","SONDAGEM À PERCUSSÃO COM SPT","M",80,41.66,51.87,{"$f":"H507*J507","v":4149.6000000000004},1.2448999999999999]
[null,"10.2.4","SERVIÇO","CODEVASF","COMPOSIÇÃO","DESLOCAMENTO E INSTALAÇÃO DE EQUIPAMENTO 0 A 200 METROS","UN ",4,328.97,409.57,{"$f":"H508*J508","v":1638.28},1.2450000000000001]
[null,"10.2.5","SERVIÇO","CODEVASF","COMPOSIÇÃO","DESLOCAMENTO E INSTALAÇÃO DE EQUIPAMENTO ACIMA DE 500 METROS","UN ",2,712.82,887.46,{"$f":"H509*J509","v":1774.92},1.2450000000000001]
[{"$nulls":7},"TOTAL GERAL DOS SERVIÇOS:",null,null,{"$f":"SUM(K498,K477,K445,K386,K306,K225,K145,K98,K17,K10)","v":12847349.26}]

{"sheet":"CPU COMPLETA","index":1,"n_rows":825,"n_cols":7,"rows_kept":825,"cut":false,"hidden":true,"merged":[]}
["IDEAL SAN","COTAÇÃO","DIGESTOR E FILTRO ANAERÓBIOS EM FIBRA DE VIDRO, DE FORMA CILÍNDRICA CONSTITUÍDO POR CILÍNDRO INTERNO (DIGESTOR) E ANEL EXTERNO(FILTRO) COM 5,20M DE ALTURA E DIÂMETRO TOTAL DE 7,00M, SENDO 5,00M O DIÂMETRO DO DIGESTOR E  1,00M A LARGURA DA FAIXA QUE CONSTITUÍ O FILTRO, TOTALIZANDO UMA ÁREA EM CHAPAS DE FIBRA DE VIDRO DE 390,00M². FORNECIMENTO, TRANSPORTE, MONTAGEM NO LOCAL E TESTE (MOTAGEM E INTERLIGAÇÃO DE TODAS AS UNIDADES, INCLUINDO COLOCAÇÃO DO MEIO SUPORTE NOS FILTROS)","UN ",11]
[]
["CODEVASF","COMPOSIÇÃO","CAIXA DE PASSAGEM EM ANEL CONCRETO ARMADO PRÉ-MOLD. DN = 0,60 PROF. H = 0,60 MC/TAMPA EM CONCRETO ARMADO","UN ",2500]
[null,null,"ANEL DE CONCRETO ARMADO, D = 0,60 M, H = 0,30 M                                                                                                                                                                                                                                                                                                                                                                                                                                                           ","UN    ",1,"38,49",38.49]
[null,null,"ANEL DE CONCRETO ARMADO, D = 0,60 M, H = 0,10 M                                                                                                                                                                                                                                                                                                                                                                                                                                                           ","UN    ",3,"25,95",77.849999999999994]
[null,null,"ARGAMASSA TRAÇO 1:4 (CIMENTO E AREIA MÉDIA), PREPARO MECÂNICO COM BETONEIRA 400 L. AF_08/2014","M³",6.0000000000000001E-3,"317,41",1.9]
[null,null,"CONCRETO USINADO FCK=10 MPA","M³",1.2999999999999999E-2,236,3.07]
[null,null,"CONCRETO USINADO FCK=15 MPA","M³",1.2999999999999999E-2,242,3.15]
[null,null,"ARAME RECOZIDO 18 BWG, 1,25 MM (0,01 KG/M)                                                                                                                                                                                                                                                                                                                                                                                                                                                                ","KG    ",0.05,"9,65",0.48]
[null,null,"ACO CA-25, 6,3 MM, VERGALHAO                                                                                                                                                                                                                                                                                                                                                                                                                                                                              ","KG    ",1.2,"4,47",5.36]
[null,null,"PREGO DE ACO POLIDO COM CABECA 18 X 30 (2 3/4 X 10)                                                                                                                                                                                                                                                                                                                                                                                                                                                       ","KG    ",0.05,"11,39",0.56999999999999995]
[null,null,"TABUA MADEIRA 2A QUALIDADE 2,5 X 30,0CM (1 X 12\") NAO APARELHADA                                                                                                                                                                                                                                                                                                                                                                                                                                          ","M     ",0.4,"7,93",3.17]
[null,null,"ESCAVAÇÃO MANUAL DE VALA COM PROFUNDIDADE MENOR OU IGUAL A 1,30 M. AF_03/2016","M³",0.17,"62,70",10.66]
[null,null,"PEDREIRO                                                                                                                                                                                                                                                                                                                                                                                                                                                                                                  ","H     ",1.25,"14,74",18.43]
[null,null,"SERVENTE DE OBRAS                                                                                                                                                                                                                                                                                                                                                                                                                                                                                         ","H     ",1.25,"11,09",13.86]
[]
["CODEVASF","COMPOSIÇÃO","ADMINISTRAÇÃO LOCAL E MANUTENÇÃO DE CANTEIRO DE OBRAS","UN ",1]
[null,null,"ENGENHEIRO CIVIL DE OBRA JUNIOR (MENSALISTA)                                                                                                                                                                                                                                                                                                                                                                                                                                                              ","MES   ",0.25,"14.018,98",3504.75]
[null,null,"ENCARREGADO GERAL DE OBRAS (MENSALISTA)                                                                                                                                                                                                                                                                                                                                                                                                                                                                   ","MES   ",1,"5.999,47",5999.47]
[null,null,"TÉCNICO DE SEGURANÇA","MÊS",0.5,3215.04,1607.52]
[null,null,"VIGIA NOTURNO, HORA EFETIVAMENTE TRABALHADA DE 22 H AS 5 H (COM ADICIONAL NOTURNO)                                                                                                                                                                                                                                                                                                                                                                                                                        ","H     ",154,"14,24",2192.96]
[null,null,"VIGIA DIURNO                                                                                                                                                                                                                                                                                                                                                                                                                                                                                              ","H     ",88,"11,55",1016.4]
[null,null,"MEDICAMENTOS PRIMEIROS SOCORROS","MÊS",1,29.75,29.75]
[null,null,"MATERIAL DE LIMPEZA","MÊS",1,75.31,75.31]
[null,null,"KIT BÁSICO DE EPI - FARDAMENTO, BOTA DE COURO, CAPACETE, LUVA RASPA, ÓCULOS,  MÁSCARA FILTRO PAPEL, FILTRO SOLAR FPS30 (CUSTO MENSAL)","UN",2,128.87,257.74]
[null,null,"ENERGIA ELETRICA COMERCIAL, BAIXA TENSAO, RELATIVA AO CONSUMO DE ATE 100 KWH, INCLUINDO ICMS, PIS/PASEP E COFINS                                                                                                                                                                                                                                                                                                                                                                                          ","KW/H  ",300,"0,52",156]
[null,null,"TARIFA \"A\" ENTRE  0 E 20M3 FORNECIMENTO D'AGUA                                                                                                                                                                                                                                                                                                                                                                                                                                                            ","M³    ",2,"9,83",19.66]
[null,null,"MATERIAL DE ESCRITÓRIO","MÊS",1,30,30]
[null,null,"INTERNET","UNxMÊS",1,130,130]
[]
["IDEAL SAN","COTAÇÃO","BARRILETE DE INTERLIGAÇÃO DOS REATORES HÍBRIDOS E TUBULAÇÕES DE LANÇAMENTO NOS LEITOS DE SECAGEM E LAGOA DE MATURAÇÃO, CONSTITUÍDOS POR TUBOS E CONEXÕES EM RPVC, FLANGES E VÁLVULAS.","UN ",2]
[]
["SINAPI",87702,"CONTRAPISO EM ARGAMASSA TRAÇO 1:4 (CIMENTO E AREIA), PREPARO MANUAL, APLICADO EM ÁREAS SECAS SOBRE LAJE, NÃO ADERIDO, ESPESSURA 6CM. AF_06/2014","M²",7804.5]
[null,null,"ARGAMASSA TRAÇO 1:4 (CIMENTO E AREIA MÉDIA) PARA CONTRAPISO, PREPARO MANUAL. AF_06/2014","M3","0,0661000","452,22","29,89"]
[null,null,"PEDREIRO COM ENCARGOS COMPLEMENTARES","H","0,3700000","19,57","7,24"]
[null,null,"SERVENTE COM ENCARGOS COMPLEMENTARES","H","0,1850000","15,85","2,93"]
[]
["ORSE",4503,"ESCAVAÇÃO MANUAL DE VALA OU CAVA EM MATERIAL DE 3ª CATEGORIA, PROFUNDIDADE AT É 4,00 M, COM USO DE EXPLOSIVOS E PERFURAÇÃO MECÂNICA","M³",1157.21]
[]
["SINAPI",93378,"REATERRO MECANIZADO DE VALA COM RETROESCAVADEIRA (CAPACIDADE DA CAÇAMBA DA RETRO: 0,26 M³ / POTÊNCIA: 88 HP), LARGURA ATÉ 0,8 M, PROFUNDIDADE ATÉ 1,5 M, COM SOLO (SEM SUBSTITUIÇÃO) DE 1ª CATEGORIA EM LOCAIS COM BAIXO NÍVEL DE INTERFERÊNCIA. AF_04/2016","M³",10896.39]
[null,null,"RETROESCAVADEIRA SOBRE RODAS COM CARREGADEIRA, TRAÇÃO 4X4, POTÊNCIA LÍQ. 88 HP, CAÇAMBA CARREG. CAP. MÍN. 1 M3, CAÇAMBA RETRO CAP. 0,26 M3, PESO OPERACIONAL MÍN. 6.674 KG, PROFUNDIDADE ESCAVAÇÃO MÁX. 4,37 M - CHP DIURNO. AF_06/2014","CHP","0,0410000","114,98","4,71"]
[null,null,"RETROESCAVADEIRA SOBRE RODAS COM CARREGADEIRA, TRAÇÃO 4X4, POTÊNCIA LÍQ. 88 HP, CAÇAMBA CARREG. CAP. MÍN. 1 M3, CAÇAMBA RETRO CAP. 0,26 M3, PESO OPERACIONAL MÍN. 6.674 KG, PROFUNDIDADE ESCAVAÇÃO MÁX. 4,37 M - CHI DIURNO. AF_06/2014","CHI","0,0540000","55,33","2,98"]
[null,null,"SERVENTE COM ENCARGOS COMPLEMENTARES","H","0,0420000","15,85","0,66"]
[null,null,"COMPACTADOR DE SOLOS DE PERCUSSÃO (SOQUETE) COM MOTOR A GASOLINA 4 TEMPOS, POTÊNCIA 4 CV - CHP DIURNO. AF_08/2015","CHP","0,2050000","37,70","7,72"]
[null,null,"COMPACTADOR DE SOLOS DE PERCUSSÃO (SOQUETE) COM MOTOR A GASOLINA 4 TEMPOS, POTÊNCIA 4 CV - CHI DIURNO. AF_08/2015","CHI","0,1900000","34,23","6,50"]
[null,null,"UMIDIFICAÇÃO DE MATERIAL PARA VALAS COM CAMINHÃO PIPA 10000L. AF_11/2016","M3","1,0000000","1,29","1,29"]
[]
["SINAPI",94342,"ATERRO MANUAL DE VALAS COM AREIA PARA ATERRO E COMPACTAÇÃO MECANIZADA. AF_05/2016","M³",2809.62]
[null,null,"AREIA PARA ATERRO - POSTO JAZIDA/FORNECEDOR (RETIRADO NA JAZIDA, SEM TRANSPORTE)","M3","1,2500000","48,75","60,93"]
[null,null,"CAMINHÃO PIPA 10.000 L TRUCADO, PESO BRUTO TOTAL 23.000 KG, CARGA ÚTIL MÁXIMA 15.935 KG, DISTÂNCIA ENTRE EIXOS 4,8 M, POTÊNCIA 230 CV, INCLUSIVE TANQUE DE AÇO PARA TRANSPORTE DE ÁGUA - CHP DIURNO. AF_06/2014","CHP","0,0060000","171,23","1,02"]
[null,null,"CAMINHÃO PIPA 10.000 L TRUCADO, PESO BRUTO TOTAL 23.000 KG, CARGA ÚTIL MÁXIMA 15.935 KG, DISTÂNCIA ENTRE EIXOS 4,8 M, POTÊNCIA 230 CV, INCLUSIVE TANQUE DE AÇO PARA TRANSPORTE DE ÁGUA - CHI DIURNO. AF_06/2014","CHI","0,0030000","46,48","0,13"]
[null,null,"SERVENTE COM ENCARGOS COMPLEMENTARES","H","0,6590000","15,85","10,44"]
[null,null,"COMPACTADOR DE SOLOS DE PERCUSSÃO (SOQUETE) COM MOTOR A GASOLINA 4 TEMPOS, POTÊNCIA 4 CV - CHP DIURNO. AF_08/2015","CHP","0,2740000","37,70","10,32"]
[null,null,"COMPACTADOR DE SOLOS DE PERCUSSÃO (SOQUETE) COM MOTOR A GASOLINA 4 TEMPOS, POTÊNCIA 4 CV - CHI DIURNO. AF_08/2015","CHI","0,2540000","34,23","8,69"]
[]
["SINAPI",94111,"LASTRO DE VALA COM PREPARO DE FUNDO, LARGURA MENOR QUE 1,5 M, COM CAMADA DE AREIA, LANÇAMENTO MECANIZADO, EM LOCAL COM NÍVEL BAIXO DE INTERFERÊNCIA. AF_06/2016","M³",1812.72]
[null,null,"AREIA MEDIA - POSTO JAZIDA/FORNECEDOR (RETIRADO NA JAZIDA, SEM TRANSPORTE)","M3","1,1000000","55,00","60,50"]
[null,null,"RETROESCAVADEIRA SOBRE RODAS COM CARREGADEIRA, TRAÇÃO 4X4, POTÊNCIA LÍQ. 88 HP, CAÇAMBA CARREG. CAP. MÍN. 1 M3, CAÇAMBA RETRO CAP. 0,26 M3, PESO OPERACIONAL MÍN. 6.674 KG, PROFUNDIDADE ESCAVAÇÃO MÁX. 4,37 M - CHP DIURNO. AF_06/2014","CHP","0,1060000","114,98","12,18"]
[null,null,"RETROESCAVADEIRA SOBRE RODAS COM CARREGADEIRA, TRAÇÃO 4X4, POTÊNCIA LÍQ. 88 HP, CAÇAMBA CARREG. CAP. MÍN. 1 M3, CAÇAMBA RETRO CAP. 0,26 M3, PESO OPERACIONAL MÍN. 6.674 KG, PROFUNDIDADE ESCAVAÇÃO MÁX. 4,37 M - CHI DIURNO. AF_06/2014","CHI","0,5300000","55,33","29,32"]
[null,null,"PEDREIRO COM ENCARGOS COMPLEMENTARES","H","0,7630000","19,57","14,93"]
[null,null,"SERVENTE COM ENCARGOS COMPLEMENTARES","H","1,1440000","15,85","18,13"]
[null,null,"COMPACTADOR DE SOLOS DE PERCUSSÃO (SOQUETE) COM MOTOR A GASOLINA 4 TEMPOS, POTÊNCIA 4 CV - CHP DIURNO. AF_08/2015","CHP","0,0690000","37,70","2,60"]
[null,null,"COMPACTADOR DE SOLOS DE PERCUSSÃO (SOQUETE) COM MOTOR A GASOLINA 4 TEMPOS, POTÊNCIA 4 CV - CHI DIURNO. AF_08/2015","CHI","0,0640000","34,23","2,19"]
[]
["SINAPI",36365,"TUBO COLETOR DE ESGOTO PVC, JEI, DN 100 MM (NBR  7362)                                                                                                                                                                                                                                                                                                                                                                                                                                                    ","M     ",15612]
[]
["SINAPI","73790/4","REASSENTAMENTO DE PARALELEPIPEDO SOBRE COLCHAO DE PO DE PEDRA ESPESSURA 10CM, REJUNTADO COM ARGAMASSA TRACO 1:3 (CIMENTO E AREIA), CONSIDERANDO APROVEITAMENTO DO PARALELEPIPEDO","M²",4406.8]
[null,null,"PO DE PEDRA (POSTO PEDREIRA/FORNECEDOR, SEM FRETE)","M3","0,1000000","52,86","5,28"]
[null,null,"CALCETEIRO COM ENCARGOS COMPLEMENTARES","H","0,4000000","19,45","7,78"]
[null,null,"SERVENTE COM ENCARGOS COMPLEMENTARES","H","1,3000000","15,85","20,60"]
[null,null,"ARGAMASSA TRAÇO 1:0,5:4,5 (CIMENTO, CAL E AREIA MÉDIA), PREPARO MECÂNICO COM BETONEIRA 400 L. AF_08/2014","M3","0,0200000","373,11","7,46"]
[]
["ORSE",3345,"CONCRETO SIMPLES USINADO FCK=40MPA, BOMBEADO, LANÇADO E ADENSADO EM SUPERESTR UTURA","M³",521.79999999999995]
[]
["ORSE",4357,"ESCAVAÇÃO COM PERFURATRIZ EM MATERIAL DE 2ª CATEGORIA","M³",2108.94]
[]
["SINAPI",93358,"ESCAVAÇÃO MANUAL DE VALA COM PROFUNDIDADE MENOR OU IGUAL A 1,30 M. AF_03/2016","M³",2456.1999999999998]
[null,null,"SERVENTE COM ENCARGOS COMPLEMENTARES","H","3,9560000","15,85","62,70"]
[]
["SINAPI",9829,"TUBO PVC DEFOFO, JEI, 1 MPA, DN 200 MM, PARA REDE DE AGUA (NBR 7665)                                                                                                                                                                                                                                                                                                                                                                                                                                      ","M     ",1266]
[]
["ORSE",10605,"KIT SOLAR P/ ILUMINAÇÃO HT-012 US35.115.160-6 COM POSTE DE AÇO GALV.DE 6M, PA INEL SOLAR MONOCRISTALINO 135W/24V, 2 BATERIAS 80AH/12V SELADAS DE CHUMBO-ÁCI DO, LÂMPADA LED 40W/24V/3360LM, CONTROLE INTELIGENTE 10A/12V/24V","UN",23]
[]
["SINAPI",98681,"PISO CIMENTADO, TRAÇO 1:3 (CIMENTO E AREIA), ACABAMENTO RÚSTICO, ESPESSURA 2,0 CM, PREPARO MECÂNICO DA ARGAMASSA. AF_06/2018","M²",5463.15]
[null,null,"JUNTA PLASTICA DE DILATACAO PARA PISOS, COR CINZA, 17 X 3 MM (ALTURA X ESPESSURA)","M","1,6700000","0,87","1,45"]
[null,null,"ARGAMASSA TRAÇO 1:3 (CIMENTO E AREIA MÉDIA) PARA CONTRAPISO, PREPARO MECÂNICO COM BETONEIRA 400 L. AF_06/2014","M3","0,0310000","463,07","14,35"]
[null,null,"PEDREIRO COM ENCARGOS COMPLEMENTARES","H","0,2980000","19,57","5,83"]
[null,null,"SERVENTE COM ENCARGOS COMPLEMENTARES","H","0,1490000","15,85","2,36"]
[]
["IDEAL SAN","COTAÇÃO","BARRILETE DE INTERLIGAÇÃO DOS REATORES HÍBRIDOS E TUBULAÇÕES DE LANÇAMENTO NOS LEITOS DE SECAGEM E LAGOA DE MATURAÇÃO, CONSTITUÍDOS POR TUBOS E CONEXÕES EM RPVC, FLANGES E VÁLVULAS.","UN ",1]
[]
["SINAPI",92791,"CORTE E DOBRA DE AÇO CA-60, DIÂMETRO DE 5,0 MM, UTILIZADO EM ESTRUTURAS DIVERSAS, EXCETO LAJES. AF_12/2015","KG",19620.5]
[null,null,"ACO CA-60, 5,0 MM, VERGALHAO","KG","1,0700000","4,50","4,81"]
[null,null,"AJUDANTE DE ARMADOR COM ENCARGOS COMPLEMENTARES","H","0,0108000","14,94","0,16"]
[null,null,"ARMADOR COM ENCARGOS COMPLEMENTARES","H","0,0769000","19,45","1,49"]
[]
["CODEVASF","COMPOSIÇÃO","VEÍCULO PICK-UP CABINE DUPLA 4X4 (163 CV)","MÊS",24]
[]
["CODEVASF","ELE01","FORNECIMENTO DOS MATERIAIS PARA O SISTEMA ELÉTRICO DE UMA EEE","UN",2]
[]
["SINAPI",41936,"TUBO COLETOR DE ESGOTO, PVC, JEI, DN 150 MM  (NBR 7362)                                                                                                                                                                                                                                                                                                                                                                                                                                                   ","M     ",3492]
[]
["ORSE",2341,"IMPERMEABILIZAÇAO FLEXÍVEL, BASE ACRÍLICA, TIPO IGOLFLEX BRANCO SIKA OU SIMIL AR, P/LAJES, CALHAS, VARANDAS, TERRAÇOS E COBERTURAS DE RESERVATORIOS","M²",2278.37]
[]
["SINAPI",94315,"ATERRO MECANIZADO DE VALA COM RETROESCAVADEIRA (CAPACIDADE DA CAÇAMBA DA RETRO: 0,26 M³ / POTÊNCIA: 88 HP), LARGURA ATÉ 0,8 M, PROFUNDIDADE ATÉ 1,5 M, COM SOLO ARGILO-ARENOSO. AF_05/2016","M³",2284.23]
[null,null,"RETROESCAVADEIRA SOBRE RODAS COM CARREGADEIRA, TRAÇÃO 4X4, POTÊNCIA LÍQ. 88 HP, CAÇAMBA CARREG. CAP. MÍN. 1 M3, CAÇAMBA RETRO CAP. 0,26 M3, PESO OPERACIONAL MÍN. 6.674 KG, PROFUNDIDADE ESCAVAÇÃO MÁX. 4,37 M - CHP DIURNO. AF_06/2014","CHP","0,0410000","114,98","4,71"]
[null,null,"RETROESCAVADEIRA SOBRE RODAS COM CARREGADEIRA, TRAÇÃO 4X4, POTÊNCIA LÍQ. 88 HP, CAÇAMBA CARREG. CAP. MÍN. 1 M3, CAÇAMBA RETRO CAP. 0,26 M3, PESO OPERACIONAL MÍN. 6.674 KG, PROFUNDIDADE ESCAVAÇÃO MÁX. 4,37 M - CHI DIURNO. AF_06/2014","CHI","0,0540000","55,33","2,98"]
[null,null,"CAMINHÃO PIPA 10.000 L TRUCADO, PESO BRUTO TOTAL 23.000 KG, CARGA ÚTIL MÁXIMA 15.935 KG, DISTÂNCIA ENTRE EIXOS 4,8 M, POTÊNCIA 230 CV, INCLUSIVE TANQUE DE AÇO PARA TRANSPORTE DE ÁGUA - CHP DIURNO. AF_06/2014","CHP","0,0060000","171,23","1,02"]
[null,null,"CAMINHÃO PIPA 10.000 L TRUCADO, PESO BRUTO TOTAL 23.000 KG, CARGA ÚTIL MÁXIMA 15.935 KG, DISTÂNCIA ENTRE EIXOS 4,8 M, POTÊNCIA 230 CV, INCLUSIVE TANQUE DE AÇO PARA TRANSPORTE DE ÁGUA - CHI DIURNO. AF_06/2014","CHI","0,0030000","46,48","0,13"]
[null,null,"ARGILA, ARGILA VERMELHA OU ARGILA ARENOSA (RETIRADA NA JAZIDA, SEM TRANSPORTE)","M3","1,2500000","12,25","15,31"]
[null,null,"SERVENTE COM ENCARGOS COMPLEMENTARES","H","0,0520000","15,85","0,82"]
[null,null,"COMPACTADOR DE SOLOS DE PERCUSSÃO (SOQUETE) COM MOTOR A GASOLINA 4 TEMPOS, POTÊNCIA 4 CV - CHP DIURNO. AF_08/2015","CHP","0,2740000","37,70","10,32"]
[null,null,"COMPACTADOR DE SOLOS DE PERCUSSÃO (SOQUETE) COM MOTOR A GASOLINA 4 TEMPOS, POTÊNCIA 4 CV - CHI DIURNO. AF_08/2015","CHI","0,2540000","34,23","8,69"]
[]
["SINAPI",97914,"TRANSPORTE COM CAMINHÃO BASCULANTE DE 6 M3, EM VIA URBANA PAVIMENTADA, DMT ATÉ 30 KM (UNIDADE: M3XKM). AF_01/2018","M³XKM",60364.7]
[null,null,"CAMINHÃO BASCULANTE 6 M3 TOCO, PESO BRUTO TOTAL 16.000 KG, CARGA ÚTIL MÁXIMA 11.130 KG, DISTÂNCIA ENTRE EIXOS 5,36 M, POTÊNCIA 185 CV, INCLUSIVE CAÇAMBA METÁLICA - CHP DIURNO. AF_06/2014","CHP","0,0104200","147,90","1,54"]
[null,null,"CAMINHÃO BASCULANTE 6 M3 TOCO, PESO BRUTO TOTAL 16.000 KG, CARGA ÚTIL MÁXIMA 11.130 KG, DISTÂNCIA ENTRE EIXOS 5,36 M, POTÊNCIA 185 CV, INCLUSIVE CAÇAMBA METÁLICA - CHI DIURNO. AF_06/2014","CHI","0,0026000","44,04","0,11"]
[]
["SINAPI",9537,"LIMPEZA FINAL DA OBRA","M²",38152.800000000003]
[null,null,"ACIDO MURIATICO, DILUICAO 10% A 12% PARA USO EM LIMPEZA","L","0,0500000","4,05","0,20"]
[null,null,"SERVENTE COM ENCARGOS COMPLEMENTARES","H","0,1400000","15,85","2,21"]
[]
["ORSE",3366,"FORMA PLANA PARA ESTRUTURAS, EM COMPENSADO PLASTIFICADO DE 12MM, 07 USOS, INC LUSIVE ESCORAMENTO - REVISADA 07.2015","M²",2404.21]
[]
["SINAPI",93389,"REVESTIMENTO CERÂMICO PARA PISO COM PLACAS TIPO ESMALTADA PADRÃO POPULAR DE DIMENSÕES 35X35 CM APLICADA EM AMBIENTES DE ÁREA MENOR QUE 5 M2. AF_06/2014","M²",2341.35]
[null,null,"PISO EM CERAMICA ESMALTADA, COMERCIAL (PADRAO POPULAR), PEI MAIOR OU IGUAL A 3, FORMATO MENOR OU IGUAL A  2025 CM2","M2","1,0800000","13,19","14,24"]
[null,null,"ARGAMASSA COLANTE AC I PARA CERAMICAS","KG","4,8600000","0,60","2,91"]
[null,null,"REJUNTE COLORIDO, CIMENTICIO","KG","0,2400000","3,82","0,91"]
[null,null,"AZULEJISTA OU LADRILHISTA COM ENCARGOS COMPLEMENTARES","H","0,6400000","22,37","14,31"]
[null,null,"SERVENTE COM ENCARGOS COMPLEMENTARES","H","0,2600000","15,85","4,12"]
[]
["SIGMMA ESCO","COTAÇÃO","CONJUNTO MOTO BOMBA RE-AUTOESCORVANTE ESCO (CÓDIGOHP061504P) OU SIMILAR COM AS SEGUINTES CARACTERÍSTICAS:  CONJUNTO MOTOBOMBA RE-AUTOESCORVANTE ESCO: Q = 90,00 M³/H (25 L/S) , H = 21,06 MCA, POTÊNCIA CALCULADA = 10,80 CV, POTÊNCIA COMERCIAL = 15 CV, 380 V. ESCOPO DE FORNECIMENTO: BOMBA + BASE + CORREIA/POLIAS + VÁLVULA DE ALÍVIO DE AR + MOTOR, CONFORME PROPOSTA FINANCEIRA APRESENTADA.","UN ",2]
[]
["SINAPI","74142/4","CERCA COM MOUROES DE CONCRETO, SECAO \"T\" PONTA INCLINADA, 10X10CM, ESPACAMENTO DE 3M, CRAVADOS 0,5M, COM 11 FIOS DE ARAME FARPADO Nº 16","M",1500]
[null,null,"ARAME FARPADO GALVANIZADO, 16 BWG (1,65 MM), CLASSE 250","M","12,1000000","0,76","9,19"]
[null,null,"ARAME GALVANIZADO 18 BWG, 1,24MM (0,009 KG/M)","KG","0,1100000","14,54","1,59"]
[null,null,"ESCORA PRE-MOLDADA EM CONCRETO, *10 X 10* CM, H = 2,30M","UN","0,0800000","33,05","2,64"]
[null,null,"MOURAO CONCRETO CURVO, SECAO \"T\", H = 2,80 M + CURVA COM 0,45 M, COM FUROS PARA FIOS","UN","0,4000000","41,70","16,68"]
[null,null,"PEDREIRO COM ENCARGOS COMPLEMENTARES","H","0,3000000","19,57","5,87"]
[null,null,"SERVENTE COM ENCARGOS COMPLEMENTARES","H","0,6000000","15,85","9,51"]
[null,null,"CONCRETO MAGRO PARA LASTRO, TRAÇO 1:4,5:4,5 (CIMENTO/ AREIA MÉDIA/ BRITA 1)  - PREPARO MECÂNICO COM BETONEIRA 400 L. AF_07/2016","M3","0,0288000","254,54","7,33"]
[]
["SINAPI",90105,"ESCAVAÇÃO MECANIZADA DE VALA COM PROFUNDIDADE ATÉ 1,5 M (MÉDIA ENTRE MONTANTE E JUSANTE/UMA COMPOSIÇÃO POR TRECHO) COM RETROESCAVADEIRA (CAPACIDADE DA CAÇAMBA DA RETRO: 0,26 M3 / POTÊNCIA: 88 HP), LARGURA MENOR QUE 0,8 M, EM SOLO DE 1A CATEGORIA, LOCAISCOM BAIXO NÍVEL DE INTERFERÊNCIA. AF_01/2015","M³",10033.52]
[null,null,"RETROESCAVADEIRA SOBRE RODAS COM CARREGADEIRA, TRAÇÃO 4X4, POTÊNCIA LÍQ. 88 HP, CAÇAMBA CARREG. CAP. MÍN. 1 M3, CAÇAMBA RETRO CAP. 0,26 M3, PESO OPERACIONAL MÍN. 6.674 KG, PROFUNDIDADE ESCAVAÇÃO MÁX. 4,37 M - CHP DIURNO. AF_06/2014","CHP","0,0355000","114,98","4,08"]
[null,null,"RETROESCAVADEIRA SOBRE RODAS COM CARREGADEIRA, TRAÇÃO 4X4, POTÊNCIA LÍQ. 88 HP, CAÇAMBA CARREG. CAP. MÍN. 1 M3, CAÇAMBA RETRO CAP. 0,26 M3, PESO OPERACIONAL MÍN. 6.674 KG, PROFUNDIDADE ESCAVAÇÃO MÁX. 4,37 M - CHI DIURNO. AF_06/2014","CHI","0,0429000","55,33","2,37"]
[null,null,"SERVENTE COM ENCARGOS COMPLEMENTARES","H","0,0784000","15,85","1,24"]
[]
["SEINFRA","C3475","TRAVESSIA MÉTODO NÃO DESTRUTIVO P/ TUBO 100<DN<=200 (COMPLETO)","M",45]
[]
["ORSE",16,"DEMOLIÇÃO MANUAL DE PISO EM CONCRETO SIMPLES E/OU CIMENTADO","M²",3902.25]
[]
["SINAPI",9828,"TUBO PVC DEFOFO, JEI, 1 MPA, DN 150 MM, PARA REDE DE  AGUA (NBR 7665)                                                                                                                                                                                                                                                                                                                                                                                                                                     ","M     ",1092]
[]
["ORSE",59,"INTERDIÇÃO DE OBRA COM FITA DE SINALIZAÇÃO","M",9861.9]
[]
["ORSE",2600,"REPOSIÇÃO DE PAVIMENTAÇÃO ASFÁLTICA, INCLUINDO PINTURA DE LIGAÇÃO, FORNECIMEN TO E APLICAÇÃO DE CBUQ","M²",1635.4]
[]
["ORSE",11146,"MURO EM ALVENARIA BLOCO CERÂMICO, E= 0,09M, C/ ALV DE PEDRA GRANÍTICA, 0,35 X 0,60M, COLUNAS (9X20CM) E CINTAMENTO (9X15CM) SUPERIOR E INFERIOR CONCRETO AR MADO FCK = 15,0 MPA CADA 3,00M, CHAPISCO E REBOCO","M²",462]
[]
["CODEVASF","ELE04","FORNECIMENTO DOS MATERIAIS PARA O SISTEMA ELÉTRICO DA EEE-02","UN",1]
[]
["SINAPI",92794,"CORTE E DOBRA DE AÇO CA-50, DIÂMETRO DE 10,0 MM, UTILIZADO EM ESTRUTURAS DIVERSAS, EXCETO LAJES. AF_12/2015","KG",10728.2]
[null,null,"ACO CA-50, 10,0 MM, VERGALHAO","KG","1,1100000","4,54","5,03"]
[null,null,"AJUDANTE DE ARMADOR COM ENCARGOS COMPLEMENTARES","H","0,0018000","14,94","0,02"]
[null,null,"ARMADOR COM ENCARGOS COMPLEMENTARES","H","0,0125000","19,45","0,24"]
[]
["SINAPI",94962,"CONCRETO MAGRO PARA LASTRO, TRAÇO 1:4,5:4,5 (CIMENTO/ AREIA MÉDIA/ BRITA 1)  - PREPARO MECÂNICO COM BETONEIRA 400 L. AF_07/2016","M³",210.44]
[null,null,"AREIA MEDIA - POSTO JAZIDA/FORNECEDOR (RETIRADO NA JAZIDA, SEM TRANSPORTE)","M3","0,8590000","55,00","47,24"]
[null,null,"CIMENTO PORTLAND COMPOSTO CP II-32","KG","212,2100000","0,43","91,25"]
[null,null,"PEDRA BRITADA N. 1 (9,5 a 19 MM) POSTO PEDREIRA/FORNECEDOR, SEM FRETE","M3","0,5790000","55,38","32,06"]
[null,null,"SERVENTE COM ENCARGOS COMPLEMENTARES","H","2,4500000","15,85","38,83"]
[null,null,"OPERADOR DE BETONEIRA ESTACIONÁRIA/MISTURADOR COM ENCARGOS COMPLEMENTARES","H","1,5500000","28,44","44,08"]
[null,null,"BETONEIRA CAPACIDADE NOMINAL DE 400 L, CAPACIDADE DE MISTURA 280 L, MOTOR ELÉTRICO TRIFÁSICO POTÊNCIA DE 2 CV, SEM CARREGADOR - CHP DIURNO. AF_10/2014","CHP","0,8000000","1,11","0,88"]
[null,null,"BETONEIRA CAPACIDADE NOMINAL DE 400 L, CAPACIDADE DE MISTURA 280 L, MOTOR ELÉTRICO TRIFÁSICO POTÊNCIA DE 2 CV, SEM CARREGADOR - CHI DIURNO. AF_10/2014","CHI","0,7500000","0,27","0,20"]
[]
["SINAPI",94967,"CONCRETO FCK = 40MPA, TRAÇO 1:1,6:1,9 (CIMENTO/ AREIA MÉDIA/ BRITA 1)  - PREPARO MECÂNICO COM BETONEIRA 400 L. AF_07/2016","M³",145.36000000000001]
[null,null,"AREIA MEDIA - POSTO JAZIDA/FORNECEDOR (RETIRADO NA JAZIDA, SEM TRANSPORTE)","M3","0,7010000","55,00","38,55"]
[null,null,"CIMENTO PORTLAND COMPOSTO CP II-32","KG","486,8500000","0,43","209,34"]
[null,null,"PEDRA BRITADA N. 1 (9,5 a 19 MM) POSTO PEDREIRA/FORNECEDOR, SEM FRETE","M3","0,5610000","55,38","31,06"]
[null,null,"SERVENTE COM ENCARGOS COMPLEMENTARES","H","2,4400000","15,85","38,67"]
[null,null,"OPERADOR DE BETONEIRA ESTACIONÁRIA/MISTURADOR COM ENCARGOS COMPLEMENTARES","H","1,5400000","28,44","43,79"]
[null,null,"BETONEIRA CAPACIDADE NOMINAL DE 400 L, CAPACIDADE DE MISTURA 280 L, MOTOR ELÉTRICO TRIFÁSICO POTÊNCIA DE 2 CV, SEM CARREGADOR - CHP DIURNO. AF_10/2014","CHP","0,7900000","1,11","0,87"]
[null,null,"BETONEIRA CAPACIDADE NOMINAL DE 400 L, CAPACIDADE DE MISTURA 280 L, MOTOR ELÉTRICO TRIFÁSICO POTÊNCIA DE 2 CV, SEM CARREGADOR - CHI DIURNO. AF_10/2014","CHI","0,7500000","0,27","0,20"]
[]
["ORSE",2830,"LIMPEZA E TESTE DE REDES DE ESGOTOS SANITÁRIOS","M",28583]
[]
["SINAPI",97983,"ACRÉSCIMO PARA POÇO DE VISITA CIRCULAR PARA ESGOTO, EM CONCRETO PRÉ-MOLDADO, DIÂMETRO INTERNO = 1 M. AF_05/2018","M",160]
[null,null,"RETROESCAVADEIRA SOBRE RODAS COM CARREGADEIRA, TRAÇÃO 4X4, POTÊNCIA LÍQ. 88 HP, CAÇAMBA CARREG. CAP. MÍN. 1 M3, CAÇAMBA RETRO CAP. 0,26 M3, PESO OPERACIONAL MÍN. 6.674 KG, PROFUNDIDADE ESCAVAÇÃO MÁX. 4,37 M - CHP DIURNO. AF_06/2014","CHP","0,1523000","114,98","17,51"]
[null,null,"RETROESCAVADEIRA SOBRE RODAS COM CARREGADEIRA, TRAÇÃO 4X4, POTÊNCIA LÍQ. 88 HP, CAÇAMBA CARREG. CAP. MÍN. 1 M3, CAÇAMBA RETRO CAP. 0,26 M3, PESO OPERACIONAL MÍN. 6.674 KG, PROFUNDIDADE ESCAVAÇÃO MÁX. 4,37 M - CHI DIURNO. AF_06/2014","CHI","0,5122000","55,33","28,34"]
[null,null,"ANEL DE CONCRETO ARMADO, D = 1,00 M, H = 0,50 M","UN","2,0000000","92,37","184,74"]
[null,null,"PEDREIRO COM ENCARGOS COMPLEMENTARES","H","0,9936000","19,57","19,44"]
[null,null,"SERVENTE COM ENCARGOS COMPLEMENTARES","H","0,9936000","15,85","15,74"]
[null,null,"ARGAMASSA TRAÇO 1:3 (CIMENTO E AREIA), PREPARO MECANICO , INCLUSO ADITIVO IMPERMEABILIZANTE","M3","0,0723000","459,28","33,20"]
[]
["SINAPI",97983,"ACRÉSCIMO PARA POÇO DE VISITA CIRCULAR PARA ESGOTO, EM CONCRETO PRÉ-MOLDADO, DIÂMETRO INTERNO = 1 M. AF_05/2018","M",160]
[null,null,"RETROESCAVADEIRA SOBRE RODAS COM CARREGADEIRA, TRAÇÃO 4X4, POTÊNCIA LÍQ. 88 HP, CAÇAMBA CARREG. CAP. MÍN. 1 M3, CAÇAMBA RETRO CAP. 0,26 M3, PESO OPERACIONAL MÍN. 6.674 KG, PROFUNDIDADE ESCAVAÇÃO MÁX. 4,37 M - CHP DIURNO. AF_06/2014","CHP","0,1523000","114,98","17,51"]
[null,null,"RETROESCAVADEIRA SOBRE RODAS COM CARREGADEIRA, TRAÇÃO 4X4, POTÊNCIA LÍQ. 88 HP, CAÇAMBA CARREG. CAP. MÍN. 1 M3, CAÇAMBA RETRO CAP. 0,26 M3, PESO OPERACIONAL MÍN. 6.674 KG, PROFUNDIDADE ESCAVAÇÃO MÁX. 4,37 M - CHI DIURNO. AF_06/2014","CHI","0,5122000","55,33","28,34"]
[null,null,"ANEL DE CONCRETO ARMADO, D = 1,00 M, H = 0,50 M","UN","2,0000000","92,37","184,74"]
[null,null,"PEDREIRO COM ENCARGOS COMPLEMENTARES","H","0,9936000","19,57","19,44"]
[null,null,"SERVENTE COM ENCARGOS COMPLEMENTARES","H","0,9936000","15,85","15,74"]
[null,null,"ARGAMASSA TRAÇO 1:3 (CIMENTO E AREIA), PREPARO MECANICO , INCLUSO ADITIVO IMPERMEABILIZANTE","M3","0,0723000","459,28","33,20"]
[]
["SINAPI",98420,"(COMPOSIÇÃO REPRESENTATIVA) POÇO DE VISITA CIRCULAR PARA ESGOTO, EM CONCRETO PRÉ-MOLDADO, DIÂMETRO INTERNO = 1,0 M, PROFUNDIDADE ATÉ 1,50 M, INCLUINDO TAMPÃO DE FERRO FUNDIDO, DIÂMETRO DE 60 CM. AF_04/2018","UN",35]
[null,null,"TAMPA CIRCULAR PARA ESGOTO E DRENAGEM, EM FERRO FUNDIDO, DIÂMETRO INTERNO = 0,6 M. AF_05/2018","UN","1,0000000","455,66","455,66"]
[null,null,"BASE PARA POÇO DE VISITA CIRCULAR PARA  ESGOTO, EM CONCRETO PRÉ-MOLDADO, DIÂMETRO INTERNO = 1 M, PROFUNDIDADE = 1,45 M, EXCLUINDO TAMPÃO. AF_05/2018_P","UN","1,0000000","861,33","861,33"]
[]
["SINAPI",90733,"ASSENTAMENTO DE TUBO DE PVC PARA REDE COLETORA DE ESGOTO DE PAREDE MACIÇA, DN 100 MM, JUNTA ELÁSTICA, INSTALADO EM LOCAL COM NÍVEL BAIXO DE INTERFERÊNCIAS (NÃO INCLUI FORNECIMENTO). AF_06/2015","M",15609]
[null,null,"ASSENTADOR DE TUBOS COM ENCARGOS COMPLEMENTARES","H","0,0600000","30,48","1,82"]
[null,null,"SERVENTE COM ENCARGOS COMPLEMENTARES","H","0,0600000","15,85","0,95"]
[]
["SINAPI","73877/2","ESCORAMENTO DE VALAS COM PRANCHOES METALICOS - AREA NAO CRAVADA","M²",994.2]
[null,null,"VIGA DE MADEIRA NAO APARELHADA 6 X 12 CM, MACARANDUBA, ANGELIM OU EQUIVALENTE DA REGIAO","M","0,1900000","20,00","3,80"]
[null,null,"PECA DE MADEIRA NAO APARELHADA *7,5 X 7,5* CM (3 X 3 \") MACARANDUBA, ANGELIM OU EQUIVALENTE DA REGIAO","M","0,0800000","12,50","1,00"]
[null,null,"PREGO DE ACO POLIDO COM CABECA 18 X 27 (2 1/2 X 10)","KG","0,1200000","11,20","1,34"]
[null,null,"PERFIL \"U\" CHAPA ACO DOBRADA,  E = 3,04 MM , H = 20 CM, ABAS = 5 CM (4,47 KG/M)","M","0,0400000","25,03","1,00"]
[null,null,"CARPINTEIRO DE FORMAS COM ENCARGOS COMPLEMENTARES","H","0,7000000","19,45","13,61"]
[null,null,"SERVENTE COM ENCARGOS COMPLEMENTARES","H","1,4300000","15,85","22,66"]
[]
["SIGMMA ESCO","COTAÇÃO","CONJUNTO MOTO BOMBA RE-AUTOESCORVANTE ESCO (CÓDIGO LP031004P) OU SIMILAR COM AS SEGUINTES CARACTERÍSTICAS: Q = 36,00 M³/H (10,00 L/S) , H = 17,02 MCA, POTÊNCIA CALCULADA = 5,67 CV, POTÊNCIA COMERCIAL = 10 CV, 380 V. ESCOPO DE FORNECIMENTO: BOMBA + BASE + CORREIA/POLIAS + VÁLVULA DE ALÍVIO DE AR + MOTOR, CONFORME PROPOSTA FINANCEIRA APRESENTADA.","UN ",2]
[]
["SIGMMA ESCO","COTAÇÃO","CONJUNTO MOTO BOMBA RE-AUTOESCORVANTE ESCO (CÓDIGOLP031004P) OU SIMILAR COM AS SEGUINTES CARACTERÍSTICAS: Q = 60,00 M³/H (16,67 L/S) , H = 15,23 MCA, POTÊNCIA CALCULADA = 6,77 CV, POTÊNCIA COMERCIAL = 10 CV, 380 V. ESCOPO DE FORNECIMENTO: BOMBA + BASE + CORREIA/POLIAS + VÁLVULA DE ALÍVIO DE AR + MOTOR, CONFORME PROPOSTA FINANCEIRA APRESENTADA.","UN ",2]
[]
["CODEVASF","COMPOSIÇÃO","INSTALAÇÃO DE CANTEIRO DE OBRAS","UN ",1]
[null,null,"EXECUÇÃO DE ESCRITÓRIO EM CANTEIRO DE OBRA EM ALVENARIA, NÃO INCLUSO MOBILIÁRIO E EQUIPAMENTOS. AF_02/2016","M²",24,"800,66",19215.84]
[null,null,"EXECUÇÃO DE ALMOXARIFADO EM CANTEIRO DE OBRA EM CHAPA DE MADEIRA COMPENSADA, INCLUSO PRATELEIRAS. AF_02/2016","M²",12,"556,00",6672]
[null,null,"EXECUÇÃO DE REFEITÓRIO EM CANTEIRO DE OBRA EM ALVENARIA, NÃO INCLUSO MOBILIÁRIO E EQUIPAMENTOS. AF_02/2016","M²",18,"410,23",7384.14]
[null,null,"EXECUÇÃO DE SANITÁRIO E VESTIÁRIO EM CANTEIRO DE OBRA EM ALVENARIA, NÃO INCLUSO MOBILIÁRIO. AF_02/2016","M²",6,"732,82",4396.92]
[null,null,"EXECUÇÃO DE RESERVATÓRIO ELEVADO DE ÁGUA (1000 LITROS) EM CANTEIRO DE OBRA, APOIADO EM ESTRUTURA DE MADEIRA. AF_02/2016","UN",1,"3.312,30",3312.3]
[]
["SINAPI",41932,"TUBO COLETOR DE ESGOTO PVC, JEI, DN 300 MM (NBR 7362)                                                                                                                                                                                                                                                                                                                                                                                                                                                     ","M     ",276]
[]
["SINAPI",72799,"PAVIMENTO EM PARALELEPIPEDO SOBRE COLCHAO DE AREIA REJUNTADO COM ARGAMASSA DE CIMENTO E AREIA NO TRAÇO 1:3 (PEDRAS PEQUENAS 30 A 35 PECAS POR M2)","M²",471.69]
[null,null,"AREIA FINA - POSTO JAZIDA/FORNECEDOR (RETIRADO NA JAZIDA, SEM TRANSPORTE)","M3","0,0230000","70,00","1,61"]
[null,null,"AREIA GROSSA - POSTO JAZIDA/FORNECEDOR (RETIRADO NA JAZIDA, SEM TRANSPORTE)","M3","0,1000000","65,00","6,50"]
[null,null,"CIMENTO PORTLAND COMPOSTO CP II-32","KG","9,1100000","0,43","3,91"]
[null,null,"PARALELEPIPEDO GRANITICO OU BASALTICO, PARA PAVIMENTACAO, SEM FRETE,  *30 A 35* PECAS POR M2","MIL","0,0350000","1.254,00","43,89"]
[null,null,"CALCETEIRO COM ENCARGOS COMPLEMENTARES","H","0,4000000","19,45","7,78"]
[null,null,"SERVENTE COM ENCARGOS COMPLEMENTARES","H","0,9100000","15,85","14,42"]
[]
["SINAPI",87481,"ALVENARIA DE VEDAÇÃO DE BLOCOS CERÂMICOS FURADOS NA VERTICAL DE 19X19X39CM (ESPESSURA 19CM) DE PAREDES COM ÁREA LÍQUIDA MAIOR OU IGUAL A 6M² SEM VÃOS E ARGAMASSA DE ASSENTAMENTO COM PREPARO EM BETONEIRA. AF_06/2014","M²",648]
[null,null,"TELA DE ACO SOLDADA GALVANIZADA/ZINCADA PARA ALVENARIA, FIO  D = *1,20 A 1,70* MM, MALHA 15 X 15 MM, (C X L) *50 X 17,5* CM","M","0,4200000","1,84","0,77"]
[null,null,"PINO DE ACO COM FURO, HASTE = 27 MM (ACAO DIRETA)","CENTO","0,0100000","38,74","0,38"]
[null,null,"BLOCO CERAMICO DE VEDACAO COM FUROS NA VERTICAL, 19 X 19 X 39 CM - 4,5 MPA (NBR 15270)","UN","13,3500000","1,80","24,03"]
[null,null,"ARGAMASSA TRAÇO 1:2:8 (CIMENTO, CAL E AREIA MÉDIA) PARA EMBOÇO/MASSA ÚNICA/ASSENTAMENTO DE ALVENARIA DE VEDAÇÃO, PREPARO MECÂNICO COM BETONEIRA 400 L. AF_06/2014","M3","0,0138000","443,03","6,11"]
[null,null,"PEDREIRO COM ENCARGOS COMPLEMENTARES","H","0,8800000","19,57","17,22"]
[null,null,"SERVENTE COM ENCARGOS COMPLEMENTARES","H","0,4400000","15,85","6,97"]
[]
["SINAPI",94045,"ESCORAMENTO DE VALA, TIPO PONTALETEAMENTO, COM PROFUNDIDADE DE 1,5 A 3,0 M, LARGURA MENOR QUE 1,5 M, EM LOCAL COM NÍVEL BAIXO DE INTERFERÊNCIA. AF_06/2016","M²",2982.6]
[null,null,"MADEIRA ROLICA SEM TRATAMENTO, EUCALIPTO OU EQUIVALENTE DA REGIAO, H = 3 M, D = 20 A 24 CM (PARA ESCORAMENTO)","M","0,0540000","8,32","0,44"]
[null,null,"PREGO DE ACO POLIDO COM CABECA 18 X 27 (2 1/2 X 10)","KG","0,0100000","11,20","0,11"]
[null,null,"TABUA MADEIRA 2A QUALIDADE 2,5 X 30,0CM (1 X 12\") NAO APARELHADA","M","0,1900000","7,93","1,50"]
[null,null,"CARPINTEIRO DE FORMAS COM ENCARGOS COMPLEMENTARES","H","0,3380000","19,45","6,57"]
[null,null,"SERVENTE COM ENCARGOS COMPLEMENTARES","H","0,1450000","15,85","2,29"]
[]
["SINAPI","74220/1","TAPUME DE CHAPA DE MADEIRA COMPENSADA, E= 6MM, COM PINTURA A CAL E REAPROVEITAMENTO DE 2X","M²",582.66]
[null,null,"CAL HIDRATADA CH-I PARA ARGAMASSAS","KG","0,6000000","0,80","0,48"]
[null,null,"CHAPA DE MADEIRA COMPENSADA RESINADA PARA FORMA DE CONCRETO, DE *2,2 X 1,1* M, E = 6 MM","UN","0,2272727","27,93","6,34"]
[null,null,"PECA DE MADEIRA NATIVA / REGIONAL 7,5 X 7,5CM (3X3) NAO APARELHADA (P/FORMA)","M","1,5800000","6,40","10,11"]
[null,null,"PREGO DE ACO POLIDO COM CABECA 18 X 27 (2 1/2 X 10)","KG","0,1500000","11,20","1,68"]
[null,null,"OLEO DE LINHACA","L","0,0220000","20,80","0,45"]
[null,null,"CARPINTEIRO DE FORMAS COM ENCARGOS COMPLEMENTARES","H","0,8000000","19,45","15,56"]
[null,null,"PINTOR COM ENCARGOS COMPLEMENTARES","H","0,3000000","19,49","5,84"]
[null,null,"SERVENTE COM ENCARGOS COMPLEMENTARES","H","0,9500000","15,85","15,05"]
[]
["SINAPI",85323,"LOCACAO E NIVELAMENTO DE EMISSARIO/REDE COLETORA COM AUXILIO DE EQUIPAMENTO TOPOGRAFICO","M",22083]
[null,null,"LOCACAO DE TEODOLITO ELETRONICO, PRECISAO ANGULAR DE 5 A 7 SEGUNDOS, INCLUINDO TRIPE","H","0,0300000","2,27","0,06"]
[null,null,"LOCACAO DE NIVEL OPTICO, COM PRECISAO DE 0,7 MM, AUMENTO DE 32X","H","0,0300000","2,27","0,06"]
[null,null,"AUXILIAR DE TOPÓGRAFO COM ENCARGOS COMPLEMENTARES","H","0,0600000","11,87","0,71"]
[null,null,"TOPOGRAFO COM ENCARGOS COMPLEMENTARES","H","0,0300000","21,06","0,63"]
[]
["ORSE",20,"DEMOLIÇÃO DE PAVIMENTAÇÃO EM PARALELEPÍPEDO OU PRÉ-MOLDADOS DE CONCRETO C/ RE APROVEITAMENTO","M²",4406.8]
[]
["SINAPI","74202/1","LAJE PRE-MOLDADA P/FORRO, SOBRECARGA 100KG/M2, VAOS ATE 3,50M/E=8CM, C/LAJOTAS E CAP.C/CONC FCK=20MPA, 3CM, INTER-EIXO 38CM, C/ESCORAMENTO (REAPR.3X) E FERRAGEM NEGATIVA","M²",462]
[null,null,"ACO CA-60, 5,0 MM, VERGALHAO","KG","0,4710000","4,50","2,11"]
[null,null,"LAJE PRE-MOLDADA CONVENCIONAL (LAJOTAS + VIGOTAS) PARA FORRO, UNIDIRECIONAL, SOBRECARGA DE 100 KG/M2, VAO ATE 4,00 M (SEM COLOCACAO)","M2","1,0000000","33,00","33,00"]
[null,null,"PECA DE MADEIRA NATIVA / REGIONAL 7,5 X 7,5CM (3X3) NAO APARELHADA (P/FORMA)","M","0,2900000","6,40","1,85"]
[null,null,"PREGO DE ACO POLIDO COM CABECA 18 X 27 (2 1/2 X 10)","KG","0,0300000","11,20","0,33"]
[null,null,"TABUA MADEIRA 2A QUALIDADE 2,5 X 30,0CM (1 X 12\") NAO APARELHADA","M","0,1700000","7,93","1,34"]
[null,null,"AJUDANTE DE CARPINTEIRO COM ENCARGOS COMPLEMENTARES","H","0,1600000","19,49","3,11"]
[null,null,"CARPINTEIRO DE FORMAS COM ENCARGOS COMPLEMENTARES","H","0,1600000","19,45","3,11"]
[null,null,"PEDREIRO COM ENCARGOS COMPLEMENTARES","H","0,3500000","19,57","6,84"]
[null,null,"SERVENTE COM ENCARGOS COMPLEMENTARES","H","0,3600000","15,85","5,70"]
[null,null,"LANÇAMENTO COM USO DE BOMBA, ADENSAMENTO E ACABAMENTO DE CONCRETO EM ESTRUTURAS. AF_12/2015","M3","0,0330000","26,75","0,88"]
[null,null,"CONCRETO FCK = 20MPA, TRAÇO 1:2,7:3 (CIMENTO/ AREIA MÉDIA/ BRITA 1)  - PREPARO MECÂNICO COM BETONEIRA 600 L. AF_07/2016","M3","0,0330000","287,41","9,48"]
[]
["ORSE",11676,"CADASTRO DE REDES DE ESGOTO","M",22083]
[]
["IDEAL SAN","COTAÇÃO","CAIXA SEPARADORA DE AREIA COM COMPARTIMENTO DE SEDIMENTAÇÃO E DE DISTRIBUIÇÃO, MODELO BIODIG CAD.FT 800, FABRICADA EM PRFV - EXCLUSIVAMENTE PELA FIBRA TÉCNICA, INCLUINDO PONTO DE DESCARTE DO MATERIAL SEDIMENTADO COM REGISTRO TIPO GAVETA COM VOLANTE FORNECIMENTO, TRANSPORTE, MONTAGEM NO LOCAL E TESTE.","UN ",3]
[]
["SINAPI",98421,"(COMPOSIÇÃO REPRESENTATIVA) POÇO DE VISITA CIRCULAR PARA ESGOTO, EM CONCRETO PRÉ-MOLDADO, DIÂMETRO INTERNO = 1,0 M, PROFUNDIDADE DE 1,50 A 2,00 M, INCLUINDO TAMPÃO DE FERRO FUNDIDO, DIÂMETRO DE 60 CM. AF_04/2018","UN",20]
[null,null,"ACRÉSCIMO PARA POÇO DE VISITA CIRCULAR PARA ESGOTO, EM CONCRETO PRÉ-MOLDADO, DIÂMETRO INTERNO = 1 M. AF_05/2018","M","0,5000000","298,97","149,48"]
[null,null,"TAMPA CIRCULAR PARA ESGOTO E DRENAGEM, EM FERRO FUNDIDO, DIÂMETRO INTERNO = 0,6 M. AF_05/2018","UN","1,0000000","455,66","455,66"]
[null,null,"BASE PARA POÇO DE VISITA CIRCULAR PARA  ESGOTO, EM CONCRETO PRÉ-MOLDADO, DIÂMETRO INTERNO = 1 M, PROFUNDIDADE = 1,45 M, EXCLUINDO TAMPÃO. AF_05/2018_P","UN","1,0000000","861,33","861,33"]
[]
["SINAPI",72915,"ESCAVACAO MECANICA DE VALA EM MATERIAL DE 2A. CATEGORIA ATE 2 M DE PROFUNDIDADE COM UTILIZACAO DE ESCAVADEIRA HIDRAULICA","M³",2610.5700000000002]
[null,null,"SERVENTE COM ENCARGOS COMPLEMENTARES","H","0,1250000","15,85","1,98"]
[null,null,"ESCAVADEIRA HIDRÁULICA SOBRE ESTEIRAS, CAÇAMBA 0,80 M3, PESO OPERACIONAL 17,8 T, POTÊNCIA LÍQUIDA 110 HP - CHP DIURNO. AF_10/2014","CHP","0,0625000","143,45","8,96"]
[]
["ORSE",4518,"TELA DE NYLON PARA PROTEÇÃO DE FACHADA","M²",1294.8]
[]
["SINAPI",92970,"DEMOLIÇÃO DE PAVIMENTAÇÃO ASFÁLTICA COM UTILIZAÇÃO DE MARTELO PERFURADOR, ESPESSURA ATÉ 15 CM, EXCLUSIVE CARGA E TRANSPORTE","M²",1635.4]
[null,null,"SERVENTE COM ENCARGOS COMPLEMENTARES","H","0,1000000","15,85","1,58"]
[null,null,"COMPRESSOR DE AR REBOCAVEL, VAZÃO 250 PCM, PRESSAO DE TRABALHO 102 PSI, MOTOR A DIESEL POTÊNCIA 81 CV - CHP DIURNO. AF_06/2015","CHP","0,1000000","43,47","4,34"]
[null,null,"MARTELO PERFURADOR PNEUMÁTICO MANUAL, HASTE 25 X 75 MM, 21 KG - CHP DIURNO. AF_12/2015","CHP","0,3000000","32,82","9,84"]
[]
["SINAPI",92873,"LANÇAMENTO COM USO DE BALDES, ADENSAMENTO E ACABAMENTO DE CONCRETO EM ESTRUTURAS. AF_12/2015","M³",155.05000000000001]
[null,null,"CARPINTEIRO DE FORMAS COM ENCARGOS COMPLEMENTARES","H","1,8460000","19,45","35,90"]
[null,null,"PEDREIRO COM ENCARGOS COMPLEMENTARES","H","1,8460000","19,57","36,12"]
[null,null,"SERVENTE COM ENCARGOS COMPLEMENTARES","H","5,5380000","15,85","87,77"]
[null,null,"VIBRADOR DE IMERSÃO, DIÂMETRO DE PONTEIRA 45MM, MOTOR ELÉTRICO TRIFÁSICO POTÊNCIA DE 2 CV - CHP DIURNO. AF_06/2015","CHP","0,6720000","1,12","0,75"]
[null,null,"VIBRADOR DE IMERSÃO, DIÂMETRO DE PONTEIRA 45MM, MOTOR ELÉTRICO TRIFÁSICO POTÊNCIA DE 2 CV - CHI DIURNO. AF_06/2015","CHI","1,1740000","0,30","0,35"]
[]
["SINAPI",72898,"CARGA E DESCARGA MECANIZADAS DE ENTULHO EM CAMINHAO BASCULANTE 6 M3","M³",5862.75]
[null,null,"CAMINHÃO BASCULANTE 6 M3, PESO BRUTO TOTAL 16.000 KG, CARGA ÚTIL MÁXIMA 13.071 KG, DISTÂNCIA ENTRE EIXOS 4,80 M, POTÊNCIA 230 CV INCLUSIVE CAÇAMBA METÁLICA - CHP DIURNO. AF_06/2014","CHP","0,0070000","170,06","1,19"]
[null,null,"PÁ CARREGADEIRA SOBRE RODAS, POTÊNCIA LÍQUIDA 128 HP, CAPACIDADE DA CAÇAMBA 1,7 A 2,8 M3, PESO OPERACIONAL 11632 KG - CHP DIURNO. AF_06/2014","CHP","0,0180000","142,84","2,57"]
[null,null,"SERVENTE COM ENCARGOS COMPLEMENTARES","H","0,0180000","15,85","0,28"]
[]
["ORSE",18,"DEMOLIÇÃO DE PISO CERÂMICO OU LADRILHO","M²",2341.35]
[]
["SINAPI",98510,"PLANTIO DE ÁRVORE ORNAMENTAL COM ALTURA DE MUDA MENOR OU IGUAL A 2,00 M. AF_05/2018","UN",375]
[null,null,"MUDA DE ARVORE ORNAMENTAL, OITI/AROEIRA SALSA/ANGICO/IPE/JACARANDA OU EQUIVALENTE  DA REGIAO, H= *1* M","UN","1,0000000","42,52","42,52"]
[null,null,"SERVENTE COM ENCARGOS COMPLEMENTARES","H","0,7272000","15,85","11,52"]
[null,null,"JARDINEIRO COM ENCARGOS COMPLEMENTARES","H","0,1818000","18,89","3,43"]
[]
["IDEAL SAN","COTAÇÃO","CONJUNTO DE PRÉ-TRATAMENTO, CONSTITUÍDO POR UM MEDIDOR DE VAZÃO TIPO CALHA PARSHALL W=3\" FABRICADA EM PRFV COM ESCALA METRICA PARA MEDIÇÃO DA VAZÃO NA ESTRUTURA DA UNIDADE; STOP-LOG E ANTEPAROS PARA MANOBRAS DOS CANAIS DE SEDIMENTAÇÃO DE AREIA.","UN ",3]
[]
["CODEVASF","COMPOSIÇÃO","DESOBSTRUÇÃO E LIMPEZA MANUAL DO COLETOR DE ESGOTOS ATÉ 200MM ","M",1950]
[null,null,"SERVENTE DE OBRAS                                                                                                                                                                                                                                                                                                                                                                                                                                                                                         ","H     ",0.92,"11,09",10.199999999999999]
[]
["SINAPI",94057,"ESCORAMENTO DE VALA, TIPO DESCONTÍNUO, COM PROFUNDIDADE DE 1,5 M A 3,0 M, LARGURA MENOR QUE 1,5 M, EM LOCAL COM NÍVEL BAIXO DE INTERFERÊNCIA. AF_06/2016","M²",994.2]
[null,null,"MADEIRA ROLICA SEM TRATAMENTO, EUCALIPTO OU EQUIVALENTE DA REGIAO, H = 3 M, D = 20 A 24 CM (PARA ESCORAMENTO)","M","0,0540000","8,32","0,44"]
[null,null,"VIGA DE MADEIRA NAO APARELHADA *6 X 16* CM, MACARANDUBA, ANGELIM OU EQUIVALENTE DA REGIAO","M","0,1470000","27,22","4,00"]
[null,null,"PREGO DE ACO POLIDO COM CABECA 18 X 27 (2 1/2 X 10)","KG","0,0250000","11,20","0,28"]
[null,null,"TABUA MADEIRA 2A QUALIDADE 2,5 X 30,0CM (1 X 12\") NAO APARELHADA","M","0,4280000","7,93","3,39"]
[null,null,"CARPINTEIRO DE FORMAS COM ENCARGOS COMPLEMENTARES","H","0,4390000","19,45","8,53"]
[null,null,"SERVENTE COM ENCARGOS COMPLEMENTARES","H","0,1880000","15,85","2,97"]
[]
["SINAPI",96920,"ARGAMASSA TRAÇO 1:3 (CIMENTO E AREIA), PREPARO MECANICO , INCLUSO ADITIVO IMPERMEABILIZANTE","M³",42.15]
[null,null,"ADITIVO IMPERMEABILIZANTE DE PEGA NORMAL PARA ARGAMASSAS E CONCRETOS SEM ARMACAO","L","18,0000000","5,98","107,64"]
[null,null,"ARGAMASSA TRAÇO 1:3 (CIMENTO E AREIA MÉDIA), PREPARO MECÂNICO COM BETONEIRA 400 L. AF_08/2014","M3","1,0000000","351,64","351,64"]
[]
["SINAPI",83675,"TUBO CONCRETO SIMPLES DN 200 MM PARA DRENAGEM - FORNECIMENTO E INSTALACAO, INCLUSIVE ESCAVACAO MANUAL 1M3/M.","M",220]
[null,null,"AREIA MEDIA - POSTO JAZIDA/FORNECEDOR (RETIRADO NA JAZIDA, SEM TRANSPORTE)","M3","0,0005000","55,00","0,02"]
[null,null,"CIMENTO PORTLAND COMPOSTO CP II-32","KG","0,2250000","0,43","0,09"]
[null,null,"TUBO DE CONCRETO SIMPLES, CLASSE- PS1, PB, DN 200 MM, PARA AGUAS PLUVIAIS (NBR 8890)","M","1,0000000","24,44","24,44"]
[null,null,"PEDREIRO COM ENCARGOS COMPLEMENTARES","H","0,1613000","19,57","3,15"]
[null,null,"SERVENTE COM ENCARGOS COMPLEMENTARES","H","3,7865000","15,85","60,01"]
[]
["SINAPI","73932/1","GRADE DE FERRO EM BARRA CHATA 3/16\"","M²",66.3]
[]
["SINAPI",41931,"TUBO COLETOR DE ESGOTO PVC, JEI, DN 250 MM (NBR 7362)                                                                                                                                                                                                                                                                                                                                                                                                                                                     ","M     ",204]
[]
["ORSE",2508,"CARGA MECÂNICA DE MATERIAL DE 3ª CATEGORIA","M³",5758.67]
[]
["SINAPI",97912,"TRANSPORTE COM CAMINHÃO BASCULANTE DE 6 M3, EM VIA URBANA EM LEITO NATURAL (UNIDADE: M3XKM). AF_01/2018","M³XKM",7400.76]
[null,null,"CAMINHÃO BASCULANTE 6 M3 TOCO, PESO BRUTO TOTAL 16.000 KG, CARGA ÚTIL MÁXIMA 11.130 KG, DISTÂNCIA ENTRE EIXOS 5,36 M, POTÊNCIA 185 CV, INCLUSIVE CAÇAMBA METÁLICA - CHP DIURNO. AF_06/2014","CHP","0,0144900","147,90","2,14"]
[null,null,"CAMINHÃO BASCULANTE 6 M3 TOCO, PESO BRUTO TOTAL 16.000 KG, CARGA ÚTIL MÁXIMA 11.130 KG, DISTÂNCIA ENTRE EIXOS 5,36 M, POTÊNCIA 185 CV, INCLUSIVE CAÇAMBA METÁLICA - CHI DIURNO. AF_06/2014","CHI","0,0036200","44,04","0,15"]
[]
["SINAPI",90734,"ASSENTAMENTO DE TUBO DE PVC PARA REDE COLETORA DE ESGOTO DE PAREDE MACIÇA, DN 150 MM, JUNTA ELÁSTICA, INSTALADO EM LOCAL COM NÍVEL BAIXO DE INTERFERÊNCIAS (NÃO INCLUI FORNECIMENTO). AF_06/2015","M",4584]
[null,null,"ASSENTADOR DE TUBOS COM ENCARGOS COMPLEMENTARES","H","0,0730000","30,48","2,22"]
[null,null,"SERVENTE COM ENCARGOS COMPLEMENTARES","H","0,0730000","15,85","1,15"]
[]
["SINAPI",88489,"APLICAÇÃO MANUAL DE PINTURA COM TINTA LÁTEX ACRÍLICA EM PAREDES, DUAS DEMÃOS. AF_06/2014","M²",1348.56]
[null,null,"TINTA ACRILICA PREMIUM, COR BRANCO FOSCO","L","0,3300000","16,80","5,54"]
[null,null,"PINTOR COM ENCARGOS COMPLEMENTARES","H","0,1870000","19,49","3,64"]
[null,null,"SERVENTE COM ENCARGOS COMPLEMENTARES","H","0,0690000","15,85","1,09"]
[]
["CODEVASF","COMPOSIÇÃO","MOBILIZAÇÃO DE EQUIPAMENTOS, MATERIAIS E PESSOAL","UN ",2]
[null,null,"CAMINHÃO BASCULANTE 6 M3 TOCO, PESO BRUTO TOTAL 16.000 KG, CARGA ÚTIL MÁXIMA 11.130 KG, DISTÂNCIA ENTRE EIXOS 5,36 M, POTÊNCIA 185 CV, INCLUSIVE CAÇAMBA METÁLICA - CHP DIURNO. AF_06/2014","CHP",5,"147,90",739.5]
[null,null,"CAMINHÃO TRUCADO (C/ TERCEIRO EIXO) ELETRÔNICO - POTÊNCIA 231CV - PBT = 22000KG - DIST. ENTRE EIXOS 5170 MM - INCLUI CARROCERIA FIXA ABERTA DE MADEIRA - CHP DIURNO. AF_06/2015","CHP",5,"168,34",841.7]
[null,null,"RETROESCAVADEIRA SOBRE RODAS COM CARREGADEIRA, TRAÇÃO 4X4, POTÊNCIA LÍQ. 72 HP, CAÇAMBA CARREG. CAP. MÍN. 0,79 M3, CAÇAMBA RETRO CAP. 0,18 M3, PESO OPERACIONAL MÍN. 7.140 KG, PROFUNDIDADE ESCAVAÇÃO MÁX. 4,50 M - CHI DIURNO. AF_06/2014","CHI",5,"54,73",273.64999999999998]
[null,null,"VEÍCULO PICK-UP CABINE DUPLA 4X4 (163 CV), COM MOTORISTA","MÊS",0.5,9523.23,4761.62]
[]
["SINAPI",68054,"PORTAO DE FERRO EM CHAPA GALVANIZADA PLANA 14 GSG","M²",58.84]
[]
["SINAPI","74253/1","RAMAL PREDIAL EM TUBO PEAD 20MM - FORNECIMENTO, INSTALAÇÃO, ESCAVAÇÃO E REATERRO","M",600]
[null,null,"TUBO DE POLIETILENO DE ALTA DENSIDADE (PEAD), PE-80, DE = 20 MM X 2,3 MM DE PAREDE, PARA LIGACAO DE AGUA PREDIAL (NBR 15561)","M","1,0000000","3,27","3,27"]
[null,null,"ENCANADOR OU BOMBEIRO HIDRÁULICO COM ENCARGOS COMPLEMENTARES","H","0,0400000","19,53","0,78"]
[null,null,"SERVENTE COM ENCARGOS COMPLEMENTARES","H","0,0400000","15,85","0,63"]
[null,null,"ESCAVAÇÃO MANUAL DE VALA COM PROFUNDIDADE MENOR OU IGUAL A 1,30 M. AF_03/2016","M3","0,1800000","62,70","11,28"]
[null,null,"REATERRO MANUAL APILOADO COM SOQUETE. AF_10/2017","M3","0,1800000","38,01","6,84"]
[]
["ORSE",3258,"DEMOLIÇÃO DE PISO EM LAJOTA HEXAGONAL","M²",1560.9]
[]
["SEINFRA","C2918","RAMAL PREDIAL DE ESGOTO EM PVC 100mm, S/ PAVIMENTO","M",300]
[]
["CODEVASF","COMPOSIÇÃO","ELABORAÇÃO DO PROJETO HIDRÁULICO  E RELATÓRIOS","UN ",1]
[null,null,"ENGENHEIRO SANITARISTA                                                                                                                                                                                                                                                                                                                                                                                                                                                                                    ","H     ",120,"86,78",10413.6]
[null,null,"DESENHISTA PROJETISTA                                                                                                                                                                                                                                                                                                                                                                                                                                                                                     ","H     ",120,"20,63",2475.6]
[]
["SINAPI",87529,"MASSA ÚNICA, PARA RECEBIMENTO DE PINTURA, EM ARGAMASSA TRAÇO 1:2:8, PREPARO MECÂNICO COM BETONEIRA 400L, APLICADA MANUALMENTE EM FACES INTERNAS DE PAREDES, ESPESSURA DE 20MM, COM EXECUÇÃO DE TALISCAS. AF_06/2014","M²",424.56]
[null,null,"ARGAMASSA TRAÇO 1:2:8 (CIMENTO, CAL E AREIA MÉDIA) PARA EMBOÇO/MASSA ÚNICA/ASSENTAMENTO DE ALVENARIA DE VEDAÇÃO, PREPARO MECÂNICO COM BETONEIRA 400 L. AF_06/2014","M3","0,0376000","443,03","16,65"]
[null,null,"PEDREIRO COM ENCARGOS COMPLEMENTARES","H","0,4700000","19,57","9,19"]
[null,null,"SERVENTE COM ENCARGOS COMPLEMENTARES","H","0,1710000","15,85","2,71"]
[]
["CODEVASF","COMPOSIÇÃO","ELABORAÇÃO DO PROJETO ESTRUTURAL","UN ",1]
[null,null,"ENGENHEIRO CIVIL DE OBRA JUNIOR                                                                                                                                                                                                                                                                                                                                                                                                                                                                           ","H     ",120,"80,33",9639.6]
[null,null,"DESENHISTA PROJETISTA                                                                                                                                                                                                                                                                                                                                                                                                                                                                                     ","H     ",120,"20,63",2475.6]
[]
["SINAPI",87503,"ALVENARIA DE VEDAÇÃO DE BLOCOS CERÂMICOS FURADOS NA HORIZONTAL DE 9X19X19CM (ESPESSURA 9CM) DE PAREDES COM ÁREA LÍQUIDA MAIOR OU IGUAL A 6M² SEM VÃOS E ARGAMASSA DE ASSENTAMENTO COM PREPARO EM BETONEIRA. AF_06/2014","M²",212.31]
[null,null,"BLOCO CERAMICO (ALVENARIA DE VEDACAO), DE 9 X 19 X 19 CM","MIL","0,0279300","450,00","12,56"]
[null,null,"TELA DE ACO SOLDADA GALVANIZADA/ZINCADA PARA ALVENARIA, FIO D = *1,20 A 1,70* MM, MALHA 15 X 15 MM, (C X L) *50 X 7,5* CM","M","0,4200000","1,16","0,48"]
[null,null,"PINO DE ACO COM FURO, HASTE = 27 MM (ACAO DIRETA)","CENTO","0,0050000","38,74","0,19"]
[null,null,"ARGAMASSA TRAÇO 1:2:8 (CIMENTO, CAL E AREIA MÉDIA) PARA EMBOÇO/MASSA ÚNICA/ASSENTAMENTO DE ALVENARIA DE VEDAÇÃO, PREPARO MECÂNICO COM BETONEIRA 400 L. AF_06/2014","M3","0,0098000","443,03","4,34"]
[null,null,"PEDREIRO COM ENCARGOS COMPLEMENTARES","H","1,3700000","19,57","26,81"]
[null,null,"SERVENTE COM ENCARGOS COMPLEMENTARES","H","0,6850000","15,85","10,85"]
[]
["SEINFRA","C3499","MONTAGEM DE TUBOS, CONEXÕES E PÇS, ELEVATÓRIA C/ VAZÃO DE 20,01 À 40 l/s","UN",1]
[]
["SINAPI",72897,"CARGA MANUAL DE ENTULHO EM CAMINHAO BASCULANTE 6 M3","M³",477.03]
[null,null,"CAMINHÃO BASCULANTE 6 M3, PESO BRUTO TOTAL 16.000 KG, CARGA ÚTIL MÁXIMA 13.071 KG, DISTÂNCIA ENTRE EIXOS 4,80 M, POTÊNCIA 230 CV INCLUSIVE CAÇAMBA METÁLICA - CHI DIURNO. AF_06/2014","CHI","0,2500000","44,72","11,18"]
[null,null,"SERVENTE COM ENCARGOS COMPLEMENTARES","H","0,7000000","15,85","11,09"]
[]
["CODEVASF","ELE09","FORNECIMENTO DOS MATERIAIS PARA EXTENSÃO DE REDE BT PARA PARA A EEE-04","KM",0.3]
[]
["CODEVASF","COMPOSIÇÃO","SONDAGEM A TRADO (4\")","M",195]
[]
["CODEVASF","COMPOSIÇÃO","ELABORAÇÃO DO PROJETO ELÉTRICO","UN ",1]
[null,null,"ENGENHEIRO ELETRICISTA                                                                                                                                                                                                                                                                                                                                                                                                                                                                                    ","H     ",96,"77,07",7398.72]
[null,null,"DESENHISTA PROJETISTA                                                                                                                                                                                                                                                                                                                                                                                                                                                                                     ","H     ",96,"20,63",1980.48]
[]
["SINAPI",93382,"REATERRO MANUAL DE VALAS COM COMPACTAÇÃO MECANIZADA. AF_04/2016","M³",302.36]
[null,null,"SERVENTE COM ENCARGOS COMPLEMENTARES","H","0,6500000","15,85","10,30"]
[null,null,"COMPACTADOR DE SOLOS DE PERCUSSÃO (SOQUETE) COM MOTOR A GASOLINA 4 TEMPOS, POTÊNCIA 4 CV - CHP DIURNO. AF_08/2015","CHP","0,2740000","37,70","10,32"]
[null,null,"COMPACTADOR DE SOLOS DE PERCUSSÃO (SOQUETE) COM MOTOR A GASOLINA 4 TEMPOS, POTÊNCIA 4 CV - CHI DIURNO. AF_08/2015","CHI","0,2540000","34,23","8,69"]
[null,null,"UMIDIFICAÇÃO DE MATERIAL PARA VALAS COM CAMINHÃO PIPA 10000L. AF_11/2016","M3","1,0000000","1,29","1,29"]
[]
["SINAPI",93368,"REATERRO MECANIZADO DE VALA COM ESCAVADEIRA HIDRÁULICA (CAPACIDADE DA CAÇAMBA: 0,8 M³ / POTÊNCIA: 111 HP), LARGURA ATÉ 1,5 M, PROFUNDIDADE DE 1,5 A 3,0 M, COM SOLO (SEM SUBSTITUIÇÃO) DE 1ª CATEGORIA EM LOCAIS COM BAIXO NÍVEL DE INTERFERÊNCIA. AF_04/2016","M³",618.13]
[null,null,"ESCAVADEIRA HIDRÁULICA SOBRE ESTEIRAS, CAÇAMBA 0,80 M3, PESO OPERACIONAL 17 T, POTENCIA BRUTA 111 HP - CHP DIURNO. AF_06/2014","CHP","0,0330000","146,53","4,83"]
[null,null,"ESCAVADEIRA HIDRÁULICA SOBRE ESTEIRAS, CAÇAMBA 0,80 M3, PESO OPERACIONAL 17 T, POTENCIA BRUTA 111 HP - CHI DIURNO. AF_06/2014","CHI","0,0440000","66,72","2,93"]
[null,null,"SERVENTE COM ENCARGOS COMPLEMENTARES","H","0,0330000","15,85","0,52"]
[null,null,"COMPACTADOR DE SOLOS DE PERCUSSÃO (SOQUETE) COM MOTOR A GASOLINA 4 TEMPOS, POTÊNCIA 4 CV - CHP DIURNO. AF_08/2015","CHP","0,0610000","37,70","2,29"]
[null,null,"COMPACTADOR DE SOLOS DE PERCUSSÃO (SOQUETE) COM MOTOR A GASOLINA 4 TEMPOS, POTÊNCIA 4 CV - CHI DIURNO. AF_08/2015","CHI","0,0570000","34,23","1,95"]
[null,null,"UMIDIFICAÇÃO DE MATERIAL PARA VALAS COM CAMINHÃO PIPA 10000L. AF_11/2016","M3","1,0000000","1,29","1,29"]
[]
["SINAPI",98423,"(COMPOSIÇÃO REPRESENTATIVA) POÇO DE VISITA CIRCULAR PARA ESGOTO, EM CONCRETO PRÉ-MOLDADO, DIÂMETRO INTERNO = 1,0 M, PROFUNDIDADE DE 2,50 A 3,00 M, INCLUINDO TAMPÃO DE FERRO FUNDIDO, DIÂMETRO DE 60 CM. AF_04/2018","UN",5]
[null,null,"ACRÉSCIMO PARA POÇO DE VISITA CIRCULAR PARA ESGOTO, EM CONCRETO PRÉ-MOLDADO, DIÂMETRO INTERNO = 1 M. AF_05/2018","M","1,0000000","298,97","298,97"]
[null,null,"CHAMINÉ CIRCULAR PARA POÇO DE VISITA PARA ESGOTO, EM CONCRETO PRÉ-MOLDADO, DIÂMETRO INTERNO = 0,6 M. AF_05/2018","M","0,5000000","158,68","79,34"]
[null,null,"TAMPA CIRCULAR PARA ESGOTO E DRENAGEM, EM FERRO FUNDIDO, DIÂMETRO INTERNO = 0,6 M. AF_05/2018","UN","1,0000000","455,66","455,66"]
[null,null,"BASE PARA POÇO DE VISITA CIRCULAR PARA  ESGOTO, EM CONCRETO PRÉ-MOLDADO, DIÂMETRO INTERNO = 1 M, PROFUNDIDADE = 1,45 M, EXCLUINDO TAMPÃO. AF_05/2018_P","UN","1,0000000","861,33","861,33"]
[]
["SINAPI",41930,"TUBO COLETOR DE ESGOTO PVC, JEI, DN 200 MM (NBR 7362)                                                                                                                                                                                                                                                                                                                                                                                                                                                     ","M     ",144]
[]
["CODEVASF","ELE02","SERVIÇO PARA INSTALAÇÃO DOS MATERIAIS ELÉTRICOS DE UMA EEE","UN ",2]
[]
["SINAPI",83344,"ESPALHAMENTO DE MATERIAL EM BOTA FORA, COM UTILIZACAO DE TRATOR DE ESTEIRAS DE 165 HP","M³",7400.76]
[]
["CODEVASF","COMPOSIÇÃO","RECUPERAÇÃO EM CONTENÇÃO DE DESNÍVEL DE CALÇADA EM ALVENARIA DE BLOCOS CERÂMICOS 8 FUROS ESP. 10CM, REVESTIDA EM CIMENTADO 1:3 ESPESSURA 2CM","M²",72]
[null,null,"ALVENARIA DE VEDAÇÃO DE BLOCOS CERÂMICOS FURADOS NA VERTICAL DE 9X19X39CM (ESPESSURA 9CM) DE PAREDES COM ÁREA LÍQUIDA MENOR QUE 6M² SEM VÃOS E ARGAMASSA DE ASSENTAMENTO COM PREPARO EM BETONEIRA. AF_06/2014","M²",1,"36,76",36.76]
[null,null,"PISO CIMENTADO, TRAÇO 1:3 (CIMENTO E AREIA), ACABAMENTO LISO, ESPESSURA 3,0 CM, PREPARO MECÂNICO DA ARGAMASSA. AF_06/2018","M²",1,"32,31",32.31]
[null,null,"PEDREIRO                                                                                                                                                                                                                                                                                                                                                                                                                                                                                                  ","H     ",1,"14,74",14.74]
[null,null,"SERVENTE DE OBRAS                                                                                                                                                                                                                                                                                                                                                                                                                                                                                         ","H     ",1,"11,09",11.09]
[]
["ORSE",4713,"CONCERTINA EM AÇO GALVANIZADO, ESPIRAL DE Ø = 450MM, 3 CLIPES P/ ESPIRAL, LÂM INA DE 30MM E FIO INTERNO DE 2,50MM,  INCLUISIVE INSTALAÇÃO","M",210]
[]
["SINAPI",94998,"EXECUÇÃO DE PASSEIO (CALÇADA) OU PISO DE CONCRETO COM CONCRETO MOLDADO IN LOCO, FEITO EM OBRA, ACABAMENTO CONVENCIONAL, ESPESSURA 12 CM, ARMADO. AF_07/2016","M²",75.75]
[null,null,"LONA PLASTICA PRETA, E= 150 MICRA","M2","1,1280000","1,13","1,27"]
[null,null,"PECA DE MADEIRA NATIVA/REGIONAL 2,5 X 7,0 CM (SARRAFO-P/FORMA)","M","0,2000000","1,04","0,20"]
[null,null,"TABUA MADEIRA 2A QUALIDADE 2,5 X 30,0CM (1 X 12\") NAO APARELHADA","M","0,1250000","7,93","0,99"]
[null,null,"TELA DE ACO SOLDADA NERVURADA, CA-60, Q-196, (3,11 KG/M2), DIAMETRO DO FIO = 5,0 MM, LARGURA =  2,45 M, ESPACAMENTO DA MALHA = 10 X 10 CM","M2","1,1224000","14,42","16,18"]
[null,null,"CARPINTEIRO DE FORMAS COM ENCARGOS COMPLEMENTARES","H","0,2707000","19,45","5,26"]
[null,null,"PEDREIRO COM ENCARGOS COMPLEMENTARES","H","0,3866000","19,57","7,56"]
[null,null,"SERVENTE COM ENCARGOS COMPLEMENTARES","H","0,6574000","15,85","10,41"]
[null,null,"CONCRETO FCK = 20MPA, TRAÇO 1:2,7:3 (CIMENTO/ AREIA MÉDIA/ BRITA 1)  - PREPARO MECÂNICO COM BETONEIRA 400 L. AF_07/2016","M3","0,1455000","301,28","43,83"]
[]
["SINAPI",98422,"(COMPOSIÇÃO REPRESENTATIVA) POÇO DE VISITA CIRCULAR PARA ESGOTO, EM CONCRETO PRÉ-MOLDADO, DIÂMETRO INTERNO = 1,0 M, PROFUNDIDADE DE 2,00 A 2,50 M, INCLUINDO TAMPÃO DE FERRO FUNDIDO, DIÂMETRO DE 60 CM. AF_04/2018","UN",4]
[null,null,"ACRÉSCIMO PARA POÇO DE VISITA CIRCULAR PARA ESGOTO, EM CONCRETO PRÉ-MOLDADO, DIÂMETRO INTERNO = 1 M. AF_05/2018","M","1,0000000","298,97","298,97"]
[null,null,"TAMPA CIRCULAR PARA ESGOTO E DRENAGEM, EM FERRO FUNDIDO, DIÂMETRO INTERNO = 0,6 M. AF_05/2018","UN","1,0000000","455,66","455,66"]
[null,null,"BASE PARA POÇO DE VISITA CIRCULAR PARA  ESGOTO, EM CONCRETO PRÉ-MOLDADO, DIÂMETRO INTERNO = 1 M, PROFUNDIDADE = 1,45 M, EXCLUINDO TAMPÃO. AF_05/2018_P","UN","1,0000000","861,33","861,33"]
[]
["CODEVASF","COMPOSIÇÃO","ELABORAÇÃO DE PLANILHAS ORÇAMENTÁRIAS","UN ",1]
[null,null,"ENGENHEIRO CIVIL DE OBRA JUNIOR                                                                                                                                                                                                                                                                                                                                                                                                                                                                           ","H     ",80,"80,33",6426.4]
[]
["SEINFRA","I8745","VÁLVULA RETENÇÃO PORTA ÚNICA C/FLANGES DN 150 P/ESGOTO","UN",4]
[]
["SINAPI",73661,"FORNECIMENTO E INSTALACAO DE TALHA E TROLEY MANUAL DE 1 TONELADA","UN",3]
[null,null,"TALHA MANUAL DE CORRENTE, CAPACIDADE DE 2 T COM ELEVACAO DE 3 M","UN","0,6000000","1.007,00","604,20"]
[null,null,"TROLEY MANUAL CAPACIDADE 1 T","UN","1,0000000","557,48","557,48"]
[null,null,"MONTADOR ELETROMECÃNICO COM ENCARGOS COMPLEMENTARES","H","3,0000000","27,96","83,88"]
[null,null,"SERVENTE COM ENCARGOS COMPLEMENTARES","H","3,0000000","15,85","47,55"]
[null,null,"CAMINHONETE CABINE SIMPLES COM MOTOR 1.6 FLEX, CÂMBIO MANUAL, POTÊNCIA 101/104 CV, 2 PORTAS - CHP DIURNO. AF_11/2015","CHP","8,0000000","103,21","825,68"]
[]
["SEINFRA","I4473","TUBO FoFo C/ FLANGES DN 150 PN10 - L=3000","UN",4]
[]
["ORSE",3310,"CHAPISCO EM PAREDE COM ARGAMASSA TRAÇO T1 - 1:3 (CIMENTO / AREIA) - REVISADO  08/2015","M²",1296]
[]
["SINAPI",303,"ANEL BORRACHA, PARA TUBO PVC, REDE COLETOR ESGOTO, DN 100 MM (NBR 7362)                                                                                                                                                                                                                                                                                                                                                                                                                                   ","UN    ",2602]
[]
["SINAPI",90735,"ASSENTAMENTO DE TUBO DE PVC PARA REDE COLETORA DE ESGOTO DE PAREDE MACIÇA, DN 200 MM, JUNTA ELÁSTICA, INSTALADO EM LOCAL COM NÍVEL BAIXO DE INTERFERÊNCIAS (NÃO INCLUI FORNECIMENTO). AF_06/2015","M",1410]
[null,null,"ASSENTADOR DE TUBOS COM ENCARGOS COMPLEMENTARES","H","0,0867000","30,48","2,64"]
[null,null,"SERVENTE COM ENCARGOS COMPLEMENTARES","H","0,0867000","15,85","1,37"]
[]
["SEINFRA","I8746","VÁLVULA RETENÇÃO PORTA ÚNICA C/FLANGES DN 200 P/ESGOTO","UN",2]
[]
["SEINFRA","C3498","MONTAGEM DE TUBOS, CONEXÕES E PÇS, ELEVATÓRIA C/ VAZÃO DE 10,01 À 20 l/s","UN",1]
[]
["SEINFRA","I4487","TUBO FoFo C/ FLANGES DN 200 PN10 - L=4500","UN",2]
[]
["SEINFRA","C2904","PORTÃO DE TUBO DE AÇO GALVANIZADO DE 2\" (4X2)m, INCL.. PILARES DE SUSTENTAÇÃO","UN",2]
[]
["CODEVASF","COMPOSIÇÃO","CAMADA DRENANTE DE AREIA GROSSA PARA LEITO DE SECAGEM","M³",63.72]
[null,null,"AREIA GROSSA - POSTO JAZIDA/FORNECEDOR (RETIRADO NA JAZIDA, SEM TRANSPORTE)                                                                                                                                                                                                                                                                                                                                                                                                                               ","M³    ",1.1000000000000001,"65,00",71.5]
[null,null,"SERVENTE DE OBRAS                                                                                                                                                                                                                                                                                                                                                                                                                                                                                         ","H     ",0.25,"11,09",2.77]
[]
["SINAPI","73859/2","CAPINA E LIMPEZA MANUAL DE TERRENO","M²",3750]
[null,null,"SERVENTE COM ENCARGOS COMPLEMENTARES","H","0,0800000","15,85","1,26"]
[]
["SINAPI","74209/1","FORNECIMENTO, MONTAGEM, MANUTENÇÃO  E INSTALAÇÃO DE PLACA DE IDENTIFICAÇÃO DE OBRA COM 2MX3M, CONFORME MODELO APRESENTADO PELA FISCALIZAÇÃO.","M²",12.96]
[null,null,"SARRAFO DE MADEIRA NAO APARELHADA *2,5 X 7* CM, MACARANDUBA, ANGELIM OU EQUIVALENTE DA REGIAO","M","1,0000000","5,43","5,43"]
[null,null,"PECA DE MADEIRA NATIVA / REGIONAL 7,5 X 7,5CM (3X3) NAO APARELHADA (P/FORMA)","M","4,0000000","6,40","25,60"]
[null,null,"PLACA DE OBRA (PARA CONSTRUCAO CIVIL) EM CHAPA GALVANIZADA *N. 22*, DE *2,0 X 1,125* M","M2","1,0000000","240,00","240,00"]
[null,null,"PREGO DE ACO POLIDO COM CABECA 18 X 30 (2 3/4 X 10)","KG","0,1100000","11,39","1,25"]
[null,null,"CARPINTEIRO DE FORMAS COM ENCARGOS COMPLEMENTARES","H","1,0000000","19,45","19,45"]
[null,null,"SERVENTE COM ENCARGOS COMPLEMENTARES","H","2,0000000","15,85","31,70"]
[null,null,"CONCRETO MAGRO PARA LASTRO, TRAÇO 1:4,5:4,5 (CIMENTO/ AREIA MÉDIA/ BRITA 1)  - PREPARO MECÂNICO COM BETONEIRA 400 L. AF_07/2016","M3","0,0100000","254,54","2,54"]
[]
["CODEVASF","COMPOSIÇÃO","SONDAGEM À PERCUSSÃO COM SPT","M",80]
[]
["SEINFRA","I4476","TUBO FoFo C/ FLANGES DN 150 PN10 - L=4500","UN",2]
[]
["CODEVASF","COMPOSIÇÃO","CAMADA DRENANTE DE BRITA Nº 2 PARA LEITO DE SECAGEM","M³",63.72]
[null,null,"PEDRA BRITADA N. 2 (19 A 38 MM) POSTO PEDREIRA/FORNECEDOR, SEM FRETE                                                                                                                                                                                                                                                                                                                                                                                                                                      ","M³    ",1.1000000000000001,"55,38",60.92]
[null,null,"SERVENTE DE OBRAS                                                                                                                                                                                                                                                                                                                                                                                                                                                                                         ","H     ",0.25,"11,09",2.77]
[]
["SINAPI",94273,"ASSENTAMENTO DE GUIA (MEIO-FIO) EM TRECHO RETO, CONFECCIONADA EM CONCRETO PRÉ-FABRICADO, DIMENSÕES 100X15X13X30 CM (COMPRIMENTO X BASE INFERIOR X BASE SUPERIOR X ALTURA), PARA VIAS URBANAS (USO VIÁRIO). AF_06/2016","M",118]
[null,null,"AREIA MEDIA - POSTO JAZIDA/FORNECEDOR (RETIRADO NA JAZIDA, SEM TRANSPORTE)","M3","0,0070000","55,00","0,38"]
[null,null,"MEIO-FIO OU GUIA DE CONCRETO, PRE-MOLDADO, COMP 1 M, *30 X 15/ 12* CM (H X L1/L2)","M","1,0050000","18,15","18,24"]
[null,null,"PEDREIRO COM ENCARGOS COMPLEMENTARES","H","0,3940000","19,57","7,71"]
[null,null,"SERVENTE COM ENCARGOS COMPLEMENTARES","H","0,3940000","15,85","6,24"]
[null,null,"ARGAMASSA TRAÇO 1:3 (CIMENTO E AREIA MÉDIA), PREPARO MANUAL. AF_08/2014","M3","0,0020000","387,49","0,77"]
[]
["SEINFRA","I4484","TUBO FoFo C/ FLANGES DN 200 PN10 - L=3000","UN",2]
[]
["ORSE",11137,"ENTRADA DE ENERGIA ELÉTRICA TRIFÁSICA DEMANDA ENTRE 19 E 26,6 KW","UN",3]
[]
["CODEVASF","ELE07","SERVIÇO PARA INSTALAÇÃO DOS MATERIAIS ELÉTRICOS DA ETE SBPD E SBCE","UN ",1]
[]
["SEINFRA","I4475","TUBO FoFo C/ FLANGES DN 150 PN10 - L=4000","UN",2]
[]
["SINAPI",319,"ANEL BORRACHA, PARA TUBO PVC DEFOFO, DN 200 MM (NBR 7665)                                                                                                                                                                                                                                                                                                                                                                                                                                                 ","UN    ",211]
[]
["SINAPI",98424,"(COMPOSIÇÃO REPRESENTATIVA) POÇO DE VISITA CIRCULAR PARA ESGOTO, EM CONCRETO PRÉ-MOLDADO, DIÂMETRO INTERNO = 1,0 M, PROFUNDIDADE DE 3,00 A 3,50 M, INCLUINDO TAMPÃO DE FERRO FUNDIDO, DIÂMETRO DE 60 CM. AF_04/2018","UN",2]
[null,null,"ACRÉSCIMO PARA POÇO DE VISITA CIRCULAR PARA ESGOTO, EM CONCRETO PRÉ-MOLDADO, DIÂMETRO INTERNO = 1 M. AF_05/2018","M","1,0000000","298,97","298,97"]
[null,null,"CHAMINÉ CIRCULAR PARA POÇO DE VISITA PARA ESGOTO, EM CONCRETO PRÉ-MOLDADO, DIÂMETRO INTERNO = 0,6 M. AF_05/2018","M","1,0000000","158,68","158,68"]
[null,null,"TAMPA CIRCULAR PARA ESGOTO E DRENAGEM, EM FERRO FUNDIDO, DIÂMETRO INTERNO = 0,6 M. AF_05/2018","UN","1,0000000","455,66","455,66"]
[null,null,"BASE PARA POÇO DE VISITA CIRCULAR PARA  ESGOTO, EM CONCRETO PRÉ-MOLDADO, DIÂMETRO INTERNO = 1 M, PROFUNDIDADE = 1,45 M, EXCLUINDO TAMPÃO. AF_05/2018_P","UN","1,0000000","861,33","861,33"]
[]
["SINAPI",7258,"TIJOLO CERAMICO MACICO *5 X 10 X 20* CM                                                                                                                                                                                                                                                                                                                                                                                                                                                                   ","UN    ",13792]
[]
["CODEVASF","ELE05","SERVIÇO PARA INSTALAÇÃO DOS MATERIAIS ELÉTRICOS DA EEE-02","UN ",1]
[]
["SINAPI",73665,"ESCADA TIPO MARINHEIRO EM ACO CA-50 9,52MM INCLUSO PINTURA COM FUNDO ANTICORROSIVO TIPO ZARCAO","M",55.26]
[null,null,"ACO CA-50, 10,0 MM, VERGALHAO","KG","2,8000000","4,54","12,71"]
[null,null,"FUNDO ANTICORROSIVO PARA METAIS FERROSOS (ZARCAO)","L","0,0250000","26,87","0,67"]
[null,null,"ARMADOR COM ENCARGOS COMPLEMENTARES","H","0,3500000","19,45","6,80"]
[null,null,"PEDREIRO COM ENCARGOS COMPLEMENTARES","H","1,1000000","19,57","21,52"]
[null,null,"SERVENTE COM ENCARGOS COMPLEMENTARES","H","1,1300000","15,85","17,91"]
[null,null,"ARGAMASSA TRAÇO 1:3 (CIMENTO E AREIA MÉDIA), PREPARO MANUAL. AF_08/2014","M3","0,0034500","387,49","1,33"]
[]
["CODEVASF","COMPOSIÇÃO","DESOBSTRUÇÃO E LIMPEZA MANUAL DE POÇO DE VISITA DN - 1,2M E PROFUNDIDADE ATÉ 4,0M ","UN ",50]
[null,null,"SERVENTE DE OBRAS                                                                                                                                                                                                                                                                                                                                                                                                                                                                                         ","H     ",6.05,"11,09",67.09]
[]
["SINAPI",83514,"FORNECIMENTO DE PERFIL SIMPLES \"I\" OU \"H\" 8 A 12\" INCLUSIVE PERDAS","KG",490.5]
[null,null,"OXIGENIO, RECARGA PARA CILINDRO DE CONJUNTO OXICORTE GRANDE","M3","0,0030000","8,32","0,02"]
[null,null,"PERFIL \"I\" DE ACO LAMINADO, \"W\" 410 X 67","KG","1,0500000","5,92","6,21"]
[null,null,"ELETRODO REVESTIDO AWS - E6013, DIAMETRO IGUAL A 4,00 MM","KG","0,0150000","24,57","0,36"]
[null,null,"SOLDADOR COM ENCARGOS COMPLEMENTARES","H","0,0100000","19,45","0,19"]
[]
["SINAPI",305,"ANEL BORRACHA, PARA TUBO PVC, REDE COLETOR ESGOTO, DN 150 MM (NBR 7362)                                                                                                                                                                                                                                                                                                                                                                                                                                   ","UN    ",582]
[]
["SINAPI",96396,"EXECUÇÃO E COMPACTAÇÃO DE BASE E OU SUB BASE COM BRITA GRADUADA SIMPLES - EXCLUSIVE CARGA E TRANSPORTE. AF_09/2017","M³",32.71]
[null,null,"ROLO COMPACTADOR VIBRATÓRIO DE UM CILINDRO AÇO LISO, POTÊNCIA 80 HP, PESO OPERACIONAL MÁXIMO 8,1 T, IMPACTO DINÂMICO 16,15 / 9,5 T, LARGURA DE TRABALHO 1,68 M - CHP DIURNO. AF_06/2014","CHP","0,0077000","108,42","0,83"]
[null,null,"ROLO COMPACTADOR VIBRATÓRIO DE UM CILINDRO AÇO LISO, POTÊNCIA 80 HP, PESO OPERACIONAL MÁXIMO 8,1 T, IMPACTO DINÂMICO 16,15 / 9,5 T, LARGURA DE TRABALHO 1,68 M - CHI DIURNO. AF_06/2014","CHI","0,0084000","54,73","0,45"]
[null,null,"CAMINHÃO PIPA 10.000 L TRUCADO, PESO BRUTO TOTAL 23.000 KG, CARGA ÚTIL MÁXIMA 15.935 KG, DISTÂNCIA ENTRE EIXOS 4,8 M, POTÊNCIA 230 CV, INCLUSIVE TANQUE DE AÇO PARA TRANSPORTE DE ÁGUA - CHP DIURNO. AF_06/2014","CHP","0,0058000","171,23","0,99"]
[null,null,"CAMINHÃO PIPA 10.000 L TRUCADO, PESO BRUTO TOTAL 23.000 KG, CARGA ÚTIL MÁXIMA 15.935 KG, DISTÂNCIA ENTRE EIXOS 4,8 M, POTÊNCIA 230 CV, INCLUSIVE TANQUE DE AÇO PARA TRANSPORTE DE ÁGUA - CHI DIURNO. AF_06/2014","CHI","0,0103000","46,48","0,47"]
[null,null,"MOTONIVELADORA POTÊNCIA BÁSICA LÍQUIDA (PRIMEIRA MARCHA) 125 HP, PESO BRUTO 13032 KG, LARGURA DA LÂMINA DE 3,7 M - CHP DIURNO. AF_06/2014","CHP","0,0077000","164,22","1,26"]
[null,null,"MOTONIVELADORA POTÊNCIA BÁSICA LÍQUIDA (PRIMEIRA MARCHA) 125 HP, PESO BRUTO 13032 KG, LARGURA DA LÂMINA DE 3,7 M - CHI DIURNO. AF_06/2014","CHI","0,0084000","71,71","0,60"]
[null,null,"SERVENTE COM ENCARGOS COMPLEMENTARES","H","0,0563000","15,85","0,89"]
[null,null,"USINAGEM DE BRITA GRADUADA SIMPLES, UTILIZANDO BRITA COMERCIAL COM USINA 300 T/H. AF_06/2017","M3","1,0000000","92,84","92,84"]
[null,null,"ROLO COMPACTADOR DE PNEUS, ESTATICO, PRESSAO VARIAVEL, POTENCIA 110 HP, PESO SEM/COM LASTRO 10,8/27 T, LARGURA DE ROLAGEM 2,30 M - CHP DIURNO. AF_06/2017","CHP","0,0039000","144,35","0,56"]
[null,null,"ROLO COMPACTADOR DE PNEUS, ESTATICO, PRESSAO VARIAVEL, POTENCIA 110 HP, PESO SEM/COM LASTRO 10,8/27 T, LARGURA DE ROLAGEM 2,30 M - CHI DIURNO. AF_06/2017","CHI","0,0122000","65,79","0,80"]
[]
["ORSE",6343,"REGISTRO GAVETA FOFO, C/ FLANGES, CUNHA BORRACHA, CORPO CURTO E CABEÇOTE, TIP O EURO 23,  PN16, DIAM  = 150MM","UN",6]
[]
["SINAPI",90092,"ESCAVAÇÃO MECANIZADA DE VALA COM PROF. MAIOR QUE 1,5 M E ATÉ 3,0 M(MÉDIA ENTRE MONTANTE E JUSANTE/UMA COMPOSIÇÃO POR TRECHO), COM ESCAVADEIRA HIDRÁULICA (0,8 M3/111 HP), LARG. MENOR QUE 1,5 M, EM SOLO DE 1A CATEGORIA, LOCAIS COM BAIXO NÍVEL DE INTERFERÊNCIA. AF_01/2015","M³",618.13]
[null,null,"ESCAVADEIRA HIDRÁULICA SOBRE ESTEIRAS, CAÇAMBA 0,80 M3, PESO OPERACIONAL 17 T, POTENCIA BRUTA 111 HP - CHP DIURNO. AF_06/2014","CHP","0,0206000","146,53","3,01"]
[null,null,"ESCAVADEIRA HIDRÁULICA SOBRE ESTEIRAS, CAÇAMBA 0,80 M3, PESO OPERACIONAL 17 T, POTENCIA BRUTA 111 HP - CHI DIURNO. AF_06/2014","CHI","0,0224000","66,72","1,49"]
[null,null,"SERVENTE COM ENCARGOS COMPLEMENTARES","H","0,0431000","15,85","0,68"]
[]
["SINAPI",79480,"ESCAVACAO MECANICA CAMPO ABERTO EM SOLO EXCETO ROCHA ATE 2,00M PROFUNDIDADE","M³",1348.31]
[null,null,"TRATOR DE ESTEIRAS, POTÊNCIA 100 HP, PESO OPERACIONAL 9,4 T, COM LÂMINA 2,19 M3 - CHP DIURNO. AF_06/2014","CHP","0,0176000","133,53","2,35"]
[]
["SEINFRA","I3426","CURVA FoFo 90 FF DN 150 PN10","UN",10]
[]
["ORSE",6320,"LASTRO DE CONCRETO, FCK=15 MPA, LANÇADO E ADENSADO","M³",7.8]
[]
["CODEVASF","ELE08","SERVIÇO PARA INSTALAÇÃO DOS MATERIAIS ELÉTRICOS DA ETE SBFD","UN ",1]
[]
["ORSE",6439,"VENTOSA TRÍPLICE FUNÇÃO,  PN 25, DIAM  = 50MM","UN",3]
[]
["SINAPI",94964,"CONCRETO FCK = 20MPA, TRAÇO 1:2,7:3 (CIMENTO/ AREIA MÉDIA/ BRITA 1)  - PREPARO MECÂNICO COM BETONEIRA 400 L. AF_07/2016","M³",9.69]
[null,null,"AREIA MEDIA - POSTO JAZIDA/FORNECEDOR (RETIRADO NA JAZIDA, SEM TRANSPORTE)","M3","0,7850000","55,00","43,17"]
[null,null,"CIMENTO PORTLAND COMPOSTO CP II-32","KG","322,9800000","0,43","138,88"]
[null,null,"PEDRA BRITADA N. 1 (9,5 a 19 MM) POSTO PEDREIRA/FORNECEDOR, SEM FRETE","M3","0,5870000","55,38","32,50"]
[null,null,"SERVENTE COM ENCARGOS COMPLEMENTARES","H","2,5300000","15,85","40,10"]
[null,null,"OPERADOR DE BETONEIRA ESTACIONÁRIA/MISTURADOR COM ENCARGOS COMPLEMENTARES","H","1,6000000","28,44","45,50"]
[null,null,"BETONEIRA CAPACIDADE NOMINAL DE 400 L, CAPACIDADE DE MISTURA 280 L, MOTOR ELÉTRICO TRIFÁSICO POTÊNCIA DE 2 CV, SEM CARREGADOR - CHP DIURNO. AF_10/2014","CHP","0,8300000","1,11","0,92"]
[null,null,"BETONEIRA CAPACIDADE NOMINAL DE 400 L, CAPACIDADE DE MISTURA 280 L, MOTOR ELÉTRICO TRIFÁSICO POTÊNCIA DE 2 CV, SEM CARREGADOR - CHI DIURNO. AF_10/2014","CHI","0,7800000","0,27","0,21"]
[]
["ORSE",5649,"REGISTRO GAVETA FOFO, C/ FLANGES, CUNHA BORRACHA, CORPO CURTO E CABEÇOTE, PN  10, TIPO EURO 23, D=  300MM","UN",1]
[]
["ORSE",2548,"LOCAÇÃO DE SERVIÇOS DE TERRAPLENAGEM DE OBRAS CIVIS","M²",2206.62]
[]
["ORSE","ELE11","SERVIÇO PARA EXECUÇÃO DA EXTENSÃO DE REDE BT PARA EEE-04","UN ",1]
[]
["CODEVASF","ELE03","COMISSIONAMENTO E STARTUP PARA CADA EEE","UN ",2]
[]
["SINAPI",95468,"PINTURA ESMALTE BRILHANTE (2 DEMAOS) SOBRE SUPERFICIE METALICA, INCLUSIVE PROTECAO COM ZARCAO (1 DEMAO)","M²",67.239999999999995]
[null,null,"LIXA EM FOLHA PARA FERRO, NUMERO 150","UN","0,3000000","1,83","0,54"]
[null,null,"SOLVENTE DILUENTE A BASE DE AGUARRAS","L","0,0300000","13,69","0,41"]
[null,null,"TINTA ESMALTE SINTETICO PREMIUM BRILHANTE","L","0,1440000","25,87","3,72"]
[null,null,"FUNDO ANTICORROSIVO PARA METAIS FERROSOS (ZARCAO)","L","0,1200000","26,87","3,22"]
[null,null,"PINTOR COM ENCARGOS COMPLEMENTARES","H","0,8000000","19,49","15,59"]
[null,null,"SERVENTE COM ENCARGOS COMPLEMENTARES","H","0,8000000","15,85","12,68"]
[]
["SEINFRA","I4470","TUBO FoFo C/ FLANGES DN 150 PN10 - L=1500","UN",2]
[]
["SEINFRA","I3427","CURVA FoFo 90 FF DN 200 PN10","UN",5]
[]
["SEINFRA","I4658","TUBO FoFo C/FLANGE E PONTA DN 150 PN10 - L=2500","UN",2]
[]
["ORSE",7086,"ATERRO MECANIZADO COM TRATOR DE ESTEIRA, INCLUSIVE COMPACTAÇÃO (MÃO DE OBRA,  CAMINHÃO PIPA, E ROLO)","M³",655.94]
[]
["SEINFRA","C3497","MONTAGEM DE TUBOS, CONEXÕES E PÇS, ELEVATÓRIA C/ VAZÃO DE 5,01 À 10 l/s","UN",1]
[]
["SEINFRA","I4646","TUBO FoFo C/FLANGE E PONTA DN 100 PN10 - L=2000","UN",3]
[]
["SINAPI",98679,"PISO CIMENTADO, TRAÇO 1:3 (CIMENTO E AREIA), ACABAMENTO LISO, ESPESSURA 2,0 CM, PREPARO MECÂNICO DA ARGAMASSA. AF_06/2018","M²",78]
[null,null,"CIMENTO PORTLAND COMPOSTO CP II-32","KG","0,5000000","0,43","0,21"]
[null,null,"JUNTA PLASTICA DE DILATACAO PARA PISOS, COR CINZA, 17 X 3 MM (ALTURA X ESPESSURA)","M","1,6700000","0,87","1,45"]
[null,null,"ARGAMASSA TRAÇO 1:3 (CIMENTO E AREIA MÉDIA) PARA CONTRAPISO, PREPARO MECÂNICO COM BETONEIRA 400 L. AF_06/2014","M3","0,0310000","463,07","14,35"]
[null,null,"PEDREIRO COM ENCARGOS COMPLEMENTARES","H","0,3540000","19,57","6,92"]
[null,null,"SERVENTE COM ENCARGOS COMPLEMENTARES","H","0,1770000","15,85","2,80"]
[]
["SEINFRA","I3796","EXTREMIDADE FLANGE E PONTA DN 150 PN10","UN",8]
[]
["SEINFRA","I3797","EXTREMIDADE FLANGE E PONTA DN 200 PN10","UN",4]
[]
["SEINFRA","I6667","TUBO FoFo C/FLANGE E PONTA DN 150 PN10 L=500","UN",4]
[]
["SEINFRA","I6670","TUBO FoFo C/FLANGE E PONTA DN 300 PN10 L=500","UN",2]
[]
["SINAPI","73891/1","ESGOTAMENTO COM MOTO-BOMBA AUTOESCOVANTE","H",322]
[null,null,"MOTOBOMBA CENTRÍFUGA, MOTOR A GASOLINA, POTÊNCIA 5,42 HP, BOCAIS 1 1/2\" X 1\", DIÂMETRO ROTOR 143 MM HM/Q = 6 MCA / 16,8 M3/H A 38 MCA / 6,6 M3/H - CHP DIURNO. AF_06/2014","CHP","1,0000000","4,00","4,00"]
[null,null,"SERVENTE COM ENCARGOS COMPLEMENTARES","H","0,1000000","15,85","1,58"]
[]
["CODEVASF","COMPOSIÇÃO","DESLOCAMENTO E INSTALAÇÃO DE EQUIPAMENTO ACIMA DE 500 METROS","UN ",2]
[]
["SEINFRA","C0823","COMPORTA EM FIBRA, CALHA EM ALUMÍNIO","M²",4.09]
[]
["SINAPI","74219/2","PASSADICOS COM TABUAS DE MADEIRA PARA VEICULOS","M²",35]
[null,null,"PECA DE MADEIRA NATIVA / REGIONAL 7,5 X 7,5CM (3X3) NAO APARELHADA (P/FORMA)","M","0,8000000","6,40","5,12"]
[null,null,"PREGO DE ACO POLIDO COM CABECA 18 X 27 (2 1/2 X 10)","KG","0,2000000","11,20","2,24"]
[null,null,"TABUA MADEIRA 2A QUALIDADE 2,5 X 30,0CM (1 X 12\") NAO APARELHADA","M","0,9333000","7,93","7,40"]
[null,null,"CARPINTEIRO DE FORMAS COM ENCARGOS COMPLEMENTARES","H","0,5000000","19,45","9,72"]
[null,null,"SERVENTE COM ENCARGOS COMPLEMENTARES","H","1,5000000","15,85","23,77"]
[]
["SEINFRA","I3877","JUNÇÃO 45 FoFo FFF DN 150 x 150 PN10","UN",2]
[]
["SINAPI",318,"ANEL BORRACHA, PARA TUBO PVC DEFOFO, DN 150 MM (NBR 7665)                                                                                                                                                                                                                                                                                                                                                                                                                                                 ","UN    ",182]
[]
["SINAPI",72917,"ESCAVACAO MECANICA DE VALA EM MATERIAL 2A. CATEGORIA DE 2,01 ATE 4,00 M DE PROFUNDIDADE COM UTILIZACAO DE ESCAVADEIRA HIDRAULICA","M³",133]
[null,null,"SERVENTE COM ENCARGOS COMPLEMENTARES","H","0,1428000","15,85","2,26"]
[null,null,"ESCAVADEIRA HIDRÁULICA SOBRE ESTEIRAS, CAÇAMBA 0,80 M3, PESO OPERACIONAL 17,8 T, POTÊNCIA LÍQUIDA 110 HP - CHP DIURNO. AF_10/2014","CHP","0,0714000","143,45","10,24"]
[]
["CODEVASF","COMPOSIÇÃO","DESLOCAMENTO E INSTALAÇÃO DE EQUIPAMENTO 0 A 200 METROS","UN ",4]
[]
["SINAPI","74219/1","PASSADICOS COM TABUAS DE MADEIRA PARA PEDESTRES","M²",27]
[null,null,"VIGA DE MADEIRA NAO APARELHADA *6 X 16* CM, MACARANDUBA, ANGELIM OU EQUIVALENTE DA REGIAO","M","0,7619000","27,22","20,73"]
[null,null,"PREGO DE ACO POLIDO COM CABECA 18 X 27 (2 1/2 X 10)","KG","0,2000000","11,20","2,24"]
[null,null,"TABUA MADEIRA 2A QUALIDADE 2,5 X 30,0CM (1 X 12\") NAO APARELHADA","M","0,4285000","7,93","3,39"]
[null,null,"CARPINTEIRO DE FORMAS COM ENCARGOS COMPLEMENTARES","H","0,5000000","19,45","9,72"]
[null,null,"SERVENTE COM ENCARGOS COMPLEMENTARES","H","1,5000000","15,85","23,77"]
[]
["SEINFRA","I7605","REDUÇÃO EXCÊNTRICA C/ FLANGES DN 150 x 80 PN10","UN",4]
[]
["SEINFRA","I3477","CURVA DE PÉ 90 FF DN 150 PN10","UN",4]
[]
["SEINFRA","I3893","JUNTA GIBAULT DN 150","UN",6]
[]
["SINAPI",88488,"APLICAÇÃO MANUAL DE PINTURA COM TINTA LÁTEX ACRÍLICA EM TETO, DUAS DEMÃOS. AF_06/2014","M²",134.37]
[null,null,"TINTA ACRILICA PREMIUM, COR BRANCO FOSCO","L","0,3300000","16,80","5,54"]
[null,null,"PINTOR COM ENCARGOS COMPLEMENTARES","H","0,2440000","19,49","4,75"]
[null,null,"SERVENTE COM ENCARGOS COMPLEMENTARES","H","0,0890000","15,85","1,41"]
[]
["SEINFRA","I4086","REDUÇÃO FoFo FF DN 200 x 100 PN10","UN",2]
[]
["SINAPI",90737,"ASSENTAMENTO DE TUBO DE PVC PARA REDE COLETORA DE ESGOTO DE PAREDE MACIÇA, DN 300 MM, JUNTA ELÁSTICA, INSTALADO EM LOCAL COM NÍVEL BAIXO DE INTERFERÊNCIAS (NÃO INCLUI FORNECIMENTO). AF_06/2015","M",276]
[null,null,"ASSENTADOR DE TUBOS COM ENCARGOS COMPLEMENTARES","H","0,1134000","30,48","3,45"]
[null,null,"SERVENTE COM ENCARGOS COMPLEMENTARES","H","0,1134000","15,85","1,79"]
[]
["SEINFRA","I4481","TUBO FoFo C/ FLANGES DN 200 PN10 - L=1500","UN",1]
[]
["SEINFRA","I4070","REDUÇÃO EXCÊNTRICA C/ FLANGES DN 200 x 100 PN10","UN",2]
[]
["SEINFRA","I4669","TUBO FoFo C/FLANGE E PONTA DN 200 PN10 - L=2500","UN",1]
[]
["SINAPI",95465,"COBOGO CERAMICO (ELEMENTO VAZADO), 9X20X20CM, ASSENTADO COM ARGAMASSA TRACO 1:4 DE CIMENTO E AREIA","M²",11.52]
[null,null,"AREIA MEDIA - POSTO JAZIDA/FORNECEDOR (RETIRADO NA JAZIDA, SEM TRANSPORTE)","M3","0,0190000","55,00","1,04"]
[null,null,"CIMENTO PORTLAND COMPOSTO CP II-32","KG","2,2800000","0,43","0,98"]
[null,null,"ELEMENTO VAZADO CERAMICO 9 X 20 X 20 CM","UN","25,0000000","3,04","76,00"]
[null,null,"PEDREIRO COM ENCARGOS COMPLEMENTARES","H","1,0000000","19,57","19,57"]
[null,null,"SERVENTE COM ENCARGOS COMPLEMENTARES","H","1,1200000","15,85","17,75"]
[]
["SEINFRA","I4083","REDUÇÃO FoFo FF DN 150 x 75 PN10","UN",4]
[]
["SINAPI",83338,"ESCAVACAO MECANICA, A CEU ABERTO, EM MATERIAL DE 1A CATEGORIA, COM ESCAVADEIRA HIDRAULICA, CAPACIDADE DE 0,78 M3","M³",498.86]
[null,null,"ESCAVADEIRA HIDRÁULICA SOBRE ESTEIRAS, CAÇAMBA 0,80 M3, PESO OPERACIONAL 17,8 T, POTÊNCIA LÍQUIDA 110 HP - CHI DIURNO. AF_10/2014","CHI","0,0058000","65,42","0,37"]
[null,null,"SERVENTE COM ENCARGOS COMPLEMENTARES","H","0,0192000","15,85","0,30"]
[null,null,"ESCAVADEIRA HIDRÁULICA SOBRE ESTEIRAS, CAÇAMBA 0,80 M3, PESO OPERACIONAL 17,8 T, POTÊNCIA LÍQUIDA 110 HP - CHP DIURNO. AF_10/2014","CHP","0,0134000","143,45","1,92"]
[]
["CODEVASF","ELE06","COMISSIONAMENTO E STARTUP PARA EEE-02","UN ",1]
[]
["SEINFRA","I4655","TUBO FoFo C/FLANGE E PONTA DN 150 PN10 - L=1000","UN",2]
[]
["ORSE",4986,"CARGA MECÂNICA DE MATERIAL DE 1ª CATEGORIA","M³",1716.86]
[]
["CODEVASF","ELE10","SERVIÇO PARA PROJETO DA EXTENSÃO DE REDE BT PARA EEE-04","UN ",1]
[]
["SEINFRA","I3648","TE FoFo FF DN 150 x 100 PN10","UN",2]
[]
["SEINFRA","C1630","LOCAÇÃO DA OBRA - EXECUÇÃO DE GABARITO","M²",229.23]
[]
["SEINFRA","I3646","TE FoFo FF DN 150 x 50 PN10","UN",2]
[]
["SEINFRA","I7266","TUBO FoFo PB JE K-9 P/ ESGOTO DN 150","M",4]
[]
["SEINFRA","I7269","TUBO FoFo PB JE K-9 P/ ESGOTO DN 300","M",2]
[]
["SEINFRA","I3962","TUBO FoFo C/ FLANGES DN 150 PN10 - L=250","UN",4]
[]
["ORSE",5647,"REGISTRO GAVETA FOFO, C/ FLANGES, CUNHA BORRACHA, CORPO CURTO E CABEÇOTE, PN  10, TIPO EURO 23, D=  200MM","UN",1]
[]
["SINAPI",72900,"TRANSPORTE DE ENTULHO COM CAMINHAO BASCULANTE 6 M3, RODOVIA PAVIMENTADA, DMT 0,5 A 1,0 KM","M³",162.75]
[null,null,"CAMINHÃO BASCULANTE 6 M3, PESO BRUTO TOTAL 16.000 KG, CARGA ÚTIL MÁXIMA 13.071 KG, DISTÂNCIA ENTRE EIXOS 4,80 M, POTÊNCIA 230 CV INCLUSIVE CAÇAMBA METÁLICA - CHP DIURNO. AF_06/2014","CHP","0,0360000","170,06","6,12"]
[]
["ORSE",12532,"REGISTRO GAVETA FOFO, C/ FLANGES, CUNHA BORRACHA, CORPO CURTO E VOLANTE, TIPO EURO 23,  PN16, DIAM  = 100MM","UN",2]
[]
["SINAPI",90736,"ASSENTAMENTO DE TUBO DE PVC PARA REDE COLETORA DE ESGOTO DE PAREDE MACIÇA, DN 250 MM, JUNTA ELÁSTICA, INSTALADO EM LOCAL COM NÍVEL BAIXO DE INTERFERÊNCIAS (NÃO INCLUI FORNECIMENTO). AF_06/2015","M",204]
[null,null,"ASSENTADOR DE TUBOS COM ENCARGOS COMPLEMENTARES","H","0,1000000","30,48","3,04"]
[null,null,"SERVENTE COM ENCARGOS COMPLEMENTARES","H","0,1000000","15,85","1,58"]
[]
["SEINFRA","I3880","JUNÇÃO 45 FoFo FFF DN 200 x 200 PN10","UN",1]
[]
["SEINFRA","I3964","TUBO FoFo C/ FLANGES DN 200  PN10 - L=250","UN",2]
[]
["SEINFRA","I3478","CURVA DE PÉ 90 FF DN 200 PN10","UN",2]
[]
["CODEVASF","COMPOSIÇÃO","CONES DE SINALIZAÇÃO - FORNECIMENTO E MOVIMENTAÇÃO","UN/DIA",1100]
[null,null,"CONE DE SINALIZACAO EM PVC RIGIDO COM FAIXA REFLETIVA, H = 70 / 76 CM                                                                                                                                                                                                                                                                                                                                                                                                                                     ","UN    ",0.01,"29,00",0.28999999999999998]
[null,null,"SERVENTE DE OBRAS                                                                                                                                                                                                                                                                                                                                                                                                                                                                                         ","H     ",0.05,"11,09",0.55000000000000004]
[]
["SEINFRA","I3180","TUBO PVC CORRUGADO E PERFURADO DN 100","M",31.5]
[]
["ORSE",12533,"REGISTRO GAVETA FOFO, C/ FLANGES, CUNHA BORRACHA, CORPO CURTO E VOLANTE, TIPO EURO 23,  PN16, DIAM  = 50MM","UN",3]
[]
["SEINFRA","I3652","TE FoFo FF DN 200 x 100 PN10","UN",1]
[]
["SINAPI",308,"ANEL BORRACHA, PARA TUBO, PVC REDE COLETOR ESGOTO, DN 300 MM (NBR 7362)                                                                                                                                                                                                                                                                                                                                                                                                                                   ","UN    ",46]
[]
["ORSE",21,"DEMOLIÇÃO DE MEIO-FIO GRANÍTICO OU PRE-MOLDADO","M",118]
[]
["SEINFRA","I4666","TUBO FoFo C/FLANGE E PONTA DN 200 PN10 - L=1000","UN",1]
[]
["SINAPI",94263,"GUIA (MEIO-FIO) CONCRETO, MOLDADA  IN LOCO  EM TRECHO RETO COM EXTRUSORA, 11,5 CM BASE X 22 CM ALTURA. AF_06/2016","M",30]
[null,null,"AREIA MEDIA - POSTO JAZIDA/FORNECEDOR (RETIRADO NA JAZIDA, SEM TRANSPORTE)","M3","0,0070000","55,00","0,38"]
[null,null,"CONCRETO USINADO BOMBEAVEL, CLASSE DE RESISTENCIA C20, COM BRITA 0 E 1, SLUMP = 100 +/- 20 MM, EXCLUI SERVICO DE BOMBEAMENTO (NBR 8953)","M3","0,0300000","217,79","6,53"]
[null,null,"AJUDANTE ESPECIALIZADO COM ENCARGOS COMPLEMENTARES","H","0,0870000","19,10","1,66"]
[null,null,"PEDREIRO COM ENCARGOS COMPLEMENTARES","H","0,2210000","19,57","4,32"]
[null,null,"SERVENTE COM ENCARGOS COMPLEMENTARES","H","0,4420000","15,85","7,00"]
[null,null,"ARGAMASSA TRAÇO 1:4 (CIMENTO E AREIA MÉDIA), PREPARO MANUAL. AF_08/2014","M3","0,0020000","356,46","0,71"]
[null,null,"MÁQUINA EXTRUSORA DE CONCRETO PARA GUIAS E SARJETAS, MOTOR A DIESEL, POTÊNCIA 14 CV - CHP DIURNO. AF_12/2015","CHP","0,0140000","14,62","0,20"]
[null,null,"MÁQUINA EXTRUSORA DE CONCRETO PARA GUIAS E SARJETAS, MOTOR A DIESEL, POTÊNCIA 14 CV - CHI DIURNO. AF_12/2015","CHI","0,0720000","4,35","0,31"]
[]
["SEINFRA","I3894","JUNTA GIBAULT DN 200","UN",2]
[]
["SEINFRA","I3364","CURVA 90 FoFo BB JUNTA ELÁSTICA DN 150","UN",2]
[]
["SEINFRA","I3650","TE FoFo FF DN 200 x 50 PN10","UN",1]
[]
["CODEVASF","COMPOSIÇÃO","MOBILIZAÇÃO E DESMOBILIZAÇÃO DE EQUIPAMENTOS PARA SONDAGEM A PERCUSSÃO","UN ",1]
[]
["SEINFRA","I3409","CURVA FoFo 45 FF DN 150 PN10","UN",2]
[]
["ORSE",2507,"CARGA MECÂNICA DE MATERIAL DE 2ª CATEGORIA","M³",251.05]
[]
["SINAPI",38052,"TUBO DRENO, CORRUGADO, ESPIRALADO, FLEXIVEL, PERFURADO, EM POLIETILENO DE ALTA DENSIDADE (PEAD), DN 100 MM, (4\") PARA DRENAGEM - EM ROLO (NORMA DNIT 093/2006 - E.M)                                                                                                                                                                                                                                                                                                                                      ","M     ",106.2]
[]
["SEINFRA","I3896","JUNTA GIBAULT DN 300","UN",1]
[]
["SINAPI",83724,"ASSENTAMENTO DE PECAS, CONEXOES, APARELHOS E ACESSORIOS DE FERRO FUNDIDO DUCTIL, JUNTA ELASTICA, MECANICA OU FLANGEADA, COM DIAMETROS DE 50 A 300 MM.","KG",200]
[null,null,"MONTADOR (TUBO AÇO/EQUIPAMENTOS) COM ENCARGOS COMPLEMENTARES","H","0,0300000","50,92","1,52"]
[null,null,"SERVENTE COM ENCARGOS COMPLEMENTARES","H","0,0600000","15,85","0,95"]
[]
["SINAPI",307,"ANEL BORRACHA, PARA TUBO PVC, REDE COLETOR ESGOTO, DN 250 MM (NBR 7362)                                                                                                                                                                                                                                                                                                                                                                                                                                   ","UN    ",34]
[]
["SEINFRA","I3365","CURVA 90 FoFo BB JUNTA ELÁSTICA DN 200","UN",1]
[]
["SEINFRA","I3410","CURVA FoFo 45 FF DN 200 PN10","UN",1]
[]
["ORSE",8662,"TUBO INTEGRAL EM FOFO, PARA ESGOTO - JGS Ø= 450MM","M",0.4]
[]
["ORSE",8656,"TUBO INTEGRAL EM FOFO, PARA ESGOTO - JGS Ø= 150MM","M",0.8]
[]
["SINAPI",306,"ANEL BORRACHA, PARA TUBO PVC, REDE COLETOR ESGOTO, DN 200 MM (NBR 7362)                                                                                                                                                                                                                                                                                                                                                                                                                                   ","UN    ",24]
[]
["SINAPI",94307,"ATERRO MECANIZADO DE VALA COM ESCAVADEIRA HIDRÁULICA (CAPACIDADE DA CAÇAMBA: 0,8 M³ / POTÊNCIA: 111 HP), LARGURA ATÉ 1,5 M, PROFUNDIDADE DE 3,0 A 4,5 M, COM SOLO ARGILO-ARENOSO. AF_05/2016","M³",5.86]
[null,null,"ESCAVADEIRA HIDRÁULICA SOBRE ESTEIRAS, CAÇAMBA 0,80 M3, PESO OPERACIONAL 17 T, POTENCIA BRUTA 111 HP - CHP DIURNO. AF_06/2014","CHP","0,0280000","146,53","4,10"]
[null,null,"ESCAVADEIRA HIDRÁULICA SOBRE ESTEIRAS, CAÇAMBA 0,80 M3, PESO OPERACIONAL 17 T, POTENCIA BRUTA 111 HP - CHI DIURNO. AF_06/2014","CHI","0,0360000","66,72","2,40"]
[null,null,"CAMINHÃO PIPA 10.000 L TRUCADO, PESO BRUTO TOTAL 23.000 KG, CARGA ÚTIL MÁXIMA 15.935 KG, DISTÂNCIA ENTRE EIXOS 4,8 M, POTÊNCIA 230 CV, INCLUSIVE TANQUE DE AÇO PARA TRANSPORTE DE ÁGUA - CHP DIURNO. AF_06/2014","CHP","0,0060000","171,23","1,02"]
[null,null,"CAMINHÃO PIPA 10.000 L TRUCADO, PESO BRUTO TOTAL 23.000 KG, CARGA ÚTIL MÁXIMA 15.935 KG, DISTÂNCIA ENTRE EIXOS 4,8 M, POTÊNCIA 230 CV, INCLUSIVE TANQUE DE AÇO PARA TRANSPORTE DE ÁGUA - CHI DIURNO. AF_06/2014","CHI","0,0030000","46,48","0,13"]
[null,null,"ARGILA, ARGILA VERMELHA OU ARGILA ARENOSA (RETIRADA NA JAZIDA, SEM TRANSPORTE)","M3","1,2500000","12,25","15,31"]
[null,null,"SERVENTE COM ENCARGOS COMPLEMENTARES","H","0,0350000","15,85","0,55"]
[null,null,"COMPACTADOR DE SOLOS DE PERCUSSÃO (SOQUETE) COM MOTOR A GASOLINA 4 TEMPOS, POTÊNCIA 4 CV - CHP DIURNO. AF_08/2015","CHP","0,0280000","37,70","1,05"]
[null,null,"COMPACTADOR DE SOLOS DE PERCUSSÃO (SOQUETE) COM MOTOR A GASOLINA 4 TEMPOS, POTÊNCIA 4 CV - CHI DIURNO. AF_08/2015","CHI","0,0260000","34,23","0,88"]

{"sheet":"CURVA","index":2,"n_rows":237,"n_cols":14,"rows_kept":237,"cut":false,"hidden":true,"merged":[[12,13,13,13],[5,5,5,8],[0,1,4,10],[6,1,6,10],[5,1,5,4],[9,1,10,5],[12,11,13,11],[12,12,13,12],[12,8,12,10],[12,1,13,1],[12,2,13,2],[12,3,13,3],[12,4,13,4],[12,5,13,5],[12,6,13,6],[12,7,13,7]]}
[]
[]
[]
[]
[]
[{"$nulls":5},"COMPANHIA DE DESENVOLVIMENTO DOS                                                                                                                                                         VALES DO SÃO FRANCISCO E DO PARNAÍBA\n3ª Superintendência Regional"]
[null,"COMPLEMENTAÇÃO DAS OBRAS E DOS SERVIÇOS NECESSÁRIOS A IMPLANTAÇÃO DO SISTEMA DE ESGOTAMENTO SANITÁRIO DO MUNICÍPIO DE FLORESTA, NO ESTADO DE PERNAMBUCO, NA ÁREA DE ATUAÇÃO DA 3ª SUPERINTENDÊNCIA REGIONAL DA CODEVASF."]
[{"$nulls":5},"PETROLINA-PE",null,null,null,"AGOSTO DE 2018"]
[{"$nulls":5},"PLANILHA ORÇAMENTÁRIA DE SERVIÇOS E MATERIAIS  "]
[null,"TABELAS DE REFERÊNCIA (SEM DESONERAÇÃO): ",{"$nulls":5},"CODEVASF","FEV/2018","ORSE","JUN/2018"]
[{"$nulls":7},"SEINFRA:","ABR/2017","SINAPI:","JUN/2018"]
[{"$nulls":6},"BDI:","SERVIÇOS:",0.245,"MATERIAIS:",0.13]
[null,"ITEM","TIPO","FONTE","CÓDIGO","DISCRIMINAÇÃO DOS SERVIÇOS","UNID.","QUANT.","PREÇO (R$)",null,null,"%","% ACUM","CUSTO VENÂNCIO"]
[{"$nulls":8},"SEM BDI","COM BDI","TOTAL"]
[null,"7.6.1","INSUMO","IDEAL SAN","COTAÇÃO","DIGESTOR E FILTRO ANAERÓBIOS EM FIBRA DE VIDRO, DE FORMA CILÍNDRICA CONSTITUÍDO POR CILÍNDRO INTERNO (DIGESTOR) E ANEL EXTERNO(FILTRO) COM 5,20M DE ALTURA E DIÂMETRO TOTAL DE 7,00M, SENDO 5,00M O DIÂMETRO DO DIGESTOR E  1,00M A LARGURA DA FAIXA QUE CONSTITUÍ O FILTRO, TOTALIZANDO UMA ÁREA EM CHAPAS DE FIBRA DE VIDRO DE 390,00M². FORNECIMENTO, TRANSPORTE, MONTAGEM NO LOCAL E TESTE (MOTAGEM E INTERLIGAÇÃO DE TODAS AS UNIDADES, INCLUINDO COLOCAÇÃO DO MEIO SUPORTE NOS FILTROS)","UN ",11,534850,604380.5,{"$f":"J15*H15","v":6648185.5},{"$f":"K15/K$236","v":0.41610000000000003},{"$f":"L15","v":0.42}]
[null,"3.5.1","SERVIÇO","CODEVASF","COMPOSIÇÃO","CAIXA DE PASSAGEM EM ANEL CONCRETO ARMADO PRÉ-MOLD. DN = 0,60 PROF. H = 0,60 MC/TAMPA EM CONCRETO ARMADO","UN ",2500,176.99,220.35,550875,{"$f":"K16/K$236","v":3.4500000000000003E-2},{"$f":"L16+M15","v":0.45}]
[null,"1.5","SERVIÇO","CODEVASF","COMPOSIÇÃO","ADMINISTRAÇÃO LOCAL E MANUTENÇÃO DE CANTEIRO DE OBRAS","UN ",1,360469.44,448784.45,448784.45,{"$f":"K17/K$236","v":2.81E-2},{"$f":"L17+M16","v":0.48}]
[null,"8.5.4","INSUMO","IDEAL SAN","COTAÇÃO","BARRILETE DE INTERLIGAÇÃO DOS REATORES HÍBRIDOS E TUBULAÇÕES DE LANÇAMENTO NOS LEITOS DE SECAGEM E LAGOA DE MATURAÇÃO, CONSTITUÍDOS POR TUBOS E CONEXÕES EM RPVC, FLANGES E VÁLVULAS.","UN ",2,190400,215152,430304,2.69E-2,{"$f":"L18+M17","v":0.51}]
[null,"3.8.3","SERVIÇO","SINAPI",87702,"CONTRAPISO EM ARGAMASSA TRAÇO 1:4 (CIMENTO E AREIA), PREPARO MANUAL, APLICADO EM ÁREAS SECAS SOBRE LAJE, NÃO ADERIDO, ESPESSURA 6CM. AF_06/2014","M²",7804.5,"40,06",49.87,389210.42,2.4400000000000002E-2,{"$f":"L19+M18","v":0.53}]
[null,"2.3.7","SERVIÇO","ORSE",4503,"ESCAVAÇÃO MANUAL DE VALA OU CAVA EM MATERIAL DE 3ª CATEGORIA, PROFUNDIDADE AT É 4,00 M, COM USO DE EXPLOSIVOS E PERFURAÇÃO MECÂNICA","M³",1157.21,237.89,296.17,342730.89,2.1399999999999999E-2,0.55000000000000004,240.42]
[null,"2.4.1","SERVIÇO","SINAPI",93378,"REATERRO MECANIZADO DE VALA COM RETROESCAVADEIRA (CAPACIDADE DA CAÇAMBA DA RETRO: 0,26 M³ / POTÊNCIA: 88 HP), LARGURA ATÉ 0,8 M, PROFUNDIDADE ATÉ 1,5 M, COM SOLO (SEM SUBSTITUIÇÃO) DE 1ª CATEGORIA EM LOCAIS COM BAIXO NÍVEL DE INTERFERÊNCIA. AF_04/2016","M³",10896.39,"23,86",29.71,323731.75,2.0299999999999999E-2,0.56999999999999995]
[null,"3.3.4","SERVIÇO","SINAPI",94342,"ATERRO MANUAL DE VALAS COM AREIA PARA ATERRO E COMPACTAÇÃO MECANIZADA. AF_05/2016","M³",2809.62,"91,53",113.95,320156.2,0.02,0.59]
[null,"2.3.8","SERVIÇO","SINAPI",94111,"LASTRO DE VALA COM PREPARO DE FUNDO, LARGURA MENOR QUE 1,5 M, COM CAMADA DE AREIA, LANÇAMENTO MECANIZADO, EM LOCAL COM NÍVEL BAIXO DE INTERFERÊNCIA. AF_06/2016","M³",1812.72,"139,85",174.11,315612.68,1.9800000000000002E-2,0.61]
[null,"3.10.1","INSUMO","SINAPI",36365,"TUBO COLETOR DE ESGOTO PVC, JEI, DN 100 MM (NBR  7362)                                                                                                                                                                                                                                                                                                                                                                                                                                                    ","M     ",15612,"17,49",19.760000000000002,308493.12,1.9300000000000001E-2,0.63]
[null,"2.8.1","SERVIÇO","SINAPI","73790/4","REASSENTAMENTO DE PARALELEPIPEDO SOBRE COLCHAO DE PO DE PEDRA ESPESSURA 10CM, REJUNTADO COM ARGAMASSA TRACO 1:3 (CIMENTO E AREIA), CONSIDERANDO APROVEITAMENTO DO PARALELEPIPEDO","M²",4406.8,"41,12",51.19,225584.09,1.41E-2,0.64]
[null,"7.2.12","SERVIÇO","ORSE",3345,"CONCRETO SIMPLES USINADO FCK=40MPA, BOMBEADO, LANÇADO E ADENSADO EM SUPERESTR UTURA","M³",521.79999999999995,317.47000000000003,395.25,206241.45,1.29E-2,0.65]
[null,"2.3.6","SERVIÇO","ORSE",4357,"ESCAVAÇÃO COM PERFURATRIZ EM MATERIAL DE 2ª CATEGORIA","M³",2108.94,78.31,97.5,205621.65,1.29E-2,0.66,69.430000000000007]
[null,"2.3.1","SERVIÇO","SINAPI",93358,"ESCAVAÇÃO MANUAL DE VALA COM PROFUNDIDADE MENOR OU IGUAL A 1,30 M. AF_03/2016","M³",2456.1999999999998,"62,70",78.06,191730.97,1.2E-2,0.67]
[null,"2.13.6","INSUMO","SINAPI",9829,"TUBO PVC DEFOFO, JEI, 1 MPA, DN 200 MM, PARA REDE DE AGUA (NBR 7665)                                                                                                                                                                                                                                                                                                                                                                                                                                      ","M     ",1266,"120,51",136.18,172403.88,1.0800000000000001E-2,0.68]
[null,"9.3.1","INSUMO","ORSE",10605,"KIT SOLAR P/ ILUMINAÇÃO HT-012 US35.115.160-6 COM POSTE DE AÇO GALV.DE 6M, PA INEL SOLAR MONOCRISTALINO 135W/24V, 2 BATERIAS 80AH/12V SELADAS DE CHUMBO-ÁCI DO, LÂMPADA LED 40W/24V/3360LM, CONTROLE INTELIGENTE 10A/12V/24V","UN",23,6479.15,7321.44,168393.12,1.0500000000000001E-2,0.69]
[null,"3.8.2","SERVIÇO","SINAPI",98681,"PISO CIMENTADO, TRAÇO 1:3 (CIMENTO E AREIA), ACABAMENTO RÚSTICO, ESPESSURA 2,0 CM, PREPARO MECÂNICO DA ARGAMASSA. AF_06/2018","M²",5463.15,"23,99",29.87,163184.29,1.0200000000000001E-2,0.7,34.75]
[null,"7.6.4","INSUMO","IDEAL SAN","COTAÇÃO","BARRILETE DE INTERLIGAÇÃO DOS REATORES HÍBRIDOS E TUBULAÇÕES DE LANÇAMENTO NOS LEITOS DE SECAGEM E LAGOA DE MATURAÇÃO, CONSTITUÍDOS POR TUBOS E CONEXÕES EM RPVC, FLANGES E VÁLVULAS.","UN ",1,142800,161364,161364,1.01E-2,0.71]
[null,"4.1.15","SERVIÇO","SINAPI",92791,"CORTE E DOBRA DE AÇO CA-60, DIÂMETRO DE 5,0 MM, UTILIZADO EM ESTRUTURAS DIVERSAS, EXCETO LAJES. AF_12/2015","KG",19620.5,"6,46",8.0399999999999991,157748.82,9.9000000000000008E-3,0.72]
[null,"1.6","INSUMO","CODEVASF","COMPOSIÇÃO","VEÍCULO PICK-UP CABINE DUPLA 4X4 (163 CV)","MÊS",24,5630.2,6362.13,152691.12,9.5999999999999992E-3,0.73]
[null,"9.1.1","INSUMO","CODEVASF","ELE01","FORNECIMENTO DOS MATERIAIS PARA O SISTEMA ELÉTRICO DE UMA EEE","UN",2,66604.039999999994,75262.570000000007,150525.14000000001,9.4000000000000004E-3,0.74]
[null,"2.13.1","INSUMO","SINAPI",41936,"TUBO COLETOR DE ESGOTO, PVC, JEI, DN 150 MM  (NBR 7362)                                                                                                                                                                                                                                                                                                                                                                                                                                                   ","M     ",3492,"37,63",42.52,148479.84,9.2999999999999992E-3,0.75]
[null,"7.2.21","SERVIÇO","ORSE",2341,"IMPERMEABILIZAÇAO FLEXÍVEL, BASE ACRÍLICA, TIPO IGOLFLEX BRANCO SIKA OU SIMIL AR, P/LAJES, CALHAS, VARANDAS, TERRAÇOS E COBERTURAS DE RESERVATORIOS","M²",2278.37,45.97,57.23,130391.12,8.2000000000000007E-3,0.76]
[null,"2.4.3","SERVIÇO","SINAPI",94315,"ATERRO MECANIZADO DE VALA COM RETROESCAVADEIRA (CAPACIDADE DA CAÇAMBA DA RETRO: 0,26 M³ / POTÊNCIA: 88 HP), LARGURA ATÉ 0,8 M, PROFUNDIDADE ATÉ 1,5 M, COM SOLO ARGILO-ARENOSO. AF_05/2016","M³",2284.23,"43,98",54.76,125084.43,7.7999999999999996E-3,0.77]
[null,"2.3.10","SERVIÇO","SINAPI",97914,"TRANSPORTE COM CAMINHÃO BASCULANTE DE 6 M3, EM VIA URBANA PAVIMENTADA, DMT ATÉ 30 KM (UNIDADE: M3XKM). AF_01/2018","M³XKM",60364.7,"1,65",2.0499999999999998,123747.64,7.7000000000000002E-3,0.78]
[null,"2.8.7","SERVIÇO","SINAPI",9537,"LIMPEZA FINAL DA OBRA","M²",38152.800000000003,"2,41",3,114458.4,7.1999999999999998E-3,0.79,1.81]
[null,"4.1.14","SERVIÇO","ORSE",3366,"FORMA PLANA PARA ESTRUTURAS, EM COMPENSADO PLASTIFICADO DE 12MM, 07 USOS, INC LUSIVE ESCORAMENTO - REVISADA 07.2015","M²",2404.21,37.79,47.05,113118.08,7.1000000000000004E-3,0.8]
[null,"3.8.1","SERVIÇO","SINAPI",93389,"REVESTIMENTO CERÂMICO PARA PISO COM PLACAS TIPO ESMALTADA PADRÃO POPULAR DE DIMENSÕES 35X35 CM APLICADA EM AMBIENTES DE ÁREA MENOR QUE 5 M2. AF_06/2014","M²",2341.35,"36,49",45.43,106367.53,6.7000000000000002E-3,0.81,40.76]
[null,"5.5.1","INSUMO","SIGMMA ESCO","COTAÇÃO","CONJUNTO MOTO BOMBA RE-AUTOESCORVANTE ESCO (CÓDIGOHP061504P) OU SIMILAR COM AS SEGUINTES CARACTERÍSTICAS:  CONJUNTO MOTOBOMBA RE-AUTOESCORVANTE ESCO: Q = 90,00 M³/H (25 L/S) , H = 21,06 MCA, POTÊNCIA CALCULADA = 10,80 CV, POTÊNCIA COMERCIAL = 15 CV, 380 V. ESCOPO DE FORNECIMENTO: BOMBA + BASE + CORREIA/POLIAS + VÁLVULA DE ALÍVIO DE AR + MOTOR, CONFORME PROPOSTA FINANCEIRA APRESENTADA.","UN ",2,46500,52545,105090,6.6E-3,0.82]
[null,"7.5.1","SERVIÇO","SINAPI","74142/4","CERCA COM MOUROES DE CONCRETO, SECAO \"T\" PONTA INCLINADA, 10X10CM, ESPACAMENTO DE 3M, CRAVADOS 0,5M, COM 11 FIOS DE ARAME FARPADO Nº 16","M",1500,"52,81",65.75,98625,6.1999999999999998E-3,0.83]
[null,"2.3.2","SERVIÇO","SINAPI",90105,"ESCAVAÇÃO MECANIZADA DE VALA COM PROFUNDIDADE ATÉ 1,5 M (MÉDIA ENTRE MONTANTE E JUSANTE/UMA COMPOSIÇÃO POR TRECHO) COM RETROESCAVADEIRA (CAPACIDADE DA CAÇAMBA DA RETRO: 0,26 M3 / POTÊNCIA: 88 HP), LARGURA MENOR QUE 0,8 M, EM SOLO DE 1A CATEGORIA, LOCAISCOM BAIXO NÍVEL DE INTERFERÊNCIA. AF_01/2015","M³",10033.52,"7,69",9.57,96020.79,6.0000000000000001E-3,0.84]
[null,"2.6.5","SERVIÇO","SEINFRA","C3475","TRAVESSIA MÉTODO NÃO DESTRUTIVO P/ TUBO 100<DN<=200 (COMPLETO)","M",45,1572.31,1957.53,88088.85,5.4999999999999997E-3,0.85]
[null,"3.7.1","SERVIÇO","ORSE",16,"DEMOLIÇÃO MANUAL DE PISO EM CONCRETO SIMPLES E/OU CIMENTADO","M²",3902.25,17.54,21.84,85225.14,5.3E-3,0.86]
[null,"2.13.5","INSUMO","SINAPI",9828,"TUBO PVC DEFOFO, JEI, 1 MPA, DN 150 MM, PARA REDE DE  AGUA (NBR 7665)                                                                                                                                                                                                                                                                                                                                                                                                                                     ","M     ",1092,"67,69",76.489999999999995,83527.08,5.1999999999999998E-3,0.87]
[null,"2.9.5","SERVIÇO","ORSE",59,"INTERDIÇÃO DE OBRA COM FITA DE SINALIZAÇÃO","M",9861.9,6.76,8.42,83037.2,5.1999999999999998E-3,0.88]
[null,"2.8.2","SERVIÇO","ORSE",2600,"REPOSIÇÃO DE PAVIMENTAÇÃO ASFÁLTICA, INCLUINDO PINTURA DE LIGAÇÃO, FORNECIMEN TO E APLICAÇÃO DE CBUQ","M²",1635.4,39.68,49.4,80788.759999999995,5.1000000000000004E-3,0.89]
[null,"4.4.1","SERVIÇO","ORSE",11146,"MURO EM ALVENARIA BLOCO CERÂMICO, E= 0,09M, C/ ALV DE PEDRA GRANÍTICA, 0,35 X 0,60M, COLUNAS (9X20CM) E CINTAMENTO (9X15CM) SUPERIOR E INFERIOR CONCRETO AR MADO FCK = 15,0 MPA CADA 3,00M, CHAPISCO E REBOCO","M²",462,137.65,171.37,79172.94,5.0000000000000001E-3,0.9]
[null,"9.2.1","INSUMO","CODEVASF","ELE04","FORNECIMENTO DOS MATERIAIS PARA O SISTEMA ELÉTRICO DA EEE-02","UN",1,66742.05,75418.52,75418.52,4.7000000000000002E-3,0.9]
[null,"4.1.16","SERVIÇO","SINAPI",92794,"CORTE E DOBRA DE AÇO CA-50, DIÂMETRO DE 10,0 MM, UTILIZADO EM ESTRUTURAS DIVERSAS, EXCETO LAJES. AF_12/2015","KG",10728.2,"5,29",6.59,70698.84,4.4000000000000003E-3,0.9]
[null,"4.1.17","SERVIÇO","SINAPI",94962,"CONCRETO MAGRO PARA LASTRO, TRAÇO 1:4,5:4,5 (CIMENTO/ AREIA MÉDIA/ BRITA 1)  - PREPARO MECÂNICO COM BETONEIRA 400 L. AF_07/2016","M³",210.44,"254,54",316.89999999999998,66688.44,4.1999999999999997E-3,0.9]
[null,"4.1.12","SERVIÇO","SINAPI",94967,"CONCRETO FCK = 40MPA, TRAÇO 1:1,6:1,9 (CIMENTO/ AREIA MÉDIA/ BRITA 1)  - PREPARO MECÂNICO COM BETONEIRA 400 L. AF_07/2016","M³",145.36000000000001,"362,48",451.29,65599.509999999995,4.1000000000000003E-3,0.9]
[null,"2.2.2","SERVIÇO","ORSE",2830,"LIMPEZA E TESTE DE REDES DE ESGOTOS SANITÁRIOS","M",28583,1.82,2.27,64883.41,4.1000000000000003E-3,0.9]
[null,"2.5.6","SERVIÇO","SINAPI",97983,"ACRÉSCIMO PARA POÇO DE VISITA CIRCULAR PARA ESGOTO, EM CONCRETO PRÉ-MOLDADO, DIÂMETRO INTERNO = 1 M. AF_05/2018","M",160,"298,97",372.22,59555.199999999997,3.7000000000000002E-3,0.9]
[null,"2.5.1","SERVIÇO","SINAPI",98420,"(COMPOSIÇÃO REPRESENTATIVA) POÇO DE VISITA CIRCULAR PARA ESGOTO, EM CONCRETO PRÉ-MOLDADO, DIÂMETRO INTERNO = 1,0 M, PROFUNDIDADE ATÉ 1,50 M, INCLUINDO TAMPÃO DE FERRO FUNDIDO, DIÂMETRO DE 60 CM. AF_04/2018","UN",35,"1.316,99",1639.65,57387.75,3.5999999999999999E-3,0.9]
[null,"3.6.1","SERVIÇO","SINAPI",90733,"ASSENTAMENTO DE TUBO DE PVC PARA REDE COLETORA DE ESGOTO DE PAREDE MACIÇA, DN 100 MM, JUNTA ELÁSTICA, INSTALADO EM LOCAL COM NÍVEL BAIXO DE INTERFERÊNCIAS (NÃO INCLUI FORNECIMENTO). AF_06/2015","M",15609,"2,77",3.45,53851.05,3.3999999999999998E-3,0.9]
[null,"2.10.2","SERVIÇO","SINAPI","73877/2","ESCORAMENTO DE VALAS COM PRANCHOES METALICOS - AREA NAO CRAVADA","M²",994.2,"43,41",54.05,53736.51,3.3999999999999998E-3,0.9]
[null,"4.5.1","INSUMO","SIGMMA ESCO","COTAÇÃO","CONJUNTO MOTO BOMBA RE-AUTOESCORVANTE ESCO (CÓDIGO LP031004P) OU SIMILAR COM AS SEGUINTES CARACTERÍSTICAS: Q = 36,00 M³/H (10,00 L/S) , H = 17,02 MCA, POTÊNCIA CALCULADA = 5,67 CV, POTÊNCIA COMERCIAL = 10 CV, 380 V. ESCOPO DE FORNECIMENTO: BOMBA + BASE + CORREIA/POLIAS + VÁLVULA DE ALÍVIO DE AR + MOTOR, CONFORME PROPOSTA FINANCEIRA APRESENTADA.","UN ",2,23200,26216,52432,3.3E-3,0.9]
[null,"6.4.1","INSUMO","SIGMMA ESCO","COTAÇÃO","CONJUNTO MOTO BOMBA RE-AUTOESCORVANTE ESCO (CÓDIGOLP031004P) OU SIMILAR COM AS SEGUINTES CARACTERÍSTICAS: Q = 60,00 M³/H (16,67 L/S) , H = 15,23 MCA, POTÊNCIA CALCULADA = 6,77 CV, POTÊNCIA COMERCIAL = 10 CV, 380 V. ESCOPO DE FORNECIMENTO: BOMBA + BASE + CORREIA/POLIAS + VÁLVULA DE ALÍVIO DE AR + MOTOR, CONFORME PROPOSTA FINANCEIRA APRESENTADA.","UN ",2,23200,26216,52432,3.3E-3,0.9]
[null,"1.4","SERVIÇO","CODEVASF","COMPOSIÇÃO","INSTALAÇÃO DE CANTEIRO DE OBRAS","UN ",1,40981.199999999997,51021.59,51021.59,3.2000000000000002E-3,0.9]
[null,"2.13.4","INSUMO","SINAPI",41932,"TUBO COLETOR DE ESGOTO PVC, JEI, DN 300 MM (NBR 7362)                                                                                                                                                                                                                                                                                                                                                                                                                                                     ","M     ",276,"161,36",182.34,50325.84,3.0999999999999999E-3,0.9]
[null,"4.4.4","SERVIÇO","SINAPI",72799,"PAVIMENTO EM PARALELEPIPEDO SOBRE COLCHAO DE AREIA REJUNTADO COM ARGAMASSA DE CIMENTO E AREIA NO TRAÇO 1:3 (PEDRAS PEQUENAS 30 A 35 PECAS POR M2)","M²",471.69,"78,11",97.25,45871.85,2.8999999999999998E-3,0.9]
[null,"7.2.18","SERVIÇO","SINAPI",87481,"ALVENARIA DE VEDAÇÃO DE BLOCOS CERÂMICOS FURADOS NA VERTICAL DE 19X19X39CM (ESPESSURA 19CM) DE PAREDES COM ÁREA LÍQUIDA MAIOR OU IGUAL A 6M² SEM VÃOS E ARGAMASSA DE ASSENTAMENTO COM PREPARO EM BETONEIRA. AF_06/2014","M²",648,"55,48",69.069999999999993,44757.36,2.8E-3,0.9]
[null,"2.10.3","SERVIÇO","SINAPI",94045,"ESCORAMENTO DE VALA, TIPO PONTALETEAMENTO, COM PROFUNDIDADE DE 1,5 A 3,0 M, LARGURA MENOR QUE 1,5 M, EM LOCAL COM NÍVEL BAIXO DE INTERFERÊNCIA. AF_06/2016","M²",2982.6,"10,91",13.58,40503.71,2.5000000000000001E-3,0.9]
[null,"2.9.7","SERVIÇO","SINAPI","74220/1","TAPUME DE CHAPA DE MADEIRA COMPENSADA, E= 6MM, COM PINTURA A CAL E REAPROVEITAMENTO DE 2X","M²",582.66,"55,51",69.11,40267.629999999997,2.5000000000000001E-3,0.9]
[null,"2.1.1","SERVIÇO","SINAPI",85323,"LOCACAO E NIVELAMENTO DE EMISSARIO/REDE COLETORA COM AUXILIO DE EQUIPAMENTO TOPOGRAFICO","M",22083,"1,46",1.82,40191.06,2.5000000000000001E-3,0.9]
[null,"2.7.2","SERVIÇO","ORSE",20,"DEMOLIÇÃO DE PAVIMENTAÇÃO EM PARALELEPÍPEDO OU PRÉ-MOLDADOS DE CONCRETO C/ RE APROVEITAMENTO","M²",4406.8,7.11,8.85,39000.18,2.3999999999999998E-3,0.9]
[null,"4.3.16","SERVIÇO","SINAPI","74202/1","LAJE PRE-MOLDADA P/FORRO, SOBRECARGA 100KG/M2, VAOS ATE 3,50M/E=8CM, C/LAJOTAS E CAP.C/CONC FCK=20MPA, 3CM, INTER-EIXO 38CM, C/ESCORAMENTO (REAPR.3X) E FERRAGEM NEGATIVA","M²",462,"67,75",84.35,38969.699999999997,2.3999999999999998E-3,0.9]
[null,"2.2.1","SERVIÇO","ORSE",11676,"CADASTRO DE REDES DE ESGOTO","M",22083,1.38,1.72,37982.76,2.3999999999999998E-3,0.9]
[null,"7.6.3","INSUMO","IDEAL SAN","COTAÇÃO","CAIXA SEPARADORA DE AREIA COM COMPARTIMENTO DE SEDIMENTAÇÃO E DE DISTRIBUIÇÃO, MODELO BIODIG CAD.FT 800, FABRICADA EM PRFV - EXCLUSIVAMENTE PELA FIBRA TÉCNICA, INCLUINDO PONTO DE DESCARTE DO MATERIAL SEDIMENTADO COM REGISTRO TIPO GAVETA COM VOLANTE FORNECIMENTO, TRANSPORTE, MONTAGEM NO LOCAL E TESTE.","UN ",3,10800,12204,36612,2.3E-3,0.9]
[null,"2.5.2","SERVIÇO","SINAPI",98421,"(COMPOSIÇÃO REPRESENTATIVA) POÇO DE VISITA CIRCULAR PARA ESGOTO, EM CONCRETO PRÉ-MOLDADO, DIÂMETRO INTERNO = 1,0 M, PROFUNDIDADE DE 1,50 A 2,00 M, INCLUINDO TAMPÃO DE FERRO FUNDIDO, DIÂMETRO DE 60 CM. AF_04/2018","UN",20,"1.466,47",1825.76,36515.199999999997,2.3E-3,0.9]
[null,"2.3.4","SERVIÇO","SINAPI",72915,"ESCAVACAO MECANICA DE VALA EM MATERIAL DE 2A. CATEGORIA ATE 2 M DE PROFUNDIDADE COM UTILIZACAO DE ESCAVADEIRA HIDRAULICA","M³",2610.5700000000002,"10,94",13.62,35555.96,2.2000000000000001E-3,0.9]
[null,"2.9.6","SERVIÇO","ORSE",4518,"TELA DE NYLON PARA PROTEÇÃO DE FACHADA","M²",1294.8,20.7,25.77,33367,2.0999999999999999E-3,0.9]
[null,"2.7.1","SERVIÇO","SINAPI",92970,"DEMOLIÇÃO DE PAVIMENTAÇÃO ASFÁLTICA COM UTILIZAÇÃO DE MARTELO PERFURADOR, ESPESSURA ATÉ 15 CM, EXCLUSIVE CARGA E TRANSPORTE","M²",1635.4,"15,76",19.62,32086.55,2E-3,0.9]
[null,"4.1.13","SERVIÇO","SINAPI",92873,"LANÇAMENTO COM USO DE BALDES, ADENSAMENTO E ACABAMENTO DE CONCRETO EM ESTRUTURAS. AF_12/2015","M³",155.05000000000001,"160,89",200.31,31058.07,1.9E-3,0.9]
[null,"2.7.3","SERVIÇO","SINAPI",72898,"CARGA E DESCARGA MECANIZADAS DE ENTULHO EM CAMINHAO BASCULANTE 6 M3","M³",5862.75,"4,04",5.03,{"$f":"J79*H79","v":29489.63},1.8E-3,0.9]
[null,"3.7.2","SERVIÇO","ORSE",18,"DEMOLIÇÃO DE PISO CERÂMICO OU LADRILHO","M²",2341.35,9.4,11.7,27393.8,1.6999999999999999E-3,0.9]
[null,"7.5.4","SERVIÇO","SINAPI",98510,"PLANTIO DE ÁRVORE ORNAMENTAL COM ALTURA DE MUDA MENOR OU IGUAL A 2,00 M. AF_05/2018","UN",375,"57,47",71.55,26831.25,{"$f":"K81/K$236","v":1.6999999999999999E-3},0.9,115.96]
[null,"7.6.2","INSUMO","IDEAL SAN","COTAÇÃO","CONJUNTO DE PRÉ-TRATAMENTO, CONSTITUÍDO POR UM MEDIDOR DE VAZÃO TIPO CALHA PARSHALL W=3\" FABRICADA EM PRFV COM ESCALA METRICA PARA MEDIÇÃO DA VAZÃO NA ESTRUTURA DA UNIDADE; STOP-LOG E ANTEPAROS PARA MANOBRAS DOS CANAIS DE SEDIMENTAÇÃO DE AREIA.","UN ",3,7900,8927,26781,1.6999999999999999E-3,0.9]
[null,"2.12.3","SERVIÇO","CODEVASF","COMPOSIÇÃO","DESOBSTRUÇÃO E LIMPEZA MANUAL DO COLETOR DE ESGOTOS ATÉ 200MM ","M",1950,10.199999999999999,12.7,24765,1.5E-3,{"$f":"L83+M82","v":0.9}]
[null,"2.10.1","SERVIÇO","SINAPI",94057,"ESCORAMENTO DE VALA, TIPO DESCONTÍNUO, COM PROFUNDIDADE DE 1,5 M A 3,0 M, LARGURA MENOR QUE 1,5 M, EM LOCAL COM NÍVEL BAIXO DE INTERFERÊNCIA. AF_06/2016","M²",994.2,"19,61",24.41,24268.42,1.5E-3,0.9]
[null,"7.2.20","SERVIÇO","SINAPI",96920,"ARGAMASSA TRAÇO 1:3 (CIMENTO E AREIA), PREPARO MECANICO , INCLUSO ADITIVO IMPERMEABILIZANTE","M³",42.15,"459,28",571.79999999999995,24101.37,1.5E-3,0.9]
[null,"2.8.6","SERVIÇO","SINAPI",83675,"TUBO CONCRETO SIMPLES DN 200 MM PARA DRENAGEM - FORNECIMENTO E INSTALACAO, INCLUSIVE ESCAVACAO MANUAL 1M3/M.","M",220,"87,71",109.2,24024,1.5E-3,0.9]
[null,"4.1.19","SERVIÇO","SINAPI","73932/1","GRADE DE FERRO EM BARRA CHATA 3/16\"","M²",66.3,"283,59",353.07,23408.54,1.5E-3,0.9]
[null,"2.13.3","INSUMO","SINAPI",41931,"TUBO COLETOR DE ESGOTO PVC, JEI, DN 250 MM (NBR 7362)                                                                                                                                                                                                                                                                                                                                                                                                                                                     ","M     ",204,"99,57",112.51,22952.04,1.4E-3,0.9]
[null,"2.3.9","SERVIÇO","ORSE",2508,"CARGA MECÂNICA DE MATERIAL DE 3ª CATEGORIA","M³",5758.67,3.18,3.96,22804.33,1.4E-3,0.9]
[null,"7.1.3","SERVIÇO","SINAPI",97912,"TRANSPORTE COM CAMINHÃO BASCULANTE DE 6 M3, EM VIA URBANA EM LEITO NATURAL (UNIDADE: M3XKM). AF_01/2018","M³XKM",7400.76,"2,29",2.85,21092.17,1.2999999999999999E-3,0.9]
[null,"2.6.1","SERVIÇO","SINAPI",90734,"ASSENTAMENTO DE TUBO DE PVC PARA REDE COLETORA DE ESGOTO DE PAREDE MACIÇA, DN 150 MM, JUNTA ELÁSTICA, INSTALADO EM LOCAL COM NÍVEL BAIXO DE INTERFERÊNCIAS (NÃO INCLUI FORNECIMENTO). AF_06/2015","M",4584,"3,37",4.2,19252.8,1.1999999999999999E-3,0.9]
[null,"4.3.9","SERVIÇO","SINAPI",88489,"APLICAÇÃO MANUAL DE PINTURA COM TINTA LÁTEX ACRÍLICA EM PAREDES, DUAS DEMÃOS. AF_06/2014","M²",1348.56,"10,27",12.79,17248.080000000002,1.1000000000000001E-3,0.9,9]
[null,"1.2","SERVIÇO","CODEVASF","COMPOSIÇÃO","MOBILIZAÇÃO DE EQUIPAMENTOS, MATERIAIS E PESSOAL","UN ",2,6894.17,8583.24,17166.48,1.1000000000000001E-3,0.9]
[null,"4.3.11","SERVIÇO","SINAPI",68054,"PORTAO DE FERRO EM CHAPA GALVANIZADA PLANA 14 GSG","M²",58.84,"232,57",289.55,17037.12,1.1000000000000001E-3,0.9,331.26]
[null,"2.8.4","SERVIÇO","SINAPI","74253/1","RAMAL PREDIAL EM TUBO PEAD 20MM - FORNECIMENTO, INSTALAÇÃO, ESCAVAÇÃO E REATERRO","M",600,"22,80",28.39,17034,1.1000000000000001E-3,0.9]
[null,"3.7.3","SERVIÇO","ORSE",3258,"DEMOLIÇÃO DE PISO EM LAJOTA HEXAGONAL","M²",1560.9,8.66,10.78,16826.5,1.1000000000000001E-3,0.9]
[null,"2.8.5","SERVIÇO","SEINFRA","C2918","RAMAL PREDIAL DE ESGOTO EM PVC 100mm, S/ PAVIMENTO","M",300,42.99,53.52,16056,1E-3,0.9]
[null,"10.1.3","SERVIÇO","CODEVASF","COMPOSIÇÃO","ELABORAÇÃO DO PROJETO HIDRÁULICO  E RELATÓRIOS","UN ",1,12889.2,16047.05,16047.05,1E-3,0.9]
[null,"4.3.8","SERVIÇO","SINAPI",87529,"MASSA ÚNICA, PARA RECEBIMENTO DE PINTURA, EM ARGAMASSA TRAÇO 1:2:8, PREPARO MECÂNICO COM BETONEIRA 400L, APLICADA MANUALMENTE EM FACES INTERNAS DE PAREDES, ESPESSURA DE 20MM, COM EXECUÇÃO DE TALISCAS. AF_06/2014","M²",424.56,"28,55",35.54,15088.86,8.9999999999999998E-4,0.9,41.19]
[null,"10.1.1","SERVIÇO","CODEVASF","COMPOSIÇÃO","ELABORAÇÃO DO PROJETO ESTRUTURAL","UN ",1,12115.2,15083.42,15083.42,8.9999999999999998E-4,0.9]
[null,"7.1.1","SERVIÇO","SINAPI",73672,"DESMATAMENTO E LIMPEZA MECANIZADA DE TERRENO COM ARVORES ATE Ø 15CM, UTILIZANDO TRATOR DE ESTEIRAS","M²",33000,"0,36",0.45,14850,8.9999999999999998E-4,0.9]
[null,"4.3.7","SERVIÇO","SINAPI",87503,"ALVENARIA DE VEDAÇÃO DE BLOCOS CERÂMICOS FURADOS NA HORIZONTAL DE 9X19X19CM (ESPESSURA 9CM) DE PAREDES COM ÁREA LÍQUIDA MAIOR OU IGUAL A 6M² SEM VÃOS E ARGAMASSA DE ASSENTAMENTO COM PREPARO EM BETONEIRA. AF_06/2014","M²",212.31,"55,23",68.760000000000005,14598.44,8.9999999999999998E-4,0.9]
[null,"5.3.19","SERVIÇO","SEINFRA","C3499","MONTAGEM DE TUBOS, CONEXÕES E PÇS, ELEVATÓRIA C/ VAZÃO DE 20,01 À 40 l/s","UN",1,10664.55,13277.36,13277.36,8.0000000000000004E-4,0.9]
[null,"3.7.7","SERVIÇO","SINAPI",72897,"CARGA MANUAL DE ENTULHO EM CAMINHAO BASCULANTE 6 M3","M³",477.03,"22,27",27.73,13228.04,8.0000000000000004E-4,0.9,19.670000000000002]
[null,"9.5.1","INSUMO","CODEVASF","ELE09","FORNECIMENTO DOS MATERIAIS PARA EXTENSÃO DE REDE BT PARA PARA A EEE-04","KM",0.3,35900.42,40567.47,12170.24,8.0000000000000004E-4,0.9]
[null,"10.2.1","SERVIÇO","CODEVASF","COMPOSIÇÃO","SONDAGEM A TRADO (4\")","M",195,49.34,61.43,11978.85,6.9999999999999999E-4,0.9]
[null,"10.1.2","SERVIÇO","CODEVASF","COMPOSIÇÃO","ELABORAÇÃO DO PROJETO ELÉTRICO","UN ",1,9379.2000000000007,11677.1,11677.1,6.9999999999999999E-4,0.9]
[null,"4.1.7","SERVIÇO","SINAPI",93382,"REATERRO MANUAL DE VALAS COM COMPACTAÇÃO MECANIZADA. AF_04/2016","M³",302.36,"30,60",38.1,11519.92,6.9999999999999999E-4,0.9]
[null,"2.4.2","SERVIÇO","SINAPI",93368,"REATERRO MECANIZADO DE VALA COM ESCAVADEIRA HIDRÁULICA (CAPACIDADE DA CAÇAMBA: 0,8 M³ / POTÊNCIA: 111 HP), LARGURA ATÉ 1,5 M, PROFUNDIDADE DE 1,5 A 3,0 M, COM SOLO (SEM SUBSTITUIÇÃO) DE 1ª CATEGORIA EM LOCAIS COM BAIXO NÍVEL DE INTERFERÊNCIA. AF_04/2016","M³",618.13,"13,81",17.190000000000001,10625.65,6.9999999999999999E-4,0.9]
[null,"2.5.4","SERVIÇO","SINAPI",98423,"(COMPOSIÇÃO REPRESENTATIVA) POÇO DE VISITA CIRCULAR PARA ESGOTO, EM CONCRETO PRÉ-MOLDADO, DIÂMETRO INTERNO = 1,0 M, PROFUNDIDADE DE 2,50 A 3,00 M, INCLUINDO TAMPÃO DE FERRO FUNDIDO, DIÂMETRO DE 60 CM. AF_04/2018","UN",5,"1.695,30",2110.65,10553.25,6.9999999999999999E-4,0.9]
[null,"2.13.2","INSUMO","SINAPI",41930,"TUBO COLETOR DE ESGOTO PVC, JEI, DN 200 MM (NBR 7362)                                                                                                                                                                                                                                                                                                                                                                                                                                                     ","M     ",144,"58,74",66.38,9558.7199999999993,5.9999999999999995E-4,0.9]
[null,"9.1.2","SERVIÇO","CODEVASF","ELE02","SERVIÇO PARA INSTALAÇÃO DOS MATERIAIS ELÉTRICOS DE UMA EEE","UN ",2,3505.68,4364.57,8729.14,5.0000000000000001E-4,0.9]
[null,"7.1.4","SERVIÇO","SINAPI",83344,"ESPALHAMENTO DE MATERIAL EM BOTA FORA, COM UTILIZACAO DE TRATOR DE ESTEIRAS DE 165 HP","M³",7400.76,"0,94",1.17,8658.89,5.0000000000000001E-4,0.9,1.57]
[null,"3.8.4","SERVIÇO","CODEVASF","COMPOSIÇÃO","RECUPERAÇÃO EM CONTENÇÃO DE DESNÍVEL DE CALÇADA EM ALVENARIA DE BLOCOS CERÂMICOS 8 FUROS ESP. 10CM, REVESTIDA EM CIMENTADO 1:3 ESPESSURA 2CM","M²",72,94.9,118.15,8506.7999999999993,5.0000000000000001E-4,0.9]
[null,"4.4.2","SERVIÇO","ORSE",4713,"CONCERTINA EM AÇO GALVANIZADO, ESPIRAL DE Ø = 450MM, 3 CLIPES P/ ESPIRAL, LÂM INA DE 30MM E FIO INTERNO DE 2,50MM,  INCLUISIVE INSTALAÇÃO","M",210,32,39.840000000000003,8366.4,5.0000000000000001E-4,0.9]
[null,"4.3.14","SERVIÇO","SINAPI",94998,"EXECUÇÃO DE PASSEIO (CALÇADA) OU PISO DE CONCRETO COM CONCRETO MOLDADO IN LOCO, FEITO EM OBRA, ACABAMENTO CONVENCIONAL, ESPESSURA 12 CM, ARMADO. AF_07/2016","M²",75.75,"85,70",106.7,8082.53,5.0000000000000001E-4,0.9]
[null,"2.5.3","SERVIÇO","SINAPI",98422,"(COMPOSIÇÃO REPRESENTATIVA) POÇO DE VISITA CIRCULAR PARA ESGOTO, EM CONCRETO PRÉ-MOLDADO, DIÂMETRO INTERNO = 1,0 M, PROFUNDIDADE DE 2,00 A 2,50 M, INCLUINDO TAMPÃO DE FERRO FUNDIDO, DIÂMETRO DE 60 CM. AF_04/2018","UN",4,"1.615,96",2011.87,8047.48,5.0000000000000001E-4,0.9]
[null,"10.1.4","SERVIÇO","CODEVASF","COMPOSIÇÃO","ELABORAÇÃO DE PLANILHAS ORÇAMENTÁRIAS","UN ",1,6426.4,8000.87,8000.87,5.0000000000000001E-4,0.9]
[null,"4.5.13","INSUMO","SEINFRA","I8745","VÁLVULA RETENÇÃO PORTA ÚNICA C/FLANGES DN 150 P/ESGOTO","UN",4,1756.65,1985.01,7940.04,5.0000000000000001E-4,0.9]
[null,"4.3.17","SERVIÇO","SINAPI",73661,"FORNECIMENTO E INSTALACAO DE TALHA E TROLEY MANUAL DE 1 TONELADA","UN",3,"2.118,79",2637.89,7913.67,5.0000000000000001E-4,0.9]
[null,"4.5.10","INSUMO","SEINFRA","I4473","TUBO FoFo C/ FLANGES DN 150 PN10 - L=3000","UN",4,1691.46,1911.35,7645.4,5.0000000000000001E-4,0.9]
[null,"7.2.19","SERVIÇO","ORSE",3310,"CHAPISCO EM PAREDE COM ARGAMASSA TRAÇO T1 - 1:3 (CIMENTO / AREIA) - REVISADO  08/2015","M²",1296,4.6100000000000003,5.74,7439.04,5.0000000000000001E-4,0.9]
[null,"3.10.2","INSUMO","SINAPI",303,"ANEL BORRACHA, PARA TUBO PVC, REDE COLETOR ESGOTO, DN 100 MM (NBR 7362)                                                                                                                                                                                                                                                                                                                                                                                                                                   ","UN    ",2602,"2,41",2.72,7077.44,4.0000000000000002E-4,0.9]
[null,"2.6.2","SERVIÇO","SINAPI",90735,"ASSENTAMENTO DE TUBO DE PVC PARA REDE COLETORA DE ESGOTO DE PAREDE MACIÇA, DN 200 MM, JUNTA ELÁSTICA, INSTALADO EM LOCAL COM NÍVEL BAIXO DE INTERFERÊNCIAS (NÃO INCLUI FORNECIMENTO). AF_06/2015","M",1410,"4,01",4.99,7035.9,4.0000000000000002E-4,0.9]
[null,"5.5.13","INSUMO","SEINFRA","I8746","VÁLVULA RETENÇÃO PORTA ÚNICA C/FLANGES DN 200 P/ESGOTO","UN",2,3095.4,3497.8,6995.6,4.0000000000000002E-4,0.9]
[null,"6.2.19","SERVIÇO","SEINFRA","C3498","MONTAGEM DE TUBOS, CONEXÕES E PÇS, ELEVATÓRIA C/ VAZÃO DE 10,01 À 20 l/s","UN",1,5429.28,6759.45,6759.45,4.0000000000000002E-4,0.9]
[null,"5.5.8","INSUMO","SEINFRA","I4487","TUBO FoFo C/ FLANGES DN 200 PN10 - L=4500","UN",2,2785.09,3147.15,6294.3,4.0000000000000002E-4,0.9]
[null,"7.5.2","SERVIÇO","SEINFRA","C2904","PORTÃO DE TUBO DE AÇO GALVANIZADO DE 2\" (4X2)m, INCL.. PILARES DE SUSTENTAÇÃO","UN",2,2426.84,3021.42,6042.84,4.0000000000000002E-4,0.9]
[null,"7.3.9","SERVIÇO","CODEVASF","COMPOSIÇÃO","CAMADA DRENANTE DE AREIA GROSSA PARA LEITO DE SECAGEM","M³",63.72,74.27,92.47,5892.19,4.0000000000000002E-4,0.9]
[null,"4.1.1","SERVIÇO","SINAPI","73859/2","CAPINA E LIMPEZA MANUAL DE TERRENO","M²",3750,"1,26",1.57,5887.5,4.0000000000000002E-4,0.9,0.9]
[null,"1.1","SERVIÇO","SINAPI","74209/1","FORNECIMENTO, MONTAGEM, MANUTENÇÃO  E INSTALAÇÃO DE PLACA DE IDENTIFICAÇÃO DE OBRA COM 2MX3M, CONFORME MODELO APRESENTADO PELA FISCALIZAÇÃO.","M²",12.96,"325,97",405.83,5259.56,2.9999999999999997E-4,0.9]
[null,"10.2.3","SERVIÇO","CODEVASF","COMPOSIÇÃO","SONDAGEM À PERCUSSÃO COM SPT","M",80,51.81,64.5,5160,2.9999999999999997E-4,0.9]
[null,"6.4.8","INSUMO","SEINFRA","I4476","TUBO FoFo C/ FLANGES DN 150 PN10 - L=4500","UN",2,2263.36,2557.6,5115.2,2.9999999999999997E-4,0.9]
[null,"7.3.8","SERVIÇO","CODEVASF","COMPOSIÇÃO","CAMADA DRENANTE DE BRITA Nº 2 PARA LEITO DE SECAGEM","M³",63.72,63.69,79.290000000000006,5052.3599999999997,2.9999999999999997E-4,0.9]
[null,"3.8.6","SERVIÇO","SINAPI",94273,"ASSENTAMENTO DE GUIA (MEIO-FIO) EM TRECHO RETO, CONFECCIONADA EM CONCRETO PRÉ-FABRICADO, DIMENSÕES 100X15X13X30 CM (COMPRIMENTO X BASE INFERIOR X BASE SUPERIOR X ALTURA), PARA VIAS URBANAS (USO VIÁRIO). AF_06/2016","M",118,"33,34",41.51,4898.18,2.9999999999999997E-4,0.9,33.520000000000003]
[null,"5.5.10","INSUMO","SEINFRA","I4484","TUBO FoFo C/ FLANGES DN 200 PN10 - L=3000","UN",2,2157.9,2438.4299999999998,4876.8599999999997,2.9999999999999997E-4,0.9]
[null,"9.1.3","SERVIÇO","ORSE",11137,"ENTRADA DE ENERGIA ELÉTRICA TRIFÁSICA DEMANDA ENTRE 19 E 26,6 KW","UN",3,1298.28,1616.36,4849.08,2.9999999999999997E-4,0.9]
[null,"9.3.2","SERVIÇO","CODEVASF","ELE07","SERVIÇO PARA INSTALAÇÃO DOS MATERIAIS ELÉTRICOS DA ETE SBPD E SBCE","UN ",1,3820.68,4756.75,4756.75,2.9999999999999997E-4,0.9]
[null,"4.5.8","INSUMO","SEINFRA","I4475","TUBO FoFo C/ FLANGES DN 150 PN10 - L=4000","UN",2,2031.87,2296.0100000000002,4592.0200000000004,2.9999999999999997E-4,0.9]
[null,"2.13.12","INSUMO","SINAPI",319,"ANEL BORRACHA, PARA TUBO PVC DEFOFO, DN 200 MM (NBR 7665)                                                                                                                                                                                                                                                                                                                                                                                                                                                 ","UN    ",211,"19,04",21.52,4540.72,2.9999999999999997E-4,0.9]
[null,"2.5.5","SERVIÇO","SINAPI",98424,"(COMPOSIÇÃO REPRESENTATIVA) POÇO DE VISITA CIRCULAR PARA ESGOTO, EM CONCRETO PRÉ-MOLDADO, DIÂMETRO INTERNO = 1,0 M, PROFUNDIDADE DE 3,00 A 3,50 M, INCLUINDO TAMPÃO DE FERRO FUNDIDO, DIÂMETRO DE 60 CM. AF_04/2018","UN",2,"1.774,64",2209.4299999999998,4418.8599999999997,2.9999999999999997E-4,0.9]
[null,"7.6.7","INSUMO","SINAPI",7258,"TIJOLO CERAMICO MACICO *5 X 10 X 20* CM                                                                                                                                                                                                                                                                                                                                                                                                                                                                   ","UN    ",13792,"0,28",0.32,4413.4399999999996,2.9999999999999997E-4,0.9]
[null,"9.2.2","SERVIÇO","CODEVASF","ELE05","SERVIÇO PARA INSTALAÇÃO DOS MATERIAIS ELÉTRICOS DA EEE-02","UN ",1,3505.68,4364.57,{"$f":"J143*H143","v":4364.57},2.9999999999999997E-4,0.9]
[null,"4.1.20","SERVIÇO","SINAPI",73665,"ESCADA TIPO MARINHEIRO EM ACO CA-50 9,52MM INCLUSO PINTURA COM FUNDO ANTICORROSIVO TIPO ZARCAO","M",55.26,"60,94",75.87,4192.58,2.9999999999999997E-4,0.9]
[null,"2.12.2","SERVIÇO","CODEVASF","COMPOSIÇÃO","DESOBSTRUÇÃO E LIMPEZA MANUAL DE POÇO DE VISITA DN - 1,2M E PROFUNDIDADE ATÉ 4,0M ","UN ",50,67.09,83.53,4176.5,{"$f":"K145/K$236","v":2.9999999999999997E-4},0.9]
[null,"4.3.18","SERVIÇO","SINAPI",83514,"FORNECIMENTO DE PERFIL SIMPLES \"I\" OU \"H\" 8 A 12\" INCLUSIVE PERDAS","KG",490.5,"6,78",8.44,4139.82,2.9999999999999997E-4,0.9]
[null,"2.13.7","INSUMO","SINAPI",305,"ANEL BORRACHA, PARA TUBO PVC, REDE COLETOR ESGOTO, DN 150 MM (NBR 7362)                                                                                                                                                                                                                                                                                                                                                                                                                                   ","UN    ",582,"6,29",7.11,4138.0200000000004,2.9999999999999997E-4,{"$f":"L147+M146","v":0.9}]
[null,"2.8.3","SERVIÇO","SINAPI",96396,"EXECUÇÃO E COMPACTAÇÃO DE BASE E OU SUB BASE COM BRITA GRADUADA SIMPLES - EXCLUSIVE CARGA E TRANSPORTE. AF_09/2017","M³",32.71,"99,69",124.11,4059.64,2.9999999999999997E-4,0.9]
[null,"4.5.5","INSUMO","ORSE",6343,"REGISTRO GAVETA FOFO, C/ FLANGES, CUNHA BORRACHA, CORPO CURTO E CABEÇOTE, TIP O EURO 23,  PN16, DIAM  = 150MM","UN",6,589.22,665.82,3994.92,2.9999999999999997E-4,0.9]
[null,"2.3.3","SERVIÇO","SINAPI",90092,"ESCAVAÇÃO MECANIZADA DE VALA COM PROF. MAIOR QUE 1,5 M E ATÉ 3,0 M(MÉDIA ENTRE MONTANTE E JUSANTE/UMA COMPOSIÇÃO POR TRECHO), COM ESCAVADEIRA HIDRÁULICA (0,8 M3/111 HP), LARG. MENOR QUE 1,5 M, EM SOLO DE 1A CATEGORIA, LOCAIS COM BAIXO NÍVEL DE INTERFERÊNCIA. AF_01/2015","M³",618.13,"5,18",6.45,3986.94,2.0000000000000001E-4,0.9]
[null,"7.2.2","SERVIÇO","SINAPI",79480,"ESCAVACAO MECANICA CAMPO ABERTO EM SOLO EXCETO ROCHA ATE 2,00M PROFUNDIDADE","M³",1348.31,"2,35",2.93,3950.55,2.0000000000000001E-4,0.9]
[null,"4.5.9","INSUMO","SEINFRA","I3426","CURVA FoFo 90 FF DN 150 PN10","UN",10,335.13,378.7,3787,2.0000000000000001E-4,0.9]
[null,"4.3.12","SERVIÇO","ORSE",6320,"LASTRO DE CONCRETO, FCK=15 MPA, LANÇADO E ADENSADO","M³",7.8,389.09,484.42,3778.48,2.0000000000000001E-4,0.9,494.97]
[null,"9.4.2","SERVIÇO","CODEVASF","ELE08","SERVIÇO PARA INSTALAÇÃO DOS MATERIAIS ELÉTRICOS DA ETE SBFD","UN ",1,2973.44,3701.93,3701.93,2.0000000000000001E-4,0.9]
[null,"4.5.21","INSUMO","ORSE",6439,"VENTOSA TRÍPLICE FUNÇÃO,  PN 25, DIAM  = 50MM","UN",3,1075.67,1215.51,3646.53,2.0000000000000001E-4,0.9]
[null,"4.3.2","SERVIÇO","SINAPI",94964,"CONCRETO FCK = 20MPA, TRAÇO 1:2,7:3 (CIMENTO/ AREIA MÉDIA/ BRITA 1)  - PREPARO MECÂNICO COM BETONEIRA 400 L. AF_07/2016","M³",9.69,"301,28",375.09,3634.62,2.0000000000000001E-4,0.9]
[null,"5.5.5","INSUMO","ORSE",5649,"REGISTRO GAVETA FOFO, C/ FLANGES, CUNHA BORRACHA, CORPO CURTO E CABEÇOTE, PN  10, TIPO EURO 23, D=  300MM","UN",1,3074.82,3474.55,3474.55,2.0000000000000001E-4,0.9]
[null,"7.1.5","SERVIÇO","ORSE",2548,"LOCAÇÃO DE SERVIÇOS DE TERRAPLENAGEM DE OBRAS CIVIS","M²",2206.62,1.21,1.51,3332,2.0000000000000001E-4,0.9]
[null,"9.5.3","SERVIÇO","ORSE","ELE11","SERVIÇO PARA EXECUÇÃO DA EXTENSÃO DE REDE BT PARA EEE-04","UN ",1,2642.24,3289.59,3289.59,2.0000000000000001E-4,0.9]
[null,"9.1.4","SERVIÇO","CODEVASF","ELE03","COMISSIONAMENTO E STARTUP PARA CADA EEE","UN ",2,1278.96,1592.31,3184.62,2.0000000000000001E-4,0.9]
[null,"4.1.21","SERVIÇO","SINAPI",95468,"PINTURA ESMALTE BRILHANTE (2 DEMAOS) SOBRE SUPERFICIE METALICA, INCLUSIVE PROTECAO COM ZARCAO (1 DEMAO)","M²",67.239999999999995,"36,16",45.02,3027.14,2.0000000000000001E-4,0.9,19.27]
[null,"4.5.18","INSUMO","SEINFRA","I4470","TUBO FoFo C/ FLANGES DN 150 PN10 - L=1500","UN",2,1215.25,1373.23,2746.46,2.0000000000000001E-4,0.9]
[null,"5.5.9","INSUMO","SEINFRA","I3427","CURVA FoFo 90 FF DN 200 PN10","UN",5,476.7,538.66999999999996,2693.35,2.0000000000000001E-4,0.9]
[null,"4.5.24","INSUMO","SEINFRA","I4658","TUBO FoFo C/FLANGE E PONTA DN 150 PN10 - L=2500","UN",2,1178.03,1331.17,2662.34,2.0000000000000001E-4,0.9]
[null,"7.2.6","SERVIÇO","ORSE",7086,"ATERRO MECANIZADO COM TRATOR DE ESTEIRA, INCLUSIVE COMPACTAÇÃO (MÃO DE OBRA,  CAMINHÃO PIPA, E ROLO)","M³",655.94,3.22,4.01,2630.32,2.0000000000000001E-4,0.9]
[null,"4.3.19","SERVIÇO","SEINFRA","C3497","MONTAGEM DE TUBOS, CONEXÕES E PÇS, ELEVATÓRIA C/ VAZÃO DE 5,01 À 10 l/s","UN",1,2098.87,2613.09,2613.09,2.0000000000000001E-4,0.9]
[null,"4.5.27","INSUMO","SEINFRA","I4646","TUBO FoFo C/FLANGE E PONTA DN 100 PN10 - L=2000","UN",3,752.79,850.65,2551.9499999999998,2.0000000000000001E-4,0.9]
[null,"4.3.13","SERVIÇO","SINAPI",98679,"PISO CIMENTADO, TRAÇO 1:3 (CIMENTO E AREIA), ACABAMENTO LISO, ESPESSURA 2,0 CM, PREPARO MECÂNICO DA ARGAMASSA. AF_06/2018","M²",78,"25,73",32.03,2498.34,2.0000000000000001E-4,0.9]
[null,"4.5.14","INSUMO","SEINFRA","I3796","EXTREMIDADE FLANGE E PONTA DN 150 PN10","UN",8,272.99,308.48,2467.84,2.0000000000000001E-4,0.9]
[null,"5.5.14","INSUMO","SEINFRA","I3797","EXTREMIDADE FLANGE E PONTA DN 200 PN10","UN",4,517.19000000000005,584.41999999999996,2337.6799999999998,1E-4,0.9]
[null,"4.5.4","INSUMO","SEINFRA","I6667","TUBO FoFo C/FLANGE E PONTA DN 150 PN10 L=500","UN",4,505.97,571.75,2287,1E-4,0.9]
[null,"5.5.4","INSUMO","SEINFRA","I6670","TUBO FoFo C/FLANGE E PONTA DN 300 PN10 L=500","UN",2,1011.28,1142.75,2285.5,1E-4,0.9]
[null,"2.11.1","SERVIÇO","SINAPI","73891/1","ESGOTAMENTO COM MOTO-BOMBA AUTOESCOVANTE","H",322,"5,58",6.95,2237.9,1E-4,0.9]
[null,"10.2.5","SERVIÇO","CODEVASF","COMPOSIÇÃO","DESLOCAMENTO E INSTALAÇÃO DE EQUIPAMENTO ACIMA DE 500 METROS","UN ",2,886.52,1103.72,2207.44,1E-4,0.9]
[null,"4.1.18","SERVIÇO","SEINFRA","C0823","COMPORTA EM FIBRA, CALHA EM ALUMÍNIO","M²",4.09,413.24,514.48,2104.2199999999998,1E-4,0.9]
[null,"2.9.1","SERVIÇO","SINAPI","74219/2","PASSADICOS COM TABUAS DE MADEIRA PARA VEICULOS","M²",35,"48,25",60.07,2102.4499999999998,1E-4,0.9]
[null,"4.5.17","INSUMO","SEINFRA","I3877","JUNÇÃO 45 FoFo FFF DN 150 x 150 PN10","UN",2,926.97,1047.48,2094.96,1E-4,0.9]
[null,"2.13.11","INSUMO","SINAPI",318,"ANEL BORRACHA, PARA TUBO PVC DEFOFO, DN 150 MM (NBR 7665)                                                                                                                                                                                                                                                                                                                                                                                                                                                 ","UN    ",182,"10,08",11.39,2072.98,1E-4,0.9]
[null,"2.3.5","SERVIÇO","SINAPI",72917,"ESCAVACAO MECANICA DE VALA EM MATERIAL 2A. CATEGORIA DE 2,01 ATE 4,00 M DE PROFUNDIDADE COM UTILIZACAO DE ESCAVADEIRA HIDRAULICA","M³",133,"12,50",15.56,2069.48,1E-4,0.9]
[null,"10.2.4","SERVIÇO","CODEVASF","COMPOSIÇÃO","DESLOCAMENTO E INSTALAÇÃO DE EQUIPAMENTO 0 A 200 METROS","UN ",4,409.13,509.37,2037.48,1E-4,0.9]
[null,"2.9.2","SERVIÇO","SINAPI","74219/1","PASSADICOS COM TABUAS DE MADEIRA PARA PEDESTRES","M²",27,"59,85",74.510000000000005,2011.77,1E-4,0.9]
[null,"4.5.11","INSUMO","SEINFRA","I7605","REDUÇÃO EXCÊNTRICA C/ FLANGES DN 150 x 80 PN10","UN",4,440.98,498.31,1993.24,1E-4,0.9]
[null,"4.5.7","INSUMO","SEINFRA","I3477","CURVA DE PÉ 90 FF DN 150 PN10","UN",4,440.35,497.6,1990.4,1E-4,0.9]
[null,"4.5.3","INSUMO","SEINFRA","I3893","JUNTA GIBAULT DN 150","UN",6,291.72000000000003,329.64,1977.84,1E-4,0.9]
[null,"4.3.10","SERVIÇO","SINAPI",88488,"APLICAÇÃO MANUAL DE PINTURA COM TINTA LÁTEX ACRÍLICA EM TETO, DUAS DEMÃOS. AF_06/2014","M²",134.37,"11,70",14.57,1957.77,1E-4,0.9]
[null,"5.5.12","INSUMO","SEINFRA","I4086","REDUÇÃO FoFo FF DN 200 x 100 PN10","UN",2,845.72,955.66,1911.32,1E-4,0.9]
[null,"2.6.4","SERVIÇO","SINAPI",90737,"ASSENTAMENTO DE TUBO DE PVC PARA REDE COLETORA DE ESGOTO DE PAREDE MACIÇA, DN 300 MM, JUNTA ELÁSTICA, INSTALADO EM LOCAL COM NÍVEL BAIXO DE INTERFERÊNCIAS (NÃO INCLUI FORNECIMENTO). AF_06/2015","M",276,"5,24",6.52,1799.52,1E-4,0.9]
[null,"5.5.19","INSUMO","SEINFRA","I4481","TUBO FoFo C/ FLANGES DN 200 PN10 - L=1500","UN",1,1510.9,1707.32,1707.32,1E-4,0.9]
[null,"5.5.11","INSUMO","SEINFRA","I4070","REDUÇÃO EXCÊNTRICA C/ FLANGES DN 200 x 100 PN10","UN",2,751.16,848.81,1697.62,1E-4,0.9]
[null,"5.5.25","INSUMO","SEINFRA","I4669","TUBO FoFo C/FLANGE E PONTA DN 200 PN10 - L=2500","UN",1,1490.93,1684.75,1684.75,1E-4,0.9]
[null,"4.3.15","SERVIÇO","SINAPI",95465,"COBOGO CERAMICO (ELEMENTO VAZADO), 9X20X20CM, ASSENTADO COM ARGAMASSA TRACO 1:4 DE CIMENTO E AREIA","M²",11.52,"115,34",143.6,1654.27,1E-4,0.9]
[null,"4.5.12","INSUMO","SEINFRA","I4083","REDUÇÃO FoFo FF DN 150 x 75 PN10","UN",4,359.91,406.7,1626.8,1E-4,0.9]
[null,"4.1.4","SERVIÇO","SINAPI",83338,"ESCAVACAO MECANICA, A CEU ABERTO, EM MATERIAL DE 1A CATEGORIA, COM ESCAVADEIRA HIDRAULICA, CAPACIDADE DE 0,78 M3","M³",498.86,"2,59",3.22,1606.33,1E-4,0.9]
[null,"9.2.4","SERVIÇO","CODEVASF","ELE06","COMISSIONAMENTO E STARTUP PARA EEE-02","UN ",1,1278.96,1592.31,1592.31,1E-4,0.9]
[null,"4.5.22","INSUMO","SEINFRA","I4655","TUBO FoFo C/FLANGE E PONTA DN 150 PN10 - L=1000","UN",2,695.25,785.63,1571.26,1E-4,0.9]
[null,"4.1.8","SERVIÇO","ORSE",4986,"CARGA MECÂNICA DE MATERIAL DE 1ª CATEGORIA","M³",1716.86,0.72,0.9,1545.17,1E-4,0.9]
[null,"9.5.2","SERVIÇO","CODEVASF","ELE10","SERVIÇO PARA PROJETO DA EXTENSÃO DE REDE BT PARA EEE-04","UN ",1,1172.4000000000001,1459.64,1459.64,1E-4,0.9]
[null,"4.5.25","INSUMO","SEINFRA","I3648","TE FoFo FF DN 150 x 100 PN10","UN",2,614.32000000000005,694.18,1388.36,1E-4,0.9]
[null,"4.1.2","SERVIÇO","SEINFRA","C1630","LOCAÇÃO DA OBRA - EXECUÇÃO DE GABARITO","M²",229.23,4.58,5.7,1306.6099999999999,1E-4,0.9]
[null,"4.5.19","INSUMO","SEINFRA","I3646","TE FoFo FF DN 150 x 50 PN10","UN",2,577.53,652.61,1305.22,1E-4,0.9]
[null,"4.5.2","INSUMO","SEINFRA","I7266","TUBO FoFo PB JE K-9 P/ ESGOTO DN 150","M",4,287.64,325.02999999999997,1300.1199999999999,1E-4,0.9]
[null,"5.5.2","INSUMO","SEINFRA","I7269","TUBO FoFo PB JE K-9 P/ ESGOTO DN 300","M",2,569.36,643.38,1286.76,1E-4,0.9]
[null,"4.5.15","INSUMO","SEINFRA","I3962","TUBO FoFo C/ FLANGES DN 150 PN10 - L=250","UN",4,282.76,319.52,1278.08,1E-4,0.9]
[null,"5.5.27","INSUMO","ORSE",5647,"REGISTRO GAVETA FOFO, C/ FLANGES, CUNHA BORRACHA, CORPO CURTO E CABEÇOTE, PN  10, TIPO EURO 23, D=  200MM","UN",1,1120.75,1266.45,1266.45,1E-4,0.9]
[null,"2.7.4","SERVIÇO","SINAPI",72900,"TRANSPORTE DE ENTULHO COM CAMINHAO BASCULANTE 6 M3, RODOVIA PAVIMENTADA, DMT 0,5 A 1,0 KM","M³",162.75,"6,12",7.62,1240.1600000000001,1E-4,0.9]
[null,"4.5.26","INSUMO","ORSE",12532,"REGISTRO GAVETA FOFO, C/ FLANGES, CUNHA BORRACHA, CORPO CURTO E VOLANTE, TIPO EURO 23,  PN16, DIAM  = 100MM","UN",2,532.16999999999996,601.35,1202.7,1E-4,0.9]
[null,"2.6.3","SERVIÇO","SINAPI",90736,"ASSENTAMENTO DE TUBO DE PVC PARA REDE COLETORA DE ESGOTO DE PAREDE MACIÇA, DN 250 MM, JUNTA ELÁSTICA, INSTALADO EM LOCAL COM NÍVEL BAIXO DE INTERFERÊNCIAS (NÃO INCLUI FORNECIMENTO). AF_06/2015","M",204,"4,62",5.75,{"$f":"J207*H207","v":1173},1E-4,0.9]
[null,"5.5.18","INSUMO","SEINFRA","I3880","JUNÇÃO 45 FoFo FFF DN 200 x 200 PN10","UN",1,1034.6199999999999,1169.1199999999999,1169.1199999999999,1E-4,0.9]
[null,"5.5.16","INSUMO","SEINFRA","I3964","TUBO FoFo C/ FLANGES DN 200  PN10 - L=250","UN",2,514.88,581.80999999999995,1163.6199999999999,{"$f":"K209/K$236","v":1E-4},0.9]
[null,"5.5.7","INSUMO","SEINFRA","I3478","CURVA DE PÉ 90 FF DN 200 PN10","UN",2,514.62,581.52,1163.04,1E-4,0.9]
[null,"2.9.3","SERVIÇO","CODEVASF","COMPOSIÇÃO","CONES DE SINALIZAÇÃO - FORNECIMENTO E MOVIMENTAÇÃO","UN/DIA",1100,0.84,1.05,1155,1E-4,{"$f":"L211+M210","v":0.9}]
[null,"7.6.6","INSUMO","SEINFRA","I3180","TUBO PVC CORRUGADO E PERFURADO DN 100","M",31.5,31.72,35.840000000000003,1128.96,1E-4,0.9]
[null,"4.5.20","INSUMO","ORSE",12533,"REGISTRO GAVETA FOFO, C/ FLANGES, CUNHA BORRACHA, CORPO CURTO E VOLANTE, TIPO EURO 23,  PN16, DIAM  = 50MM","UN",3,332.46,375.68,1127.04,1E-4,0.9]
[null,"5.5.26","INSUMO","SEINFRA","I3652","TE FoFo FF DN 200 x 100 PN10","UN",1,919.78,1039.3499999999999,1039.3499999999999,1E-4,0.9]
[null,"2.13.10","INSUMO","SINAPI",308,"ANEL BORRACHA, PARA TUBO, PVC REDE COLETOR ESGOTO, DN 300 MM (NBR 7362)                                                                                                                                                                                                                                                                                                                                                                                                                                   ","UN    ",46,"19,93",22.52,1035.92,1E-4,0.9]
[null,"3.7.4","SERVIÇO","ORSE",21,"DEMOLIÇÃO DE MEIO-FIO GRANÍTICO OU PRE-MOLDADO","M",118,6.72,8.3699999999999992,987.66,1E-4,0.9]
[null,"5.5.23","INSUMO","SEINFRA","I4666","TUBO FoFo C/FLANGE E PONTA DN 200 PN10 - L=1000","UN",1,862.58,974.72,974.72,1E-4,0.9]
[null,"4.4.6","SERVIÇO","SINAPI",94263,"GUIA (MEIO-FIO) CONCRETO, MOLDADA  IN LOCO  EM TRECHO RETO COM EXTRUSORA, 11,5 CM BASE X 22 CM ALTURA. AF_06/2016","M",30,"21,11",26.28,788.4,0,0.9]
[null,"5.5.15","INSUMO","SEINFRA","I3894","JUNTA GIBAULT DN 200","UN",2,340.82,385.13,770.26,0,0.9]
[null,"4.5.23","INSUMO","SEINFRA","I3364","CURVA 90 FoFo BB JUNTA ELÁSTICA DN 150","UN",2,332.82,376.09,752.18,0,0.9]
[null,"5.5.20","INSUMO","SEINFRA","I3650","TE FoFo FF DN 200 x 50 PN10","UN",1,659.55,745.29,745.29,0,0.9]
[null,"10.2.2","SERVIÇO","CODEVASF","COMPOSIÇÃO","MOBILIZAÇÃO E DESMOBILIZAÇÃO DE EQUIPAMENTOS PARA SONDAGEM A PERCUSSÃO","UN ",1,590.78,735.52,735.52,0,0.9]
[null,"4.5.16","INSUMO","SEINFRA","I3409","CURVA FoFo 45 FF DN 150 PN10","UN",2,310.61,350.99,701.98,0,0.9]
[null,"4.1.9","SERVIÇO","ORSE",2507,"CARGA MECÂNICA DE MATERIAL DE 2ª CATEGORIA","M³",251.05,2.23,2.78,697.92,0,0.9]
[null,"7.6.5","INSUMO","SINAPI",38052,"TUBO DRENO, CORRUGADO, ESPIRALADO, FLEXIVEL, PERFURADO, EM POLIETILENO DE ALTA DENSIDADE (PEAD), DN 100 MM, (4\") PARA DRENAGEM - EM ROLO (NORMA DNIT 093/2006 - E.M)                                                                                                                                                                                                                                                                                                                                      ","M     ",106.2,"5,69",6.43,682.87,0,0.9]
[null,"5.5.3","INSUMO","SEINFRA","I3896","JUNTA GIBAULT DN 300","UN",1,583.61,659.48,659.48,0,0.9]
[null,"2.6.6","SERVIÇO","SINAPI",83724,"ASSENTAMENTO DE PECAS, CONEXOES, APARELHOS E ACESSORIOS DE FERRO FUNDIDO DUCTIL, JUNTA ELASTICA, MECANICA OU FLANGEADA, COM DIAMETROS DE 50 A 300 MM.","KG",200,"2,47",3.08,616,0,0.9]
[null,"2.13.9","INSUMO","SINAPI",307,"ANEL BORRACHA, PARA TUBO PVC, REDE COLETOR ESGOTO, DN 250 MM (NBR 7362)                                                                                                                                                                                                                                                                                                                                                                                                                                   ","UN    ",34,"14,92",16.86,573.24,0,0.9]
[null,"5.5.24","INSUMO","SEINFRA","I3365","CURVA 90 FoFo BB JUNTA ELÁSTICA DN 200","UN",1,505.43,571.14,571.14,0,0.9]
[null,"5.5.17","INSUMO","SEINFRA","I3410","CURVA FoFo 45 FF DN 200 PN10","UN",1,407.73,460.73,460.73,0,0.9]
[null,"5.5.6","INSUMO","ORSE",8662,"TUBO INTEGRAL EM FOFO, PARA ESGOTO - JGS Ø= 450MM","M",0.4,640.19000000000005,723.41,289.36,0,0.9]
[null,"4.5.6","INSUMO","ORSE",8656,"TUBO INTEGRAL EM FOFO, PARA ESGOTO - JGS Ø= 150MM","M",0.8,234.75,265.27,212.22,0,0.9]
[null,"2.13.8","INSUMO","SINAPI",306,"ANEL BORRACHA, PARA TUBO PVC, REDE COLETOR ESGOTO, DN 200 MM (NBR 7362)                                                                                                                                                                                                                                                                                                                                                                                                                                   ","UN    ",24,"7,56",8.5399999999999991,204.96,0,0.9]
[null,"2.4.5","SERVIÇO","SINAPI",94307,"ATERRO MECANIZADO DE VALA COM ESCAVADEIRA HIDRÁULICA (CAPACIDADE DA CAÇAMBA: 0,8 M³ / POTÊNCIA: 111 HP), LARGURA ATÉ 1,5 M, PROFUNDIDADE DE 3,0 A 4,5 M, COM SOLO ARGILO-ARENOSO. AF_05/2016","M³",5.86,"25,44",31.67,185.59,0,0.9]
[null,"2.4.4","SERVIÇO","SINAPI",94305,"ATERRO MECANIZADO DE VALA COM ESCAVADEIRA HIDRÁULICA (CAPACIDADE DA CAÇAMBA: 0,8 M³ / POTÊNCIA: 111 HP), LARGURA ATÉ 1,5 M, PROFUNDIDADE DE 1,5 A 3,0 M, COM SOLO ARGILO-ARENOSO. AF_05/2016","M³",0,"29,12",36.25,0,0,0.9]
[{"$nulls":7},"TOTAL GERAL DOS SERVIÇOS:",null,null,{"$f":"SUM(K15:K235)","v":15979290.109999999}]
[{"$nulls":10},15979290.130000001]

{"sheet":"CPU","index":3,"n_rows":1613,"n_cols":9,"rows_kept":1613,"cut":false,"hidden":true,"merged":[[9,3,9,6]]}
["ITEM"," REF.","CÓDIGO","DESCRIÇÃO","UNID.","COEF.","P.UNIT.","P. TOTAL"]
["1.1","SINAPI","74209/1","FORNECIMENTO, MONTAGEM, MANUTENÇÃO  E INSTALAÇÃO DE PLACA DE IDENTIFICAÇÃO DE OBRA COM 2MX3M, CONFORME MODELO APRESENTADO PELA FISCALIZAÇÃO.","M²",12.96]
[null,null,null,"SARRAFO DE MADEIRA NAO APARELHADA *2,5 X 7* CM, MACARANDUBA, ANGELIM OU EQUIVALENTE DA REGIAO","M","1,0000000","5,43",{"$f":"F3*G3","v":5.43}]
[null,null,null,"PECA DE MADEIRA NATIVA / REGIONAL 7,5 X 7,5CM (3X3) NAO APARELHADA (P/FORMA)","M","4,0000000","6,40",{"$f":"F4*G4","v":25.6}]
[null,null,null,"PLACA DE OBRA (PARA CONSTRUCAO CIVIL) EM CHAPA GALVANIZADA *N. 22*, DE *2,0 X 1,125* M","M2","1,0000000",176.12,176.12]
[null,null,null,"PREGO DE ACO POLIDO COM CABECA 18 X 30 (2 3/4 X 10)","KG","0,1100000","11,39",1.2528999999999999]
[null,null,null,"CARPINTEIRO DE FORMAS COM ENCARGOS COMPLEMENTARES","H","1,0000000","19,45",19.45]
[null,null,null,"SERVENTE COM ENCARGOS COMPLEMENTARES","H","2,0000000","15,85",31.7]
[null,null,null,"CONCRETO MAGRO PARA LASTRO, TRAÇO 1:4,5:4,5 (CIMENTO/ AREIA MÉDIA/ BRITA 1)  - PREPARO MECÂNICO COM BETONEIRA 400 L. AF_07/2016","M3","0,0100000","254,54",2.5453999999999999]
[null,null,null,"TOTAL GERAL S/ BDI",null,null,null,{"$f":"SUM(H3:H9)","v":262.10000000000002},262.10000000000002]
[]
["1.2","CODEVASF","COMPOSIÇÃO","MOBILIZAÇÃO DE EQUIPAMENTOS, MATERIAIS E PESSOAL","UN ",2]
[null,null,null,"MOTORISTA DE CAMINHAO","H     ",16,"27,77",{"$f":"G13*F13","v":444.32}]
[null,null,null,"CAMINHÃO BASCULANTE 6 M³ TOCO, PESO BRUTO TOTAL 16.000 KG, CARGA ÚTIL MÁXIMA 11.130 KG, DISTÂNCIA ENTRE EIXOS 5,36 M, POTÊNCIA 185 CV, INCLUSIVE CAÇAMBA METÁLICA - CHP DIURNO. AF_06/2014","CHP",8,100,{"$f":"G14*F14","v":800}]
[null,null,null,"CAMINHÃO TRUCADO (C/ TERCEIRO EIXO) ELETRÔNICO - POTÊNCIA 231CV - PBT = 22000KG - DIST. ENTRE EIXOS 5170 MM - INCLUI CARROCERIA FIXA ABERTA DE MADEIRA - CHP DIURNO. AF_06/2015","CHP",8,105,840]
[null,null,null,"RETROESCAVADEIRA SOBRE RODAS COM CARREGADEIRA, TRAÇÃO 4X4, POTÊNCIA LÍQ. 72 HP, CAÇAMBA CARREG. CAP. MÍN. 0,79 M³, CAÇAMBA RETRO CAP. 0,18 M³, PESO OPERACIONAL MÍN. 7.140 KG, PROFUNDIDADE ESCAVAÇÃO MÁX. 4,50 M - CHI DIURNO. AF_06/2014","CHI",8,54.57,436.56]
[null,null,null,"VEÍCULO PICK-UP CABINE DUPLA 4X4 (163 CV), COM MOTORISTA","MÊS",0.5,6044.97,3022.49]
[{"$nulls":6},"SUB-TOTAL",{"$f":"SUM(H13:H17)","v":5543.37},5543.37]
[]
["1.3","CODEVASF","COMPOSIÇÃO","DESMOBILIZAÇÃO DE EQUIPAMENTOS, MATERIAIS E PESSOAL","UN ",1]
[null,null,null,"MOTORISTA DE CAMINHAO","H     ",16,"27,77",{"$f":"G21*F21","v":444.32}]
[null,null,null,"CAMINHÃO BASCULANTE 6 M³ TOCO, PESO BRUTO TOTAL 16.000 KG, CARGA ÚTIL MÁXIMA 11.130 KG, DISTÂNCIA ENTRE EIXOS 5,36 M, POTÊNCIA 185 CV, INCLUSIVE CAÇAMBA METÁLICA - CHP DIURNO. AF_06/2014","CHP",8,100,{"$f":"G22*F22","v":800}]
[null,null,null,"CAMINHÃO TRUCADO (C/ TERCEIRO EIXO) ELETRÔNICO - POTÊNCIA 231CV - PBT = 22000KG - DIST. ENTRE EIXOS 5170 MM - INCLUI CARROCERIA FIXA ABERTA DE MADEIRA - CHP DIURNO. AF_06/2015","CHP",8,105,840]
[null,null,null,"RETROESCAVADEIRA SOBRE RODAS COM CARREGADEIRA, TRAÇÃO 4X4, POTÊNCIA LÍQ. 72 HP, CAÇAMBA CARREG. CAP. MÍN. 0,79 M³, CAÇAMBA RETRO CAP. 0,18 M³, PESO OPERACIONAL MÍN. 7.140 KG, PROFUNDIDADE ESCAVAÇÃO MÁX. 4,50 M - CHI DIURNO. AF_06/2014","CHI",8,54.57,436.56]
[null,null,null,"VEÍCULO PICK-UP CABINE DUPLA 4X4 (163 CV), COM MOTORISTA","MÊS",0.5,6044.97,3022.49]
[{"$nulls":6},"SUB-TOTAL",{"$f":"SUM(H21:H25)","v":5543.37},5543.37]
[]
["1.4","CODEVASF","COMPOSIÇÃO","INSTALAÇÃO DE CANTEIRO DE OBRAS","UN ",1]
[null,null,null,"MURO EM ALVENARIA BLOCO CERÂMICO, E= 0,09M, C/ ALV DE PEDRA GRANÍTICA, 0,35 X 0,60M, COLUNAS (9X20CM) E CINTAMENTO (9X15CM) SUPERIOR E INFERIOR CONCRETO AR MADO FCK = 15,0 MPA CADA 3,00M, CHAPISCO E REBOCO","M²",400,140.56,{"$f":"G29*F29","v":56224}]
[null,null,null,"PORTAO DE FERRO EM CHAPA GALVANIZADA PLANA 14 GSG","M²",8,236.59,1892.72]
[null,null,null,"EXECUÇÃO DE ESCRITÓRIO EM CANTEIRO DE OBRA EM ALVENARIA, NÃO INCLUSO MOBILIÁRIO E EQUIPAMENTOS. AF_02/2016","M²",48,786.38,37746.239999999998]
[null,null,null,"EXECUÇÃO DE ALMOXARIFADO EM CANTEIRO DE OBRA EM CHAPA DE MADEIRA COMPENSADA, INCLUSO PRATELEIRAS. AF_02/2016","M²",32,539.26,17256.32]
[null,null,null,"EXECUÇÃO DE REFEITÓRIO EM CANTEIRO DE OBRA EM ALVENARIA, NÃO INCLUSO MOBILIÁRIO E EQUIPAMENTOS. AF_02/2016","M²",32,400.08,12802.56]
[null,null,null,"EXECUÇÃO DE SANITÁRIO E VESTIÁRIO EM CANTEIRO DE OBRA EM ALVENARIA, NÃO INCLUSO MOBILIÁRIO. AF_02/2016","M²",22,725.79,15967.38]
[null,null,null,"EXECUÇÃO DE RESERVATÓRIO ELEVADO DE ÁGUA (2000 LITROS) EM CANTEIRO DE OBRA, APOIADO EM ESTRUTURA DE MADEIRA. AF_02/2016","UN",1,6017.47,6017.47]
[{"$nulls":6},"SUB-TOTAL",{"$f":"SUM(H29:H35)","v":147906.69}]
[]
["1.5","CODEVASF","COMPOSIÇÃO","ADMINISTRAÇÃO LOCAL E MANUTENÇÃO DE CANTEIRO DE OBRAS","UN ",1]
[null,null,null,"ENGENHEIRO CIVIL DE OBRA JUNIOR (MENSALISTA)","MES   ",0.5,"14.018,98",{"$f":"G39*F39","v":7009.49}]
[null,null,null,"ENCARREGADO GERAL DE OBRAS (MENSALISTA)","MES   ",1,"5.794,81",5794.81]
[null,null,null,"TECNICO EM SEGURANCA DO TRABALHO (MENSALISTA)","MES   ",1,"3.479,68",3479.68]
[null,null,null,"AUXILIAR DE ESCRITORIO (MENSALISTA)","MES   ",1,"2.573,36",2573.36]
[null,null,null,"VIGIA NOTURNO, HORA EFETIVAMENTE TRABALHADA DE 22 H AS 5 H (COM ADICIONAL NOTURNO)","H     ",154,"14,24",2192.96]
[null,null,null,"VIGIA DIURNO","H     ",88,"11,55",1016.4]
[null,null,null,"MEDICAMENTOS PRIMEIROS SOCORROS","MÊS",1,28.67,28.67]
[null,null,null,"MATERIAL DE LIMPEZA","MÊS",1,75.53,75.53]
[null,null,null,"KIT BÁSICO DE EPI - FARDAMENTO, BOTA DE COURO, CAPACETE, LUVA RASPA, ÓCULOS,  MÁSCARA FILTRO PAPEL, FILTRO SOLAR FPS30 (CUSTO MENSAL)","UN",2,124.18,248.36]
[null,null,null,"ENERGIA ELETRICA COMERCIAL, BAIXA TENSAO, RELATIVA AO CONSUMO DE ATE 100 KWH, INCLUINDO ICMS, PIS/PASEP E COFINS","KW/H  ",500,"0,52",260]
[null,null,null,"TARIFA \"A\" ENTRE  0 E 20M³ FORNECIMENTO D'AGUA","M³    ",10,"9,83",98.3]
[null,null,null,"MATERIAL DE ESCRITÓRIO","MÊS",1,30,30]
[null,null,null,"INTERNET","UNxMÊS",1,130,130]
[{"$nulls":6},"SUB-TOTAL",{"$f":"SUM(H39:H51)","v":22937.56}]
[]
["1.6","CODEVASF","COMPOSIÇÃO","VEÍCULO PICK-UP CABINE DUPLA 4X4 (163 CV)","MÊS",24]
[null,null,null,"VEÍCULO PICK-UP CABINE DUPLA 4X4 (163 CV), COM MOTORISTA","MÊS",0.5,9523.23,{"$f":"G55*F55","v":4761.62}]
[{"$nulls":6},"SUB-TOTAL",{"$f":"SUM(H55)","v":4761.62}]
["2.1.1","SINAPI",85323,"LOCACAO E NIVELAMENTO DE EMISSARIO/REDE COLETORA COM AUXILIO DE EQUIPAMENTO TOPOGRAFICO","M",22083]
[null,null,null,"LOCACAO DE TEODOLITO ELETRONICO, PRECISAO ANGULAR DE 5 A 7 SEGUNDOS, INCLUINDO TRIPE","H","0,0300000","2,27",{"$f":"G58*F58","v":7.0000000000000007E-2}]
[null,null,null,"LOCACAO DE NIVEL OPTICO, COM PRECISAO DE 0,7 MM, AUMENTO DE 32X","H","0,0300000","2,27",7.0000000000000007E-2]
[null,null,null,"AUXILIAR DE TOPÓGRAFO COM ENCARGOS COMPLEMENTARES","H","0,0600000","11,87",0.71]
[null,null,null,"TOPOGRAFO COM ENCARGOS COMPLEMENTARES","H","0,0300000","21,06",0.63]
[{"$nulls":6},"SUB-TOTAL",{"$f":"SUM(H58:H61)","v":1.48}]
["2.2.1","ORSE",11676,"CADASTRO DE REDES DE ESGOTO","M",22083]
[null,null,null,"Auxiliar topografia - T4 - Segundo grau completo - DNIT - Mês de ref.: 05/18","h",3.5999999999999997E-2,9.24,{"$f":"G64*F64","v":0.33263999999999999}]
[null,null,null,"Topografo - T2 - Fonte DNIT - Mês de ref.: 05/18","h",1.2E-2,15.41,{"$f":"G65*F65","v":0.18492}]
[null,null,null,"Pick-up, capacidade 1,2 t","h",1.2E-2,10.54,0.12648000000000001]
[null,null,null,"Nível ótico de precisão","H",1.2E-2,5.58,6.6960000000000006E-2]
[null,null,null,"TEODOLITO","H",1.2E-2,5.58,6.6960000000000006E-2]
[{"$nulls":6},"SUB-TOTAL",{"$f":"SUM(H64:H68)","v":0.77795999999999998}]
["2.2.2","ORSE",2830,"LIMPEZA E TESTE DE REDES DE ESGOTOS SANITÁRIOS","M",28583]
[null,null,"00054/ORSE","Encarregado de turma - Fonte DNIT - Mês de ref.: 05/18","h",3.0000000000000001E-3,14.15,{"$f":"G71*F71","v":4.2450000000000002E-2}]
[null,null,"02696/SINAPI","Encanador ou bombeiro hidraulico","h",0.03,6.25,0.1875]
[null,null,"06111/SINAPI","Servente de obras","h",0.06,4.34,0.26040000000000002]
[null,null,"02459/ORSE","Caminhao tanque 6000 l (m. benz - ATEGO 1418/42 - 136,0 hp ou equivalente)","h",8.9999999999999993E-3,63,0.56699999999999995]
[null,null,"10549/ORSE","Encargos Complementares - Servente","h",0.06,2.57,0.1542]
[null,null,"10554/ORSE","Encargos Complementares - Encanador","h",0.03,2.5099999999999998,7.5300000000000006E-2]
[null,null,null,"Almoço (Participação do empregador)","un",9.1999999999999998E-3,10,9.1999999999999998E-2]
[null,null,"12893/SINAPI","Bota de seguranca com biqueira de aco e colarinho acolchoado","par",0,38.97,0]
[null,null,"02459/ORSE","Caminhao tanque 6000 l (m. benz - ATEGO 1418/42 - 136,0 hp ou equivalente)","h",8.9999999999999993E-3,63,0.56699999999999995]
[null,null,"12894/SINAPI","Capa para chuva em pvc com forro de poliester, com capuz (amarela ou azul)","un",0,10.55,0]
[null,null,"12895/SINAPI","Capacete de seguranca aba frontal com suspensao de polietileno, sem jugular (classe b)","un",0,8.1199999999999992,0]
[null,null,"02711/SINAPI","Carrinho de mao de aco capacidade 50 a 60 l, pneu com camara","un",0,129,0]
[null,null,"10492/ORSE","Cesta Básica","un",4.0000000000000002E-4,130,5.1999999999999998E-2]
[null,null,"02696/SINAPI","Encanador ou bombeiro hidraulico","h",0.03,13.39,0.4017]
[null,null,"00054/ORSE","Encarregado de turma - Fonte DNIT - Mês de ref.: 05/18","h",3.0000000000000001E-3,30.32,9.0959999999999999E-2]
[null,null,"10517/ORSE","Exames admissionais/demissionais (checkup)","cj",0,326,0]
[null,null,"00941/ORSE","Fardamento","un",1E-4,68.59,6.8589999999999996E-3]
[null,null,"10592/ORSE","Lima chata 1 1/2\"","un",0,8.83,0]
[null,null,"12892/SINAPI","Luva raspa de couro, cano curto (punho *7* cm)","par",2.0000000000000001E-4,7.3,1.4599999999999999E-3]
[null,null,"04729/ORSE","Marreta 1 kg com cabo","un",0,15.8,0]
[null,null,"01651/ORSE","Óculos branco proteção","pr",0,5.5,0]
[null,null,"10788/ORSE","Pá quadrada","un",0,17.29,0]
[null,null,"10593/ORSE","Praio simples 30cm","un",0,46.89,0]
[null,null,"10596/ORSE","Protetor auricular","un",4.0000000000000002E-4,3.2,1.2800000000000001E-3]
[null,null,"10599/ORSE","Protetor solar fps 30 com 120ml","un",2.0000000000000001E-4,17.739999999999998,3.5479999999999999E-3]
[null,null,"10761/ORSE","Refeição - café da manhã ( café com leite e dois pães com manteiga)","un",9.1999999999999998E-3,2.5,2.3E-2]
[null,null,"10362/ORSE","Seguro de vida e acidente em grupo","un",4.0000000000000002E-4,5.65,2.2599999999999999E-3]
[null,null,"06111/SINAPI","Servente de obras","h",0.06,9.3000000000000007,0.55800000000000005]
[null,null,"04728/ORSE","Talhadeira chata 10\"","un",0,9.4499999999999993,0]
[null,null,"11256/ORSE","Tarracha para tubos PVC de 1 1/2\"","un",0,41.3,0]
[null,null,"11257/ORSE","Tarracha para tubos PVC de 1 1/4\"","un",0,31.36,0]
[null,null,"11255/ORSE","Tarracha para tubos PVC de 1\"","un",0,21.96,0]
[null,null,"11253/ORSE","Tarracha para tubos PVC de 1/2\"","un",0,16.25,0]
[null,null,"11254/ORSE","Tarracha para tubos PVC de 3/4\"","un",0,18.8,0]
[null,null,"02378/ORSE","Vale transporte","un",7.6E-3,3.5,2.6599999999999999E-2]
[{"$nulls":6},"SUB-TOTAL",{"$f":"SUM(H71:H105)","v":3.1135169999999999}]
["2.3.1","SINAPI",93358,"ESCAVAÇÃO MANUAL DE VALA COM PROFUNDIDADE MENOR OU IGUAL A 1,30 M. AF_03/2016","M³",2456.1999999999998]
[null,null,null,"SERVENTE COM ENCARGOS COMPLEMENTARES","H","3,9560000","15,85",{"$f":"G108*F108","v":62.702599999999997}]
[{"$nulls":6},"SUB-TOTAL",{"$f":"SUM(H108)","v":62.702599999999997}]
["2.3.2","SINAPI",90105,"ESCAVAÇÃO MECANIZADA DE VALA COM PROFUNDIDADE ATÉ 1,5 M (MÉDIA ENTRE MONTANTE E JUSANTE/UMA COMPOSIÇÃO POR TRECHO) COM RETROESCAVADEIRA (CAPACIDADE DA CAÇAMBA DA RETRO: 0,26 M³ / POTÊNCIA: 88 HP), LARGURA MENOR QUE 0,8 M, EM SOLO DE 1A CATEGORIA, LOCAISCOM BAIXO NÍVEL DE INTERFERÊNCIA. AF_01/2015","M³",10033.52]
[null,null,null,"RETROESCAVADEIRA SOBRE RODAS COM CARREGADEIRA, TRAÇÃO 4X4, POTÊNCIA LÍQ. 88 HP, CAÇAMBA CARREG. CAP. MÍN. 1 M3, CAÇAMBA RETRO CAP. 0,26 M3, PESO OPERACIONAL MÍN. 6.674 KG, PROFUNDIDADE ESCAVAÇÃO MÁX. 4,37 M - CHP DIURNO. AF_06/2014","CHP","0,0355000","114,98",{"$f":"G111*F111","v":4.0817899999999998}]
[null,null,null,"RETROESCAVADEIRA SOBRE RODAS COM CARREGADEIRA, TRAÇÃO 4X4, POTÊNCIA LÍQ. 88 HP, CAÇAMBA CARREG. CAP. MÍN. 1 M3, CAÇAMBA RETRO CAP. 0,26 M3, PESO OPERACIONAL MÍN. 6.674 KG, PROFUNDIDADE ESCAVAÇÃO MÁX. 4,37 M - CHI DIURNO. AF_06/2014","CHI","0,0429000","55,33",2.3736570000000001]
[null,null,null,"SERVENTE COM ENCARGOS COMPLEMENTARES","H","0,0784000","15,85",1.24264]
[{"$nulls":6},"SUB-TOTAL",{"$f":"SUM(H111:H113)","v":7.6980870000000001}]
["2.3.3","SINAPI",90092,"ESCAVAÇÃO MECANIZADA DE VALA COM PROF. MAIOR QUE 1,5 M E ATÉ 3,0 M(MÉDIA ENTRE MONTANTE E JUSANTE/UMA COMPOSIÇÃO POR TRECHO), COM ESCAVADEIRA HIDRÁULICA (0,8 M³/111 HP), LARG. MENOR QUE 1,5 M, EM SOLO DE 1A CATEGORIA, LOCAIS COM BAIXO NÍVEL DE INTERFERÊNCIA. AF_01/2015","M³",618.13]
[null,null,null,"ESCAVADEIRA HIDRÁULICA SOBRE ESTEIRAS, CAÇAMBA 0,80 M3, PESO OPERACIONAL 17 T, POTENCIA BRUTA 111 HP - CHP DIURNO. AF_06/2014","CHP","0,0206000","146,53",{"$f":"G116*F116","v":3.0185179999999998}]
[null,null,null,"ESCAVADEIRA HIDRÁULICA SOBRE ESTEIRAS, CAÇAMBA 0,80 M3, PESO OPERACIONAL 17 T, POTENCIA BRUTA 111 HP - CHI DIURNO. AF_06/2014","CHI","0,0224000","66,72",1.4945280000000001]
[null,null,null,"SERVENTE COM ENCARGOS COMPLEMENTARES","H","0,0431000","15,85",0.68313500000000005]
[{"$nulls":6},"SUB-TOTAL",{"$f":"SUM(H116:H118)","v":5.1961810000000002}]
["2.3.4","SINAPI",72915,"ESCAVACAO MECANICA DE VALA EM MATERIAL DE 2A. CATEGORIA ATE 2 M DE PROFUNDIDADE COM UTILIZACAO DE ESCAVADEIRA HIDRAULICA","M³",2610.5700000000002]
[null,null,null,"SERVENTE COM ENCARGOS COMPLEMENTARES","H","0,1250000","15,85",{"$f":"G121*F121","v":1.98125}]
[null,null,null,"ESCAVADEIRA HIDRÁULICA SOBRE ESTEIRAS, CAÇAMBA 0,80 M3, PESO OPERACIONAL 17,8 T, POTÊNCIA LÍQUIDA 110 HP - CHP DIURNO. AF_10/2014","CHP","0,0625000","143,45",8.9656249999999993]
[{"$nulls":6},"SUB-TOTAL",{"$f":"SUM(H121:H122)","v":10.946875}]
["2.3.5","SINAPI",72917,"ESCAVACAO MECANICA DE VALA EM MATERIAL 2A. CATEGORIA DE 2,01 ATE 4,00 M DE PROFUNDIDADE COM UTILIZACAO DE ESCAVADEIRA HIDRAULICA","M³",829.46]
[null,null,null,"SERVENTE COM ENCARGOS COMPLEMENTARES","H","0,1428000","15,85",{"$f":"G125*F125","v":2.2633800000000002}]
[null,null,null,"ESCAVADEIRA HIDRÁULICA SOBRE ESTEIRAS, CAÇAMBA 0,80 M3, PESO OPERACIONAL 17,8 T, POTÊNCIA LÍQUIDA 110 HP - CHP DIURNO. AF_10/2014","CHP","0,0714000","143,45",10.242330000000001]
[{"$nulls":6},"SUB-TOTAL",{"$f":"SUM(H125:H126)","v":12.505710000000001}]
["2.3.6","ORSE",4357,"ESCAVAÇÃO COM PERFURATRIZ EM MATERIAL DE 2ª CATEGORIA","M³",2108.94]
[null,null,"02463/ORSE","Compressor 250 pcm (atlas copco - xa-120dd - 94,0 hp ou equivalente)","h",5.2999999999999999E-2,12.15,{"$f":"G129*F129","v":0.64395000000000002}]
[null,null,"02479/ORSE","Perfuratriz (atlas copco -rh 571 5l)","h",0.16,2.61,0.41760000000000003]
[null,null,"06111/SINAPI","Servente de obras","h",6.5,4.34,28.21]
[null,null,"10549/ORSE","Encargos Complementares - Servente","h",6.5,2.57,16.704999999999998]
[null,null,"00158/ORSE","Almoço (Participação do empregador)","un",0.66169999999999995,10,6.617]
[null,null,"12893/SINAPI","Bota de seguranca com biqueira de aco e colarinho acolchoado","par",5.1999999999999998E-3,38.97,0.20264399999999999]
[null,null,"12894/SINAPI","Capa para chuva em pvc com forro de poliester, com capuz (amarela ou azul)","un",1.2999999999999999E-3,10.55,1.3715E-2]
[null,null,"12895/SINAPI","Capacete de seguranca aba frontal com suspensao de polietileno, sem jugular (classe b)","un",3.8999999999999998E-3,8.1199999999999992,3.1668000000000002E-2]
[null,null,"02711/SINAPI","Carrinho de mao de aco capacidade 50 a 60 l, pneu com camara","un",1.2999999999999999E-3,129,0.16769999999999999]
[null,null,"10492/ORSE","Cesta Básica","un",2.92E-2,130,3.7959999999999998]
[null,null,"02463/ORSE","Compressor 250 pcm (atlas copco - xa-120dd - 94,0 hp ou equivalente)","h",5.2999999999999999E-2,12.15,0.64395000000000002]
[null,null,"10517/ORSE","Exames admissionais/demissionais (checkup)","cj",2.5999999999999999E-3,326,0.84760000000000002]
[null,null,"00941/ORSE","Fardamento","un",9.7999999999999997E-3,68.59,0.67218199999999995]
[null,null,"12892/SINAPI","Luva raspa de couro, cano curto (punho *7* cm)","par",1.4999999999999999E-2,7.3,0.1095]
[null,null,"04729/ORSE","Marreta 1 kg com cabo","un",5.9999999999999995E-4,15.8,9.4800000000000006E-3]
[null,null,"01651/ORSE","Óculos branco proteção","pr",5.1999999999999998E-3,5.5,2.86E-2]
[null,null,"10788/ORSE","Pá quadrada","un",1.2999999999999999E-3,17.29,2.2477E-2]
[null,null,"02479/ORSE","Perfuratriz (atlas copco -rh 571 5l)","h",0.16,2.61,0.41760000000000003]
[null,null,"10596/ORSE","Protetor auricular","un",2.92E-2,3.2,9.3439999999999995E-2]
[null,null,"10599/ORSE","Protetor solar fps 30 com 120ml","un",1.17E-2,17.739999999999998,0.20755799999999999]
[null,null,"10761/ORSE","Refeição - café da manhã ( café com leite e dois pães com manteiga)","un",0.66169999999999995,2.5,1.65425]
[null,null,"10362/ORSE","Seguro de vida e acidente em grupo","un",2.92E-2,5.65,0.16497999999999999]
[null,null,"06111/SINAPI","Servente de obras","h",6.5,9.3000000000000007,60.45]
[null,null,"04728/ORSE","Talhadeira chata 10\"","un",2E-3,9.4499999999999993,1.89E-2]
[null,null,"02378/ORSE","Vale transporte","un",0.61160000000000003,3.5,2.1406000000000001]
[{"$nulls":6},"SUB-TOTAL",{"$f":"SUM(H129:H153)","v":124.286394}]
["2.3.7","ORSE",4503,"ESCAVAÇÃO MANUAL DE VALA OU CAVA EM MATERIAL DE 3ª CATEGORIA, PROFUNDIDADE AT É 4,00 M, COM USO DE EXPLOSIVOS E PERFURAÇÃO MECÂNICA","M³",1157.21]
[null,null,"01045/ORSE","Explosivo gelatinoso dinamite 40% (comprimento = 8\" / diâmetro da seção = 1\")","kg",0.2,"8.35",{"$f":"G156*F156","v":{"$error":"#VALUE!"}}]
[null,null,"02463/ORSE","Compressor 250 pcm (atlas copco - xa-120dd - 94,0 hp ou equivalente)","h",6.3399999999999998E-2,"11.68",{"$error":"#VALUE!"}]
[null,null,"02479/ORSE","Perfuratriz (atlas copco -rh 571 5l)","h",0.19,"2.43",{"$error":"#VALUE!"}]
[null,null,"02759/SINAPI","Espoleta simples n 8.","un",3,"4.06",{"$error":"#VALUE!"}]
[null,null,"02762/SINAPI","Estopim simples","m",3,"5.07",{"$error":"#VALUE!"}]
[null,null,"06111/SINAPI","Servente de obras","h",16.5,"4.42",{"$error":"#VALUE!"}]
[null,null,"04500/ORSE","Série de brocas integrais - Série 11","Cj",1.9E-3,"4,252.77",{"$error":"#VALUE!"}]
[null,null,"10549/ORSE","Encargos Complementares - Servente","h",16.5,"2.61",{"$error":"#VALUE!"}]
[null,null,"00158/ORSE","Almoço (Participação do empregador)","un",16797,"10.00",{"$error":"#VALUE!"}]
[null,null,"12893/SINAPI","Bota de seguranca com biqueira de aco e colarinho acolchoado","par",1.32E-2,"38.88",{"$error":"#VALUE!"}]
[null,null,"04163/ORSE","Broca em aço 400 x 35 mm, série 11","un",1.9E-3,"365.52",{"$error":"#VALUE!"}]
[null,null,"04165/ORSE","Broca em aço 800 x 34 mm, série 11","un",1.9E-3,"382.42",{"$error":"#VALUE!"}]
[null,null,"04166/ORSE","Broca em aço 1600 x 33 mm, série 11","un",1.9E-3,"366.96",{"$error":"#VALUE!"}]
[null,null,"04167/ORSE","Broca em aço 2400 x 32 mm, série 11","un",1.9E-3,"570.80",{"$error":"#VALUE!"}]
[null,null,"04168/ORSE","Broca em aço 3200 x 31 mm, série 11","un",1.9E-3,"761.97",{"$error":"#VALUE!"}]
[null,null,"04169/ORSE","Broca em aço 4000 x 30 mm, série 11","un",1.9E-3,"888.47",{"$error":"#VALUE!"}]
[null,null,"04170/ORSE","Broca em aço 4800 x 29 mm, série 11","un",1.9E-3,"916.63",{"$error":"#VALUE!"}]
[null,null,"12894/SINAPI","Capa para chuva em pvc com forro de poliester, com capuz (amarela ou azul)","un",3.3E-3,"10.53",{"$error":"#VALUE!"}]
[null,null,"12895/SINAPI","Capacete de seguranca aba frontal com suspensao de polietileno, sem jugular (classe b)","un",9.9000000000000008E-3,"8.10",{"$error":"#VALUE!"}]
[null,null,"02711/SINAPI","Carrinho de mao de aco capacidade 50 a 60 l, pneu com camara","un",3.3E-3,"130.00",{"$error":"#VALUE!"}]
[null,null,"10492/ORSE","Cesta Básica","un",7.4200000000000002E-2,"130.00",{"$error":"#VALUE!"}]
[null,null,"02463/ORSE","Compressor 250 pcm (atlas copco - xa-120dd - 94,0 hp ou equivalente)","h",6.3399999999999998E-2,"11.68",{"$error":"#VALUE!"}]
[null,null,"02759/SINAPI","Espoleta simples n 8.","un",3,"4.06",{"$error":"#VALUE!"}]
[null,null,"02762/SINAPI","Estopim simples","m",3,"5.07",{"$error":"#VALUE!"}]
[null,null,"10517/ORSE","Exames admissionais/demissionais (checkup)","cj",6.6E-3,"326.00",{"$error":"#VALUE!"}]
[null,null,"01045/ORSE","Explosivo gelatinoso dinamite 40% (comprimento = 8\" / diâmetro da seção = 1\")","kg",0.2,"8.35",{"$error":"#VALUE!"}]
[null,null,"00941/ORSE","Fardamento","un",2.4799999999999999E-2,"76.00",{"$error":"#VALUE!"}]
[null,null,"12892/SINAPI","Luva raspa de couro, cano curto (punho *7* cm)","par",3.7999999999999999E-2,"7.29",{"$error":"#VALUE!"}]
[null,null,"04729/ORSE","Marreta 1 kg com cabo","un",1.6000000000000001E-3,"15.80",{"$error":"#VALUE!"}]
[null,null,"01651/ORSE","Óculos branco proteção","pr",1.32E-2,"5.70",{"$error":"#VALUE!"}]
[null,null,"10788/ORSE","Pá quadrada","un",3.3E-3,"17.29",{"$error":"#VALUE!"}]
[null,null,"02479/ORSE","Perfuratriz (atlas copco -rh 571 5l)","h",0.19,"2.43",{"$error":"#VALUE!"}]
[null,null,"10596/ORSE","Protetor auricular","un",7.4200000000000002E-2,"3.20",{"$error":"#VALUE!"}]
[null,null,"10599/ORSE","Protetor solar fps 30 com 120ml","un",2.9700000000000001E-2,"35.90",{"$error":"#VALUE!"}]
[null,null,"10761/ORSE","Refeição - café da manhã ( café com leite e dois pães com manteiga)","un",16797,"2.50",{"$error":"#VALUE!"}]
[null,null,"10362/ORSE","Seguro de vida e acidente em grupo","un",7.4200000000000002E-2,"5.65",{"$error":"#VALUE!"}]
[null,null,"06111/SINAPI","Servente de obras","h",16.5,"9.49",{"$error":"#VALUE!"}]
[null,null,"04728/ORSE","Talhadeira chata 10\"","un",5.0000000000000001E-3,"9.45",{"$error":"#VALUE!"}]
[null,null,"02378/ORSE","Vale transporte","un",15526,"3.50",{"$error":"#VALUE!"}]
[{"$nulls":6},"SUB-TOTAL"]
["2.3.8","SINAPI",94111,"LASTRO DE VALA COM PREPARO DE FUNDO, LARGURA MENOR QUE 1,5 M, COM CAMADA DE AREIA, LANÇAMENTO MECANIZADO, EM LOCAL COM NÍVEL BAIXO DE INTERFERÊNCIA. AF_06/2016","M³",1812.72]
[null,null,null,"AREIA MEDIA - POSTO JAZIDA/FORNECEDOR (RETIRADO NA JAZIDA, SEM TRANSPORTE)","M3","1,1000000","55,00","60,50"]
[null,null,null,"RETROESCAVADEIRA SOBRE RODAS COM CARREGADEIRA, TRAÇÃO 4X4, POTÊNCIA LÍQ. 88 HP, CAÇAMBA CARREG. CAP. MÍN. 1 M3, CAÇAMBA RETRO CAP. 0,26 M3, PESO OPERACIONAL MÍN. 6.674 KG, PROFUNDIDADE ESCAVAÇÃO MÁX. 4,37 M - CHP DIURNO. AF_06/2014","CHP","0,1060000","114,98","12,18"]
[null,null,null,"RETROESCAVADEIRA SOBRE RODAS COM CARREGADEIRA, TRAÇÃO 4X4, POTÊNCIA LÍQ. 88 HP, CAÇAMBA CARREG. CAP. MÍN. 1 M3, CAÇAMBA RETRO CAP. 0,26 M3, PESO OPERACIONAL MÍN. 6.674 KG, PROFUNDIDADE ESCAVAÇÃO MÁX. 4,37 M - CHI DIURNO. AF_06/2014","CHI","0,5300000","55,33","29,32"]
[null,null,null,"PEDREIRO COM ENCARGOS COMPLEMENTARES","H","0,7630000","19,57","14,93"]
[null,null,null,"SERVENTE COM ENCARGOS COMPLEMENTARES","H","1,1440000","15,85","18,13"]
[null,null,null,"COMPACTADOR DE SOLOS DE PERCUSSÃO (SOQUETE) COM MOTOR A GASOLINA 4 TEMPOS, POTÊNCIA 4 CV - CHP DIURNO. AF_08/2015","CHP","0,0690000","37,70","2,60"]
[null,null,null,"COMPACTADOR DE SOLOS DE PERCUSSÃO (SOQUETE) COM MOTOR A GASOLINA 4 TEMPOS, POTÊNCIA 4 CV - CHI DIURNO. AF_08/2015","CHI","0,0640000","34,23","2,19"]
[]
["2.3.9","ORSE",2508,"CARGA MECÂNICA DE MATERIAL DE 3ª CATEGORIA","M³",5758.67]
[null,null,"02477/ORSE","Pá - carregadeira de esteira 1,53m3 (cat - 953 - 130,0 hp)","h",1,"156.46","156.46"]
[null,null,"06111/SINAPI","Servente de obras","h",2,"4.34","8.68"]
[null,null,"10549/ORSE","Encargos Complementares - Servente","h","0.0286","2.57","0.07"]
[null,null,"00158/ORSE","Almoço (Participação do empregador)","un","0.0029","10.00","0.03"]
[null,null,"12893/SINAPI","Bota de seguranca com biqueira de aco e colarinho acolchoado","par",0,"38.97","0.00"]
[null,null,"12894/SINAPI","Capa para chuva em pvc com forro de poliester, com capuz (amarela ou azul)","un",0,"10.55","0.00"]
[null,null,"12895/SINAPI","Capacete de seguranca aba frontal com suspensao de polietileno, sem jugular (classe b)","un",0,"8.12","0.00"]
[null,null,"02711/SINAPI","Carrinho de mao de aco capacidade 50 a 60 l, pneu com camara","un",0,"129.00","0.00"]
[null,null,"10492/ORSE","Cesta Básica","un","0.0001","130.00","0.01"]
[null,null,"10517/ORSE","Exames admissionais/demissionais (checkup)","cj",0,"326.00","0.00"]
[null,null,"00941/ORSE","Fardamento","un",0,"68.59","0.00"]
[null,null,"12892/SINAPI","Luva raspa de couro, cano curto (punho *7* cm)","par","0.0001","7.30","0.00"]
[null,null,"04729/ORSE","Marreta 1 kg com cabo","un",0,"15.80","0.00"]
[null,null,"01651/ORSE","Óculos branco proteção","pr",0,"5.50","0.00"]
[null,null,"02477/ORSE","Pá - carregadeira de esteira 1,53m3 (cat - 953 - 130,0 hp)","h",null,"156.46","2.85"]
[null,null,"10788/ORSE","Pá quadrada","un",0,"17.29","0.00"]
[null,null,"10596/ORSE","Protetor auricular","un","0.0001","3.20","0.00"]
[null,null,"10599/ORSE","Protetor solar fps 30 com 120ml","un","0.0001","17.74","0.00"]
[null,null,"10761/ORSE","Refeição - café da manhã ( café com leite e dois pães com manteiga)","un","0.0029","2.50","0.01"]
[null,null,"10362/ORSE","Seguro de vida e acidente em grupo","un","0.0001","5.65","0.00"]
[null,null,"06111/SINAPI","Servente de obras","h","0.0286","9.30","0.27"]
[null,null,"04728/ORSE","Talhadeira chata 10\"","un",0,"9.45","0.00"]
[null,null,"02378/ORSE","Vale transporte","un","0.0027","3.50","0.01"]
[]
["2.3.10","SINAPI",97914,"TRANSPORTE COM CAMINHÃO BASCULANTE DE 6 M³, EM VIA URBANA PAVIMENTADA, DMT ATÉ 30 KM (UNIDADE: M³XKM). AF_01/2018","M³XKM",60364.7]
[null,null,null,"CAMINHÃO BASCULANTE 6 M3 TOCO, PESO BRUTO TOTAL 16.000 KG, CARGA ÚTIL MÁXIMA 11.130 KG, DISTÂNCIA ENTRE EIXOS 5,36 M, POTÊNCIA 185 CV, INCLUSIVE CAÇAMBA METÁLICA - CHP DIURNO. AF_06/2014","CHP","0,0104200","147,90","1,54"]
[null,null,null,"CAMINHÃO BASCULANTE 6 M3 TOCO, PESO BRUTO TOTAL 16.000 KG, CARGA ÚTIL MÁXIMA 11.130 KG, DISTÂNCIA ENTRE EIXOS 5,36 M, POTÊNCIA 185 CV, INCLUSIVE CAÇAMBA METÁLICA - CHI DIURNO. AF_06/2014","CHI","0,0026000","44,04","0,11"]
[]
["2.4.1","SINAPI",93378,"REATERRO MECANIZADO DE VALA COM RETROESCAVADEIRA (CAPACIDADE DA CAÇAMBA DA RETRO: 0,26 M³ / POTÊNCIA: 88 HP), LARGURA ATÉ 0,8 M, PROFUNDIDADE ATÉ 1,5 M, COM SOLO (SEM SUBSTITUIÇÃO) DE 1ª CATEGORIA EM LOCAIS COM BAIXO NÍVEL DE INTERFERÊNCIA. AF_04/2016","M³",10896.39]
[null,null,null,"RETROESCAVADEIRA SOBRE RODAS COM CARREGADEIRA, TRAÇÃO 4X4, POTÊNCIA LÍQ. 88 HP, CAÇAMBA CARREG. CAP. MÍN. 1 M3, CAÇAMBA RETRO CAP. 0,26 M3, PESO OPERACIONAL MÍN. 6.674 KG, PROFUNDIDADE ESCAVAÇÃO MÁX. 4,37 M - CHP DIURNO. AF_06/2014","CHP","0,0410000","114,98","4,71"]
[null,null,null,"RETROESCAVADEIRA SOBRE RODAS COM CARREGADEIRA, TRAÇÃO 4X4, POTÊNCIA LÍQ. 88 HP, CAÇAMBA CARREG. CAP. MÍN. 1 M3, CAÇAMBA RETRO CAP. 0,26 M3, PESO OPERACIONAL MÍN. 6.674 KG, PROFUNDIDADE ESCAVAÇÃO MÁX. 4,37 M - CHI DIURNO. AF_06/2014","CHI","0,0540000","55,33","2,98"]
[null,null,null,"SERVENTE COM ENCARGOS COMPLEMENTARES","H","0,0420000","15,85","0,66"]
[null,null,null,"COMPACTADOR DE SOLOS DE PERCUSSÃO (SOQUETE) COM MOTOR A GASOLINA 4 TEMPOS, POTÊNCIA 4 CV - CHP DIURNO. AF_08/2015","CHP","0,2050000","37,70","7,72"]
[null,null,null,"COMPACTADOR DE SOLOS DE PERCUSSÃO (SOQUETE) COM MOTOR A GASOLINA 4 TEMPOS, POTÊNCIA 4 CV - CHI DIURNO. AF_08/2015","CHI","0,1900000","34,23","6,50"]
[null,null,null,"UMIDIFICAÇÃO DE MATERIAL PARA VALAS COM CAMINHÃO PIPA 10000L. AF_11/2016","M3","1,0000000","1,29","1,29"]
[]
["2.4.2","SINAPI",93368,"REATERRO MECANIZADO DE VALA COM ESCAVADEIRA HIDRÁULICA (CAPACIDADE DA CAÇAMBA: 0,8 M³ / POTÊNCIA: 111 HP), LARGURA ATÉ 1,5 M, PROFUNDIDADE DE 1,5 A 3,0 M, COM SOLO (SEM SUBSTITUIÇÃO) DE 1ª CATEGORIA EM LOCAIS COM BAIXO NÍVEL DE INTERFERÊNCIA. AF_04/2016","M³",618.13]
[null,null,null,"ESCAVADEIRA HIDRÁULICA SOBRE ESTEIRAS, CAÇAMBA 0,80 M3, PESO OPERACIONAL 17 T, POTENCIA BRUTA 111 HP - CHP DIURNO. AF_06/2014","CHP","0,0330000","146,53","4,83"]
[null,null,null,"ESCAVADEIRA HIDRÁULICA SOBRE ESTEIRAS, CAÇAMBA 0,80 M3, PESO OPERACIONAL 17 T, POTENCIA BRUTA 111 HP - CHI DIURNO. AF_06/2014","CHI","0,0440000","66,72","2,93"]
[null,null,null,"SERVENTE COM ENCARGOS COMPLEMENTARES","H","0,0330000","15,85","0,52"]
[null,null,null,"COMPACTADOR DE SOLOS DE PERCUSSÃO (SOQUETE) COM MOTOR A GASOLINA 4 TEMPOS, POTÊNCIA 4 CV - CHP DIURNO. AF_08/2015","CHP","0,0610000","37,70","2,29"]
[null,null,null,"COMPACTADOR DE SOLOS DE PERCUSSÃO (SOQUETE) COM MOTOR A GASOLINA 4 TEMPOS, POTÊNCIA 4 CV - CHI DIURNO. AF_08/2015","CHI","0,0570000","34,23","1,95"]
[null,null,null,"UMIDIFICAÇÃO DE MATERIAL PARA VALAS COM CAMINHÃO PIPA 10000L. AF_11/2016","M3","1,0000000","1,29","1,29"]
[]
["2.4.3","SINAPI",94315,"ATERRO MECANIZADO DE VALA COM RETROESCAVADEIRA (CAPACIDADE DA CAÇAMBA DA RETRO: 0,26 M³ / POTÊNCIA: 88 HP), LARGURA ATÉ 0,8 M, PROFUNDIDADE ATÉ 1,5 M, COM SOLO ARGILO-ARENOSO. AF_05/2016","M³",2284.23]
[null,null,null,"RETROESCAVADEIRA SOBRE RODAS COM CARREGADEIRA, TRAÇÃO 4X4, POTÊNCIA LÍQ. 88 HP, CAÇAMBA CARREG. CAP. MÍN. 1 M3, CAÇAMBA RETRO CAP. 0,26 M3, PESO OPERACIONAL MÍN. 6.674 KG, PROFUNDIDADE ESCAVAÇÃO MÁX. 4,37 M - CHP DIURNO. AF_06/2014","CHP","0,0410000","114,98","4,71"]
[null,null,null,"RETROESCAVADEIRA SOBRE RODAS COM CARREGADEIRA, TRAÇÃO 4X4, POTÊNCIA LÍQ. 88 HP, CAÇAMBA CARREG. CAP. MÍN. 1 M3, CAÇAMBA RETRO CAP. 0,26 M3, PESO OPERACIONAL MÍN. 6.674 KG, PROFUNDIDADE ESCAVAÇÃO MÁX. 4,37 M - CHI DIURNO. AF_06/2014","CHI","0,0540000","55,33","2,98"]
[null,null,null,"CAMINHÃO PIPA 10.000 L TRUCADO, PESO BRUTO TOTAL 23.000 KG, CARGA ÚTIL MÁXIMA 15.935 KG, DISTÂNCIA ENTRE EIXOS 4,8 M, POTÊNCIA 230 CV, INCLUSIVE TANQUE DE AÇO PARA TRANSPORTE DE ÁGUA - CHP DIURNO. AF_06/2014","CHP","0,0060000","171,23","1,02"]
[null,null,null,"CAMINHÃO PIPA 10.000 L TRUCADO, PESO BRUTO TOTAL 23.000 KG, CARGA ÚTIL MÁXIMA 15.935 KG, DISTÂNCIA ENTRE EIXOS 4,8 M, POTÊNCIA 230 CV, INCLUSIVE TANQUE DE AÇO PARA TRANSPORTE DE ÁGUA - CHI DIURNO. AF_06/2014","CHI","0,0030000","46,48","0,13"]
[null,null,null,"ARGILA, ARGILA VERMELHA OU ARGILA ARENOSA (RETIRADA NA JAZIDA, SEM TRANSPORTE)","M3","1,2500000","12,25","15,31"]
[null,null,null,"SERVENTE COM ENCARGOS COMPLEMENTARES","H","0,0520000","15,85","0,82"]
[null,null,null,"COMPACTADOR DE SOLOS DE PERCUSSÃO (SOQUETE) COM MOTOR A GASOLINA 4 TEMPOS, POTÊNCIA 4 CV - CHP DIURNO. AF_08/2015","CHP","0,2740000","37,70","10,32"]
[null,null,null,"COMPACTADOR DE SOLOS DE PERCUSSÃO (SOQUETE) COM MOTOR A GASOLINA 4 TEMPOS, POTÊNCIA 4 CV - CHI DIURNO. AF_08/2015","CHI","0,2540000","34,23","8,69"]
[]
["2.4.4","SINAPI",94305,"ATERRO MECANIZADO DE VALA COM ESCAVADEIRA HIDRÁULICA (CAPACIDADE DA CAÇAMBA: 0,8 M³ / POTÊNCIA: 111 HP), LARGURA ATÉ 1,5 M, PROFUNDIDADE DE 1,5 A 3,0 M, COM SOLO ARGILO-ARENOSO. AF_05/2016","M³",0]
[null,null,null,"ESCAVADEIRA HIDRÁULICA SOBRE ESTEIRAS, CAÇAMBA 0,80 M3, PESO OPERACIONAL 17 T, POTENCIA BRUTA 111 HP - CHP DIURNO. AF_06/2014","CHP","0,0330000","146,53","4,83"]
[null,null,null,"ESCAVADEIRA HIDRÁULICA SOBRE ESTEIRAS, CAÇAMBA 0,80 M3, PESO OPERACIONAL 17 T, POTENCIA BRUTA 111 HP - CHI DIURNO. AF_06/2014","CHI","0,0440000","66,72","2,93"]
[null,null,null,"CAMINHÃO PIPA 10.000 L TRUCADO, PESO BRUTO TOTAL 23.000 KG, CARGA ÚTIL MÁXIMA 15.935 KG, DISTÂNCIA ENTRE EIXOS 4,8 M, POTÊNCIA 230 CV, INCLUSIVE TANQUE DE AÇO PARA TRANSPORTE DE ÁGUA - CHP DIURNO. AF_06/2014","CHP","0,0060000","171,23","1,02"]
[null,null,null,"CAMINHÃO PIPA 10.000 L TRUCADO, PESO BRUTO TOTAL 23.000 KG, CARGA ÚTIL MÁXIMA 15.935 KG, DISTÂNCIA ENTRE EIXOS 4,8 M, POTÊNCIA 230 CV, INCLUSIVE TANQUE DE AÇO PARA TRANSPORTE DE ÁGUA - CHI DIURNO. AF_06/2014","CHI","0,0030000","46,48","0,13"]
[null,null,null,"ARGILA, ARGILA VERMELHA OU ARGILA ARENOSA (RETIRADA NA JAZIDA, SEM TRANSPORTE)","M3","1,2500000","12,25","15,31"]
[null,null,null,"SERVENTE COM ENCARGOS COMPLEMENTARES","H","0,0420000","15,85","0,66"]
[null,null,null,"COMPACTADOR DE SOLOS DE PERCUSSÃO (SOQUETE) COM MOTOR A GASOLINA 4 TEMPOS, POTÊNCIA 4 CV - CHP DIURNO. AF_08/2015","CHP","0,0610000","37,70","2,29"]
[null,null,null,"COMPACTADOR DE SOLOS DE PERCUSSÃO (SOQUETE) COM MOTOR A GASOLINA 4 TEMPOS, POTÊNCIA 4 CV - CHI DIURNO. AF_08/2015","CHI","0,0570000","34,23","1,95"]
[]
["2.4.5","SINAPI",94307,"ATERRO MECANIZADO DE VALA COM ESCAVADEIRA HIDRÁULICA (CAPACIDADE DA CAÇAMBA: 0,8 M³ / POTÊNCIA: 111 HP), LARGURA ATÉ 1,5 M, PROFUNDIDADE DE 3,0 A 4,5 M, COM SOLO ARGILO-ARENOSO. AF_05/2016","M³",5.86]
[null,null,null,"ESCAVADEIRA HIDRÁULICA SOBRE ESTEIRAS, CAÇAMBA 0,80 M3, PESO OPERACIONAL 17 T, POTENCIA BRUTA 111 HP - CHP DIURNO. AF_06/2014","CHP","0,0280000","146,53","4,10"]
[null,null,null,"ESCAVADEIRA HIDRÁULICA SOBRE ESTEIRAS, CAÇAMBA 0,80 M3, PESO OPERACIONAL 17 T, POTENCIA BRUTA 111 HP - CHI DIURNO. AF_06/2014","CHI","0,0360000","66,72","2,40"]
[null,null,null,"CAMINHÃO PIPA 10.000 L TRUCADO, PESO BRUTO TOTAL 23.000 KG, CARGA ÚTIL MÁXIMA 15.935 KG, DISTÂNCIA ENTRE EIXOS 4,8 M, POTÊNCIA 230 CV, INCLUSIVE TANQUE DE AÇO PARA TRANSPORTE DE ÁGUA - CHP DIURNO. AF_06/2014","CHP","0,0060000","171,23","1,02"]
[null,null,null,"CAMINHÃO PIPA 10.000 L TRUCADO, PESO BRUTO TOTAL 23.000 KG, CARGA ÚTIL MÁXIMA 15.935 KG, DISTÂNCIA ENTRE EIXOS 4,8 M, POTÊNCIA 230 CV, INCLUSIVE TANQUE DE AÇO PARA TRANSPORTE DE ÁGUA - CHI DIURNO. AF_06/2014","CHI","0,0030000","46,48","0,13"]
[null,null,null,"ARGILA, ARGILA VERMELHA OU ARGILA ARENOSA (RETIRADA NA JAZIDA, SEM TRANSPORTE)","M3","1,2500000","12,25","15,31"]
[null,null,null,"SERVENTE COM ENCARGOS COMPLEMENTARES","H","0,0350000","15,85","0,55"]
[null,null,null,"COMPACTADOR DE SOLOS DE PERCUSSÃO (SOQUETE) COM MOTOR A GASOLINA 4 TEMPOS, POTÊNCIA 4 CV - CHP DIURNO. AF_08/2015","CHP","0,0280000","37,70","1,05"]
[null,null,null,"COMPACTADOR DE SOLOS DE PERCUSSÃO (SOQUETE) COM MOTOR A GASOLINA 4 TEMPOS, POTÊNCIA 4 CV - CHI DIURNO. AF_08/2015","CHI","0,0260000","34,23","0,88"]
[]
["2.5.1","SINAPI",98420,"(COMPOSIÇÃO REPRESENTATIVA) POÇO DE VISITA CIRCULAR PARA ESGOTO, EM CONCRETO PRÉ-MOLDADO, DIÂMETRO INTERNO = 1,0 M, PROFUNDIDADE ATÉ 1,50 M, INCLUINDO TAMPÃO DE FERRO FUNDIDO, DIÂMETRO DE 60 CM. AF_04/2018","UN",35]
[null,null,null,"TAMPA CIRCULAR PARA ESGOTO E DRENAGEM, EM FERRO FUNDIDO, DIÂMETRO INTERNO = 0,6 M. AF_05/2018","UN","1,0000000","455,66","455,66"]
[null,null,null,"BASE PARA POÇO DE VISITA CIRCULAR PARA  ESGOTO, EM CONCRETO PRÉ-MOLDADO, DIÂMETRO INTERNO = 1 M, PROFUNDIDADE = 1,45 M, EXCLUINDO TAMPÃO. AF_05/2018_P","UN","1,0000000","861,33","861,33"]
[]
["2.5.2","SINAPI",98421,"(COMPOSIÇÃO REPRESENTATIVA) POÇO DE VISITA CIRCULAR PARA ESGOTO, EM CONCRETO PRÉ-MOLDADO, DIÂMETRO INTERNO = 1,0 M, PROFUNDIDADE DE 1,50 A 2,00 M, INCLUINDO TAMPÃO DE FERRO FUNDIDO, DIÂMETRO DE 60 CM. AF_04/2018","UN",20]
[null,null,null,"ACRÉSCIMO PARA POÇO DE VISITA CIRCULAR PARA ESGOTO, EM CONCRETO PRÉ-MOLDADO, DIÂMETRO INTERNO = 1 M. AF_05/2018","M","0,5000000","298,97","149,48"]
[null,null,null,"TAMPA CIRCULAR PARA ESGOTO E DRENAGEM, EM FERRO FUNDIDO, DIÂMETRO INTERNO = 0,6 M. AF_05/2018","UN","1,0000000","455,66","455,66"]
[null,null,null,"BASE PARA POÇO DE VISITA CIRCULAR PARA  ESGOTO, EM CONCRETO PRÉ-MOLDADO, DIÂMETRO INTERNO = 1 M, PROFUNDIDADE = 1,45 M, EXCLUINDO TAMPÃO. AF_05/2018_P","UN","1,0000000","861,33","861,33"]
[]
["2.5.3","SINAPI",98422,"(COMPOSIÇÃO REPRESENTATIVA) POÇO DE VISITA CIRCULAR PARA ESGOTO, EM CONCRETO PRÉ-MOLDADO, DIÂMETRO INTERNO = 1,0 M, PROFUNDIDADE DE 2,00 A 2,50 M, INCLUINDO TAMPÃO DE FERRO FUNDIDO, DIÂMETRO DE 60 CM. AF_04/2018","UN",4]
[null,null,null,"ACRÉSCIMO PARA POÇO DE VISITA CIRCULAR PARA ESGOTO, EM CONCRETO PRÉ-MOLDADO, DIÂMETRO INTERNO = 1 M. AF_05/2018","M","1,0000000","298,97","298,97"]
[null,null,null,"TAMPA CIRCULAR PARA ESGOTO E DRENAGEM, EM FERRO FUNDIDO, DIÂMETRO INTERNO = 0,6 M. AF_05/2018","UN","1,0000000","455,66","455,66"]
[null,null,null,"BASE PARA POÇO DE VISITA CIRCULAR PARA  ESGOTO, EM CONCRETO PRÉ-MOLDADO, DIÂMETRO INTERNO = 1 M, PROFUNDIDADE = 1,45 M, EXCLUINDO TAMPÃO. AF_05/2018_P","UN","1,0000000","861,33","861,33"]
[]
["2.5.4","SINAPI",98423,"(COMPOSIÇÃO REPRESENTATIVA) POÇO DE VISITA CIRCULAR PARA ESGOTO, EM CONCRETO PRÉ-MOLDADO, DIÂMETRO INTERNO = 1,0 M, PROFUNDIDADE DE 2,50 A 3,00 M, INCLUINDO TAMPÃO DE FERRO FUNDIDO, DIÂMETRO DE 60 CM. AF_04/2018","UN",5]
[null,null,null,"ACRÉSCIMO PARA POÇO DE VISITA CIRCULAR PARA ESGOTO, EM CONCRETO PRÉ-MOLDADO, DIÂMETRO INTERNO = 1 M. AF_05/2018","M","1,0000000","298,97","298,97"]
[null,null,null,"CHAMINÉ CIRCULAR PARA POÇO DE VISITA PARA ESGOTO, EM CONCRETO PRÉ-MOLDADO, DIÂMETRO INTERNO = 0,6 M. AF_05/2018","M","0,5000000","158,68","79,34"]
[null,null,null,"TAMPA CIRCULAR PARA ESGOTO E DRENAGEM, EM FERRO FUNDIDO, DIÂMETRO INTERNO = 0,6 M. AF_05/2018","UN","1,0000000","455,66","455,66"]
[null,null,null,"BASE PARA POÇO DE VISITA CIRCULAR PARA  ESGOTO, EM CONCRETO PRÉ-MOLDADO, DIÂMETRO INTERNO = 1 M, PROFUNDIDADE = 1,45 M, EXCLUINDO TAMPÃO. AF_05/2018_P","UN","1,0000000","861,33","861,33"]
[]
["2.5.5","SINAPI",98424,"(COMPOSIÇÃO REPRESENTATIVA) POÇO DE VISITA CIRCULAR PARA ESGOTO, EM CONCRETO PRÉ-MOLDADO, DIÂMETRO INTERNO = 1,0 M, PROFUNDIDADE DE 3,00 A 3,50 M, INCLUINDO TAMPÃO DE FERRO FUNDIDO, DIÂMETRO DE 60 CM. AF_04/2018","UN",2]
[null,null,null,"ACRÉSCIMO PARA POÇO DE VISITA CIRCULAR PARA ESGOTO, EM CONCRETO PRÉ-MOLDADO, DIÂMETRO INTERNO = 1 M. AF_05/2018","M","1,0000000","298,97","298,97"]
[null,null,null,"CHAMINÉ CIRCULAR PARA POÇO DE VISITA PARA ESGOTO, EM CONCRETO PRÉ-MOLDADO, DIÂMETRO INTERNO = 0,6 M. AF_05/2018","M","1,0000000","158,68","158,68"]
[null,null,null,"TAMPA CIRCULAR PARA ESGOTO E DRENAGEM, EM FERRO FUNDIDO, DIÂMETRO INTERNO = 0,6 M. AF_05/2018","UN","1,0000000","455,66","455,66"]
[null,null,null,"BASE PARA POÇO DE VISITA CIRCULAR PARA  ESGOTO, EM CONCRETO PRÉ-MOLDADO, DIÂMETRO INTERNO = 1 M, PROFUNDIDADE = 1,45 M, EXCLUINDO TAMPÃO. AF_05/2018_P","UN","1,0000000","861,33","861,33"]
[]
["2.5.6","SINAPI",97983,"ACRÉSCIMO PARA POÇO DE VISITA CIRCULAR PARA ESGOTO, EM CONCRETO PRÉ-MOLDADO, DIÂMETRO INTERNO = 1 M. AF_05/2018","M",160]
[null,null,null,"RETROESCAVADEIRA SOBRE RODAS COM CARREGADEIRA, TRAÇÃO 4X4, POTÊNCIA LÍQ. 88 HP, CAÇAMBA CARREG. CAP. MÍN. 1 M3, CAÇAMBA RETRO CAP. 0,26 M3, PESO OPERACIONAL MÍN. 6.674 KG, PROFUNDIDADE ESCAVAÇÃO MÁX. 4,37 M - CHP DIURNO. AF_06/2014","CHP","0,1523000","114,98","17,51"]
[null,null,null,"RETROESCAVADEIRA SOBRE RODAS COM CARREGADEIRA, TRAÇÃO 4X4, POTÊNCIA LÍQ. 88 HP, CAÇAMBA CARREG. CAP. MÍN. 1 M3, CAÇAMBA RETRO CAP. 0,26 M3, PESO OPERACIONAL MÍN. 6.674 KG, PROFUNDIDADE ESCAVAÇÃO MÁX. 4,37 M - CHI DIURNO. AF_06/2014","CHI","0,5122000","55,33","28,34"]
[null,null,null,"ANEL DE CONCRETO ARMADO, D = 1,00 M, H = 0,50 M","UN","2,0000000","92,37","184,74"]
[null,null,null,"PEDREIRO COM ENCARGOS COMPLEMENTARES","H","0,9936000","19,57","19,44"]
[null,null,null,"SERVENTE COM ENCARGOS COMPLEMENTARES","H","0,9936000","15,85","15,74"]
[null,null,null,"ARGAMASSA TRAÇO 1:3 (CIMENTO E AREIA), PREPARO MECANICO , INCLUSO ADITIVO IMPERMEABILIZANTE","M3","0,0723000","459,28","33,20"]
[]
["2.6.1","SINAPI",90734,"ASSENTAMENTO DE TUBO DE PVC PARA REDE COLETORA DE ESGOTO DE PAREDE MACIÇA, DN 150 MM, JUNTA ELÁSTICA, INSTALADO EM LOCAL COM NÍVEL BAIXO DE INTERFERÊNCIAS (NÃO INCLUI FORNECIMENTO). AF_06/2015","M",4584]
[null,null,null,"ASSENTADOR DE TUBOS COM ENCARGOS COMPLEMENTARES","H","0,0730000","30,48","2,22"]
[null,null,null,"SERVENTE COM ENCARGOS COMPLEMENTARES","H","0,0730000","15,85","1,15"]
[]
["2.6.2","SINAPI",90735,"ASSENTAMENTO DE TUBO DE PVC PARA REDE COLETORA DE ESGOTO DE PAREDE MACIÇA, DN 200 MM, JUNTA ELÁSTICA, INSTALADO EM LOCAL COM NÍVEL BAIXO DE INTERFERÊNCIAS (NÃO INCLUI FORNECIMENTO). AF_06/2015","M",1410]
[null,null,null,"ASSENTADOR DE TUBOS COM ENCARGOS COMPLEMENTARES","H","0,0867000","30,48","2,64"]
[null,null,null,"SERVENTE COM ENCARGOS COMPLEMENTARES","H","0,0867000","15,85","1,37"]
[]
["2.6.3","SINAPI",90736,"ASSENTAMENTO DE TUBO DE PVC PARA REDE COLETORA DE ESGOTO DE PAREDE MACIÇA, DN 250 MM, JUNTA ELÁSTICA, INSTALADO EM LOCAL COM NÍVEL BAIXO DE INTERFERÊNCIAS (NÃO INCLUI FORNECIMENTO). AF_06/2015","M",204]
[null,null,null,"ASSENTADOR DE TUBOS COM ENCARGOS COMPLEMENTARES","H","0,1000000","30,48","3,04"]
[null,null,null,"SERVENTE COM ENCARGOS COMPLEMENTARES","H","0,1000000","15,85","1,58"]
[]
["2.6.4","SINAPI",90737,"ASSENTAMENTO DE TUBO DE PVC PARA REDE COLETORA DE ESGOTO DE PAREDE MACIÇA, DN 300 MM, JUNTA ELÁSTICA, INSTALADO EM LOCAL COM NÍVEL BAIXO DE INTERFERÊNCIAS (NÃO INCLUI FORNECIMENTO). AF_06/2015","M",276]
[null,null,null,"ASSENTADOR DE TUBOS COM ENCARGOS COMPLEMENTARES","H","0,1134000","30,48","3,45"]
[null,null,null,"SERVENTE COM ENCARGOS COMPLEMENTARES","H","0,1134000","15,85","1,79"]
[]
["2.6.7","SEINFRA","C3475","TRAVESSIA MÉTODO NÃO DESTRUTIVO P/ TUBO 100<DN<=200 (COMPLETO)","M",45,1965.54]
[]
["2.6.8","SINAPI",83724,"ASSENTAMENTO DE PECAS, CONEXOES, APARELHOS E ACESSORIOS DE FERRO FUNDIDO DUCTIL, JUNTA ELASTICA, MECANICA OU FLANGEADA, COM DIAMETROS DE 50 A 300 MM.","KG",200]
[null,null,null,"MONTADOR (TUBO AÇO/EQUIPAMENTOS) COM ENCARGOS COMPLEMENTARES","H","0,0300000","50,92","1,52"]
[null,null,null,"SERVENTE COM ENCARGOS COMPLEMENTARES","H","0,0600000","15,85","0,95"]
[]
["2.7.1","SINAPI",92970,"DEMOLIÇÃO DE PAVIMENTAÇÃO ASFÁLTICA COM UTILIZAÇÃO DE MARTELO PERFURADOR, ESPESSURA ATÉ 15 CM, EXCLUSIVE CARGA E TRANSPORTE","M²",1635.4]
[null,null,null,"SERVENTE COM ENCARGOS COMPLEMENTARES","H","0,1000000","15,85","1,58"]
[null,null,null,"COMPRESSOR DE AR REBOCAVEL, VAZÃO 250 PCM, PRESSAO DE TRABALHO 102 PSI, MOTOR A DIESEL POTÊNCIA 81 CV - CHP DIURNO. AF_06/2015","CHP","0,1000000","43,47","4,34"]
[null,null,null,"MARTELO PERFURADOR PNEUMÁTICO MANUAL, HASTE 25 X 75 MM, 21 KG - CHP DIURNO. AF_12/2015","CHP","0,3000000","32,82","9,84"]
[]
["2.7.2","ORSE",20,"DEMOLIÇÃO DE PAVIMENTAÇÃO EM PARALELEPÍPEDO OU PRÉ-MOLDADOS DE CONCRETO C/ RE APROVEITAMENTO","M²",4406.8]
[null,null,"06111/SINAPI","Servente de obras","h","0.6","4.34","2.60"]
[null,null,"10549/ORSE","Encargos Complementares - Servente","h","0.6","2.57","1.54"]
[null,null,"00158/ORSE","Almoço (Participação do empregador)","un","0.0611","10.00","0.61"]
[null,null,"12893/SINAPI","Bota de seguranca com biqueira de aco e colarinho acolchoado","par","0.0005","38.97","0.02"]
[null,null,"12894/SINAPI","Capa para chuva em pvc com forro de poliester, com capuz (amarela ou azul)","un","0.0001","10.55","0.00"]
[null,null,"12895/SINAPI","Capacete de seguranca aba frontal com suspensao de polietileno, sem jugular (classe b)","un","0.0004","8.12","0.00"]
[null,null,"02711/SINAPI","Carrinho de mao de aco capacidade 50 a 60 l, pneu com camara","un","0.0001","129.00","0.01"]
[null,null,"10492/ORSE","Cesta Básica","un","0.0027","130.00","0.35"]
[null,null,"10517/ORSE","Exames admissionais/demissionais (checkup)","cj","0.0002","326.00","0.07"]
[null,null,"00941/ORSE","Fardamento","un","0.0009","68.59","0.06"]
[null,null,"12892/SINAPI","Luva raspa de couro, cano curto (punho *7* cm)","par","0.0014","7.30","0.01"]
[null,null,"04729/ORSE","Marreta 1 kg com cabo","un","0.0001","15.80","0.00"]
[null,null,"01651/ORSE","Óculos branco proteção","pr","0.0005","5.50","0.00"]
[null,null,"10788/ORSE","Pá quadrada","un","0.0001","17.29","0.00"]
[null,null,"10596/ORSE","Protetor auricular","un","0.0027","3.20","0.01"]
[null,null,"10599/ORSE","Protetor solar fps 30 com 120ml","un","0.0011","17.74","0.02"]
[null,null,"10761/ORSE","Refeição - café da manhã ( café com leite e dois pães com manteiga)","un","0.0611","2.50","0.15"]
[null,null,"10362/ORSE","Seguro de vida e acidente em grupo","un","0.0027","5.65","0.02"]
[null,null,"06111/SINAPI","Servente de obras","h","0.6","9.30","5.58"]
[null,null,"04728/ORSE","Talhadeira chata 10\"","un","0.0002","9.45","0.00"]
[null,null,"02378/ORSE","Vale transporte","un","0.0565","3.50","0.20"]
[]
["2.7.3","SINAPI",72898,"CARGA E DESCARGA MECANIZADAS DE ENTULHO EM CAMINHAO BASCULANTE 6 M³","M³",5862.75]
[null,null,null,"CAMINHÃO BASCULANTE 6 M3, PESO BRUTO TOTAL 16.000 KG, CARGA ÚTIL MÁXIMA 13.071 KG, DISTÂNCIA ENTRE EIXOS 4,80 M, POTÊNCIA 230 CV INCLUSIVE CAÇAMBA METÁLICA - CHP DIURNO. AF_06/2014","CHP","0,0070000","170,06","1,19"]
[null,null,null,"PÁ CARREGADEIRA SOBRE RODAS, POTÊNCIA LÍQUIDA 128 HP, CAPACIDADE DA CAÇAMBA 1,7 A 2,8 M3, PESO OPERACIONAL 11632 KG - CHP DIURNO. AF_06/2014","CHP","0,0180000","142,84","2,57"]
[null,null,null,"SERVENTE COM ENCARGOS COMPLEMENTARES","H","0,0180000","15,85","0,28"]
[]
["2.7.4","SINAPI",72900,"TRANSPORTE DE ENTULHO COM CAMINHAO BASCULANTE 6 M³, RODOVIA PAVIMENTADA, DMT 0,5 A 1,0 KM","M³",162.75]
[null,null,null,"CAMINHÃO BASCULANTE 6 M3, PESO BRUTO TOTAL 16.000 KG, CARGA ÚTIL MÁXIMA 13.071 KG, DISTÂNCIA ENTRE EIXOS 4,80 M, POTÊNCIA 230 CV INCLUSIVE CAÇAMBA METÁLICA - CHP DIURNO. AF_06/2014","CHP","0,0360000","170,06","6,12"]
[]
["2.8.1","SINAPI","73790/4","REASSENTAMENTO DE PARALELEPIPEDO SOBRE COLCHAO DE PO DE PEDRA ESPESSURA 10CM, REJUNTADO COM ARGAMASSA TRACO 1:3 (CIMENTO E AREIA), CONSIDERANDO APROVEITAMENTO DO PARALELEPIPEDO","M²",4406.8]
[null,null,null,"PO DE PEDRA (POSTO PEDREIRA/FORNECEDOR, SEM FRETE)","M3","0,1000000","52,86","5,28"]
[null,null,null,"CALCETEIRO COM ENCARGOS COMPLEMENTARES","H","0,4000000","19,45","7,78"]
[null,null,null,"SERVENTE COM ENCARGOS COMPLEMENTARES","H","1,3000000","15,85","20,60"]
[null,null,null,"ARGAMASSA TRAÇO 1:0,5:4,5 (CIMENTO, CAL E AREIA MÉDIA), PREPARO MECÂNICO COM BETONEIRA 400 L. AF_08/2014","M3","0,0200000","373,11","7,46"]
[]
["ORSE","ORSE",2600,"REPOSIÇÃO DE PAVIMENTAÇÃO ASFÁLTICA, INCLUINDO PINTURA DE LIGAÇÃO, FORNECIMEN TO E APLICAÇÃO DE CBUQ","M²",1635.4]
[null,null,"00633/ORSE","Concreto betuminoso usinado a quente (CBUQ), fornecido e aplicado pela Emurb, sem transporte, inclusive cap","t","0.12","323.35","38.80"]
[null,null,"02593/ORSE","Pintura asfáltica de ligação, inclusive ligante, exclusive transporte","m2",1,"0.88","0.88"]
[null,null,"00158/ORSE","Almoço (Participação do empregador)","un","0.0002","10.00","0.00"]
[null,null,"12893/SINAPI","Bota de seguranca com biqueira de aco e colarinho acolchoado","par",0,"38.97","0.00"]
[null,null,"02453/ORSE","Caminhao esparg. asf. 6000 l","h",null,"63.00","0.08"]
[null,null,"12894/SINAPI","Capa para chuva em pvc com forro de poliester, com capuz (amarela ou azul)","un",0,"10.55","0.00"]
[null,null,"12895/SINAPI","Capacete de seguranca aba frontal com suspensao de polietileno, sem jugular (classe b)","un",0,"8.12","0.00"]
[null,null,"02711/SINAPI","Carrinho de mao de aco capacidade 50 a 60 l, pneu com camara","un",0,"129.00","0.00"]
[null,null,"10492/ORSE","Cesta Básica","un",0,"130.00","0.00"]
[null,null,"00633/ORSE","Concreto betuminoso usinado a quente (CBUQ), fornecido e aplicado pela Emurb, sem transporte, inclusive cap","t","0.12","323.35","38.80"]
[null,null,"00895/ORSE","Emulsão asfáltica rr-1c","t","0.0004","1,774.33","0.71"]
[null,null,"00054/ORSE","Encarregado de turma - Fonte DNIT - Mês de ref.: 05/18","h","0.0006","30.32","0.02"]
[null,null,"10517/ORSE","Exames admissionais/demissionais (checkup)","cj",0,"326.00","0.00"]
[null,null,"00941/ORSE","Fardamento","un",0,"68.59","0.00"]
[null,null,"12892/SINAPI","Luva raspa de couro, cano curto (punho *7* cm)","par",0,"7.30","0.00"]
[null,null,"04729/ORSE","Marreta 1 kg com cabo","un",0,"15.80","0.00"]
[null,null,"01651/ORSE","Óculos branco proteção","pr",0,"5.50","0.00"]
[null,null,"10788/ORSE","Pá quadrada","un",0,"17.29","0.00"]
[null,null,"10596/ORSE","Protetor auricular","un",0,"3.20","0.00"]
[null,null,"10599/ORSE","Protetor solar fps 30 com 120ml","un",0,"17.74","0.00"]
[null,null,"10761/ORSE","Refeição - café da manhã ( café com leite e dois pães com manteiga)","un","0.0002","2.50","0.00"]
[null,null,"10362/ORSE","Seguro de vida e acidente em grupo","un",0,"5.65","0.00"]
[null,null,"06111/SINAPI","Servente de obras","h","0.0018","9.30","0.02"]
[null,null,"04728/ORSE","Talhadeira chata 10\"","un",0,"9.45","0.00"]
[null,null,"02496/ORSE","Tanque estacionário 30.000 l (pre-aquecedor taa-serpentina ou equivalente)","h",null,"16.10","0.01"]
[null,null,"02499/ORSE","Trator agrícola pneu (massey ferguson - mf 292/4 - 105,0 hp)","h",null,"82.94","0.04"]
[null,null,"02378/ORSE","Vale transporte","un","0.0002","3.50","0.00"]
[null,null,"02507/ORSE","Vassoura mecânica CMV: VM 7 rebocável ou equivalente","h",null,"13.09","0.00"]
[]
["2.8.3","SINAPI",96396,"EXECUÇÃO E COMPACTAÇÃO DE BASE E OU SUB BASE COM BRITA GRADUADA SIMPLES - EXCLUSIVE CARGA E TRANSPORTE. AF_09/2017","M³",32.71]
[null,null,null,"ROLO COMPACTADOR VIBRATÓRIO DE UM CILINDRO AÇO LISO, POTÊNCIA 80 HP, PESO OPERACIONAL MÁXIMO 8,1 T, IMPACTO DINÂMICO 16,15 / 9,5 T, LARGURA DE TRABALHO 1,68 M - CHP DIURNO. AF_06/2014","CHP","0,0077000","108,42","0,83"]
[null,null,null,"ROLO COMPACTADOR VIBRATÓRIO DE UM CILINDRO AÇO LISO, POTÊNCIA 80 HP, PESO OPERACIONAL MÁXIMO 8,1 T, IMPACTO DINÂMICO 16,15 / 9,5 T, LARGURA DE TRABALHO 1,68 M - CHI DIURNO. AF_06/2014","CHI","0,0084000","54,73","0,45"]
[null,null,null,"CAMINHÃO PIPA 10.000 L TRUCADO, PESO BRUTO TOTAL 23.000 KG, CARGA ÚTIL MÁXIMA 15.935 KG, DISTÂNCIA ENTRE EIXOS 4,8 M, POTÊNCIA 230 CV, INCLUSIVE TANQUE DE AÇO PARA TRANSPORTE DE ÁGUA - CHP DIURNO. AF_06/2014","CHP","0,0058000","171,23","0,99"]
[null,null,null,"CAMINHÃO PIPA 10.000 L TRUCADO, PESO BRUTO TOTAL 23.000 KG, CARGA ÚTIL MÁXIMA 15.935 KG, DISTÂNCIA ENTRE EIXOS 4,8 M, POTÊNCIA 230 CV, INCLUSIVE TANQUE DE AÇO PARA TRANSPORTE DE ÁGUA - CHI DIURNO. AF_06/2014","CHI","0,0103000","46,48","0,47"]
[null,null,null,"MOTONIVELADORA POTÊNCIA BÁSICA LÍQUIDA (PRIMEIRA MARCHA) 125 HP, PESO BRUTO 13032 KG, LARGURA DA LÂMINA DE 3,7 M - CHP DIURNO. AF_06/2014","CHP","0,0077000","164,22","1,26"]
[null,null,null,"MOTONIVELADORA POTÊNCIA BÁSICA LÍQUIDA (PRIMEIRA MARCHA) 125 HP, PESO BRUTO 13032 KG, LARGURA DA LÂMINA DE 3,7 M - CHI DIURNO. AF_06/2014","CHI","0,0084000","71,71","0,60"]
[null,null,null,"SERVENTE COM ENCARGOS COMPLEMENTARES","H","0,0563000","15,85","0,89"]
[null,null,null,"USINAGEM DE BRITA GRADUADA SIMPLES, UTILIZANDO BRITA COMERCIAL COM USINA 300 T/H. AF_06/2017","M3","1,0000000","92,84","92,84"]
[null,null,null,"ROLO COMPACTADOR DE PNEUS, ESTATICO, PRESSAO VARIAVEL, POTENCIA 110 HP, PESO SEM/COM LASTRO 10,8/27 T, LARGURA DE ROLAGEM 2,30 M - CHP DIURNO. AF_06/2017","CHP","0,0039000","144,35","0,56"]
[null,null,null,"ROLO COMPACTADOR DE PNEUS, ESTATICO, PRESSAO VARIAVEL, POTENCIA 110 HP, PESO SEM/COM LASTRO 10,8/27 T, LARGURA DE ROLAGEM 2,30 M - CHI DIURNO. AF_06/2017","CHI","0,0122000","65,79","0,80"]
[]
["2.8.4","SINAPI","74253/1","RAMAL PREDIAL EM TUBO PEAD 20MM - FORNECIMENTO, INSTALAÇÃO, ESCAVAÇÃO E REATERRO","M",600]
[null,null,null,"TUBO DE POLIETILENO DE ALTA DENSIDADE (PEAD), PE-80, DE = 20 MM X 2,3 MM DE PAREDE, PARA LIGACAO DE AGUA PREDIAL (NBR 15561)","M","1,0000000","3,27","3,27"]
[null,null,null,"ENCANADOR OU BOMBEIRO HIDRÁULICO COM ENCARGOS COMPLEMENTARES","H","0,0400000","19,53","0,78"]
[null,null,null,"SERVENTE COM ENCARGOS COMPLEMENTARES","H","0,0400000","15,85","0,63"]
[null,null,null,"ESCAVAÇÃO MANUAL DE VALA COM PROFUNDIDADE MENOR OU IGUAL A 1,30 M. AF_03/2016","M3","0,1800000","62,70","11,28"]
[null,null,null,"REATERRO MANUAL APILOADO COM SOQUETE. AF_10/2017","M3","0,1800000","38,01","6,84"]
[]
["2.8.5","SEINFRA","C2918","RAMAL PREDIAL DE ESGOTO EM PVC 100mm, S/ PAVIMENTO","M",300]
[]
["2.8.6","SINAPI",83675,"TUBO CONCRETO SIMPLES DN 200 MM PARA DRENAGEM - FORNECIMENTO E INSTALACAO, INCLUSIVE ESCAVACAO MANUAL 1M³/M.","M",220]
[null,null,null,"AREIA MEDIA - POSTO JAZIDA/FORNECEDOR (RETIRADO NA JAZIDA, SEM TRANSPORTE)","M3","0,0005000","55,00","0,02"]
[null,null,null,"CIMENTO PORTLAND COMPOSTO CP II-32","KG","0,2250000","0,43","0,09"]
[null,null,null,"TUBO DE CONCRETO SIMPLES, CLASSE- PS1, PB, DN 200 MM, PARA AGUAS PLUVIAIS (NBR 8890)","M","1,0000000","24,44","24,44"]
[null,null,null,"PEDREIRO COM ENCARGOS COMPLEMENTARES","H","0,1613000","19,57","3,15"]
[null,null,null,"SERVENTE COM ENCARGOS COMPLEMENTARES","H","3,7865000","15,85","60,01"]
[]
["2.8.7","SINAPI",9537,"LIMPEZA FINAL DA OBRA","M²",38152.800000000003]
[null,null,null,"ACIDO MURIATICO, DILUICAO 10% A 12% PARA USO EM LIMPEZA","L","0,0500000","4,05","0,20"]
[null,null,null,"SERVENTE COM ENCARGOS COMPLEMENTARES","H","0,1400000","15,85","2,21"]
[]
["2.9.1","SINAPI","74219/2","PASSADICOS COM TABUAS DE MADEIRA PARA VEICULOS","M²",35]
[null,null,null,"PECA DE MADEIRA NATIVA / REGIONAL 7,5 X 7,5CM (3X3) NAO APARELHADA (P/FORMA)","M","0,8000000","6,40","5,12"]
[null,null,null,"PREGO DE ACO POLIDO COM CABECA 18 X 27 (2 1/2 X 10)","KG","0,2000000","11,20","2,24"]
[null,null,null,"TABUA MADEIRA 2A QUALIDADE 2,5 X 30,0CM (1 X 12\") NAO APARELHADA","M","0,9333000","7,93","7,40"]
[null,null,null,"CARPINTEIRO DE FORMAS COM ENCARGOS COMPLEMENTARES","H","0,5000000","19,45","9,72"]
[null,null,null,"SERVENTE COM ENCARGOS COMPLEMENTARES","H","1,5000000","15,85","23,77"]
[]
["2.9.2","SINAPI","74219/1","PASSADICOS COM TABUAS DE MADEIRA PARA PEDESTRES","M²",27]
[null,null,null,"VIGA DE MADEIRA NAO APARELHADA *6 X 16* CM, MACARANDUBA, ANGELIM OU EQUIVALENTE DA REGIAO","M","0,7619000","27,22","20,73"]
[null,null,null,"PREGO DE ACO POLIDO COM CABECA 18 X 27 (2 1/2 X 10)","KG","0,2000000","11,20","2,24"]
[null,null,null,"TABUA MADEIRA 2A QUALIDADE 2,5 X 30,0CM (1 X 12\") NAO APARELHADA","M","0,4285000","7,93","3,39"]
[null,null,null,"CARPINTEIRO DE FORMAS COM ENCARGOS COMPLEMENTARES","H","0,5000000","19,45","9,72"]
[null,null,null,"SERVENTE COM ENCARGOS COMPLEMENTARES","H","1,5000000","15,85","23,77"]
[]
["2.9.3","CODEVASF","COMPOSIÇÃO","CONES DE SINALIZAÇÃO - FORNECIMENTO E MOVIMENTAÇÃO","UN/DIA",1100]
[null,null,null,"CONE DE SINALIZACAO EM PVC RIGIDO COM FAIXA REFLETIVA, H = 70 / 76 CM                                                                                                                                                                                                                                                                                                                                                                                                                                     ","UN    ",0.01,"29,00",0.28999999999999998]
[null,null,null,"SERVENTE DE OBRAS                                                                                                                                                                                                                                                                                                                                                                                                                                                                                         ","H     ",0.05,"11,09",0.55000000000000004]
[]
["2.9.4","SINAPI","74209/1","PLACA DE OBRA EM CHAPA DE ACO GALVANIZADO","M²",12.96]
[null,null,null,"SARRAFO DE MADEIRA NAO APARELHADA *2,5 X 7* CM, MACARANDUBA, ANGELIM OU EQUIVALENTE DA REGIAO","M","1,0000000","5,43","5,43"]
[null,null,null,"PECA DE MADEIRA NATIVA / REGIONAL 7,5 X 7,5CM (3X3) NAO APARELHADA (P/FORMA)","M","4,0000000","6,40","25,60"]
[null,null,null,"PLACA DE OBRA (PARA CONSTRUCAO CIVIL) EM CHAPA GALVANIZADA *N. 22*, DE *2,0 X 1,125* M","M2","1,0000000","240,00","240,00"]
[null,null,null,"PREGO DE ACO POLIDO COM CABECA 18 X 30 (2 3/4 X 10)","KG","0,1100000","11,39","1,25"]
[null,null,null,"CARPINTEIRO DE FORMAS COM ENCARGOS COMPLEMENTARES","H","1,0000000","19,45","19,45"]
[null,null,null,"SERVENTE COM ENCARGOS COMPLEMENTARES","H","2,0000000","15,85","31,70"]
[null,null,null,"CONCRETO MAGRO PARA LASTRO, TRAÇO 1:4,5:4,5 (CIMENTO/ AREIA MÉDIA/ BRITA 1)  - PREPARO MECÂNICO COM BETONEIRA 400 L. AF_07/2016","M3","0,0100000","254,54","2,54"]
[]
["2.9.5","ORSE",59,"INTERDIÇÃO DE OBRA COM FITA DE SINALIZAÇÃO","M",9861.9]
[null,null,"06111/SINAPI","Servente de obras","h","0.5","4.34","2.17"]
[null,null,"05076/SINAPI","Grampo de aco polido 1 \" x 9","kg","0.01","9.96","0.10"]
[null,null,"00977/ORSE","Fita de sinalização amarela e preta","m",1,"0.06","0.06"]
[null,null,"00072/ORSE","Reaterro manual de valas, com compactação utilizando sêpo, sem controle do grau de compactação","m3","0.0075","23.77","0.18"]
[null,null,"02497/ORSE","Escavação manual de vala ou cava em material de 1ª categoria, profundidade até 1,50m","m3","0.0135","35.65","0.48"]
[null,null,"10549/ORSE","Encargos Complementares - Servente","h","0.5","2.57","1.29"]
[null,null,"00158/ORSE","Almoço (Participação do empregador)","un","0.0565","10.00","0.57"]
[null,null,"12893/SINAPI","Bota de seguranca com biqueira de aco e colarinho acolchoado","par","0.0004","38.97","0.02"]
[null,null,"12894/SINAPI","Capa para chuva em pvc com forro de poliester, com capuz (amarela ou azul)","un","0.0001","10.55","0.00"]
[null,null,"12895/SINAPI","Capacete de seguranca aba frontal com suspensao de polietileno, sem jugular (classe b)","un","0.0003","8.12","0.00"]
[null,null,"02711/SINAPI","Carrinho de mao de aco capacidade 50 a 60 l, pneu com camara","un","0.0001","129.00","0.01"]
[null,null,"10492/ORSE","Cesta Básica","un","0.0025","130.00","0.33"]
[null,null,"10517/ORSE","Exames admissionais/demissionais (checkup)","cj","0.0002","326.00","0.07"]
[null,null,"00941/ORSE","Fardamento","un","0.0009","68.59","0.06"]
[null,null,"00977/ORSE","Fita de sinalização amarela e preta","m",1,"0.06","0.06"]
[null,null,"05076/SINAPI","Grampo de aco polido 1 \" x 9","kg","0.01","9.96","0.10"]
[null,null,"12892/SINAPI","Luva raspa de couro, cano curto (punho *7* cm)","par","0.0013","7.30","0.01"]
[null,null,"04729/ORSE","Marreta 1 kg com cabo","un",0,"15.80","0.00"]
[null,null,"01651/ORSE","Óculos branco proteção","pr","0.0004","5.50","0.00"]
[null,null,"10788/ORSE","Pá quadrada","un","0.0001","17.29","0.00"]
[null,null,"10596/ORSE","Protetor auricular","un","0.0025","3.20","0.01"]
[null,null,"10599/ORSE","Protetor solar fps 30 com 120ml","un","0.001","17.74","0.02"]
[null,null,"10761/ORSE","Refeição - café da manhã ( café com leite e dois pães com manteiga)","un","0.0565","2.50","0.14"]
[null,null,"10362/ORSE","Seguro de vida e acidente em grupo","un","0.0025","5.65","0.01"]
[null,null,"06111/SINAPI","Servente de obras","h","0.5555","9.30","5.17"]
[null,null,"04728/ORSE","Talhadeira chata 10\"","un","0.0002","9.45","0.00"]
[null,null,"02378/ORSE","Vale transporte","un","0.0522","3.50","0.18"]
[]
["2.9.6","ORSE",4518,"TELA DE NYLON PARA PROTEÇÃO DE FACHADA","M²",1294.8]
[null,null,"01213/SINAPI","Carpinteiro de formas","h","0.5","6.25","3.13"]
[null,null,"05061/SINAPI","Prego de aco polido com cabeca 18 x 27 (2 1/2 x 10)","kg","0.01","9.70","0.10"]
[null,null,"06111/SINAPI","Servente de obras","h","0.8","4.34","3.47"]
[null,null,"07170/SINAPI","Tela fachadeira em polietileno, rolo de 3 x 100 m (l x c), cor branca, sem logomarca - para protecao de obras","m2","1.1","1.95","2.15"]
[null,null,"01569/ORSE","Madeira mista serrada (barrote) 6 x 6cm - 0,0036 m3/m (angelim, louro)","m","0.06","5.87","0.35"]
[null,null,"04509/SINAPI","Tabua de madeira nao aparelhada *2,5 x 10 cm (1 x 4 \") pinus, mista ou equivalente da regiao","m","0.2","3.42","0.68"]
[null,null,"10549/ORSE","Encargos Complementares - Servente","h","0.8","2.57","2.06"]
[null,null,"10551/ORSE","Encargos Complementares - Carpinteiro","h","0.5","2.55","1.28"]
[null,null,"00158/ORSE","Almoço (Participação do empregador)","un","0.1323","10.00","1.32"]
[null,null,"12893/SINAPI","Bota de seguranca com biqueira de aco e colarinho acolchoado","par","0.001","38.97","0.04"]
[null,null,"12894/SINAPI","Capa para chuva em pvc com forro de poliester, com capuz (amarela ou azul)","un","0.0003","10.55","0.00"]
[null,null,"12895/SINAPI","Capacete de seguranca aba frontal com suspensao de polietileno, sem jugular (classe b)","un","0.0008","8.12","0.01"]
[null,null,"01213/SINAPI","Carpinteiro de formas","h","0.5","13.39","6.70"]
[null,null,"02711/SINAPI","Carrinho de mao de aco capacidade 50 a 60 l, pneu com camara","un","0.0002","129.00","0.03"]
[null,null,"10492/ORSE","Cesta Básica","un","0.0058","130.00","0.75"]
[null,null,"10579/ORSE","Chave de fenda chata 30 cm","un","0.0001","15.45","0.00"]
[null,null,"10517/ORSE","Exames admissionais/demissionais (checkup)","cj","0.0005","326.00","0.16"]
[null,null,"00941/ORSE","Fardamento","un","0.002","68.59","0.14"]
[null,null,"10578/ORSE","Formão grande","un","0.0001","15.15","0.00"]
[null,null,"11248/ORSE","Furadeira e Parafusadeira eletrica Bosch ou Similar profissional","un",0,"300.30","0.00"]
[null,null,"12892/SINAPI","Luva raspa de couro, cano curto (punho *7* cm)","par","0.003","7.30","0.02"]
[null,null,"01569/ORSE","Madeira mista serrada (barrote) 6 x 6cm - 0,0036 m3/m (angelim, louro)","m","0.06","5.87","0.35"]
[null,null,"04729/ORSE","Marreta 1 kg com cabo","un","0.0001","15.80","0.00"]
[null,null,"11244/ORSE","Martelo com unha","un","0.0001","28.16","0.00"]
[null,null,"01651/ORSE","Óculos branco proteção","pr","0.001","5.50","0.01"]
[null,null,"10788/ORSE","Pá quadrada","un","0.0002","17.29","0.00"]
[null,null,"05061/SINAPI","Prego de aco polido com cabeca 18 x 27 (2 1/2 x 10)","kg","0.01","9.70","0.10"]
[null,null,"10596/ORSE","Protetor auricular","un","0.0058","3.20","0.02"]
[null,null,"10599/ORSE","Protetor solar fps 30 com 120ml","un","0.0023","17.74","0.04"]
[null,null,"10761/ORSE","Refeição - café da manhã ( café com leite e dois pães com manteiga)","un","0.1323","2.50","0.33"]
[null,null,"10362/ORSE","Seguro de vida e acidente em grupo","un","0.0058","5.65","0.03"]
[null,null,"11249/ORSE","Serra circular eletrica portatil","un",0,"679.89","0.00"]
[null,null,"10577/ORSE","Serrote 40cm","un",0,"29.79","0.00"]
[null,null,"06111/SINAPI","Servente de obras","h","0.8","9.30","7.44"]
[null,null,"04509/SINAPI","Tabua de madeira nao aparelhada *2,5 x 10 cm (1 x 4 \") pinus, mista ou equivalente da regiao","m","0.2","3.42","0.68"]
[null,null,"04728/ORSE","Talhadeira chata 10\"","un","0.0002","9.45","0.00"]
[null,null,"07170/SINAPI","Tela fachadeira em polietileno, rolo de 3 x 100 m (l x c), cor branca, sem logomarca - para protecao de obras","m2","1.1","1.95","2.15"]
[null,null,"02378/ORSE","Vale transporte","un","0.108","3.50","0.38"]
[]
["2.9.7","SINAPI","74220/1","TAPUME DE CHAPA DE MADEIRA COMPENSADA, E= 6MM, COM PINTURA A CAL E REAPROVEITAMENTO DE 2X","M²",582.66]
[null,null,null,"CAL HIDRATADA CH-I PARA ARGAMASSAS","KG","0,6000000","0,80","0,48"]
[null,null,null,"CHAPA DE MADEIRA COMPENSADA RESINADA PARA FORMA DE CONCRETO, DE *2,2 X 1,1* M, E = 6 MM","UN","0,2272727","27,93","6,34"]
[null,null,null,"PECA DE MADEIRA NATIVA / REGIONAL 7,5 X 7,5CM (3X3) NAO APARELHADA (P/FORMA)","M","1,5800000","6,40","10,11"]
[null,null,null,"PREGO DE ACO POLIDO COM CABECA 18 X 27 (2 1/2 X 10)","KG","0,1500000","11,20","1,68"]
[null,null,null,"OLEO DE LINHACA","L","0,0220000","20,80","0,45"]
[null,null,null,"CARPINTEIRO DE FORMAS COM ENCARGOS COMPLEMENTARES","H","0,8000000","19,45","15,56"]
[null,null,null,"PINTOR COM ENCARGOS COMPLEMENTARES","H","0,3000000","19,49","5,84"]
[null,null,null,"SERVENTE COM ENCARGOS COMPLEMENTARES","H","0,9500000","15,85","15,05"]
[]
["2.10.1","SINAPI",94057,"ESCORAMENTO DE VALA, TIPO DESCONTÍNUO, COM PROFUNDIDADE DE 1,5 M A 3,0 M, LARGURA MENOR QUE 1,5 M, EM LOCAL COM NÍVEL BAIXO DE INTERFERÊNCIA. AF_06/2016","M²",994.2]
[null,null,null,"MADEIRA ROLICA SEM TRATAMENTO, EUCALIPTO OU EQUIVALENTE DA REGIAO, H = 3 M, D = 20 A 24 CM (PARA ESCORAMENTO)","M","0,0540000","8,32","0,44"]
[null,null,null,"VIGA DE MADEIRA NAO APARELHADA *6 X 16* CM, MACARANDUBA, ANGELIM OU EQUIVALENTE DA REGIAO","M","0,1470000","27,22","4,00"]
[null,null,null,"PREGO DE ACO POLIDO COM CABECA 18 X 27 (2 1/2 X 10)","KG","0,0250000","11,20","0,28"]
[null,null,null,"TABUA MADEIRA 2A QUALIDADE 2,5 X 30,0CM (1 X 12\") NAO APARELHADA","M","0,4280000","7,93","3,39"]
[null,null,null,"CARPINTEIRO DE FORMAS COM ENCARGOS COMPLEMENTARES","H","0,4390000","19,45","8,53"]
[null,null,null,"SERVENTE COM ENCARGOS COMPLEMENTARES","H","0,1880000","15,85","2,97"]
[]
["2.10.5","SINAPI","73877/2","ESCORAMENTO DE VALAS COM PRANCHOES METALICOS - AREA NAO CRAVADA","M²",994.2]
[null,null,null,"VIGA DE MADEIRA NAO APARELHADA 6 X 12 CM, MACARANDUBA, ANGELIM OU EQUIVALENTE DA REGIAO","M","0,1900000","20,00","3,80"]
[null,null,null,"PECA DE MADEIRA NAO APARELHADA *7,5 X 7,5* CM (3 X 3 \") MACARANDUBA, ANGELIM OU EQUIVALENTE DA REGIAO","M","0,0800000","12,50","1,00"]
[null,null,null,"PREGO DE ACO POLIDO COM CABECA 18 X 27 (2 1/2 X 10)","KG","0,1200000","11,20","1,34"]
[null,null,null,"PERFIL \"U\" CHAPA ACO DOBRADA,  E = 3,04 MM , H = 20 CM, ABAS = 5 CM (4,47 KG/M)","M","0,0400000","25,03","1,00"]
[null,null,null,"CARPINTEIRO DE FORMAS COM ENCARGOS COMPLEMENTARES","H","0,7000000","19,45","13,61"]
[null,null,null,"SERVENTE COM ENCARGOS COMPLEMENTARES","H","1,4300000","15,85","22,66"]
[]
["2.10.3","SINAPI",94045,"ESCORAMENTO DE VALA, TIPO PONTALETEAMENTO, COM PROFUNDIDADE DE 1,5 A 3,0 M, LARGURA MENOR QUE 1,5 M, EM LOCAL COM NÍVEL BAIXO DE INTERFERÊNCIA. AF_06/2016","M²",2982.6]
[null,null,null,"MADEIRA ROLICA SEM TRATAMENTO, EUCALIPTO OU EQUIVALENTE DA REGIAO, H = 3 M, D = 20 A 24 CM (PARA ESCORAMENTO)","M","0,0540000","8,32","0,44"]
[null,null,null,"PREGO DE ACO POLIDO COM CABECA 18 X 27 (2 1/2 X 10)","KG","0,0100000","11,20","0,11"]
[null,null,null,"TABUA MADEIRA 2A QUALIDADE 2,5 X 30,0CM (1 X 12\") NAO APARELHADA","M","0,1900000","7,93","1,50"]
[null,null,null,"CARPINTEIRO DE FORMAS COM ENCARGOS COMPLEMENTARES","H","0,3380000","19,45","6,57"]
[null,null,null,"SERVENTE COM ENCARGOS COMPLEMENTARES","H","0,1450000","15,85","2,29"]
[]
["2.11.1","SINAPI","73891/1","ESGOTAMENTO COM MOTO-BOMBA AUTOESCOVANTE","H",322]
[null,null,null,"MOTOBOMBA CENTRÍFUGA, MOTOR A GASOLINA, POTÊNCIA 5,42 HP, BOCAIS 1 1/2\" X 1\", DIÂMETRO ROTOR 143 MM HM/Q = 6 MCA / 16,8 M3/H A 38 MCA / 6,6 M3/H - CHP DIURNO. AF_06/2014","CHP","1,0000000","4,00","4,00"]
[null,null,null,"SERVENTE COM ENCARGOS COMPLEMENTARES","H","0,1000000","15,85","1,58"]
[]
["2.12.2","CODEVASF","COMPOSIÇÃO","DESOBSTRUÇÃO E LIMPEZA MANUAL DE POÇO DE VISITA DN - 1,2M E PROFUNDIDADE ATÉ 4,0M ","UN ",50]
[null,null,null,"SERVENTE DE OBRAS                                                                                                                                                                                                                                                                                                                                                                                                                                                                                         ","H     ",6.05,"11,09",67.09]
[]
["2.12.3","CODEVASF","COMPOSIÇÃO","DESOBSTRUÇÃO E LIMPEZA MANUAL DO COLETOR DE ESGOTOS ATÉ 200MM ","M",1950]
[null,null,null,"SERVENTE DE OBRAS                                                                                                                                                                                                                                                                                                                                                                                                                                                                                         ","H     ",0.92,"11,09",10.199999999999999]
[]
["2.12.1","SINAPI",41936,"TUBO COLETOR DE ESGOTO, PVC, JEI, DN 150 MM  (NBR 7362)","M     ",3492]
[]
["2.13.2","SINAPI",41930,"TUBO COLETOR DE ESGOTO PVC, JEI, DN 200 MM (NBR 7362)                                                                                                                                                                                                                                                                                                                                                                                                                                                     ","M     ",144]
[]
["2.13.3","SINAPI",41931,"TUBO COLETOR DE ESGOTO PVC, JEI, DN 250 MM (NBR 7362)                                                                                                                                                                                                                                                                                                                                                                                                                                                     ","M     ",204]
[]
["2.13.4","SINAPI",41932,"TUBO COLETOR DE ESGOTO PVC, JEI, DN 300 MM (NBR 7362)                                                                                                                                                                                                                                                                                                                                                                                                                                                     ","M     ",276]
[]
["2.13.5","SINAPI",9828,"TUBO PVC DEFOFO, JEI, 1 MPA, DN 150 MM, PARA REDE DE  AGUA (NBR 7665)                                                                                                                                                                                                                                                                                                                                                                                                                                     ","M     ",1092]
[]
["2.13.6","SINAPI",9829,"TUBO PVC DEFOFO, JEI, 1 MPA, DN 200 MM, PARA REDE DE AGUA (NBR 7665)                                                                                                                                                                                                                                                                                                                                                                                                                                      ","M     ",1266]
[]
["2.13.7","SINAPI",305,"ANEL BORRACHA, PARA TUBO PVC, REDE COLETOR ESGOTO, DN 150 MM (NBR 7362)                                                                                                                                                                                                                                                                                                                                                                                                                                   ","UN    ",582]
[]
["2.13.8","SINAPI",306,"ANEL BORRACHA, PARA TUBO PVC, REDE COLETOR ESGOTO, DN 200 MM (NBR 7362)                                                                                                                                                                                                                                                                                                                                                                                                                                   ","UN    ",229.23]
[]
["2.13.9","SINAPI",307,"ANEL BORRACHA, PARA TUBO PVC, REDE COLETOR ESGOTO, DN 250 MM (NBR 7362)                                                                                                                                                                                                                                                                                                                                                                                                                                   ","UN    ",34]
[]
["2.13.10","SINAPI",308,"ANEL BORRACHA, PARA TUBO, PVC REDE COLETOR ESGOTO, DN 300 MM (NBR 7362)                                                                                                                                                                                                                                                                                                                                                                                                                                   ","UN    ",46]
[]
["2.13.11","SINAPI",318,"ANEL BORRACHA, PARA TUBO PVC DEFOFO, DN 150 MM (NBR 7665)                                                                                                                                                                                                                                                                                                                                                                                                                                                 ","UN    ",182]
[]
["2.13.12","SINAPI",319,"ANEL BORRACHA, PARA TUBO PVC DEFOFO, DN 200 MM (NBR 7665)                                                                                                                                                                                                                                                                                                                                                                                                                                                 ","UN    ",211]
[]
["3.5.1","CODEVASF","COMPOSIÇÃO","CAIXA DE PASSAGEM EM ANEL CONCRETO ARMADO PRÉ-MOLD. DN = 0,60 PROF. H = 0,60 MC/TAMPA EM CONCRETO ARMADO","UN ",2500]
[null,null,null,"ANEL DE CONCRETO ARMADO, D = 0,60 M, H = 0,30 M                                                                                                                                                                                                                                                                                                                                                                                                                                                           ","UN    ",1,"38,49",38.49]
[null,null,null,"ANEL DE CONCRETO ARMADO, D = 0,60 M, H = 0,10 M                                                                                                                                                                                                                                                                                                                                                                                                                                                           ","UN    ",3,"25,95",77.849999999999994]
[null,null,null,"ARGAMASSA TRAÇO 1:4 (CIMENTO E AREIA MÉDIA), PREPARO MECÂNICO COM BETONEIRA 400 L. AF_08/2014","M³",6.0000000000000001E-3,"317,41",1.9]
[null,null,null,"CONCRETO USINADO FCK=10 MPA","M³",1.2999999999999999E-2,236,3.07]
[null,null,null,"CONCRETO USINADO FCK=15 MPA","M³",1.2999999999999999E-2,242,3.15]
[null,null,null,"ARAME RECOZIDO 18 BWG, 1,25 MM (0,01 KG/M)                                                                                                                                                                                                                                                                                                                                                                                                                                                                ","KG    ",0.05,"9,65",0.48]
[null,null,null,"ACO CA-25, 6,3 MM, VERGALHAO                                                                                                                                                                                                                                                                                                                                                                                                                                                                              ","KG    ",1.2,"4,47",5.36]
[null,null,null,"PREGO DE ACO POLIDO COM CABECA 18 X 30 (2 3/4 X 10)                                                                                                                                                                                                                                                                                                                                                                                                                                                       ","KG    ",0.05,"11,39",0.56999999999999995]
[null,null,null,"TABUA MADEIRA 2A QUALIDADE 2,5 X 30,0CM (1 X 12\") NAO APARELHADA                                                                                                                                                                                                                                                                                                                                                                                                                                          ","M     ",0.4,"7,93",3.17]
[null,null,null,"ESCAVAÇÃO MANUAL DE VALA COM PROFUNDIDADE MENOR OU IGUAL A 1,30 M. AF_03/2016","M³",0.17,"62,70",10.66]
[null,null,null,"PEDREIRO                                                                                                                                                                                                                                                                                                                                                                                                                                                                                                  ","H     ",1.25,"14,74",18.43]
[null,null,null,"SERVENTE DE OBRAS                                                                                                                                                                                                                                                                                                                                                                                                                                                                                         ","H     ",1.25,"11,09",13.86]
[]
["3.6.1","SINAPI",90733,"ASSENTAMENTO DE TUBO DE PVC PARA REDE COLETORA DE ESGOTO DE PAREDE MACIÇA, DN 100 MM, JUNTA ELÁSTICA, INSTALADO EM LOCAL COM NÍVEL BAIXO DE INTERFERÊNCIAS (NÃO INCLUI FORNECIMENTO). AF_06/2015","M",15609]
[null,null,null,"ASSENTADOR DE TUBOS COM ENCARGOS COMPLEMENTARES","H","0,0600000","30,48","1,82"]
[null,null,null,"SERVENTE COM ENCARGOS COMPLEMENTARES","H","0,0600000","15,85","0,95"]
[]
["3.7.1","ORSE",16,"DEMOLIÇÃO MANUAL DE PISO EM CONCRETO SIMPLES E/OU CIMENTADO","M²",3902.25]
[null,null,"04750/SINAPI","Pedreiro","h","0.13","6.25","0.81"]
[null,null,"06111/SINAPI","Servente de obras","h","1.3","4.34","5.64"]
[null,null,"10549/ORSE","Encargos Complementares - Servente","h","1.3","2.57","3.34"]
[null,null,"10550/ORSE","Encargos Complementares - Pedreiro","h","0.13","2.50","0.33"]
[null,null,"00158/ORSE","Almoço (Participação do empregador)","un","0.1455","10.00","1.46"]
[null,null,"12893/SINAPI","Bota de seguranca com biqueira de aco e colarinho acolchoado","par","0.0011","38.97","0.04"]
[null,null,"12894/SINAPI","Capa para chuva em pvc com forro de poliester, com capuz (amarela ou azul)","un","0.0003","10.55","0.00"]
[null,null,"12895/SINAPI","Capacete de seguranca aba frontal com suspensao de polietileno, sem jugular (classe b)","un","0.0009","8.12","0.01"]
[null,null,"02711/SINAPI","Carrinho de mao de aco capacidade 50 a 60 l, pneu com camara","un","0.0003","129.00","0.04"]
[null,null,"10492/ORSE","Cesta Básica","un","0.0065","130.00","0.85"]
[null,null,"04722/ORSE","Colher de pedreiro","un","0.0001","11.90","0.00"]
[null,null,"04174/ORSE","Desempenadeira de aço lisa, cabo madeira, ref:143, Atlas ou similar","un","0.0001","8.17","0.00"]
[null,null,"11245/ORSE","Desempoladeira de madeira 12x22","un","0.0001","11.75","0.00"]
[null,null,"11246/ORSE","Escala métrica de bambú","Un","0.0001","17.00","0.00"]
[null,null,"10517/ORSE","Exames admissionais/demissionais (checkup)","cj","0.0006","326.00","0.20"]
[null,null,"00941/ORSE","Fardamento","un","0.0022","68.59","0.15"]
[null,null,"12892/SINAPI","Luva raspa de couro, cano curto (punho *7* cm)","par","0.0033","7.30","0.02"]
[null,null,"04729/ORSE","Marreta 1 kg com cabo","un","0.0001","15.80","0.00"]
[null,null,"11264/ORSE","Marreta de 1/2 kg com cabo","un",0,"10.95","0.00"]
[null,null,"11265/ORSE","Martelo de borracha com cabo","un","0.0001","14.90","0.00"]
[null,null,"11243/ORSE","Martelo sem unha","un",0,"16.55","0.00"]
[null,null,"10789/ORSE","Nível de bolha de madeira","un",0,"10.60","0.00"]
[null,null,"01651/ORSE","Óculos branco proteção","pr","0.0011","5.50","0.01"]
[null,null,"10788/ORSE","Pá quadrada","un","0.0003","17.29","0.01"]
[null,null,"04750/SINAPI","Pedreiro","h","0.13","13.39","1.74"]
[null,null,"10596/ORSE","Protetor auricular","un","0.0065","3.20","0.02"]
[null,null,"10599/ORSE","Protetor solar fps 30 com 120ml","un","0.0025","17.74","0.04"]
[null,null,"10790/ORSE","Prumo de face","un",0,"21.00","0.00"]
[null,null,"10761/ORSE","Refeição - café da manhã ( café com leite e dois pães com manteiga)","un","0.1455","2.50","0.36"]
[null,null,"10282/ORSE","Regua de alumínio c/ 2,00m (para pedreiro)","un",0,"16.70","0.00"]
[null,null,"10362/ORSE","Seguro de vida e acidente em grupo","un","0.0065","5.65","0.04"]
[null,null,"11247/ORSE","Serra mármore","un",0,"272.97","0.00"]
[null,null,"06111/SINAPI","Servente de obras","h","1.3","9.30","12.09"]
[null,null,"04728/ORSE","Talhadeira chata 10\"","un","0.0004","9.45","0.00"]
[null,null,"02378/ORSE","Vale transporte","un","0.1308","3.50","0.46"]
[]
["3.7.2","ORSE",18,"DEMOLIÇÃO DE PISO CERÂMICO OU LADRILHO","M²",2341.35]
[null,null,"04750/SINAPI","Pedreiro","h","0.07","6.25","0.44"]
[null,null,"06111/SINAPI","Servente de obras","h","0.7","4.34","3.04"]
[null,null,"10549/ORSE","Encargos Complementares - Servente","h","0.7","2.57","1.80"]
[null,null,"10550/ORSE","Encargos Complementares - Pedreiro","h","0.07","2.50","0.18"]
[null,null,"00158/ORSE","Almoço (Participação do empregador)","un","0.0784","10.00","0.78"]
[null,null,"12893/SINAPI","Bota de seguranca com biqueira de aco e colarinho acolchoado","par","0.0007","38.97","0.03"]
[null,null,"12894/SINAPI","Capa para chuva em pvc com forro de poliester, com capuz (amarela ou azul)","un","0.0001","10.55","0.00"]
[null,null,"12895/SINAPI","Capacete de seguranca aba frontal com suspensao de polietileno, sem jugular (classe b)","un","0.0004","8.12","0.00"]
[null,null,"02711/SINAPI","Carrinho de mao de aco capacidade 50 a 60 l, pneu com camara","un","0.0001","129.00","0.01"]
[null,null,"10492/ORSE","Cesta Básica","un","0.0034","130.00","0.44"]
[null,null,"04722/ORSE","Colher de pedreiro","un",0,"11.90","0.00"]
[null,null,"04174/ORSE","Desempenadeira de aço lisa, cabo madeira, ref:143, Atlas ou similar","un",0,"8.17","0.00"]
[null,null,"11245/ORSE","Desempoladeira de madeira 12x22","un",0,"11.75","0.00"]
[null,null,"11246/ORSE","Escala métrica de bambú","Un",0,"17.00","0.00"]
[null,null,"10517/ORSE","Exames admissionais/demissionais (checkup)","cj","0.0003","326.00","0.10"]
[null,null,"00941/ORSE","Fardamento","un","0.0011","68.59","0.08"]
[null,null,"12892/SINAPI","Luva raspa de couro, cano curto (punho *7* cm)","par","0.0018","7.30","0.01"]
[null,null,"04729/ORSE","Marreta 1 kg com cabo","un","0.0001","15.80","0.00"]
[null,null,"11264/ORSE","Marreta de 1/2 kg com cabo","un",0,"10.95","0.00"]
[null,null,"11265/ORSE","Martelo de borracha com cabo","un",0,"14.90","0.00"]
[null,null,"11243/ORSE","Martelo sem unha","un",0,"16.55","0.00"]
[null,null,"10789/ORSE","Nível de bolha de madeira","un",0,"10.60","0.00"]
[null,null,"01651/ORSE","Óculos branco proteção","pr","0.0007","5.50","0.00"]
[null,null,"10788/ORSE","Pá quadrada","un","0.0001","17.29","0.00"]
[null,null,"04750/SINAPI","Pedreiro","h","0.07","13.39","0.94"]
[null,null,"10596/ORSE","Protetor auricular","un","0.0034","3.20","0.01"]
[null,null,"10599/ORSE","Protetor solar fps 30 com 120ml","un","0.0014","17.74","0.02"]
[null,null,"10790/ORSE","Prumo de face","un",0,"21.00","0.00"]
[null,null,"10761/ORSE","Refeição - café da manhã ( café com leite e dois pães com manteiga)","un","0.0784","2.50","0.20"]
[null,null,"10282/ORSE","Regua de alumínio c/ 2,00m (para pedreiro)","un",0,"16.70","0.00"]
[null,null,"10362/ORSE","Seguro de vida e acidente em grupo","un","0.0034","5.65","0.02"]
[null,null,"11247/ORSE","Serra mármore","un",0,"272.97","0.00"]
[null,null,"06111/SINAPI","Servente de obras","h","0.7","9.30","6.51"]
[null,null,"04728/ORSE","Talhadeira chata 10\"","un","0.0002","9.45","0.00"]
[null,null,"02378/ORSE","Vale transporte","un","0.0705","3.50","0.25"]
[]
["3.7.3","ORSE",3258,"DEMOLIÇÃO DE PISO EM LAJOTA HEXAGONAL","M²",1560.9]
[null,null,"06111/SINAPI","Servente de obras","h","0.73","4.34","3.17"]
[null,null,"10549/ORSE","Encargos Complementares - Servente","h","0.73","2.57","1.88"]
[null,null,"00158/ORSE","Almoço (Participação do empregador)","un","0.0743","10.00","0.74"]
[null,null,"12893/SINAPI","Bota de seguranca com biqueira de aco e colarinho acolchoado","par","0.0006","38.97","0.02"]
[null,null,"12894/SINAPI","Capa para chuva em pvc com forro de poliester, com capuz (amarela ou azul)","un","0.0001","10.55","0.00"]
[null,null,"12895/SINAPI","Capacete de seguranca aba frontal com suspensao de polietileno, sem jugular (classe b)","un","0.0004","8.12","0.00"]
[null,null,"02711/SINAPI","Carrinho de mao de aco capacidade 50 a 60 l, pneu com camara","un","0.0001","129.00","0.01"]
[null,null,"10492/ORSE","Cesta Básica","un","0.0033","130.00","0.43"]
[null,null,"10517/ORSE","Exames admissionais/demissionais (checkup)","cj","0.0003","326.00","0.10"]
[null,null,"00941/ORSE","Fardamento","un","0.0011","68.59","0.08"]
[null,null,"12892/SINAPI","Luva raspa de couro, cano curto (punho *7* cm)","par","0.0017","7.30","0.01"]
[null,null,"04729/ORSE","Marreta 1 kg com cabo","un","0.0001","15.80","0.00"]
[null,null,"01651/ORSE","Óculos branco proteção","pr","0.0006","5.50","0.00"]
[null,null,"10788/ORSE","Pá quadrada","un","0.0001","17.29","0.00"]
[null,null,"10596/ORSE","Protetor auricular","un","0.0033","3.20","0.01"]
[null,null,"10599/ORSE","Protetor solar fps 30 com 120ml","un","0.0013","17.74","0.02"]
[null,null,"10761/ORSE","Refeição - café da manhã ( café com leite e dois pães com manteiga)","un","0.0743","2.50","0.19"]
[null,null,"10362/ORSE","Seguro de vida e acidente em grupo","un","0.0033","5.65","0.02"]
[null,null,"06111/SINAPI","Servente de obras","h","0.73","9.30","6.79"]
[null,null,"04728/ORSE","Talhadeira chata 10\"","un","0.0002","9.45","0.00"]
[null,null,"02378/ORSE","Vale transporte","un","0.0687","3.50","0.24"]
[]
["3.7.4","ORSE",21,"DEMOLIÇÃO DE MEIO-FIO GRANÍTICO OU PRE-MOLDADO","M",118]
[null,null,"04750/SINAPI","Pedreiro","h","0.05","6.25","0.31"]
[null,null,"06111/SINAPI","Servente de obras","h","0.5","4.34","2.17"]
[null,null,"10549/ORSE","Encargos Complementares - Servente","h","0.5","2.57","1.29"]
[null,null,"10550/ORSE","Encargos Complementares - Pedreiro","h","0.05","2.50","0.13"]
[null,null,"00158/ORSE","Almoço (Participação do empregador)","un","0.056","10.00","0.56"]
[null,null,"12893/SINAPI","Bota de seguranca com biqueira de aco e colarinho acolchoado","par","0.0004","38.97","0.02"]
[null,null,"12894/SINAPI","Capa para chuva em pvc com forro de poliester, com capuz (amarela ou azul)","un","0.0001","10.55","0.00"]
[null,null,"12895/SINAPI","Capacete de seguranca aba frontal com suspensao de polietileno, sem jugular (classe b)","un","0.0003","8.12","0.00"]
[null,null,"02711/SINAPI","Carrinho de mao de aco capacidade 50 a 60 l, pneu com camara","un","0.0001","129.00","0.01"]
[null,null,"10492/ORSE","Cesta Básica","un","0.0024","130.00","0.31"]
[null,null,"04722/ORSE","Colher de pedreiro","un",0,"11.90","0.00"]
[null,null,"04174/ORSE","Desempenadeira de aço lisa, cabo madeira, ref:143, Atlas ou similar","un",0,"8.17","0.00"]
[null,null,"11245/ORSE","Desempoladeira de madeira 12x22","un",0,"11.75","0.00"]
[null,null,"11246/ORSE","Escala métrica de bambú","Un",0,"17.00","0.00"]
[null,null,"10517/ORSE","Exames admissionais/demissionais (checkup)","cj","0.0002","326.00","0.07"]
[null,null,"00941/ORSE","Fardamento","un","0.0009","68.59","0.06"]
[null,null,"12892/SINAPI","Luva raspa de couro, cano curto (punho *7* cm)","par","0.0013","7.30","0.01"]
[null,null,"04729/ORSE","Marreta 1 kg com cabo","un",0,"15.80","0.00"]
[null,null,"11264/ORSE","Marreta de 1/2 kg com cabo","un",0,"10.95","0.00"]
[null,null,"11265/ORSE","Martelo de borracha com cabo","un",0,"14.90","0.00"]
[null,null,"11243/ORSE","Martelo sem unha","un",0,"16.55","0.00"]
[null,null,"10789/ORSE","Nível de bolha de madeira","un",0,"10.60","0.00"]
[null,null,"01651/ORSE","Óculos branco proteção","pr","0.0004","5.50","0.00"]
[null,null,"10788/ORSE","Pá quadrada","un","0.0001","17.29","0.00"]
[null,null,"04750/SINAPI","Pedreiro","h","0.05","13.39","0.67"]
[null,null,"10596/ORSE","Protetor auricular","un","0.0024","3.20","0.01"]
[null,null,"10599/ORSE","Protetor solar fps 30 com 120ml","un","0.001","17.74","0.02"]
[null,null,"10790/ORSE","Prumo de face","un",0,"21.00","0.00"]
[null,null,"10761/ORSE","Refeição - café da manhã ( café com leite e dois pães com manteiga)","un","0.056","2.50","0.14"]
[null,null,"10282/ORSE","Regua de alumínio c/ 2,00m (para pedreiro)","un",0,"16.70","0.00"]
[null,null,"10362/ORSE","Seguro de vida e acidente em grupo","un","0.0024","5.65","0.01"]
[null,null,"11247/ORSE","Serra mármore","un",0,"272.97","0.00"]
[null,null,"06111/SINAPI","Servente de obras","h","0.5","9.30","4.65"]
[null,null,"04728/ORSE","Talhadeira chata 10\"","un","0.0002","9.45","0.00"]
[null,null,"02378/ORSE","Vale transporte","un","0.0503","3.50","0.18"]
[]
["3.7.7","SINAPI",72897,"CARGA MANUAL DE ENTULHO EM CAMINHAO BASCULANTE 6 M³","M³",477.03]
[null,null,null,"CAMINHÃO BASCULANTE 6 M3, PESO BRUTO TOTAL 16.000 KG, CARGA ÚTIL MÁXIMA 13.071 KG, DISTÂNCIA ENTRE EIXOS 4,80 M, POTÊNCIA 230 CV INCLUSIVE CAÇAMBA METÁLICA - CHI DIURNO. AF_06/2014","CHI","0,2500000","44,72","11,18"]
[null,null,null,"SERVENTE COM ENCARGOS COMPLEMENTARES","H","0,7000000","15,85","11,09"]
[]
["3.8.1","SINAPI",93389,"REVESTIMENTO CERÂMICO PARA PISO COM PLACAS TIPO ESMALTADA PADRÃO POPULAR DE DIMENSÕES 35X35 CM APLICADA EM AMBIENTES DE ÁREA MENOR QUE 5 M2. AF_06/2014","M²",2341.35]
[null,null,null,"PISO EM CERAMICA ESMALTADA, COMERCIAL (PADRAO POPULAR), PEI MAIOR OU IGUAL A 3, FORMATO MENOR OU IGUAL A  2025 CM2","M2","1,0800000","13,19","14,24"]
[null,null,null,"ARGAMASSA COLANTE AC I PARA CERAMICAS","KG","4,8600000","0,60","2,91"]
[null,null,null,"REJUNTE COLORIDO, CIMENTICIO","KG","0,2400000","3,82","0,91"]
[null,null,null,"AZULEJISTA OU LADRILHISTA COM ENCARGOS COMPLEMENTARES","H","0,6400000","22,37","14,31"]
[null,null,null,"SERVENTE COM ENCARGOS COMPLEMENTARES","H","0,2600000","15,85","4,12"]
[]
["3.8.2","SINAPI",98681,"PISO CIMENTADO, TRAÇO 1:3 (CIMENTO E AREIA), ACABAMENTO RÚSTICO, ESPESSURA 2,0 CM, PREPARO MECÂNICO DA ARGAMASSA. AF_06/2018","M²",5463.15]
[null,null,null,"JUNTA PLASTICA DE DILATACAO PARA PISOS, COR CINZA, 17 X 3 MM (ALTURA X ESPESSURA)","M","1,6700000","0,87","1,45"]
[null,null,null,"ARGAMASSA TRAÇO 1:3 (CIMENTO E AREIA MÉDIA) PARA CONTRAPISO, PREPARO MECÂNICO COM BETONEIRA 400 L. AF_06/2014","M3","0,0310000","463,07","14,35"]
[null,null,null,"PEDREIRO COM ENCARGOS COMPLEMENTARES","H","0,2980000","19,57","5,83"]
[null,null,null,"SERVENTE COM ENCARGOS COMPLEMENTARES","H","0,1490000","15,85","2,36"]
[]
["3.8.3","SINAPI",87702,"CONTRAPISO EM ARGAMASSA TRAÇO 1:4 (CIMENTO E AREIA), PREPARO MANUAL, APLICADO EM ÁREAS SECAS SOBRE LAJE, NÃO ADERIDO, ESPESSURA 6CM. AF_06/2014","M²",7804.5]
[null,null,null,"ARGAMASSA TRAÇO 1:4 (CIMENTO E AREIA MÉDIA) PARA CONTRAPISO, PREPARO MANUAL. AF_06/2014","M3","0,0661000","452,22","29,89"]
[null,null,null,"PEDREIRO COM ENCARGOS COMPLEMENTARES","H","0,3700000","19,57","7,24"]
[null,null,null,"SERVENTE COM ENCARGOS COMPLEMENTARES","H","0,1850000","15,85","2,93"]
[]
["3.8.4","CODEVASF","COMPOSIÇÃO","RECUPERAÇÃO EM CONTENÇÃO DE DESNÍVEL DE CALÇADA EM ALVENARIA DE BLOCOS CERÂMICOS 8 FUROS ESP. 10CM, REVESTIDA EM CIMENTADO 1:3 ESPESSURA 2CM","M²",72]
[null,null,null,"ALVENARIA DE VEDAÇÃO DE BLOCOS CERÂMICOS FURADOS NA VERTICAL DE 9X19X39CM (ESPESSURA 9CM) DE PAREDES COM ÁREA LÍQUIDA MENOR QUE 6M² SEM VÃOS E ARGAMASSA DE ASSENTAMENTO COM PREPARO EM BETONEIRA. AF_06/2014","M²",1,"36,76",36.76]
[null,null,null,"PISO CIMENTADO, TRAÇO 1:3 (CIMENTO E AREIA), ACABAMENTO LISO, ESPESSURA 3,0 CM, PREPARO MECÂNICO DA ARGAMASSA. AF_06/2018","M²",1,"32,31",32.31]
[null,null,null,"PEDREIRO                                                                                                                                                                                                                                                                                                                                                                                                                                                                                                  ","H     ",1,"14,74",14.74]
[null,null,null,"SERVENTE DE OBRAS                                                                                                                                                                                                                                                                                                                                                                                                                                                                                         ","H     ",1,"11,09",11.09]
[]
["3.8.6","SINAPI",94273,"ASSENTAMENTO DE GUIA (MEIO-FIO) EM TRECHO RETO, CONFECCIONADA EM CONCRETO PRÉ-FABRICADO, DIMENSÕES 100X15X13X30 CM (COMPRIMENTO X BASE INFERIOR X BASE SUPERIOR X ALTURA), PARA VIAS URBANAS (USO VIÁRIO). AF_06/2016","M",118]
[null,null,null,"AREIA MEDIA - POSTO JAZIDA/FORNECEDOR (RETIRADO NA JAZIDA, SEM TRANSPORTE)","M3","0,0070000","55,00","0,38"]
[null,null,null,"MEIO-FIO OU GUIA DE CONCRETO, PRE-MOLDADO, COMP 1 M, *30 X 15/ 12* CM (H X L1/L2)","M","1,0050000","18,15","18,24"]
[null,null,null,"PEDREIRO COM ENCARGOS COMPLEMENTARES","H","0,3940000","19,57","7,71"]
[null,null,null,"SERVENTE COM ENCARGOS COMPLEMENTARES","H","0,3940000","15,85","6,24"]
[null,null,null,"ARGAMASSA TRAÇO 1:3 (CIMENTO E AREIA MÉDIA), PREPARO MANUAL. AF_08/2014","M3","0,0020000","387,49","0,77"]
[]
["3.10.1","SINAPI",36365,"TUBO COLETOR DE ESGOTO PVC, JEI, DN 100 MM (NBR  7362)","M     ",15612]
[]
["3.10.2","SINAPI",303,"ANEL BORRACHA, PARA TUBO PVC, REDE COLETOR ESGOTO, DN 100 MM (NBR 7362)","UN    ",2602]
[]
["4.1.8","SEINFRA","C1630","LOCAÇÃO DA OBRA - EXECUÇÃO DE GABARITO","M²",229.23]
[]
["4.2.2","SINAPI",83338,"ESCAVACAO MECANICA, A CEU ABERTO, EM MATERIAL DE 1A CATEGORIA, COM ESCAVADEIRA HIDRAULICA, CAPACIDADE DE 0,78 M³","M³",498.86]
[null,null,null,"ESCAVADEIRA HIDRÁULICA SOBRE ESTEIRAS, CAÇAMBA 0,80 M3, PESO OPERACIONAL 17,8 T, POTÊNCIA LÍQUIDA 110 HP - CHI DIURNO. AF_10/2014","CHI","0,0058000","65,42","0,37"]
[null,null,null,"SERVENTE COM ENCARGOS COMPLEMENTARES","H","0,0192000","15,85","0,30"]
[null,null,null,"ESCAVADEIRA HIDRÁULICA SOBRE ESTEIRAS, CAÇAMBA 0,80 M3, PESO OPERACIONAL 17,8 T, POTÊNCIA LÍQUIDA 110 HP - CHP DIURNO. AF_10/2014","CHP","0,0134000","143,45","1,92"]
[]
["4.2.5","SINAPI",93382,"REATERRO MANUAL DE VALAS COM COMPACTAÇÃO MECANIZADA. AF_04/2016","M³",302.36]
[null,null,null,"SERVENTE COM ENCARGOS COMPLEMENTARES","H","0,6500000","15,85","10,30"]
[null,null,null,"COMPACTADOR DE SOLOS DE PERCUSSÃO (SOQUETE) COM MOTOR A GASOLINA 4 TEMPOS, POTÊNCIA 4 CV - CHP DIURNO. AF_08/2015","CHP","0,2740000","37,70","10,32"]
[null,null,null,"COMPACTADOR DE SOLOS DE PERCUSSÃO (SOQUETE) COM MOTOR A GASOLINA 4 TEMPOS, POTÊNCIA 4 CV - CHI DIURNO. AF_08/2015","CHI","0,2540000","34,23","8,69"]
[null,null,null,"UMIDIFICAÇÃO DE MATERIAL PARA VALAS COM CAMINHÃO PIPA 10000L. AF_11/2016","M3","1,0000000","1,29","1,29"]
[]
["7.1.7","ORSE",4986,"CARGA MECÂNICA DE MATERIAL DE 1ª CATEGORIA","M³",1716.86]
[null,null,"04244/ORSE","Pa carregadeira sobre pneus Caterpillar - 924 G","h",1,"129.73","129.73"]
[null,null,"06111/SINAPI","Servente de obras","h",2,"4.34","8.68"]
[null,null,"10549/ORSE","Encargos Complementares - Servente","h","0.0094","2.57","0.02"]
[null,null,"00158/ORSE","Almoço (Participação do empregador)","un","0.001","10.00","0.01"]
[null,null,"12893/SINAPI","Bota de seguranca com biqueira de aco e colarinho acolchoado","par",0,"38.97","0.00"]
[null,null,"12894/SINAPI","Capa para chuva em pvc com forro de poliester, com capuz (amarela ou azul)","un",0,"10.55","0.00"]
[null,null,"12895/SINAPI","Capacete de seguranca aba frontal com suspensao de polietileno, sem jugular (classe b)","un",0,"8.12","0.00"]
[null,null,"02711/SINAPI","Carrinho de mao de aco capacidade 50 a 60 l, pneu com camara","un",0,"129.00","0.00"]
[null,null,"10492/ORSE","Cesta Básica","un",0,"130.00","0.00"]
[null,null,"10517/ORSE","Exames admissionais/demissionais (checkup)","cj",0,"326.00","0.00"]
[null,null,"00941/ORSE","Fardamento","un",0,"68.59","0.00"]
[null,null,"12892/SINAPI","Luva raspa de couro, cano curto (punho *7* cm)","par",0,"7.30","0.00"]
[null,null,"04729/ORSE","Marreta 1 kg com cabo","un",0,"15.80","0.00"]
[null,null,"01651/ORSE","Óculos branco proteção","pr",0,"5.50","0.00"]
[null,null,"04244/ORSE","Pa carregadeira sobre pneus Caterpillar - 924 G","h",null,"129.73","0.62"]
[null,null,"10788/ORSE","Pá quadrada","un",0,"17.29","0.00"]
[null,null,"10596/ORSE","Protetor auricular","un",0,"3.20","0.00"]
[null,null,"10599/ORSE","Protetor solar fps 30 com 120ml","un",0,"17.74","0.00"]
[null,null,"10761/ORSE","Refeição - café da manhã ( café com leite e dois pães com manteiga)","un","0.001","2.50","0.00"]
[null,null,"10362/ORSE","Seguro de vida e acidente em grupo","un",0,"5.65","0.00"]
[null,null,"06111/SINAPI","Servente de obras","h","0.0094","9.30","0.09"]
[null,null,"04728/ORSE","Talhadeira chata 10\"","un",0,"9.45","0.00"]
[null,null,"02378/ORSE","Vale transporte","un","0.0009","3.50","0.00"]
[]
["7.1.8","ORSE",2507,"CARGA MECÂNICA DE MATERIAL DE 2ª CATEGORIA","M³",251.05]
[null,null,"02477/ORSE","Pá - carregadeira de esteira 1,53m3 (cat - 953 - 130,0 hp)","h",1,"156.46","156.46"]
[null,null,"06111/SINAPI","Servente de obras","h",2,"4.34","8.68"]
[null,null,"10549/ORSE","Encargos Complementares - Servente","h","0.02","2.57","0.05"]
[null,null,"00158/ORSE","Almoço (Participação do empregador)","un","0.002","10.00","0.02"]
[null,null,"12893/SINAPI","Bota de seguranca com biqueira de aco e colarinho acolchoado","par",0,"38.97","0.00"]
[null,null,"12894/SINAPI","Capa para chuva em pvc com forro de poliester, com capuz (amarela ou azul)","un",0,"10.55","0.00"]
[null,null,"12895/SINAPI","Capacete de seguranca aba frontal com suspensao de polietileno, sem jugular (classe b)","un",0,"8.12","0.00"]
[null,null,"02711/SINAPI","Carrinho de mao de aco capacidade 50 a 60 l, pneu com camara","un",0,"129.00","0.00"]
[null,null,"10492/ORSE","Cesta Básica","un","0.0001","130.00","0.01"]
[null,null,"10517/ORSE","Exames admissionais/demissionais (checkup)","cj",0,"326.00","0.00"]
[null,null,"00941/ORSE","Fardamento","un",0,"68.59","0.00"]
[null,null,"12892/SINAPI","Luva raspa de couro, cano curto (punho *7* cm)","par",0,"7.30","0.00"]
[null,null,"04729/ORSE","Marreta 1 kg com cabo","un",0,"15.80","0.00"]
[null,null,"01651/ORSE","Óculos branco proteção","pr",0,"5.50","0.00"]
[null,null,"02477/ORSE","Pá - carregadeira de esteira 1,53m3 (cat - 953 - 130,0 hp)","h",null,"156.46","1.99"]
[null,null,"10788/ORSE","Pá quadrada","un",0,"17.29","0.00"]
[null,null,"10596/ORSE","Protetor auricular","un","0.0001","3.20","0.00"]
[null,null,"10599/ORSE","Protetor solar fps 30 com 120ml","un",0,"17.74","0.00"]
[null,null,"10761/ORSE","Refeição - café da manhã ( café com leite e dois pães com manteiga)","un","0.002","2.50","0.01"]
[null,null,"10362/ORSE","Seguro de vida e acidente em grupo","un","0.0001","5.65","0.00"]
[null,null,"06111/SINAPI","Servente de obras","h","0.02","9.30","0.19"]
[null,null,"04728/ORSE","Talhadeira chata 10\"","un",0,"9.45","0.00"]
[null,null,"02378/ORSE","Vale transporte","un","0.0019","3.50","0.01"]
[]
["4.2.8","SINAPI",94967,"CONCRETO FCK = 40MPA, TRAÇO 1:1,6:1,9 (CIMENTO/ AREIA MÉDIA/ BRITA 1)  - PREPARO MECÂNICO COM BETONEIRA 400 L. AF_07/2016","M³",145.36000000000001]
[null,null,null,"AREIA MEDIA - POSTO JAZIDA/FORNECEDOR (RETIRADO NA JAZIDA, SEM TRANSPORTE)","M3","0,7010000","55,00","38,55"]
[null,null,null,"CIMENTO PORTLAND COMPOSTO CP II-32","KG","486,8500000","0,43","209,34"]
[null,null,null,"PEDRA BRITADA N. 1 (9,5 a 19 MM) POSTO PEDREIRA/FORNECEDOR, SEM FRETE","M3","0,5610000","55,38","31,06"]
[null,null,null,"SERVENTE COM ENCARGOS COMPLEMENTARES","H","2,4400000","15,85","38,67"]
[null,null,null,"OPERADOR DE BETONEIRA ESTACIONÁRIA/MISTURADOR COM ENCARGOS COMPLEMENTARES","H","1,5400000","28,44","43,79"]
[null,null,null,"BETONEIRA CAPACIDADE NOMINAL DE 400 L, CAPACIDADE DE MISTURA 280 L, MOTOR ELÉTRICO TRIFÁSICO POTÊNCIA DE 2 CV, SEM CARREGADOR - CHP DIURNO. AF_10/2014","CHP","0,7900000","1,11","0,87"]
[null,null,null,"BETONEIRA CAPACIDADE NOMINAL DE 400 L, CAPACIDADE DE MISTURA 280 L, MOTOR ELÉTRICO TRIFÁSICO POTÊNCIA DE 2 CV, SEM CARREGADOR - CHI DIURNO. AF_10/2014","CHI","0,7500000","0,27","0,20"]
[]
["4.2.9","SINAPI",92873,"LANÇAMENTO COM USO DE BALDES, ADENSAMENTO E ACABAMENTO DE CONCRETO EM ESTRUTURAS. AF_12/2015","M³",155.05000000000001]
[null,null,null,"CARPINTEIRO DE FORMAS COM ENCARGOS COMPLEMENTARES","H","1,8460000","19,45","35,90"]
[null,null,null,"PEDREIRO COM ENCARGOS COMPLEMENTARES","H","1,8460000","19,57","36,12"]
[null,null,null,"SERVENTE COM ENCARGOS COMPLEMENTARES","H","5,5380000","15,85","87,77"]
[null,null,null,"VIBRADOR DE IMERSÃO, DIÂMETRO DE PONTEIRA 45MM, MOTOR ELÉTRICO TRIFÁSICO POTÊNCIA DE 2 CV - CHP DIURNO. AF_06/2015","CHP","0,6720000","1,12","0,75"]
[null,null,null,"VIBRADOR DE IMERSÃO, DIÂMETRO DE PONTEIRA 45MM, MOTOR ELÉTRICO TRIFÁSICO POTÊNCIA DE 2 CV - CHI DIURNO. AF_06/2015","CHI","1,1740000","0,30","0,35"]
[]
["4.2.10","ORSE",3366,"FORMA PLANA PARA ESTRUTURAS, EM COMPENSADO PLASTIFICADO DE 12MM, 07 USOS, INC LUSIVE ESCORAMENTO - REVISADA 07.2015","M²",2404.21]
[null,null,"01569/ORSE","Madeira mista serrada (barrote) 6 x 6cm - 0,0036 m3/m (angelim, louro)","m","0.876","5.87","5.14"]
[null,null,"00333/SINAPI","Arame galvanizado 14 bwg, d = 2,11 mm (0,026 kg/m)","kg","0.15","12.50","1.88"]
[null,null,"01213/SINAPI","Carpinteiro de formas","h","0.904","6.25","5.65"]
[null,null,"01347/SINAPI","Chapa de madeira compensada plastificada para forma de concreto, de 2,20 x 1,10 m, e = 12 mm","m2","0.167","32.10","5.36"]
[null,null,"02692/SINAPI","Desmoldante protetor para formas de madeira, de base oleosaemulsionada em agua","l","0.02","6.14","0.12"]
[null,null,"04509/SINAPI","Tabua de madeira nao aparelhada *2,5 x 10 cm (1 x 4 \") pinus, mista ou equivalente da regiao","m","0.778","3.42","2.66"]
[null,null,"05068/SINAPI","Prego de aco polido com cabeca 17 x 21 (2 x 11)","kg","0.025","9.86","0.25"]
[null,null,"05069/SINAPI","Prego de aco polido com cabeca 17 x 27 (2 1/2 x 11)","kg","0.1","10.05","1.01"]
[null,null,"06111/SINAPI","Servente de obras","h","0.226","4.34","0.98"]
[null,null,"06193/SINAPI","Tabua de madeira nao aparelhada *2,5 x 20* cm, cedrinho ou equivalente da regiao","m","0.087","5.75","0.50"]
[null,null,"10549/ORSE","Encargos Complementares - Servente","h","1.3","2.57","3.34"]
[null,null,"10551/ORSE","Encargos Complementares - Carpinteiro","h","1.3","2.55","3.32"]
[null,null,"00158/ORSE","Almoço (Participação do empregador)","un","0.2646","10.00","2.65"]
[null,null,"00333/SINAPI","Arame galvanizado 14 bwg, d = 2,11 mm (0,026 kg/m)","kg","0.15","12.50","1.88"]
[null,null,"12893/SINAPI","Bota de seguranca com biqueira de aco e colarinho acolchoado","par","0.0019","38.97","0.07"]
[null,null,"12894/SINAPI","Capa para chuva em pvc com forro de poliester, com capuz (amarela ou azul)","un","0.0006","10.55","0.01"]
[null,null,"12895/SINAPI","Capacete de seguranca aba frontal com suspensao de polietileno, sem jugular (classe b)","un","0.0016","8.12","0.01"]
[null,null,"01213/SINAPI","Carpinteiro de formas","h","0.904","13.39","12.11"]
[null,null,"02711/SINAPI","Carrinho de mao de aco capacidade 50 a 60 l, pneu com camara","un","0.0003","129.00","0.04"]
[null,null,"10492/ORSE","Cesta Básica","un","0.0118","130.00","1.53"]
[null,null,"01347/SINAPI","Chapa de madeira compensada plastificada para forma de concreto, de 2,20 x 1,10 m, e = 12 mm","m2","0.167","32.10","5.36"]
[null,null,"10579/ORSE","Chave de fenda chata 30 cm","un","0.0003","15.45","0.00"]
[null,null,"02692/SINAPI","Desmoldante protetor para formas de madeira, de base oleosaemulsionada em agua","l","0.02","6.14","0.12"]
[null,null,"10517/ORSE","Exames admissionais/demissionais (checkup)","cj","0.001","326.00","0.33"]
[null,null,"00941/ORSE","Fardamento","un","0.004","68.59","0.27"]
[null,null,"10578/ORSE","Formão grande","un","0.0003","15.15","0.00"]
[null,null,"11248/ORSE","Furadeira e Parafusadeira eletrica Bosch ou Similar profissional","un","0.0001","300.30","0.03"]
[null,null,"12892/SINAPI","Luva raspa de couro, cano curto (punho *7* cm)","par","0.006","7.30","0.04"]
[null,null,"01569/ORSE","Madeira mista serrada (barrote) 6 x 6cm - 0,0036 m3/m (angelim, louro)","m","0.876","5.87","5.14"]
[null,null,"04729/ORSE","Marreta 1 kg com cabo","un","0.0001","15.80","0.00"]
[null,null,"11244/ORSE","Martelo com unha","un","0.0003","28.16","0.01"]
[null,null,"01651/ORSE","Óculos branco proteção","pr","0.0019","5.50","0.01"]
[null,null,"10788/ORSE","Pá quadrada","un","0.0003","17.29","0.01"]
[null,null,"05068/SINAPI","Prego de aco polido com cabeca 17 x 21 (2 x 11)","kg","0.025","9.86","0.25"]
[null,null,"05069/SINAPI","Prego de aco polido com cabeca 17 x 27 (2 1/2 x 11)","kg","0.1","10.05","1.01"]
[null,null,"10596/ORSE","Protetor auricular","un","0.0118","3.20","0.04"]
[null,null,"10599/ORSE","Protetor solar fps 30 com 120ml","un","0.0046","17.74","0.08"]
[null,null,"10761/ORSE","Refeição - café da manhã ( café com leite e dois pães com manteiga)","un","0.2646","2.50","0.66"]
[null,null,"10362/ORSE","Seguro de vida e acidente em grupo","un","0.0118","5.65","0.07"]
[null,null,"11249/ORSE","Serra circular eletrica portatil","un","0.0001","679.89","0.07"]
[null,null,"10577/ORSE","Serrote 40cm","un","0.0001","29.79","0.00"]
[null,null,"06111/SINAPI","Servente de obras","h","0.226","9.30","2.10"]
[null,null,"04509/SINAPI","Tabua de madeira nao aparelhada *2,5 x 10 cm (1 x 4 \") pinus, mista ou equivalente da regiao","m","0.778","3.42","2.66"]
[null,null,"06193/SINAPI","Tabua de madeira nao aparelhada *2,5 x 20* cm, cedrinho ou equivalente da regiao","m","0.087","5.75","0.50"]
[null,null,"04728/ORSE","Talhadeira chata 10\"","un","0.0004","9.45","0.00"]
[null,null,"02378/ORSE","Vale transporte","un","0.2073","3.50","0.73"]
[]
["4.2.11","SINAPI",92791,"CORTE E DOBRA DE AÇO CA-60, DIÂMETRO DE 5,0 MM, UTILIZADO EM ESTRUTURAS DIVERSAS, EXCETO LAJES. AF_12/2015","KG",19620.5]
[null,null,null,"ACO CA-60, 5,0 MM, VERGALHAO","KG","1,0700000","4,50","4,81"]
[null,null,null,"AJUDANTE DE ARMADOR COM ENCARGOS COMPLEMENTARES","H","0,0108000","14,94","0,16"]
[null,null,null,"ARMADOR COM ENCARGOS COMPLEMENTARES","H","0,0769000","19,45","1,49"]
[]
["4.2.12","SINAPI",92794,"CORTE E DOBRA DE AÇO CA-50, DIÂMETRO DE 10,0 MM, UTILIZADO EM ESTRUTURAS DIVERSAS, EXCETO LAJES. AF_12/2015","KG",10728.2]
[null,null,null,"ACO CA-50, 10,0 MM, VERGALHAO","KG","1,1100000","4,54","5,03"]
[null,null,null,"AJUDANTE DE ARMADOR COM ENCARGOS COMPLEMENTARES","H","0,0018000","14,94","0,02"]
[null,null,null,"ARMADOR COM ENCARGOS COMPLEMENTARES","H","0,0125000","19,45","0,24"]
[]
["4.2.13","SINAPI",94962,"CONCRETO MAGRO PARA LASTRO, TRAÇO 1:4,5:4,5 (CIMENTO/ AREIA MÉDIA/ BRITA 1)  - PREPARO MECÂNICO COM BETONEIRA 400 L. AF_07/2016","M³",210.44]
[null,null,null,"AREIA MEDIA - POSTO JAZIDA/FORNECEDOR (RETIRADO NA JAZIDA, SEM TRANSPORTE)","M3","0,8590000","55,00","47,24"]
[null,null,null,"CIMENTO PORTLAND COMPOSTO CP II-32","KG","212,2100000","0,43","91,25"]
[null,null,null,"PEDRA BRITADA N. 1 (9,5 a 19 MM) POSTO PEDREIRA/FORNECEDOR, SEM FRETE","M3","0,5790000","55,38","32,06"]
[null,null,null,"SERVENTE COM ENCARGOS COMPLEMENTARES","H","2,4500000","15,85","38,83"]
[null,null,null,"OPERADOR DE BETONEIRA ESTACIONÁRIA/MISTURADOR COM ENCARGOS COMPLEMENTARES","H","1,5500000","28,44","44,08"]
[null,null,null,"BETONEIRA CAPACIDADE NOMINAL DE 400 L, CAPACIDADE DE MISTURA 280 L, MOTOR ELÉTRICO TRIFÁSICO POTÊNCIA DE 2 CV, SEM CARREGADOR - CHP DIURNO. AF_10/2014","CHP","0,8000000","1,11","0,88"]
[null,null,null,"BETONEIRA CAPACIDADE NOMINAL DE 400 L, CAPACIDADE DE MISTURA 280 L, MOTOR ELÉTRICO TRIFÁSICO POTÊNCIA DE 2 CV, SEM CARREGADOR - CHI DIURNO. AF_10/2014","CHI","0,7500000","0,27","0,20"]
[]
["4.2.15","SEINFRA","C0823","COMPORTA EM FIBRA, CALHA EM ALUMÍNIO","M²",4.09]
[]
["4.2.14","SINAPI","73932/1","GRADE DE FERRO EM BARRA CHATA 3/16\"","M²",66.3]
[null,null,null,"BARRA DE FERRO RETANGULAR, BARRA CHATA (QUALQUER DIMENSAO)","KG","42,0000000","5,10","214,20"]
[null,null,null,"CANTONEIRA FERRO GALVANIZADO DE ABAS IGUAIS, 1\" X 1/8\" (L X E) , 1,20KG/M","M","2,0000000","6,72","13,44"]
[null,null,null,"SERRALHEIRO COM ENCARGOS COMPLEMENTARES","H","1,5000000","19,45","29,17"]
[null,null,null,"SERVENTE COM ENCARGOS COMPLEMENTARES","H","1,6000000","15,85","25,36"]
[null,null,null,"ARGAMASSA TRAÇO 1:4 (CIMENTO E AREIA MÉDIA), PREPARO MANUAL. AF_08/2014","M3","0,0040000","356,46","1,42"]
[]
["4.2.16","SINAPI",73665,"ESCADA TIPO MARINHEIRO EM ACO CA-50 9,52MM INCLUSO PINTURA COM FUNDO ANTICORROSIVO TIPO ZARCAO","M",55.26]
[null,null,null,"ACO CA-50, 10,0 MM, VERGALHAO","KG","2,8000000","4,54","12,71"]
[null,null,null,"FUNDO ANTICORROSIVO PARA METAIS FERROSOS (ZARCAO)","L","0,0250000","26,87","0,67"]
[null,null,null,"ARMADOR COM ENCARGOS COMPLEMENTARES","H","0,3500000","19,45","6,80"]
[null,null,null,"PEDREIRO COM ENCARGOS COMPLEMENTARES","H","1,1000000","19,57","21,52"]
[null,null,null,"SERVENTE COM ENCARGOS COMPLEMENTARES","H","1,1300000","15,85","17,91"]
[null,null,null,"ARGAMASSA TRAÇO 1:3 (CIMENTO E AREIA MÉDIA), PREPARO MANUAL. AF_08/2014","M3","0,0034500","387,49","1,33"]
[]
["4.2.17","SINAPI",95468,"PINTURA ESMALTE BRILHANTE (2 DEMAOS) SOBRE SUPERFICIE METALICA, INCLUSIVE PROTECAO COM ZARCAO (1 DEMAO)","M²",67.239999999999995]
[null,null,null,"LIXA EM FOLHA PARA FERRO, NUMERO 150","UN","0,3000000","1,83","0,54"]
[null,null,null,"SOLVENTE DILUENTE A BASE DE AGUARRAS","L","0,0300000","13,69","0,41"]
[null,null,null,"TINTA ESMALTE SINTETICO PREMIUM BRILHANTE","L","0,1440000","25,87","3,72"]
[null,null,null,"FUNDO ANTICORROSIVO PARA METAIS FERROSOS (ZARCAO)","L","0,1200000","26,87","3,22"]
[null,null,null,"PINTOR COM ENCARGOS COMPLEMENTARES","H","0,8000000","19,49","15,59"]
[null,null,null,"SERVENTE COM ENCARGOS COMPLEMENTARES","H","0,8000000","15,85","12,68"]
[]
["4.3.2","SINAPI",94964,"CONCRETO FCK = 20MPA, TRAÇO 1:2,7:3 (CIMENTO/ AREIA MÉDIA/ BRITA 1)  - PREPARO MECÂNICO COM BETONEIRA 400 L. AF_07/2016","M³",9.69]
[null,null,null,"AREIA MEDIA - POSTO JAZIDA/FORNECEDOR (RETIRADO NA JAZIDA, SEM TRANSPORTE)","M3","0,7850000","55,00","43,17"]
[null,null,null,"CIMENTO PORTLAND COMPOSTO CP II-32","KG","322,9800000","0,43","138,88"]
[null,null,null,"PEDRA BRITADA N. 1 (9,5 a 19 MM) POSTO PEDREIRA/FORNECEDOR, SEM FRETE","M3","0,5870000","55,38","32,50"]
[null,null,null,"SERVENTE COM ENCARGOS COMPLEMENTARES","H","2,5300000","15,85","40,10"]
[null,null,null,"OPERADOR DE BETONEIRA ESTACIONÁRIA/MISTURADOR COM ENCARGOS COMPLEMENTARES","H","1,6000000","28,44","45,50"]
[null,null,null,"BETONEIRA CAPACIDADE NOMINAL DE 400 L, CAPACIDADE DE MISTURA 280 L, MOTOR ELÉTRICO TRIFÁSICO POTÊNCIA DE 2 CV, SEM CARREGADOR - CHP DIURNO. AF_10/2014","CHP","0,8300000","1,11","0,92"]
[null,null,null,"BETONEIRA CAPACIDADE NOMINAL DE 400 L, CAPACIDADE DE MISTURA 280 L, MOTOR ELÉTRICO TRIFÁSICO POTÊNCIA DE 2 CV, SEM CARREGADOR - CHI DIURNO. AF_10/2014","CHI","0,7800000","0,27","0,21"]
[]
["4.3.7","SINAPI",87503,"ALVENARIA DE VEDAÇÃO DE BLOCOS CERÂMICOS FURADOS NA HORIZONTAL DE 9X19X19CM (ESPESSURA 9CM) DE PAREDES COM ÁREA LÍQUIDA MAIOR OU IGUAL A 6M² SEM VÃOS E ARGAMASSA DE ASSENTAMENTO COM PREPARO EM BETONEIRA. AF_06/2014","M²",212.31]
[null,null,null,"BLOCO CERAMICO (ALVENARIA DE VEDACAO), DE 9 X 19 X 19 CM","MIL","0,0279300","450,00","12,56"]
[null,null,null,"TELA DE ACO SOLDADA GALVANIZADA/ZINCADA PARA ALVENARIA, FIO D = *1,20 A 1,70* MM, MALHA 15 X 15 MM, (C X L) *50 X 7,5* CM","M","0,4200000","1,16","0,48"]
[null,null,null,"PINO DE ACO COM FURO, HASTE = 27 MM (ACAO DIRETA)","CENTO","0,0050000","38,74","0,19"]
[null,null,null,"ARGAMASSA TRAÇO 1:2:8 (CIMENTO, CAL E AREIA MÉDIA) PARA EMBOÇO/MASSA ÚNICA/ASSENTAMENTO DE ALVENARIA DE VEDAÇÃO, PREPARO MECÂNICO COM BETONEIRA 400 L. AF_06/2014","M3","0,0098000","443,03","4,34"]
[null,null,null,"PEDREIRO COM ENCARGOS COMPLEMENTARES","H","1,3700000","19,57","26,81"]
[null,null,null,"SERVENTE COM ENCARGOS COMPLEMENTARES","H","0,6850000","15,85","10,85"]
[]
["4.3.8","SINAPI",87529,"MASSA ÚNICA, PARA RECEBIMENTO DE PINTURA, EM ARGAMASSA TRAÇO 1:2:8, PREPARO MECÂNICO COM BETONEIRA 400L, APLICADA MANUALMENTE EM FACES INTERNAS DE PAREDES, ESPESSURA DE 20MM, COM EXECUÇÃO DE TALISCAS. AF_06/2014","M²",424.56]
[null,null,null,"ARGAMASSA TRAÇO 1:2:8 (CIMENTO, CAL E AREIA MÉDIA) PARA EMBOÇO/MASSA ÚNICA/ASSENTAMENTO DE ALVENARIA DE VEDAÇÃO, PREPARO MECÂNICO COM BETONEIRA 400 L. AF_06/2014","M3","0,0376000","443,03","16,65"]
[null,null,null,"PEDREIRO COM ENCARGOS COMPLEMENTARES","H","0,4700000","19,57","9,19"]
[null,null,null,"SERVENTE COM ENCARGOS COMPLEMENTARES","H","0,1710000","15,85","2,71"]
[]
["4.4.3","SINAPI",88489,"APLICAÇÃO MANUAL DE PINTURA COM TINTA LÁTEX ACRÍLICA EM PAREDES, DUAS DEMÃOS. AF_06/2014","M²",1348.56]
[null,null,null,"TINTA ACRILICA PREMIUM, COR BRANCO FOSCO","L","0,3300000","16,80","5,54"]
[null,null,null,"PINTOR COM ENCARGOS COMPLEMENTARES","H","0,1870000","19,49","3,64"]
[null,null,null,"SERVENTE COM ENCARGOS COMPLEMENTARES","H","0,0690000","15,85","1,09"]
[]
["4.3.10","SINAPI",88488,"APLICAÇÃO MANUAL DE PINTURA COM TINTA LÁTEX ACRÍLICA EM TETO, DUAS DEMÃOS. AF_06/2014","M²",134.37]
[null,null,null,"TINTA ACRILICA PREMIUM, COR BRANCO FOSCO","L","0,3300000","16,80","5,54"]
[null,null,null,"PINTOR COM ENCARGOS COMPLEMENTARES","H","0,2440000","19,49","4,75"]
[null,null,null,"SERVENTE COM ENCARGOS COMPLEMENTARES","H","0,0890000","15,85","1,41"]
[]
["4.3.11","SINAPI",68054,"PORTAO DE FERRO EM CHAPA GALVANIZADA PLANA 14 GSG","M²",58.54]
[null,null,null,"ACO CA-25, 10,0 MM, VERGALHAO","KG","5,1000000","4,15","21,16"]
[null,null,null,"AREIA MEDIA - POSTO JAZIDA/FORNECEDOR (RETIRADO NA JAZIDA, SEM TRANSPORTE)","M3","0,0250000","55,00","1,37"]
[null,null,null,"CAL HIDRATADA CH-I PARA ARGAMASSAS","KG","1,0000000","0,80","0,80"]
[null,null,null,"CIMENTO PORTLAND COMPOSTO CP II-32","KG","4,6000000","0,43","1,97"]
[null,null,null,"CANTONEIRA ACO ABAS IGUAIS (QUALQUER BITOLA), ESPESSURA ENTRE 1/8\" E 1/4\"","KG","8,2600000","4,42","36,50"]
[null,null,null,"CHAPA DE ACO GALVANIZADA BITOLA GSG 14, E = 1,95 MM (15,60 KG/M2)","KG","15,2800000","7,70","117,65"]
[null,null,null,"PEDREIRO COM ENCARGOS COMPLEMENTARES","H","1,5000000","19,57","29,35"]
[null,null,null,"SERVENTE COM ENCARGOS COMPLEMENTARES","H","1,5000000","15,85","23,77"]
[]
["4.3.12","ORSE",6320,"LASTRO DE CONCRETO, FCK=15 MPA, LANÇADO E ADENSADO","M³",7.8]
[null,null,"00126/ORSE","Concreto simples fabricado na obra, fck=15 mpa, lançado e adensado","m3",1,"389.09","389.09"]
[null,null,"00158/ORSE","Almoço (Participação do empregador)","un","0.8672","10.00","8.67"]
[null,null,"10585/ORSE","Arco de serra","un",0,"21.25","0.00"]
[null,null,"00367/SINAPI","Areia grossa - posto jazida/fornecedor (retirado na jazida,sem transporte)","m3","0.913","85.00","77.61"]
[null,null,"00378/SINAPI","Armador","h","0.18","13.39","2.41"]
[null,null,"12893/SINAPI","Bota de seguranca com biqueira de aco e colarinho acolchoado","par","0.0068","38.97","0.27"]
[null,null,"12894/SINAPI","Capa para chuva em pvc com forro de poliester, com capuz (amarela ou azul)","un","0.0017","10.55","0.02"]
[null,null,"12895/SINAPI","Capacete de seguranca aba frontal com suspensao de polietileno, sem jugular (classe b)","un","0.0051","8.12","0.04"]
[null,null,"01213/SINAPI","Carpinteiro de formas","h","0.36","13.39","4.82"]
[null,null,"02711/SINAPI","Carrinho de mao de aco capacidade 50 a 60 l, pneu com camara","un","0.0015","129.00","0.19"]
[null,null,"10492/ORSE","Cesta Básica","un","0.0383","130.00","4.98"]
[null,null,"10579/ORSE","Chave de fenda chata 30 cm","un","0.0001","15.45","0.00"]
[null,null,"01379/SINAPI","Cimento portland composto cp ii-32","kg",293,"0.51","149.43"]
[null,null,"04722/ORSE","Colher de pedreiro","un","0.0001","11.90","0.00"]
[null,null,"04174/ORSE","Desempenadeira de aço lisa, cabo madeira, ref:143, Atlas ou similar","un","0.0002","8.17","0.00"]
[null,null,"11245/ORSE","Desempoladeira de madeira 12x22","un","0.0003","11.75","0.00"]
[null,null,"11246/ORSE","Escala métrica de bambú","Un","0.0003","17.00","0.01"]
[null,null,"10517/ORSE","Exames admissionais/demissionais (checkup)","cj","0.0033","326.00","1.08"]
[null,null,"00941/ORSE","Fardamento","un","0.0127","68.59","0.87"]
[null,null,"10578/ORSE","Formão grande","un","0.0001","15.15","0.00"]
[null,null,"11248/ORSE","Furadeira e Parafusadeira eletrica Bosch ou Similar profissional","un",0,"300.30","0.00"]
[null,null,"12892/SINAPI","Luva raspa de couro, cano curto (punho *7* cm)","par","0.0195","7.30","0.14"]
[null,null,"04729/ORSE","Marreta 1 kg com cabo","un","0.0008","15.80","0.01"]
[null,null,"11264/ORSE","Marreta de 1/2 kg com cabo","un","0.0001","10.95","0.00"]
[null,null,"11244/ORSE","Martelo com unha","un","0.0001","28.16","0.00"]
[null,null,"11265/ORSE","Martelo de borracha com cabo","un","0.0001","14.90","0.00"]
[null,null,"11243/ORSE","Martelo sem unha","un",0,"16.55","0.00"]
[null,null,"10789/ORSE","Nível de bolha de madeira","un","0.0001","10.60","0.00"]
[null,null,"01651/ORSE","Óculos branco proteção","pr","0.0068","5.50","0.04"]
[null,null,"10788/ORSE","Pá quadrada","un","0.0015","17.29","0.03"]
[null,null,"04721/SINAPI","Pedra britada n. 1 (9,5 a 19 mm) posto pedreira/fornecedor,sem frete","m3","0.209","68.50","14.32"]
[null,null,"04718/SINAPI","Pedra britada n. 2 (19 a 38 mm) posto pedreira/fornecedor, sem frete","m3","0.627","68.50","42.95"]
[null,null,"04750/SINAPI","Pedreiro","h","0.36","13.39","4.82"]
[null,null,"10596/ORSE","Protetor auricular","un","0.0383","3.20","0.12"]
[null,null,"10599/ORSE","Protetor solar fps 30 com 120ml","un","0.0152","17.74","0.27"]
[null,null,"10790/ORSE","Prumo de face","un",0,"21.00","0.00"]
[null,null,"10761/ORSE","Refeição - café da manhã ( café com leite e dois pães com manteiga)","un","0.8672","2.50","2.17"]
[null,null,"10282/ORSE","Regua de alumínio c/ 2,00m (para pedreiro)","un","0.0001","16.70","0.00"]
[null,null,"10362/ORSE","Seguro de vida e acidente em grupo","un","0.0383","5.65","0.22"]
[null,null,"11249/ORSE","Serra circular eletrica portatil","un",0,"679.89","0.00"]
[null,null,"11247/ORSE","Serra mármore","un",0,"272.97","0.00"]
[null,null,"10577/ORSE","Serrote 40cm","un",0,"29.79","0.00"]
[null,null,"06111/SINAPI","Servente de obras","h","7.62","9.30","70.86"]
[null,null,"04728/ORSE","Talhadeira chata 10\"","un","0.0023","9.45","0.02"]
[null,null,"10586/ORSE","Torquesa","un",0,"26.98","0.00"]
[null,null,"02378/ORSE","Vale transporte","un","0.7758","3.50","2.72"]
[]
["4.3.13","SINAPI",98679,"PISO CIMENTADO, TRAÇO 1:3 (CIMENTO E AREIA), ACABAMENTO LISO, ESPESSURA 2,0 CM, PREPARO MECÂNICO DA ARGAMASSA. AF_06/2018","M²",78]
[null,null,null,"CIMENTO PORTLAND COMPOSTO CP II-32","KG","0,5000000","0,43","0,21"]
[null,null,null,"JUNTA PLASTICA DE DILATACAO PARA PISOS, COR CINZA, 17 X 3 MM (ALTURA X ESPESSURA)","M","1,6700000","0,87","1,45"]
[null,null,null,"ARGAMASSA TRAÇO 1:3 (CIMENTO E AREIA MÉDIA) PARA CONTRAPISO, PREPARO MECÂNICO COM BETONEIRA 400 L. AF_06/2014","M3","0,0310000","463,07","14,35"]
[null,null,null,"PEDREIRO COM ENCARGOS COMPLEMENTARES","H","0,3540000","19,57","6,92"]
[null,null,null,"SERVENTE COM ENCARGOS COMPLEMENTARES","H","0,1770000","15,85","2,80"]
[]
["4.3.14","SINAPI",94998,"EXECUÇÃO DE PASSEIO (CALÇADA) OU PISO DE CONCRETO COM CONCRETO MOLDADO IN LOCO, FEITO EM OBRA, ACABAMENTO CONVENCIONAL, ESPESSURA 12 CM, ARMADO. AF_07/2016","M²",75.75]
[null,null,null,"LONA PLASTICA PRETA, E= 150 MICRA","M2","1,1280000","1,13","1,27"]
[null,null,null,"PECA DE MADEIRA NATIVA/REGIONAL 2,5 X 7,0 CM (SARRAFO-P/FORMA)","M","0,2000000","1,04","0,20"]
[null,null,null,"TABUA MADEIRA 2A QUALIDADE 2,5 X 30,0CM (1 X 12\") NAO APARELHADA","M","0,1250000","7,93","0,99"]
[null,null,null,"TELA DE ACO SOLDADA NERVURADA, CA-60, Q-196, (3,11 KG/M2), DIAMETRO DO FIO = 5,0 MM, LARGURA =  2,45 M, ESPACAMENTO DA MALHA = 10 X 10 CM","M2","1,1224000","14,42","16,18"]
[null,null,null,"CARPINTEIRO DE FORMAS COM ENCARGOS COMPLEMENTARES","H","0,2707000","19,45","5,26"]
[null,null,null,"PEDREIRO COM ENCARGOS COMPLEMENTARES","H","0,3866000","19,57","7,56"]
[null,null,null,"SERVENTE COM ENCARGOS COMPLEMENTARES","H","0,6574000","15,85","10,41"]
[null,null,null,"CONCRETO FCK = 20MPA, TRAÇO 1:2,7:3 (CIMENTO/ AREIA MÉDIA/ BRITA 1)  - PREPARO MECÂNICO COM BETONEIRA 400 L. AF_07/2016","M3","0,1455000","301,28","43,83"]
[]
["4.3.15","SINAPI",95465,"COBOGO CERAMICO (ELEMENTO VAZADO), 9X20X20CM, ASSENTADO COM ARGAMASSA TRACO 1:4 DE CIMENTO E AREIA","M²",11.52]
[null,null,null,"AREIA MEDIA - POSTO JAZIDA/FORNECEDOR (RETIRADO NA JAZIDA, SEM TRANSPORTE)","M3","0,0190000","55,00","1,04"]
[null,null,null,"CIMENTO PORTLAND COMPOSTO CP II-32","KG","2,2800000","0,43","0,98"]
[null,null,null,"ELEMENTO VAZADO CERAMICO 9 X 20 X 20 CM","UN","25,0000000","3,04","76,00"]
[null,null,null,"PEDREIRO COM ENCARGOS COMPLEMENTARES","H","1,0000000","19,57","19,57"]
[null,null,null,"SERVENTE COM ENCARGOS COMPLEMENTARES","H","1,1200000","15,85","17,75"]
[]
["4.3.16","SINAPI","74202/1","LAJE PRE-MOLDADA P/FORRO, SOBRECARGA 100KG/M2, VAOS ATE 3,50M/E=8CM, C/LAJOTAS E CAP.C/CONC FCK=20MPA, 3CM, INTER-EIXO 38CM, C/ESCORAMENTO (REAPR.3X) E FERRAGEM NEGATIVA","M²",462]
[null,null,null,"ACO CA-60, 5,0 MM, VERGALHAO","KG","0,4710000","4,50","2,11"]
[null,null,null,"LAJE PRE-MOLDADA CONVENCIONAL (LAJOTAS + VIGOTAS) PARA FORRO, UNIDIRECIONAL, SOBRECARGA DE 100 KG/M2, VAO ATE 4,00 M (SEM COLOCACAO)","M2","1,0000000","33,00","33,00"]
[null,null,null,"PECA DE MADEIRA NATIVA / REGIONAL 7,5 X 7,5CM (3X3) NAO APARELHADA (P/FORMA)","M","0,2900000","6,40","1,85"]
[null,null,null,"PREGO DE ACO POLIDO COM CABECA 18 X 27 (2 1/2 X 10)","KG","0,0300000","11,20","0,33"]
[null,null,null,"TABUA MADEIRA 2A QUALIDADE 2,5 X 30,0CM (1 X 12\") NAO APARELHADA","M","0,1700000","7,93","1,34"]
[null,null,null,"AJUDANTE DE CARPINTEIRO COM ENCARGOS COMPLEMENTARES","H","0,1600000","19,49","3,11"]
[null,null,null,"CARPINTEIRO DE FORMAS COM ENCARGOS COMPLEMENTARES","H","0,1600000","19,45","3,11"]
[null,null,null,"PEDREIRO COM ENCARGOS COMPLEMENTARES","H","0,3500000","19,57","6,84"]
[null,null,null,"SERVENTE COM ENCARGOS COMPLEMENTARES","H","0,3600000","15,85","5,70"]
[null,null,null,"LANÇAMENTO COM USO DE BOMBA, ADENSAMENTO E ACABAMENTO DE CONCRETO EM ESTRUTURAS. AF_12/2015","M3","0,0330000","26,75","0,88"]
[null,null,null,"CONCRETO FCK = 20MPA, TRAÇO 1:2,7:3 (CIMENTO/ AREIA MÉDIA/ BRITA 1)  - PREPARO MECÂNICO COM BETONEIRA 600 L. AF_07/2016","M3","0,0330000","287,41","9,48"]
[]
["4.3.17","SINAPI",73661,"FORNECIMENTO E INSTALACAO DE TALHA E TROLEY MANUAL DE 1 TONELADA","UN",3]
[null,null,null,"TALHA MANUAL DE CORRENTE, CAPACIDADE DE 2 T COM ELEVACAO DE 3 M","UN","0,6000000","1.007,00","604,20"]
[null,null,null,"TROLEY MANUAL CAPACIDADE 1 T","UN","1,0000000","557,48","557,48"]
[null,null,null,"MONTADOR ELETROMECÃNICO COM ENCARGOS COMPLEMENTARES","H","3,0000000","27,96","83,88"]
[null,null,null,"SERVENTE COM ENCARGOS COMPLEMENTARES","H","3,0000000","15,85","47,55"]
[null,null,null,"CAMINHONETE CABINE SIMPLES COM MOTOR 1.6 FLEX, CÂMBIO MANUAL, POTÊNCIA 101/104 CV, 2 PORTAS - CHP DIURNO. AF_11/2015","CHP","8,0000000","103,21","825,68"]
[]
["4.3.18","SINAPI",83514,"FORNECIMENTO DE PERFIL SIMPLES \"I\" OU \"H\" 8 A 12\" INCLUSIVE PERDAS","KG",490.5]
[null,null,null,"OXIGENIO, RECARGA PARA CILINDRO DE CONJUNTO OXICORTE GRANDE","M3","0,0030000","8,32","0,02"]
[null,null,null,"PERFIL \"I\" DE ACO LAMINADO, \"W\" 410 X 67","KG","1,0500000","5,92","6,21"]
[null,null,null,"ELETRODO REVESTIDO AWS - E6013, DIAMETRO IGUAL A 4,00 MM","KG","0,0150000","24,57","0,36"]
[null,null,null,"SOLDADOR COM ENCARGOS COMPLEMENTARES","H","0,0100000","19,45","0,19"]
[]
["5.3.19","SEINFRA","C3497","MONTAGEM DE TUBOS, CONEXÕES E PÇS, ELEVATÓRIA C/ VAZÃO DE 5,01 À 10 l/s","UN",1]
[]
["4.4.1","ORSE",11146,"MURO EM ALVENARIA BLOCO CERÂMICO, E= 0,09M, C/ ALV DE PEDRA GRANÍTICA, 0,35 X 0,60M, COLUNAS (9X20CM) E CINTAMENTO (9X15CM) SUPERIOR E INFERIOR CONCRETO AR MADO FCK = 15,0 MPA CADA 3,00M, CHAPISCO E REBOCO","M²",462]
[null,null,"00093/ORSE","Alvenaria pedra granitica argamassada traço (1:5) - 1 saco cimento 50kg / 5 padiolas areia dim. 0,35z0,45x0,23m - Confecção mecânica e transporte","m3","0.105","332.01","34.86"]
[null,null,"00096/ORSE","Concreto simples usinado fck=15mpa, bombeado, lançado e adensado em superestrura","m3","0.013","279.50","3.63"]
[null,null,"00115/ORSE","Forma plana para estruturas, em compensado resinado de 12mm, 02 usos, inclusive escoramento - Revisada 07.2015","m2","0.13","84.52","10.99"]
[null,null,"00140/ORSE","Aço CA - 50 Ø 6,3 a 12,5mm, inclusive corte, dobragem, montagem e colocacao de ferragens nas formas, para superestruturas e fundações","kg","1.04","6.53","6.79"]
[null,null,"00151/ORSE","Alvenaria bloco cerâmico vedação, 9x19x24cm, e=9cm, com argamassa t5 - 1:2:8 (cimento/cal/areia), junta=2cm","m2","0.867","32.20","27.92"]
[null,null,"03310/ORSE","Chapisco em parede com argamassa traço t1 - 1:3 (cimento / areia) - Revisado 08/2015","m2",1734,"4.61","7.99"]
[null,null,"03316/ORSE","Reboco ou emboço externo, de parede, com argamassa traço t5 - 1:2:8 (cimento / cal / areia), espessura 2,5 cm","m2",1734,"26.10","45.26"]
[null,null,"00081/ORSE","Aço ca-50 6,3 a 12,5 mm","kg","1.04","4.15","4.32"]
[null,null,"00158/ORSE","Almoço (Participação do empregador)","un","0.5782","10.00","5.78"]
[null,null,"00333/SINAPI","Arame galvanizado 14 bwg, d = 2,11 mm (0,026 kg/m)","kg","0.0195","12.50","0.24"]
[null,null,"00337/SINAPI","Arame recozido 18 bwg, 1,25 mm (0,01 kg/m)","kg","0.0208","10.40","0.22"]
[null,null,"10585/ORSE","Arco de serra","un",0,"21.25","0.00"]
[null,null,"00367/SINAPI","Areia grossa - posto jazida/fornecedor (retirado na jazida,sem transporte)","m3","0.0681","85.00","5.79"]
[null,null,"00370/SINAPI","Areia media - posto jazida/fornecedor (retirado na jazida, sem transporte)","m3","0.0434","85.00","3.69"]
[null,null,"00378/SINAPI","Armador","h","0.0855","13.39","1.15"]
[null,null,"02657/ORSE","Bloco cerâmico, de vedação, 6 furos horizontais, dim. 9 x 19 x 24 cm","un","17.34","0.46","7.98"]
[null,null,"12893/SINAPI","Bota de seguranca com biqueira de aco e colarinho acolchoado","par","0.0044","38.97","0.17"]
[null,null,"01106/SINAPI","Cal hidratada ch-i para argamassas","kg",10192,"0.74","7.54"]
[null,null,"12894/SINAPI","Capa para chuva em pvc com forro de poliester, com capuz (amarela ou azul)","un","0.0008","10.55","0.01"]
[null,null,"12895/SINAPI","Capacete de seguranca aba frontal com suspensao de polietileno, sem jugular (classe b)","un","0.0032","8.12","0.03"]
[null,null,"01213/SINAPI","Carpinteiro de formas","h","0.178","13.39","2.38"]
[null,null,"02711/SINAPI","Carrinho de mao de aco capacidade 50 a 60 l, pneu com camara","un","0.0004","129.00","0.05"]
[null,null,"10492/ORSE","Cesta Básica","un","0.0257","130.00","3.34"]
[null,null,"10579/ORSE","Chave de fenda chata 30 cm","un",0,"15.45","0.00"]
[null,null,"01379/SINAPI","Cimento portland composto cp ii-32","kg",235761,"0.51","12.02"]
[null,null,"04722/ORSE","Colher de pedreiro","un","0.0011","11.90","0.01"]
[null,null,"00630/ORSE","Compensado resinado 12mm - Madeirit ou similar","m2","0.0759","22.53","1.71"]
[null,null,"00634/ORSE","Concreto usinado bombeavel b0-b1 fck=15mpa","m3","0.013","219.38","2.85"]
[null,null,"04174/ORSE","Desempenadeira de aço lisa, cabo madeira, ref:143, Atlas ou similar","un","0.0012","8.17","0.01"]
[null,null,"11245/ORSE","Desempoladeira de madeira 12x22","un","0.0017","11.75","0.02"]
[null,null,"02692/SINAPI","Desmoldante protetor para formas de madeira, de base oleosaemulsionada em agua","l","0.0026","6.14","0.02"]
[null,null,"11246/ORSE","Escala métrica de bambú","Un","0.0017","17.00","0.03"]
[null,null,"10517/ORSE","Exames admissionais/demissionais (checkup)","cj","0.0024","326.00","0.78"]
[null,null,"00941/ORSE","Fardamento","un","0.0086","68.59","0.59"]
[null,null,"10578/ORSE","Formão grande","un",0,"15.15","0.00"]
[null,null,"11248/ORSE","Furadeira e Parafusadeira eletrica Bosch ou Similar profissional","un",0,"300.30","0.00"]
[null,null,"12892/SINAPI","Luva raspa de couro, cano curto (punho *7* cm)","par","0.0129","7.30","0.09"]
[null,null,"01569/ORSE","Madeira mista serrada (barrote) 6 x 6cm - 0,0036 m3/m (angelim, louro)","m","0.3987","5.87","2.34"]
[null,null,"04729/ORSE","Marreta 1 kg com cabo","un","0.0002","15.80","0.00"]
[null,null,"11264/ORSE","Marreta de 1/2 kg com cabo","un","0.0004","10.95","0.00"]
[null,null,"11244/ORSE","Martelo com unha","un",0,"28.16","0.00"]
[null,null,"11265/ORSE","Martelo de borracha com cabo","un","0.0011","14.90","0.02"]
[null,null,"11243/ORSE","Martelo sem unha","un","0.0003","16.55","0.01"]
[null,null,"10789/ORSE","Nível de bolha de madeira","un","0.0004","10.60","0.00"]
[null,null,"01651/ORSE","Óculos branco proteção","pr","0.0044","5.50","0.02"]
[null,null,"10788/ORSE","Pá quadrada","un","0.0004","17.29","0.01"]
[null,null,"01715/ORSE","Pedra de mão granítica","m3","0.126","64.59","8.14"]
[null,null,"04750/SINAPI","Pedreiro","h",25421,"13.39","34.05"]
[null,null,"05068/SINAPI","Prego de aco polido com cabeca 17 x 21 (2 x 11)","kg","0.0033","9.86","0.03"]
[null,null,"05069/SINAPI","Prego de aco polido com cabeca 17 x 27 (2 1/2 x 11)","kg","0.013","10.05","0.13"]
[null,null,"10596/ORSE","Protetor auricular","un","0.0257","3.20","0.08"]
[null,null,"10599/ORSE","Protetor solar fps 30 com 120ml","un","0.01","17.74","0.18"]
[null,null,"10790/ORSE","Prumo de face","un","0.0003","21.00","0.01"]
[null,null,"10761/ORSE","Refeição - café da manhã ( café com leite e dois pães com manteiga)","un","0.5782","2.50","1.45"]
[null,null,"10282/ORSE","Regua de alumínio c/ 2,00m (para pedreiro)","un","0.0004","16.70","0.01"]
[null,null,"10362/ORSE","Seguro de vida e acidente em grupo","un","0.0257","5.65","0.15"]
[null,null,"11249/ORSE","Serra circular eletrica portatil","un",0,"679.89","0.00"]
[null,null,"11247/ORSE","Serra mármore","un","0.0003","272.97","0.08"]
[null,null,"10577/ORSE","Serrote 40cm","un",0,"29.79","0.00"]
[null,null,"06111/SINAPI","Servente de obras","h",28747,"9.30","26.73"]
[null,null,"25950/SINAPI","Servico de bombeamento de concreto com consumo minimo de 40m3","m3","0.013","26.66","0.35"]
[null,null,"04509/SINAPI","Tabua de madeira nao aparelhada *2,5 x 10 cm (1 x 4 \") pinus, mista ou equivalente da regiao","m","0.3539","3.42","1.21"]
[null,null,"06193/SINAPI","Tabua de madeira nao aparelhada *2,5 x 20* cm, cedrinho ou equivalente da regiao","m","0.0398","5.75","0.23"]
[null,null,"04728/ORSE","Talhadeira chata 10\"","un","0.0009","9.45","0.01"]
[null,null,"10586/ORSE","Torquesa","un",0,"26.98","0.00"]
[null,null,"02378/ORSE","Vale transporte","un","0.4539","3.50","1.59"]
[]
["4.4.2","ORSE",4713,"CONCERTINA EM AÇO GALVANIZADO, ESPIRAL DE Ø = 450MM, 3 CLIPES P/ ESPIRAL, LÂM INA DE 30MM E FIO INTERNO DE 2,50MM,  INCLUISIVE INSTALAÇÃO","M",210]
[null,null,"04306/ORSE","Concertina Ripper 450mm ou similar (barreira física efetiva)","m",1,"32.00","32.00"]
[]
["4.4.4","SINAPI",72799,"PAVIMENTO EM PARALELEPIPEDO SOBRE COLCHAO DE AREIA REJUNTADO COM ARGAMASSA DE CIMENTO E AREIA NO TRAÇO 1:3 (PEDRAS PEQUENAS 30 A 35 PECAS POR M2)","M²",471.69]
[null,null,null,"AREIA FINA - POSTO JAZIDA/FORNECEDOR (RETIRADO NA JAZIDA, SEM TRANSPORTE)","M3","0,0230000","70,00","1,61"]
[null,null,null,"AREIA GROSSA - POSTO JAZIDA/FORNECEDOR (RETIRADO NA JAZIDA, SEM TRANSPORTE)","M3","0,1000000","65,00","6,50"]
[null,null,null,"CIMENTO PORTLAND COMPOSTO CP II-32","KG","9,1100000","0,43","3,91"]
[null,null,null,"PARALELEPIPEDO GRANITICO OU BASALTICO, PARA PAVIMENTACAO, SEM FRETE,  *30 A 35* PECAS POR M2","MIL","0,0350000","1.254,00","43,89"]
[null,null,null,"CALCETEIRO COM ENCARGOS COMPLEMENTARES","H","0,4000000","19,45","7,78"]
[null,null,null,"SERVENTE COM ENCARGOS COMPLEMENTARES","H","0,9100000","15,85","14,42"]
[]
["4.4.6","SINAPI",94263,"GUIA (MEIO-FIO) CONCRETO, MOLDADA  IN LOCO  EM TRECHO RETO COM EXTRUSORA, 11,5 CM BASE X 22 CM ALTURA. AF_06/2016","M",30]
[null,null,null,"AREIA MEDIA - POSTO JAZIDA/FORNECEDOR (RETIRADO NA JAZIDA, SEM TRANSPORTE)","M3","0,0070000","55,00","0,38"]
[null,null,null,"CONCRETO USINADO BOMBEAVEL, CLASSE DE RESISTENCIA C20, COM BRITA 0 E 1, SLUMP = 100 +/- 20 MM, EXCLUI SERVICO DE BOMBEAMENTO (NBR 8953)","M3","0,0300000","217,79","6,53"]
[null,null,null,"AJUDANTE ESPECIALIZADO COM ENCARGOS COMPLEMENTARES","H","0,0870000","19,10","1,66"]
[null,null,null,"PEDREIRO COM ENCARGOS COMPLEMENTARES","H","0,2210000","19,57","4,32"]
[null,null,null,"SERVENTE COM ENCARGOS COMPLEMENTARES","H","0,4420000","15,85","7,00"]
[null,null,null,"ARGAMASSA TRAÇO 1:4 (CIMENTO E AREIA MÉDIA), PREPARO MANUAL. AF_08/2014","M3","0,0020000","356,46","0,71"]
[null,null,null,"MÁQUINA EXTRUSORA DE CONCRETO PARA GUIAS E SARJETAS, MOTOR A DIESEL, POTÊNCIA 14 CV - CHP DIURNO. AF_12/2015","CHP","0,0140000","14,62","0,20"]
[null,null,null,"MÁQUINA EXTRUSORA DE CONCRETO PARA GUIAS E SARJETAS, MOTOR A DIESEL, POTÊNCIA 14 CV - CHI DIURNO. AF_12/2015","CHI","0,0720000","4,35","0,31"]
[]
["4.5.1","SIGMMA ESCO","COTAÇÃO","CONJUNTO MOTO BOMBA RE-AUTOESCORVANTE ESCO (CÓDIGO LP031004P) OU SIMILAR COM AS SEGUINTES CARACTERÍSTICAS: Q = 36,00 M³/H (10,00 L/S) , H = 17,02 MCA, POTÊNCIA CALCULADA = 5,67 CV, POTÊNCIA COMERCIAL = 10 CV, 380 V. ESCOPO DE FORNECIMENTO: BOMBA + BASE + CORREIA/POLIAS + VÁLVULA DE ALÍVIO DE AR + MOTOR, CONFORME PROPOSTA FINANCEIRA APRESENTADA.","UN ",2]
[]
["4.5.2","SEINFRA","I7266","TUBO FoFo PB JE K-9 P/ ESGOTO DN 150","M",4]
[]
["4.5.3","SEINFRA","I3893","JUNTA GIBAULT DN 150","UN",6]
[]
["4.5.4","SEINFRA","I6667","TUBO FoFo C/FLANGE E PONTA DN 150 PN10 L=500","UN",4]
[]
["4.5.5","ORSE",6343,"REGISTRO GAVETA FOFO, C/ FLANGES, CUNHA BORRACHA, CORPO CURTO E CABEÇOTE, TIP O EURO 23,  PN16, DIAM  = 150MM","UN",6]
[]
["4.5.6","ORSE",8656,"TUBO INTEGRAL EM FOFO, PARA ESGOTO - JGS Ø= 150MM","M",0.8]
[]
["4.5.7","SEINFRA","I3477","CURVA DE PÉ 90 FF DN 150 PN10","UN",4]
[]
["4.5.8","SEINFRA","I4475","TUBO FoFo C/ FLANGES DN 150 PN10 - L=4000","UN",2]
[]
["4.5.9","SEINFRA","I3426","CURVA FoFo 90 FF DN 150 PN10","UN",10]
[]
["4.5.10","SEINFRA","I4473","TUBO FoFo C/ FLANGES DN 150 PN10 - L=3000","UN",4]
[]
["4.5.11","SEINFRA","I7605","REDUÇÃO EXCÊNTRICA C/ FLANGES DN 150 x 80 PN10","UN",4]
[]
["4.5.12","SEINFRA","I4083","REDUÇÃO FoFo FF DN 150 x 75 PN10","UN",4]
[]
["4.5.13","SEINFRA","I8745","VÁLVULA RETENÇÃO PORTA ÚNICA C/FLANGES DN 150 P/ESGOTO","UN",4]
[]
["4.5.14","SEINFRA","I3796","EXTREMIDADE FLANGE E PONTA DN 150 PN10","UN",8]
[]
["4.5.15","SEINFRA","I3962","TUBO FoFo C/ FLANGES DN 150 PN10 - L=250","UN",4]
[]
["4.5.16","SEINFRA","I3409","CURVA FoFo 45 FF DN 150 PN10","UN",2]
[]
["4.5.17","SEINFRA","I3877","JUNÇÃO 45 FoFo FFF DN 150 x 150 PN10","UN",2]
[]
["4.5.18","SEINFRA","I4470","TUBO FoFo C/ FLANGES DN 150 PN10 - L=1500","UN",2]
[]
["4.5.19","SEINFRA","I3646","TE FoFo FF DN 150 x 50 PN10","UN",2]
[]
["4.5.20","ORSE",12533,"REGISTRO GAVETA FOFO, C/ FLANGES, CUNHA BORRACHA, CORPO CURTO E VOLANTE, TIPO EURO 23,  PN16, DIAM  = 50MM","UN",3]
[]
["4.5.21","ORSE",6439,"VENTOSA TRÍPLICE FUNÇÃO,  PN 25, DIAM  = 50MM","UN",3]
[]
["4.5.22","SEINFRA","I4655","TUBO FoFo C/FLANGE E PONTA DN 150 PN10 - L=1000","UN",2]
[]
["4.5.23","SEINFRA","I3364","CURVA 90 FoFo BB JUNTA ELÁSTICA DN 150","UN",2]
[]
["4.5.24","SEINFRA","I4658","TUBO FoFo C/FLANGE E PONTA DN 150 PN10 - L=2500","UN",2]
[]
["4.5.25","SEINFRA","I3648","TE FoFo FF DN 150 x 100 PN10","UN",2]
[]
["4.5.26","ORSE",12532,"REGISTRO GAVETA FOFO, C/ FLANGES, CUNHA BORRACHA, CORPO CURTO E VOLANTE, TIPO EURO 23,  PN16, DIAM  = 100MM","UN",2]
[]
["4.5.27","SEINFRA","I4646","TUBO FoFo C/FLANGE E PONTA DN 100 PN10 - L=2000","UN",3]
[]
["4.1.1","SINAPI","73859/2","CAPINA E LIMPEZA MANUAL DE TERRENO","M²",3750]
[null,null,null,"SERVENTE COM ENCARGOS COMPLEMENTARES","H","0,0800000","15,85","1,26"]
[]
["5.3.19","SEINFRA","C3499","MONTAGEM DE TUBOS, CONEXÕES E PÇS, ELEVATÓRIA C/ VAZÃO DE 20,01 À 40 l/s","UN",1]
[]
["5.5.1","SIGMMA ESCO","COTAÇÃO","CONJUNTO MOTO BOMBA RE-AUTOESCORVANTE ESCO (CÓDIGOHP061504P) OU SIMILAR COM AS SEGUINTES CARACTERÍSTICAS:  CONJUNTO MOTOBOMBA RE-AUTOESCORVANTE ESCO: Q = 90,00 M³/H (25 L/S) , H = 21,06 MCA, POTÊNCIA CALCULADA = 10,80 CV, POTÊNCIA COMERCIAL = 15 CV, 380 V. ESCOPO DE FORNECIMENTO: BOMBA + BASE + CORREIA/POLIAS + VÁLVULA DE ALÍVIO DE AR + MOTOR, CONFORME PROPOSTA FINANCEIRA APRESENTADA.","UN ",2]
[]
["5.5.7","SEINFRA","I3478","CURVA DE PÉ 90 FF DN 200 PN10","UN",2]
[]
["5.5.8","SEINFRA","I4487","TUBO FoFo C/ FLANGES DN 200 PN10 - L=4500","UN",2]
[]
["5.5.9","SEINFRA","I3427","CURVA FoFo 90 FF DN 200 PN10","UN",5]
[]
["5.5.10","SEINFRA","I4484","TUBO FoFo C/ FLANGES DN 200 PN10 - L=3000","UN",2]
[]
["5.5.11","SEINFRA","I4070","REDUÇÃO EXCÊNTRICA C/ FLANGES DN 200 x 100 PN10","UN",2]
[]
["5.5.12","SEINFRA","I4086","REDUÇÃO FoFo FF DN 200 x 100 PN10","UN",2]
[]
["5.5.13","SEINFRA","I8746","VÁLVULA RETENÇÃO PORTA ÚNICA C/FLANGES DN 200 P/ESGOTO","UN",2]
[]
["5.5.14","SEINFRA","I3797","EXTREMIDADE FLANGE E PONTA DN 200 PN10","UN",4]
[]
["5.5.15","SEINFRA","I3894","JUNTA GIBAULT DN 200","UN",2]
[]
["5.5.16","SEINFRA","I3964","TUBO FoFo C/ FLANGES DN 200  PN10 - L=250","UN",2]
[]
["5.5.17","SEINFRA","I3410","CURVA FoFo 45 FF DN 200 PN10","UN",1]
[]
["5.5.18","SEINFRA","I3880","JUNÇÃO 45 FoFo FFF DN 200 x 200 PN10","UN",1]
[]
["5.5.19","SEINFRA","I4481","TUBO FoFo C/ FLANGES DN 200 PN10 - L=1500","UN",1]
[]
["5.5.20","SEINFRA","I3650","TE FoFo FF DN 200 x 50 PN10","UN",1]
[]
["5.5.21","ORSE",12533,"REGISTRO GAVETA FOFO, C/ FLANGES, CUNHA BORRACHA, CORPO CURTO E VOLANTE, TIPO EURO 23,  PN16, DIAM  = 50MM","UN",3]
[]
["5.5.22","ORSE",6439,"VENTOSA TRÍPLICE FUNÇÃO,  PN 25, DIAM  = 50MM","UN",3]
[]
["5.5.23","SEINFRA","I4666","TUBO FoFo C/FLANGE E PONTA DN 200 PN10 - L=1000","UN",1]
[]
["5.5.24","SEINFRA","I3365","CURVA 90 FoFo BB JUNTA ELÁSTICA DN 200","UN",1]
[]
["5.5.25","SEINFRA","I4669","TUBO FoFo C/FLANGE E PONTA DN 200 PN10 - L=2500","UN",1]
[]
["5.5.26","SEINFRA","I3652","TE FoFo FF DN 200 x 100 PN10","UN",1]
[]
["5.5.27","ORSE",5647,"REGISTRO GAVETA FOFO, C/ FLANGES, CUNHA BORRACHA, CORPO CURTO E CABEÇOTE, PN  10, TIPO EURO 23, D=  200MM","UN",1]
[]
["5.5.28","SEINFRA","I4646","TUBO FoFo C/FLANGE E PONTA DN 100 PN10 - L=2000","UN",3]
[]
["4.3.19","SEINFRA","C3498","MONTAGEM DE TUBOS, CONEXÕES E PÇS, ELEVATÓRIA C/ VAZÃO DE 10,01 À 20 l/s","UN",1]
[]
["6.4.1","SIGMMA ESCO","COTAÇÃO","CONJUNTO MOTO BOMBA RE-AUTOESCORVANTE ESCO (CÓDIGOLP031004P) OU SIMILAR COM AS SEGUINTES CARACTERÍSTICAS: Q = 60,00 M³/H (16,67 L/S) , H = 15,23 MCA, POTÊNCIA CALCULADA = 6,77 CV, POTÊNCIA COMERCIAL = 10 CV, 380 V. ESCOPO DE FORNECIMENTO: BOMBA + BASE + CORREIA/POLIAS + VÁLVULA DE ALÍVIO DE AR + MOTOR, CONFORME PROPOSTA FINANCEIRA APRESENTADA.","UN ",2]
[]
["6.4.8","SEINFRA","I4476","TUBO FoFo C/ FLANGES DN 150 PN10 - L=4500","UN",2]
[]
["7.2.1","SINAPI",73672,"DESMATAMENTO E LIMPEZA MECANIZADA DE TERRENO COM ARVORES ATE Ø 15CM, UTILIZANDO TRATOR DE ESTEIRAS","M²",33000]
[null,null,null,"TRATOR DE ESTEIRAS, POTÊNCIA 150 HP, PESO OPERACIONAL 16,7 T, COM RODA MOTRIZ ELEVADA E LÂMINA 3,18 M3 - CHP DIURNO. AF_06/2014","CHP","0,0020000","172,12","0,34"]
[null,null,null,"SERVENTE COM ENCARGOS COMPLEMENTARES","H","0,0017000","15,85","0,02"]
[]
["7.2.4","SINAPI",83344,"ESPALHAMENTO DE MATERIAL EM BOTA FORA, COM UTILIZACAO DE TRATOR DE ESTEIRAS DE 165 HP","M³",7400.76]
[null,null,null,"TRATOR DE ESTEIRAS, POTÊNCIA 170 HP, PESO OPERACIONAL 19 T, CAÇAMBA 5,2 M3 - CHP DIURNO. AF_06/2014","CHP","0,0029867","180,99","0,54"]
[null,null,null,"SERVENTE COM ENCARGOS COMPLEMENTARES","H","0,0255000","15,85","0,40"]
[]
["7.2.5","ORSE",2548,"LOCAÇÃO DE SERVIÇOS DE TERRAPLENAGEM DE OBRAS CIVIS","M²",2206.62]
[null,null,"00048/ORSE","Auxiliar topografia - T4 - Segundo grau completo - DNIT - Mês de ref.: 05/18","h","0.0333","9.24","0.31"]
[null,null,"00070/ORSE","Topografo - T2 - Fonte DNIT - Mês de ref.: 05/18","h","0.0167","15.41","0.26"]
[]
["7.2.2","SINAPI",79480,"ESCAVACAO MECANICA CAMPO ABERTO EM SOLO EXCETO ROCHA ATE 2,00M PROFUNDIDADE","M³",1348.31]
[null,null,null,"TRATOR DE ESTEIRAS, POTÊNCIA 100 HP, PESO OPERACIONAL 9,4 T, COM LÂMINA 2,19 M3 - CHP DIURNO. AF_06/2014","CHP","0,0176000","133,53","2,35"]
[]
["7.3.14","ORSE",7086,"ATERRO MECANIZADO COM TRATOR DE ESTEIRA, INCLUSIVE COMPACTAÇÃO (MÃO DE OBRA,  CAMINHÃO PIPA, E ROLO)","M³",655.94]
[null,null,"02458/ORSE","Caminhao tanque (pipa)10000 l (m. benz - 2423 K - 184,0 hp ou equivalente)","h","0.008","70.87","0.57"]
[null,null,"02501/ORSE","Trator esteira (cat - d6m - xl - 163-6a nacional 140,0 hp ou equivalente)","h","0.008","192.23","1.54"]
[null,null,"04246/ORSE","Aluguel de rolo Compactador DYNAPAC CA- 250P pé de carneiro autop. 11,25 t vibrat","h","0.008","105.97","0.85"]
[null,null,"06111/SINAPI","Servente de obras","h","0.023","4.34","0.10"]
[null,null,"10549/ORSE","Encargos Complementares - Servente","h","0.023","2.57","0.06"]
[null,null,"00158/ORSE","Almoço (Participação do empregador)","un","0.0023","10.00","0.02"]
[null,null,"04246/ORSE","Aluguel de rolo Compactador DYNAPAC CA- 250P pé de carneiro autop. 11,25 t vibrat","h","0.008","105.97","0.85"]
[null,null,"12893/SINAPI","Bota de seguranca com biqueira de aco e colarinho acolchoado","par",0,"38.97","0.00"]
[null,null,"02458/ORSE","Caminhao tanque (pipa)10000 l (m. benz - 2423 K - 184,0 hp ou equivalente)","h","0.008","70.87","0.57"]
[null,null,"12894/SINAPI","Capa para chuva em pvc com forro de poliester, com capuz (amarela ou azul)","un",0,"10.55","0.00"]
[null,null,"12895/SINAPI","Capacete de seguranca aba frontal com suspensao de polietileno, sem jugular (classe b)","un",0,"8.12","0.00"]
[null,null,"02711/SINAPI","Carrinho de mao de aco capacidade 50 a 60 l, pneu com camara","un",0,"129.00","0.00"]
[null,null,"10492/ORSE","Cesta Básica","un","0.0001","130.00","0.01"]
[null,null,"10517/ORSE","Exames admissionais/demissionais (checkup)","cj",0,"326.00","0.00"]
[null,null,"00941/ORSE","Fardamento","un",0,"68.59","0.00"]
[null,null,"12892/SINAPI","Luva raspa de couro, cano curto (punho *7* cm)","par","0.0001","7.30","0.00"]
[null,null,"04729/ORSE","Marreta 1 kg com cabo","un",0,"15.80","0.00"]
[null,null,"01651/ORSE","Óculos branco proteção","pr",0,"5.50","0.00"]
[null,null,"10788/ORSE","Pá quadrada","un",0,"17.29","0.00"]
[null,null,"10596/ORSE","Protetor auricular","un","0.0001","3.20","0.00"]
[null,null,"10599/ORSE","Protetor solar fps 30 com 120ml","un",0,"17.74","0.00"]
[null,null,"10761/ORSE","Refeição - café da manhã ( café com leite e dois pães com manteiga)","un","0.0023","2.50","0.01"]
[null,null,"10362/ORSE","Seguro de vida e acidente em grupo","un","0.0001","5.65","0.00"]
[null,null,"06111/SINAPI","Servente de obras","h","0.023","9.30","0.21"]
[null,null,"04728/ORSE","Talhadeira chata 10\"","un",0,"9.45","0.00"]
[null,null,"02501/ORSE","Trator esteira (cat - d6m - xl - 163-6a nacional 140,0 hp ou equivalente)","h","0.008","192.23","1.54"]
[null,null,"02378/ORSE","Vale transporte","un","0.0022","3.50","0.01"]
[]
["7.2.10","SINAPI",97912,"TRANSPORTE COM CAMINHÃO BASCULANTE DE 6 M3, EM VIA URBANA EM LEITO NATURAL (UNIDADE: M3XKM). AF_01/2018","M³XKM",7400.76]
[null,null,null,"CAMINHÃO BASCULANTE 6 M3 TOCO, PESO BRUTO TOTAL 16.000 KG, CARGA ÚTIL MÁXIMA 11.130 KG, DISTÂNCIA ENTRE EIXOS 5,36 M, POTÊNCIA 185 CV, INCLUSIVE CAÇAMBA METÁLICA - CHP DIURNO. AF_06/2014","CHP","0,0144900","147,90","2,14"]
[null,null,null,"CAMINHÃO BASCULANTE 6 M3 TOCO, PESO BRUTO TOTAL 16.000 KG, CARGA ÚTIL MÁXIMA 11.130 KG, DISTÂNCIA ENTRE EIXOS 5,36 M, POTÊNCIA 185 CV, INCLUSIVE CAÇAMBA METÁLICA - CHI DIURNO. AF_06/2014","CHI","0,0036200","44,04","0,15"]
[]
["7.2.12","ORSE",3345,"CONCRETO SIMPLES USINADO FCK=40MPA, BOMBEADO, LANÇADO E ADENSADO EM SUPERESTRUTURA","M³",521.79999999999995]
[null,null,"25950/SINAPI","Servico de bombeamento de concreto com consumo minimo de 40m3","m3",1,"26.66","26.66"]
[null,null,"34496/SINAPI","Concreto usinado bombeavel, classe de resistencia c40, com brita 0 e 1, slump = 100 +/- 20 mm, exclui servico de bombeamento (nbr 8953)","m3",1,"257.35","257.35"]
[null,null,"11477/ORSE","Lançamento de concreto usinado, bombeado, para infraestrutura, incluindo colocação, adensamento e acabamento","m3",1,"20.19","20.19"]
[null,null,"00158/ORSE","Almoço (Participação do empregador)","un","0.1608","10.00","1.61"]
[null,null,"12893/SINAPI","Bota de seguranca com biqueira de aco e colarinho acolchoado","par","0.0013","38.97","0.05"]
[null,null,"12894/SINAPI","Capa para chuva em pvc com forro de poliester, com capuz (amarela ou azul)","un","0.0003","10.55","0.00"]
[null,null,"12895/SINAPI","Capacete de seguranca aba frontal com suspensao de polietileno, sem jugular (classe b)","un","0.0009","8.12","0.01"]
[null,null,"02711/SINAPI","Carrinho de mao de aco capacidade 50 a 60 l, pneu com camara","un","0.0002","129.00","0.03"]
[null,null,"10492/ORSE","Cesta Básica","un","0.0071","130.00","0.92"]
[null,null,"04722/ORSE","Colher de pedreiro","un","0.0001","11.90","0.00"]
[null,null,"34496/SINAPI","Concreto usinado bombeavel, classe de resistencia c40, com brita 0 e 1, slump = 100 +/- 20 mm, exclui servico de bombeamento (nbr 8953)","m3",1,"257.35","257.35"]
[null,null,"04174/ORSE","Desempenadeira de aço lisa, cabo madeira, ref:143, Atlas ou similar","un","0.0002","8.17","0.00"]
[null,null,"11245/ORSE","Desempoladeira de madeira 12x22","un","0.0003","11.75","0.00"]
[null,null,"11246/ORSE","Escala métrica de bambú","Un","0.0003","17.00","0.01"]
[null,null,"10517/ORSE","Exames admissionais/demissionais (checkup)","cj","0.0006","326.00","0.20"]
[null,null,"00941/ORSE","Fardamento","un","0.0023","68.59","0.16"]
[null,null,"12892/SINAPI","Luva raspa de couro, cano curto (punho *7* cm)","par","0.0036","7.30","0.03"]
[null,null,"04729/ORSE","Marreta 1 kg com cabo","un","0.0001","15.80","0.00"]
[null,null,"11264/ORSE","Marreta de 1/2 kg com cabo","un","0.0001","10.95","0.00"]
[null,null,"11265/ORSE","Martelo de borracha com cabo","un","0.0001","14.90","0.00"]
[null,null,"11243/ORSE","Martelo sem unha","un",0,"16.55","0.00"]
[null,null,"10789/ORSE","Nível de bolha de madeira","un","0.0001","10.60","0.00"]
[null,null,"01651/ORSE","Óculos branco proteção","pr","0.0013","5.50","0.01"]
[null,null,"10788/ORSE","Pá quadrada","un","0.0002","17.29","0.00"]
[null,null,"04750/SINAPI","Pedreiro","h","0.36","13.39","4.82"]
[null,null,"10596/ORSE","Protetor auricular","un","0.0071","3.20","0.02"]
[null,null,"10599/ORSE","Protetor solar fps 30 com 120ml","un","0.0028","17.74","0.05"]
[null,null,"10790/ORSE","Prumo de face","un",0,"21.00","0.00"]
[null,null,"10761/ORSE","Refeição - café da manhã ( café com leite e dois pães com manteiga)","un","0.1608","2.50","0.40"]
[null,null,"10282/ORSE","Regua de alumínio c/ 2,00m (para pedreiro)","un","0.0001","16.70","0.00"]
[null,null,"10362/ORSE","Seguro de vida e acidente em grupo","un","0.0071","5.65","0.04"]
[null,null,"11247/ORSE","Serra mármore","un",0,"272.97","0.00"]
[null,null,"06111/SINAPI","Servente de obras","h","1.22","9.30","11.35"]
[null,null,"25950/SINAPI","Servico de bombeamento de concreto com consumo minimo de 40m3","m3",1,"26.66","26.66"]
[null,null,"04728/ORSE","Talhadeira chata 10\"","un","0.0004","9.45","0.00"]
[null,null,"02378/ORSE","Vale transporte","un","0.1383","3.50","0.48"]
[]
["8.2.2","SINAPI",96920,"ARGAMASSA TRAÇO 1:3 (CIMENTO E AREIA), PREPARO MECANICO , INCLUSO ADITIVO IMPERMEABILIZANTE","M³",42.15]
[null,null,null,"ADITIVO IMPERMEABILIZANTE DE PEGA NORMAL PARA ARGAMASSAS E CONCRETOS SEM ARMACAO","L","18,0000000","5,98","107,64"]
[null,null,null,"ARGAMASSA TRAÇO 1:3 (CIMENTO E AREIA MÉDIA), PREPARO MECÂNICO COM BETONEIRA 400 L. AF_08/2014","M3","1,0000000","351,64","351,64"]
[]
["8.2.3","ORSE",2341,"IMPERMEABILIZAÇAO FLEXÍVEL, BASE ACRÍLICA, TIPO IGOLFLEX BRANCO SIKA OU SIMIL AR, P/LAJES, CALHAS, VARANDAS, TERRAÇOS E COBERTURAS DE RESERVATORIOS","M²",2278.37]
[null,null,"01111/ORSE","Igolflex branco","l",2,"10.69","21.38"]
[null,null,"06111/SINAPI","Servente de obras","h","0.6","4.34","2.60"]
[null,null,"12873/SINAPI","Impermeabilizador","h","1.1","6.25","6.88"]
[null,null,"10549/ORSE","Encargos Complementares - Servente","h","0.6","2.57","1.54"]
[null,null,"10601/ORSE","Encargos Complementares - Impermeabilizador","h","1.1","2.50","2.75"]
[]
[]
["8.3.6","CODEVASF","COMPOSIÇÃO","CAMADA DRENANTE DE BRITA Nº 2 PARA LEITO DE SECAGEM","M³",63.72]
[null,null,null,"PEDRA BRITADA N. 2 (19 A 38 MM) POSTO PEDREIRA/FORNECEDOR, SEM FRETE                                                                                                                                                                                                                                                                                                                                                                                                                                      ","M³    ",1.1000000000000001,"55,38",60.92]
[null,null,null,"SERVENTE DE OBRAS                                                                                                                                                                                                                                                                                                                                                                                                                                                                                         ","H     ",0.25,"11,09",2.77]
[]
["8.3.7","CODEVASF","COMPOSIÇÃO","CAMADA DRENANTE DE AREIA GROSSA PARA LEITO DE SECAGEM","M³",63.72]
[null,null,null,"AREIA GROSSA - POSTO JAZIDA/FORNECEDOR (RETIRADO NA JAZIDA, SEM TRANSPORTE)                                                                                                                                                                                                                                                                                                                                                                                                                               ","M³    ",1.1000000000000001,"65,00",71.5]
[null,null,null,"SERVENTE DE OBRAS                                                                                                                                                                                                                                                                                                                                                                                                                                                                                         ","H     ",0.25,"11,09",2.77]
[]
["7.7.1","SINAPI","74142/4","CERCA COM MOUROES DE CONCRETO, SECAO \"T\" PONTA INCLINADA, 10X10CM, ESPACAMENTO DE 3M, CRAVADOS 0,5M, COM 11 FIOS DE ARAME FARPADO Nº 16","M",1500]
[null,null,null,"ARAME FARPADO GALVANIZADO, 16 BWG (1,65 MM), CLASSE 250","M","12,1000000","0,76","9,19"]
[null,null,null,"ARAME GALVANIZADO 18 BWG, 1,24MM (0,009 KG/M)","KG","0,1100000","14,54","1,59"]
[null,null,null,"ESCORA PRE-MOLDADA EM CONCRETO, *10 X 10* CM, H = 2,30M","UN","0,0800000","33,05","2,64"]
[null,null,null,"MOURAO CONCRETO CURVO, SECAO \"T\", H = 2,80 M + CURVA COM 0,45 M, COM FUROS PARA FIOS","UN","0,4000000","41,70","16,68"]
[null,null,null,"PEDREIRO COM ENCARGOS COMPLEMENTARES","H","0,3000000","19,57","5,87"]
[null,null,null,"SERVENTE COM ENCARGOS COMPLEMENTARES","H","0,6000000","15,85","9,51"]
[null,null,null,"CONCRETO MAGRO PARA LASTRO, TRAÇO 1:4,5:4,5 (CIMENTO/ AREIA MÉDIA/ BRITA 1)  - PREPARO MECÂNICO COM BETONEIRA 400 L. AF_07/2016","M3","0,0288000","254,54","7,33"]
[]
["8.4.2","SEINFRA","C2904","PORTÃO DE TUBO DE AÇO GALVANIZADO DE 2\" (4X2)m, INCL.. PILARES DE SUSTENTAÇÃO","UN",2]
[]
["7.7.6","SINAPI",98510,"PLANTIO DE ÁRVORE ORNAMENTAL COM ALTURA DE MUDA MENOR OU IGUAL A 2,00 M. AF_05/2018, PARA PEDESTRE","UN",375]
[null,null,null,"MUDA DE ARVORE ORNAMENTAL, OITI/AROEIRA SALSA/ANGICO/IPE/JACARANDA OU EQUIVALENTE  DA REGIAO, H= *1* M","UN","1,0000000","42,52","42,52"]
[null,null,null,"SERVENTE COM ENCARGOS COMPLEMENTARES","H","0,7272000","15,85","11,52"]
[null,null,null,"JARDINEIRO COM ENCARGOS COMPLEMENTARES","H","0,1818000","18,89","3,43"]
[]
["8.5.1","IDEAL SAN","COTAÇÃO","DIGESTOR E FILTRO ANAERÓBIOS EM FIBRA DE VIDRO, DE FORMA CILÍNDRICA CONSTITUÍDO POR CILÍNDRO INTERNO (DIGESTOR) E ANEL EXTERNO(FILTRO) COM 5,20M DE ALTURA E DIÂMETRO TOTAL DE 7,00M, SENDO 5,00M O DIÂMETRO DO DIGESTOR E  1,00M A LARGURA DA FAIXA QUE CONSTITUÍ O FILTRO, TOTALIZANDO UMA ÁREA EM CHAPAS DE FIBRA DE VIDRO DE 390,00M². FORNECIMENTO, TRANSPORTE, MONTAGEM NO LOCAL E TESTE (MOTAGEM E INTERLIGAÇÃO DE TODAS AS UNIDADES, INCLUINDO COLOCAÇÃO DO MEIO SUPORTE NOS FILTROS)","UN ",11]
[]
["8.5.2","IDEAL SAN","COTAÇÃO","CONJUNTO DE PRÉ-TRATAMENTO, CONSTITUÍDO POR UM MEDIDOR DE VAZÃO TIPO CALHA PARSHALL W=3\" FABRICADA EM PRFV COM ESCALA METRICA PARA MEDIÇÃO DA VAZÃO NA ESTRUTURA DA UNIDADE; STOP-LOG E ANTEPAROS PARA MANOBRAS DOS CANAIS DE SEDIMENTAÇÃO DE AREIA.","UN ",3]
[]
["8.5.3","IDEAL SAN","COTAÇÃO","CAIXA SEPARADORA DE AREIA COM COMPARTIMENTO DE SEDIMENTAÇÃO E DE DISTRIBUIÇÃO, MODELO BIODIG CAD.FT 800, FABRICADA EM PRFV - EXCLUSIVAMENTE PELA FIBRA TÉCNICA, INCLUINDO PONTO DE DESCARTE DO MATERIAL SEDIMENTADO COM REGISTRO TIPO GAVETA COM VOLANTE FORNECIMENTO, TRANSPORTE, MONTAGEM NO LOCAL E TESTE.","UN ",3]
[]
["8.5.4","IDEAL SAN","COTAÇÃO","BARRILETE DE INTERLIGAÇÃO DOS REATORES HÍBRIDOS E TUBULAÇÕES DE LANÇAMENTO NOS LEITOS DE SECAGEM E LAGOA DE MATURAÇÃO, CONSTITUÍDOS POR TUBOS E CONEXÕES EM RPVC, FLANGES E VÁLVULAS.","UN ",2]
[]
["8.5.5","SINAPI",38052,"TUBO DRENO, CORRUGADO, ESPIRALADO, FLEXIVEL, PERFURADO, EM POLIETILENO DE ALTA DENSIDADE (PEAD), DN 100 MM, (4\") PARA DRENAGEM - EM ROLO (NORMA DNIT 093/2006 - E.M)                                                                                                                                                                                                                                                                                                                                      ","M     ",1]
[]
["8.5.6","SEINFRA","I3180","TUBO PVC CORRUGADO E PERFURADO DN 100","M",31.5]
[]
["8.5.7","SINAPI",7258,"TIJOLO CERAMICO MACICO *5 X 10 X 20* CM                                                                                                                                                                                                                                                                                                                                                                                                                                                                   ","UN    ",31.5]
[]
["9.1.1","CODEVASF","ELE01","FORNECIMENTO DOS MATERIAIS PARA O SISTEMA ELÉTRICO DE UMA EEE","UN",2]
[]
["9.1.2","CODEVASF","ELE02","SERVIÇO PARA INSTALAÇÃO DOS MATERIAIS ELÉTRICOS DE UMA EEE","UN ",2]
[]
["9.1.3","ORSE",11137,"ENTRADA DE ENERGIA ELÉTRICA TRIFÁSICA DEMANDA ENTRE 19 E 26,6 KW","UN",3]
[null,null,"11655/ORSE","Poste concreto duplo T (DT) 7/150","un",1,"296.09","296.09"]
[null,null,"00339/ORSE","Quadro de medição trifásica (acima de 10 kva) com caixa em noril","un",1,"290.79","290.79"]
[null,null,"00353/ORSE","Eletroduto de pvc rígido roscável, diâm = 25mm (3/4\")","m","1.5","8.53","12.80"]
[null,null,"00355/ORSE","Eletroduto de pvc rígido roscável, diâm = 40mm (1 1/4\")","m",6,"13.43","80.58"]
[null,null,"00364/ORSE","Curva para eletroduto de pvc rígido roscável, diâm = 40mm (1 1/4\")","un",2,"8.06","16.12"]
[null,null,"00373/ORSE","Luva para eletroduto de pvc rígido roscável, diâm = 40mm (1 1/4\")","un",4,"3.28","13.12"]
[null,null,"00681/ORSE","Conector para haste de aterramento 5/8\" - fornecimento","un",1,"1.50","1.50"]
[null,null,"02842/ORSE","Fornecimento de armação secundária 1 estribo","un",1,"18.58","18.58"]
[null,null,"02892/ORSE","Fornecimento de isolador roldana de porcelana","un",1,"4.12","4.12"]
[null,null,"04429/ORSE","Caixa de inspeção 0,30 x 0,30 x 0,40m","un",1,"104.95","104.95"]
[null,null,"07927/ORSE","Terminal de compressão para cabo de 16 mm2 - fornecimento e instalação","un",5,"1.60","8.00"]
[null,null,"09004/ORSE","Disjuntor termomagnetico tripolar 80 A, padrão DIN (Europeu - linha branca), curva C, 5KA","un",1,"94.34","94.34"]
[null,null,"09006/ORSE","Cabo de cobre isolado HEPR (XLPE), rigido, 16mm², 1kv / 90º C","m",25,"12.35","308.75"]
[null,null,"09379/ORSE","Haste cobreada copperweld p/aterramento d= 5/8\" x 2,40m","un",1,"28.19","28.19"]
[null,null,"72251/SINAPI","Cabo de cobre nu 16mm2 - fornecimento e instalacao","m",2,"10.41","20.82"]
[null,null,"00082/ORSE","Aço ca-60 4,2 a 9,5 mm","kg","0.77","4.11","3.16"]
[null,null,"00247/SINAPI","Ajudante de eletricista","h","0.2678","9.41","2.52"]
[null,null,"11240/ORSE","Alicate com isolamento","un","0.0027","22.90","0.06"]
[null,null,"07880/ORSE","Alicate de compressão para terminais de compressão de cabos com seção até 120mm2","h","0.215","2.13","0.46"]
[null,null,"11241/ORSE","Alicate volt-amperimetro","un","0.0027","110.99","0.30"]
[null,null,"37370/SINAPI","Alimentacao - horista (coletado caixa)","h","0.52","1.56","0.81"]
[null,null,"00158/ORSE","Almoço (Participação do empregador)","un",29278,"10.00","29.28"]
[null,null,"00333/SINAPI","Arame galvanizado 14 bwg, d = 2,11 mm (0,026 kg/m)","kg","0.0459","12.50","0.57"]
[null,null,"00337/SINAPI","Arame recozido 18 bwg, 1,25 mm (0,01 kg/m)","kg","0.0154","10.40","0.16"]
[null,null,"10585/ORSE","Arco de serra","un",0,"21.25","0.00"]
[null,null,"00367/SINAPI","Areia grossa - posto jazida/fornecedor (retirado na jazida,sem transporte)","m3","0.0782","85.00","6.65"]
[null,null,"00370/SINAPI","Areia media - posto jazida/fornecedor (retirado na jazida, sem transporte)","m3","0.013","85.00","1.11"]
[null,null,"01091/SINAPI","Armacao vertical com haste e contra-pino, em chapa de aco galvanizado 3/16\", com 1 estribo e 1 isolador","un",1,"18.58","18.58"]
[null,null,"00378/SINAPI","Armador","h","0.0607","13.39","0.81"]
[null,null,"00209/ORSE","Arruela de alumínio p/eletroduto d=1 1/ 4\"","un",3,"0.60","1.80"]
[null,null,"36150/SINAPI","Avental de seguranca de raspa de couro 1,00 x 0,60 m","un","0.0014","24.11","0.03"]
[null,null,"00010/SINAPI","Balde plastico capacidade *10* l","un","0.0042","7.92","0.03"]
[null,null,"38399/SINAPI","Bolsa de lona para ferramentas *50 x 35 x 25* cm","un","0.0002","159.40","0.03"]
[null,null,"12893/SINAPI","Bota de seguranca com biqueira de aco e colarinho acolchoado","par","0.0219","38.97","0.85"]
[null,null,"00314/ORSE","Bucha aluminio p/eletroduto d=1 1/ 4\"","un",3,"0.60","1.80"]
[null,null,"10394/ORSE","Bucha em liga zamak para eletroduto 16mm, d=1/2\"","un",1,"0.23","0.23"]
[null,null,"00414/ORSE","Cabo cobre rígido, isolado, 16mm2 - 450/750v / 70º","m",1,"8.69","8.69"]
[null,null,"03813/ORSE","Cabo de cobre isolado HEPR (XLPE), 16mm², 1kv / 90º C","m","25.5","8.00","204.00"]
[null,null,"00857/SINAPI","Cabo de cobre nu 16 mm2 meio-duro","m","2.04","6.34","12.93"]
[null,null,"00868/SINAPI","Cabo de cobre nu 25 mm2 meio-duro","m",2,"9.79","19.58"]
[null,null,"00436/ORSE","Caixa de medicao bi ou trifásica, em noril (policarbonato)","un",1,"66.00","66.00"]
[null,null,"01106/SINAPI","Cal hidratada ch-i para argamassas","kg",65156,"0.74","4.82"]
[null,null,"12894/SINAPI","Capa para chuva em pvc com forro de poliester, com capuz (amarela ou azul)","un","0.0062","10.55","0.07"]
[null,null,"12895/SINAPI","Capacete de seguranca aba frontal com suspensao de polietileno, sem jugular (classe b)","un","0.0171","8.12","0.14"]
[null,null,"01213/SINAPI","Carpinteiro de formas","h","0.4421","13.39","5.92"]
[null,null,"02711/SINAPI","Carrinho de mao de aco capacidade 50 a 60 l, pneu com camara","un","0.0034","129.00","0.44"]
[null,null,"10492/ORSE","Cesta Básica","un","0.1291","130.00","16.78"]
[null,null,"10579/ORSE","Chave de fenda chata 30 cm","un","0.0028","15.45","0.04"]
[null,null,"11242/ORSE","Chave inglesa 12\"","un","0.0012","47.00","0.06"]
[null,null,"01379/SINAPI","Cimento portland composto cp ii-32","kg",23076,"0.51","11.77"]
[null,null,"04722/ORSE","Colher de pedreiro","un","0.0006","11.90","0.01"]
[null,null,"00630/ORSE","Compensado resinado 12mm - Madeirit ou similar","m2","0.1132","22.53","2.55"]
[null,null,"00663/ORSE","Conector p/ haste de aterramento 3/4\"","un",1,"3.00","3.00"]
[null,null,"00664/ORSE","Conector p/ haste de aterramento 5/8\"","un",1,"1.50","1.50"]
[null,null,"01874/SINAPI","Curva 90 graus, longa, de pvc rigido roscavel, de 1 1/4\", para eletroduto","un",2,"2.51","5.02"]
[null,null,"04174/ORSE","Desempenadeira de aço lisa, cabo madeira, ref:143, Atlas ou similar","un","0.0007","8.17","0.01"]
[null,null,"11245/ORSE","Desempoladeira de madeira 12x22","un","0.0011","11.75","0.01"]
[null,null,"02692/SINAPI","Desmoldante protetor para formas de madeira, de base oleosaemulsionada em agua","l","0.0046","6.14","0.03"]
[null,null,"03703/ORSE","Disjuntor tripolar 80 A, padrão DIN ( linha branca ), curva de disparo C, corrente de interrupção 5KA, ref.: Siemens 5SX1 ou similar.","un",1,"66.60","66.60"]
[null,null,"02436/SINAPI","Eletricista","h",128578,"13.39","172.20"]
[null,null,"00865/ORSE","Eletroduto condulete pvc rígido, d= 1/2\"","m","1.5","4.63","6.95"]
[null,null,"02684/SINAPI","Eletroduto de pvc rigido roscavel de 1 1/4 \", sem luva","m","6.3","5.90","37.17"]
[null,null,"02674/SINAPI","Eletroduto de pvc rigido roscavel de 3/4 \", sem luva","m",1575,"2.84","4.47"]
[null,null,"38476/SINAPI","Escada dupla de abrir em aluminio, modelo pintor, 8 degraus","un","0.0002","240.18","0.05"]
[null,null,"38477/SINAPI","Escada extensivel em aluminio com 6,00 m estendida","un",0,"680.18","0.00"]
[null,null,"11246/ORSE","Escala métrica de bambú","Un","0.0011","17.00","0.02"]
[null,null,"11359/SINAPI","Esmerilhadeira angular eletrica, diametro do disco 7 '' (180 mm), rotacao 8500 rpm, potencia 2400 w","un",0,"522.00","0.00"]
[null,null,"37372/SINAPI","Exames - horista (coletado caixa)","h","0.52","0.37","0.19"]
[null,null,"10517/ORSE","Exames admissionais/demissionais (checkup)","cj","0.0114","326.00","3.72"]
[null,null,"00941/ORSE","Fardamento","un","0.0427","68.59","2.93"]
[null,null,"12815/SINAPI","Fita crepe rolo de 25 mm x 50 m","un","0.0048","5.04","0.02"]
[null,null,"10578/ORSE","Formão grande","un","0.0001","15.15","0.00"]
[null,null,"11248/ORSE","Furadeira e Parafusadeira eletrica Bosch ou Similar profissional","un",0,"300.30","0.00"]
[null,null,"01094/ORSE","Haste cobreada copperweld p/ aterramento 254 micr d= 3/4\" x 3,00 m c/conector","un",1,"49.50","49.50"]
[null,null,"01096/ORSE","Haste cobreada copperweld p/aterramento d= 5/8\" x 2,40m, excluso conector","un",1,"19.90","19.90"]
[null,null,"01113/ORSE","Impermeabilizante para concretos e argamassas Vedacit ou similar","kg","0.192","5.14","0.99"]
[null,null,"03398/SINAPI","Isolador de porcelana, tipo roldana, dimensoes de *72* x *72* mm, para uso em baixa tensao","un",1,"4.12","4.12"]
[null,null,"38382/SINAPI","Linha de pedreiro lisa 100 m","un","0.0014","6.58","0.01"]
[null,null,"38413/SINAPI","Lixadeira eletrica angular, para disco de 7 \" (180 mm), potencia de 2.200 w, *5.000* rpm, 220 v","un",0,"538.17","0.00"]
[null,null,"01902/SINAPI","Luva em pvc rigido roscavel, de 1 1/4\", para eletroduto","un",4,"1.38","5.52"]
[null,null,"12892/SINAPI","Luva raspa de couro, cano curto (punho *7* cm)","par","0.0731","7.30","0.53"]
[null,null,"01569/ORSE","Madeira mista serrada (barrote) 6 x 6cm - 0,0036 m3/m (angelim, louro)","m","0.101","5.87","0.59"]
[null,null,"04729/ORSE","Marreta 1 kg com cabo","un","0.0012","15.80","0.02"]
[null,null,"11264/ORSE","Marreta de 1/2 kg com cabo","un","0.0004","10.95","0.00"]
[null,null,"11244/ORSE","Martelo com unha","un","0.0001","28.16","0.00"]
[null,null,"11265/ORSE","Martelo de borracha com cabo","un","0.0006","14.90","0.01"]
[null,null,"11243/ORSE","Martelo sem unha","un","0.0001","16.55","0.00"]
[null,null,"10789/ORSE","Nível de bolha de madeira","un","0.0004","10.60","0.00"]
[null,null,"01651/ORSE","Óculos branco proteção","pr","0.0222","5.50","0.12"]
[null,null,"10788/ORSE","Pá quadrada","un","0.003","17.29","0.05"]
[null,null,"04721/SINAPI","Pedra britada n. 1 (9,5 a 19 mm) posto pedreira/fornecedor,sem frete","m3","0.0079","68.50","0.54"]
[null,null,"04718/SINAPI","Pedra britada n. 2 (19 a 38 mm) posto pedreira/fornecedor, sem frete","m3","0.0238","68.50","1.63"]
[null,null,"04750/SINAPI","Pedreiro","h",16041,"13.39","21.48"]
[null,null,"11655/ORSE","Poste concreto duplo T (DT) 7/150","un",1,"296.09","296.09"]
[null,null,"05067/SINAPI","Prego de aco polido com cabeca 16 x 24 (2 1/4 x 12)","kg","0.0918","10.51","0.96"]
[null,null,"10596/ORSE","Protetor auricular","un","0.1291","3.20","0.41"]
[null,null,"10599/ORSE","Protetor solar fps 30 com 120ml","un","0.0517","17.74","0.92"]
[null,null,"36146/SINAPI","Protetor solar fps 30, embalagem 2 litros","un","0.0006","138.04","0.08"]
[null,null,"10790/ORSE","Prumo de face","un","0.0001","21.00","0.00"]
[null,null,"25966/SINAPI","Redutor tipo thinner para acabamento","l","0.0008","14.76","0.01"]
[null,null,"10761/ORSE","Refeição - café da manhã ( café com leite e dois pães com manteiga)","un",29278,"2.50","7.32"]
[null,null,"10282/ORSE","Regua de alumínio c/ 2,00m (para pedreiro)","un","0.0004","16.70","0.01"]
[null,null,"36144/SINAPI","Respirador descartavel sem valvula de exalacao, pff 1","un","0.058","0.90","0.05"]
[null,null,"38393/SINAPI","Rolo de espuma poliester 23 cm (sem cabo)","un","0.0008","8.94","0.01"]
[null,null,"38390/SINAPI","Rolo de la de carneiro 23 cm (sem cabo)","un","0.0008","19.83","0.02"]
[null,null,"37373/SINAPI","Seguro - horista (coletado caixa)","h","0.52","0.02","0.01"]
[null,null,"10362/ORSE","Seguro de vida e acidente em grupo","un","0.1291","5.65","0.73"]
[null,null,"38396/SINAPI","Selador horizontal para fita de aco 1 \"","un",0,"322.32","0.00"]
[null,null,"11249/ORSE","Serra circular eletrica portatil","un",0,"679.89","0.00"]
[null,null,"11247/ORSE","Serra mármore","un","0.0001","272.97","0.03"]
[null,null,"10577/ORSE","Serrote 40cm","un",0,"29.79","0.00"]
[null,null,"06111/SINAPI","Servente de obras","h",140641,"9.30","130.79"]
[null,null,"04509/SINAPI","Tabua de madeira nao aparelhada *2,5 x 10 cm (1 x 4 \") pinus, mista ou equivalente da regiao","m","0.407","3.42","1.39"]
[null,null,"36153/SINAPI","Talabarte de seguranca, 2 mosquetoes trava dupla *53* mm deabertura, com absorvedor de energia","un","0.0006","108.60","0.07"]
[null,null,"04728/ORSE","Talhadeira chata 10\"","un","0.0041","9.45","0.04"]
[null,null,"01575/SINAPI","Terminal a compressao em cobre estanhado para cabo 16 mm2, 1 furo e 1 compressao, para parafuso de fixacao m6","un",5,"0.87","4.35"]
[null,null,"02212/ORSE","Tijolo maciço 4 x 9 x 17cm","un","61.44","0.24","14.75"]
[null,null,"10586/ORSE","Torquesa","un",0,"26.98","0.00"]
[null,null,"37371/SINAPI","Transporte - horista (coletado caixa)","h","0.52","0.50","0.26"]
[null,null,"36149/SINAPI","Trava-quedas em aco para corda de 12 mm, extensor de 25 x 300 mm, com mosquetao tipo gancho trava dupla","un","0.0004","95.41","0.04"]
[null,null,"02378/ORSE","Vale transporte","un",22843,"3.50","8.00"]
[]
["9.1.4","CODEVASF","ELE03","COMISSIONAMENTO E STARTUP PARA CADA EEE","UN ",2]
[]
["9.2.1","CODEVASF","ELE04","FORNECIMENTO DOS MATERIAIS PARA O SISTEMA ELÉTRICO DA EEE-02","UN",1]
[]
["9.2.2","CODEVASF","ELE05","SERVIÇO PARA INSTALAÇÃO DOS MATERIAIS ELÉTRICOS DA EEE-02","UN ",1]
[]
["9.2.4","CODEVASF","ELE06","COMISSIONAMENTO E STARTUP PARA EEE-02","UN ",1]
[]
["9.3.1","ORSE",10605,"KIT SOLAR P/ ILUMINAÇÃO HT-012 US35.115.160-6 COM POSTE DE AÇO GALV.DE 6M, PA INEL SOLAR MONOCRISTALINO 135W/24V, 2 BATERIAS 80AH/12V SELADAS DE CHUMBO-ÁCI DO, LÂMPADA LED 40W/24V/3360LM, CONTROLE INTELIGENTE 10A/12V/24V","UN",14]
[]
["9.3.2","CODEVASF","ELE07","SERVIÇO PARA INSTALAÇÃO DOS MATERIAIS ELÉTRICOS DA ETE SBPD E SBCE","UN ",1]
[]
["9.4.2","CODEVASF","ELE08","SERVIÇO PARA INSTALAÇÃO DOS MATERIAIS ELÉTRICOS DA ETE SBFD","UN ",1]
[]
["9.5.1","CODEVASF","ELE09","FORNECIMENTO DOS MATERIAIS PARA EXTENSÃO DE REDE BT PARA PARA A EEE-04","KM",0.3]
[]
["9.5.2","CODEVASF","ELE10","SERVIÇO PARA PROJETO DA EXTENSÃO DE REDE BT PARA EEE-04","UN ",1]
[]
["9.5.3","ORSE","ELE11","SERVIÇO PARA EXECUÇÃO DA EXTENSÃO DE REDE BT PARA EEE-04","UN ",1]
[]
["10.1.1","CODEVASF","COMPOSIÇÃO","ELABORAÇÃO DO PROJETO ESTRUTURAL","UN ",1]
[null,null,null,"ENGENHEIRO CIVIL DE OBRA JUNIOR                                                                                                                                                                                                                                                                                                                                                                                                                                                                           ","H     ",120,"80,33",9639.6]
[null,null,null,"DESENHISTA PROJETISTA                                                                                                                                                                                                                                                                                                                                                                                                                                                                                     ","H     ",120,"20,63",2475.6]
[]
["10.1.2","CODEVASF","COMPOSIÇÃO","ELABORAÇÃO DO PROJETO ELÉTRICO","UN ",1]
[null,null,null,"ENGENHEIRO ELETRICISTA                                                                                                                                                                                                                                                                                                                                                                                                                                                                                    ","H     ",96,"77,07",7398.72]
[null,null,null,"DESENHISTA PROJETISTA                                                                                                                                                                                                                                                                                                                                                                                                                                                                                     ","H     ",96,"20,63",1980.48]
[]
["10.1.3","CODEVASF","COMPOSIÇÃO","ELABORAÇÃO DO PROJETO HIDRÁULICO  E RELATÓRIOS","UN ",1]
[null,null,null,"ENGENHEIRO SANITARISTA                                                                                                                                                                                                                                                                                                                                                                                                                                                                                    ","H     ",120,"86,78",10413.6]
[null,null,null,"DESENHISTA PROJETISTA                                                                                                                                                                                                                                                                                                                                                                                                                                                                                     ","H     ",120,"20,63",2475.6]
[]
["10.1.4","CODEVASF","COMPOSIÇÃO","ELABORAÇÃO DE PLANILHAS ORÇAMENTÁRIAS","UN ",1]
[null,null,null,"ENGENHEIRO CIVIL DE OBRA JUNIOR                                                                                                                                                                                                                                                                                                                                                                                                                                                                           ","H     ",80,"80,33",6426.4]
[]
["10.2.1","CODEVASF","COMPOSIÇÃO","SONDAGEM A TRADO (4\")","M",195]
[]
["10.2.2","CODEVASF","COMPOSIÇÃO","MOBILIZAÇÃO E DESMOBILIZAÇÃO DE EQUIPAMENTOS PARA SONDAGEM A PERCUSSÃO","UN ",1]
[]
["10.2.3","CODEVASF","COMPOSIÇÃO","SONDAGEM À PERCUSSÃO COM SPT","M",80]
[]
["10.2.4","CODEVASF","COMPOSIÇÃO","DESLOCAMENTO E INSTALAÇÃO DE EQUIPAMENTO 0 A 200 METROS","UN ",4]
[]
["10.2.5","CODEVASF","COMPOSIÇÃO","DESLOCAMENTO E INSTALAÇÃO DE EQUIPAMENTO ACIMA DE 500 METROS","UN ",2]

{"sheet":"COMPOSIÇÕES","index":4,"n_rows":2386,"n_cols":8,"rows_kept":2386,"cut":false,"hidden":false,"merged":[[1,0,1,7],[0,2,0,6],[0,0,0,1],[2383,3,2383,6],[2385,3,2385,6],[2368,3,2368,6],[2372,3,2372,6],[2375,3,2375,6],[2377,3,2377,6],[2379,3,2379,6],[2381,3,2381,6],[2352,3,2352,6],[2354,3,2354,6],[2356,3,2356,6],[2358,3,2358,6],[2360,3,2360,6],[2364,3,2364,6],[2340,3,2340,6],[2342,3,2342,6],[2344,3,2344,6],[2346,3,2346,6],[2348,3,2348,6],[2350,3,2350,6],[2327,3,2327,6],[2329,3,2329,6],[2331,3,2331,6],[2333,3,2333,6],[2336,3,2336,6],[2338,3,2338,6],[2315,3,2315,6],[2317,3,2317,6],[2319,3,2319,6],[2321,3,2321,6],[2323,3,2323,6],[2325,3,2325,6],[2273,3,2273,6],[2275,3,2275,6],[2283,3,2283,6],[2292,3,2292,6],[2295,3,2295,6],[2305,3,2305,6],[2234,3,2234,6],[2238,3,2238,6],[2243,3,2243,6],[2250,3,2250,6],[2263,3,2263,6],[2268,3,2268,6],[2206,3,2206,6],[2209,3,2209,6],[2213,3,2213,6],[2218,3,2218,6],[2222,3,2222,6],[2226,3,2226,6],[2188,3,2188,6],[2191,3,2191,6],[2194,3,2194,6],[2197,3,2197,6],[2200,3,2200,6],[2203,3,2203,6],[2149,3,2149,6],[2158,3,2158,6],[2167,3,2167,6],[2170,3,2170,6],[2180,3,2180,6],[2185,3,2185,6],[2105,3,2105,6],[2113,3,2113,6],[2119,3,2119,6],[2126,3,2126,6],[2139,3,2139,6],[2144,3,2144,6],[2062,3,2062,6],[2075,3,2075,6],[2080,3,2080,6],[2085,3,2085,6],[2094,3,2094,6],[2103,3,2103,6],[2029,3,2029,6],[2037,3,2037,6],[2039,3,2039,6],[2043,3,2043,6],[2048,3,2048,6],[2055,3,2055,6],[1982,3,1982,6],[1989,3,1989,6],[2002,3,2002,6],[2007,3,2007,6],[2012,3,2012,6],[2021,3,2021,6],[1955,3,1955,6],[1961,3,1961,6],[1965,3,1965,6],[1969,3,1969,6],[1973,3,1973,6],[1978,3,1978,6],[1912,3,1912,6],[1916,3,1916,6],[1919,3,1919,6],[1922,3,1922,6],[1929,3,1929,6],[1949,3,1949,6],[1889,3,1889,6],[1892,3,1892,6],[1895,3,1895,6],[1899,3,1899,6],[1904,3,1904,6],[1908,3,1908,6],[1871,3,1871,6],[1874,3,1874,6],[1877,3,1877,6],[1880,3,1880,6],[1883,3,1883,6],[1886,3,1886,6],[1853,3,1853,6],[1856,3,1856,6],[1859,3,1859,6],[1862,3,1862,6],[1865,3,1865,6],[1868,3,1868,6],[1835,3,1835,6],[1838,3,1838,6],[1841,3,1841,6],[1844,3,1844,6],[1847,3,1847,6],[1850,3,1850,6],[1817,3,1817,6],[1820,3,1820,6],[1823,3,1823,6],[1826,3,1826,6],[1829,3,1829,6],[1832,3,1832,6],[1771,3,1771,6],[1776,3,1776,6],[1784,3,1784,6],[1794,3,1794,6],[1804,3,1804,6],[1814,3,1814,6],[1728,3,1728,6],[1741,3,1741,6],[1748,3,1748,6],[1754,3,1754,6],[1757,3,1757,6],[1768,3,1768,6],[1683,3,1683,6],[1688,3,1688,6],[1698,3,1698,6],[1704,3,1704,6],[1711,3,1711,6],[1721,3,1721,6],[1651,3,1651,6],[1656,3,1656,6],[1661,3,1661,6],[1669,3,1669,6],[1674,3,1674,6],[1679,3,1679,6],[1607,3,1607,6],[1615,3,1615,6],[1619,3,1619,6],[1622,3,1622,6],[1631,3,1631,6],[1638,3,1638,6],[1571,3,1571,6],[1576,3,1576,6],[1581,3,1581,6],[1590,3,1590,6],[1592,3,1592,6],[1599,3,1599,6],[1530,3,1530,6],[1534,3,1534,6],[1538,3,1538,6],[1542,3,1542,6],[1551,3,1551,6],[1558,3,1558,6],[1485,3,1485,6],[1488,3,1488,6],[1493,3,1493,6],[1500,3,1500,6],[1520,3,1520,6],[1526,3,1526,6],[1468,3,1468,6],[1471,3,1471,6],[1474,3,1474,6],[1477,3,1477,6],[1480,3,1480,6],[1483,3,1483,6],[1450,3,1450,6],[1453,3,1453,6],[1456,3,1456,6],[1459,3,1459,6],[1462,3,1462,6],[1465,3,1465,6],[1432,3,1432,6],[1435,3,1435,6],[1438,3,1438,6],[1441,3,1441,6],[1444,3,1444,6],[1447,3,1447,6],[1414,3,1414,6],[1417,3,1417,6],[1420,3,1420,6],[1423,3,1423,6],[1426,3,1426,6],[1429,3,1429,6],[1396,3,1396,6],[1399,3,1399,6],[1402,3,1402,6],[1405,3,1405,6],[1408,3,1408,6],[1411,3,1411,6],[1350,3,1350,6],[1353,3,1353,6],[1358,3,1358,6],[1366,3,1366,6],[1376,3,1376,6],[1386,3,1386,6],[1304,3,1304,6],[1311,3,1311,6],[1324,3,1324,6],[1331,3,1331,6],[1337,3,1337,6],[1339,3,1339,6],[1261,3,1261,6],[1266,3,1266,6],[1271,3,1271,6],[1281,3,1281,6],[1287,3,1287,6],[1294,3,1294,6],[1218,3,1218,6],[1225,3,1225,6],[1238,3,1238,6],[1243,3,1243,6],[1248,3,1248,6],[1256,3,1256,6],[1179,3,1179,6],[1186,3,1186,6],[1194,3,1194,6],[1202,3,1202,6],[1206,3,1206,6],[1209,3,1209,6],[1138,3,1138,6],[1145,3,1145,6],[1158,3,1158,6],[1163,3,1163,6],[1168,3,1168,6],[1177,3,1177,6],[1107,3,1107,6],[1113,3,1113,6],[1117,3,1117,6],[1121,3,1121,6],[1125,3,1125,6],[1129,3,1129,6],[1067,3,1067,6],[1070,3,1070,6],[1072,3,1072,6],[1075,3,1075,6],[1080,3,1080,6],[1087,3,1087,6],[1049,3,1049,6],[1052,3,1052,6],[1055,3,1055,6],[1058,3,1058,6],[1061,3,1061,6],[1064,3,1064,6],[1031,3,1031,6],[1034,3,1034,6],[1037,3,1037,6],[1040,3,1040,6],[1043,3,1043,6],[1046,3,1046,6],[1013,3,1013,6],[1016,3,1016,6],[1019,3,1019,6],[1022,3,1022,6],[1025,3,1025,6],[1028,3,1028,6],[995,3,995,6],[998,3,998,6],[1001,3,1001,6],[1004,3,1004,6],[1007,3,1007,6],[1010,3,1010,6],[959,3,959,6],[967,3,967,6],[977,3,977,6],[987,3,987,6],[989,3,989,6],[992,3,992,6],[925,3,925,6],[932,3,932,6],[938,3,938,6],[940,3,940,6],[951,3,951,6],[954,3,954,6],[872,3,872,6],[882,3,882,6],[888,3,888,6],[895,3,895,6],[905,3,905,6],[912,3,912,6],[839,3,839,6],[844,3,844,6],[849,3,849,6],[857,3,857,6],[862,3,862,6],[867,3,867,6],[795,3,795,6],[803,3,803,6],[807,3,807,6],[810,3,810,6],[819,3,819,6],[826,3,826,6],[759,3,759,6],[764,3,764,6],[769,3,769,6],[778,3,778,6],[780,3,780,6],[787,3,787,6],[718,3,718,6],[722,3,722,6],[726,3,726,6],[730,3,730,6],[739,3,739,6],[746,3,746,6],[673,3,673,6],[676,3,676,6],[681,3,681,6],[688,3,688,6],[708,3,708,6],[714,3,714,6],[643,3,643,6],[653,3,653,6],[662,3,662,6],[665,3,665,6],[668,3,668,6],[671,3,671,6],[596,3,596,6],[603,3,603,6],[616,3,616,6],[628,3,628,6],[632,3,632,6],[639,3,639,6],[562,3,562,6],[566,3,566,6],[573,3,573,6],[579,3,579,6],[584,3,584,6],[590,3,590,6],[537,3,537,6],[541,3,541,6],[545,3,545,6],[549,3,549,6],[553,3,553,6],[558,3,558,6],[494,3,494,6],[498,3,498,6],[506,3,506,6],[516,3,516,6],[530,3,530,6],[534,3,534,6],[460,3,460,6],[467,3,467,6],[470,3,470,6],[475,3,475,6],[482,3,482,6],[490,3,490,6],[396,3,396,6],[400,3,400,6],[412,3,412,6],[415,3,415,6],[418,3,418,6],[421,3,421,6],[342,3,342,6],[352,3,352,6],[363,3,363,6],[373,3,373,6],[381,3,381,6],[389,3,389,6],[304,3,304,6],[311,3,311,6],[315,3,315,6],[322,3,322,6],[329,3,329,6],[333,3,333,6],[261,3,261,6],[264,3,264,6],[270,3,270,6],[283,3,283,6],[295,3,295,6],[302,3,302,6],[233,3,233,6],[237,3,237,6],[241,3,241,6],[247,3,247,6],[252,3,252,6],[256,3,256,6],[200,3,200,6],[205,3,205,6],[211,3,211,6],[217,3,217,6],[225,3,225,6],[229,3,229,6],[153,3,153,6],[161,3,161,6],[171,3,171,6],[181,3,181,6],[191,3,191,6],[195,3,195,6],[101,3,101,6],[108,3,108,6],[128,3,128,6],[137,3,137,6],[141,3,141,6],[145,3,145,6],[68,3,68,6],[80,3,80,6],[83,3,83,6],[88,3,88,6],[93,3,93,6],[97,3,97,6],[11,3,11,6],[18,3,18,6],[25,3,25,6],[32,3,32,6],[55,3,55,6],[61,3,61,6]]}
[null,null,"COMPLEMENTAÇÃO DAS OBRAS E DOS SERVIÇOS NECESSÁRIOS A IMPLANTAÇÃO DO SISTEMA DE ESGOTAMENTO SANITÁRIO DO MUNICÍPIO DE FLORESTA, NO ESTADO DE PERNAMBUCO, NA ÁREA DE ATUAÇÃO DA 3ª SUPERINTENDÊNCIA REGIONAL DA CODEVASF."]
["COMPOSIÇÕES DE PREÇOS UNITÁRIOS"]
["ITEM"," REF.","CÓDIGO","DESCRIÇÃO","UNID.","COEF.","P.UNIT.","P. TOTAL"]
["1.1","SINAPI","74209/1","FORNECIMENTO, MONTAGEM, MANUTENÇÃO  E INSTALAÇÃO DE PLACA DE IDENTIFICAÇÃO DE OBRA COM 2MX3M, CONFORME MODELO APRESENTADO PELA FISCALIZAÇÃO.","M²",12.96]
[null,null,null,"SARRAFO DE MADEIRA NAO APARELHADA *2,5 X 7* CM, MACARANDUBA, ANGELIM OU EQUIVALENTE DA REGIAO","M","1,0000000","5,43",{"$f":"F5*G5","v":5.43}]
[null,null,null,"PECA DE MADEIRA NATIVA / REGIONAL 7,5 X 7,5CM (3X3) NAO APARELHADA (P/FORMA)","M","4,0000000","6,40",{"$f":"F6*G6","v":25.6}]
[null,null,null,"PLACA DE OBRA (PARA CONSTRUCAO CIVIL) EM CHAPA GALVANIZADA *N. 22*, DE *2,0 X 1,125* M","M2","1,0000000",176.12,176.12]
[null,null,null,"PREGO DE ACO POLIDO COM CABECA 18 X 30 (2 3/4 X 10)","KG","0,1100000","11,39",1.2529999999999999]
[null,null,null,"CARPINTEIRO DE FORMAS COM ENCARGOS COMPLEMENTARES","H","1,0000000","19,45",19.45]
[null,null,null,"SERVENTE COM ENCARGOS COMPLEMENTARES","H","2,0000000","15,85",31.7]
[null,null,null,"CONCRETO MAGRO PARA LASTRO, TRAÇO 1:4,5:4,5 (CIMENTO/ AREIA MÉDIA/ BRITA 1)  - PREPARO MECÂNICO COM BETONEIRA 400 L. AF_07/2016","M3","0,0100000","254,54",2.5449999999999999]
[null,null,null,"TOTAL GERAL S/ BDI",null,null,null,{"$f":"SUM(H5:H11)","v":262.10000000000002}]
["1.2","CODEVASF","COMPOSIÇÃO","MOBILIZAÇÃO DE EQUIPAMENTOS, MATERIAIS E PESSOAL","UN ",2]
[null,null,null,"MOTORISTA DE CAMINHAO","H     ",16,"27,77",{"$f":"G14*F14","v":444.32}]
[null,null,null,"CAMINHÃO BASCULANTE 6 M³ TOCO, PESO BRUTO TOTAL 16.000 KG, CARGA ÚTIL MÁXIMA 11.130 KG, DISTÂNCIA ENTRE EIXOS 5,36 M, POTÊNCIA 185 CV, INCLUSIVE CAÇAMBA METÁLICA - CHP DIURNO. AF_06/2014","CHP",7,90,{"$f":"G15*F15","v":630}]
[null,null,null,"CAMINHÃO TRUCADO (C/ TERCEIRO EIXO) ELETRÔNICO - POTÊNCIA 231CV - PBT = 22000KG - DIST. ENTRE EIXOS 5170 MM - INCLUI CARROCERIA FIXA ABERTA DE MADEIRA - CHP DIURNO. AF_06/2015","CHP",7,94,658]
[null,null,null,"RETROESCAVADEIRA SOBRE RODAS COM CARREGADEIRA, TRAÇÃO 4X4, POTÊNCIA LÍQ. 72 HP, CAÇAMBA CARREG. CAP. MÍN. 0,79 M³, CAÇAMBA RETRO CAP. 0,18 M³, PESO OPERACIONAL MÍN. 7.140 KG, PROFUNDIDADE ESCAVAÇÃO MÁX. 4,50 M - CHI DIURNO. AF_06/2014","CHI",7,52.926000000000002,370.48200000000003]
[null,null,null,"VEÍCULO PICK-UP CABINE DUPLA 4X4 (163 CV), COM MOTORISTA","MÊS",0.38,9054.1200000000008,3440.5659999999998]
[null,null,null,"TOTAL GERAL S/ BDI",null,null,null,{"$f":"SUM(H14:H18)","v":5543.37}]
["1.3","CODEVASF","COMPOSIÇÃO","DESMOBILIZAÇÃO DE EQUIPAMENTOS, MATERIAIS E PESSOAL","UN ",1]
[null,null,null,"MOTORISTA DE CAMINHAO","H     ",16,"27,77",{"$f":"G21*F21","v":444.32}]
[null,null,null,"CAMINHÃO BASCULANTE 6 M³ TOCO, PESO BRUTO TOTAL 16.000 KG, CARGA ÚTIL MÁXIMA 11.130 KG, DISTÂNCIA ENTRE EIXOS 5,36 M, POTÊNCIA 185 CV, INCLUSIVE CAÇAMBA METÁLICA - CHP DIURNO. AF_06/2014","CHP",7,90,{"$f":"G22*F22","v":630}]
[null,null,null,"CAMINHÃO TRUCADO (C/ TERCEIRO EIXO) ELETRÔNICO - POTÊNCIA 231CV - PBT = 22000KG - DIST. ENTRE EIXOS 5170 MM - INCLUI CARROCERIA FIXA ABERTA DE MADEIRA - CHP DIURNO. AF_06/2015","CHP",7,94,658]
[null,null,null,"RETROESCAVADEIRA SOBRE RODAS COM CARREGADEIRA, TRAÇÃO 4X4, POTÊNCIA LÍQ. 72 HP, CAÇAMBA CARREG. CAP. MÍN. 0,79 M³, CAÇAMBA RETRO CAP. 0,18 M³, PESO OPERACIONAL MÍN. 7.140 KG, PROFUNDIDADE ESCAVAÇÃO MÁX. 4,50 M - CHI DIURNO. AF_06/2014","CHI",7,52.926000000000002,370.48]
[null,null,null,"VEÍCULO PICK-UP CABINE DUPLA 4X4 (163 CV), COM MOTORISTA","MÊS",0.38,9054.1200000000008,3440.57]
[null,null,null,"TOTAL GERAL S/ BDI",null,null,null,{"$f":"SUM(H21:H25)","v":5543.37}]
["1.4","CODEVASF","COMPOSIÇÃO","INSTALAÇÃO DE CANTEIRO DE OBRAS","UN ",1]
[null,null,null,"EXECUÇÃO DE ESCRITÓRIO EM CANTEIRO DE OBRA EM ALVENARIA, NÃO INCLUSO MOBILIÁRIO E EQUIPAMENTOS. AF_02/2016","M²",24,600,{"$f":"G28*F28","v":14400}]
[null,null,null,"EXECUÇÃO DE ALMOXARIFADO EM CANTEIRO DE OBRA EM CHAPA DE MADEIRA COMPENSADA, INCLUSO PRATELEIRAS. AF_02/2016","M²",12,500,6000]
[null,null,null,"EXECUÇÃO DE REFEITÓRIO EM CANTEIRO DE OBRA EM ALVENARIA, NÃO INCLUSO MOBILIÁRIO E EQUIPAMENTOS. AF_02/2016","M²",18,358.42399999999998,6451.63]
[null,null,null,"EXECUÇÃO DE SANITÁRIO E VESTIÁRIO EM CANTEIRO DE OBRA EM ALVENARIA, NÃO INCLUSO MOBILIÁRIO. AF_02/2016","M²",6,600,3600]
[null,null,null,"EXECUÇÃO DE RESERVATÓRIO ELEVADO DE ÁGUA (1000 LITROS) EM CANTEIRO DE OBRA, APOIADO EM ESTRUTURA DE MADEIRA. AF_02/2016","UN",1,2500,2500]
[null,null,null,"TOTAL GERAL S/ BDI",null,null,null,{"$f":"SUM(H28:H32)","v":32951.629999999997}]
["1.5","CODEVASF","COMPOSIÇÃO","ADMINISTRAÇÃO LOCAL E MANUTENÇÃO DE CANTEIRO DE OBRAS","UN ",1]
[null,null,null,"ENGENHEIRO CIVIL DE OBRA JUNIOR (MENSALISTA)                                                                                                                                                                                                                                                                                                                                                                                                                                                              ","MES   ",0.2,14018.974,{"$f":"F35*G35","v":2803.79}]
[null,null,null,"ENCARREGADO GERAL DE OBRAS (MENSALISTA)                                                                                                                                                                                                                                                                                                                                                                                                                                                                   ","MES   ",0.71,"5.999,47",{"$f":"F36*G36","v":4259.62}]
[null,null,null,"TÉCNICO DE SEGURANÇA","MÊS",0.5,3215.04,1607.52]
[null,null,null,"VIGIA NOTURNO, HORA EFETIVAMENTE TRABALHADA DE 22 H AS 5 H (COM ADICIONAL NOTURNO)                                                                                                                                                                                                                                                                                                                                                                                                                        ","H     ",124,"14,24",1765.76]
[null,null,null,"VIGIA DIURNO                                                                                                                                                                                                                                                                                                                                                                                                                                                                                              ","H     ",88,11.55,1016.4]
[null,null,null,"MEDICAMENTOS PRIMEIROS SOCORROS","MÊS",1,29.75,29.75]
[null,null,null,"MATERIAL DE LIMPEZA","MÊS",1,75.33,75.33]
[null,null,null,"KIT BÁSICO DE EPI - FARDAMENTO, BOTA DE COURO, CAPACETE, LUVA RASPA, ÓCULOS,  MÁSCARA FILTRO PAPEL, FILTRO SOLAR FPS30 (CUSTO MENSAL)","UN",2,90,180]
[null,null,null,"ENERGIA ELETRICA COMERCIAL, BAIXA TENSAO, RELATIVA AO CONSUMO DE ATE 100 KWH, INCLUINDO ICMS, PIS/PASEP E COFINS                                                                                                                                                                                                                                                                                                                                                                                          ","KW/H  ",300,"0,52",156]
[null,null,null,"TARIFA \"A\" ENTRE  0 E 20M3 FORNECIMENTO D'AGUA                                                                                                                                                                                                                                                                                                                                                                                                                                                            ","M³    ",2,"9,83",19.66]
[null,null,null,"MATERIAL DE ESCRITÓRIO","MÊS",1,27.895,27.9]
[null,null,null,"INTERNET","UNxMÊS",1,135,135]
[{"$nulls":6},"SUB-TOTAL",{"$f":"SUM(H35:H46)+0.0025","v":12076.73}]
[null,null,null,"SERVIÇOS / EQUIPAMENTOS"]
["TIPO"," REFER.","CÓDIGO","DISCRIMINAÇÃO","UNID.","QUANT.","P.UNIT.","P.TOTAL"]
[]
[{"$nulls":6},"SUB-TOTAL",0]
[{"$nulls":4},"TOTAL DO SERVIÇO - R$","MESES:",24,{"$f":"H47*G52+0.06","v":289841.58}]
[]
["1.6","CODEVASF","COMPOSIÇÃO","VEÍCULO PICK-UP CABINE DUPLA 4X4 (163 CV)","MÊS",24]
[null,null,null,"VEÍCULO PICK-UP CABINE DUPLA 4X4 (163 CV), COM MOTORISTA","MÊS",0.5,9054.1200000000008,{"$f":"G55*F55","v":4527.0600000000004}]
[null,null,null,"TOTAL GERAL S/ BDI",null,null,null,{"$f":"SUM(H55)","v":4527.0600000000004}]
["2.1.1","SINAPI",85323,"LOCACAO E NIVELAMENTO DE EMISSARIO/REDE COLETORA COM AUXILIO DE EQUIPAMENTO TOPOGRAFICO","M",22083]
[null,null,null,"LOCACAO DE TEODOLITO ELETRONICO, PRECISAO ANGULAR DE 5 A 7 SEGUNDOS, INCLUINDO TRIPE","H","0,0300000",2.8,{"$f":"G58*F58","v":0.08}]
[null,null,null,"LOCACAO DE NIVEL OPTICO, COM PRECISAO DE 0,7 MM, AUMENTO DE 32X","H","0,0300000",2.8,0.08]
[null,null,null,"AUXILIAR DE TOPÓGRAFO COM ENCARGOS COMPLEMENTARES","H",0.05,"11,87",0.59]
[null,null,null,"TOPOGRAFO COM ENCARGOS COMPLEMENTARES","H",0.02,"21,06",0.42]
[null,null,null,"TOTAL GERAL S/ BDI",null,null,null,{"$f":"SUM(H58:H61)","v":1.17}]
["2.2.1","ORSE",11676,"CADASTRO DE REDES DE ESGOTO","M",22083]
[null,null,null,"Auxiliar topografia - T4 - Segundo grau completo - DNIT - Mês de ref.: 05/18","h",0.04,9.24,{"$f":"G64*F64","v":0.36959999999999998}]
[null,null,null,"Topografo - T2 - Fonte DNIT - Mês de ref.: 05/18","h",0.03,15.41,{"$f":"G65*F65","v":0.46229999999999999}]
[null,null,null,"Pick-up, capacidade 1,2 t","h",0.01,10.54,0.10539999999999999]
[null,null,null,"Nível ótico de precisão","H",0.03,2.8,8.4000000000000005E-2]
[null,null,null,"TEODOLITO","H",0.03,2.8,8.4000000000000005E-2]
[null,null,null,"TOTAL GERAL S/ BDI",null,null,null,{"$f":"SUM(H64:H68)","v":1.1100000000000001}]
["2.2.2","ORSE",2830,"LIMPEZA E TESTE DE REDES DE ESGOTOS SANITÁRIOS","M",28583]
[null,null,"06111/SINAPI","Servente de obras","h",0.04,15.85,{"$f":"G71*F71","v":0.63400000000000001}]
[null,null,"02696/SINAPI","Encanador ou bombeiro hidraulico","h",2.5000000000000001E-2,13.39,0.33474999999999999]
[null,null,"00054/ORSE","Encarregado de turma - Fonte DNIT - Mês de ref.: 05/18","h",3.0000000000000001E-3,30.32,9.0959999999999999E-2]
[null,null,"02459/ORSE","Caminhao tanque 6000 l (m. benz - ATEGO 1418/42 - 136,0 hp ou equivalente)","h",8.9999999999999993E-3,45,{"$f":"G74*F74","v":0.40500000000000003}]
[null,null,"04728/ORSE","Talhadeira chata 10\"","un",0,7,0]
[null,null,"11256/ORSE","Tarracha para tubos PVC de 1 1/2\"","un",0,30,0]
[null,null,"11257/ORSE","Tarracha para tubos PVC de 1 1/4\"","un",0,31.36,0]
[null,null,"11255/ORSE","Tarracha para tubos PVC de 1\"","un",0,21.96,0]
[null,null,"11253/ORSE","Tarracha para tubos PVC de 1/2\"","un",0,16.25,0]
[null,null,"11254/ORSE","Tarracha para tubos PVC de 3/4\"","un",0,18.8,0]
[null,null,null,"TOTAL GERAL S/ BDI",null,null,null,{"$f":"SUM(H71:H80)","v":1.46}]
["2.3.1","SINAPI",93358,"ESCAVAÇÃO MANUAL DE VALA COM PROFUNDIDADE MENOR OU IGUAL A 1,30 M. AF_03/2016","M³",2456.1999999999998]
[null,null,null,"SERVENTE COM ENCARGOS COMPLEMENTARES","H",3.1802000000000001,"15,85",{"$f":"G83*F83","v":50.406170000000003}]
[null,null,null,"TOTAL GERAL S/ BDI",null,null,null,{"$f":"SUM(H83)","v":50.41}]
["2.3.2","SINAPI",90105,"ESCAVAÇÃO MECANIZADA DE VALA COM PROFUNDIDADE ATÉ 1,5 M (MÉDIA ENTRE MONTANTE E JUSANTE/UMA COMPOSIÇÃO POR TRECHO) COM RETROESCAVADEIRA (CAPACIDADE DA CAÇAMBA DA RETRO: 0,26 M³ / POTÊNCIA: 88 HP), LARGURA MENOR QUE 0,8 M, EM SOLO DE 1A CATEGORIA, LOCAISCOM BAIXO NÍVEL DE INTERFERÊNCIA. AF_01/2015","M³",10033.52]
[null,null,null,"RETROESCAVADEIRA SOBRE RODAS COM CARREGADEIRA, TRAÇÃO 4X4, POTÊNCIA LÍQ. 88 HP, CAÇAMBA CARREG. CAP. MÍN. 1 M3, CAÇAMBA RETRO CAP. 0,26 M3, PESO OPERACIONAL MÍN. 6.674 KG, PROFUNDIDADE ESCAVAÇÃO MÁX. 4,37 M - CHP DIURNO. AF_06/2014","CHP",0.03,"114,98",{"$f":"G86*F86","v":3.4493999999999998}]
[null,null,null,"RETROESCAVADEIRA SOBRE RODAS COM CARREGADEIRA, TRAÇÃO 4X4, POTÊNCIA LÍQ. 88 HP, CAÇAMBA CARREG. CAP. MÍN. 1 M3, CAÇAMBA RETRO CAP. 0,26 M3, PESO OPERACIONAL MÍN. 6.674 KG, PROFUNDIDADE ESCAVAÇÃO MÁX. 4,37 M - CHI DIURNO. AF_06/2014","CHI",3.3799999999999997E-2,"55,33",1.8701540000000001]
[null,null,null,"SERVENTE COM ENCARGOS COMPLEMENTARES","H",5.3999999999999999E-2,"15,85",0.85589999999999999]
[null,null,null,"TOTAL GERAL S/ BDI",null,null,null,{"$f":"SUM(H86:H88)","v":6.18}]
["2.3.3","SINAPI",90092,"ESCAVAÇÃO MECANIZADA DE VALA COM PROF. MAIOR QUE 1,5 M E ATÉ 3,0 M(MÉDIA ENTRE MONTANTE E JUSANTE/UMA COMPOSIÇÃO POR TRECHO), COM ESCAVADEIRA HIDRÁULICA (0,8 M³/111 HP), LARG. MENOR QUE 1,5 M, EM SOLO DE 1A CATEGORIA, LOCAIS COM BAIXO NÍVEL DE INTERFERÊNCIA. AF_01/2015","M³",618.13]
[null,null,null,"ESCAVADEIRA HIDRÁULICA SOBRE ESTEIRAS, CAÇAMBA 0,80 M3, PESO OPERACIONAL 17 T, POTENCIA BRUTA 111 HP - CHP DIURNO. AF_06/2014","CHP",1.7999999999999999E-2,"146,53",{"$f":"G91*F91","v":2.63754}]
[null,null,null,"ESCAVADEIRA HIDRÁULICA SOBRE ESTEIRAS, CAÇAMBA 0,80 M3, PESO OPERACIONAL 17 T, POTENCIA BRUTA 111 HP - CHI DIURNO. AF_06/2014","CHI",1.7500000000000002E-2,"66,72",1.1676]
[null,null,null,"SERVENTE COM ENCARGOS COMPLEMENTARES","H",2.2800000000000001E-2,"15,85",0.36137999999999998]
[null,null,null,"TOTAL GERAL S/ BDI",null,null,null,{"$f":"SUM(H91:H93)","v":4.17}]
["2.3.4","SINAPI",72915,"ESCAVACAO MECANICA DE VALA EM MATERIAL DE 2A. CATEGORIA ATE 2 M DE PROFUNDIDADE COM UTILIZACAO DE ESCAVADEIRA HIDRAULICA","M³",2610.5700000000002]
[null,null,null,"SERVENTE COM ENCARGOS COMPLEMENTARES","H",0.1145,"15,85",{"$f":"G96*F96","v":1.8148249999999999}]
[null,null,null,"ESCAVADEIRA HIDRÁULICA SOBRE ESTEIRAS, CAÇAMBA 0,80 M3, PESO OPERACIONAL 17,8 T, POTÊNCIA LÍQUIDA 110 HP - CHP DIURNO. AF_10/2014","CHP",4.87E-2,"143,45",6.9860150000000001]
[null,null,null,"TOTAL GERAL S/ BDI",null,null,null,{"$f":"SUM(H96:H97)","v":8.8000000000000007}]
["2.3.5","SINAPI",72917,"ESCAVACAO MECANICA DE VALA EM MATERIAL 2A. CATEGORIA DE 2,01 ATE 4,00 M DE PROFUNDIDADE COM UTILIZACAO DE ESCAVADEIRA HIDRAULICA","M³",829.46]
[null,null,null,"SERVENTE COM ENCARGOS COMPLEMENTARES","H",0.13,"15,85",{"$f":"G100*F100","v":2.0605000000000002}]
[null,null,null,"ESCAVADEIRA HIDRÁULICA SOBRE ESTEIRAS, CAÇAMBA 0,80 M3, PESO OPERACIONAL 17,8 T, POTÊNCIA LÍQUIDA 110 HP - CHP DIURNO. AF_10/2014","CHP",5.57E-2,"143,45",7.9901650000000002]
[null,null,null,"TOTAL GERAL S/ BDI",null,null,null,{"$f":"SUM(H100:H101)","v":10.050000000000001}]
["2.3.6","ORSE",4357,"ESCAVAÇÃO COM PERFURATRIZ EM MATERIAL DE 2ª CATEGORIA","M³",2108.94]
[null,null,"02463/ORSE","Compressor 250 pcm (atlas copco - xa-120dd - 94,0 hp ou equivalente)","h",0.05,12.15,{"$f":"G104*F104","v":0.60750000000000004}]
[null,null,"02479/ORSE","Perfuratriz (atlas copco -rh 571 5l)","h",0.1,2.61,0.26100000000000001]
[null,null,"06111/SINAPI","Servente de obras","h",3.85,15.85,61.022500000000001]
[null,null,"02479/ORSE","Perfuratriz (atlas copco -rh 571 5l)","h",0.161,2.61,0.42020999999999997]
[null,null,"04728/ORSE","Talhadeira chata 10\"","un",7.0000000000000007E-2,9.4499999999999993,0.66149999999999998]
[null,null,null,"TOTAL GERAL S/ BDI",null,null,null,{"$f":"SUM(H104:H108)","v":62.97}]
["2.3.7","ORSE",4503,"ESCAVAÇÃO MANUAL DE VALA OU CAVA EM MATERIAL DE 3ª CATEGORIA, PROFUNDIDADE AT É 4,00 M, COM USO DE EXPLOSIVOS E PERFURAÇÃO MECÂNICA","M³",1157.21]
[null,null,"01045/ORSE","Explosivo gelatinoso dinamite 40% (comprimento = 8\" / diâmetro da seção = 1\")","kg",0.2,8.35,{"$f":"G111*F111","v":1.67}]
[null,null,"02463/ORSE","Compressor 250 pcm (atlas copco - xa-120dd - 94,0 hp ou equivalente)","h",0.06,11.68,0.7]
[null,null,"02479/ORSE","Perfuratriz (atlas copco -rh 571 5l)","h",0.19,2.4300000000000002,0.46]
[null,null,"02759/SINAPI","Espoleta simples n 8.","un",3,4.0599999999999996,12.18]
[null,null,"02762/SINAPI","Estopim simples","m",3,5.07,15.21]
[null,null,"06111/SINAPI","Servente de obras","h",8.2989999999999995,15.85,131.54]
[null,null,"04163/ORSE","Broca em aço 400 x 35 mm, série 11","un",0,365.52,0]
[null,null,"04165/ORSE","Broca em aço 800 x 34 mm, série 11","un",0,382.42,0]
[null,null,"04166/ORSE","Broca em aço 1600 x 33 mm, série 11","un",0,366.96,0]
[null,null,"04167/ORSE","Broca em aço 2400 x 32 mm, série 11","un",0,570.79999999999995,0]
[null,null,"04168/ORSE","Broca em aço 3200 x 31 mm, série 11","un",0,761.97,0]
[null,null,"04169/ORSE","Broca em aço 4000 x 30 mm, série 11","un",0,888.47,0]
[null,null,"04170/ORSE","Broca em aço 4800 x 29 mm, série 11","un",0,916.63,0]
[null,null,"12894/SINAPI","Capa para chuva em pvc com forro de poliester, com capuz (amarela ou azul)","un",0,10.53,0]
[null,null,"02759/SINAPI","Espoleta simples n 8.","un",3,4.0599999999999996,12.18]
[null,null,"02762/SINAPI","Estopim simples","m",3,5.07,15.21]
[null,null,"01045/ORSE","Explosivo gelatinoso dinamite 40% (comprimento = 8\" / diâmetro da seção = 1\")","kg",0.2,8.35,1.67]
[null,null,"02479/ORSE","Perfuratriz (atlas copco -rh 571 5l)","h",0.19,2.4300000000000002,0.46]
[null,null,null,"TOTAL GERAL S/ BDI",null,null,null,{"$f":"SUM(H111:H128)","v":191.28}]
["2.3.8","SINAPI",94111,"LASTRO DE VALA COM PREPARO DE FUNDO, LARGURA MENOR QUE 1,5 M, COM CAMADA DE AREIA, LANÇAMENTO MECANIZADO, EM LOCAL COM NÍVEL BAIXO DE INTERFERÊNCIA. AF_06/2016","M³",1812.72]
[null,null,null,"AREIA MEDIA - POSTO JAZIDA/FORNECEDOR (RETIRADO NA JAZIDA, SEM TRANSPORTE)","M3",1.05,"55,00",{"$f":"G131*F131","v":57.75}]
[null,null,null,"RETROESCAVADEIRA SOBRE RODAS COM CARREGADEIRA, TRAÇÃO 4X4, POTÊNCIA LÍQ. 88 HP, CAÇAMBA CARREG. CAP. MÍN. 1 M3, CAÇAMBA RETRO CAP. 0,26 M3, PESO OPERACIONAL MÍN. 6.674 KG, PROFUNDIDADE ESCAVAÇÃO MÁX. 4,37 M - CHP DIURNO. AF_06/2014","CHP",0.1,"114,98",11.497999999999999]
[null,null,null,"RETROESCAVADEIRA SOBRE RODAS COM CARREGADEIRA, TRAÇÃO 4X4, POTÊNCIA LÍQ. 88 HP, CAÇAMBA CARREG. CAP. MÍN. 1 M3, CAÇAMBA RETRO CAP. 0,26 M3, PESO OPERACIONAL MÍN. 6.674 KG, PROFUNDIDADE ESCAVAÇÃO MÁX. 4,37 M - CHI DIURNO. AF_06/2014","CHI",0.3,"55,33",16.599]
[null,null,null,"PEDREIRO COM ENCARGOS COMPLEMENTARES","H",0.6,"19,57",11.742000000000001]
[null,null,null,"SERVENTE COM ENCARGOS COMPLEMENTARES","H",0.7,"15,85",11.095000000000001]
[null,null,null,"COMPACTADOR DE SOLOS DE PERCUSSÃO (SOQUETE) COM MOTOR A GASOLINA 4 TEMPOS, POTÊNCIA 4 CV - CHP DIURNO. AF_08/2015","CHP",5.45E-2,"37,70",2.0546500000000001]
[null,null,null,"COMPACTADOR DE SOLOS DE PERCUSSÃO (SOQUETE) COM MOTOR A GASOLINA 4 TEMPOS, POTÊNCIA 4 CV - CHI DIURNO. AF_08/2015","CHI",0.05,"34,23",1.7115]
[null,null,null,"TOTAL GERAL S/ BDI",null,null,null,{"$f":"SUM(H131:H137)","v":112.45}]
["2.3.9","ORSE",2508,"CARGA MECÂNICA DE MATERIAL DE 3ª CATEGORIA","M³",5758.67]
[null,null,"02477/ORSE","Pá - carregadeira de esteira 1,53m3 (cat - 953 - 130,0 hp)","h",1.2999999999999999E-2,156.46,{"$f":"G140*F140","v":2.0339800000000001}]
[null,null,"06111/SINAPI","Servente de obras","h",3.3000000000000002E-2,15.85,0.52305000000000001]
[null,null,null,"TOTAL GERAL S/ BDI",null,null,null,{"$f":"SUM(H140:H141)","v":2.56}]
["2.3.10","SINAPI",97914,"TRANSPORTE COM CAMINHÃO BASCULANTE DE 6 M³, EM VIA URBANA PAVIMENTADA, DMT ATÉ 30 KM (UNIDADE: M³XKM). AF_01/2018","M³XKM",60364.7]
[null,null,null,"CAMINHÃO BASCULANTE 6 M3 TOCO, PESO BRUTO TOTAL 16.000 KG, CARGA ÚTIL MÁXIMA 11.130 KG, DISTÂNCIA ENTRE EIXOS 5,36 M, POTÊNCIA 185 CV, INCLUSIVE CAÇAMBA METÁLICA - CHP DIURNO. AF_06/2014","CHP",8.6999999999999994E-3,"147,90",{"$f":"G144*F144","v":1.2867299999999999}]
[null,null,null,"CAMINHÃO BASCULANTE 6 M3 TOCO, PESO BRUTO TOTAL 16.000 KG, CARGA ÚTIL MÁXIMA 11.130 KG, DISTÂNCIA ENTRE EIXOS 5,36 M, POTÊNCIA 185 CV, INCLUSIVE CAÇAMBA METÁLICA - CHI DIURNO. AF_06/2014","CHI",1E-3,"44,04",4.4040000000000003E-2]
[null,null,null,"TOTAL GERAL S/ BDI",null,null,null,{"$f":"SUM(H144:H145)","v":1.33}]
["2.4.1","SINAPI",93378,"REATERRO MECANIZADO DE VALA COM RETROESCAVADEIRA (CAPACIDADE DA CAÇAMBA DA RETRO: 0,26 M³ / POTÊNCIA: 88 HP), LARGURA ATÉ 0,8 M, PROFUNDIDADE ATÉ 1,5 M, COM SOLO (SEM SUBSTITUIÇÃO) DE 1ª CATEGORIA EM LOCAIS COM BAIXO NÍVEL DE INTERFERÊNCIA. AF_04/2016","M³",10896.39]
[null,null,null,"RETROESCAVADEIRA SOBRE RODAS COM CARREGADEIRA, TRAÇÃO 4X4, POTÊNCIA LÍQ. 88 HP, CAÇAMBA CARREG. CAP. MÍN. 1 M3, CAÇAMBA RETRO CAP. 0,26 M3, PESO OPERACIONAL MÍN. 6.674 KG, PROFUNDIDADE ESCAVAÇÃO MÁX. 4,37 M - CHP DIURNO. AF_06/2014","CHP",0.03,"114,98",{"$f":"G148*F148","v":3.4493999999999998}]
[null,null,null,"RETROESCAVADEIRA SOBRE RODAS COM CARREGADEIRA, TRAÇÃO 4X4, POTÊNCIA LÍQ. 88 HP, CAÇAMBA CARREG. CAP. MÍN. 1 M3, CAÇAMBA RETRO CAP. 0,26 M3, PESO OPERACIONAL MÍN. 6.674 KG, PROFUNDIDADE ESCAVAÇÃO MÁX. 4,37 M - CHI DIURNO. AF_06/2014","CHI",0.04,"55,33",2.2132000000000001]
[null,null,null,"SERVENTE COM ENCARGOS COMPLEMENTARES","H",0.03,"15,85",0.47549999999999998]
[null,null,null,"COMPACTADOR DE SOLOS DE PERCUSSÃO (SOQUETE) COM MOTOR A GASOLINA 4 TEMPOS, POTÊNCIA 4 CV - CHP DIURNO. AF_08/2015","CHP",0.2,"37,70",7.54]
[null,null,null,"COMPACTADOR DE SOLOS DE PERCUSSÃO (SOQUETE) COM MOTOR A GASOLINA 4 TEMPOS, POTÊNCIA 4 CV - CHI DIURNO. AF_08/2015","CHI",0.1234,"34,23",4.2239820000000003]
[null,null,null,"UMIDIFICAÇÃO DE MATERIAL PARA VALAS COM CAMINHÃO PIPA 10000L. AF_11/2016","M3","1,0000000","1,29",1.29]
[null,null,null,"TOTAL GERAL S/ BDI",null,null,null,{"$f":"SUM(H148:H153)","v":19.190000000000001}]
["2.4.2","SINAPI",93368,"REATERRO MECANIZADO DE VALA COM ESCAVADEIRA HIDRÁULICA (CAPACIDADE DA CAÇAMBA: 0,8 M³ / POTÊNCIA: 111 HP), LARGURA ATÉ 1,5 M, PROFUNDIDADE DE 1,5 A 3,0 M, COM SOLO (SEM SUBSTITUIÇÃO) DE 1ª CATEGORIA EM LOCAIS COM BAIXO NÍVEL DE INTERFERÊNCIA. AF_04/2016","M³",618.13]
[null,null,null,"ESCAVADEIRA HIDRÁULICA SOBRE ESTEIRAS, CAÇAMBA 0,80 M3, PESO OPERACIONAL 17 T, POTENCIA BRUTA 111 HP - CHP DIURNO. AF_06/2014","CHP",0.02,"146,53",{"$f":"G156*F156","v":2.9306000000000001}]
[null,null,null,"ESCAVADEIRA HIDRÁULICA SOBRE ESTEIRAS, CAÇAMBA 0,80 M3, PESO OPERACIONAL 17 T, POTENCIA BRUTA 111 HP - CHI DIURNO. AF_06/2014","CHI",0.04,"66,72",2.6688000000000001]
[null,null,null,"SERVENTE COM ENCARGOS COMPLEMENTARES","H",0.03,"15,85",0.47549999999999998]
[null,null,null,"COMPACTADOR DE SOLOS DE PERCUSSÃO (SOQUETE) COM MOTOR A GASOLINA 4 TEMPOS, POTÊNCIA 4 CV - CHP DIURNO. AF_08/2015","CHP",4.4499999999999998E-2,"37,70",1.6776500000000001]
[null,null,null,"COMPACTADOR DE SOLOS DE PERCUSSÃO (SOQUETE) COM MOTOR A GASOLINA 4 TEMPOS, POTÊNCIA 4 CV - CHI DIURNO. AF_08/2015","CHI",0.06,"34,23",2.0537999999999998]
[null,null,null,"UMIDIFICAÇÃO DE MATERIAL PARA VALAS COM CAMINHÃO PIPA 10000L. AF_11/2016","M3","1,0000000","1,29",1.29]
[null,null,null,"TOTAL GERAL S/ BDI",null,null,null,{"$f":"SUM(H156:H161)","v":11.1}]
["2.4.3","SINAPI",94315,"ATERRO MECANIZADO DE VALA COM RETROESCAVADEIRA (CAPACIDADE DA CAÇAMBA DA RETRO: 0,26 M³ / POTÊNCIA: 88 HP), LARGURA ATÉ 0,8 M, PROFUNDIDADE ATÉ 1,5 M, COM SOLO ARGILO-ARENOSO. AF_05/2016","M³",2284.23]
[null,null,null,"RETROESCAVADEIRA SOBRE RODAS COM CARREGADEIRA, TRAÇÃO 4X4, POTÊNCIA LÍQ. 88 HP, CAÇAMBA CARREG. CAP. MÍN. 1 M3, CAÇAMBA RETRO CAP. 0,26 M3, PESO OPERACIONAL MÍN. 6.674 KG, PROFUNDIDADE ESCAVAÇÃO MÁX. 4,37 M - CHP DIURNO. AF_06/2014","CHP",0.02,"114,98",{"$f":"G164*F164","v":2.2995999999999999}]
[null,null,null,"RETROESCAVADEIRA SOBRE RODAS COM CARREGADEIRA, TRAÇÃO 4X4, POTÊNCIA LÍQ. 88 HP, CAÇAMBA CARREG. CAP. MÍN. 1 M3, CAÇAMBA RETRO CAP. 0,26 M3, PESO OPERACIONAL MÍN. 6.674 KG, PROFUNDIDADE ESCAVAÇÃO MÁX. 4,37 M - CHI DIURNO. AF_06/2014","CHI",0.03,"55,33",1.6598999999999999]
[null,null,null,"CAMINHÃO PIPA 10.000 L TRUCADO, PESO BRUTO TOTAL 23.000 KG, CARGA ÚTIL MÁXIMA 15.935 KG, DISTÂNCIA ENTRE EIXOS 4,8 M, POTÊNCIA 230 CV, INCLUSIVE TANQUE DE AÇO PARA TRANSPORTE DE ÁGUA - CHP DIURNO. AF_06/2014","CHP","0,0060000","171,23",1.02738]
[null,null,null,"CAMINHÃO PIPA 10.000 L TRUCADO, PESO BRUTO TOTAL 23.000 KG, CARGA ÚTIL MÁXIMA 15.935 KG, DISTÂNCIA ENTRE EIXOS 4,8 M, POTÊNCIA 230 CV, INCLUSIVE TANQUE DE AÇO PARA TRANSPORTE DE ÁGUA - CHI DIURNO. AF_06/2014","CHI",3.0000000000000001E-3,"46,48",0.13944000000000001]
[null,null,null,"ARGILA, ARGILA VERMELHA OU ARGILA ARENOSA (RETIRADA NA JAZIDA, SEM TRANSPORTE)","M3",1.2,"12,25",14.7]
[null,null,null,"SERVENTE COM ENCARGOS COMPLEMENTARES","H","0,0520000","15,85",0.82420000000000004]
[null,null,null,"COMPACTADOR DE SOLOS DE PERCUSSÃO (SOQUETE) COM MOTOR A GASOLINA 4 TEMPOS, POTÊNCIA 4 CV - CHP DIURNO. AF_08/2015","CHP",0.254,"37,70",9.5757999999999992]
[null,null,null,"COMPACTADOR DE SOLOS DE PERCUSSÃO (SOQUETE) COM MOTOR A GASOLINA 4 TEMPOS, POTÊNCIA 4 CV - CHI DIURNO. AF_08/2015","CHI",0.15,"34,23",5.1345000000000001]
[null,null,null,"TOTAL GERAL S/ BDI",null,null,null,{"$f":"SUM(H164:H171)","v":35.36}]
["2.4.4","SINAPI",94305,"ATERRO MECANIZADO DE VALA COM ESCAVADEIRA HIDRÁULICA (CAPACIDADE DA CAÇAMBA: 0,8 M³ / POTÊNCIA: 111 HP), LARGURA ATÉ 1,5 M, PROFUNDIDADE DE 1,5 A 3,0 M, COM SOLO ARGILO-ARENOSO. AF_05/2016","M³",0]
[null,null,null,"ESCAVADEIRA HIDRÁULICA SOBRE ESTEIRAS, CAÇAMBA 0,80 M3, PESO OPERACIONAL 17 T, POTENCIA BRUTA 111 HP - CHP DIURNO. AF_06/2014","CHP",1.4500000000000001E-2,"146,53",{"$f":"G174*F174","v":2.1246849999999999}]
[null,null,null,"ESCAVADEIRA HIDRÁULICA SOBRE ESTEIRAS, CAÇAMBA 0,80 M3, PESO OPERACIONAL 17 T, POTENCIA BRUTA 111 HP - CHI DIURNO. AF_06/2014","CHI",2.9989999999999999E-2,"66,72",2.0009328000000002]
[null,null,null,"CAMINHÃO PIPA 10.000 L TRUCADO, PESO BRUTO TOTAL 23.000 KG, CARGA ÚTIL MÁXIMA 15.935 KG, DISTÂNCIA ENTRE EIXOS 4,8 M, POTÊNCIA 230 CV, INCLUSIVE TANQUE DE AÇO PARA TRANSPORTE DE ÁGUA - CHP DIURNO. AF_06/2014","CHP",6.0000000000000001E-3,"171,23",1.02738]
[null,null,null,"CAMINHÃO PIPA 10.000 L TRUCADO, PESO BRUTO TOTAL 23.000 KG, CARGA ÚTIL MÁXIMA 15.935 KG, DISTÂNCIA ENTRE EIXOS 4,8 M, POTÊNCIA 230 CV, INCLUSIVE TANQUE DE AÇO PARA TRANSPORTE DE ÁGUA - CHI DIURNO. AF_06/2014","CHI","0,0030000","46,48",0.13944000000000001]
[null,null,null,"ARGILA, ARGILA VERMELHA OU ARGILA ARENOSA (RETIRADA NA JAZIDA, SEM TRANSPORTE)","M3",1.25,"12,25",15.3125]
[null,null,null,"SERVENTE COM ENCARGOS COMPLEMENTARES","H",0.03,"15,85",0.47549999999999998]
[null,null,null,"COMPACTADOR DE SOLOS DE PERCUSSÃO (SOQUETE) COM MOTOR A GASOLINA 4 TEMPOS, POTÊNCIA 4 CV - CHP DIURNO. AF_08/2015","CHP",0.04,"37,70",1.508]
[null,null,null,"COMPACTADOR DE SOLOS DE PERCUSSÃO (SOQUETE) COM MOTOR A GASOLINA 4 TEMPOS, POTÊNCIA 4 CV - CHI DIURNO. AF_08/2015","CHI",2.4E-2,"34,23",0.82152000000000003]
[null,null,null,"TOTAL GERAL S/ BDI",null,null,null,{"$f":"SUM(H174:H181)","v":23.41}]
["2.4.5","SINAPI",94307,"ATERRO MECANIZADO DE VALA COM ESCAVADEIRA HIDRÁULICA (CAPACIDADE DA CAÇAMBA: 0,8 M³ / POTÊNCIA: 111 HP), LARGURA ATÉ 1,5 M, PROFUNDIDADE DE 3,0 A 4,5 M, COM SOLO ARGILO-ARENOSO. AF_05/2016","M³",5.86]
[null,null,null,"ESCAVADEIRA HIDRÁULICA SOBRE ESTEIRAS, CAÇAMBA 0,80 M3, PESO OPERACIONAL 17 T, POTENCIA BRUTA 111 HP - CHP DIURNO. AF_06/2014","CHP",1.5100000000000001E-2,"146,53",{"$f":"G184*F184","v":2.2126030000000001}]
[null,null,null,"ESCAVADEIRA HIDRÁULICA SOBRE ESTEIRAS, CAÇAMBA 0,80 M3, PESO OPERACIONAL 17 T, POTENCIA BRUTA 111 HP - CHI DIURNO. AF_06/2014","CHI",0.02,"66,72",1.3344]
[null,null,null,"CAMINHÃO PIPA 10.000 L TRUCADO, PESO BRUTO TOTAL 23.000 KG, CARGA ÚTIL MÁXIMA 15.935 KG, DISTÂNCIA ENTRE EIXOS 4,8 M, POTÊNCIA 230 CV, INCLUSIVE TANQUE DE AÇO PARA TRANSPORTE DE ÁGUA - CHP DIURNO. AF_06/2014","CHP",4.0000000000000001E-3,"171,23",0.68491999999999997]
[null,null,null,"CAMINHÃO PIPA 10.000 L TRUCADO, PESO BRUTO TOTAL 23.000 KG, CARGA ÚTIL MÁXIMA 15.935 KG, DISTÂNCIA ENTRE EIXOS 4,8 M, POTÊNCIA 230 CV, INCLUSIVE TANQUE DE AÇO PARA TRANSPORTE DE ÁGUA - CHI DIURNO. AF_06/2014","CHI",2E-3,"46,48",9.2960000000000001E-2]
[null,null,null,"ARGILA, ARGILA VERMELHA OU ARGILA ARENOSA (RETIRADA NA JAZIDA, SEM TRANSPORTE)","M3","1,2500000","12,25",15.3125]
[null,null,null,"SERVENTE COM ENCARGOS COMPLEMENTARES","H",0.02,"15,85",0.317]
[null,null,null,"COMPACTADOR DE SOLOS DE PERCUSSÃO (SOQUETE) COM MOTOR A GASOLINA 4 TEMPOS, POTÊNCIA 4 CV - CHP DIURNO. AF_08/2015","CHP",8.0000000000000002E-3,"37,70",0.30159999999999998]
[null,null,null,"COMPACTADOR DE SOLOS DE PERCUSSÃO (SOQUETE) COM MOTOR A GASOLINA 4 TEMPOS, POTÊNCIA 4 CV - CHI DIURNO. AF_08/2015","CHI",6.0000000000000001E-3,"34,23",0.20538000000000001]
[null,null,null,"TOTAL GERAL S/ BDI",null,null,null,{"$f":"SUM(H184:H191)","v":20.46}]
["2.5.1","SINAPI",98420,"(COMPOSIÇÃO REPRESENTATIVA) POÇO DE VISITA CIRCULAR PARA ESGOTO, EM CONCRETO PRÉ-MOLDADO, DIÂMETRO INTERNO = 1,0 M, PROFUNDIDADE ATÉ 1,50 M, INCLUINDO TAMPÃO DE FERRO FUNDIDO, DIÂMETRO DE 60 CM. AF_04/2018","UN",35]
[null,null,null,"TAMPA CIRCULAR PARA ESGOTO E DRENAGEM, EM FERRO FUNDIDO, DIÂMETRO INTERNO = 0,6 M. AF_05/2018","UN","1,0000000",400,{"$f":"G194*F194","v":400}]
[null,null,null,"BASE PARA POÇO DE VISITA CIRCULAR PARA  ESGOTO, EM CONCRETO PRÉ-MOLDADO, DIÂMETRO INTERNO = 1 M, PROFUNDIDADE = 1,45 M, EXCLUINDO TAMPÃO. AF_05/2018_P","UN","1,0000000",658.95,658.95]
[null,null,null,"TOTAL GERAL S/ BDI",null,null,null,{"$f":"SUM(H194:H195)","v":1058.95}]
["2.5.2","SINAPI",98421,"(COMPOSIÇÃO REPRESENTATIVA) POÇO DE VISITA CIRCULAR PARA ESGOTO, EM CONCRETO PRÉ-MOLDADO, DIÂMETRO INTERNO = 1,0 M, PROFUNDIDADE DE 1,50 A 2,00 M, INCLUINDO TAMPÃO DE FERRO FUNDIDO, DIÂMETRO DE 60 CM. AF_04/2018","UN",20]
[null,null,null,"ACRÉSCIMO PARA POÇO DE VISITA CIRCULAR PARA ESGOTO, EM CONCRETO PRÉ-MOLDADO, DIÂMETRO INTERNO = 1 M. AF_05/2018","M","0,5000000",240.38,{"$f":"G198*F198","v":120.19}]
[null,null,null,"TAMPA CIRCULAR PARA ESGOTO E DRENAGEM, EM FERRO FUNDIDO, DIÂMETRO INTERNO = 0,6 M. AF_05/2018","UN","1,0000000",400,400]
[null,null,null,"BASE PARA POÇO DE VISITA CIRCULAR PARA  ESGOTO, EM CONCRETO PRÉ-MOLDADO, DIÂMETRO INTERNO = 1 M, PROFUNDIDADE = 1,45 M, EXCLUINDO TAMPÃO. AF_05/2018_P","UN","1,0000000",658.95,658.95]
[null,null,null,"TOTAL GERAL S/ BDI",null,null,null,{"$f":"SUM(H198:H200)","v":1179.1400000000001}]
["2.5.3","SINAPI",98422,"(COMPOSIÇÃO REPRESENTATIVA) POÇO DE VISITA CIRCULAR PARA ESGOTO, EM CONCRETO PRÉ-MOLDADO, DIÂMETRO INTERNO = 1,0 M, PROFUNDIDADE DE 2,00 A 2,50 M, INCLUINDO TAMPÃO DE FERRO FUNDIDO, DIÂMETRO DE 60 CM. AF_04/2018","UN",4]
[null,null,null,"ACRÉSCIMO PARA POÇO DE VISITA CIRCULAR PARA ESGOTO, EM CONCRETO PRÉ-MOLDADO, DIÂMETRO INTERNO = 1 M. AF_05/2018","M","1,0000000",240.386,{"$f":"G203*F203","v":240.386}]
[null,null,null,"TAMPA CIRCULAR PARA ESGOTO E DRENAGEM, EM FERRO FUNDIDO, DIÂMETRO INTERNO = 0,6 M. AF_05/2018","UN","1,0000000",400,400]
[null,null,null,"BASE PARA POÇO DE VISITA CIRCULAR PARA  ESGOTO, EM CONCRETO PRÉ-MOLDADO, DIÂMETRO INTERNO = 1 M, PROFUNDIDADE = 1,45 M, EXCLUINDO TAMPÃO. AF_05/2018_P","UN","1,0000000",658.95,658.95]
[null,null,null,"TOTAL GERAL S/ BDI",null,null,null,{"$f":"SUM(H203:H205)","v":1299.3399999999999}]
["2.5.4","SINAPI",98423,"(COMPOSIÇÃO REPRESENTATIVA) POÇO DE VISITA CIRCULAR PARA ESGOTO, EM CONCRETO PRÉ-MOLDADO, DIÂMETRO INTERNO = 1,0 M, PROFUNDIDADE DE 2,50 A 3,00 M, INCLUINDO TAMPÃO DE FERRO FUNDIDO, DIÂMETRO DE 60 CM. AF_04/2018","UN",5]
[null,null,null,"ACRÉSCIMO PARA POÇO DE VISITA CIRCULAR PARA ESGOTO, EM CONCRETO PRÉ-MOLDADO, DIÂMETRO INTERNO = 1 M. AF_05/2018","M","1,0000000",240.386,{"$f":"G208*F208","v":240.386}]
[null,null,null,"CHAMINÉ CIRCULAR PARA POÇO DE VISITA PARA ESGOTO, EM CONCRETO PRÉ-MOLDADO, DIÂMETRO INTERNO = 0,6 M. AF_05/2018","M","0,5000000",127.59,63.795000000000002]
[null,null,null,"TAMPA CIRCULAR PARA ESGOTO E DRENAGEM, EM FERRO FUNDIDO, DIÂMETRO INTERNO = 0,6 M. AF_05/2018","UN","1,0000000",400,400]
[null,null,null,"BASE PARA POÇO DE VISITA CIRCULAR PARA  ESGOTO, EM CONCRETO PRÉ-MOLDADO, DIÂMETRO INTERNO = 1 M, PROFUNDIDADE = 1,45 M, EXCLUINDO TAMPÃO. AF_05/2018_P","UN","1,0000000",658.95,658.95]
[null,null,null,"TOTAL GERAL S/ BDI",null,null,null,{"$f":"SUM(H208:H211)","v":1363.13}]
["2.5.5","SINAPI",98424,"(COMPOSIÇÃO REPRESENTATIVA) POÇO DE VISITA CIRCULAR PARA ESGOTO, EM CONCRETO PRÉ-MOLDADO, DIÂMETRO INTERNO = 1,0 M, PROFUNDIDADE DE 3,00 A 3,50 M, INCLUINDO TAMPÃO DE FERRO FUNDIDO, DIÂMETRO DE 60 CM. AF_04/2018","UN",2]
[null,null,null,"ACRÉSCIMO PARA POÇO DE VISITA CIRCULAR PARA ESGOTO, EM CONCRETO PRÉ-MOLDADO, DIÂMETRO INTERNO = 1 M. AF_05/2018","M","1,0000000",240.386,{"$f":"G214*F214","v":240.386}]
[null,null,null,"CHAMINÉ CIRCULAR PARA POÇO DE VISITA PARA ESGOTO, EM CONCRETO PRÉ-MOLDADO, DIÂMETRO INTERNO = 0,6 M. AF_05/2018","M","1,0000000",127.59,127.59]
[null,null,null,"TAMPA CIRCULAR PARA ESGOTO E DRENAGEM, EM FERRO FUNDIDO, DIÂMETRO INTERNO = 0,6 M. AF_05/2018","UN","1,0000000",400,400]
[null,null,null,"BASE PARA POÇO DE VISITA CIRCULAR PARA  ESGOTO, EM CONCRETO PRÉ-MOLDADO, DIÂMETRO INTERNO = 1 M, PROFUNDIDADE = 1,45 M, EXCLUINDO TAMPÃO. AF_05/2018_P","UN","1,0000000",658.95,658.95]
[null,null,null,"TOTAL GERAL S/ BDI",null,null,null,{"$f":"SUM(H214:H217)","v":1426.93}]
["2.5.6","SINAPI",97983,"ACRÉSCIMO PARA POÇO DE VISITA CIRCULAR PARA ESGOTO, EM CONCRETO PRÉ-MOLDADO, DIÂMETRO INTERNO = 1 M. AF_05/2018","M",160]
[null,null,null,"RETROESCAVADEIRA SOBRE RODAS COM CARREGADEIRA, TRAÇÃO 4X4, POTÊNCIA LÍQ. 88 HP, CAÇAMBA CARREG. CAP. MÍN. 1 M3, CAÇAMBA RETRO CAP. 0,26 M3, PESO OPERACIONAL MÍN. 6.674 KG, PROFUNDIDADE ESCAVAÇÃO MÁX. 4,37 M - CHP DIURNO. AF_06/2014","CHP",0.09,"114,98",{"$f":"G220*F220","v":10.3482}]
[null,null,null,"RETROESCAVADEIRA SOBRE RODAS COM CARREGADEIRA, TRAÇÃO 4X4, POTÊNCIA LÍQ. 88 HP, CAÇAMBA CARREG. CAP. MÍN. 1 M3, CAÇAMBA RETRO CAP. 0,26 M3, PESO OPERACIONAL MÍN. 6.674 KG, PROFUNDIDADE ESCAVAÇÃO MÁX. 4,37 M - CHI DIURNO. AF_06/2014","CHI",0.2,"55,33",11.066000000000001]
[null,null,null,"ANEL DE CONCRETO ARMADO, D = 1,00 M, H = 0,50 M","UN","2,0000000",80.489999999999995,160.97999999999999]
[null,null,null,"PEDREIRO COM ENCARGOS COMPLEMENTARES","H",0.7,"19,57",13.699]
[null,null,null,"SERVENTE COM ENCARGOS COMPLEMENTARES","H",0.7,"15,85",11.095000000000001]
[null,null,null,"ARGAMASSA TRAÇO 1:3 (CIMENTO E AREIA), PREPARO MECANICO , INCLUSO ADITIVO IMPERMEABILIZANTE","M3",7.2300000000000003E-2,"459,28",33.205944000000002]
[null,null,null,"TOTAL GERAL S/ BDI",null,null,null,{"$f":"SUM(H220:H225)","v":240.39}]
["2.6.1","SINAPI",90734,"ASSENTAMENTO DE TUBO DE PVC PARA REDE COLETORA DE ESGOTO DE PAREDE MACIÇA, DN 150 MM, JUNTA ELÁSTICA, INSTALADO EM LOCAL COM NÍVEL BAIXO DE INTERFERÊNCIAS (NÃO INCLUI FORNECIMENTO). AF_06/2015","M",4584]
[null,null,null,"ASSENTADOR DE TUBOS COM ENCARGOS COMPLEMENTARES","H",5.7799999999999997E-2,"30,48",{"$f":"G228*F228","v":1.761744}]
[null,null,null,"SERVENTE COM ENCARGOS COMPLEMENTARES","H",0.06,"15,85",0.95099999999999996]
[null,null,null,"TOTAL GERAL S/ BDI",null,null,null,{"$f":"SUM(H228:H229)","v":2.71}]
["2.6.2","SINAPI",90735,"ASSENTAMENTO DE TUBO DE PVC PARA REDE COLETORA DE ESGOTO DE PAREDE MACIÇA, DN 200 MM, JUNTA ELÁSTICA, INSTALADO EM LOCAL COM NÍVEL BAIXO DE INTERFERÊNCIAS (NÃO INCLUI FORNECIMENTO). AF_06/2015","M",1410]
[null,null,null,"ASSENTADOR DE TUBOS COM ENCARGOS COMPLEMENTARES","H",0.06,"30,48",{"$f":"G232*F232","v":1.8288}]
[null,null,null,"SERVENTE COM ENCARGOS COMPLEMENTARES","H",8.7999999999999995E-2,"15,85",1.3948]
[null,null,null,"TOTAL GERAL S/ BDI",null,null,null,{"$f":"SUM(H232:H233)","v":3.22}]
["2.6.3","SINAPI",90736,"ASSENTAMENTO DE TUBO DE PVC PARA REDE COLETORA DE ESGOTO DE PAREDE MACIÇA, DN 250 MM, JUNTA ELÁSTICA, INSTALADO EM LOCAL COM NÍVEL BAIXO DE INTERFERÊNCIAS (NÃO INCLUI FORNECIMENTO). AF_06/2015","M",204]
[null,null,null,"ASSENTADOR DE TUBOS COM ENCARGOS COMPLEMENTARES","H",7.0000000000000007E-2,"30,48",{"$f":"G236*F236","v":2.1335999999999999}]
[null,null,null,"SERVENTE COM ENCARGOS COMPLEMENTARES","H",9.9699999999999997E-2,"15,85",1.5802449999999999]
[null,null,null,"TOTAL GERAL S/ BDI",null,null,null,{"$f":"SUM(H236:H237)","v":3.71}]
["2.6.4","SINAPI",90737,"ASSENTAMENTO DE TUBO DE PVC PARA REDE COLETORA DE ESGOTO DE PAREDE MACIÇA, DN 300 MM, JUNTA ELÁSTICA, INSTALADO EM LOCAL COM NÍVEL BAIXO DE INTERFERÊNCIAS (NÃO INCLUI FORNECIMENTO). AF_06/2015","M",276]
[null,null,null,"ASSENTADOR DE TUBOS COM ENCARGOS COMPLEMENTARES","H",9.1399999999999995E-2,"30,48",{"$f":"G240*F240","v":2.7858719999999999}]
[null,null,null,"SERVENTE COM ENCARGOS COMPLEMENTARES","H",0.09,"15,85",1.4265000000000001]
[null,null,null,"TOTAL GERAL S/ BDI",null,null,null,{"$f":"SUM(H240:H241)","v":4.21}]
["2.6.5","SEINFRA","C3475","TRAVESSIA MÉTODO NÃO DESTRUTIVO P/ TUBO 100<DN<=200 (COMPLETO)","M",45,1965.54]
[{"$nulls":6},"SUB-TOTAL",1264.24]
["2.6.6","SINAPI",83724,"ASSENTAMENTO DE PECAS, CONEXOES, APARELHOS E ACESSORIOS DE FERRO FUNDIDO DUCTIL, JUNTA ELASTICA, MECANICA OU FLANGEADA, COM DIAMETROS DE 50 A 300 MM.","KG",200]
[null,null,null,"MONTADOR (TUBO AÇO/EQUIPAMENTOS) COM ENCARGOS COMPLEMENTARES","H",2.0500000000000001E-2,"50,92",{"$f":"G246*F246","v":1.04386}]
[null,null,null,"SERVENTE COM ENCARGOS COMPLEMENTARES","H","0,0600000","15,85",0.95099999999999996]
[null,null,null,"TOTAL GERAL S/ BDI",null,null,null,{"$f":"SUM(H246:H247)","v":1.99}]
["2.7.1","SINAPI",92970,"DEMOLIÇÃO DE PAVIMENTAÇÃO ASFÁLTICA COM UTILIZAÇÃO DE MARTELO PERFURADOR, ESPESSURA ATÉ 15 CM, EXCLUSIVE CARGA E TRANSPORTE","M²",1635.4]
[null,null,null,"SERVENTE COM ENCARGOS COMPLEMENTARES","H",0.08,"15,85",{"$f":"G250*F250","v":1.268}]
[null,null,null,"COMPRESSOR DE AR REBOCAVEL, VAZÃO 250 PCM, PRESSAO DE TRABALHO 102 PSI, MOTOR A DIESEL POTÊNCIA 81 CV - CHP DIURNO. AF_06/2015","CHP",0.08,"43,47",3.4775999999999998]
[null,null,null,"MARTELO PERFURADOR PNEUMÁTICO MANUAL, HASTE 25 X 75 MM, 21 KG - CHP DIURNO. AF_12/2015","CHP",0.24160000000000001,"32,82",7.9293120000000004]
[null,null,null,"TOTAL GERAL S/ BDI",null,null,null,{"$f":"SUM(H250:H252)","v":12.67}]
["2.7.2","ORSE",20,"DEMOLIÇÃO DE PAVIMENTAÇÃO EM PARALELEPÍPEDO OU PRÉ-MOLDADOS DE CONCRETO C/ RE APROVEITAMENTO","M²",4406.8]
[null,null,"06111/SINAPI","Servente de obras","h",0.81499999999999995,4.34,{"$f":"G255*F255","v":3.5371000000000001}]
[null,null,"10549/ORSE","Encargos Complementares - Servente","h",0.85,2.57,2.1844999999999999]
[null,null,null,"TOTAL GERAL S/ BDI",null,null,null,{"$f":"SUM(H255:H256)","v":5.72}]
["2.7.3","SINAPI",72898,"CARGA E DESCARGA MECANIZADAS DE ENTULHO EM CAMINHAO BASCULANTE 6 M³","M³",5862.75]
[null,null,null,"CAMINHÃO BASCULANTE 6 M3, PESO BRUTO TOTAL 16.000 KG, CARGA ÚTIL MÁXIMA 13.071 KG, DISTÂNCIA ENTRE EIXOS 4,80 M, POTÊNCIA 230 CV INCLUSIVE CAÇAMBA METÁLICA - CHP DIURNO. AF_06/2014","CHP",6.0000000000000001E-3,"170,06",{"$f":"G259*F259","v":1.0203599999999999}]
[null,null,null,"PÁ CARREGADEIRA SOBRE RODAS, POTÊNCIA LÍQUIDA 128 HP, CAPACIDADE DA CAÇAMBA 1,7 A 2,8 M3, PESO OPERACIONAL 11632 KG - CHP DIURNO. AF_06/2014","CHP",1.44E-2,"142,84",2.0568960000000001]
[null,null,null,"SERVENTE COM ENCARGOS COMPLEMENTARES","H",1.0999999999999999E-2,"15,85",0.17435]
[null,null,null,"TOTAL GERAL S/ BDI",null,null,null,{"$f":"SUM(H259:H261)","v":3.25}]
["2.7.4","SINAPI",72900,"TRANSPORTE DE ENTULHO COM CAMINHAO BASCULANTE 6 M³, RODOVIA PAVIMENTADA, DMT 0,5 A 1,0 KM","M³",162.75]
[null,null,null,"CAMINHÃO BASCULANTE 6 M3, PESO BRUTO TOTAL 16.000 KG, CARGA ÚTIL MÁXIMA 13.071 KG, DISTÂNCIA ENTRE EIXOS 4,80 M, POTÊNCIA 230 CV INCLUSIVE CAÇAMBA METÁLICA - CHP DIURNO. AF_06/2014","CHP",2.8920000000000001E-2,170.06,{"$f":"G264*F264","v":4.9181352}]
[null,null,null,"TOTAL GERAL S/ BDI",null,null,null,{"$f":"SUM(H264)","v":4.92}]
["2.8.1","SINAPI","73790/4","REASSENTAMENTO DE PARALELEPIPEDO SOBRE COLCHAO DE PO DE PEDRA ESPESSURA 10CM, REJUNTADO COM ARGAMASSA TRACO 1:3 (CIMENTO E AREIA), CONSIDERANDO APROVEITAMENTO DO PARALELEPIPEDO","M²",4406.8]
[null,null,null,"PO DE PEDRA (POSTO PEDREIRA/FORNECEDOR, SEM FRETE)","M3","0,1000000","52,86",{"$f":"G267*F267","v":5.2859999999999996}]
[null,null,null,"CALCETEIRO COM ENCARGOS COMPLEMENTARES","H",0.42099999999999999,"19,45",8.1884499999999996]
[null,null,null,"SERVENTE COM ENCARGOS COMPLEMENTARES","H",1,"15,85",15.85]
[null,null,null,"ARGAMASSA TRAÇO 1:0,5:4,5 (CIMENTO, CAL E AREIA MÉDIA), PREPARO MECÂNICO COM BETONEIRA 400 L. AF_08/2014","M3",0.01,"373,11",3.7311000000000001]
[null,null,null,"TOTAL GERAL S/ BDI",null,null,null,{"$f":"SUM(H267:H270)","v":33.06}]
["2.8.2","ORSE",2600,"REPOSIÇÃO DE PAVIMENTAÇÃO ASFÁLTICA, INCLUINDO PINTURA DE LIGAÇÃO, FORNECIMEN TO E APLICAÇÃO DE CBUQ","M²",1635.4]
[null,null,"00633/ORSE","Concreto betuminoso usinado a quente (CBUQ), fornecido e aplicado pela Emurb, sem transporte, inclusive cap","t",9.3700000000000006E-2,323.35000000000002,{"$f":"G273*F273","v":30.297895}]
[null,null,"02593/ORSE","Pintura asfáltica de ligação, inclusive ligante, exclusive transporte","m2",1,0.88,0.88]
[null,null,"00158/ORSE","Almoço (Participação do empregador)","un",2.0000000000000001E-4,10,2E-3]
[null,null,"12893/SINAPI","Bota de seguranca com biqueira de aco e colarinho acolchoado","par",0,38.97,0]
[null,null,"02453/ORSE","Caminhao esparg. asf. 6000 l","h",null,63,0]
[null,null,"12894/SINAPI","Capa para chuva em pvc com forro de poliester, com capuz (amarela ou azul)","un",0,10.55,0]
[null,null,"12895/SINAPI","Capacete de seguranca aba frontal com suspensao de polietileno, sem jugular (classe b)","un",0,8.1199999999999992,0]
[null,null,"02711/SINAPI","Carrinho de mao de aco capacidade 50 a 60 l, pneu com camara","un",0,129,0]
[null,null,"10492/ORSE","Cesta Básica","un",0,130,0]
[null,null,"00895/ORSE","Emulsão asfáltica rr-1c","t",4.0000000000000002E-4,1774.33,0.70973200000000003]
[null,null,"00054/ORSE","Encarregado de turma - Fonte DNIT - Mês de ref.: 05/18","h",5.9999999999999995E-4,30.32,1.8192E-2]
[null,null,null,"TOTAL GERAL S/ BDI",null,null,null,{"$f":"SUM(H273:H283)","v":31.91}]
["2.8.3","SINAPI",96396,"EXECUÇÃO E COMPACTAÇÃO DE BASE E OU SUB BASE COM BRITA GRADUADA SIMPLES - EXCLUSIVE CARGA E TRANSPORTE. AF_09/2017","M³",32.71]
[null,null,null,"ROLO COMPACTADOR VIBRATÓRIO DE UM CILINDRO AÇO LISO, POTÊNCIA 80 HP, PESO OPERACIONAL MÁXIMO 8,1 T, IMPACTO DINÂMICO 16,15 / 9,5 T, LARGURA DE TRABALHO 1,68 M - CHP DIURNO. AF_06/2014","CHP","0,0077000","108,42",{"$f":"G286*F286","v":0.83483399999999996}]
[null,null,null,"ROLO COMPACTADOR VIBRATÓRIO DE UM CILINDRO AÇO LISO, POTÊNCIA 80 HP, PESO OPERACIONAL MÁXIMO 8,1 T, IMPACTO DINÂMICO 16,15 / 9,5 T, LARGURA DE TRABALHO 1,68 M - CHI DIURNO. AF_06/2014","CHI",4.0000000000000001E-3,"54,73",0.21892]
[null,null,null,"CAMINHÃO PIPA 10.000 L TRUCADO, PESO BRUTO TOTAL 23.000 KG, CARGA ÚTIL MÁXIMA 15.935 KG, DISTÂNCIA ENTRE EIXOS 4,8 M, POTÊNCIA 230 CV, INCLUSIVE TANQUE DE AÇO PARA TRANSPORTE DE ÁGUA - CHP DIURNO. AF_06/2014","CHP","0,0058000","171,23",0.99313399999999996]
[null,null,null,"CAMINHÃO PIPA 10.000 L TRUCADO, PESO BRUTO TOTAL 23.000 KG, CARGA ÚTIL MÁXIMA 15.935 KG, DISTÂNCIA ENTRE EIXOS 4,8 M, POTÊNCIA 230 CV, INCLUSIVE TANQUE DE AÇO PARA TRANSPORTE DE ÁGUA - CHI DIURNO. AF_06/2014","CHI",8.0000000000000002E-3,"46,48",0.37184]
[null,null,null,"MOTONIVELADORA POTÊNCIA BÁSICA LÍQUIDA (PRIMEIRA MARCHA) 125 HP, PESO BRUTO 13032 KG, LARGURA DA LÂMINA DE 3,7 M - CHP DIURNO. AF_06/2014","CHP",5.0000000000000001E-3,"164,22",0.82110000000000005]
[null,null,null,"MOTONIVELADORA POTÊNCIA BÁSICA LÍQUIDA (PRIMEIRA MARCHA) 125 HP, PESO BRUTO 13032 KG, LARGURA DA LÂMINA DE 3,7 M - CHI DIURNO. AF_06/2014","CHI","0,0084000","71,71",0.60236400000000001]
[null,null,null,"SERVENTE COM ENCARGOS COMPLEMENTARES","H",0.04,"15,85",0.63400000000000001]
[null,null,null,"USINAGEM DE BRITA GRADUADA SIMPLES, UTILIZANDO BRITA COMERCIAL COM USINA 300 T/H. AF_06/2017","M3","1,0000000",75,75]
[null,null,null,"ROLO COMPACTADOR DE PNEUS, ESTATICO, PRESSAO VARIAVEL, POTENCIA 110 HP, PESO SEM/COM LASTRO 10,8/27 T, LARGURA DE ROLAGEM 2,30 M - CHP DIURNO. AF_06/2017","CHP",2E-3,"144,35",0.28870000000000001]
[null,null,null,"ROLO COMPACTADOR DE PNEUS, ESTATICO, PRESSAO VARIAVEL, POTENCIA 110 HP, PESO SEM/COM LASTRO 10,8/27 T, LARGURA DE ROLAGEM 2,30 M - CHI DIURNO. AF_06/2017","CHI",6.0000000000000001E-3,"65,79",0.39473999999999998]
[null,null,null,"TOTAL GERAL S/ BDI",null,null,null,{"$f":"SUM(H286:H295)","v":80.16}]
["2.8.4","SINAPI","74253/1","RAMAL PREDIAL EM TUBO PEAD 20MM - FORNECIMENTO, INSTALAÇÃO, ESCAVAÇÃO E REATERRO","M",600]
[null,null,null,"TUBO DE POLIETILENO DE ALTA DENSIDADE (PEAD), PE-80, DE = 20 MM X 2,3 MM DE PAREDE, PARA LIGACAO DE AGUA PREDIAL (NBR 15561)","M","1,0000000","3,27",{"$f":"G298*F298","v":3.27}]
[null,null,null,"ENCANADOR OU BOMBEIRO HIDRÁULICO COM ENCARGOS COMPLEMENTARES","H",0.02,"19,53",0.3906]
[null,null,null,"SERVENTE COM ENCARGOS COMPLEMENTARES","H",0.03,"15,85",0.47549999999999998]
[null,null,null,"ESCAVAÇÃO MANUAL DE VALA COM PROFUNDIDADE MENOR OU IGUAL A 1,30 M. AF_03/2016","M3",0.1172,"62,70",7.3484400000000001]
[null,null,null,"REATERRO MANUAL APILOADO COM SOQUETE. AF_10/2017","M3","0,1800000","38,01",6.8418000000000001]
[null,null,null,"TOTAL GERAL S/ BDI",null,null,null,{"$f":"SUM(H298:H302)","v":18.329999999999998}]
["2.8.5","SEINFRA","C2918","RAMAL PREDIAL DE ESGOTO EM PVC 100mm, S/ PAVIMENTO","M",300]
[null,null,null,"TOTAL GERAL S/ BDI",null,null,null,34.57]
["2.8.6","SINAPI",83675,"TUBO CONCRETO SIMPLES DN 200 MM PARA DRENAGEM - FORNECIMENTO E INSTALACAO, INCLUSIVE ESCAVACAO MANUAL 1M³/M.","M",220]
[null,null,null,"AREIA MEDIA - POSTO JAZIDA/FORNECEDOR (RETIRADO NA JAZIDA, SEM TRANSPORTE)","M3","0,0005000","55,00",{"$f":"G307*F307","v":2.75E-2}]
[null,null,null,"CIMENTO PORTLAND COMPOSTO CP II-32","KG",0.2,"0,43",8.5999999999999993E-2]
[null,null,null,"TUBO DE CONCRETO SIMPLES, CLASSE- PS1, PB, DN 200 MM, PARA AGUAS PLUVIAIS (NBR 8890)","M","1,0000000","24,44",24.44]
[null,null,null,"PEDREIRO COM ENCARGOS COMPLEMENTARES","H",0.15,"19,57",2.9355000000000002]
[null,null,null,"SERVENTE COM ENCARGOS COMPLEMENTARES","H",2.7149999999999999,"15,85",43.03275]
[null,null,null,"TOTAL GERAL S/ BDI",null,null,null,{"$f":"SUM(H307:H311)","v":70.52}]
["2.8.7","SINAPI",9537,"LIMPEZA FINAL DA OBRA","M²",38152.800000000003]
[null,null,null,"ACIDO MURIATICO, DILUICAO 10% A 12% PARA USO EM LIMPEZA","L",0.03,"4,05",{"$f":"G314*F314","v":0.1215}]
[null,null,null,"SERVENTE COM ENCARGOS COMPLEMENTARES","H",0.1145,"15,85",1.8148249999999999]
[null,null,null,"TOTAL GERAL S/ BDI",null,null,null,{"$f":"SUM(H314:H315)","v":1.94}]
["2.9.1","SINAPI","74219/2","PASSADICOS COM TABUAS DE MADEIRA PARA VEICULOS","M²",35]
[null,null,null,"PECA DE MADEIRA NATIVA / REGIONAL 7,5 X 7,5CM (3X3) NAO APARELHADA (P/FORMA)","M",0.7,"6,40",{"$f":"G318*F318","v":4.4800000000000004}]
[null,null,null,"PREGO DE ACO POLIDO COM CABECA 18 X 27 (2 1/2 X 10)","KG",0.105,"11,20",1.1759999999999999]
[null,null,null,"TABUA MADEIRA 2A QUALIDADE 2,5 X 30,0CM (1 X 12\") NAO APARELHADA","M",0.8,"7,93",6.3440000000000003]
[null,null,null,"CARPINTEIRO DE FORMAS COM ENCARGOS COMPLEMENTARES","H",0.4,"19,45",7.78]
[null,null,null,"SERVENTE COM ENCARGOS COMPLEMENTARES","H",1.2,"15,85",19.02]
[null,null,null,"TOTAL GERAL S/ BDI",null,null,null,{"$f":"SUM(H318:H322)","v":38.799999999999997}]
["2.9.2","SINAPI","74219/1","PASSADICOS COM TABUAS DE MADEIRA PARA PEDESTRES","M²",27]
[null,null,null,"VIGA DE MADEIRA NAO APARELHADA *6 X 16* CM, MACARANDUBA, ANGELIM OU EQUIVALENTE DA REGIAO","M",0.6,"27,22",{"$f":"G325*F325","v":16.332000000000001}]
[null,null,null,"PREGO DE ACO POLIDO COM CABECA 18 X 27 (2 1/2 X 10)","KG",0.1,"11,20",1.1200000000000001]
[null,null,null,"TABUA MADEIRA 2A QUALIDADE 2,5 X 30,0CM (1 X 12\") NAO APARELHADA","M",0.33379999999999999,"7,93",2.6470340000000001]
[null,null,null,"CARPINTEIRO DE FORMAS COM ENCARGOS COMPLEMENTARES","H",0.3,"19,45",5.835]
[null,null,null,"SERVENTE COM ENCARGOS COMPLEMENTARES","H",1.4,"15,85",22.19]
[null,null,null,"TOTAL GERAL S/ BDI",null,null,null,{"$f":"SUM(H325:H329)","v":48.12}]
["2.9.3","CODEVASF","COMPOSIÇÃO","CONES DE SINALIZAÇÃO - FORNECIMENTO E MOVIMENTAÇÃO","UN/DIA",1100]
[null,null,null,"CONE DE SINALIZACAO EM PVC RIGIDO COM FAIXA REFLETIVA, H = 70 / 76 CM                                                                                                                                                                                                                                                                                                                                                                                                                                     ","UN    ",1.1900000000000001E-2,"29,00",{"$f":"G332*F332","v":0.34510000000000002}]
[null,null,null,"SERVENTE DE OBRAS                                                                                                                                                                                                                                                                                                                                                                                                                                                                                         ","H     ",2.1000000000000001E-2,"15,85",0.33284999999999998]
[null,null,null,"TOTAL GERAL S/ BDI",null,null,null,{"$f":"SUM(H332:H333)","v":0.68}]
["2.9.4","SINAPI","74209/1","PLACA DE OBRA EM CHAPA DE ACO GALVANIZADO","M²",12.96]
[null,null,null,"SARRAFO DE MADEIRA NAO APARELHADA *2,5 X 7* CM, MACARANDUBA, ANGELIM OU EQUIVALENTE DA REGIAO","M","1,0000000","5,43",{"$f":"F336*G336","v":5.43}]
[null,null,null,"PECA DE MADEIRA NATIVA / REGIONAL 7,5 X 7,5CM (3X3) NAO APARELHADA (P/FORMA)","M","4,0000000","6,40",{"$f":"F337*G337","v":25.6}]
[null,null,null,"PLACA DE OBRA (PARA CONSTRUCAO CIVIL) EM CHAPA GALVANIZADA *N. 22*, DE *2,0 X 1,125* M","M2","1,0000000",176.12,176.12]
[null,null,null,"PREGO DE ACO POLIDO COM CABECA 18 X 30 (2 3/4 X 10)","KG","0,1100000","11,39",1.2529999999999999]
[null,null,null,"CARPINTEIRO DE FORMAS COM ENCARGOS COMPLEMENTARES","H","1,0000000","19,45",19.45]
[null,null,null,"SERVENTE COM ENCARGOS COMPLEMENTARES","H","2,0000000","15,85",31.7]
[null,null,null,"CONCRETO MAGRO PARA LASTRO, TRAÇO 1:4,5:4,5 (CIMENTO/ AREIA MÉDIA/ BRITA 1)  - PREPARO MECÂNICO COM BETONEIRA 400 L. AF_07/2016","M3","0,0100000","254,54",2.5449999999999999]
[null,null,null,"TOTAL GERAL S/ BDI",null,null,null,{"$f":"SUM(H336:H342)","v":262.10000000000002}]
["2.9.5","ORSE",59,"INTERDIÇÃO DE OBRA COM FITA DE SINALIZAÇÃO","M",9861.9]
[null,null,"06111/SINAPI","Servente de obras","h",0.5,4.34,{"$f":"G345*F345","v":2.17}]
[null,null,"05076/SINAPI","Grampo de aco polido 1 \" x 9","kg",0.01,9.9600000000000009,9.9599999999999994E-2]
[null,null,"00977/ORSE","Fita de sinalização amarela e preta","m",1,0.06,0.06]
[null,null,"00072/ORSE","Reaterro manual de valas, com compactação utilizando sêpo, sem controle do grau de compactação","m3",7.4999999999999997E-3,23.77,0.17827499999999999]
[null,null,"02497/ORSE","Escavação manual de vala ou cava em material de 1ª categoria, profundidade até 1,50m","m3",1.35E-2,35.65,0.48127500000000001]
[null,null,"00977/ORSE","Fita de sinalização amarela e preta","m",1,0.06,0.06]
[null,null,"06111/SINAPI","Servente de obras","h",0.151,15.85,2.3933499999999999]
[null,null,"04728/ORSE","Talhadeira chata 10\"","un",2.0000000000000001E-4,9.4499999999999993,1.89E-3]
[null,null,null,"TOTAL GERAL S/ BDI",null,null,null,{"$f":"SUM(H345:H352)","v":5.44}]
["2.9.6","ORSE",4518,"TELA DE NYLON PARA PROTEÇÃO DE FACHADA","M²",1294.8]
[null,null,"01213/SINAPI","Carpinteiro de formas","h",0.5,6.25,{"$f":"G355*F355","v":3.125}]
[null,null,"05061/SINAPI","Prego de aco polido com cabeca 18 x 27 (2 1/2 x 10)","kg",0.01,9.6999999999999993,9.7000000000000003E-2]
[null,null,"06111/SINAPI","Servente de obras","h",0.46697,15.85,7.4014745]
[null,null,"07170/SINAPI","Tela fachadeira em polietileno, rolo de 3 x 100 m (l x c), cor branca, sem logomarca - para protecao de obras","m2",1.1000000000000001,1.95,2.145]
[null,null,"01569/ORSE","Madeira mista serrada (barrote) 6 x 6cm - 0,0036 m3/m (angelim, louro)","m",0.06,5.87,0.35220000000000001]
[null,null,"04509/SINAPI","Tabua de madeira nao aparelhada *2,5 x 10 cm (1 x 4 \") pinus, mista ou equivalente da regiao","m",0.2,3.42,0.68400000000000005]
[null,null,"04509/SINAPI","Tabua de madeira nao aparelhada *2,5 x 10 cm (1 x 4 \") pinus, mista ou equivalente da regiao","m",0.2,3.42,0.68400000000000005]
[null,null,"04728/ORSE","Talhadeira chata 10\"","un",2.0000000000000001E-4,9.4499999999999993,1.89E-3]
[null,null,"07170/SINAPI","Tela fachadeira em polietileno, rolo de 3 x 100 m (l x c), cor branca, sem logomarca - para protecao de obras","m2",1.1000000000000001,1.95,2.145]
[null,null,null,"TOTAL GERAL S/ BDI",null,null,null,{"$f":"SUM(H355:H363)","v":16.64}]
["2.9.7","SINAPI","74220/1","TAPUME DE CHAPA DE MADEIRA COMPENSADA, E= 6MM, COM PINTURA A CAL E REAPROVEITAMENTO DE 2X","M²",582.66]
[null,null,null,"CAL HIDRATADA CH-I PARA ARGAMASSAS","KG",0.3,"0,80",{"$f":"G366*F366","v":0.24}]
[null,null,null,"CHAPA DE MADEIRA COMPENSADA RESINADA PARA FORMA DE CONCRETO, DE *2,2 X 1,1* M, E = 6 MM","UN",0.1,"27,93",2.7930000000000001]
[null,null,null,"PECA DE MADEIRA NATIVA / REGIONAL 7,5 X 7,5CM (3X3) NAO APARELHADA (P/FORMA)","M",1.4,"6,40",8.9600000000000009]
[null,null,null,"PREGO DE ACO POLIDO COM CABECA 18 X 27 (2 1/2 X 10)","KG",0.12,"11,20",1.3440000000000001]
[null,null,null,"OLEO DE LINHACA","L","0,0220000","20,80",0.45760000000000001]
[null,null,null,"CARPINTEIRO DE FORMAS COM ENCARGOS COMPLEMENTARES","H",0.7,"19,45",13.615]
[null,null,null,"PINTOR COM ENCARGOS COMPLEMENTARES","H",0.2,"19,49",3.8980000000000001]
[null,null,null,"SERVENTE COM ENCARGOS COMPLEMENTARES","H",0.84040000000000004,"15,85",13.32034]
[null,null,null,"TOTAL GERAL S/ BDI",null,null,null,{"$f":"SUM(H366:H373)","v":44.63}]
["2.10.1","SINAPI",94057,"ESCORAMENTO DE VALA, TIPO DESCONTÍNUO, COM PROFUNDIDADE DE 1,5 M A 3,0 M, LARGURA MENOR QUE 1,5 M, EM LOCAL COM NÍVEL BAIXO DE INTERFERÊNCIA. AF_06/2016","M²",994.2]
[null,null,null,"MADEIRA ROLICA SEM TRATAMENTO, EUCALIPTO OU EQUIVALENTE DA REGIAO, H = 3 M, D = 20 A 24 CM (PARA ESCORAMENTO)","M",0.03,"8,32",{"$f":"G376*F376","v":0.24959999999999999}]
[null,null,null,"VIGA DE MADEIRA NAO APARELHADA *6 X 16* CM, MACARANDUBA, ANGELIM OU EQUIVALENTE DA REGIAO","M",0.12,"27,22",3.2664]
[null,null,null,"PREGO DE ACO POLIDO COM CABECA 18 X 27 (2 1/2 X 10)","KG",0.02,"11,20",0.224]
[null,null,null,"TABUA MADEIRA 2A QUALIDADE 2,5 X 30,0CM (1 X 12\") NAO APARELHADA","M",0.3,"7,93",2.379]
[null,null,null,"CARPINTEIRO DE FORMAS COM ENCARGOS COMPLEMENTARES","H",0.34300000000000003,"19,45",6.6713500000000003]
[null,null,null,"SERVENTE COM ENCARGOS COMPLEMENTARES","H","0,1880000","15,85",2.9798]
[null,null,null,"TOTAL GERAL S/ BDI",null,null,null,{"$f":"SUM(H376:H381)","v":15.77}]
["2.10.2","SINAPI","73877/2","ESCORAMENTO DE VALAS COM PRANCHOES METALICOS - AREA NAO CRAVADA","M²",994.2]
[null,null,null,"VIGA DE MADEIRA NAO APARELHADA 6 X 12 CM, MACARANDUBA, ANGELIM OU EQUIVALENTE DA REGIAO","M",0.11,"20,00",{"$f":"G384*F384","v":2.2000000000000002}]
[null,null,null,"PECA DE MADEIRA NAO APARELHADA *7,5 X 7,5* CM (3 X 3 \") MACARANDUBA, ANGELIM OU EQUIVALENTE DA REGIAO","M","0,0800000","12,50",1]
[null,null,null,"PREGO DE ACO POLIDO COM CABECA 18 X 27 (2 1/2 X 10)","KG",0.11,"11,20",1.232]
[null,null,null,"PERFIL \"U\" CHAPA ACO DOBRADA,  E = 3,04 MM , H = 20 CM, ABAS = 5 CM (4,47 KG/M)","M",0.02,"25,03",0.50060000000000004]
[null,null,null,"CARPINTEIRO DE FORMAS COM ENCARGOS COMPLEMENTARES","H","0,7000000","19,45",13.615]
[null,null,null,"SERVENTE COM ENCARGOS COMPLEMENTARES","H",1.0315000000000001,"15,85",16.349274999999999]
[null,null,null,"TOTAL GERAL S/ BDI",null,null,null,{"$f":"SUM(H384:H389)","v":34.9}]
["2.10.3","SINAPI",94045,"ESCORAMENTO DE VALA, TIPO PONTALETEAMENTO, COM PROFUNDIDADE DE 1,5 A 3,0 M, LARGURA MENOR QUE 1,5 M, EM LOCAL COM NÍVEL BAIXO DE INTERFERÊNCIA. AF_06/2016","M²",2982.6]
[null,null,null,"MADEIRA ROLICA SEM TRATAMENTO, EUCALIPTO OU EQUIVALENTE DA REGIAO, H = 3 M, D = 20 A 24 CM (PARA ESCORAMENTO)","M",0.01,"8,32",{"$f":"G392*F392","v":8.3199999999999996E-2}]
[null,null,null,"PREGO DE ACO POLIDO COM CABECA 18 X 27 (2 1/2 X 10)","KG","0,0100000","11,20",0.112]
[null,null,null,"TABUA MADEIRA 2A QUALIDADE 2,5 X 30,0CM (1 X 12\") NAO APARELHADA","M",0.1,"7,93",0.79300000000000004]
[null,null,null,"CARPINTEIRO DE FORMAS COM ENCARGOS COMPLEMENTARES","H",0.28199999999999997,"19,45",5.4848999999999997]
[null,null,null,"SERVENTE COM ENCARGOS COMPLEMENTARES","H","0,1450000","15,85",2.2982499999999999]
[null,null,null,"TOTAL GERAL S/ BDI",null,null,null,{"$f":"SUM(H392:H396)","v":8.77}]
["2.11.1","SINAPI","73891/1","ESGOTAMENTO COM MOTO-BOMBA AUTOESCOVANTE","H",322]
[null,null,null,"MOTOBOMBA CENTRÍFUGA, MOTOR A GASOLINA, POTÊNCIA 5,42 HP, BOCAIS 1 1/2\" X 1\", DIÂMETRO ROTOR 143 MM HM/Q = 6 MCA / 16,8 M3/H A 38 MCA / 6,6 M3/H - CHP DIURNO. AF_06/2014","CHP","1,0000000",3.06,{"$f":"G399*F399","v":3.06}]
[null,null,null,"SERVENTE COM ENCARGOS COMPLEMENTARES","H",0.09,"15,85",1.4265000000000001]
[null,null,null,"TOTAL GERAL S/ BDI",null,null,null,{"$f":"SUM(H399:H400)","v":4.49}]
["2.12.1","ORSE",2830,"LIMPEZA E TESTE DE REDES DE ESGOTOS SANITÁRIOS","M",28583]
[null,null,"06111/SINAPI","Servente de obras","h",0.04,15.85,{"$f":"G403*F403","v":0.63400000000000001}]
[null,null,"02696/SINAPI","Encanador ou bombeiro hidraulico","h",2.5000000000000001E-2,13.39,0.33474999999999999]
[null,null,"00054/ORSE","Encarregado de turma - Fonte DNIT - Mês de ref.: 05/18","h",3.0000000000000001E-3,30.32,9.0959999999999999E-2]
[null,null,"02459/ORSE","Caminhao tanque 6000 l (m. benz - ATEGO 1418/42 - 136,0 hp ou equivalente)","h",8.9999999999999993E-3,45,{"$f":"G406*F406","v":0.40500000000000003}]
[null,null,"04728/ORSE","Talhadeira chata 10\"","un",0,7,{"$f":"G407*F407","v":0}]
[null,null,"11256/ORSE","Tarracha para tubos PVC de 1 1/2\"","un",0,30,0]
[null,null,"11257/ORSE","Tarracha para tubos PVC de 1 1/4\"","un",0,31.36,0]
[null,null,"11255/ORSE","Tarracha para tubos PVC de 1\"","un",0,21.96,0]
[null,null,"11253/ORSE","Tarracha para tubos PVC de 1/2\"","un",0,16.25,0]
[null,null,"11254/ORSE","Tarracha para tubos PVC de 3/4\"","un",0,18.8,0]
[null,null,null,"TOTAL GERAL S/ BDI",null,null,null,{"$f":"SUM(H403:H412)","v":1.46}]
["2.12.2","CODEVASF","COMPOSIÇÃO","DESOBSTRUÇÃO E LIMPEZA MANUAL DE POÇO DE VISITA DN - 1,2M E PROFUNDIDADE ATÉ 4,0M ","UN ",50]
[null,null,null,"SERVENTE DE OBRAS                                                                                                                                                                                                                                                                                                                                                                                                                                                                                         ","H     ",3.403,15.85,53.937550000000002]
[null,null,null,"TOTAL GERAL S/ BDI",null,null,null,{"$f":"SUM(H415)","v":53.94}]
["2.12.3","CODEVASF","COMPOSIÇÃO","DESOBSTRUÇÃO E LIMPEZA MANUAL DO COLETOR DE ESGOTOS ATÉ 200MM ","M",1950]
[null,null,null,"SERVENTE DE OBRAS                                                                                                                                                                                                                                                                                                                                                                                                                                                                                         ","H     ",0.51739999999999997,15.85,{"$f":"G418*F418","v":8.2007899999999996}]
[null,null,null,"TOTAL GERAL S/ BDI",null,null,null,{"$f":"SUM(H418)","v":8.1999999999999993}]
["2.12.1","SINAPI",41936,"TUBO COLETOR DE ESGOTO, PVC, JEI, DN 150 MM  (NBR 7362)","M     ",3492]
[null,null,null,"TUBO COLETOR DE ESGOTO, PVC, JEI, DN 150 MM  (NBR 7362)","M     ",1,30.26,{"$f":"G421*F421","v":30.26}]
[null,null,null,"TOTAL GERAL S/ BDI",null,null,null,{"$f":"SUM(H421)","v":30.26}]
["2.13.2","SINAPI",41930,"TUBO COLETOR DE ESGOTO PVC, JEI, DN 200 MM (NBR 7362)                                                                                                                                                                                                                                                                                                                                                                                                                                                     ","M     ",144]
[null,null,null,"TUBO COLETOR DE ESGOTO PVC, JEI, DN 200 MM (NBR 7362)                                                                                                                                                                                                                                                                                                                                                                                                                                                     ","M     ",1,47.06,{"$f":"G424*F424","v":47.06}]
[{"$nulls":7},{"$f":"SUM(H424)","v":47.06}]
["2.13.3","SINAPI",41931,"TUBO COLETOR DE ESGOTO PVC, JEI, DN 250 MM (NBR 7362)                                                                                                                                                                                                                                                                                                                                                                                                                                                     ","M     ",204]
[null,null,null,"TUBO COLETOR DE ESGOTO PVC, JEI, DN 250 MM (NBR 7362)                                                                                                                                                                                                                                                                                                                                                                                                                                                     ","M     ",1,80.06,{"$f":"G427*F427","v":80.06}]
[{"$nulls":7},{"$f":"SUM(H427)","v":80.06}]
["2.13.4","SINAPI",41932,"TUBO COLETOR DE ESGOTO PVC, JEI, DN 300 MM (NBR 7362)                                                                                                                                                                                                                                                                                                                                                                                                                                                     ","M     ",276]
[null,null,null,"TUBO COLETOR DE ESGOTO PVC, JEI, DN 300 MM (NBR 7362)                                                                                                                                                                                                                                                                                                                                                                                                                                                     ","M     ",1,129.74,{"$f":"G430*F430","v":129.74}]
[{"$nulls":7},{"$f":"SUM(H430)","v":129.74}]
["2.13.5","SINAPI",9828,"TUBO PVC DEFOFO, JEI, 1 MPA, DN 150 MM, PARA REDE DE  AGUA (NBR 7665)                                                                                                                                                                                                                                                                                                                                                                                                                                     ","M     ",1092]
[null,null,null,"TUBO PVC DEFOFO, JEI, 1 MPA, DN 150 MM, PARA REDE DE  AGUA (NBR 7665)                                                                                                                                                                                                                                                                                                                                                                                                                                     ","M     ",1,54.43,{"$f":"G433*F433","v":54.43}]
[{"$nulls":7},{"$f":"SUM(H433)","v":54.43}]
["2.13.6","SINAPI",9829,"TUBO PVC DEFOFO, JEI, 1 MPA, DN 200 MM, PARA REDE DE AGUA (NBR 7665)                                                                                                                                                                                                                                                                                                                                                                                                                                      ","M     ",1266]
[null,null,null,"TUBO PVC DEFOFO, JEI, 1 MPA, DN 200 MM, PARA REDE DE AGUA (NBR 7665)                                                                                                                                                                                                                                                                                                                                                                                                                                      ","M     ",1,96.9,{"$f":"G436*F436","v":96.9}]
[{"$nulls":7},{"$f":"SUM(H436)","v":96.9}]
["2.13.7","SINAPI",305,"ANEL BORRACHA, PARA TUBO PVC, REDE COLETOR ESGOTO, DN 150 MM (NBR 7362)                                                                                                                                                                                                                                                                                                                                                                                                                                   ","UN    ",582]
[null,null,null,"ANEL BORRACHA, PARA TUBO PVC, REDE COLETOR ESGOTO, DN 150 MM (NBR 7362)                                                                                                                                                                                                                                                                                                                                                                                                                                   ","UN    ",1,5.0599999999999996,{"$f":"G439*F439","v":5.0599999999999996}]
[{"$nulls":7},{"$f":"SUM(H439)","v":5.0599999999999996}]
["2.13.8","SINAPI",306,"ANEL BORRACHA, PARA TUBO PVC, REDE COLETOR ESGOTO, DN 200 MM (NBR 7362)                                                                                                                                                                                                                                                                                                                                                                                                                                   ","UN    ",229.23]
[null,null,null,"ANEL BORRACHA, PARA TUBO PVC, REDE COLETOR ESGOTO, DN 200 MM (NBR 7362)                                                                                                                                                                                                                                                                                                                                                                                                                                   ","UN    ",1,6.08,{"$f":"G442*F442","v":6.08}]
[{"$nulls":7},{"$f":"SUM(H442)","v":6.08}]
["2.13.9","SINAPI",307,"ANEL BORRACHA, PARA TUBO PVC, REDE COLETOR ESGOTO, DN 250 MM (NBR 7362)                                                                                                                                                                                                                                                                                                                                                                                                                                   ","UN    ",34]
[null,null,null,"ANEL BORRACHA, PARA TUBO PVC, REDE COLETOR ESGOTO, DN 250 MM (NBR 7362)                                                                                                                                                                                                                                                                                                                                                                                                                                   ","UN    ",1,12,{"$f":"G445*F445","v":12}]
[{"$nulls":7},{"$f":"SUM(H445)","v":12}]
["2.13.10","SINAPI",308,"ANEL BORRACHA, PARA TUBO, PVC REDE COLETOR ESGOTO, DN 300 MM (NBR 7362)                                                                                                                                                                                                                                                                                                                                                                                                                                   ","UN    ",46]
[null,null,null,"ANEL BORRACHA, PARA TUBO, PVC REDE COLETOR ESGOTO, DN 300 MM (NBR 7362)                                                                                                                                                                                                                                                                                                                                                                                                                                   ","UN    ",1,16.03,{"$f":"G448*F448","v":16.03}]
[{"$nulls":7},{"$f":"SUM(H448)","v":16.03}]
["2.13.11","SINAPI",318,"ANEL BORRACHA, PARA TUBO PVC DEFOFO, DN 150 MM (NBR 7665)                                                                                                                                                                                                                                                                                                                                                                                                                                                 ","UN    ",182]
[null,null,null,"ANEL BORRACHA, PARA TUBO PVC DEFOFO, DN 150 MM (NBR 7665)                                                                                                                                                                                                                                                                                                                                                                                                                                                 ","UN    ",1,8.1,{"$f":"G451*F451","v":8.1}]
[{"$nulls":7},{"$f":"SUM(H451)","v":8.1}]
["2.13.12","SINAPI",319,"ANEL BORRACHA, PARA TUBO PVC DEFOFO, DN 200 MM (NBR 7665)                                                                                                                                                                                                                                                                                                                                                                                                                                                 ","UN    ",211]
[null,null,null,"ANEL BORRACHA, PARA TUBO PVC DEFOFO, DN 200 MM (NBR 7665)                                                                                                                                                                                                                                                                                                                                                                                                                                                 ","UN    ",1,15.31,{"$f":"G454*F454","v":15.31}]
[{"$nulls":7},{"$f":"SUM(H454)","v":15.31}]
["3.1.1","SINAPI",85323,"LOCACAO E NIVELAMENTO DE EMISSARIO/REDE COLETORA COM AUXILIO DE EQUIPAMENTO TOPOGRAFICO","M",22083]
[null,null,null,"LOCACAO DE TEODOLITO ELETRONICO, PRECISAO ANGULAR DE 5 A 7 SEGUNDOS, INCLUINDO TRIPE","H","0,0300000",2.8,{"$f":"G457*F457","v":0.08}]
[null,null,null,"LOCACAO DE NIVEL OPTICO, COM PRECISAO DE 0,7 MM, AUMENTO DE 32X","H","0,0300000",2.8,0.08]
[null,null,null,"AUXILIAR DE TOPÓGRAFO COM ENCARGOS COMPLEMENTARES","H",0.05,"11,87",0.59]
[null,null,null,"TOPOGRAFO COM ENCARGOS COMPLEMENTARES","H",0.02,"21,06",0.42]
[null,null,null,"TOTAL GERAL S/ BDI",null,null,null,{"$f":"SUM(H457:H460)","v":1.17}]
["3.2.2","ORSE",11676,"CADASTRO DE REDES DE ESGOTO","M",22083]
[null,null,null,"Auxiliar topografia - T4 - Segundo grau completo - DNIT - Mês de ref.: 05/18","h",0.04,9.24,{"$f":"G463*F463","v":0.36959999999999998}]
[null,null,null,"Topografo - T2 - Fonte DNIT - Mês de ref.: 05/18","h",0.03,15.41,{"$f":"G464*F464","v":0.46229999999999999}]
[null,null,null,"Pick-up, capacidade 1,2 t","h",0.01,10.54,0.10539999999999999]
[null,null,null,"Nível ótico de precisão","H",0.03,2.8,8.4000000000000005E-2]
[null,null,null,"TEODOLITO","H",0.03,2.8,8.4000000000000005E-2]
[null,null,null,"TOTAL GERAL S/ BDI",null,null,null,{"$f":"SUM(H463:H467)","v":1.1100000000000001}]
["3.3.1","SINAPI",93358,"ESCAVAÇÃO MANUAL DE VALA COM PROFUNDIDADE MENOR OU IGUAL A 1,30 M. AF_03/2016","M³",2456.1999999999998]
[null,null,null,"SERVENTE COM ENCARGOS COMPLEMENTARES","H",3.1802000000000001,"15,85",{"$f":"G470*F470","v":50.406170000000003}]
[null,null,null,"TOTAL GERAL S/ BDI",null,null,null,{"$f":"SUM(H470)","v":50.41}]
["3.3.2","SINAPI",90105,"ESCAVAÇÃO MECANIZADA DE VALA COM PROFUNDIDADE ATÉ 1,5 M (MÉDIA ENTRE MONTANTE E JUSANTE/UMA COMPOSIÇÃO POR TRECHO) COM RETROESCAVADEIRA (CAPACIDADE DA CAÇAMBA DA RETRO: 0,26 M³ / POTÊNCIA: 88 HP), LARGURA MENOR QUE 0,8 M, EM SOLO DE 1A CATEGORIA, LOCAISCOM BAIXO NÍVEL DE INTERFERÊNCIA. AF_01/2015","M³",10033.52]
[null,null,null,"RETROESCAVADEIRA SOBRE RODAS COM CARREGADEIRA, TRAÇÃO 4X4, POTÊNCIA LÍQ. 88 HP, CAÇAMBA CARREG. CAP. MÍN. 1 M3, CAÇAMBA RETRO CAP. 0,26 M3, PESO OPERACIONAL MÍN. 6.674 KG, PROFUNDIDADE ESCAVAÇÃO MÁX. 4,37 M - CHP DIURNO. AF_06/2014","CHP",0.03,"114,98",{"$f":"G473*F473","v":3.4493999999999998}]
[null,null,null,"RETROESCAVADEIRA SOBRE RODAS COM CARREGADEIRA, TRAÇÃO 4X4, POTÊNCIA LÍQ. 88 HP, CAÇAMBA CARREG. CAP. MÍN. 1 M3, CAÇAMBA RETRO CAP. 0,26 M3, PESO OPERACIONAL MÍN. 6.674 KG, PROFUNDIDADE ESCAVAÇÃO MÁX. 4,37 M - CHI DIURNO. AF_06/2014","CHI",3.3799999999999997E-2,"55,33",1.8701540000000001]
[null,null,null,"SERVENTE COM ENCARGOS COMPLEMENTARES","H",5.3999999999999999E-2,"15,85",0.85589999999999999]
[null,null,null,"TOTAL GERAL S/ BDI",null,null,null,{"$f":"SUM(H473:H475)","v":6.18}]
["3.3.3","ORSE",4357,"ESCAVAÇÃO COM PERFURATRIZ EM MATERIAL DE 2ª CATEGORIA","M³",2108.94]
[null,null,"02463/ORSE","Compressor 250 pcm (atlas copco - xa-120dd - 94,0 hp ou equivalente)","h",0.05,12.15,{"$f":"G478*F478","v":0.60750000000000004}]
[null,null,"02479/ORSE","Perfuratriz (atlas copco -rh 571 5l)","h",0.1,2.61,0.26100000000000001]
[null,null,"06111/SINAPI","Servente de obras","h",3.85,15.85,61.022500000000001]
[null,null,"02479/ORSE","Perfuratriz (atlas copco -rh 571 5l)","h",0.161,2.61,0.42020999999999997]
[null,null,"04728/ORSE","Talhadeira chata 10\"","un",7.0000000000000007E-2,9.4499999999999993,0.66149999999999998]
[null,null,null,"TOTAL GERAL S/ BDI",null,null,null,{"$f":"SUM(H478:H482)","v":62.97}]
["3.3.4","SINAPI",94342,"ATERRO MANUAL DE VALAS COM AREIA PARA ATERRO E COMPACTAÇÃO MECANIZADA. AF_05/2016","M³",5758.67]
[null,null,null,"AREIA PARA ATERRO - POSTO JAZIDA/FORNECEDOR (RETIRADO NA JAZIDA, SEM TRANSPORTE)","M3","1,2500000","48,75",{"$f":"G485*F485","v":60.9375}]
[null,null,null,"CAMINHÃO PIPA 10.000 L TRUCADO, PESO BRUTO TOTAL 23.000 KG, CARGA ÚTIL MÁXIMA 15.935 KG, DISTÂNCIA ENTRE EIXOS 4,8 M, POTÊNCIA 230 CV, INCLUSIVE TANQUE DE AÇO PARA TRANSPORTE DE ÁGUA - CHP DIURNO. AF_06/2014","CHP","0,0060000","171,23",1.02738]
[null,null,null,"CAMINHÃO PIPA 10.000 L TRUCADO, PESO BRUTO TOTAL 23.000 KG, CARGA ÚTIL MÁXIMA 15.935 KG, DISTÂNCIA ENTRE EIXOS 4,8 M, POTÊNCIA 230 CV, INCLUSIVE TANQUE DE AÇO PARA TRANSPORTE DE ÁGUA - CHI DIURNO. AF_06/2014","CHI","0,0030000","46,48",0.13944000000000001]
[null,null,null,"SERVENTE COM ENCARGOS COMPLEMENTARES","H",0.24540000000000001,"15,85",3.8895900000000001]
[null,null,null,"COMPACTADOR DE SOLOS DE PERCUSSÃO (SOQUETE) COM MOTOR A GASOLINA 4 TEMPOS, POTÊNCIA 4 CV - CHP DIURNO. AF_08/2015","CHP",0.12,"37,70",4.524]
[null,null,null,"COMPACTADOR DE SOLOS DE PERCUSSÃO (SOQUETE) COM MOTOR A GASOLINA 4 TEMPOS, POTÊNCIA 4 CV - CHI DIURNO. AF_08/2015","CHI",0.09,"34,23",3.0807000000000002]
[null,null,null,"TOTAL GERAL S/ BDI",null,null,null,{"$f":"SUM(H485:H490)","v":73.599999999999994}]
["3.3.5","ORSE",2508,"CARGA MECÂNICA DE MATERIAL DE 3ª CATEGORIA","M³",5758.67]
[null,null,"02477/ORSE","Pá - carregadeira de esteira 1,53m3 (cat - 953 - 130,0 hp)","h",1.2999999999999999E-2,156.46,{"$f":"G493*F493","v":2.0339800000000001}]
[null,null,"06111/SINAPI","Servente de obras","h",3.3000000000000002E-2,15.85,0.52305000000000001]
[null,null,null,"TOTAL GERAL S/ BDI",null,null,null,{"$f":"SUM(H493:H494)","v":2.56}]
["3.3.6","SINAPI",97914,"TRANSPORTE COM CAMINHÃO BASCULANTE DE 6 M³, EM VIA URBANA PAVIMENTADA, DMT ATÉ 30 KM (UNIDADE: M³XKM). AF_01/2018","M³XKM",60364.7]
[null,null,null,"CAMINHÃO BASCULANTE 6 M3 TOCO, PESO BRUTO TOTAL 16.000 KG, CARGA ÚTIL MÁXIMA 11.130 KG, DISTÂNCIA ENTRE EIXOS 5,36 M, POTÊNCIA 185 CV, INCLUSIVE CAÇAMBA METÁLICA - CHP DIURNO. AF_06/2014","CHP",8.6999999999999994E-3,"147,90",{"$f":"G497*F497","v":1.2867299999999999}]
[null,null,null,"CAMINHÃO BASCULANTE 6 M3 TOCO, PESO BRUTO TOTAL 16.000 KG, CARGA ÚTIL MÁXIMA 11.130 KG, DISTÂNCIA ENTRE EIXOS 5,36 M, POTÊNCIA 185 CV, INCLUSIVE CAÇAMBA METÁLICA - CHI DIURNO. AF_06/2014","CHI",1E-3,"44,04",4.4040000000000003E-2]
[null,null,null,"TOTAL GERAL S/ BDI",null,null,null,{"$f":"SUM(H497:H498)","v":1.33}]
["3.4.1","SINAPI",93378,"REATERRO MECANIZADO DE VALA COM RETROESCAVADEIRA (CAPACIDADE DA CAÇAMBA DA RETRO: 0,26 M³ / POTÊNCIA: 88 HP), LARGURA ATÉ 0,8 M, PROFUNDIDADE ATÉ 1,5 M, COM SOLO (SEM SUBSTITUIÇÃO) DE 1ª CATEGORIA EM LOCAIS COM BAIXO NÍVEL DE INTERFERÊNCIA. AF_04/2016","M³",60364.7]
[null,null,null,"RETROESCAVADEIRA SOBRE RODAS COM CARREGADEIRA, TRAÇÃO 4X4, POTÊNCIA LÍQ. 88 HP, CAÇAMBA CARREG. CAP. MÍN. 1 M3, CAÇAMBA RETRO CAP. 0,26 M3, PESO OPERACIONAL MÍN. 6.674 KG, PROFUNDIDADE ESCAVAÇÃO MÁX. 4,37 M - CHP DIURNO. AF_06/2014","CHP","0,0410000","114,98",{"$f":"G501*F501","v":4.7141799999999998}]
[null,null,null,"RETROESCAVADEIRA SOBRE RODAS COM CARREGADEIRA, TRAÇÃO 4X4, POTÊNCIA LÍQ. 88 HP, CAÇAMBA CARREG. CAP. MÍN. 1 M3, CAÇAMBA RETRO CAP. 0,26 M3, PESO OPERACIONAL MÍN. 6.674 KG, PROFUNDIDADE ESCAVAÇÃO MÁX. 4,37 M - CHI DIURNO. AF_06/2014","CHI",0.03,"55,33",1.6598999999999999]
[null,null,null,"SERVENTE COM ENCARGOS COMPLEMENTARES","H",4.2000000000000003E-2,"15,85",0.66569999999999996]
[null,null,null,"COMPACTADOR DE SOLOS DE PERCUSSÃO (SOQUETE) COM MOTOR A GASOLINA 4 TEMPOS, POTÊNCIA 4 CV - CHP DIURNO. AF_08/2015","CHP",0.18,"37,70",6.7859999999999996]
[null,null,null,"COMPACTADOR DE SOLOS DE PERCUSSÃO (SOQUETE) COM MOTOR A GASOLINA 4 TEMPOS, POTÊNCIA 4 CV - CHI DIURNO. AF_08/2015","CHI",0.11890000000000001,"34,23",4.069947]
[null,null,null,"UMIDIFICAÇÃO DE MATERIAL PARA VALAS COM CAMINHÃO PIPA 10000L. AF_11/2016","M3","1,0000000","1,29",1.29]
[null,null,null,"TOTAL GERAL S/ BDI",null,null,null,{"$f":"SUM(H501:H506)","v":19.190000000000001}]
["3.4.2","SINAPI",94315,"ATERRO MECANIZADO DE VALA COM RETROESCAVADEIRA (CAPACIDADE DA CAÇAMBA DA RETRO: 0,26 M³ / POTÊNCIA: 88 HP), LARGURA ATÉ 0,8 M, PROFUNDIDADE ATÉ 1,5 M, COM SOLO ARGILO-ARENOSO. AF_05/2016","M³XKM",60364.7]
[null,null,null,"RETROESCAVADEIRA SOBRE RODAS COM CARREGADEIRA, TRAÇÃO 4X4, POTÊNCIA LÍQ. 88 HP, CAÇAMBA CARREG. CAP. MÍN. 1 M3, CAÇAMBA RETRO CAP. 0,26 M3, PESO OPERACIONAL MÍN. 6.674 KG, PROFUNDIDADE ESCAVAÇÃO MÁX. 4,37 M - CHP DIURNO. AF_06/2014","CHP",1.2699999999999999E-2,"114,98",{"$f":"G509*F509","v":1.4602459999999999}]
[null,null,null,"RETROESCAVADEIRA SOBRE RODAS COM CARREGADEIRA, TRAÇÃO 4X4, POTÊNCIA LÍQ. 88 HP, CAÇAMBA CARREG. CAP. MÍN. 1 M3, CAÇAMBA RETRO CAP. 0,26 M3, PESO OPERACIONAL MÍN. 6.674 KG, PROFUNDIDADE ESCAVAÇÃO MÁX. 4,37 M - CHI DIURNO. AF_06/2014","CHI",0.04,"55,33",2.2132000000000001]
[null,null,null,"CAMINHÃO PIPA 10.000 L TRUCADO, PESO BRUTO TOTAL 23.000 KG, CARGA ÚTIL MÁXIMA 15.935 KG, DISTÂNCIA ENTRE EIXOS 4,8 M, POTÊNCIA 230 CV, INCLUSIVE TANQUE DE AÇO PARA TRANSPORTE DE ÁGUA - CHP DIURNO. AF_06/2014","CHP","0,0060000","171,23",1.02738]
[null,null,null,"CAMINHÃO PIPA 10.000 L TRUCADO, PESO BRUTO TOTAL 23.000 KG, CARGA ÚTIL MÁXIMA 15.935 KG, DISTÂNCIA ENTRE EIXOS 4,8 M, POTÊNCIA 230 CV, INCLUSIVE TANQUE DE AÇO PARA TRANSPORTE DE ÁGUA - CHI DIURNO. AF_06/2014","CHI","0,0030000","46,48",0.13944000000000001]
[null,null,null,"ARGILA, ARGILA VERMELHA OU ARGILA ARENOSA (RETIRADA NA JAZIDA, SEM TRANSPORTE)","M3","1,2500000","12,25",15.3125]
[null,null,null,"SERVENTE COM ENCARGOS COMPLEMENTARES","H","0,0520000","15,85",0.82420000000000004]
[null,null,null,"COMPACTADOR DE SOLOS DE PERCUSSÃO (SOQUETE) COM MOTOR A GASOLINA 4 TEMPOS, POTÊNCIA 4 CV - CHP DIURNO. AF_08/2015","CHP",0.2,"37,70",7.54]
[null,null,null,"COMPACTADOR DE SOLOS DE PERCUSSÃO (SOQUETE) COM MOTOR A GASOLINA 4 TEMPOS, POTÊNCIA 4 CV - CHI DIURNO. AF_08/2015","CHI",0.2,"34,23",6.8460000000000001]
[null,null,null,"TOTAL GERAL S/ BDI",null,null,null,{"$f":"SUM(H509:H516)","v":35.36}]
["3.5.1","CODEVASF","COMPOSIÇÃO","CAIXA DE PASSAGEM EM ANEL CONCRETO ARMADO PRÉ-MOLD. DN = 0,60 PROF. H = 0,60 MC/TAMPA EM CONCRETO ARMADO","UN ",2500]
[null,null,null,"ANEL DE CONCRETO ARMADO, D = 0,60 M, H = 0,30 M                                                                                                                                                                                                                                                                                                                                                                                                                                                           ","UN    ",1,"38,49",{"$f":"G519*F519","v":38.49}]
[null,null,null,"ANEL DE CONCRETO ARMADO, D = 0,60 M, H = 0,10 M                                                                                                                                                                                                                                                                                                                                                                                                                                                           ","UN    ",3,"25,95",77.849999999999994]
[null,null,null,"ARGAMASSA TRAÇO 1:4 (CIMENTO E AREIA MÉDIA), PREPARO MECÂNICO COM BETONEIRA 400 L. AF_08/2014","M³",4.4000000000000003E-3,"317,41",1.396604]
[null,null,null,"CONCRETO USINADO FCK=10 MPA","M³",1.2999999999999999E-2,236,3.0680000000000001]
[null,null,null,"CONCRETO USINADO FCK=15 MPA","M³",1.2999999999999999E-2,242,3.1459999999999999]
[null,null,null,"ARAME RECOZIDO 18 BWG, 1,25 MM (0,01 KG/M)                                                                                                                                                                                                                                                                                                                                                                                                                                                                ","KG    ",0.02,"9,65",0.193]
[null,null,null,"ACO CA-25, 6,3 MM, VERGALHAO                                                                                                                                                                                                                                                                                                                                                                                                                                                                              ","KG    ",0.1,"4,47",0.44700000000000001]
[null,null,null,"PREGO DE ACO POLIDO COM CABECA 18 X 30 (2 3/4 X 10)                                                                                                                                                                                                                                                                                                                                                                                                                                                       ","KG    ",0.05,"11,39",0.56950000000000001]
[null,null,null,"TABUA MADEIRA 2A QUALIDADE 2,5 X 30,0CM (1 X 12\") NAO APARELHADA                                                                                                                                                                                                                                                                                                                                                                                                                                          ","M     ",0.4,"7,93",3.1720000000000002]
[null,null,null,"ESCAVAÇÃO MANUAL DE VALA COM PROFUNDIDADE MENOR OU IGUAL A 1,30 M. AF_03/2016","M³",0.17,"62,70",10.659000000000001]
[null,null,null,"PEDREIRO                                                                                                                                                                                                                                                                                                                                                                                                                                                                                                  ","H     ",0.15,"14,74",2.2109999999999999]
[null,null,null,"SERVENTE DE OBRAS                                                                                                                                                                                                                                                                                                                                                                                                                                                                                         ","H     ",0.1,"11,09",1.109]
[null,null,null,"TOTAL GERAL S/ BDI",null,null,null,{"$f":"SUM(H519:H530)","v":142.31}]
["3.6.1","SINAPI",90733,"ASSENTAMENTO DE TUBO DE PVC PARA REDE COLETORA DE ESGOTO DE PAREDE MACIÇA, DN 100 MM, JUNTA ELÁSTICA, INSTALADO EM LOCAL COM NÍVEL BAIXO DE INTERFERÊNCIAS (NÃO INCLUI FORNECIMENTO). AF_06/2015","M",15609]
[null,null,null,"ASSENTADOR DE TUBOS COM ENCARGOS COMPLEMENTARES","H",0.05,"30,48",{"$f":"G533*F533","v":1.524}]
[null,null,null,"SERVENTE COM ENCARGOS COMPLEMENTARES","H",4.4299999999999999E-2,"15,85",0.70215499999999997]
[null,null,null,"TOTAL GERAL S/ BDI",null,null,null,{"$f":"SUM(H533:H534)","v":2.23}]
["3.7.1","ORSE",16,"DEMOLIÇÃO MANUAL DE PISO EM CONCRETO SIMPLES E/OU CIMENTADO","M²",3902.25]
[null,null,"06111/SINAPI","Servente de obras","h",0.88949999999999996,15.85,14.098575]
[null,null,null,"TOTAL GERAL S/ BDI",null,null,null,{"$f":"SUM(H537:H537)","v":14.1}]
["3.7.2","ORSE",18,"DEMOLIÇÃO DE PISO CERÂMICO OU LADRILHO","M²",2341.35]
[null,null,"04750/SINAPI","Pedreiro","h",6.2100000000000002E-2,19.57,{"$f":"G540*F540","v":1.2152970000000001}]
[null,null,"06111/SINAPI","Servente de obras","h",0.4,15.85,6.34]
[null,null,null,"TOTAL GERAL S/ BDI",null,null,null,{"$f":"SUM(H540:H541)","v":7.56}]
["3.7.3","ORSE",3258,"DEMOLIÇÃO DE PISO EM LAJOTA HEXAGONAL","M²",1560.9]
[null,null,"04750/SINAPI","Pedreiro","h",5.5800000000000002E-2,19.57,{"$f":"G544*F544","v":1.092006}]
[null,null,"06111/SINAPI","Servente de obras","h",0.37,15.85,5.8644999999999996]
[null,null,null,"TOTAL GERAL S/ BDI",null,null,null,{"$f":"SUM(H544:H545)","v":6.96}]
["3.7.4","ORSE",21,"DEMOLIÇÃO DE MEIO-FIO GRANÍTICO OU PRE-MOLDADO","M",118]
[null,null,"04750/SINAPI","Pedreiro","h",3.2899999999999999E-2,19.57,{"$f":"G548*F548","v":0.64385300000000001}]
[null,null,"06111/SINAPI","Servente de obras","h",0.3,15.85,4.7549999999999999]
[null,null,null,"TOTAL GERAL S/ BDI",null,null,null,{"$f":"SUM(H548:H549)","v":5.4}]
["3.7.5","ORSE",20,"DEMOLIÇÃO DE PAVIMENTAÇÃO EM PARALELEPÍPEDO OU PRÉ-MOLDADOS DE CONCRETO C/ RE APROVEITAMENTO","M²",4406.8]
[null,null,"06111/SINAPI","Servente de obras","h",0.81499999999999995,4.34,{"$f":"G552*F552","v":3.5371000000000001}]
[null,null,"10549/ORSE","Encargos Complementares - Servente","h",0.85,2.57,2.1844999999999999]
[null,null,null,"TOTAL GERAL S/ BDI",null,null,null,{"$f":"SUM(H552:H553)","v":5.72}]
["3.7.6","SINAPI",92970,"DEMOLIÇÃO DE PAVIMENTAÇÃO ASFÁLTICA COM UTILIZAÇÃO DE MARTELO PERFURADOR, ESPESSURA ATÉ 15 CM, EXCLUSIVE CARGA E TRANSPORTE","M²",1635.4]
[null,null,null,"SERVENTE COM ENCARGOS COMPLEMENTARES","H",0.08,"15,85",{"$f":"G556*F556","v":1.268}]
[null,null,null,"COMPRESSOR DE AR REBOCAVEL, VAZÃO 250 PCM, PRESSAO DE TRABALHO 102 PSI, MOTOR A DIESEL POTÊNCIA 81 CV - CHP DIURNO. AF_06/2015","CHP",0.08,"43,47",3.4775999999999998]
[null,null,null,"MARTELO PERFURADOR PNEUMÁTICO MANUAL, HASTE 25 X 75 MM, 21 KG - CHP DIURNO. AF_12/2015","CHP",0.24160000000000001,"32,82",7.9293120000000004]
[null,null,null,"TOTAL GERAL S/ BDI",null,null,null,{"$f":"SUM(H556:H558)","v":12.67}]
["3.7.7","SINAPI",72897,"CARGA MANUAL DE ENTULHO EM CAMINHAO BASCULANTE 6 M³","M³",477.03]
[null,null,null,"CAMINHÃO BASCULANTE 6 M3, PESO BRUTO TOTAL 16.000 KG, CARGA ÚTIL MÁXIMA 13.071 KG, DISTÂNCIA ENTRE EIXOS 4,80 M, POTÊNCIA 230 CV INCLUSIVE CAÇAMBA METÁLICA - CHI DIURNO. AF_06/2014","CHI",0.19900000000000001,"44,72",{"$f":"G561*F561","v":8.8992799999999992}]
[null,null,null,"SERVENTE COM ENCARGOS COMPLEMENTARES","H",0.56820000000000004,"15,85",9.0059699999999996]
[null,null,null,"TOTAL GERAL S/ BDI",null,null,null,{"$f":"SUM(H561:H562)","v":17.91}]
["2.3.10","SINAPI",97914,"TRANSPORTE COM CAMINHÃO BASCULANTE DE 6 M³, EM VIA URBANA PAVIMENTADA, DMT ATÉ 30 KM (UNIDADE: M³XKM). AF_01/2018","M³XKM",60364.7]
[null,null,null,"CAMINHÃO BASCULANTE 6 M3 TOCO, PESO BRUTO TOTAL 16.000 KG, CARGA ÚTIL MÁXIMA 11.130 KG, DISTÂNCIA ENTRE EIXOS 5,36 M, POTÊNCIA 185 CV, INCLUSIVE CAÇAMBA METÁLICA - CHP DIURNO. AF_06/2014","CHP",8.6999999999999994E-3,"147,90",{"$f":"G565*F565","v":1.2867299999999999}]
[null,null,null,"CAMINHÃO BASCULANTE 6 M3 TOCO, PESO BRUTO TOTAL 16.000 KG, CARGA ÚTIL MÁXIMA 11.130 KG, DISTÂNCIA ENTRE EIXOS 5,36 M, POTÊNCIA 185 CV, INCLUSIVE CAÇAMBA METÁLICA - CHI DIURNO. AF_06/2014","CHI",1E-3,"44,04",4.4040000000000003E-2]
[null,null,null,"TOTAL GERAL S/ BDI",null,null,null,{"$f":"SUM(H565:H566)","v":1.33}]
["3.8.1","SINAPI",93389,"REVESTIMENTO CERÂMICO PARA PISO COM PLACAS TIPO ESMALTADA PADRÃO POPULAR DE DIMENSÕES 35X35 CM APLICADA EM AMBIENTES DE ÁREA MENOR QUE 5 M2. AF_06/2014","M²",2341.35]
[null,null,null,"PISO EM CERAMICA ESMALTADA, COMERCIAL (PADRAO POPULAR), PEI MAIOR OU IGUAL A 3, FORMATO MENOR OU IGUAL A  2025 CM2","M2","1,0800000","13,19",{"$f":"G569*F569","v":14.245200000000001}]
[null,null,null,"ARGAMASSA COLANTE AC I PARA CERAMICAS","KG",4,"0,60",2.4]
[null,null,null,"REJUNTE COLORIDO, CIMENTICIO","KG",0.1,"3,82",0.38200000000000001]
[null,null,null,"AZULEJISTA OU LADRILHISTA COM ENCARGOS COMPLEMENTARES","H",0.47970000000000002,"22,37",10.730888999999999]
[null,null,null,"SERVENTE COM ENCARGOS COMPLEMENTARES","H",0.1,"15,85",1.585]
[null,null,null,"TOTAL GERAL S/ BDI",null,null,null,{"$f":"SUM(H569:H573)","v":29.34}]
["3.8.2","SINAPI",98681,"PISO CIMENTADO, TRAÇO 1:3 (CIMENTO E AREIA), ACABAMENTO RÚSTICO, ESPESSURA 2,0 CM, PREPARO MECÂNICO DA ARGAMASSA. AF_06/2018","M²",5463.15]
[null,null,null,"JUNTA PLASTICA DE DILATACAO PARA PISOS, COR CINZA, 17 X 3 MM (ALTURA X ESPESSURA)","M",1,"0,87",{"$f":"G576*F576","v":0.87}]
[null,null,null,"ARGAMASSA TRAÇO 1:3 (CIMENTO E AREIA MÉDIA) PARA CONTRAPISO, PREPARO MECÂNICO COM BETONEIRA 400 L. AF_06/2014","M3",2.2079999999999999E-2,"463,07",10.224585599999999]
[null,null,null,"PEDREIRO COM ENCARGOS COMPLEMENTARES","H","0,2980000","19,57",5.8318599999999998]
[null,null,null,"SERVENTE COM ENCARGOS COMPLEMENTARES","H","0,1490000","15,85",2.36165]
[null,null,null,"TOTAL GERAL S/ BDI",null,null,null,{"$f":"SUM(H576:H579)","v":19.29}]
["3.8.3","SINAPI",87702,"CONTRAPISO EM ARGAMASSA TRAÇO 1:4 (CIMENTO E AREIA), PREPARO MANUAL, APLICADO EM ÁREAS SECAS SOBRE LAJE, NÃO ADERIDO, ESPESSURA 6CM. AF_06/2014","M²",7804.5]
[null,null,null,"ARGAMASSA TRAÇO 1:4 (CIMENTO E AREIA MÉDIA) PARA CONTRAPISO, PREPARO MANUAL. AF_06/2014","M3",0.05,"452,22",{"$f":"G582*F582","v":22.611000000000001}]
[null,null,null,"PEDREIRO COM ENCARGOS COMPLEMENTARES","H",0.35,"19,57",6.8494999999999999]
[null,null,null,"SERVENTE COM ENCARGOS COMPLEMENTARES","H",0.17349999999999999,"15,85",2.7499750000000001]
[null,null,null,"TOTAL GERAL S/ BDI",null,null,null,{"$f":"SUM(H582:H584)","v":32.21}]
["3.8.4","CODEVASF","COMPOSIÇÃO","RECUPERAÇÃO EM CONTENÇÃO DE DESNÍVEL DE CALÇADA EM ALVENARIA DE BLOCOS CERÂMICOS 8 FUROS ESP. 10CM, REVESTIDA EM CIMENTADO 1:3 ESPESSURA 2CM","M²",72]
[null,null,null,"ALVENARIA DE VEDAÇÃO DE BLOCOS CERÂMICOS FURADOS NA VERTICAL DE 9X19X39CM (ESPESSURA 9CM) DE PAREDES COM ÁREA LÍQUIDA MENOR QUE 6M² SEM VÃOS E ARGAMASSA DE ASSENTAMENTO COM PREPARO EM BETONEIRA. AF_06/2014","M²",1,"36,76",{"$f":"G587*F587","v":36.76}]
[null,null,null,"PISO CIMENTADO, TRAÇO 1:3 (CIMENTO E AREIA), ACABAMENTO LISO, ESPESSURA 3,0 CM, PREPARO MECÂNICO DA ARGAMASSA. AF_06/2018","M²",1,"32,31",32.31]
[null,null,null,"PEDREIRO                                                                                                                                                                                                                                                                                                                                                                                                                                                                                                  ","H     ",0.3,"14,74",4.4219999999999997]
[null,null,null,"SERVENTE DE OBRAS                                                                                                                                                                                                                                                                                                                                                                                                                                                                                         ","H     ",0.254,"11,09",2.8168600000000001]
[null,null,null,"TOTAL GERAL S/ BDI",null,null,null,{"$f":"SUM(H587:H590)","v":76.31}]
["3.8.5","SINAPI","73790/4","REASSENTAMENTO DE PARALELEPIPEDO SOBRE COLCHAO DE PO DE PEDRA ESPESSURA 10CM, REJUNTADO COM ARGAMASSA TRACO 1:3 (CIMENTO E AREIA), CONSIDERANDO APROVEITAMENTO DO PARALELEPIPEDO","M²",4406.8]
[null,null,null,"PO DE PEDRA (POSTO PEDREIRA/FORNECEDOR, SEM FRETE)","M3","0,1000000","52,86",{"$f":"G593*F593","v":5.2859999999999996}]
[null,null,null,"CALCETEIRO COM ENCARGOS COMPLEMENTARES","H",0.42099999999999999,"19,45",8.1884499999999996]
[null,null,null,"SERVENTE COM ENCARGOS COMPLEMENTARES","H",1,"15,85",15.85]
[null,null,null,"ARGAMASSA TRAÇO 1:0,5:4,5 (CIMENTO, CAL E AREIA MÉDIA), PREPARO MECÂNICO COM BETONEIRA 400 L. AF_08/2014","M3",0.01,"373,11",3.7311000000000001]
[null,null,null,"TOTAL GERAL S/ BDI",null,null,null,{"$f":"SUM(H593:H596)","v":33.06}]
["3.8.6","SINAPI",94273,"ASSENTAMENTO DE GUIA (MEIO-FIO) EM TRECHO RETO, CONFECCIONADA EM CONCRETO PRÉ-FABRICADO, DIMENSÕES 100X15X13X30 CM (COMPRIMENTO X BASE INFERIOR X BASE SUPERIOR X ALTURA), PARA VIAS URBANAS (USO VIÁRIO). AF_06/2016","M",118]
[null,null,null,"AREIA MEDIA - POSTO JAZIDA/FORNECEDOR (RETIRADO NA JAZIDA, SEM TRANSPORTE)","M3",7.4000000000000003E-3,"55,00",{"$f":"G599*F599","v":0.40699999999999997}]
[null,null,null,"MEIO-FIO OU GUIA DE CONCRETO, PRE-MOLDADO, COMP 1 M, *30 X 15/ 12* CM (H X L1/L2)","M",1,"18,15",18.149999999999999]
[null,null,null,"PEDREIRO COM ENCARGOS COMPLEMENTARES","H",0.2,"19,57",3.9140000000000001]
[null,null,null,"SERVENTE COM ENCARGOS COMPLEMENTARES","H",0.22,"15,85",3.4870000000000001]
[null,null,null,"ARGAMASSA TRAÇO 1:3 (CIMENTO E AREIA MÉDIA), PREPARO MANUAL. AF_08/2014","M3",2.2000000000000001E-3,"387,49",0.85247799999999996]
[null,null,null,"TOTAL GERAL S/ BDI",null,null,null,{"$f":"SUM(H599:H603)","v":26.81}]
["3.8.7","ORSE",2600,"REPOSIÇÃO DE PAVIMENTAÇÃO ASFÁLTICA, INCLUINDO PINTURA DE LIGAÇÃO, FORNECIMEN TO E APLICAÇÃO DE CBUQ","M²",1635.4]
[null,null,"00633/ORSE","Concreto betuminoso usinado a quente (CBUQ), fornecido e aplicado pela Emurb, sem transporte, inclusive cap","t",9.3700000000000006E-2,323.35000000000002,{"$f":"G606*F606","v":30.297895}]
[null,null,"02593/ORSE","Pintura asfáltica de ligação, inclusive ligante, exclusive transporte","m2",1,0.88,0.88]
[null,null,"00158/ORSE","Almoço (Participação do empregador)","un",2.0000000000000001E-4,10,2E-3]
[null,null,"12893/SINAPI","Bota de seguranca com biqueira de aco e colarinho acolchoado","par",0,38.97,0]
[null,null,"02453/ORSE","Caminhao esparg. asf. 6000 l","h",null,63,0]
[null,null,"12894/SINAPI","Capa para chuva em pvc com forro de poliester, com capuz (amarela ou azul)","un",0,10.55,0]
[null,null,"12895/SINAPI","Capacete de seguranca aba frontal com suspensao de polietileno, sem jugular (classe b)","un",0,8.1199999999999992,0]
[null,null,"02711/SINAPI","Carrinho de mao de aco capacidade 50 a 60 l, pneu com camara","un",0,129,0]
[null,null,"10492/ORSE","Cesta Básica","un",0,130,0]
[null,null,"00895/ORSE","Emulsão asfáltica rr-1c","t",4.0000000000000002E-4,1774.33,0.70973200000000003]
[null,null,"00054/ORSE","Encarregado de turma - Fonte DNIT - Mês de ref.: 05/18","h",5.9999999999999995E-4,30.32,1.8192E-2]
[null,null,null,"TOTAL GERAL S/ BDI",null,null,null,{"$f":"SUM(H606:H616)","v":31.91}]
["3.8.8","SINAPI",96396,"EXECUÇÃO E COMPACTAÇÃO DE BASE E OU SUB BASE COM BRITA GRADUADA SIMPLES - EXCLUSIVE CARGA E TRANSPORTE. AF_09/2017","M³",32.71]
[null,null,null,"ROLO COMPACTADOR VIBRATÓRIO DE UM CILINDRO AÇO LISO, POTÊNCIA 80 HP, PESO OPERACIONAL MÁXIMO 8,1 T, IMPACTO DINÂMICO 16,15 / 9,5 T, LARGURA DE TRABALHO 1,68 M - CHP DIURNO. AF_06/2014","CHP","0,0077000","108,42",{"$f":"G619*F619","v":0.83483399999999996}]
[null,null,null,"ROLO COMPACTADOR VIBRATÓRIO DE UM CILINDRO AÇO LISO, POTÊNCIA 80 HP, PESO OPERACIONAL MÁXIMO 8,1 T, IMPACTO DINÂMICO 16,15 / 9,5 T, LARGURA DE TRABALHO 1,68 M - CHI DIURNO. AF_06/2014","CHI",4.0000000000000001E-3,"54,73",0.21892]
[null,null,null,"CAMINHÃO PIPA 10.000 L TRUCADO, PESO BRUTO TOTAL 23.000 KG, CARGA ÚTIL MÁXIMA 15.935 KG, DISTÂNCIA ENTRE EIXOS 4,8 M, POTÊNCIA 230 CV, INCLUSIVE TANQUE DE AÇO PARA TRANSPORTE DE ÁGUA - CHP DIURNO. AF_06/2014","CHP","0,0058000","171,23",0.99313399999999996]
[null,null,null,"CAMINHÃO PIPA 10.000 L TRUCADO, PESO BRUTO TOTAL 23.000 KG, CARGA ÚTIL MÁXIMA 15.935 KG, DISTÂNCIA ENTRE EIXOS 4,8 M, POTÊNCIA 230 CV, INCLUSIVE TANQUE DE AÇO PARA TRANSPORTE DE ÁGUA - CHI DIURNO. AF_06/2014","CHI",8.0000000000000002E-3,"46,48",0.37184]
[null,null,null,"MOTONIVELADORA POTÊNCIA BÁSICA LÍQUIDA (PRIMEIRA MARCHA) 125 HP, PESO BRUTO 13032 KG, LARGURA DA LÂMINA DE 3,7 M - CHP DIURNO. AF_06/2014","CHP",5.0000000000000001E-3,"164,22",0.82110000000000005]
[null,null,null,"MOTONIVELADORA POTÊNCIA BÁSICA LÍQUIDA (PRIMEIRA MARCHA) 125 HP, PESO BRUTO 13032 KG, LARGURA DA LÂMINA DE 3,7 M - CHI DIURNO. AF_06/2014","CHI","0,0084000","71,71",0.60236400000000001]
[null,null,null,"SERVENTE COM ENCARGOS COMPLEMENTARES","H",0.04,"15,85",0.63400000000000001]
[null,null,null,"USINAGEM DE BRITA GRADUADA SIMPLES, UTILIZANDO BRITA COMERCIAL COM USINA 300 T/H. AF_06/2017","M3","1,0000000",75,75]
[null,null,null,"ROLO COMPACTADOR DE PNEUS, ESTATICO, PRESSAO VARIAVEL, POTENCIA 110 HP, PESO SEM/COM LASTRO 10,8/27 T, LARGURA DE ROLAGEM 2,30 M - CHP DIURNO. AF_06/2017","CHP",2E-3,"144,35",0.28870000000000001]
[null,null,null,"ROLO COMPACTADOR DE PNEUS, ESTATICO, PRESSAO VARIAVEL, POTENCIA 110 HP, PESO SEM/COM LASTRO 10,8/27 T, LARGURA DE ROLAGEM 2,30 M - CHI DIURNO. AF_06/2017","CHI",6.0000000000000001E-3,"65,79",0.39473999999999998]
[null,null,null,"TOTAL GERAL S/ BDI",null,null,null,{"$f":"SUM(H619:H628)","v":80.16}]
["3.8.9","SINAPI",9537,"LIMPEZA FINAL DA OBRA","M²",38152.800000000003]
[null,null,null,"ACIDO MURIATICO, DILUICAO 10% A 12% PARA USO EM LIMPEZA","L",0.03,"4,05",{"$f":"G631*F631","v":0.1215}]
[null,null,null,"SERVENTE COM ENCARGOS COMPLEMENTARES","H",0.1145,"15,85",1.8148249999999999]
[null,null,null,"TOTAL GERAL S/ BDI",null,null,null,{"$f":"SUM(H631:H632)","v":1.94}]
["3.9.1","SINAPI","74219/1","PASSADICOS COM TABUAS DE MADEIRA PARA PEDESTRES","M²",27]
[null,null,null,"VIGA DE MADEIRA NAO APARELHADA *6 X 16* CM, MACARANDUBA, ANGELIM OU EQUIVALENTE DA REGIAO","M",0.6,"27,22",{"$f":"G635*F635","v":16.332000000000001}]
[null,null,null,"PREGO DE ACO POLIDO COM CABECA 18 X 27 (2 1/2 X 10)","KG",0.1,"11,20",1.1200000000000001]
[null,null,null,"TABUA MADEIRA 2A QUALIDADE 2,5 X 30,0CM (1 X 12\") NAO APARELHADA","M",0.33379999999999999,"7,93",2.6470340000000001]
[null,null,null,"CARPINTEIRO DE FORMAS COM ENCARGOS COMPLEMENTARES","H",0.3,"19,45",5.835]
[null,null,null,"SERVENTE COM ENCARGOS COMPLEMENTARES","H",1.4,"15,85",22.19]
[null,null,null,"TOTAL GERAL S/ BDI",null,null,null,{"$f":"SUM(H635:H639)","v":48.12}]
["3.9.2","CODEVASF","COMPOSIÇÃO","CONES DE SINALIZAÇÃO - FORNECIMENTO E MOVIMENTAÇÃO","UN/DIA",1100]
[null,null,null,"CONE DE SINALIZACAO EM PVC RIGIDO COM FAIXA REFLETIVA, H = 70 / 76 CM                                                                                                                                                                                                                                                                                                                                                                                                                                     ","UN    ",1.1900000000000001E-2,"29,00",{"$f":"G642*F642","v":0.34510000000000002}]
[null,null,null,"SERVENTE DE OBRAS                                                                                                                                                                                                                                                                                                                                                                                                                                                                                         ","H     ",2.1000000000000001E-2,"15,85",0.33284999999999998]
[null,null,null,"TOTAL GERAL S/ BDI",null,null,null,{"$f":"SUM(H642:H643)","v":0.68}]
["3.9.3","ORSE",59,"INTERDIÇÃO DE OBRA COM FITA DE SINALIZAÇÃO","M",9861.9]
[null,null,"06111/SINAPI","Servente de obras","h",0.5,4.34,{"$f":"G646*F646","v":2.17}]
[null,null,"05076/SINAPI","Grampo de aco polido 1 \" x 9","kg",0.01,9.9600000000000009,9.9599999999999994E-2]
[null,null,"00977/ORSE","Fita de sinalização amarela e preta","m",1,0.06,0.06]
[null,null,"00072/ORSE","Reaterro manual de valas, com compactação utilizando sêpo, sem controle do grau de compactação","m3",7.4999999999999997E-3,23.77,0.17827499999999999]
[null,null,"02497/ORSE","Escavação manual de vala ou cava em material de 1ª categoria, profundidade até 1,50m","m3",1.35E-2,35.65,0.48127500000000001]
[null,null,"00977/ORSE","Fita de sinalização amarela e preta","m",1,0.06,0.06]
[null,null,"06111/SINAPI","Servente de obras","h",0.151,15.85,2.3933499999999999]
[null,null,"04728/ORSE","Talhadeira chata 10\"","un",2.0000000000000001E-4,9.4499999999999993,1.89E-3]
[null,null,null,"TOTAL GERAL S/ BDI",null,null,null,{"$f":"SUM(H646:H653)","v":5.44}]
["3.9.4","SINAPI","74209/1","PLACA DE OBRA EM CHAPA DE ACO GALVANIZADO","M²",12.96]
[null,null,null,"SARRAFO DE MADEIRA NAO APARELHADA *2,5 X 7* CM, MACARANDUBA, ANGELIM OU EQUIVALENTE DA REGIAO","M","1,0000000","5,43",{"$f":"F656*G656","v":5.43}]
[null,null,null,"PECA DE MADEIRA NATIVA / REGIONAL 7,5 X 7,5CM (3X3) NAO APARELHADA (P/FORMA)","M","4,0000000","6,40",{"$f":"F657*G657","v":25.6}]
[null,null,null,"PLACA DE OBRA (PARA CONSTRUCAO CIVIL) EM CHAPA GALVANIZADA *N. 22*, DE *2,0 X 1,125* M","M2","1,0000000",176.12,176.12]
[null,null,null,"PREGO DE ACO POLIDO COM CABECA 18 X 30 (2 3/4 X 10)","KG","0,1100000","11,39",1.2529999999999999]
[null,null,null,"CARPINTEIRO DE FORMAS COM ENCARGOS COMPLEMENTARES","H","1,0000000","19,45",19.45]
[null,null,null,"SERVENTE COM ENCARGOS COMPLEMENTARES","H","2,0000000","15,85",31.7]
[null,null,null,"CONCRETO MAGRO PARA LASTRO, TRAÇO 1:4,5:4,5 (CIMENTO/ AREIA MÉDIA/ BRITA 1)  - PREPARO MECÂNICO COM BETONEIRA 400 L. AF_07/2016","M3","0,0100000","254,54",2.5449999999999999]
[null,null,null,"TOTAL GERAL S/ BDI",null,null,null,{"$f":"SUM(H656:H662)","v":262.10000000000002}]
["3.10.1","SINAPI",36365,"TUBO COLETOR DE ESGOTO PVC, JEI, DN 100 MM (NBR  7362)","M     ",15612]
[null,null,null,"TUBO COLETOR DE ESGOTO PVC, JEI, DN 100 MM (NBR  7362)","M     ",1,14.06,{"$f":"F665*G665","v":14.06}]
[null,null,null,"TOTAL GERAL S/ BDI",null,null,null,{"$f":"SUM(H665)","v":14.06}]
["3.10.2","SINAPI",303,"ANEL BORRACHA, PARA TUBO PVC, REDE COLETOR ESGOTO, DN 100 MM (NBR 7362)","UN    ",2602]
[null,null,null,"ANEL BORRACHA, PARA TUBO PVC, REDE COLETOR ESGOTO, DN 100 MM (NBR 7362)",null,1,1.94,{"$f":"F668*G668","v":1.94}]
[null,null,null,"TOTAL GERAL S/ BDI",null,null,null,{"$f":"SUM(H668)","v":1.94}]
["4.1.1","SINAPI","73859/2","CAPINA E LIMPEZA MANUAL DE TERRENO","M²",3750]
[null,null,null,"SERVENTE COM ENCARGOS COMPLEMENTARES","H",6.4000000000000001E-2,"15,85",{"$f":"G671*F671","v":1.0144}]
[null,null,null,"TOTAL GERAL S/ BDI",null,null,null,{"$f":"SUM(H671)","v":1.01}]
["4.1.2","SEINFRA","C1630","LOCAÇÃO DA OBRA - EXECUÇÃO DE GABARITO","M²",229.23]
[null,null,null,"TOTAL GERAL S/ BDI",null,null,null,3.68]
["4.1.3","SINAPI",93358,"ESCAVAÇÃO MANUAL DE VALA COM PROFUNDIDADE MENOR OU IGUAL A 1,30 M. AF_03/2016","M³",2456.1999999999998]
[null,null,null,"SERVENTE COM ENCARGOS COMPLEMENTARES","H",3.1802000000000001,"15,85",{"$f":"G676*F676","v":50.406170000000003}]
[null,null,null,"TOTAL GERAL S/ BDI",null,null,null,{"$f":"SUM(H676)","v":50.41}]
["4.1.4","SINAPI",83338,"ESCAVACAO MECANICA, A CEU ABERTO, EM MATERIAL DE 1A CATEGORIA, COM ESCAVADEIRA HIDRAULICA, CAPACIDADE DE 0,78 M³","M³",498.86]
[null,null,null,"ESCAVADEIRA HIDRÁULICA SOBRE ESTEIRAS, CAÇAMBA 0,80 M3, PESO OPERACIONAL 17,8 T, POTÊNCIA LÍQUIDA 110 HP - CHI DIURNO. AF_10/2014","CHI","0,0058000","65,42",{"$f":"G679*F679","v":0.379436}]
[null,null,null,"SERVENTE COM ENCARGOS COMPLEMENTARES","H",7.0000000000000001E-3,"15,85",0.11094999999999999]
[null,null,null,"ESCAVADEIRA HIDRÁULICA SOBRE ESTEIRAS, CAÇAMBA 0,80 M3, PESO OPERACIONAL 17,8 T, POTÊNCIA LÍQUIDA 110 HP - CHP DIURNO. AF_10/2014","CHP",1.1050000000000001E-2,"143,45",1.5851225]
[null,null,null,"TOTAL GERAL S/ BDI",null,null,null,{"$f":"SUM(H679:H681)","v":2.08}]
["4.1.5","ORSE",4357,"ESCAVAÇÃO COM PERFURATRIZ EM MATERIAL DE 2ª CATEGORIA","M³",2108.94]
[null,null,"02463/ORSE","Compressor 250 pcm (atlas copco - xa-120dd - 94,0 hp ou equivalente)","h",0.05,12.15,{"$f":"G684*F684","v":0.60750000000000004}]
[null,null,"02479/ORSE","Perfuratriz (atlas copco -rh 571 5l)","h",0.1,2.61,0.26100000000000001]
[null,null,"06111/SINAPI","Servente de obras","h",3.85,15.85,61.022500000000001]
[null,null,"02479/ORSE","Perfuratriz (atlas copco -rh 571 5l)","h",0.161,2.61,0.42020999999999997]
[null,null,"04728/ORSE","Talhadeira chata 10\"","un",7.0000000000000007E-2,9.4499999999999993,0.66149999999999998]
[null,null,null,"TOTAL GERAL S/ BDI",null,null,null,{"$f":"SUM(H684:H688)","v":62.97}]
["4.1.6","ORSE",4503,"ESCAVAÇÃO MANUAL DE VALA OU CAVA EM MATERIAL DE 3ª CATEGORIA, PROFUNDIDADE AT É 4,00 M, COM USO DE EXPLOSIVOS E PERFURAÇÃO MECÂNICA","M³",1157.21]
[null,null,"01045/ORSE","Explosivo gelatinoso dinamite 40% (comprimento = 8\" / diâmetro da seção = 1\")","kg",0.2,8.35,{"$f":"G691*F691","v":1.67}]
[null,null,"02463/ORSE","Compressor 250 pcm (atlas copco - xa-120dd - 94,0 hp ou equivalente)","h",0.06,11.68,0.7]
[null,null,"02479/ORSE","Perfuratriz (atlas copco -rh 571 5l)","h",0.19,2.4300000000000002,0.46]
[null,null,"02759/SINAPI","Espoleta simples n 8.","un",3,4.0599999999999996,12.18]
[null,null,"02762/SINAPI","Estopim simples","m",3,5.07,15.21]
[null,null,"06111/SINAPI","Servente de obras","h",8.2989999999999995,15.85,131.54]
[null,null,"04163/ORSE","Broca em aço 400 x 35 mm, série 11","un",0,365.52,0]
[null,null,"04165/ORSE","Broca em aço 800 x 34 mm, série 11","un",0,382.42,0]
[null,null,"04166/ORSE","Broca em aço 1600 x 33 mm, série 11","un",0,366.96,0]
[null,null,"04167/ORSE","Broca em aço 2400 x 32 mm, série 11","un",0,570.79999999999995,0]
[null,null,"04168/ORSE","Broca em aço 3200 x 31 mm, série 11","un",0,761.97,0]
[null,null,"04169/ORSE","Broca em aço 4000 x 30 mm, série 11","un",0,888.47,0]
[null,null,"04170/ORSE","Broca em aço 4800 x 29 mm, série 11","un",0,916.63,0]
[null,null,"12894/SINAPI","Capa para chuva em pvc com forro de poliester, com capuz (amarela ou azul)","un",0,10.53,0]
[null,null,"02759/SINAPI","Espoleta simples n 8.","un",3,4.0599999999999996,12.18]
[null,null,"02762/SINAPI","Estopim simples","m",3,5.07,15.21]
[null,null,"01045/ORSE","Explosivo gelatinoso dinamite 40% (comprimento = 8\" / diâmetro da seção = 1\")","kg",0.2,8.35,1.67]
[null,null,"02479/ORSE","Perfuratriz (atlas copco -rh 571 5l)","h",0.19,2.4300000000000002,0.46]
[null,null,null,"TOTAL GERAL S/ BDI",null,null,null,{"$f":"SUM(H691:H708)","v":191.28}]
["4.1.7","SINAPI",93382,"REATERRO MANUAL DE VALAS COM COMPACTAÇÃO MECANIZADA. AF_04/2016","M³",302.36]
[null,null,null,"SERVENTE COM ENCARGOS COMPLEMENTARES","H",0.5,"15,85",{"$f":"G711*F711","v":7.9249999999999998}]
[null,null,null,"COMPACTADOR DE SOLOS DE PERCUSSÃO (SOQUETE) COM MOTOR A GASOLINA 4 TEMPOS, POTÊNCIA 4 CV - CHP DIURNO. AF_08/2015","CHP",0.2,"37,70",7.54]
[null,null,null,"COMPACTADOR DE SOLOS DE PERCUSSÃO (SOQUETE) COM MOTOR A GASOLINA 4 TEMPOS, POTÊNCIA 4 CV - CHI DIURNO. AF_08/2015","CHI",0.2293,"34,23",7.8489389999999997]
[null,null,null,"UMIDIFICAÇÃO DE MATERIAL PARA VALAS COM CAMINHÃO PIPA 10000L. AF_11/2016","M3","1,0000000","1,29",1.29]
[null,null,null,"TOTAL GERAL S/ BDI",null,null,null,{"$f":"SUM(H711:H714)","v":24.6}]
["4.1.8","ORSE",4986,"CARGA MECÂNICA DE MATERIAL DE 1ª CATEGORIA","M³",1716.86]
[null,null,"04244/ORSE","Pa carregadeira sobre pneus Caterpillar - 924 G","h",5.0000000000000001E-4,129.72999999999999,{"$f":"G717*F717","v":6.4865000000000006E-2}]
[null,null,"06111/SINAPI","Servente de obras","h",3.27E-2,15.85,0.51829499999999995]
[null,null,null,"TOTAL GERAL S/ BDI",null,null,null,{"$f":"SUM(H717:H718)","v":0.57999999999999996}]
["4.1.9","ORSE",2507,"CARGA MECÂNICA DE MATERIAL DE 2ª CATEGORIA","M³",251.05]
[null,null,"04244/ORSE","Pa carregadeira sobre pneus Caterpillar - 924 G","h",8.0000000000000002E-3,129.72999999999999,{"$f":"G721*F721","v":1.0378400000000001}]
[null,null,"06111/SINAPI","Servente de obras","h",4.7500000000000001E-2,15.85,0.75287499999999996]
[null,null,null,"TOTAL GERAL S/ BDI",null,null,null,{"$f":"SUM(H721:H722)","v":1.79}]
["4.1.10","ORSE",2508,"CARGA MECÂNICA DE MATERIAL DE 3ª CATEGORIA","M³",5758.67]
[null,null,"02477/ORSE","Pá - carregadeira de esteira 1,53m3 (cat - 953 - 130,0 hp)","h",1.2999999999999999E-2,156.46,{"$f":"G725*F725","v":2.0339800000000001}]
[null,null,"06111/SINAPI","Servente de obras","h",3.3000000000000002E-2,15.85,0.52305000000000001]
[null,null,null,"TOTAL GERAL S/ BDI",null,null,null,{"$f":"SUM(H725:H726)","v":2.56}]
["4.1.11","SINAPI",97914,"TRANSPORTE COM CAMINHÃO BASCULANTE DE 6 M³, EM VIA URBANA PAVIMENTADA, DMT ATÉ 30 KM (UNIDADE: M³XKM). AF_01/2018","M³XKM",60364.7]
[null,null,null,"CAMINHÃO BASCULANTE 6 M3 TOCO, PESO BRUTO TOTAL 16.000 KG, CARGA ÚTIL MÁXIMA 11.130 KG, DISTÂNCIA ENTRE EIXOS 5,36 M, POTÊNCIA 185 CV, INCLUSIVE CAÇAMBA METÁLICA - CHP DIURNO. AF_06/2014","CHP",8.6999999999999994E-3,"147,90",{"$f":"G729*F729","v":1.2867299999999999}]
[null,null,null,"CAMINHÃO BASCULANTE 6 M3 TOCO, PESO BRUTO TOTAL 16.000 KG, CARGA ÚTIL MÁXIMA 11.130 KG, DISTÂNCIA ENTRE EIXOS 5,36 M, POTÊNCIA 185 CV, INCLUSIVE CAÇAMBA METÁLICA - CHI DIURNO. AF_06/2014","CHI",1E-3,"44,04",4.4040000000000003E-2]
[null,null,null,"TOTAL GERAL S/ BDI",null,null,null,{"$f":"SUM(H729:H730)","v":1.33}]
["4.1.12","SINAPI",94967,"CONCRETO FCK = 40MPA, TRAÇO 1:1,6:1,9 (CIMENTO/ AREIA MÉDIA/ BRITA 1)  - PREPARO MECÂNICO COM BETONEIRA 400 L. AF_07/2016","M³",145.36000000000001]
[null,null,null,"AREIA MEDIA - POSTO JAZIDA/FORNECEDOR (RETIRADO NA JAZIDA, SEM TRANSPORTE)","M3",0.05,"55,00",{"$f":"G733*F733","v":2.75}]
[null,null,null,"CIMENTO PORTLAND COMPOSTO CP II-32","KG","486,8500000","0,43",209.34549999999999]
[null,null,null,"PEDRA BRITADA N. 1 (9,5 a 19 MM) POSTO PEDREIRA/FORNECEDOR, SEM FRETE","M3","0,5610000","55,38",31.068180000000002]
[null,null,null,"SERVENTE COM ENCARGOS COMPLEMENTARES","H",1.2090000000000001,"15,85",19.162649999999999]
[null,null,null,"OPERADOR DE BETONEIRA ESTACIONÁRIA/MISTURADOR COM ENCARGOS COMPLEMENTARES","H",1,"28,44",28.44]
[null,null,null,"BETONEIRA CAPACIDADE NOMINAL DE 400 L, CAPACIDADE DE MISTURA 280 L, MOTOR ELÉTRICO TRIFÁSICO POTÊNCIA DE 2 CV, SEM CARREGADOR - CHP DIURNO. AF_10/2014","CHP",0.5,"1,11",0.55500000000000005]
[null,null,null,"BETONEIRA CAPACIDADE NOMINAL DE 400 L, CAPACIDADE DE MISTURA 280 L, MOTOR ELÉTRICO TRIFÁSICO POTÊNCIA DE 2 CV, SEM CARREGADOR - CHI DIURNO. AF_10/2014","CHI",0.5,"0,27",0.13500000000000001]
[null,null,null,"TOTAL GERAL S/ BDI",null,null,null,{"$f":"SUM(H733:H739)","v":291.45999999999998}]
["4.1.13","SINAPI",92873,"LANÇAMENTO COM USO DE BALDES, ADENSAMENTO E ACABAMENTO DE CONCRETO EM ESTRUTURAS. AF_12/2015","M³",155.05000000000001]
[null,null,null,"CARPINTEIRO DE FORMAS COM ENCARGOS COMPLEMENTARES","H",1,"19,45",{"$f":"G742*F742","v":19.45}]
[null,null,null,"PEDREIRO COM ENCARGOS COMPLEMENTARES","H",1.075,"19,57",21.037749999999999]
[null,null,null,"SERVENTE COM ENCARGOS COMPLEMENTARES","H","5,5380000","15,85",87.777299999999997]
[null,null,null,"VIBRADOR DE IMERSÃO, DIÂMETRO DE PONTEIRA 45MM, MOTOR ELÉTRICO TRIFÁSICO POTÊNCIA DE 2 CV - CHP DIURNO. AF_06/2015","CHP","0,6720000","1,12",0.75263999999999998]
[null,null,null,"VIBRADOR DE IMERSÃO, DIÂMETRO DE PONTEIRA 45MM, MOTOR ELÉTRICO TRIFÁSICO POTÊNCIA DE 2 CV - CHI DIURNO. AF_06/2015","CHI","1,1740000","0,30",0.35220000000000001]
[null,null,null,"TOTAL GERAL S/ BDI",null,null,null,{"$f":"SUM(H742:H746)","v":129.37}]
["4.1.14","ORSE",3366,"FORMA PLANA PARA ESTRUTURAS, EM COMPENSADO PLASTIFICADO DE 12MM, 07 USOS, INC LUSIVE ESCORAMENTO - REVISADA 07.2015","M²",2404.21]
[null,null,"01569/ORSE","Madeira mista serrada (barrote) 6 x 6cm - 0,0036 m3/m (angelim, louro)","m",0.6,5.87,{"$f":"G749*F749","v":3.5219999999999998}]
[null,null,"00333/SINAPI","Arame galvanizado 14 bwg, d = 2,11 mm (0,026 kg/m)","kg",0.15,12.5,1.875]
[null,null,"01213/SINAPI","Carpinteiro de formas","h",0.7,19.45,13.615]
[null,null,"06111/SINAPI","Servente de obras","h",8.1900000000000001E-2,15.85,{"$f":"G752*F752","v":1.2981149999999999}]
[null,null,"01347/SINAPI","Chapa de madeira compensada plastificada para forma de concreto, de 2,20 x 1,10 m, e = 12 mm","m2",0.15,32.1,4.8150000000000004]
[null,null,"02692/SINAPI","Desmoldante protetor para formas de madeira, de base oleosaemulsionada em agua","l",0.02,6.14,0.12280000000000001]
[null,null,"04509/SINAPI","Tabua de madeira nao aparelhada *2,5 x 10 cm (1 x 4 \") pinus, mista ou equivalente da regiao","m",0.77800000000000002,3.42,2.6607599999999998]
[null,null,"05068/SINAPI","Prego de aco polido com cabeca 17 x 21 (2 x 11)","kg",2.5000000000000001E-2,9.86,0.2465]
[null,null,"05069/SINAPI","Prego de aco polido com cabeca 17 x 27 (2 1/2 x 11)","kg",0.1,10.050000000000001,1.0049999999999999]
[null,null,"06193/SINAPI","Tabua de madeira nao aparelhada *2,5 x 20* cm, cedrinho ou equivalente da regiao","m",8.6999999999999994E-2,5.75,0.50024999999999997]
[null,null,"02378/ORSE","Vale transporte","un",0.20730000000000001,3.5,0.72555000000000003]
[null,null,null,"TOTAL GERAL S/ BDI",null,null,null,{"$f":"SUM(H749:H759)","v":30.39}]
["4.1.15","SINAPI",92791,"CORTE E DOBRA DE AÇO CA-60, DIÂMETRO DE 5,0 MM, UTILIZADO EM ESTRUTURAS DIVERSAS, EXCETO LAJES. AF_12/2015","KG",19620.5]
[null,null,null,"ACO CA-60, 5,0 MM, VERGALHAO","KG",1.05,4.5,{"$f":"G762*F762","v":4.7249999999999996}]
[null,null,null,"AJUDANTE DE ARMADOR COM ENCARGOS COMPLEMENTARES","H",5.0000000000000001E-3,"14,94",7.4700000000000003E-2]
[null,null,null,"ARMADOR COM ENCARGOS COMPLEMENTARES","H",0.02,"19,45",0.38900000000000001]
[null,null,null,"TOTAL GERAL S/ BDI",null,null,null,{"$f":"SUM(H762:H764)","v":5.19}]
["4.1.16","SINAPI",92794,"CORTE E DOBRA DE AÇO CA-50, DIÂMETRO DE 10,0 MM, UTILIZADO EM ESTRUTURAS DIVERSAS, EXCETO LAJES. AF_12/2015","KG",10728.2]
[null,null,null,"ACO CA-50, 10,0 MM, VERGALHAO","KG",1.05,3.95,{"$f":"G767*F767","v":4.1475}]
[null,null,null,"AJUDANTE DE ARMADOR COM ENCARGOS COMPLEMENTARES","H",1E-4,"14,94",1.4940000000000001E-3]
[null,null,null,"ARMADOR COM ENCARGOS COMPLEMENTARES","H",5.0000000000000001E-3,"19,45",9.7250000000000003E-2]
[null,null,null,"TOTAL GERAL S/ BDI",null,null,null,{"$f":"SUM(H767:H769)","v":4.25}]
["4.1.17","SINAPI",94962,"CONCRETO MAGRO PARA LASTRO, TRAÇO 1:4,5:4,5 (CIMENTO/ AREIA MÉDIA/ BRITA 1)  - PREPARO MECÂNICO COM BETONEIRA 400 L. AF_07/2016","M³",210.44]
[null,null,null,"AREIA MEDIA - POSTO JAZIDA/FORNECEDOR (RETIRADO NA JAZIDA, SEM TRANSPORTE)","M3",0.7,"55,00",{"$f":"G772*F772","v":38.5}]
[null,null,null,"CIMENTO PORTLAND COMPOSTO CP II-32","KG","212,2100000","0,43",91.250299999999996]
[null,null,null,"PEDRA BRITADA N. 1 (9,5 a 19 MM) POSTO PEDREIRA/FORNECEDOR, SEM FRETE","M3","0,5790000","55,38",32.065019999999997]
[null,null,null,"SERVENTE COM ENCARGOS COMPLEMENTARES","H",0.9,"15,85",14.265000000000001]
[null,null,null,"OPERADOR DE BETONEIRA ESTACIONÁRIA/MISTURADOR COM ENCARGOS COMPLEMENTARES","H",0.98299999999999998,"28,44",27.956520000000001]
[null,null,null,"BETONEIRA CAPACIDADE NOMINAL DE 400 L, CAPACIDADE DE MISTURA 280 L, MOTOR ELÉTRICO TRIFÁSICO POTÊNCIA DE 2 CV, SEM CARREGADOR - CHP DIURNO. AF_10/2014","CHP",0.5,"1,11",0.55500000000000005]
[null,null,null,"BETONEIRA CAPACIDADE NOMINAL DE 400 L, CAPACIDADE DE MISTURA 280 L, MOTOR ELÉTRICO TRIFÁSICO POTÊNCIA DE 2 CV, SEM CARREGADOR - CHI DIURNO. AF_10/2014","CHI",0.3,"0,27",8.1000000000000003E-2]
[null,null,null,"TOTAL GERAL S/ BDI",null,null,null,{"$f":"SUM(H772:H778)","v":204.67}]
["4.1.18","SEINFRA","C0823","COMPORTA EM FIBRA, CALHA EM ALUMÍNIO","M²",4.09]
[null,null,null,"TOTAL GERAL S/ BDI",null,null,null,332.27]
["4.1.19","SINAPI","73932/1","GRADE DE FERRO EM BARRA CHATA 3/16\"","M²",66.3]
[null,null,null,"BARRA DE FERRO RETANGULAR, BARRA CHATA (QUALQUER DIMENSAO)","KG",41.173999999999999,"5,10",{"$f":"G783*F783","v":209.98740000000001}]
[null,null,null,"CANTONEIRA FERRO GALVANIZADO DE ABAS IGUAIS, 1\" X 1/8\" (L X E) , 1,20KG/M","M","2,0000000","6,72",13.44]
[null,null,null,"SERRALHEIRO COM ENCARGOS COMPLEMENTARES","H",0.1,"19,45",1.9450000000000001]
[null,null,null,"SERVENTE COM ENCARGOS COMPLEMENTARES","H",0.1,"15,85",1.585]
[null,null,null,"ARGAMASSA TRAÇO 1:4 (CIMENTO E AREIA MÉDIA), PREPARO MANUAL. AF_08/2014","M3",3.0000000000000001E-3,"356,46",1.06938]
[null,null,null,"TOTAL GERAL S/ BDI",null,null,null,{"$f":"SUM(H783:H787)","v":228.03}]
["4.1.20","SINAPI",73665,"ESCADA TIPO MARINHEIRO EM ACO CA-50 9,52MM INCLUSO PINTURA COM FUNDO ANTICORROSIVO TIPO ZARCAO","M",55.26]
[null,null,null,"ACO CA-50, 10,0 MM, VERGALHAO","KG","2,8000000","4,54",{"$f":"G790*F790","v":12.712}]
[null,null,null,"FUNDO ANTICORROSIVO PARA METAIS FERROSOS (ZARCAO)","L","0,0250000","26,87",0.67174999999999996]
[null,null,null,"ARMADOR COM ENCARGOS COMPLEMENTARES","H","0,3500000","19,45",6.8075000000000001]
[null,null,null,"PEDREIRO COM ENCARGOS COMPLEMENTARES","H",0.5,"19,57",9.7850000000000001]
[null,null,null,"SERVENTE COM ENCARGOS COMPLEMENTARES","H",1.1160000000000001,"15,85",17.688600000000001]
[null,null,null,"ARGAMASSA TRAÇO 1:3 (CIMENTO E AREIA MÉDIA), PREPARO MANUAL. AF_08/2014","M3","0,0034500","387,49",1.3368405000000001]
[null,null,null,"TOTAL GERAL S/ BDI",null,null,null,{"$f":"SUM(H790:H795)","v":49}]
["4.1.21","SINAPI",95468,"PINTURA ESMALTE BRILHANTE (2 DEMAOS) SOBRE SUPERFICIE METALICA, INCLUSIVE PROTECAO COM ZARCAO (1 DEMAO)","M²",67.239999999999995]
[null,null,null,"LIXA EM FOLHA PARA FERRO, NUMERO 150","UN","0,3000000","1,83",{"$f":"G798*F798","v":0.54900000000000004}]
[null,null,null,"SOLVENTE DILUENTE A BASE DE AGUARRAS","L","0,0300000","13,69",0.41070000000000001]
[null,null,null,"TINTA ESMALTE SINTETICO PREMIUM BRILHANTE","L","0,1440000","25,87",3.7252800000000001]
[null,null,null,"FUNDO ANTICORROSIVO PARA METAIS FERROSOS (ZARCAO)","L","0,1200000","26,87",3.2244000000000002]
[null,null,null,"PINTOR COM ENCARGOS COMPLEMENTARES","H",0.43540000000000001,"19,49",8.4859460000000002]
[null,null,null,"SERVENTE COM ENCARGOS COMPLEMENTARES","H","0,8000000","15,85",12.68]
[null,null,null,"TOTAL GERAL S/ BDI",null,null,null,{"$f":"SUM(H798:H803)","v":29.08}]
["4.1.22","SINAPI","73891/1","ESGOTAMENTO COM MOTO-BOMBA AUTOESCOVANTE","H",322]
[null,null,null,"MOTOBOMBA CENTRÍFUGA, MOTOR A GASOLINA, POTÊNCIA 5,42 HP, BOCAIS 1 1/2\" X 1\", DIÂMETRO ROTOR 143 MM HM/Q = 6 MCA / 16,8 M3/H A 38 MCA / 6,6 M3/H - CHP DIURNO. AF_06/2014","CHP","1,0000000",3.06,{"$f":"G806*F806","v":3.06}]
[null,null,null,"SERVENTE COM ENCARGOS COMPLEMENTARES","H",0.09,"15,85",1.4265000000000001]
[null,null,null,"TOTAL GERAL S/ BDI",null,null,null,{"$f":"SUM(H806:H807)","v":4.49}]
["4.3.1","SINAPI",93358,"ESCAVAÇÃO MANUAL DE VALA COM PROFUNDIDADE MENOR OU IGUAL A 1,30 M. AF_03/2016","M³",2456.1999999999998]
[null,null,null,"SERVENTE COM ENCARGOS COMPLEMENTARES","H",3.1802000000000001,"15,85",{"$f":"G810*F810","v":50.406170000000003}]
[null,null,null,"TOTAL GERAL S/ BDI",null,null,null,{"$f":"SUM(H810)","v":50.41}]
["4.3.2","SINAPI",94964,"CONCRETO FCK = 20MPA, TRAÇO 1:2,7:3 (CIMENTO/ AREIA MÉDIA/ BRITA 1)  - PREPARO MECÂNICO COM BETONEIRA 400 L. AF_07/2016","M³",9.69]
[null,null,null,"AREIA MEDIA - POSTO JAZIDA/FORNECEDOR (RETIRADO NA JAZIDA, SEM TRANSPORTE)","M3","0,7850000","55,00",{"$f":"G813*F813","v":43.174999999999997}]
[null,null,null,"CIMENTO PORTLAND COMPOSTO CP II-32","KG",300,"0,43",129]
[null,null,null,"PEDRA BRITADA N. 1 (9,5 a 19 MM) POSTO PEDREIRA/FORNECEDOR, SEM FRETE","M3","0,5870000","55,38",32.50806]
[null,null,null,"SERVENTE COM ENCARGOS COMPLEMENTARES","H",1,"15,85",15.85]
[null,null,null,"OPERADOR DE BETONEIRA ESTACIONÁRIA/MISTURADOR COM ENCARGOS COMPLEMENTARES","H",0.72545999999999999,"28,44",20.632082400000002]
[null,null,null,"BETONEIRA CAPACIDADE NOMINAL DE 400 L, CAPACIDADE DE MISTURA 280 L, MOTOR ELÉTRICO TRIFÁSICO POTÊNCIA DE 2 CV, SEM CARREGADOR - CHP DIURNO. AF_10/2014","CHP",0.79,"1,11",0.87690000000000001]
[null,null,null,"BETONEIRA CAPACIDADE NOMINAL DE 400 L, CAPACIDADE DE MISTURA 280 L, MOTOR ELÉTRICO TRIFÁSICO POTÊNCIA DE 2 CV, SEM CARREGADOR - CHI DIURNO. AF_10/2014","CHI","0,7800000","0,27",0.21060000000000001]
[null,null,null,"TOTAL GERAL S/ BDI",null,null,null,{"$f":"SUM(H813:H819)","v":242.25}]
["4.3.3","SINAPI",92873,"LANÇAMENTO COM USO DE BALDES, ADENSAMENTO E ACABAMENTO DE CONCRETO EM ESTRUTURAS. AF_12/2015","M³",155.05000000000001]
[null,null,null,"CARPINTEIRO DE FORMAS COM ENCARGOS COMPLEMENTARES","H",1,"19,45",{"$f":"G822*F822","v":19.45}]
[null,null,null,"PEDREIRO COM ENCARGOS COMPLEMENTARES","H",1.075,"19,57",21.037749999999999]
[null,null,null,"SERVENTE COM ENCARGOS COMPLEMENTARES","H","5,5380000","15,85",87.777299999999997]
[null,null,null,"VIBRADOR DE IMERSÃO, DIÂMETRO DE PONTEIRA 45MM, MOTOR ELÉTRICO TRIFÁSICO POTÊNCIA DE 2 CV - CHP DIURNO. AF_06/2015","CHP","0,6720000","1,12",0.75263999999999998]
[null,null,null,"VIBRADOR DE IMERSÃO, DIÂMETRO DE PONTEIRA 45MM, MOTOR ELÉTRICO TRIFÁSICO POTÊNCIA DE 2 CV - CHI DIURNO. AF_06/2015","CHI","1,1740000","0,30",0.35220000000000001]
[null,null,null,"TOTAL GERAL S/ BDI",null,null,null,{"$f":"SUM(H822:H826)","v":129.37}]
["4.3.4","ORSE",3366,"FORMA PLANA PARA ESTRUTURAS, EM COMPENSADO PLASTIFICADO DE 12MM, 07 USOS, INC LUSIVE ESCORAMENTO - REVISADA 07.2015","M²",2404.21]
[null,null,"01569/ORSE","Madeira mista serrada (barrote) 6 x 6cm - 0,0036 m3/m (angelim, louro)","m",0.6,5.87,{"$f":"G829*F829","v":3.5219999999999998}]
[null,null,"00333/SINAPI","Arame galvanizado 14 bwg, d = 2,11 mm (0,026 kg/m)","kg",0.15,12.5,1.875]
[null,null,"01213/SINAPI","Carpinteiro de formas","h",0.7,19.45,13.615]
[null,null,"06111/SINAPI","Servente de obras","h",8.1900000000000001E-2,15.85,{"$f":"G832*F832","v":1.2981149999999999}]
[null,null,"01347/SINAPI","Chapa de madeira compensada plastificada para forma de concreto, de 2,20 x 1,10 m, e = 12 mm","m2",0.15,32.1,{"$f":"G833*F833","v":4.8150000000000004}]
[null,null,"02692/SINAPI","Desmoldante protetor para formas de madeira, de base oleosaemulsionada em agua","l",0.02,6.14,0.12280000000000001]
[null,null,"04509/SINAPI","Tabua de madeira nao aparelhada *2,5 x 10 cm (1 x 4 \") pinus, mista ou equivalente da regiao","m",0.77800000000000002,3.42,2.6607599999999998]
[null,null,"05068/SINAPI","Prego de aco polido com cabeca 17 x 21 (2 x 11)","kg",2.5000000000000001E-2,9.86,0.2465]
[null,null,"05069/SINAPI","Prego de aco polido com cabeca 17 x 27 (2 1/2 x 11)","kg",0.1,10.050000000000001,1.0049999999999999]
[null,null,"06193/SINAPI","Tabua de madeira nao aparelhada *2,5 x 20* cm, cedrinho ou equivalente da regiao","m",8.6999999999999994E-2,5.75,0.50024999999999997]
[null,null,"02378/ORSE","Vale transporte","un",0.20730000000000001,3.5,0.72555000000000003]
[null,null,null,"TOTAL GERAL S/ BDI",null,null,null,{"$f":"SUM(H829:H839)","v":30.39}]
["4.3.5","SINAPI",92791,"CORTE E DOBRA DE AÇO CA-60, DIÂMETRO DE 5,0 MM, UTILIZADO EM ESTRUTURAS DIVERSAS, EXCETO LAJES. AF_12/2015","KG",19620.5]
[null,null,null,"ACO CA-60, 5,0 MM, VERGALHAO","KG",1.05,4.5,{"$f":"G842*F842","v":4.7249999999999996}]
[null,null,null,"AJUDANTE DE ARMADOR COM ENCARGOS COMPLEMENTARES","H",5.0000000000000001E-3,"14,94",7.4700000000000003E-2]
[null,null,null,"ARMADOR COM ENCARGOS COMPLEMENTARES","H",0.02,"19,45",0.38900000000000001]
[null,null,null,"TOTAL GERAL S/ BDI",null,null,null,{"$f":"SUM(H842:H844)","v":5.19}]
["4.3.6","SINAPI",92794,"CORTE E DOBRA DE AÇO CA-50, DIÂMETRO DE 10,0 MM, UTILIZADO EM ESTRUTURAS DIVERSAS, EXCETO LAJES. AF_12/2015","KG",10728.2]
[null,null,null,"ACO CA-50, 10,0 MM, VERGALHAO","KG",1.05,3.95,{"$f":"G847*F847","v":4.1475}]
[null,null,null,"AJUDANTE DE ARMADOR COM ENCARGOS COMPLEMENTARES","H",1E-4,"14,94",1.4940000000000001E-3]
[null,null,null,"ARMADOR COM ENCARGOS COMPLEMENTARES","H",5.0000000000000001E-3,"19,45",9.7250000000000003E-2]
[null,null,null,"TOTAL GERAL S/ BDI",null,null,null,{"$f":"SUM(H847:H849)","v":4.25}]
["4.3.7","SINAPI",87503,"ALVENARIA DE VEDAÇÃO DE BLOCOS CERÂMICOS FURADOS NA HORIZONTAL DE 9X19X19CM (ESPESSURA 9CM) DE PAREDES COM ÁREA LÍQUIDA MAIOR OU IGUAL A 6M² SEM VÃOS E ARGAMASSA DE ASSENTAMENTO COM PREPARO EM BETONEIRA. AF_06/2014","M²",212.31]
[null,null,null,"BLOCO CERAMICO (ALVENARIA DE VEDACAO), DE 9 X 19 X 19 CM","MIL","0,0279300","450,00",{"$f":"G852*F852","v":12.5685}]
[null,null,null,"TELA DE ACO SOLDADA GALVANIZADA/ZINCADA PARA ALVENARIA, FIO D = *1,20 A 1,70* MM, MALHA 15 X 15 MM, (C X L) *50 X 7,5* CM","M","0,4200000","1,16",0.48720000000000002]
[null,null,null,"PINO DE ACO COM FURO, HASTE = 27 MM (ACAO DIRETA)","CENTO","0,0050000","38,74",0.19370000000000001]
[null,null,null,"ARGAMASSA TRAÇO 1:2:8 (CIMENTO, CAL E AREIA MÉDIA) PARA EMBOÇO/MASSA ÚNICA/ASSENTAMENTO DE ALVENARIA DE VEDAÇÃO, PREPARO MECÂNICO COM BETONEIRA 400 L. AF_06/2014","M3","0,0098000","443,03",4.3416940000000004]
[null,null,null,"PEDREIRO COM ENCARGOS COMPLEMENTARES","H",1,"19,57",19.57]
[null,null,null,"SERVENTE COM ENCARGOS COMPLEMENTARES","H",0.45750000000000002,"15,85",7.2513750000000003]
[null,null,null,"TOTAL GERAL S/ BDI",null,null,null,{"$f":"SUM(H852:H857)","v":44.41}]
["4.3.8","SINAPI",87529,"MASSA ÚNICA, PARA RECEBIMENTO DE PINTURA, EM ARGAMASSA TRAÇO 1:2:8, PREPARO MECÂNICO COM BETONEIRA 400L, APLICADA MANUALMENTE EM FACES INTERNAS DE PAREDES, ESPESSURA DE 20MM, COM EXECUÇÃO DE TALISCAS. AF_06/2014","M²",424.56]
[null,null,null,"ARGAMASSA TRAÇO 1:2:8 (CIMENTO, CAL E AREIA MÉDIA) PARA EMBOÇO/MASSA ÚNICA/ASSENTAMENTO DE ALVENARIA DE VEDAÇÃO, PREPARO MECÂNICO COM BETONEIRA 400 L. AF_06/2014","M3","0,0376000","443,03",{"$f":"G860*F860","v":16.657927999999998}]
[null,null,null,"PEDREIRO COM ENCARGOS COMPLEMENTARES","H",0.24099999999999999,"19,57",4.7163700000000004]
[null,null,null,"SERVENTE COM ENCARGOS COMPLEMENTARES","H",0.1,"15,85",1.585]
[null,null,null,"TOTAL GERAL S/ BDI",null,null,null,{"$f":"SUM(H860:H862)","v":22.96}]
["4.3.9","SINAPI",88489,"APLICAÇÃO MANUAL DE PINTURA COM TINTA LÁTEX ACRÍLICA EM PAREDES, DUAS DEMÃOS. AF_06/2014","M²",1348.56]
[null,null,null,"TINTA ACRILICA PREMIUM, COR BRANCO FOSCO","L","0,3300000","16,80",{"$f":"G865*F865","v":5.5439999999999996}]
[null,null,null,"PINTOR COM ENCARGOS COMPLEMENTARES","H",0.107,"19,49",2.0854300000000001]
[null,null,null,"SERVENTE COM ENCARGOS COMPLEMENTARES","H",0.04,"15,85",0.63400000000000001]
[null,null,null,"TOTAL GERAL S/ BDI",null,null,null,{"$f":"SUM(H865:H867)","v":8.26}]
["4.3.10","SINAPI",88488,"APLICAÇÃO MANUAL DE PINTURA COM TINTA LÁTEX ACRÍLICA EM TETO, DUAS DEMÃOS. AF_06/2014","M²",134.37]
[null,null,null,"TINTA ACRILICA PREMIUM, COR BRANCO FOSCO","L","0,3300000","16,80",{"$f":"G870*F870","v":5.5439999999999996}]
[null,null,null,"PINTOR COM ENCARGOS COMPLEMENTARES","H",0.1578,"19,49",3.0755219999999999]
[null,null,null,"SERVENTE COM ENCARGOS COMPLEMENTARES","H",0.05,"15,85",0.79249999999999998]
[null,null,null,"TOTAL GERAL S/ BDI",null,null,null,{"$f":"SUM(H870:H872)","v":9.41}]
["4.3.11","SINAPI",68054,"PORTAO DE FERRO EM CHAPA GALVANIZADA PLANA 14 GSG","M²",58.54]
[null,null,null,"ACO CA-25, 10,0 MM, VERGALHAO","KG","5,1000000","4,15",{"$f":"G875*F875","v":21.164999999999999}]
[null,null,null,"AREIA MEDIA - POSTO JAZIDA/FORNECEDOR (RETIRADO NA JAZIDA, SEM TRANSPORTE)","M3","0,0250000","55,00",1.375]
[null,null,null,"CAL HIDRATADA CH-I PARA ARGAMASSAS","KG",0.3,"0,80",0.24]
[null,null,null,"CIMENTO PORTLAND COMPOSTO CP II-32","KG","4,6000000","0,43",1.978]
[null,null,null,"CANTONEIRA ACO ABAS IGUAIS (QUALQUER BITOLA), ESPESSURA ENTRE 1/8\" E 1/4\"","KG","8,2600000","4,42",36.5092]
[null,null,null,"CHAPA DE ACO GALVANIZADA BITOLA GSG 14, E = 1,95 MM (15,60 KG/M2)","KG",15.28,"7,70",117.65600000000001]
[null,null,null,"PEDREIRO COM ENCARGOS COMPLEMENTARES","H",0.25073000000000001,"19,57",4.9067860999999997]
[null,null,null,"SERVENTE COM ENCARGOS COMPLEMENTARES","H",0.2,"15,85",3.17]
[null,null,null,"TOTAL GERAL S/ BDI",null,null,null,{"$f":"SUM(H875:H882)","v":187}]
["4.3.12","ORSE",6320,"LASTRO DE CONCRETO, FCK=15 MPA, LANÇADO E ADENSADO","M³",7.8]
[null,null,"00126/ORSE","Concreto simples fabricado na obra, fck=15 mpa, lançado e adensado","m3",1,300,{"$f":"G885*F885","v":300}]
[null,null,"01213/SINAPI","Carpinteiro de formas","h",0.16539999999999999,13.39,2.2147060000000001]
[null,null,"04750/SINAPI","Pedreiro","h",0.1,13.39,1.339]
[null,null,"06111/SINAPI","Servente de obras","h",1,9.3000000000000007,9.3000000000000007]
[null,null,null,"TOTAL GERAL S/ BDI",null,null,null,{"$f":"SUM(H885:H888)","v":312.85000000000002}]
["4.3.13","SINAPI",98679,"PISO CIMENTADO, TRAÇO 1:3 (CIMENTO E AREIA), ACABAMENTO LISO, ESPESSURA 2,0 CM, PREPARO MECÂNICO DA ARGAMASSA. AF_06/2018","M²",78]
[null,null,null,"CIMENTO PORTLAND COMPOSTO CP II-32","KG",0.4,"0,43",{"$f":"G891*F891","v":0.17199999999999999}]
[null,null,null,"JUNTA PLASTICA DE DILATACAO PARA PISOS, COR CINZA, 17 X 3 MM (ALTURA X ESPESSURA)","M",1.6,"0,87",1.3919999999999999]
[null,null,null,"ARGAMASSA TRAÇO 1:3 (CIMENTO E AREIA MÉDIA) PARA CONTRAPISO, PREPARO MECÂNICO COM BETONEIRA 400 L. AF_06/2014","M3","0,0310000","463,07",14.355169999999999]
[null,null,null,"PEDREIRO COM ENCARGOS COMPLEMENTARES","H",0.1225,"19,57",2.3973249999999999]
[null,null,null,"SERVENTE COM ENCARGOS COMPLEMENTARES","H",0.15,"15,85",2.3774999999999999]
[null,null,null,"TOTAL GERAL S/ BDI",null,null,null,{"$f":"SUM(H891:H895)","v":20.69}]
["4.3.14","SINAPI",94998,"EXECUÇÃO DE PASSEIO (CALÇADA) OU PISO DE CONCRETO COM CONCRETO MOLDADO IN LOCO, FEITO EM OBRA, ACABAMENTO CONVENCIONAL, ESPESSURA 12 CM, ARMADO. AF_07/2016","M²",75.75]
[null,null,null,"LONA PLASTICA PRETA, E= 150 MICRA","M2","1,1280000","1,13",{"$f":"G898*F898","v":1.27464}]
[null,null,null,"PECA DE MADEIRA NATIVA/REGIONAL 2,5 X 7,0 CM (SARRAFO-P/FORMA)","M","0,2000000","1,04",0.20799999999999999]
[null,null,null,"TABUA MADEIRA 2A QUALIDADE 2,5 X 30,0CM (1 X 12\") NAO APARELHADA","M","0,1250000","7,93",0.99124999999999996]
[null,null,null,"TELA DE ACO SOLDADA NERVURADA, CA-60, Q-196, (3,11 KG/M2), DIAMETRO DO FIO = 5,0 MM, LARGURA =  2,45 M, ESPACAMENTO DA MALHA = 10 X 10 CM","M2",1.05,"14,42",15.141]
[null,null,null,"CARPINTEIRO DE FORMAS COM ENCARGOS COMPLEMENTARES","H",0.1,"19,45",1.9450000000000001]
[null,null,null,"PEDREIRO COM ENCARGOS COMPLEMENTARES","H",0.12,"19,57",2.3483999999999998]
[null,null,null,"SERVENTE COM ENCARGOS COMPLEMENTARES","H",0.2,"15,85",3.17]
[null,null,null,"CONCRETO FCK = 20MPA, TRAÇO 1:2,7:3 (CIMENTO/ AREIA MÉDIA/ BRITA 1)  - PREPARO MECÂNICO COM BETONEIRA 400 L. AF_07/2016","M3","0,1455000","301,28",43.836239999999997]
[null,null,null,"TOTAL GERAL S/ BDI",null,null,null,{"$f":"SUM(H898:H905)","v":68.91}]
["4.3.15","SINAPI",95465,"COBOGO CERAMICO (ELEMENTO VAZADO), 9X20X20CM, ASSENTADO COM ARGAMASSA TRACO 1:4 DE CIMENTO E AREIA","M²",11.52]
[null,null,null,"AREIA MEDIA - POSTO JAZIDA/FORNECEDOR (RETIRADO NA JAZIDA, SEM TRANSPORTE)","M3","0,0190000","55,00",{"$f":"G908*F908","v":1.0449999999999999}]
[null,null,null,"CIMENTO PORTLAND COMPOSTO CP II-32","KG",2,"0,43",0.86]
[null,null,null,"ELEMENTO VAZADO CERAMICO 9 X 20 X 20 CM","UN","25,0000000","3,04",76]
[null,null,null,"PEDREIRO COM ENCARGOS COMPLEMENTARES","H",0.5,"19,57",9.7850000000000001]
[null,null,null,"SERVENTE COM ENCARGOS COMPLEMENTARES","H",0.31879999999999997,"15,85",5.0529799999999998]
[null,null,null,"TOTAL GERAL S/ BDI",null,null,null,{"$f":"SUM(H908:H912)","v":92.74}]
["4.3.16","SINAPI","74202/1","LAJE PRE-MOLDADA P/FORRO, SOBRECARGA 100KG/M2, VAOS ATE 3,50M/E=8CM, C/LAJOTAS E CAP.C/CONC FCK=20MPA, 3CM, INTER-EIXO 38CM, C/ESCORAMENTO (REAPR.3X) E FERRAGEM NEGATIVA","M²",462]
[null,null,null,"ACO CA-60, 5,0 MM, VERGALHAO","KG","0,4710000","4,50",{"$f":"G915*F915","v":2.1194999999999999}]
[null,null,null,"LAJE PRE-MOLDADA CONVENCIONAL (LAJOTAS + VIGOTAS) PARA FORRO, UNIDIRECIONAL, SOBRECARGA DE 100 KG/M2, VAO ATE 4,00 M (SEM COLOCACAO)","M2","1,0000000","33,00",33]
[null,null,null,"PECA DE MADEIRA NATIVA / REGIONAL 7,5 X 7,5CM (3X3) NAO APARELHADA (P/FORMA)","M","0,2900000","6,40",1.8560000000000001]
[null,null,null,"PREGO DE ACO POLIDO COM CABECA 18 X 27 (2 1/2 X 10)","KG","0,0300000","11,20",0.33600000000000002]
[null,null,null,"TABUA MADEIRA 2A QUALIDADE 2,5 X 30,0CM (1 X 12\") NAO APARELHADA","M","0,1700000","7,93",1.3481000000000001]
[null,null,null,"AJUDANTE DE CARPINTEIRO COM ENCARGOS COMPLEMENTARES","H",4.8000000000000001E-2,"19,49",0.93552000000000002]
[null,null,null,"CARPINTEIRO DE FORMAS COM ENCARGOS COMPLEMENTARES","H",0.05,"19,45",0.97250000000000003]
[null,null,null,"PEDREIRO COM ENCARGOS COMPLEMENTARES","H",0.1,"19,57",1.9570000000000001]
[null,null,null,"SERVENTE COM ENCARGOS COMPLEMENTARES","H",0.1,"15,85",1.585]
[null,null,null,"LANÇAMENTO COM USO DE BOMBA, ADENSAMENTO E ACABAMENTO DE CONCRETO EM ESTRUTURAS. AF_12/2015","M3","0,0330000","26,75",0.88275000000000003]
[null,null,null,"CONCRETO FCK = 20MPA, TRAÇO 1:2,7:3 (CIMENTO/ AREIA MÉDIA/ BRITA 1)  - PREPARO MECÂNICO COM BETONEIRA 600 L. AF_07/2016","M3","0,0330000","287,41",9.4845299999999995]
[null,null,null,"TOTAL GERAL S/ BDI",null,null,null,{"$f":"SUM(H915:H925)","v":54.48}]
["4.3.17","SINAPI",73661,"FORNECIMENTO E INSTALACAO DE TALHA E TROLEY MANUAL DE 1 TONELADA","UN",3]
[null,null,null,"TALHA MANUAL DE CORRENTE, CAPACIDADE DE 2 T COM ELEVACAO DE 3 M","UN","0,6000000","1.007,00",{"$f":"G928*F928","v":604.20000000000005}]
[null,null,null,"TROLEY MANUAL CAPACIDADE 1 T","UN","1,0000000","557,48",557.48]
[null,null,null,"MONTADOR ELETROMECÃNICO COM ENCARGOS COMPLEMENTARES","H",1,"27,96",27.96]
[null,null,null,"SERVENTE COM ENCARGOS COMPLEMENTARES","H",1,"15,85",15.85]
[null,null,null,"CAMINHONETE CABINE SIMPLES COM MOTOR 1.6 FLEX, CÂMBIO MANUAL, POTÊNCIA 101/104 CV, 2 PORTAS - CHP DIURNO. AF_11/2015","CHP",4.8266999999999998,"103,21",498.16370699999999]
[null,null,null,"TOTAL GERAL S/ BDI",null,null,null,{"$f":"SUM(H928:H932)","v":1703.65}]
["4.3.18","SINAPI",83514,"FORNECIMENTO DE PERFIL SIMPLES \"I\" OU \"H\" 8 A 12\" INCLUSIVE PERDAS","KG",490.5]
[null,null,null,"OXIGENIO, RECARGA PARA CILINDRO DE CONJUNTO OXICORTE GRANDE","M3","0,0030000","8,32",2.496E-2]
[null,null,null,"PERFIL \"I\" DE ACO LAMINADO, \"W\" 410 X 67","KG",1,5.4,5.4]
[null,null,null,"ELETRODO REVESTIDO AWS - E6013, DIAMETRO IGUAL A 4,00 MM","KG",1E-4,"24,57",2.457E-3]
[null,null,null,"SOLDADOR COM ENCARGOS COMPLEMENTARES","H",1E-3,"19,45",1.9449999999999999E-2]
[null,null,null,"TOTAL GERAL S/ BDI",null,null,null,{"$f":"SUM(H935:H938)","v":5.45}]
["4.3.19","SEINFRA","C3497","MONTAGEM DE TUBOS, CONEXÕES E PÇS, ELEVATÓRIA C/ VAZÃO DE 5,01 À 10 l/s","UN",1]
[null,null,null,"TOTAL GERAL S/ BDI"]
["4.4.1","ORSE",11146,"MURO EM ALVENARIA BLOCO CERÂMICO, E= 0,09M, C/ ALV DE PEDRA GRANÍTICA, 0,35 X 0,60M, COLUNAS (9X20CM) E CINTAMENTO (9X15CM) SUPERIOR E INFERIOR CONCRETO AR MADO FCK = 15,0 MPA CADA 3,00M, CHAPISCO E REBOCO","M²",462]
[null,null,"00093/ORSE","Alvenaria pedra granitica argamassada traço (1:5) - 1 saco cimento 50kg / 5 padiolas areia dim. 0,35z0,45x0,23m - Confecção mecânica e transporte","m3",0.105,200,{"$f":"G943*F943","v":21}]
[null,null,"00096/ORSE","Concreto simples usinado fck=15mpa, bombeado, lançado e adensado em superestrura","m3",1.2999999999999999E-2,230,2.99]
[null,null,"00115/ORSE","Forma plana para estruturas, em compensado resinado de 12mm, 02 usos, inclusive escoramento - Revisada 07.2015","m2",0.13,84.52,10.9876]
[null,null,"00140/ORSE","Aço CA - 50 Ø 6,3 a 12,5mm, inclusive corte, dobragem, montagem e colocacao de ferragens nas formas, para superestruturas e fundações","kg",0.5,6.53,3.2650000000000001]
[null,null,"03310/ORSE","Chapisco em parede com argamassa traço t1 - 1:3 (cimento / areia) - Revisado 08/2015","m2",1,4.6100000000000003,4.6100000000000003]
[null,null,"03316/ORSE","Reboco ou emboço externo, de parede, com argamassa traço t5 - 1:2:8 (cimento / cal / areia), espessura 2,5 cm","m2",1,26.1,26.1]
[null,null,"00081/ORSE","Aço ca-50 6,3 a 12,5 mm","kg",0.2,4.1500000000000004,0.83]
[null,null,"04750/SINAPI","Pedreiro","h",1.2,"19,57",23.484000000000002]
[null,null,"06111/SINAPI","Servente de obras","h",1.0987,"15,85",17.414394999999999]
[null,null,null,"TOTAL GERAL S/ BDI",null,null,null,{"$f":"SUM(H943:H951)","v":110.68}]
["4.4.2","ORSE",4713,"CONCERTINA EM AÇO GALVANIZADO, ESPIRAL DE Ø = 450MM, 3 CLIPES P/ ESPIRAL, LÂM INA DE 30MM E FIO INTERNO DE 2,50MM,  INCLUISIVE INSTALAÇÃO","M",210]
[null,null,"04306/ORSE","Concertina Ripper 450mm ou similar (barreira física efetiva)","m",1,25.73,{"$f":"G954*F954","v":25.73}]
[null,null,null,"TOTAL GERAL S/ BDI",null,null,null,{"$f":"SUM(H954)","v":25.73}]
["4.4.3","SINAPI",88489,"APLICAÇÃO MANUAL DE PINTURA COM TINTA LÁTEX ACRÍLICA EM PAREDES, DUAS DEMÃOS. AF_06/2014","M²",1348.56]
[null,null,null,"TINTA ACRILICA PREMIUM, COR BRANCO FOSCO","L","0,3300000","16,80",{"$f":"G957*F957","v":5.5439999999999996}]
[null,null,null,"PINTOR COM ENCARGOS COMPLEMENTARES","H",0.107,"19,49",2.0854300000000001]
[null,null,null,"SERVENTE COM ENCARGOS COMPLEMENTARES","H",0.04,"15,85",0.63400000000000001]
[null,null,null,"TOTAL GERAL S/ BDI",null,null,null,{"$f":"SUM(H957:H959)","v":8.26}]
["4.4.4","SINAPI",72799,"PAVIMENTO EM PARALELEPIPEDO SOBRE COLCHAO DE AREIA REJUNTADO COM ARGAMASSA DE CIMENTO E AREIA NO TRAÇO 1:3 (PEDRAS PEQUENAS 30 A 35 PECAS POR M2)","M²",471.69]
[null,null,null,"AREIA FINA - POSTO JAZIDA/FORNECEDOR (RETIRADO NA JAZIDA, SEM TRANSPORTE)","M3","0,0230000","70,00",{"$f":"G962*F962","v":1.61}]
[null,null,null,"AREIA GROSSA - POSTO JAZIDA/FORNECEDOR (RETIRADO NA JAZIDA, SEM TRANSPORTE)","M3","0,1000000","65,00",6.5]
[null,null,null,"CIMENTO PORTLAND COMPOSTO CP II-32","KG",8,"0,43",3.44]
[null,null,null,"PARALELEPIPEDO GRANITICO OU BASALTICO, PARA PAVIMENTACAO, SEM FRETE,  *30 A 35* PECAS POR M2","MIL","0,0350000","1.254,00",43.89]
[null,null,null,"CALCETEIRO COM ENCARGOS COMPLEMENTARES","H",0.2,"19,45",3.89]
[null,null,null,"SERVENTE COM ENCARGOS COMPLEMENTARES","H",0.21970000000000001,"15,85",3.4822449999999998]
[null,null,null,"TOTAL GERAL S/ BDI",null,null,null,{"$f":"SUM(H962:H967)","v":62.81}]
["4.4.5","SINAPI",94998,"EXECUÇÃO DE PASSEIO (CALÇADA) OU PISO DE CONCRETO COM CONCRETO MOLDADO IN LOCO, FEITO EM OBRA, ACABAMENTO CONVENCIONAL, ESPESSURA 12 CM, ARMADO. AF_07/2016","M²",75.75]
[null,null,null,"LONA PLASTICA PRETA, E= 150 MICRA","M2","1,1280000","1,13",{"$f":"G970*F970","v":1.27464}]
[null,null,null,"PECA DE MADEIRA NATIVA/REGIONAL 2,5 X 7,0 CM (SARRAFO-P/FORMA)","M","0,2000000","1,04",0.20799999999999999]
[null,null,null,"TABUA MADEIRA 2A QUALIDADE 2,5 X 30,0CM (1 X 12\") NAO APARELHADA","M","0,1250000","7,93",0.99124999999999996]
[null,null,null,"TELA DE ACO SOLDADA NERVURADA, CA-60, Q-196, (3,11 KG/M2), DIAMETRO DO FIO = 5,0 MM, LARGURA =  2,45 M, ESPACAMENTO DA MALHA = 10 X 10 CM","M2",1.05,"14,42",15.141]
[null,null,null,"CARPINTEIRO DE FORMAS COM ENCARGOS COMPLEMENTARES","H",0.1,"19,45",1.9450000000000001]
[null,null,null,"PEDREIRO COM ENCARGOS COMPLEMENTARES","H",0.12,"19,57",2.3483999999999998]
[null,null,null,"SERVENTE COM ENCARGOS COMPLEMENTARES","H",0.2,"15,85",3.17]
[null,null,null,"CONCRETO FCK = 20MPA, TRAÇO 1:2,7:3 (CIMENTO/ AREIA MÉDIA/ BRITA 1)  - PREPARO MECÂNICO COM BETONEIRA 400 L. AF_07/2016","M3","0,1455000","301,28",43.836239999999997]
[null,null,null,"TOTAL GERAL S/ BDI",null,null,null,{"$f":"SUM(H970:H977)","v":68.91}]
["4.4.6","SINAPI",94263,"GUIA (MEIO-FIO) CONCRETO, MOLDADA  IN LOCO  EM TRECHO RETO COM EXTRUSORA, 11,5 CM BASE X 22 CM ALTURA. AF_06/2016","M",30]
[null,null,null,"AREIA MEDIA - POSTO JAZIDA/FORNECEDOR (RETIRADO NA JAZIDA, SEM TRANSPORTE)","M3","0,0070000","55,00",{"$f":"G980*F980","v":0.38500000000000001}]
[null,null,null,"CONCRETO USINADO BOMBEAVEL, CLASSE DE RESISTENCIA C20, COM BRITA 0 E 1, SLUMP = 100 +/- 20 MM, EXCLUI SERVICO DE BOMBEAMENTO (NBR 8953)","M3","0,0300000","217,79",6.5336999999999996]
[null,null,null,"AJUDANTE ESPECIALIZADO COM ENCARGOS COMPLEMENTARES","H","0,0870000","19,10",1.6617]
[null,null,null,"PEDREIRO COM ENCARGOS COMPLEMENTARES","H",0.2,"19,57",3.9140000000000001]
[null,null,null,"SERVENTE COM ENCARGOS COMPLEMENTARES","H",0.248,"15,85",3.9308000000000001]
[null,null,null,"ARGAMASSA TRAÇO 1:4 (CIMENTO E AREIA MÉDIA), PREPARO MANUAL. AF_08/2014","M3",1E-3,"356,46",0.35646]
[null,null,null,"MÁQUINA EXTRUSORA DE CONCRETO PARA GUIAS E SARJETAS, MOTOR A DIESEL, POTÊNCIA 14 CV - CHP DIURNO. AF_12/2015","CHP",0.01,"14,62",0.1462]
[null,null,null,"MÁQUINA EXTRUSORA DE CONCRETO PARA GUIAS E SARJETAS, MOTOR A DIESEL, POTÊNCIA 14 CV - CHI DIURNO. AF_12/2015","CHI",0.01,"4,35",4.3499999999999997E-2]
[null,null,null,"TOTAL GERAL S/ BDI",null,null,null,{"$f":"SUM(H980:H987)","v":16.97}]
["4.5.1","SIGMMA ESCO","COTAÇÃO","CONJUNTO MOTO BOMBA RE-AUTOESCORVANTE ESCO (CÓDIGO LP031004P) OU SIMILAR COM AS SEGUINTES CARACTERÍSTICAS: Q = 36,00 M³/H (10,00 L/S) , H = 17,02 MCA, POTÊNCIA CALCULADA = 5,67 CV, POTÊNCIA COMERCIAL = 10 CV, 380 V. ESCOPO DE FORNECIMENTO: BOMBA + BASE + CORREIA/POLIAS + VÁLVULA DE ALÍVIO DE AR + MOTOR, CONFORME PROPOSTA FINANCEIRA APRESENTADA.","UN ",2]
[null,null,null,"TOTAL GERAL S/ BDI",null,null,null,18654.349999999999]
["4.5.2","SEINFRA","I7266","TUBO FoFo PB JE K-9 P/ ESGOTO DN 150","M",4]
[null,null,null,"TUBO FoFo PB JE K-9 P/ ESGOTO DN 150","M",1,231.28,{"$f":"G992*F992","v":231.28}]
[null,null,null,"TOTAL GERAL S/ BDI",null,null,null,{"$f":"SUM(H992)","v":231.28}]
["4.5.3","SEINFRA","I3893","JUNTA GIBAULT DN 150","UN",6]
[null,null,null,"JUNTA GIBAULT DN 150","UN",1,234.56,{"$f":"G995*F995","v":234.56}]
[null,null,null,"TOTAL GERAL S/ BDI",null,null,null,{"$f":"SUM(H995)","v":234.56}]
["4.5.4","SEINFRA","I6667","TUBO FoFo C/FLANGE E PONTA DN 150 PN10 L=500","UN",4]
[null,null,null,"TUBO FoFo C/FLANGE E PONTA DN 150 PN10 L=500","UN",1,406.83,{"$f":"G998*F998","v":406.83}]
[null,null,null,"TOTAL GERAL S/ BDI",null,null,null,{"$f":"SUM(H998)","v":406.83}]
["4.5.5","ORSE",6343,"REGISTRO GAVETA FOFO, C/ FLANGES, CUNHA BORRACHA, CORPO CURTO E CABEÇOTE, TIP O EURO 23,  PN16, DIAM  = 150MM","UN",6]
[null,null,null,"REGISTRO GAVETA FOFO, C/ FLANGES, CUNHA BORRACHA, CORPO CURTO E CABEÇOTE, TIP O EURO 23,  PN16, DIAM  = 150MM","UN",1,473.77,{"$f":"G1001*F1001","v":473.77}]
[null,null,null,"TOTAL GERAL S/ BDI",null,null,null,{"$f":"SUM(H1001)","v":473.77}]
["4.5.6","ORSE",8656,"TUBO INTEGRAL EM FOFO, PARA ESGOTO - JGS Ø= 150MM","M",0.8]
[null,null,null,"TUBO INTEGRAL EM FOFO, PARA ESGOTO - JGS Ø= 150MM","M",1,188.75,{"$f":"G1004*F1004","v":188.75}]
[null,null,null,"TOTAL GERAL S/ BDI",null,null,null,{"$f":"SUM(H1004)","v":188.75}]
["4.5.7","SEINFRA","I3477","CURVA DE PÉ 90 FF DN 150 PN10","UN",4]
[null,null,null,"CURVA DE PÉ 90 FF DN 150 PN10","UN",1,354.07,{"$f":"G1007*F1007","v":354.07}]
[null,null,null,"TOTAL GERAL S/ BDI",null,null,null,{"$f":"SUM(H1007)","v":354.07}]
["4.5.8","SEINFRA","I4475","TUBO FoFo C/ FLANGES DN 150 PN10 - L=4000","UN",2]
[null,null,null,"TUBO FoFo C/ FLANGES DN 150 PN10 - L=4000","UN",1,1633.76,{"$f":"G1010*F1010","v":1633.76}]
[null,null,null,"TOTAL GERAL S/ BDI",null,null,null,{"$f":"SUM(H1010)","v":1633.76}]
["4.5.9","SEINFRA","I3426","CURVA FoFo 90 FF DN 150 PN10","UN",10]
[null,null,null,"CURVA FoFo 90 FF DN 150 PN10","UN",1,269.47000000000003,{"$f":"G1013*F1013","v":269.47000000000003}]
[null,null,null,"TOTAL GERAL S/ BDI",null,null,null,{"$f":"SUM(H1013)","v":269.47000000000003}]
["4.5.10","SEINFRA","I4473","TUBO FoFo C/ FLANGES DN 150 PN10 - L=3000","UN",4]
[null,null,null,"TUBO FoFo C/ FLANGES DN 150 PN10 - L=3000","UN",1,1360.05,{"$f":"G1016*F1016","v":1360.05}]
[null,null,null,"TOTAL GERAL S/ BDI",null,null,null,{"$f":"SUM(H1016)","v":1360.05}]
["4.5.11","SEINFRA","I7605","REDUÇÃO EXCÊNTRICA C/ FLANGES DN 150 x 80 PN10","UN",4]
[null,null,null,"REDUÇÃO EXCÊNTRICA C/ FLANGES DN 150 x 80 PN10","UN",1,354.58,{"$f":"G1019*F1019","v":354.58}]
[null,null,null,"TOTAL GERAL S/ BDI",null,null,null,{"$f":"SUM(H1019)","v":354.58}]
["4.5.12","SEINFRA","I4083","REDUÇÃO FoFo FF DN 150 x 75 PN10","UN",4]
[null,null,null,"REDUÇÃO FoFo FF DN 150 x 75 PN10","UN",1,289.39,{"$f":"G1022*F1022","v":289.39}]
[null,null,null,"TOTAL GERAL S/ BDI",null,null,null,{"$f":"SUM(H1022)","v":289.39}]
["4.5.13","SEINFRA","I8745","VÁLVULA RETENÇÃO PORTA ÚNICA C/FLANGES DN 150 P/ESGOTO","UN",4]
[null,null,null,"VÁLVULA RETENÇÃO PORTA ÚNICA C/FLANGES DN 150 P/ESGOTO","UN",1,1412.46,{"$f":"G1025*F1025","v":1412.46}]
[null,null,null,"TOTAL GERAL S/ BDI",null,null,null,{"$f":"SUM(H1025)","v":1412.46}]
["4.5.14","SEINFRA","I3796","EXTREMIDADE FLANGE E PONTA DN 150 PN10","UN",8]
[null,null,null,"EXTREMIDADE FLANGE E PONTA DN 150 PN10","UN",1,219.5,{"$f":"G1028*F1028","v":219.5}]
[null,null,null,"TOTAL GERAL S/ BDI",null,null,null,{"$f":"SUM(H1028)","v":219.5}]
["4.5.15","SEINFRA","I3962","TUBO FoFo C/ FLANGES DN 150 PN10 - L=250","UN",4]
[null,null,null,"TUBO FoFo C/ FLANGES DN 150 PN10 - L=250","UN",1,227.36,{"$f":"G1031*F1031","v":227.36}]
[null,null,null,"TOTAL GERAL S/ BDI",null,null,null,{"$f":"SUM(H1031)","v":227.36}]
["4.5.16","SEINFRA","I3409","CURVA FoFo 45 FF DN 150 PN10","UN",2]
[null,null,null,"CURVA FoFo 45 FF DN 150 PN10","UN",1,249.75,{"$f":"G1034*F1034","v":249.75}]
[null,null,null,"TOTAL GERAL S/ BDI",null,null,null,{"$f":"SUM(H1034)","v":249.75}]
["4.5.17","SEINFRA","I3877","JUNÇÃO 45 FoFo FFF DN 150 x 150 PN10","UN",2]
[null,null,null,"JUNÇÃO 45 FoFo FFF DN 150 x 150 PN10","UN",1,745.35,{"$f":"G1037*F1037","v":745.35}]
[null,null,null,"TOTAL GERAL S/ BDI",null,null,null,{"$f":"SUM(H1037)","v":745.35}]
["4.5.18","SEINFRA","I4470","TUBO FoFo C/ FLANGES DN 150 PN10 - L=1500","UN",2]
[null,null,null,"TUBO FoFo C/ FLANGES DN 150 PN10 - L=1500","UN",1,977.14,{"$f":"G1040*F1040","v":977.14}]
[null,null,null,"TOTAL GERAL S/ BDI",null,null,null,{"$f":"SUM(H1040)","v":977.14}]
["4.5.19","SEINFRA","I3646","TE FoFo FF DN 150 x 50 PN10","UN",2]
[null,null,null,"TE FoFo FF DN 150 x 50 PN10","UN",1,464.37,{"$f":"G1043*F1043","v":464.37}]
[null,null,null,"TOTAL GERAL S/ BDI",null,null,null,{"$f":"SUM(H1043)","v":464.37}]
["4.5.20","ORSE",12533,"REGISTRO GAVETA FOFO, C/ FLANGES, CUNHA BORRACHA, CORPO CURTO E VOLANTE, TIPO EURO 23,  PN16, DIAM  = 50MM","UN",3]
[null,null,null,"REGISTRO GAVETA FOFO, C/ FLANGES, CUNHA BORRACHA, CORPO CURTO E VOLANTE, TIPO EURO 23,  PN16, DIAM  = 50MM","UN",1,267.32,{"$f":"G1046*F1046","v":267.32}]
[null,null,null,"TOTAL GERAL S/ BDI",null,null,null,{"$f":"SUM(H1046)","v":267.32}]
["4.5.21","ORSE",6439,"VENTOSA TRÍPLICE FUNÇÃO,  PN 25, DIAM  = 50MM","UN",3]
[null,null,null,"VENTOSA TRÍPLICE FUNÇÃO,  PN 25, DIAM  = 50MM","UN",1,864.91,{"$f":"G1049*F1049","v":864.91}]
[null,null,null,"TOTAL GERAL S/ BDI",null,null,null,{"$f":"SUM(H1049)","v":864.91}]
["4.5.22","SEINFRA","I4655","TUBO FoFo C/FLANGE E PONTA DN 150 PN10 - L=1000","UN",2]
[null,null,null,"TUBO FoFo C/FLANGE E PONTA DN 150 PN10 - L=1000","UN",1,559.03,{"$f":"G1052*F1052","v":559.03}]
[null,null,null,"TOTAL GERAL S/ BDI",null,null,null,{"$f":"SUM(H1052)","v":559.03}]
["4.5.23","SEINFRA","I3364","CURVA 90 FoFo BB JUNTA ELÁSTICA DN 150","UN",2]
[null,null,null,"CURVA 90 FoFo BB JUNTA ELÁSTICA DN 150","UN",1,267.61,{"$f":"G1055*F1055","v":267.61}]
[null,null,null,"TOTAL GERAL S/ BDI",null,null,null,{"$f":"SUM(H1055)","v":267.61}]
["4.5.24","SEINFRA","I4658","TUBO FoFo C/FLANGE E PONTA DN 150 PN10 - L=2500","UN",2]
[null,null,null,"TUBO FoFo C/FLANGE E PONTA DN 150 PN10 - L=2500","UN",1,947.22,{"$f":"G1058*F1058","v":947.22}]
[null,null,null,"TOTAL GERAL S/ BDI",null,null,null,{"$f":"SUM(H1058)","v":947.22}]
["4.5.25","SEINFRA","I3648","TE FoFo FF DN 150 x 100 PN10","UN",2]
[null,null,null,"TE FoFo FF DN 150 x 100 PN10","UN",1,493.95,{"$f":"G1061*F1061","v":493.95}]
[null,null,null,"TOTAL GERAL S/ BDI",null,null,null,{"$f":"SUM(H1061)","v":493.95}]
["4.5.26","ORSE",12532,"REGISTRO GAVETA FOFO, C/ FLANGES, CUNHA BORRACHA, CORPO CURTO E VOLANTE, TIPO EURO 23,  PN16, DIAM  = 100MM","UN",2]
[null,null,null,"REGISTRO GAVETA FOFO, C/ FLANGES, CUNHA BORRACHA, CORPO CURTO E VOLANTE, TIPO EURO 23,  PN16, DIAM  = 100MM","UN",1,427.9,{"$f":"G1064*F1064","v":427.9}]
[null,null,null,"TOTAL GERAL S/ BDI",null,null,null,{"$f":"SUM(H1064)","v":427.9}]
["4.5.27","SEINFRA","I4646","TUBO FoFo C/FLANGE E PONTA DN 100 PN10 - L=2000","UN",3]
[null,null,null,"TUBO FoFo C/FLANGE E PONTA DN 100 PN10 - L=2000","UN",1,605.29,{"$f":"G1067*F1067","v":605.29}]
[null,null,null,"TOTAL GERAL S/ BDI",null,null,null,{"$f":"SUM(H1067)","v":605.29}]
["5.1.1","SINAPI","73859/2","CAPINA E LIMPEZA MANUAL DE TERRENO","M²",3750]
[null,null,null,"SERVENTE COM ENCARGOS COMPLEMENTARES","H",6.4000000000000001E-2,"15,85",{"$f":"G1070*F1070","v":1.0144}]
[null,null,null,"TOTAL GERAL S/ BDI",null,null,null,{"$f":"SUM(H1070)","v":1.01}]
["5.1.2","SINAPI","C1630","LOCAÇÃO DA OBRA - EXECUÇÃO DE GABARITO","M²",3750]
[null,null,null,"TOTAL GERAL S/ BDI",null,null,null,3.68]
["5.1.3","SINAPI",93358,"ESCAVAÇÃO MANUAL DE VALA COM PROFUNDIDADE MENOR OU IGUAL A 1,30 M. AF_03/2016","M³",2456.1999999999998]
[null,null,null,"SERVENTE COM ENCARGOS COMPLEMENTARES","H",3.1802000000000001,"15,85",{"$f":"G1075*F1075","v":50.406170000000003}]
[null,null,null,"TOTAL GERAL S/ BDI",null,null,null,{"$f":"SUM(H1075)","v":50.41}]
["5.1.4","SINAPI",83338,"ESCAVACAO MECANICA, A CEU ABERTO, EM MATERIAL DE 1A CATEGORIA, COM ESCAVADEIRA HIDRAULICA, CAPACIDADE DE 0,78 M³","M³",498.86]
[null,null,null,"ESCAVADEIRA HIDRÁULICA SOBRE ESTEIRAS, CAÇAMBA 0,80 M3, PESO OPERACIONAL 17,8 T, POTÊNCIA LÍQUIDA 110 HP - CHI DIURNO. AF_10/2014","CHI","0,0058000","65,42",{"$f":"G1078*F1078","v":0.379436}]
[null,null,null,"SERVENTE COM ENCARGOS COMPLEMENTARES","H",7.0000000000000001E-3,"15,85",0.11094999999999999]
[null,null,null,"ESCAVADEIRA HIDRÁULICA SOBRE ESTEIRAS, CAÇAMBA 0,80 M3, PESO OPERACIONAL 17,8 T, POTÊNCIA LÍQUIDA 110 HP - CHP DIURNO. AF_10/2014","CHP",1.1050000000000001E-2,"143,45",1.5851225]
[null,null,null,"TOTAL GERAL S/ BDI",null,null,null,{"$f":"SUM(H1078:H1080)","v":2.08}]
["5.1.5","ORSE",4357,"ESCAVAÇÃO COM PERFURATRIZ EM MATERIAL DE 2ª CATEGORIA","M³",2108.94]
[null,null,"02463/ORSE","Compressor 250 pcm (atlas copco - xa-120dd - 94,0 hp ou equivalente)","h",0.05,12.15,{"$f":"G1083*F1083","v":0.60750000000000004}]
[null,null,"02479/ORSE","Perfuratriz (atlas copco -rh 571 5l)","h",0.1,2.61,0.26100000000000001]
[null,null,"06111/SINAPI","Servente de obras","h",3.85,15.85,61.022500000000001]
[null,null,"02479/ORSE","Perfuratriz (atlas copco -rh 571 5l)","h",0.161,2.61,0.42020999999999997]
[null,null,"04728/ORSE","Talhadeira chata 10\"","un",7.0000000000000007E-2,9.4499999999999993,0.66149999999999998]
[null,null,null,"TOTAL GERAL S/ BDI",null,null,null,{"$f":"SUM(H1083:H1087)","v":62.97}]
["5.1.6","ORSE",4503,"ESCAVAÇÃO MANUAL DE VALA OU CAVA EM MATERIAL DE 3ª CATEGORIA, PROFUNDIDADE AT É 4,00 M, COM USO DE EXPLOSIVOS E PERFURAÇÃO MECÂNICA","M³",1157.21]
[null,null,"01045/ORSE","Explosivo gelatinoso dinamite 40% (comprimento = 8\" / diâmetro da seção = 1\")","kg",0.2,8.35,{"$f":"G1090*F1090","v":1.67}]
[null,null,"02463/ORSE","Compressor 250 pcm (atlas copco - xa-120dd - 94,0 hp ou equivalente)","h",0.06,11.68,0.7]
[null,null,"02479/ORSE","Perfuratriz (atlas copco -rh 571 5l)","h",0.19,2.4300000000000002,0.46]
[null,null,"02759/SINAPI","Espoleta simples n 8.","un",3,4.0599999999999996,12.18]
[null,null,"02762/SINAPI","Estopim simples","m",3,5.07,15.21]
[null,null,"06111/SINAPI","Servente de obras","h",8.2989999999999995,15.85,131.54]
[null,null,"04163/ORSE","Broca em aço 400 x 35 mm, série 11","un",0,365.52,0]
[null,null,"04165/ORSE","Broca em aço 800 x 34 mm, série 11","un",0,382.42,0]
[null,null,"04166/ORSE","Broca em aço 1600 x 33 mm, série 11","un",0,366.96,0]
[null,null,"04167/ORSE","Broca em aço 2400 x 32 mm, série 11","un",0,570.79999999999995,0]
[null,null,"04168/ORSE","Broca em aço 3200 x 31 mm, série 11","un",0,761.97,0]
[null,null,"04169/ORSE","Broca em aço 4000 x 30 mm, série 11","un",0,888.47,0]
[null,null,"04170/ORSE","Broca em aço 4800 x 29 mm, série 11","un",0,916.63,0]
[null,null,"12894/SINAPI","Capa para chuva em pvc com forro de poliester, com capuz (amarela ou azul)","un",0,10.53,0]
[null,null,"02759/SINAPI","Espoleta simples n 8.","un",3,4.0599999999999996,12.18]
[null,null,"02762/SINAPI","Estopim simples","m",3,5.07,15.21]
[null,null,"01045/ORSE","Explosivo gelatinoso dinamite 40% (comprimento = 8\" / diâmetro da seção = 1\")","kg",0.2,8.35,1.67]
[null,null,"02479/ORSE","Perfuratriz (atlas copco -rh 571 5l)","h",0.19,2.4300000000000002,0.46]
[null,null,null,"TOTAL GERAL S/ BDI",null,null,null,{"$f":"SUM(H1090:H1107)","v":191.28}]
["5.1.7","SINAPI",93382,"REATERRO MANUAL DE VALAS COM COMPACTAÇÃO MECANIZADA. AF_04/2016","M³",302.36]
[null,null,null,"SERVENTE COM ENCARGOS COMPLEMENTARES","H",0.5,"15,85",{"$f":"G1110*F1110","v":7.9249999999999998}]
[null,null,null,"COMPACTADOR DE SOLOS DE PERCUSSÃO (SOQUETE) COM MOTOR A GASOLINA 4 TEMPOS, POTÊNCIA 4 CV - CHP DIURNO. AF_08/2015","CHP",0.2,"37,70",7.54]
[null,null,null,"COMPACTADOR DE SOLOS DE PERCUSSÃO (SOQUETE) COM MOTOR A GASOLINA 4 TEMPOS, POTÊNCIA 4 CV - CHI DIURNO. AF_08/2015","CHI",0.2293,"34,23",7.8489389999999997]
[null,null,null,"UMIDIFICAÇÃO DE MATERIAL PARA VALAS COM CAMINHÃO PIPA 10000L. AF_11/2016","M3","1,0000000","1,29",1.29]
[null,null,null,"TOTAL GERAL S/ BDI",null,null,null,{"$f":"SUM(H1110:H1113)","v":24.6}]
["5.1.8","ORSE",4986,"CARGA MECÂNICA DE MATERIAL DE 1ª CATEGORIA","M³",1716.86]
[null,null,"04244/ORSE","Pa carregadeira sobre pneus Caterpillar - 924 G","h",5.0000000000000001E-4,129.72999999999999,{"$f":"G1116*F1116","v":6.4865000000000006E-2}]
[null,null,"06111/SINAPI","Servente de obras","h",3.27E-2,15.85,0.51829499999999995]
[null,null,null,"TOTAL GERAL S/ BDI",null,null,null,{"$f":"SUM(H1116:H1117)","v":0.57999999999999996}]
["5.1.9","ORSE",2507,"CARGA MECÂNICA DE MATERIAL DE 2ª CATEGORIA","M³",251.05]
[null,null,"04244/ORSE","Pa carregadeira sobre pneus Caterpillar - 924 G","h",8.0000000000000002E-3,129.72999999999999,{"$f":"G1120*F1120","v":1.0378400000000001}]
[null,null,"06111/SINAPI","Servente de obras","h",4.7500000000000001E-2,15.85,0.75287499999999996]
[null,null,null,"TOTAL GERAL S/ BDI",null,null,null,{"$f":"SUM(H1120:H1121)","v":1.79}]
["5.1.10","ORSE",2508,"CARGA MECÂNICA DE MATERIAL DE 3ª CATEGORIA","M³",5758.67]
[null,null,"02477/ORSE","Pá - carregadeira de esteira 1,53m3 (cat - 953 - 130,0 hp)","h",1.2999999999999999E-2,156.46,{"$f":"G1124*F1124","v":2.0339800000000001}]
[null,null,"06111/SINAPI","Servente de obras","h",3.3000000000000002E-2,15.85,0.52305000000000001]
[null,null,null,"TOTAL GERAL S/ BDI",null,null,null,{"$f":"SUM(H1124:H1125)","v":2.56}]
["5.1.11","SINAPI",97914,"TRANSPORTE COM CAMINHÃO BASCULANTE DE 6 M³, EM VIA URBANA PAVIMENTADA, DMT ATÉ 30 KM (UNIDADE: M³XKM). AF_01/2018","M³XKM",60364.7]
[null,null,null,"CAMINHÃO BASCULANTE 6 M3 TOCO, PESO BRUTO TOTAL 16.000 KG, CARGA ÚTIL MÁXIMA 11.130 KG, DISTÂNCIA ENTRE EIXOS 5,36 M, POTÊNCIA 185 CV, INCLUSIVE CAÇAMBA METÁLICA - CHP DIURNO. AF_06/2014","CHP",8.6999999999999994E-3,"147,90",{"$f":"G1128*F1128","v":1.2867299999999999}]
[null,null,null,"CAMINHÃO BASCULANTE 6 M3 TOCO, PESO BRUTO TOTAL 16.000 KG, CARGA ÚTIL MÁXIMA 11.130 KG, DISTÂNCIA ENTRE EIXOS 5,36 M, POTÊNCIA 185 CV, INCLUSIVE CAÇAMBA METÁLICA - CHI DIURNO. AF_06/2014","CHI",1E-3,"44,04",4.4040000000000003E-2]
[null,null,null,"TOTAL GERAL S/ BDI",null,null,null,{"$f":"SUM(H1128:H1129)","v":1.33}]
["5.1.12","SINAPI",94967,"CONCRETO FCK = 40MPA, TRAÇO 1:1,6:1,9 (CIMENTO/ AREIA MÉDIA/ BRITA 1)  - PREPARO MECÂNICO COM BETONEIRA 400 L. AF_07/2016","M³",145.36000000000001]
[null,null,null,"AREIA MEDIA - POSTO JAZIDA/FORNECEDOR (RETIRADO NA JAZIDA, SEM TRANSPORTE)","M3",0.05,"55,00",{"$f":"G1132*F1132","v":2.75}]
[null,null,null,"CIMENTO PORTLAND COMPOSTO CP II-32","KG","486,8500000","0,43",209.34549999999999]
[null,null,null,"PEDRA BRITADA N. 1 (9,5 a 19 MM) POSTO PEDREIRA/FORNECEDOR, SEM FRETE","M3","0,5610000","55,38",31.068180000000002]
[null,null,null,"SERVENTE COM ENCARGOS COMPLEMENTARES","H",1.2090000000000001,"15,85",19.162649999999999]
[null,null,null,"OPERADOR DE BETONEIRA ESTACIONÁRIA/MISTURADOR COM ENCARGOS COMPLEMENTARES","H",1,"28,44",28.44]
[null,null,null,"BETONEIRA CAPACIDADE NOMINAL DE 400 L, CAPACIDADE DE MISTURA 280 L, MOTOR ELÉTRICO TRIFÁSICO POTÊNCIA DE 2 CV, SEM CARREGADOR - CHP DIURNO. AF_10/2014","CHP",0.5,"1,11",0.55500000000000005]
[null,null,null,"BETONEIRA CAPACIDADE NOMINAL DE 400 L, CAPACIDADE DE MISTURA 280 L, MOTOR ELÉTRICO TRIFÁSICO POTÊNCIA DE 2 CV, SEM CARREGADOR - CHI DIURNO. AF_10/2014","CHI",0.5,"0,27",0.13500000000000001]
[null,null,null,"TOTAL GERAL S/ BDI",null,null,null,{"$f":"SUM(H1132:H1138)","v":291.45999999999998}]
["5.1.13","SINAPI",92873,"LANÇAMENTO COM USO DE BALDES, ADENSAMENTO E ACABAMENTO DE CONCRETO EM ESTRUTURAS. AF_12/2015","M³",155.05000000000001]
[null,null,null,"CARPINTEIRO DE FORMAS COM ENCARGOS COMPLEMENTARES","H",1,"19,45",{"$f":"G1141*F1141","v":19.45}]
[null,null,null,"PEDREIRO COM ENCARGOS COMPLEMENTARES","H",1.075,"19,57",21.037749999999999]
[null,null,null,"SERVENTE COM ENCARGOS COMPLEMENTARES","H","5,5380000","15,85",87.777299999999997]
[null,null,null,"VIBRADOR DE IMERSÃO, DIÂMETRO DE PONTEIRA 45MM, MOTOR ELÉTRICO TRIFÁSICO POTÊNCIA DE 2 CV - CHP DIURNO. AF_06/2015","CHP","0,6720000","1,12",0.75263999999999998]
[null,null,null,"VIBRADOR DE IMERSÃO, DIÂMETRO DE PONTEIRA 45MM, MOTOR ELÉTRICO TRIFÁSICO POTÊNCIA DE 2 CV - CHI DIURNO. AF_06/2015","CHI","1,1740000","0,30",0.35220000000000001]
[null,null,null,"TOTAL GERAL S/ BDI",null,null,null,{"$f":"SUM(H1141:H1145)","v":129.37}]
["5.1.14","ORSE",3366,"FORMA PLANA PARA ESTRUTURAS, EM COMPENSADO PLASTIFICADO DE 12MM, 07 USOS, INC LUSIVE ESCORAMENTO - REVISADA 07.2015","M²",2404.21]
[null,null,"01569/ORSE","Madeira mista serrada (barrote) 6 x 6cm - 0,0036 m3/m (angelim, louro)","m",0.6,5.87,{"$f":"G1148*F1148","v":3.5219999999999998}]
[null,null,"00333/SINAPI","Arame galvanizado 14 bwg, d = 2,11 mm (0,026 kg/m)","kg",0.15,12.5,1.875]
[null,null,"01213/SINAPI","Carpinteiro de formas","h",0.7,19.45,13.615]
[null,null,"06111/SINAPI","Servente de obras","h",8.1900000000000001E-2,15.85,{"$f":"G1151*F1151","v":1.2981149999999999}]
[null,null,"01347/SINAPI","Chapa de madeira compensada plastificada para forma de concreto, de 2,20 x 1,10 m, e = 12 mm","m2",0.15,32.1,{"$f":"G1152*F1152","v":4.8150000000000004}]
[null,null,"02692/SINAPI","Desmoldante protetor para formas de madeira, de base oleosaemulsionada em agua","l",0.02,6.14,0.12280000000000001]
[null,null,"04509/SINAPI","Tabua de madeira nao aparelhada *2,5 x 10 cm (1 x 4 \") pinus, mista ou equivalente da regiao","m",0.77800000000000002,3.42,2.6607599999999998]
[null,null,"05068/SINAPI","Prego de aco polido com cabeca 17 x 21 (2 x 11)","kg",2.5000000000000001E-2,9.86,0.2465]
[null,null,"05069/SINAPI","Prego de aco polido com cabeca 17 x 27 (2 1/2 x 11)","kg",0.1,10.050000000000001,1.0049999999999999]
[null,null,"06193/SINAPI","Tabua de madeira nao aparelhada *2,5 x 20* cm, cedrinho ou equivalente da regiao","m",8.6999999999999994E-2,5.75,0.50024999999999997]
[null,null,"02378/ORSE","Vale transporte","un",0.20730000000000001,3.5,0.72555000000000003]
[null,null,null,"TOTAL GERAL S/ BDI",null,null,null,{"$f":"SUM(H1148:H1158)","v":30.39}]
["5.1.15","SINAPI",92791,"CORTE E DOBRA DE AÇO CA-60, DIÂMETRO DE 5,0 MM, UTILIZADO EM ESTRUTURAS DIVERSAS, EXCETO LAJES. AF_12/2015","KG",19620.5]
[null,null,null,"ACO CA-60, 5,0 MM, VERGALHAO","KG",1.05,4.5,{"$f":"G1161*F1161","v":4.7249999999999996}]
[null,null,null,"AJUDANTE DE ARMADOR COM ENCARGOS COMPLEMENTARES","H",5.0000000000000001E-3,"14,94",7.4700000000000003E-2]
[null,null,null,"ARMADOR COM ENCARGOS COMPLEMENTARES","H",0.02,"19,45",0.38900000000000001]
[null,null,null,"TOTAL GERAL S/ BDI",null,null,null,{"$f":"SUM(H1161:H1163)","v":5.19}]
["5.1.16","SINAPI",92794,"CORTE E DOBRA DE AÇO CA-50, DIÂMETRO DE 10,0 MM, UTILIZADO EM ESTRUTURAS DIVERSAS, EXCETO LAJES. AF_12/2015","KG",10728.2]
[null,null,null,"ACO CA-50, 10,0 MM, VERGALHAO","KG",1.05,3.95,{"$f":"G1166*F1166","v":4.1475}]
[null,null,null,"AJUDANTE DE ARMADOR COM ENCARGOS COMPLEMENTARES","H",1E-4,"14,94",1.4940000000000001E-3]
[null,null,null,"ARMADOR COM ENCARGOS COMPLEMENTARES","H",5.0000000000000001E-3,"19,45",9.7250000000000003E-2]
[null,null,null,"TOTAL GERAL S/ BDI",null,null,null,{"$f":"SUM(H1166:H1168)","v":4.25}]
["5.1.17","SINAPI",94962,"CONCRETO MAGRO PARA LASTRO, TRAÇO 1:4,5:4,5 (CIMENTO/ AREIA MÉDIA/ BRITA 1)  - PREPARO MECÂNICO COM BETONEIRA 400 L. AF_07/2016","M³",210.44]
[null,null,null,"AREIA MEDIA - POSTO JAZIDA/FORNECEDOR (RETIRADO NA JAZIDA, SEM TRANSPORTE)","M3",0.7,"55,00",{"$f":"G1171*F1171","v":38.5}]
[null,null,null,"CIMENTO PORTLAND COMPOSTO CP II-32","KG","212,2100000","0,43",91.250299999999996]
[null,null,null,"PEDRA BRITADA N. 1 (9,5 a 19 MM) POSTO PEDREIRA/FORNECEDOR, SEM FRETE","M3","0,5790000","55,38",32.065019999999997]
[null,null,null,"SERVENTE COM ENCARGOS COMPLEMENTARES","H",0.9,"15,85",14.265000000000001]
[null,null,null,"OPERADOR DE BETONEIRA ESTACIONÁRIA/MISTURADOR COM ENCARGOS COMPLEMENTARES","H",0.98299999999999998,"28,44",27.956520000000001]
[null,null,null,"BETONEIRA CAPACIDADE NOMINAL DE 400 L, CAPACIDADE DE MISTURA 280 L, MOTOR ELÉTRICO TRIFÁSICO POTÊNCIA DE 2 CV, SEM CARREGADOR - CHP DIURNO. AF_10/2014","CHP",0.5,"1,11",0.55500000000000005]
[null,null,null,"BETONEIRA CAPACIDADE NOMINAL DE 400 L, CAPACIDADE DE MISTURA 280 L, MOTOR ELÉTRICO TRIFÁSICO POTÊNCIA DE 2 CV, SEM CARREGADOR - CHI DIURNO. AF_10/2014","CHI",0.3,"0,27",8.1000000000000003E-2]
[null,null,null,"TOTAL GERAL S/ BDI",null,null,null,{"$f":"SUM(H1171:H1177)","v":204.67}]
["5.1.18","SEINFRA","C0823","COMPORTA EM FIBRA, CALHA EM ALUMÍNIO","M²",4.09]
[null,null,null,"TOTAL GERAL S/ BDI",null,null,null,332.27]
["5.1.19","SINAPI","73932/1","GRADE DE FERRO EM BARRA CHATA 3/16\"","M²",66.3]
[null,null,null,"BARRA DE FERRO RETANGULAR, BARRA CHATA (QUALQUER DIMENSAO)","KG",41.173999999999999,"5,10",{"$f":"G1182*F1182","v":209.98740000000001}]
[null,null,null,"CANTONEIRA FERRO GALVANIZADO DE ABAS IGUAIS, 1\" X 1/8\" (L X E) , 1,20KG/M","M","2,0000000","6,72",13.44]
[null,null,null,"SERRALHEIRO COM ENCARGOS COMPLEMENTARES","H",0.1,"19,45",1.9450000000000001]
[null,null,null,"SERVENTE COM ENCARGOS COMPLEMENTARES","H",0.1,"15,85",1.585]
[null,null,null,"ARGAMASSA TRAÇO 1:4 (CIMENTO E AREIA MÉDIA), PREPARO MANUAL. AF_08/2014","M3",3.0000000000000001E-3,"356,46",1.06938]
[null,null,null,"TOTAL GERAL S/ BDI",null,null,null,{"$f":"SUM(H1182:H1186)","v":228.03}]
["5.1.20","SINAPI",73665,"ESCADA TIPO MARINHEIRO EM ACO CA-50 9,52MM INCLUSO PINTURA COM FUNDO ANTICORROSIVO TIPO ZARCAO","M",55.26]
[null,null,null,"ACO CA-50, 10,0 MM, VERGALHAO","KG","2,8000000","4,54",{"$f":"G1189*F1189","v":12.712}]
[null,null,null,"FUNDO ANTICORROSIVO PARA METAIS FERROSOS (ZARCAO)","L","0,0250000","26,87",0.67174999999999996]
[null,null,null,"ARMADOR COM ENCARGOS COMPLEMENTARES","H","0,3500000","19,45",6.8075000000000001]
[null,null,null,"PEDREIRO COM ENCARGOS COMPLEMENTARES","H",0.5,"19,57",9.7850000000000001]
[null,null,null,"SERVENTE COM ENCARGOS COMPLEMENTARES","H",1.1160000000000001,"15,85",17.688600000000001]
[null,null,null,"ARGAMASSA TRAÇO 1:3 (CIMENTO E AREIA MÉDIA), PREPARO MANUAL. AF_08/2014","M3","0,0034500","387,49",1.3368405000000001]
[null,null,null,"TOTAL GERAL S/ BDI",null,null,null,{"$f":"SUM(H1189:H1194)","v":49}]
["5.1.21","SINAPI",95468,"PINTURA ESMALTE BRILHANTE (2 DEMAOS) SOBRE SUPERFICIE METALICA, INCLUSIVE PROTECAO COM ZARCAO (1 DEMAO)","M²",67.239999999999995]
[null,null,null,"LIXA EM FOLHA PARA FERRO, NUMERO 150","UN","0,3000000","1,83",{"$f":"G1197*F1197","v":0.54900000000000004}]
[null,null,null,"SOLVENTE DILUENTE A BASE DE AGUARRAS","L","0,0300000","13,69",0.41070000000000001]
[null,null,null,"TINTA ESMALTE SINTETICO PREMIUM BRILHANTE","L","0,1440000","25,87",3.7252800000000001]
[null,null,null,"FUNDO ANTICORROSIVO PARA METAIS FERROSOS (ZARCAO)","L","0,1200000","26,87",3.2244000000000002]
[null,null,null,"PINTOR COM ENCARGOS COMPLEMENTARES","H",0.43540000000000001,"19,49",8.4859460000000002]
[null,null,null,"SERVENTE COM ENCARGOS COMPLEMENTARES","H","0,8000000","15,85",12.68]
[null,null,null,"TOTAL GERAL S/ BDI",null,null,null,{"$f":"SUM(H1197:H1202)","v":29.08}]
["5.1.22","SINAPI","73891/1","ESGOTAMENTO COM MOTO-BOMBA AUTOESCOVANTE","H",322]
[null,null,null,"MOTOBOMBA CENTRÍFUGA, MOTOR A GASOLINA, POTÊNCIA 5,42 HP, BOCAIS 1 1/2\" X 1\", DIÂMETRO ROTOR 143 MM HM/Q = 6 MCA / 16,8 M3/H A 38 MCA / 6,6 M3/H - CHP DIURNO. AF_06/2014","CHP","1,0000000",3.06,{"$f":"G1205*F1205","v":3.06}]
[null,null,null,"SERVENTE COM ENCARGOS COMPLEMENTARES","H",0.09,"15,85",1.4265000000000001]
[null,null,null,"TOTAL GERAL S/ BDI",null,null,null,{"$f":"SUM(H1205:H1206)","v":4.49}]
["5.3.1","SINAPI",93358,"ESCAVAÇÃO MANUAL DE VALA COM PROFUNDIDADE MENOR OU IGUAL A 1,30 M. AF_03/2016","M³",2456.1999999999998]
[null,null,null,"SERVENTE COM ENCARGOS COMPLEMENTARES","H",3.1802000000000001,"15,85",{"$f":"G1209*F1209","v":50.406170000000003}]
[null,null,null,"TOTAL GERAL S/ BDI",null,null,null,{"$f":"SUM(H1209)","v":50.41}]
["5.3.2","SINAPI",94964,"CONCRETO FCK = 20MPA, TRAÇO 1:2,7:3 (CIMENTO/ AREIA MÉDIA/ BRITA 1)  - PREPARO MECÂNICO COM BETONEIRA 400 L. AF_07/2016","M³",9.69]
[null,null,null,"AREIA MEDIA - POSTO JAZIDA/FORNECEDOR (RETIRADO NA JAZIDA, SEM TRANSPORTE)","M3","0,7850000","55,00",{"$f":"G1212*F1212","v":43.174999999999997}]
[null,null,null,"CIMENTO PORTLAND COMPOSTO CP II-32","KG",300,"0,43",129]
[null,null,null,"PEDRA BRITADA N. 1 (9,5 a 19 MM) POSTO PEDREIRA/FORNECEDOR, SEM FRETE","M3","0,5870000","55,38",32.50806]
[null,null,null,"SERVENTE COM ENCARGOS COMPLEMENTARES","H",1,"15,85",15.85]
[null,null,null,"OPERADOR DE BETONEIRA ESTACIONÁRIA/MISTURADOR COM ENCARGOS COMPLEMENTARES","H",0.72545999999999999,"28,44",20.632082400000002]
[null,null,null,"BETONEIRA CAPACIDADE NOMINAL DE 400 L, CAPACIDADE DE MISTURA 280 L, MOTOR ELÉTRICO TRIFÁSICO POTÊNCIA DE 2 CV, SEM CARREGADOR - CHP DIURNO. AF_10/2014","CHP",0.79,"1,11",0.87690000000000001]
[null,null,null,"BETONEIRA CAPACIDADE NOMINAL DE 400 L, CAPACIDADE DE MISTURA 280 L, MOTOR ELÉTRICO TRIFÁSICO POTÊNCIA DE 2 CV, SEM CARREGADOR - CHI DIURNO. AF_10/2014","CHI","0,7800000","0,27",0.21060000000000001]
[null,null,null,"TOTAL GERAL S/ BDI",null,null,null,{"$f":"SUM(H1212:H1218)","v":242.25}]
["5.3.3","SINAPI",92873,"LANÇAMENTO COM USO DE BALDES, ADENSAMENTO E ACABAMENTO DE CONCRETO EM ESTRUTURAS. AF_12/2015","M³",155.05000000000001]
[null,null,null,"CARPINTEIRO DE FORMAS COM ENCARGOS COMPLEMENTARES","H",1,"19,45",{"$f":"G1221*F1221","v":19.45}]
[null,null,null,"PEDREIRO COM ENCARGOS COMPLEMENTARES","H",1.075,"19,57",21.037749999999999]
[null,null,null,"SERVENTE COM ENCARGOS COMPLEMENTARES","H","5,5380000","15,85",87.777299999999997]
[null,null,null,"VIBRADOR DE IMERSÃO, DIÂMETRO DE PONTEIRA 45MM, MOTOR ELÉTRICO TRIFÁSICO POTÊNCIA DE 2 CV - CHP DIURNO. AF_06/2015","CHP","0,6720000","1,12",0.75263999999999998]
[null,null,null,"VIBRADOR DE IMERSÃO, DIÂMETRO DE PONTEIRA 45MM, MOTOR ELÉTRICO TRIFÁSICO POTÊNCIA DE 2 CV - CHI DIURNO. AF_06/2015","CHI","1,1740000","0,30",0.35220000000000001]
[null,null,null,"TOTAL GERAL S/ BDI",null,null,null,{"$f":"SUM(H1221:H1225)","v":129.37}]
["5.3.4","ORSE",3366,"FORMA PLANA PARA ESTRUTURAS, EM COMPENSADO PLASTIFICADO DE 12MM, 07 USOS, INC LUSIVE ESCORAMENTO - REVISADA 07.2015","M²",2404.21]
[null,null,"01569/ORSE","Madeira mista serrada (barrote) 6 x 6cm - 0,0036 m3/m (angelim, louro)","m",0.6,5.87,{"$f":"G1228*F1228","v":3.5219999999999998}]
[null,null,"00333/SINAPI","Arame galvanizado 14 bwg, d = 2,11 mm (0,026 kg/m)","kg",0.15,12.5,1.875]
[null,null,"01213/SINAPI","Carpinteiro de formas","h",0.7,19.45,13.615]
[null,null,"06111/SINAPI","Servente de obras","h",8.1900000000000001E-2,15.85,{"$f":"G1231*F1231","v":1.2981149999999999}]
[null,null,"01347/SINAPI","Chapa de madeira compensada plastificada para forma de concreto, de 2,20 x 1,10 m, e = 12 mm","m2",0.15,32.1,{"$f":"G1232*F1232","v":4.8150000000000004}]
[null,null,"02692/SINAPI","Desmoldante protetor para formas de madeira, de base oleosaemulsionada em agua","l",0.02,6.14,0.12280000000000001]
[null,null,"04509/SINAPI","Tabua de madeira nao aparelhada *2,5 x 10 cm (1 x 4 \") pinus, mista ou equivalente da regiao","m",0.77800000000000002,3.42,2.6607599999999998]
[null,null,"05068/SINAPI","Prego de aco polido com cabeca 17 x 21 (2 x 11)","kg",2.5000000000000001E-2,9.86,0.2465]
[null,null,"05069/SINAPI","Prego de aco polido com cabeca 17 x 27 (2 1/2 x 11)","kg",0.1,10.050000000000001,1.0049999999999999]
[null,null,"06193/SINAPI","Tabua de madeira nao aparelhada *2,5 x 20* cm, cedrinho ou equivalente da regiao","m",8.6999999999999994E-2,5.75,0.50024999999999997]
[null,null,"02378/ORSE","Vale transporte","un",0.20730000000000001,3.5,0.72555000000000003]
[null,null,null,"TOTAL GERAL S/ BDI",null,null,null,{"$f":"SUM(H1228:H1238)","v":30.39}]
["5.3.5","SINAPI",92791,"CORTE E DOBRA DE AÇO CA-60, DIÂMETRO DE 5,0 MM, UTILIZADO EM ESTRUTURAS DIVERSAS, EXCETO LAJES. AF_12/2015","KG",19620.5]
[null,null,null,"ACO CA-60, 5,0 MM, VERGALHAO","KG",1.05,4.5,{"$f":"G1241*F1241","v":4.7249999999999996}]
[null,null,null,"AJUDANTE DE ARMADOR COM ENCARGOS COMPLEMENTARES","H",5.0000000000000001E-3,"14,94",7.4700000000000003E-2]
[null,null,null,"ARMADOR COM ENCARGOS COMPLEMENTARES","H",0.02,"19,45",0.38900000000000001]
[null,null,null,"TOTAL GERAL S/ BDI",null,null,null,{"$f":"SUM(H1241:H1243)","v":5.19}]
["5.3.6","SINAPI",92794,"CORTE E DOBRA DE AÇO CA-50, DIÂMETRO DE 10,0 MM, UTILIZADO EM ESTRUTURAS DIVERSAS, EXCETO LAJES. AF_12/2015","KG",10728.2]
[null,null,null,"ACO CA-50, 10,0 MM, VERGALHAO","KG",1.05,3.95,{"$f":"G1246*F1246","v":4.1475}]
[null,null,null,"AJUDANTE DE ARMADOR COM ENCARGOS COMPLEMENTARES","H",1E-4,"14,94",1.4940000000000001E-3]
[null,null,null,"ARMADOR COM ENCARGOS COMPLEMENTARES","H",5.0000000000000001E-3,"19,45",9.7250000000000003E-2]
[null,null,null,"TOTAL GERAL S/ BDI",null,null,null,{"$f":"SUM(H1246:H1248)","v":4.25}]
["5.3.7","SINAPI",87503,"ALVENARIA DE VEDAÇÃO DE BLOCOS CERÂMICOS FURADOS NA HORIZONTAL DE 9X19X19CM (ESPESSURA 9CM) DE PAREDES COM ÁREA LÍQUIDA MAIOR OU IGUAL A 6M² SEM VÃOS E ARGAMASSA DE ASSENTAMENTO COM PREPARO EM BETONEIRA. AF_06/2014","M²",212.31]
[null,null,null,"BLOCO CERAMICO (ALVENARIA DE VEDACAO), DE 9 X 19 X 19 CM","MIL","0,0279300","450,00",{"$f":"G1251*F1251","v":12.5685}]
[null,null,null,"TELA DE ACO SOLDADA GALVANIZADA/ZINCADA PARA ALVENARIA, FIO D = *1,20 A 1,70* MM, MALHA 15 X 15 MM, (C X L) *50 X 7,5* CM","M","0,4200000","1,16",0.48720000000000002]
[null,null,null,"PINO DE ACO COM FURO, HASTE = 27 MM (ACAO DIRETA)","CENTO","0,0050000","38,74",0.19370000000000001]
[null,null,null,"ARGAMASSA TRAÇO 1:2:8 (CIMENTO, CAL E AREIA MÉDIA) PARA EMBOÇO/MASSA ÚNICA/ASSENTAMENTO DE ALVENARIA DE VEDAÇÃO, PREPARO MECÂNICO COM BETONEIRA 400 L. AF_06/2014","M3","0,0098000","443,03",4.3416940000000004]
[null,null,null,"PEDREIRO COM ENCARGOS COMPLEMENTARES","H",1,"19,57",19.57]
[null,null,null,"SERVENTE COM ENCARGOS COMPLEMENTARES","H",0.45750000000000002,"15,85",7.2513750000000003]
[null,null,null,"TOTAL GERAL S/ BDI",null,null,null,{"$f":"SUM(H1251:H1256)","v":44.41}]
["5.3.8","SINAPI",87529,"MASSA ÚNICA, PARA RECEBIMENTO DE PINTURA, EM ARGAMASSA TRAÇO 1:2:8, PREPARO MECÂNICO COM BETONEIRA 400L, APLICADA MANUALMENTE EM FACES INTERNAS DE PAREDES, ESPESSURA DE 20MM, COM EXECUÇÃO DE TALISCAS. AF_06/2014","M²",424.56]
[null,null,null,"ARGAMASSA TRAÇO 1:2:8 (CIMENTO, CAL E AREIA MÉDIA) PARA EMBOÇO/MASSA ÚNICA/ASSENTAMENTO DE ALVENARIA DE VEDAÇÃO, PREPARO MECÂNICO COM BETONEIRA 400 L. AF_06/2014","M3","0,0376000","443,03",{"$f":"G1259*F1259","v":16.657927999999998}]
[null,null,null,"PEDREIRO COM ENCARGOS COMPLEMENTARES","H",0.24099999999999999,"19,57",4.7163700000000004]
[null,null,null,"SERVENTE COM ENCARGOS COMPLEMENTARES","H",0.1,"15,85",1.585]
[null,null,null,"TOTAL GERAL S/ BDI",null,null,null,{"$f":"SUM(H1259:H1261)","v":22.96}]
["5.3.9","SINAPI",88489,"APLICAÇÃO MANUAL DE PINTURA COM TINTA LÁTEX ACRÍLICA EM PAREDES, DUAS DEMÃOS. AF_06/2014","M²",1348.56]
[null,null,null,"TINTA ACRILICA PREMIUM, COR BRANCO FOSCO","L","0,3300000","16,80",{"$f":"G1264*F1264","v":5.5439999999999996}]
[null,null,null,"PINTOR COM ENCARGOS COMPLEMENTARES","H",0.107,"19,49",2.0854300000000001]
[null,null,null,"SERVENTE COM ENCARGOS COMPLEMENTARES","H",0.04,"15,85",0.63400000000000001]
[null,null,null,"TOTAL GERAL S/ BDI",null,null,null,{"$f":"SUM(H1264:H1266)","v":8.26}]
["5.3.10","SINAPI",88488,"APLICAÇÃO MANUAL DE PINTURA COM TINTA LÁTEX ACRÍLICA EM TETO, DUAS DEMÃOS. AF_06/2014","M²",134.37]
[null,null,null,"TINTA ACRILICA PREMIUM, COR BRANCO FOSCO","L","0,3300000","16,80",{"$f":"G1269*F1269","v":5.5439999999999996}]
[null,null,null,"PINTOR COM ENCARGOS COMPLEMENTARES","H",0.1578,"19,49",3.0755219999999999]
[null,null,null,"SERVENTE COM ENCARGOS COMPLEMENTARES","H",0.05,"15,85",0.79249999999999998]
[null,null,null,"TOTAL GERAL S/ BDI",null,null,null,{"$f":"SUM(H1269:H1271)","v":9.41}]
["5.3.11","SINAPI",68054,"PORTAO DE FERRO EM CHAPA GALVANIZADA PLANA 14 GSG","M²",58.54]
[null,null,null,"ACO CA-25, 10,0 MM, VERGALHAO","KG","5,1000000","4,15",{"$f":"G1274*F1274","v":21.164999999999999}]
[null,null,null,"AREIA MEDIA - POSTO JAZIDA/FORNECEDOR (RETIRADO NA JAZIDA, SEM TRANSPORTE)","M3","0,0250000","55,00",1.375]
[null,null,null,"CAL HIDRATADA CH-I PARA ARGAMASSAS","KG",0.3,"0,80",0.24]
[null,null,null,"CIMENTO PORTLAND COMPOSTO CP II-32","KG","4,6000000","0,43",1.978]
[null,null,null,"CANTONEIRA ACO ABAS IGUAIS (QUALQUER BITOLA), ESPESSURA ENTRE 1/8\" E 1/4\"","KG","8,2600000","4,42",36.5092]
[null,null,null,"CHAPA DE ACO GALVANIZADA BITOLA GSG 14, E = 1,95 MM (15,60 KG/M2)","KG",15.28,"7,70",117.65600000000001]
[null,null,null,"PEDREIRO COM ENCARGOS COMPLEMENTARES","H",0.25073000000000001,"19,57",4.9067860999999997]
[null,null,null,"SERVENTE COM ENCARGOS COMPLEMENTARES","H",0.2,"15,85",3.17]
[null,null,null,"TOTAL GERAL S/ BDI",null,null,null,{"$f":"SUM(H1274:H1281)","v":187}]
["5.3.12","ORSE",6320,"LASTRO DE CONCRETO, FCK=15 MPA, LANÇADO E ADENSADO","M³",7.8]
[null,null,"00126/ORSE","Concreto simples fabricado na obra, fck=15 mpa, lançado e adensado","m3",1,300,{"$f":"G1284*F1284","v":300}]
[null,null,"01213/SINAPI","Carpinteiro de formas","h",0.16539999999999999,13.39,2.2147060000000001]
[null,null,"04750/SINAPI","Pedreiro","h",0.1,13.39,1.339]
[null,null,"06111/SINAPI","Servente de obras","h",1,9.3000000000000007,9.3000000000000007]
[null,null,null,"TOTAL GERAL S/ BDI",null,null,null,{"$f":"SUM(H1284:H1287)","v":312.85000000000002}]
["5.3.13","SINAPI",98679,"PISO CIMENTADO, TRAÇO 1:3 (CIMENTO E AREIA), ACABAMENTO LISO, ESPESSURA 2,0 CM, PREPARO MECÂNICO DA ARGAMASSA. AF_06/2018","M²",78]
[null,null,null,"CIMENTO PORTLAND COMPOSTO CP II-32","KG",0.4,"0,43",{"$f":"G1290*F1290","v":0.17199999999999999}]
[null,null,null,"JUNTA PLASTICA DE DILATACAO PARA PISOS, COR CINZA, 17 X 3 MM (ALTURA X ESPESSURA)","M",1.6,"0,87",1.3919999999999999]
[null,null,null,"ARGAMASSA TRAÇO 1:3 (CIMENTO E AREIA MÉDIA) PARA CONTRAPISO, PREPARO MECÂNICO COM BETONEIRA 400 L. AF_06/2014","M3","0,0310000","463,07",14.355169999999999]
[null,null,null,"PEDREIRO COM ENCARGOS COMPLEMENTARES","H",0.1225,"19,57",2.3973249999999999]
[null,null,null,"SERVENTE COM ENCARGOS COMPLEMENTARES","H",0.15,"15,85",2.3774999999999999]
[null,null,null,"TOTAL GERAL S/ BDI",null,null,null,{"$f":"SUM(H1290:H1294)","v":20.69}]
["5.3.14","SINAPI",94998,"EXECUÇÃO DE PASSEIO (CALÇADA) OU PISO DE CONCRETO COM CONCRETO MOLDADO IN LOCO, FEITO EM OBRA, ACABAMENTO CONVENCIONAL, ESPESSURA 12 CM, ARMADO. AF_07/2016","M²",75.75]
[null,null,null,"LONA PLASTICA PRETA, E= 150 MICRA","M2","1,1280000","1,13",{"$f":"G1297*F1297","v":1.27464}]
[null,null,null,"PECA DE MADEIRA NATIVA/REGIONAL 2,5 X 7,0 CM (SARRAFO-P/FORMA)","M","0,2000000","1,04",0.20799999999999999]
[null,null,null,"TABUA MADEIRA 2A QUALIDADE 2,5 X 30,0CM (1 X 12\") NAO APARELHADA","M","0,1250000","7,93",0.99124999999999996]
[null,null,null,"TELA DE ACO SOLDADA NERVURADA, CA-60, Q-196, (3,11 KG/M2), DIAMETRO DO FIO = 5,0 MM, LARGURA =  2,45 M, ESPACAMENTO DA MALHA = 10 X 10 CM","M2",1.05,"14,42",15.141]
[null,null,null,"CARPINTEIRO DE FORMAS COM ENCARGOS COMPLEMENTARES","H",0.1,"19,45",1.9450000000000001]
[null,null,null,"PEDREIRO COM ENCARGOS COMPLEMENTARES","H",0.12,"19,57",2.3483999999999998]
[null,null,null,"SERVENTE COM ENCARGOS COMPLEMENTARES","H",0.2,"15,85",3.17]
[null,null,null,"CONCRETO FCK = 20MPA, TRAÇO 1:2,7:3 (CIMENTO/ AREIA MÉDIA/ BRITA 1)  - PREPARO MECÂNICO COM BETONEIRA 400 L. AF_07/2016","M3","0,1455000","301,28",43.836239999999997]
[null,null,null,"TOTAL GERAL S/ BDI",null,null,null,{"$f":"SUM(H1297:H1304)","v":68.91}]
["5.3.15","SINAPI",95465,"COBOGO CERAMICO (ELEMENTO VAZADO), 9X20X20CM, ASSENTADO COM ARGAMASSA TRACO 1:4 DE CIMENTO E AREIA","M²",11.52]
[null,null,null,"AREIA MEDIA - POSTO JAZIDA/FORNECEDOR (RETIRADO NA JAZIDA, SEM TRANSPORTE)","M3","0,0190000","55,00",{"$f":"G1307*F1307","v":1.0449999999999999}]
[null,null,null,"CIMENTO PORTLAND COMPOSTO CP II-32","KG",2,"0,43",0.86]
[null,null,null,"ELEMENTO VAZADO CERAMICO 9 X 20 X 20 CM","UN","25,0000000","3,04",76]
[null,null,null,"PEDREIRO COM ENCARGOS COMPLEMENTARES","H",0.5,"19,57",9.7850000000000001]
[null,null,null,"SERVENTE COM ENCARGOS COMPLEMENTARES","H",0.31879999999999997,"15,85",5.0529799999999998]
[null,null,null,"TOTAL GERAL S/ BDI",null,null,null,{"$f":"SUM(H1307:H1311)","v":92.74}]
["5.3.16","SINAPI","74202/1","LAJE PRE-MOLDADA P/FORRO, SOBRECARGA 100KG/M2, VAOS ATE 3,50M/E=8CM, C/LAJOTAS E CAP.C/CONC FCK=20MPA, 3CM, INTER-EIXO 38CM, C/ESCORAMENTO (REAPR.3X) E FERRAGEM NEGATIVA","M²",462]
[null,null,null,"ACO CA-60, 5,0 MM, VERGALHAO","KG","0,4710000","4,50",{"$f":"G1314*F1314","v":2.1194999999999999}]
[null,null,null,"LAJE PRE-MOLDADA CONVENCIONAL (LAJOTAS + VIGOTAS) PARA FORRO, UNIDIRECIONAL, SOBRECARGA DE 100 KG/M2, VAO ATE 4,00 M (SEM COLOCACAO)","M2","1,0000000","33,00",33]
[null,null,null,"PECA DE MADEIRA NATIVA / REGIONAL 7,5 X 7,5CM (3X3) NAO APARELHADA (P/FORMA)","M","0,2900000","6,40",1.8560000000000001]
[null,null,null,"PREGO DE ACO POLIDO COM CABECA 18 X 27 (2 1/2 X 10)","KG","0,0300000","11,20",0.33600000000000002]
[null,null,null,"TABUA MADEIRA 2A QUALIDADE 2,5 X 30,0CM (1 X 12\") NAO APARELHADA","M","0,1700000","7,93",1.3481000000000001]
[null,null,null,"AJUDANTE DE CARPINTEIRO COM ENCARGOS COMPLEMENTARES","H",4.8000000000000001E-2,"19,49",0.93552000000000002]
[null,null,null,"CARPINTEIRO DE FORMAS COM ENCARGOS COMPLEMENTARES","H",0.05,"19,45",0.97250000000000003]
[null,null,null,"PEDREIRO COM ENCARGOS COMPLEMENTARES","H",0.1,"19,57",1.9570000000000001]
[null,null,null,"SERVENTE COM ENCARGOS COMPLEMENTARES","H",0.1,"15,85",1.585]
[null,null,null,"LANÇAMENTO COM USO DE BOMBA, ADENSAMENTO E ACABAMENTO DE CONCRETO EM ESTRUTURAS. AF_12/2015","M3","0,0330000","26,75",0.88275000000000003]
[null,null,null,"CONCRETO FCK = 20MPA, TRAÇO 1:2,7:3 (CIMENTO/ AREIA MÉDIA/ BRITA 1)  - PREPARO MECÂNICO COM BETONEIRA 600 L. AF_07/2016","M3","0,0330000","287,41",9.4845299999999995]
[null,null,null,"TOTAL GERAL S/ BDI",null,null,null,{"$f":"SUM(H1314:H1324)","v":54.48}]
["5.3.17","SINAPI",73661,"FORNECIMENTO E INSTALACAO DE TALHA E TROLEY MANUAL DE 1 TONELADA","UN",3]
[null,null,null,"TALHA MANUAL DE CORRENTE, CAPACIDADE DE 2 T COM ELEVACAO DE 3 M","UN","0,6000000","1.007,00",{"$f":"G1327*F1327","v":604.20000000000005}]
[null,null,null,"TROLEY MANUAL CAPACIDADE 1 T","UN","1,0000000","557,48",557.48]
[null,null,null,"MONTADOR ELETROMECÃNICO COM ENCARGOS COMPLEMENTARES","H",1,"27,96",27.96]
[null,null,null,"SERVENTE COM ENCARGOS COMPLEMENTARES","H",1,"15,85",15.85]
[null,null,null,"CAMINHONETE CABINE SIMPLES COM MOTOR 1.6 FLEX, CÂMBIO MANUAL, POTÊNCIA 101/104 CV, 2 PORTAS - CHP DIURNO. AF_11/2015","CHP",4.8266999999999998,"103,21",498.16370699999999]
[null,null,null,"TOTAL GERAL S/ BDI",null,null,null,{"$f":"SUM(H1327:H1331)","v":1703.65}]
["5.3.18","SINAPI",83514,"FORNECIMENTO DE PERFIL SIMPLES \"I\" OU \"H\" 8 A 12\" INCLUSIVE PERDAS","KG",490.5]
[null,null,null,"OXIGENIO, RECARGA PARA CILINDRO DE CONJUNTO OXICORTE GRANDE","M3","0,0030000","8,32",{"$f":"G1334*F1334","v":2.496E-2}]
[null,null,null,"PERFIL \"I\" DE ACO LAMINADO, \"W\" 410 X 67","KG",1,5.4,5.4]
[null,null,null,"ELETRODO REVESTIDO AWS - E6013, DIAMETRO IGUAL A 4,00 MM","KG",1E-4,"24,57",2.457E-3]
[null,null,null,"SOLDADOR COM ENCARGOS COMPLEMENTARES","H",1E-3,"19,45",1.9449999999999999E-2]
[null,null,null,"TOTAL GERAL S/ BDI",null,null,null,{"$f":"SUM(H1334:H1337)","v":5.45}]
["5.3.19","SEINFRA","C3499","MONTAGEM DE TUBOS, CONEXÕES E PÇS, ELEVATÓRIA C/ VAZÃO DE 20,01 À 40 l/s","UN",1]
[null,null,null,"TOTAL GERAL S/ BDI",null,null,null,8575.01]
["5.4.1","ORSE",11146,"MURO EM ALVENARIA BLOCO CERÂMICO, E= 0,09M, C/ ALV DE PEDRA GRANÍTICA, 0,35 X 0,60M, COLUNAS (9X20CM) E CINTAMENTO (9X15CM) SUPERIOR E INFERIOR CONCRETO AR MADO FCK = 15,0 MPA CADA 3,00M, CHAPISCO E REBOCO","M²",462]
[null,null,"00093/ORSE","Alvenaria pedra granitica argamassada traço (1:5) - 1 saco cimento 50kg / 5 padiolas areia dim. 0,35z0,45x0,23m - Confecção mecânica e transporte","m3",0.105,200,{"$f":"G1342*F1342","v":21}]
[null,null,"00096/ORSE","Concreto simples usinado fck=15mpa, bombeado, lançado e adensado em superestrura","m3",1.2999999999999999E-2,230,2.99]
[null,null,"00115/ORSE","Forma plana para estruturas, em compensado resinado de 12mm, 02 usos, inclusive escoramento - Revisada 07.2015","m2",0.13,84.52,10.9876]
[null,null,"00140/ORSE","Aço CA - 50 Ø 6,3 a 12,5mm, inclusive corte, dobragem, montagem e colocacao de ferragens nas formas, para superestruturas e fundações","kg",0.5,6.53,3.2650000000000001]
[null,null,"03310/ORSE","Chapisco em parede com argamassa traço t1 - 1:3 (cimento / areia) - Revisado 08/2015","m2",1,4.6100000000000003,4.6100000000000003]
[null,null,"03316/ORSE","Reboco ou emboço externo, de parede, com argamassa traço t5 - 1:2:8 (cimento / cal / areia), espessura 2,5 cm","m2",1,26.1,26.1]
[null,null,"00081/ORSE","Aço ca-50 6,3 a 12,5 mm","kg",0.2,4.1500000000000004,0.83]
[null,null,"04750/SINAPI","Pedreiro","h",1.2,"19,57",23.484000000000002]
[null,null,"06111/SINAPI","Servente de obras","h",1.0987,"15,85",17.414394999999999]
[null,null,null,"TOTAL GERAL S/ BDI",null,null,null,{"$f":"SUM(H1342:H1350)","v":110.68}]
["5.4.2","ORSE",4713,"CONCERTINA EM AÇO GALVANIZADO, ESPIRAL DE Ø = 450MM, 3 CLIPES P/ ESPIRAL, LÂM INA DE 30MM E FIO INTERNO DE 2,50MM,  INCLUISIVE INSTALAÇÃO","M",210]
[null,null,"04306/ORSE","Concertina Ripper 450mm ou similar (barreira física efetiva)","m",1,25.73,{"$f":"G1353*F1353","v":25.73}]
[null,null,null,"TOTAL GERAL S/ BDI",null,null,null,{"$f":"SUM(H1353)","v":25.73}]
["5.4.3","SINAPI",88489,"APLICAÇÃO MANUAL DE PINTURA COM TINTA LÁTEX ACRÍLICA EM PAREDES, DUAS DEMÃOS. AF_06/2014","M²",1348.56]
[null,null,null,"TINTA ACRILICA PREMIUM, COR BRANCO FOSCO","L","0,3300000","16,80",{"$f":"G1356*F1356","v":5.5439999999999996}]
[null,null,null,"PINTOR COM ENCARGOS COMPLEMENTARES","H",0.107,"19,49",2.0854300000000001]
[null,null,null,"SERVENTE COM ENCARGOS COMPLEMENTARES","H",0.04,"15,85",0.63400000000000001]
[null,null,null,"TOTAL GERAL S/ BDI",null,null,null,{"$f":"SUM(H1356:H1358)","v":8.26}]
["5.4.4","SINAPI",72799,"PAVIMENTO EM PARALELEPIPEDO SOBRE COLCHAO DE AREIA REJUNTADO COM ARGAMASSA DE CIMENTO E AREIA NO TRAÇO 1:3 (PEDRAS PEQUENAS 30 A 35 PECAS POR M2)","M²",471.69]
[null,null,null,"AREIA FINA - POSTO JAZIDA/FORNECEDOR (RETIRADO NA JAZIDA, SEM TRANSPORTE)","M3","0,0230000","70,00",{"$f":"G1361*F1361","v":1.61}]
[null,null,null,"AREIA GROSSA - POSTO JAZIDA/FORNECEDOR (RETIRADO NA JAZIDA, SEM TRANSPORTE)","M3","0,1000000","65,00",6.5]
[null,null,null,"CIMENTO PORTLAND COMPOSTO CP II-32","KG",8,"0,43",3.44]
[null,null,null,"PARALELEPIPEDO GRANITICO OU BASALTICO, PARA PAVIMENTACAO, SEM FRETE,  *30 A 35* PECAS POR M2","MIL","0,0350000","1.254,00",43.89]
[null,null,null,"CALCETEIRO COM ENCARGOS COMPLEMENTARES","H",0.2,"19,45",3.89]
[null,null,null,"SERVENTE COM ENCARGOS COMPLEMENTARES","H",0.21970000000000001,"15,85",3.4822449999999998]
[null,null,null,"TOTAL GERAL S/ BDI",null,null,null,{"$f":"SUM(H1361:H1366)","v":62.81}]
["5.4.5","SINAPI",94998,"EXECUÇÃO DE PASSEIO (CALÇADA) OU PISO DE CONCRETO COM CONCRETO MOLDADO IN LOCO, FEITO EM OBRA, ACABAMENTO CONVENCIONAL, ESPESSURA 12 CM, ARMADO. AF_07/2016","M²",75.75]
[null,null,null,"LONA PLASTICA PRETA, E= 150 MICRA","M2","1,1280000","1,13",{"$f":"G1369*F1369","v":1.27464}]
[null,null,null,"PECA DE MADEIRA NATIVA/REGIONAL 2,5 X 7,0 CM (SARRAFO-P/FORMA)","M","0,2000000","1,04",0.20799999999999999]
[null,null,null,"TABUA MADEIRA 2A QUALIDADE 2,5 X 30,0CM (1 X 12\") NAO APARELHADA","M","0,1250000","7,93",0.99124999999999996]
[null,null,null,"TELA DE ACO SOLDADA NERVURADA, CA-60, Q-196, (3,11 KG/M2), DIAMETRO DO FIO = 5,0 MM, LARGURA =  2,45 M, ESPACAMENTO DA MALHA = 10 X 10 CM","M2",1.05,"14,42",15.141]
[null,null,null,"CARPINTEIRO DE FORMAS COM ENCARGOS COMPLEMENTARES","H",0.1,"19,45",1.9450000000000001]
[null,null,null,"PEDREIRO COM ENCARGOS COMPLEMENTARES","H",0.12,"19,57",2.3483999999999998]
[null,null,null,"SERVENTE COM ENCARGOS COMPLEMENTARES","H",0.2,"15,85",3.17]
[null,null,null,"CONCRETO FCK = 20MPA, TRAÇO 1:2,7:3 (CIMENTO/ AREIA MÉDIA/ BRITA 1)  - PREPARO MECÂNICO COM BETONEIRA 400 L. AF_07/2016","M3","0,1455000","301,28",43.836239999999997]
[null,null,null,"TOTAL GERAL S/ BDI",null,null,null,{"$f":"SUM(H1369:H1376)","v":68.91}]
["5.4.6","SINAPI",94263,"GUIA (MEIO-FIO) CONCRETO, MOLDADA  IN LOCO  EM TRECHO RETO COM EXTRUSORA, 11,5 CM BASE X 22 CM ALTURA. AF_06/2016","M",30]
[null,null,null,"AREIA MEDIA - POSTO JAZIDA/FORNECEDOR (RETIRADO NA JAZIDA, SEM TRANSPORTE)","M3","0,0070000","55,00",{"$f":"G1379*F1379","v":0.38500000000000001}]
[null,null,null,"CONCRETO USINADO BOMBEAVEL, CLASSE DE RESISTENCIA C20, COM BRITA 0 E 1, SLUMP = 100 +/- 20 MM, EXCLUI SERVICO DE BOMBEAMENTO (NBR 8953)","M3","0,0300000","217,79",6.5336999999999996]
[null,null,null,"AJUDANTE ESPECIALIZADO COM ENCARGOS COMPLEMENTARES","H","0,0870000","19,10",1.6617]
[null,null,null,"PEDREIRO COM ENCARGOS COMPLEMENTARES","H",0.2,"19,57",3.9140000000000001]
[null,null,null,"SERVENTE COM ENCARGOS COMPLEMENTARES","H",0.248,"15,85",3.9308000000000001]
[null,null,null,"ARGAMASSA TRAÇO 1:4 (CIMENTO E AREIA MÉDIA), PREPARO MANUAL. AF_08/2014","M3",1E-3,"356,46",0.35646]
[null,null,null,"MÁQUINA EXTRUSORA DE CONCRETO PARA GUIAS E SARJETAS, MOTOR A DIESEL, POTÊNCIA 14 CV - CHP DIURNO. AF_12/2015","CHP",0.01,"14,62",0.1462]
[null,null,null,"MÁQUINA EXTRUSORA DE CONCRETO PARA GUIAS E SARJETAS, MOTOR A DIESEL, POTÊNCIA 14 CV - CHI DIURNO. AF_12/2015","CHI",0.01,"4,35",4.3499999999999997E-2]
[null,null,null,"TOTAL GERAL S/ BDI",null,null,null,{"$f":"SUM(H1379:H1386)","v":16.97}]
["5.4.7","SINAPI",68054,"PORTAO DE FERRO EM CHAPA GALVANIZADA PLANA 14 GSG","M²",58.54]
[null,null,null,"ACO CA-25, 10,0 MM, VERGALHAO","KG","5,1000000","4,15",{"$f":"G1389*F1389","v":21.164999999999999}]
[null,null,null,"AREIA MEDIA - POSTO JAZIDA/FORNECEDOR (RETIRADO NA JAZIDA, SEM TRANSPORTE)","M3","0,0250000","55,00",1.375]
[null,null,null,"CAL HIDRATADA CH-I PARA ARGAMASSAS","KG",0.3,"0,80",0.24]
[null,null,null,"CIMENTO PORTLAND COMPOSTO CP II-32","KG","4,6000000","0,43",1.978]
[null,null,null,"CANTONEIRA ACO ABAS IGUAIS (QUALQUER BITOLA), ESPESSURA ENTRE 1/8\" E 1/4\"","KG","8,2600000","4,42",36.5092]
[null,null,null,"CHAPA DE ACO GALVANIZADA BITOLA GSG 14, E = 1,95 MM (15,60 KG/M2)","KG",15.28,"7,70",117.65600000000001]
[null,null,null,"PEDREIRO COM ENCARGOS COMPLEMENTARES","H",0.25073000000000001,"19,57",4.9067860999999997]
[null,null,null,"SERVENTE COM ENCARGOS COMPLEMENTARES","H",0.2,"15,85",3.17]
[null,null,null,"TOTAL GERAL S/ BDI",null,null,null,{"$f":"SUM(H1389:H1396)","v":187}]
[]
["5.5.1","SIGMMA ESCO","COTAÇÃO","CONJUNTO MOTO BOMBA RE-AUTOESCORVANTE ESCO (CÓDIGOHP061504P) OU SIMILAR COM AS SEGUINTES CARACTERÍSTICAS:  CONJUNTO MOTOBOMBA RE-AUTOESCORVANTE ESCO: Q = 90,00 M³/H (25 L/S) , H = 21,06 MCA, POTÊNCIA CALCULADA = 10,80 CV, POTÊNCIA COMERCIAL = 15 CV, 380 V. ESCOPO DE FORNECIMENTO: BOMBA + BASE + CORREIA/POLIAS + VÁLVULA DE ALÍVIO DE AR + MOTOR, CONFORME PROPOSTA FINANCEIRA APRESENTADA.","UN ",2]
[null,null,null,"TOTAL GERAL S/ BDI",null,null,null,37389.11]
["5.5.2","SEINFRA","I7269","TUBO FoFo PB JE K-9 P/ ESGOTO DN 300","M"]
[null,null,null,"TUBO FoFo PB JE K-9 P/ ESGOTO DN 300","M",1,457.8,457.8]
[null,null,null,"TOTAL GERAL S/ BDI",null,null,null,457.8]
["5.5.3","SEINFRA","I3896","JUNTA GIBAULT DN 300","UM"]
[null,null,null,"JUNTA GIBAULT DN 300","UM",1,469.26,469.26]
[null,null,null,"TOTAL GERAL S/ BDI",null,null,null,469.26]
["5.5.4","SEINFRA","I6670","TUBO FoFo C/ FLANGE E PONTA DN 300 PN10 L=500","UM"]
[null,null,null,"TUBO FoFo C/ FLANGE E PONTA DN 300 PN10 L=500","UM",1,813.14,813.14]
[null,null,null,"TOTAL GERAL S/ BDI",null,null,null,813.14]
["5.5.5","ORSE",5649,"REGISTRO GAVETA FOFO, C/ FLANGES, CUNHA BORRACHA, CORPO CURTO E CABEÇOTE, PN 10, TIPO EURO 23,  D=300MM"]
[{"$nulls":4},"UM",1,2472.36,2472.36]
[null,null,null,"TOTAL GERAL S/ BDI",null,null,null,2472.36]
["5.5.6","ORSE",8662,"TUBO INTEGRAL EM FOFO, PARA ESGOTO - JGS Ø= 450MM"]
[{"$nulls":4},"UM",1,514.76,514.76]
[null,null,null,"TOTAL GERAL S/ BDI",null,null,null,514.76]
["5.5.7","SEINFRA","I3478","CURVA DE PÉ 90 FF DN 200 PN10","UN",2]
[null,null,null,"CURVA DE PÉ 90 FF DN 200 PN10","UN",1,413.79,413.79]
[null,null,null,"TOTAL GERAL S/ BDI",null,null,null,413.79]
["5.5.8","SEINFRA","I4487","TUBO FoFo C/ FLANGES DN 200 PN10 - L=4500","UN",2]
[null,null,null,"TUBO FoFo C/ FLANGES DN 200 PN10 - L=4500","UN",1,2239.4,2239.4]
[null,null,null,"TOTAL GERAL S/ BDI",null,null,null,2239.4]
["5.5.9","SEINFRA","I3427","CURVA FoFo 90 FF DN 200 PN10","UN",5]
[null,null,null,"CURVA FoFo 90 FF DN 200 PN10","UN",1,383.3,383.3]
[null,null,null,"TOTAL GERAL S/ BDI",null,null,null,383.3]
["5.5.10","SEINFRA","I4484","TUBO FoFo C/ FLANGES DN 200 PN10 - L=3000","UN",2]
[null,null,null,"TUBO FoFo C/ FLANGES DN 200 PN10 - L=3000","UN",1,1735.1,1735.1]
[null,null,null,"TOTAL GERAL S/ BDI",null,null,null,1735.1]
["5.5.11","SEINFRA","I4070","REDUÇÃO EXCÊNTRICA C/ FLANGES DN 200 x 100 PN10","UN",2]
[null,null,null,"REDUÇÃO EXCÊNTRICA C/ FLANGES DN 200 x 100 PN10","UN",1,603.98,603.98]
[null,null,null,"TOTAL GERAL S/ BDI",null,null,null,603.98]
["5.5.12","SEINFRA","I4086","REDUÇÃO FoFo FF DN 200 x 100 PN10","UN",2]
[null,null,null,"REDUÇÃO FoFo FF DN 200 x 100 PN10","UN",1,680.02,680.02]
[null,null,null,"TOTAL GERAL S/ BDI",null,null,null,680.02]
["5.5.13","SEINFRA","I8746","VÁLVULA RETENÇÃO PORTA ÚNICA C/FLANGES DN 200 P/ESGOTO","UN",2]
[null,null,null,"VÁLVULA RETENÇÃO PORTA ÚNICA C/FLANGES DN 200 P/ESGOTO","UN",1,2488.91,2488.91]
[null,null,null,"TOTAL GERAL S/ BDI",null,null,null,2488.91]
["5.5.14","SEINFRA","I3797","EXTREMIDADE FLANGE E PONTA DN 200 PN10","UN",4]
[null,null,null,"EXTREMIDADE FLANGE E PONTA DN 200 PN10","UN",1,415.86,415.86]
[null,null,null,"TOTAL GERAL S/ BDI",null,null,null,415.86]
["5.5.15","SEINFRA","I3894","JUNTA GIBAULT DN 200","UN",2]
[null,null,null,"JUNTA GIBAULT DN 200","UN",1,274.04000000000002,274.04000000000002]
[null,null,null,"TOTAL GERAL S/ BDI",null,null,null,274.04000000000002]
["5.5.16","SEINFRA","I3964","TUBO FoFo C/ FLANGES DN 200  PN10 - L=250","UN",2]
[null,null,null,"TUBO FoFo C/ FLANGES DN 200  PN10 - L=250","UN",1,414,414]
[null,null,null,"TOTAL GERAL S/ BDI",null,null,null,414]
["5.5.17","SEINFRA","I3410","CURVA FoFo 45 FF DN 200 PN10","UN",1]
[null,null,null,"CURVA FoFo 45 FF DN 200 PN10","UN",1,327.84,327.84]
[null,null,null,"TOTAL GERAL S/ BDI",null,null,null,327.84]
["5.5.18","SEINFRA","I3880","JUNÇÃO 45 FoFo FFF DN 200 x 200 PN10","UN",1]
[null,null,null,"JUNÇÃO 45 FoFo FFF DN 200 x 200 PN10","UN",1,831.9,831.9]
[null,null,null,"TOTAL GERAL S/ BDI",null,null,null,831.9]
["5.5.19","SEINFRA","I4481","TUBO FoFo C/ FLANGES DN 200 PN10 - L=1500","UN",1]
[null,null,null,"TUBO FoFo C/ FLANGES DN 200 PN10 - L=1500","UN",1,1214.8599999999999,1214.8599999999999]
[null,null,null,"TOTAL GERAL S/ BDI",null,null,null,1214.8599999999999]
["5.5.20","SEINFRA","I3650","TE FoFo FF DN 200 x 50 PN10","UN",1]
[null,null,null,"TE FoFo FF DN 200 x 50 PN10","UN",1,530.32000000000005,530.32000000000005]
[null,null,null,"TOTAL GERAL S/ BDI",null,null,null,530.32000000000005]
["5.5.21","ORSE",12533,"REGISTRO GAVETA FOFO, C/ FLANGES, CUNHA BORRACHA, CORPO CURTO E VOLANTE, TIPO EURO 23,  PN16, DIAM  = 50MM","UN",3]
[null,null,null,"REGISTRO GAVETA FOFO, C/ FLANGES, CUNHA BORRACHA, CORPO CURTO E VOLANTE, TIPO EURO 23,  PN16, DIAM  = 50MM","UN",1,267.32,267.32]
[null,null,null,"TOTAL GERAL S/ BDI",null,null,null,267.32]
["5.5.22","ORSE",6439,"VENTOSA TRÍPLICE FUNÇÃO,  PN 25, DIAM  = 50MM","UN",3]
[null,null,null,"VENTOSA TRÍPLICE FUNÇÃO,  PN 25, DIAM  = 50MM","UN",1,864.91,864.91]
[null,null,null,"TOTAL GERAL S/ BDI",null,null,null,864.91]
["5.5.23","SEINFRA","I4666","TUBO FoFo C/FLANGE E PONTA DN 200 PN10 - L=1000","UN",1]
[null,null,null,"TUBO FoFo C/FLANGE E PONTA DN 200 PN10 - L=1000","UN",1,693.57,693.57]
[null,null,null,"TOTAL GERAL S/ BDI",null,null,null,693.57]
["5.5.24","SEINFRA","I3365","CURVA 90 FoFo BB JUNTA ELÁSTICA DN 200","UN",1]
[null,null,null,"CURVA 90 FoFo BB JUNTA ELÁSTICA DN 200","UN",1,406.4,406.4]
[null,null,null,"TOTAL GERAL S/ BDI",null,null,null,406.4]
["5.5.25","SEINFRA","I4669","TUBO FoFo C/FLANGE E PONTA DN 200 PN10 - L=2500","UN",1]
[null,null,null,"TUBO FoFo C/FLANGE E PONTA DN 200 PN10 - L=2500","UN",1,1198.81,1198.81]
[null,null,null,"TOTAL GERAL S/ BDI",null,null,null,1198.81]
["5.5.26","SEINFRA","I3652","TE FoFo FF DN 200 x 100 PN10","UN",1]
[null,null,null,"TE FoFo FF DN 200 x 100 PN10","UN",1,739.56,739.56]
[null,null,null,"TOTAL GERAL S/ BDI",null,null,null,739.56]
["5.5.27","ORSE",5647,"REGISTRO GAVETA FOFO, C/ FLANGES, CUNHA BORRACHA, CORPO CURTO E CABEÇOTE, PN  10, TIPO EURO 23, D=  200MM","UN",1]
[null,null,null,"REGISTRO GAVETA FOFO, C/ FLANGES, CUNHA BORRACHA, CORPO CURTO E CABEÇOTE, PN  10, TIPO EURO 23, D=  200MM","UN",1,901.16,901.16]
[null,null,null,"TOTAL GERAL S/ BDI",null,null,null,901.16]
["5.5.28","SEINFRA","I4646","TUBO FoFo C/FLANGE E PONTA DN 100 PN10 - L=2000","UN",3]
[null,null,null,"TUBO FoFo C/FLANGE E PONTA DN 100 PN10 - L=2000","UN",1,605.29,605.29]
[null,null,null,"TOTAL GERAL S/ BDI",null,null,null,605.29]
["6.1.1","SINAPI","73859/2","CAPINA E LIMPEZA MANUAL DE TERRENO","M²",3750]
[null,null,null,"SERVENTE COM ENCARGOS COMPLEMENTARES","H",6.4000000000000001E-2,"15,85",{"$f":"G1483*F1483","v":1.0144}]
[null,null,null,"TOTAL GERAL S/ BDI",null,null,null,{"$f":"SUM(H1483)","v":1.01}]
["6.1.2","SEINFRA","C1630","LOCAÇÃO DA OBRA - EXECUÇÃO DE GABARITO","M²",229.23]
[null,null,null,"TOTAL GERAL S/ BDI",null,null,null,3.68]
["6.1.3","SINAPI",93358,"ESCAVAÇÃO MANUAL DE VALA COM PROFUNDIDADE MENOR OU IGUAL A 1,30 M. AF_03/2016","M³",2456.1999999999998]
[null,null,null,"SERVENTE COM ENCARGOS COMPLEMENTARES","H",3.1802000000000001,"15,85",{"$f":"G1488*F1488","v":50.406170000000003}]
[null,null,null,"TOTAL GERAL S/ BDI",null,null,null,{"$f":"SUM(H1488)","v":50.41}]
["6.1.4","SINAPI",83338,"ESCAVACAO MECANICA, A CEU ABERTO, EM MATERIAL DE 1A CATEGORIA, COM ESCAVADEIRA HIDRAULICA, CAPACIDADE DE 0,78 M³","M³",498.86]
[null,null,null,"ESCAVADEIRA HIDRÁULICA SOBRE ESTEIRAS, CAÇAMBA 0,80 M3, PESO OPERACIONAL 17,8 T, POTÊNCIA LÍQUIDA 110 HP - CHI DIURNO. AF_10/2014","CHI","0,0058000","65,42",{"$f":"G1491*F1491","v":0.379436}]
[null,null,null,"SERVENTE COM ENCARGOS COMPLEMENTARES","H",7.0000000000000001E-3,"15,85",0.11094999999999999]
[null,null,null,"ESCAVADEIRA HIDRÁULICA SOBRE ESTEIRAS, CAÇAMBA 0,80 M3, PESO OPERACIONAL 17,8 T, POTÊNCIA LÍQUIDA 110 HP - CHP DIURNO. AF_10/2014","CHP",1.1050000000000001E-2,"143,45",1.5851225]
[null,null,null,"TOTAL GERAL S/ BDI",null,null,null,{"$f":"SUM(H1491:H1493)","v":2.08}]
["6.1.5","ORSE",4357,"ESCAVAÇÃO COM PERFURATRIZ EM MATERIAL DE 2ª CATEGORIA","M³",2108.94]
[null,null,"02463/ORSE","Compressor 250 pcm (atlas copco - xa-120dd - 94,0 hp ou equivalente)","h",0.05,12.15,{"$f":"G1496*F1496","v":0.60750000000000004}]
[null,null,"02479/ORSE","Perfuratriz (atlas copco -rh 571 5l)","h",0.1,2.61,0.26100000000000001]
[null,null,"06111/SINAPI","Servente de obras","h",3.85,15.85,61.022500000000001]
[null,null,"02479/ORSE","Perfuratriz (atlas copco -rh 571 5l)","h",0.161,2.61,0.42020999999999997]
[null,null,"04728/ORSE","Talhadeira chata 10\"","un",7.0000000000000007E-2,9.4499999999999993,0.66149999999999998]
[null,null,null,"TOTAL GERAL S/ BDI",null,null,null,{"$f":"SUM(H1496:H1500)","v":62.97}]
["6.1.6","ORSE",4503,"ESCAVAÇÃO MANUAL DE VALA OU CAVA EM MATERIAL DE 3ª CATEGORIA, PROFUNDIDADE AT É 4,00 M, COM USO DE EXPLOSIVOS E PERFURAÇÃO MECÂNICA","M³",1157.21]
[null,null,"01045/ORSE","Explosivo gelatinoso dinamite 40% (comprimento = 8\" / diâmetro da seção = 1\")","kg",0.2,8.35,{"$f":"G1503*F1503","v":1.67}]
[null,null,"02463/ORSE","Compressor 250 pcm (atlas copco - xa-120dd - 94,0 hp ou equivalente)","h",0.06,11.68,0.7]
[null,null,"02479/ORSE","Perfuratriz (atlas copco -rh 571 5l)","h",0.19,2.4300000000000002,0.46]
[null,null,"02759/SINAPI","Espoleta simples n 8.","un",3,4.0599999999999996,12.18]
[null,null,"02762/SINAPI","Estopim simples","m",3,5.07,15.21]
[null,null,"06111/SINAPI","Servente de obras","h",8.2989999999999995,15.85,131.54]
[null,null,"04163/ORSE","Broca em aço 400 x 35 mm, série 11","un",0,365.52,0]
[null,null,"04165/ORSE","Broca em aço 800 x 34 mm, série 11","un",0,382.42,0]
[null,null,"04166/ORSE","Broca em aço 1600 x 33 mm, série 11","un",0,366.96,0]
[null,null,"04167/ORSE","Broca em aço 2400 x 32 mm, série 11","un",0,570.79999999999995,0]
[null,null,"04168/ORSE","Broca em aço 3200 x 31 mm, série 11","un",0,761.97,0]
[null,null,"04169/ORSE","Broca em aço 4000 x 30 mm, série 11","un",0,888.47,0]
[null,null,"04170/ORSE","Broca em aço 4800 x 29 mm, série 11","un",0,916.63,0]
[null,null,"12894/SINAPI","Capa para chuva em pvc com forro de poliester, com capuz (amarela ou azul)","un",0,10.53,0]
[null,null,"02759/SINAPI","Espoleta simples n 8.","un",3,4.0599999999999996,12.18]
[null,null,"02762/SINAPI","Estopim simples","m",3,5.07,15.21]
[null,null,"01045/ORSE","Explosivo gelatinoso dinamite 40% (comprimento = 8\" / diâmetro da seção = 1\")","kg",0.2,8.35,1.67]
[null,null,"02479/ORSE","Perfuratriz (atlas copco -rh 571 5l)","h",0.19,2.4300000000000002,0.46]
[null,null,null,"TOTAL GERAL S/ BDI",null,null,null,{"$f":"SUM(H1503:H1520)","v":191.28}]
["6.1.7","SINAPI",93382,"REATERRO MANUAL DE VALAS COM COMPACTAÇÃO MECANIZADA. AF_04/2016","M³",302.36]
[null,null,null,"SERVENTE COM ENCARGOS COMPLEMENTARES","H",0.5,"15,85",{"$f":"G1523*F1523","v":7.9249999999999998}]
[null,null,null,"COMPACTADOR DE SOLOS DE PERCUSSÃO (SOQUETE) COM MOTOR A GASOLINA 4 TEMPOS, POTÊNCIA 4 CV - CHP DIURNO. AF_08/2015","CHP",0.2,"37,70",7.54]
[null,null,null,"COMPACTADOR DE SOLOS DE PERCUSSÃO (SOQUETE) COM MOTOR A GASOLINA 4 TEMPOS, POTÊNCIA 4 CV - CHI DIURNO. AF_08/2015","CHI",0.2293,"34,23",7.8489389999999997]
[null,null,null,"UMIDIFICAÇÃO DE MATERIAL PARA VALAS COM CAMINHÃO PIPA 10000L. AF_11/2016","M3","1,0000000","1,29",1.29]
[null,null,null,"TOTAL GERAL S/ BDI",null,null,null,{"$f":"SUM(H1523:H1526)","v":24.6}]
["6.1.8","ORSE",4986,"CARGA MECÂNICA DE MATERIAL DE 1ª CATEGORIA","M³",1716.86]
[null,null,"04244/ORSE","Pa carregadeira sobre pneus Caterpillar - 924 G","h",5.0000000000000001E-4,129.72999999999999,{"$f":"G1529*F1529","v":6.4865000000000006E-2}]
[null,null,"06111/SINAPI","Servente de obras","h",3.27E-2,15.85,0.51829499999999995]
[null,null,null,"TOTAL GERAL S/ BDI",null,null,null,{"$f":"SUM(H1529:H1530)","v":0.57999999999999996}]
["6.1.9","ORSE",2507,"CARGA MECÂNICA DE MATERIAL DE 2ª CATEGORIA","M³",251.05]
[null,null,"04244/ORSE","Pa carregadeira sobre pneus Caterpillar - 924 G","h",8.0000000000000002E-3,129.72999999999999,{"$f":"G1533*F1533","v":1.0378400000000001}]
[null,null,"06111/SINAPI","Servente de obras","h",4.7500000000000001E-2,15.85,0.75287499999999996]
[null,null,null,"TOTAL GERAL S/ BDI",null,null,null,{"$f":"SUM(H1533:H1534)","v":1.79}]
["6.1.10","ORSE",2508,"CARGA MECÂNICA DE MATERIAL DE 3ª CATEGORIA","M³",5758.67]
[null,null,"02477/ORSE","Pá - carregadeira de esteira 1,53m3 (cat - 953 - 130,0 hp)","h",1.2999999999999999E-2,156.46,{"$f":"G1537*F1537","v":2.0339800000000001}]
[null,null,"06111/SINAPI","Servente de obras","h",3.3000000000000002E-2,15.85,0.52305000000000001]
[null,null,null,"TOTAL GERAL S/ BDI",null,null,null,{"$f":"SUM(H1537:H1538)","v":2.56}]
["6.1.11","SINAPI",97914,"TRANSPORTE COM CAMINHÃO BASCULANTE DE 6 M³, EM VIA URBANA PAVIMENTADA, DMT ATÉ 30 KM (UNIDADE: M³XKM). AF_01/2018","M³XKM",60364.7]
[null,null,null,"CAMINHÃO BASCULANTE 6 M3 TOCO, PESO BRUTO TOTAL 16.000 KG, CARGA ÚTIL MÁXIMA 11.130 KG, DISTÂNCIA ENTRE EIXOS 5,36 M, POTÊNCIA 185 CV, INCLUSIVE CAÇAMBA METÁLICA - CHP DIURNO. AF_06/2014","CHP",8.6999999999999994E-3,"147,90",{"$f":"G1541*F1541","v":1.2867299999999999}]
[null,null,null,"CAMINHÃO BASCULANTE 6 M3 TOCO, PESO BRUTO TOTAL 16.000 KG, CARGA ÚTIL MÁXIMA 11.130 KG, DISTÂNCIA ENTRE EIXOS 5,36 M, POTÊNCIA 185 CV, INCLUSIVE CAÇAMBA METÁLICA - CHI DIURNO. AF_06/2014","CHI",1E-3,"44,04",4.4040000000000003E-2]
[null,null,null,"TOTAL GERAL S/ BDI",null,null,null,{"$f":"SUM(H1541:H1542)","v":1.33}]
["6.1.12","SINAPI",94967,"CONCRETO FCK = 40MPA, TRAÇO 1:1,6:1,9 (CIMENTO/ AREIA MÉDIA/ BRITA 1)  - PREPARO MECÂNICO COM BETONEIRA 400 L. AF_07/2016","M³",145.36000000000001]
[null,null,null,"AREIA MEDIA - POSTO JAZIDA/FORNECEDOR (RETIRADO NA JAZIDA, SEM TRANSPORTE)","M3",0.05,"55,00",{"$f":"G1545*F1545","v":2.75}]
[null,null,null,"CIMENTO PORTLAND COMPOSTO CP II-32","KG","486,8500000","0,43",209.34549999999999]
[null,null,null,"PEDRA BRITADA N. 1 (9,5 a 19 MM) POSTO PEDREIRA/FORNECEDOR, SEM FRETE","M3","0,5610000","55,38",31.068180000000002]
[null,null,null,"SERVENTE COM ENCARGOS COMPLEMENTARES","H",1.2090000000000001,"15,85",19.162649999999999]
[null,null,null,"OPERADOR DE BETONEIRA ESTACIONÁRIA/MISTURADOR COM ENCARGOS COMPLEMENTARES","H",1,"28,44",28.44]
[null,null,null,"BETONEIRA CAPACIDADE NOMINAL DE 400 L, CAPACIDADE DE MISTURA 280 L, MOTOR ELÉTRICO TRIFÁSICO POTÊNCIA DE 2 CV, SEM CARREGADOR - CHP DIURNO. AF_10/2014","CHP",0.5,"1,11",0.55500000000000005]
[null,null,null,"BETONEIRA CAPACIDADE NOMINAL DE 400 L, CAPACIDADE DE MISTURA 280 L, MOTOR ELÉTRICO TRIFÁSICO POTÊNCIA DE 2 CV, SEM CARREGADOR - CHI DIURNO. AF_10/2014","CHI",0.5,"0,27",0.13500000000000001]
[null,null,null,"TOTAL GERAL S/ BDI",null,null,null,{"$f":"SUM(H1545:H1551)","v":291.45999999999998}]
["6.1.13","SINAPI",92873,"LANÇAMENTO COM USO DE BALDES, ADENSAMENTO E ACABAMENTO DE CONCRETO EM ESTRUTURAS. AF_12/2015","M³",155.05000000000001]
[null,null,null,"CARPINTEIRO DE FORMAS COM ENCARGOS COMPLEMENTARES","H",1,"19,45",{"$f":"G1554*F1554","v":19.45}]
[null,null,null,"PEDREIRO COM ENCARGOS COMPLEMENTARES","H",1.075,"19,57",21.037749999999999]
[null,null,null,"SERVENTE COM ENCARGOS COMPLEMENTARES","H","5,5380000","15,85",87.777299999999997]
[null,null,null,"VIBRADOR DE IMERSÃO, DIÂMETRO DE PONTEIRA 45MM, MOTOR ELÉTRICO TRIFÁSICO POTÊNCIA DE 2 CV - CHP DIURNO. AF_06/2015","CHP","0,6720000","1,12",0.75263999999999998]
[null,null,null,"VIBRADOR DE IMERSÃO, DIÂMETRO DE PONTEIRA 45MM, MOTOR ELÉTRICO TRIFÁSICO POTÊNCIA DE 2 CV - CHI DIURNO. AF_06/2015","CHI","1,1740000","0,30",0.35220000000000001]
[null,null,null,"TOTAL GERAL S/ BDI",null,null,null,{"$f":"SUM(H1554:H1558)","v":129.37}]
["6.1.14","ORSE",3366,"FORMA PLANA PARA ESTRUTURAS, EM COMPENSADO PLASTIFICADO DE 12MM, 07 USOS, INC LUSIVE ESCORAMENTO - REVISADA 07.2015","M²",2404.21]
[null,null,"01569/ORSE","Madeira mista serrada (barrote) 6 x 6cm - 0,0036 m3/m (angelim, louro)","m",0.6,5.87,{"$f":"G1561*F1561","v":3.5219999999999998}]
[null,null,"00333/SINAPI","Arame galvanizado 14 bwg, d = 2,11 mm (0,026 kg/m)","kg",0.15,12.5,1.875]
[null,null,"01213/SINAPI","Carpinteiro de formas","h",0.7,19.45,13.615]
[null,null,"06111/SINAPI","Servente de obras","h",8.1900000000000001E-2,15.85,{"$f":"G1564*F1564","v":1.2981149999999999}]
[null,null,"01347/SINAPI","Chapa de madeira compensada plastificada para forma de concreto, de 2,20 x 1,10 m, e = 12 mm","m2",0.15,32.1,{"$f":"G1565*F1565","v":4.8150000000000004}]
[null,null,"02692/SINAPI","Desmoldante protetor para formas de madeira, de base oleosaemulsionada em agua","l",0.02,6.14,0.12280000000000001]
[null,null,"04509/SINAPI","Tabua de madeira nao aparelhada *2,5 x 10 cm (1 x 4 \") pinus, mista ou equivalente da regiao","m",0.77800000000000002,3.42,2.6607599999999998]
[null,null,"05068/SINAPI","Prego de aco polido com cabeca 17 x 21 (2 x 11)","kg",2.5000000000000001E-2,9.86,0.2465]
[null,null,"05069/SINAPI","Prego de aco polido com cabeca 17 x 27 (2 1/2 x 11)","kg",0.1,10.050000000000001,1.0049999999999999]
[null,null,"06193/SINAPI","Tabua de madeira nao aparelhada *2,5 x 20* cm, cedrinho ou equivalente da regiao","m",8.6999999999999994E-2,5.75,0.50024999999999997]
[null,null,"02378/ORSE","Vale transporte","un",0.20730000000000001,3.5,0.72555000000000003]
[null,null,null,"TOTAL GERAL S/ BDI",null,null,null,{"$f":"SUM(H1561:H1571)","v":30.39}]
["6.1.15","SINAPI",92791,"CORTE E DOBRA DE AÇO CA-60, DIÂMETRO DE 5,0 MM, UTILIZADO EM ESTRUTURAS DIVERSAS, EXCETO LAJES. AF_12/2015","KG",19620.5]
[null,null,null,"ACO CA-60, 5,0 MM, VERGALHAO","KG",1.05,4.5,{"$f":"G1574*F1574","v":4.7249999999999996}]
[null,null,null,"AJUDANTE DE ARMADOR COM ENCARGOS COMPLEMENTARES","H",5.0000000000000001E-3,"14,94",7.4700000000000003E-2]
[null,null,null,"ARMADOR COM ENCARGOS COMPLEMENTARES","H",0.02,"19,45",0.38900000000000001]
[null,null,null,"TOTAL GERAL S/ BDI",null,null,null,{"$f":"SUM(H1574:H1576)","v":5.19}]
["6.1.16","SINAPI",92794,"CORTE E DOBRA DE AÇO CA-50, DIÂMETRO DE 10,0 MM, UTILIZADO EM ESTRUTURAS DIVERSAS, EXCETO LAJES. AF_12/2015","KG",10728.2]
[null,null,null,"ACO CA-50, 10,0 MM, VERGALHAO","KG",1.05,3.95,{"$f":"G1579*F1579","v":4.1475}]
[null,null,null,"AJUDANTE DE ARMADOR COM ENCARGOS COMPLEMENTARES","H",1E-4,"14,94",1.4940000000000001E-3]
[null,null,null,"ARMADOR COM ENCARGOS COMPLEMENTARES","H",5.0000000000000001E-3,"19,45",9.7250000000000003E-2]
[null,null,null,"TOTAL GERAL S/ BDI",null,null,null,{"$f":"SUM(H1579:H1581)","v":4.25}]
["6.1.17","SINAPI",94962,"CONCRETO MAGRO PARA LASTRO, TRAÇO 1:4,5:4,5 (CIMENTO/ AREIA MÉDIA/ BRITA 1)  - PREPARO MECÂNICO COM BETONEIRA 400 L. AF_07/2016","M³",210.44]
[null,null,null,"AREIA MEDIA - POSTO JAZIDA/FORNECEDOR (RETIRADO NA JAZIDA, SEM TRANSPORTE)","M3",0.7,"55,00",{"$f":"G1584*F1584","v":38.5}]
[null,null,null,"CIMENTO PORTLAND COMPOSTO CP II-32","KG","212,2100000","0,43",91.250299999999996]
[null,null,null,"PEDRA BRITADA N. 1 (9,5 a 19 MM) POSTO PEDREIRA/FORNECEDOR, SEM FRETE","M3","0,5790000","55,38",32.065019999999997]
[null,null,null,"SERVENTE COM ENCARGOS COMPLEMENTARES","H",0.9,"15,85",14.265000000000001]
[null,null,null,"OPERADOR DE BETONEIRA ESTACIONÁRIA/MISTURADOR COM ENCARGOS COMPLEMENTARES","H",0.98299999999999998,"28,44",27.956520000000001]
[null,null,null,"BETONEIRA CAPACIDADE NOMINAL DE 400 L, CAPACIDADE DE MISTURA 280 L, MOTOR ELÉTRICO TRIFÁSICO POTÊNCIA DE 2 CV, SEM CARREGADOR - CHP DIURNO. AF_10/2014","CHP",0.5,"1,11",0.55500000000000005]
[null,null,null,"BETONEIRA CAPACIDADE NOMINAL DE 400 L, CAPACIDADE DE MISTURA 280 L, MOTOR ELÉTRICO TRIFÁSICO POTÊNCIA DE 2 CV, SEM CARREGADOR - CHI DIURNO. AF_10/2014","CHI",0.3,"0,27",8.1000000000000003E-2]
[null,null,null,"TOTAL GERAL S/ BDI",null,null,null,{"$f":"SUM(H1584:H1590)","v":204.67}]
["6.1.18","SEINFRA","C0823","COMPORTA EM FIBRA, CALHA EM ALUMÍNIO","M²",4.09]
[null,null,null,"TOTAL GERAL S/ BDI",null,null,null,332.27]
["6.1.19","SINAPI","73932/1","GRADE DE FERRO EM BARRA CHATA 3/16\"","M²",66.3]
[null,null,null,"BARRA DE FERRO RETANGULAR, BARRA CHATA (QUALQUER DIMENSAO)","KG",41.173999999999999,"5,10",{"$f":"G1595*F1595","v":209.98740000000001}]
[null,null,null,"CANTONEIRA FERRO GALVANIZADO DE ABAS IGUAIS, 1\" X 1/8\" (L X E) , 1,20KG/M","M","2,0000000","6,72",13.44]
[null,null,null,"SERRALHEIRO COM ENCARGOS COMPLEMENTARES","H",0.1,"19,45",1.9450000000000001]
[null,null,null,"SERVENTE COM ENCARGOS COMPLEMENTARES","H",0.1,"15,85",1.585]
[null,null,null,"ARGAMASSA TRAÇO 1:4 (CIMENTO E AREIA MÉDIA), PREPARO MANUAL. AF_08/2014","M3",3.0000000000000001E-3,"356,46",1.06938]
[null,null,null,"TOTAL GERAL S/ BDI",null,null,null,{"$f":"SUM(H1595:H1599)","v":228.03}]
["6.1.20","SINAPI",73665,"ESCADA TIPO MARINHEIRO EM ACO CA-50 9,52MM INCLUSO PINTURA COM FUNDO ANTICORROSIVO TIPO ZARCAO","M",55.26]
[null,null,null,"ACO CA-50, 10,0 MM, VERGALHAO","KG","2,8000000","4,54",{"$f":"G1602*F1602","v":12.712}]
[null,null,null,"FUNDO ANTICORROSIVO PARA METAIS FERROSOS (ZARCAO)","L","0,0250000","26,87",0.67174999999999996]
[null,null,null,"ARMADOR COM ENCARGOS COMPLEMENTARES","H","0,3500000","19,45",6.8075000000000001]
[null,null,null,"PEDREIRO COM ENCARGOS COMPLEMENTARES","H",0.5,"19,57",9.7850000000000001]
[null,null,null,"SERVENTE COM ENCARGOS COMPLEMENTARES","H",1.1160000000000001,"15,85",17.688600000000001]
[null,null,null,"ARGAMASSA TRAÇO 1:3 (CIMENTO E AREIA MÉDIA), PREPARO MANUAL. AF_08/2014","M3","0,0034500","387,49",1.3368405000000001]
[null,null,null,"TOTAL GERAL S/ BDI",null,null,null,{"$f":"SUM(H1602:H1607)","v":49}]
["6.1.21","SINAPI",95468,"PINTURA ESMALTE BRILHANTE (2 DEMAOS) SOBRE SUPERFICIE METALICA, INCLUSIVE PROTECAO COM ZARCAO (1 DEMAO)","M²",67.239999999999995]
[null,null,null,"LIXA EM FOLHA PARA FERRO, NUMERO 150","UN","0,3000000","1,83",{"$f":"G1610*F1610","v":0.54900000000000004}]
[null,null,null,"SOLVENTE DILUENTE A BASE DE AGUARRAS","L","0,0300000","13,69",0.41070000000000001]
[null,null,null,"TINTA ESMALTE SINTETICO PREMIUM BRILHANTE","L","0,1440000","25,87",3.7252800000000001]
[null,null,null,"FUNDO ANTICORROSIVO PARA METAIS FERROSOS (ZARCAO)","L","0,1200000","26,87",3.2244000000000002]
[null,null,null,"PINTOR COM ENCARGOS COMPLEMENTARES","H",0.43540000000000001,"19,49",8.4859460000000002]
[null,null,null,"SERVENTE COM ENCARGOS COMPLEMENTARES","H","0,8000000","15,85",12.68]
[null,null,null,"TOTAL GERAL S/ BDI",null,null,null,{"$f":"SUM(H1610:H1615)","v":29.08}]
["6.1.22","SINAPI","73891/1","ESGOTAMENTO COM MOTO-BOMBA AUTOESCOVANTE","H",322]
[null,null,null,"MOTOBOMBA CENTRÍFUGA, MOTOR A GASOLINA, POTÊNCIA 5,42 HP, BOCAIS 1 1/2\" X 1\", DIÂMETRO ROTOR 143 MM HM/Q = 6 MCA / 16,8 M3/H A 38 MCA / 6,6 M3/H - CHP DIURNO. AF_06/2014","CHP","1,0000000",3.06,{"$f":"G1618*F1618","v":3.06}]
[null,null,null,"SERVENTE COM ENCARGOS COMPLEMENTARES","H",0.09,"15,85",1.4265000000000001]
[null,null,null,"TOTAL GERAL S/ BDI",null,null,null,{"$f":"SUM(H1618:H1619)","v":4.49}]
["6.2.1","SINAPI",93358,"ESCAVAÇÃO MANUAL DE VALA COM PROFUNDIDADE MENOR OU IGUAL A 1,30 M. AF_03/2016","M³",2456.1999999999998]
[null,null,null,"SERVENTE COM ENCARGOS COMPLEMENTARES","H",3.1802000000000001,"15,85",{"$f":"G1622*F1622","v":50.406170000000003}]
[null,null,null,"TOTAL GERAL S/ BDI",null,null,null,{"$f":"SUM(H1622)","v":50.41}]
["6.2.2","SINAPI",94964,"CONCRETO FCK = 20MPA, TRAÇO 1:2,7:3 (CIMENTO/ AREIA MÉDIA/ BRITA 1)  - PREPARO MECÂNICO COM BETONEIRA 400 L. AF_07/2016","M³",9.69]
[null,null,null,"AREIA MEDIA - POSTO JAZIDA/FORNECEDOR (RETIRADO NA JAZIDA, SEM TRANSPORTE)","M3","0,7850000","55,00",{"$f":"G1625*F1625","v":43.174999999999997}]
[null,null,null,"CIMENTO PORTLAND COMPOSTO CP II-32","KG",300,"0,43",129]
[null,null,null,"PEDRA BRITADA N. 1 (9,5 a 19 MM) POSTO PEDREIRA/FORNECEDOR, SEM FRETE","M3","0,5870000","55,38",32.50806]
[null,null,null,"SERVENTE COM ENCARGOS COMPLEMENTARES","H",1,"15,85",15.85]
[null,null,null,"OPERADOR DE BETONEIRA ESTACIONÁRIA/MISTURADOR COM ENCARGOS COMPLEMENTARES","H",0.72545999999999999,"28,44",20.632082400000002]
[null,null,null,"BETONEIRA CAPACIDADE NOMINAL DE 400 L, CAPACIDADE DE MISTURA 280 L, MOTOR ELÉTRICO TRIFÁSICO POTÊNCIA DE 2 CV, SEM CARREGADOR - CHP DIURNO. AF_10/2014","CHP",0.79,"1,11",0.87690000000000001]
[null,null,null,"BETONEIRA CAPACIDADE NOMINAL DE 400 L, CAPACIDADE DE MISTURA 280 L, MOTOR ELÉTRICO TRIFÁSICO POTÊNCIA DE 2 CV, SEM CARREGADOR - CHI DIURNO. AF_10/2014","CHI","0,7800000","0,27",0.21060000000000001]
[null,null,null,"TOTAL GERAL S/ BDI",null,null,null,{"$f":"SUM(H1625:H1631)","v":242.25}]
["6.2.3","SINAPI",92873,"LANÇAMENTO COM USO DE BALDES, ADENSAMENTO E ACABAMENTO DE CONCRETO EM ESTRUTURAS. AF_12/2015","M³",155.05000000000001]
[null,null,null,"CARPINTEIRO DE FORMAS COM ENCARGOS COMPLEMENTARES","H",1,"19,45",{"$f":"G1634*F1634","v":19.45}]
[null,null,null,"PEDREIRO COM ENCARGOS COMPLEMENTARES","H",1.075,"19,57",21.037749999999999]
[null,null,null,"SERVENTE COM ENCARGOS COMPLEMENTARES","H","5,5380000","15,85",87.777299999999997]
[null,null,null,"VIBRADOR DE IMERSÃO, DIÂMETRO DE PONTEIRA 45MM, MOTOR ELÉTRICO TRIFÁSICO POTÊNCIA DE 2 CV - CHP DIURNO. AF_06/2015","CHP","0,6720000","1,12",0.75263999999999998]
[null,null,null,"VIBRADOR DE IMERSÃO, DIÂMETRO DE PONTEIRA 45MM, MOTOR ELÉTRICO TRIFÁSICO POTÊNCIA DE 2 CV - CHI DIURNO. AF_06/2015","CHI","1,1740000","0,30",0.35220000000000001]
[null,null,null,"TOTAL GERAL S/ BDI",null,null,null,{"$f":"SUM(H1634:H1638)","v":129.37}]
["6.2.4","ORSE",3366,"FORMA PLANA PARA ESTRUTURAS, EM COMPENSADO PLASTIFICADO DE 12MM, 07 USOS, INC LUSIVE ESCORAMENTO - REVISADA 07.2015","M²",2404.21]
[null,null,"01569/ORSE","Madeira mista serrada (barrote) 6 x 6cm - 0,0036 m3/m (angelim, louro)","m",0.6,5.87,{"$f":"G1641*F1641","v":3.5219999999999998}]
[null,null,"00333/SINAPI","Arame galvanizado 14 bwg, d = 2,11 mm (0,026 kg/m)","kg",0.15,12.5,1.875]
[null,null,"01213/SINAPI","Carpinteiro de formas","h",0.7,19.45,13.615]
[null,null,"06111/SINAPI","Servente de obras","h",8.1900000000000001E-2,15.85,{"$f":"G1644*F1644","v":1.2981149999999999}]
[null,null,"01347/SINAPI","Chapa de madeira compensada plastificada para forma de concreto, de 2,20 x 1,10 m, e = 12 mm","m2",0.15,32.1,{"$f":"G1645*F1645","v":4.8150000000000004}]
[null,null,"02692/SINAPI","Desmoldante protetor para formas de madeira, de base oleosaemulsionada em agua","l",0.02,6.14,0.12280000000000001]
[null,null,"04509/SINAPI","Tabua de madeira nao aparelhada *2,5 x 10 cm (1 x 4 \") pinus, mista ou equivalente da regiao","m",0.77800000000000002,3.42,2.6607599999999998]
[null,null,"05068/SINAPI","Prego de aco polido com cabeca 17 x 21 (2 x 11)","kg",2.5000000000000001E-2,9.86,0.2465]
[null,null,"05069/SINAPI","Prego de aco polido com cabeca 17 x 27 (2 1/2 x 11)","kg",0.1,10.050000000000001,1.0049999999999999]
[null,null,"06193/SINAPI","Tabua de madeira nao aparelhada *2,5 x 20* cm, cedrinho ou equivalente da regiao","m",8.6999999999999994E-2,5.75,0.50024999999999997]
[null,null,"02378/ORSE","Vale transporte","un",0.20730000000000001,3.5,0.72555000000000003]
[null,null,null,"TOTAL GERAL S/ BDI",null,null,null,{"$f":"SUM(H1641:H1651)","v":30.39}]
["6.2.5","SINAPI",92791,"CORTE E DOBRA DE AÇO CA-60, DIÂMETRO DE 5,0 MM, UTILIZADO EM ESTRUTURAS DIVERSAS, EXCETO LAJES. AF_12/2015","KG",19620.5]
[null,null,null,"ACO CA-60, 5,0 MM, VERGALHAO","KG",1.05,4.5,{"$f":"G1654*F1654","v":4.7249999999999996}]
[null,null,null,"AJUDANTE DE ARMADOR COM ENCARGOS COMPLEMENTARES","H",5.0000000000000001E-3,"14,94",7.4700000000000003E-2]
[null,null,null,"ARMADOR COM ENCARGOS COMPLEMENTARES","H",0.02,"19,45",0.38900000000000001]
[null,null,null,"TOTAL GERAL S/ BDI",null,null,null,{"$f":"SUM(H1654:H1656)","v":5.19}]
["6.2.6","SINAPI",92794,"CORTE E DOBRA DE AÇO CA-50, DIÂMETRO DE 10,0 MM, UTILIZADO EM ESTRUTURAS DIVERSAS, EXCETO LAJES. AF_12/2015","KG",10728.2]
[null,null,null,"ACO CA-50, 10,0 MM, VERGALHAO","KG",1.05,3.95,{"$f":"G1659*F1659","v":4.1475}]
[null,null,null,"AJUDANTE DE ARMADOR COM ENCARGOS COMPLEMENTARES","H",1E-4,"14,94",1.4940000000000001E-3]
[null,null,null,"ARMADOR COM ENCARGOS COMPLEMENTARES","H",5.0000000000000001E-3,"19,45",9.7250000000000003E-2]
[null,null,null,"TOTAL GERAL S/ BDI",null,null,null,{"$f":"SUM(H1659:H1661)","v":4.25}]
["6.2.7","SINAPI",87503,"ALVENARIA DE VEDAÇÃO DE BLOCOS CERÂMICOS FURADOS NA HORIZONTAL DE 9X19X19CM (ESPESSURA 9CM) DE PAREDES COM ÁREA LÍQUIDA MAIOR OU IGUAL A 6M² SEM VÃOS E ARGAMASSA DE ASSENTAMENTO COM PREPARO EM BETONEIRA. AF_06/2014","M²",212.31]
[null,null,null,"BLOCO CERAMICO (ALVENARIA DE VEDACAO), DE 9 X 19 X 19 CM","MIL","0,0279300","450,00",{"$f":"G1664*F1664","v":12.5685}]
[null,null,null,"TELA DE ACO SOLDADA GALVANIZADA/ZINCADA PARA ALVENARIA, FIO D = *1,20 A 1,70* MM, MALHA 15 X 15 MM, (C X L) *50 X 7,5* CM","M","0,4200000","1,16",0.48720000000000002]
[null,null,null,"PINO DE ACO COM FURO, HASTE = 27 MM (ACAO DIRETA)","CENTO","0,0050000","38,74",0.19370000000000001]
[null,null,null,"ARGAMASSA TRAÇO 1:2:8 (CIMENTO, CAL E AREIA MÉDIA) PARA EMBOÇO/MASSA ÚNICA/ASSENTAMENTO DE ALVENARIA DE VEDAÇÃO, PREPARO MECÂNICO COM BETONEIRA 400 L. AF_06/2014","M3","0,0098000","443,03",4.3416940000000004]
[null,null,null,"PEDREIRO COM ENCARGOS COMPLEMENTARES","H",1,"19,57",19.57]
[null,null,null,"SERVENTE COM ENCARGOS COMPLEMENTARES","H",0.45750000000000002,"15,85",7.2513750000000003]
[null,null,null,"TOTAL GERAL S/ BDI",null,null,null,{"$f":"SUM(H1664:H1669)","v":44.41}]
["6.2.8","SINAPI",87529,"MASSA ÚNICA, PARA RECEBIMENTO DE PINTURA, EM ARGAMASSA TRAÇO 1:2:8, PREPARO MECÂNICO COM BETONEIRA 400L, APLICADA MANUALMENTE EM FACES INTERNAS DE PAREDES, ESPESSURA DE 20MM, COM EXECUÇÃO DE TALISCAS. AF_06/2014","M²",424.56]
[null,null,null,"ARGAMASSA TRAÇO 1:2:8 (CIMENTO, CAL E AREIA MÉDIA) PARA EMBOÇO/MASSA ÚNICA/ASSENTAMENTO DE ALVENARIA DE VEDAÇÃO, PREPARO MECÂNICO COM BETONEIRA 400 L. AF_06/2014","M3","0,0376000","443,03",{"$f":"G1672*F1672","v":16.657927999999998}]
[null,null,null,"PEDREIRO COM ENCARGOS COMPLEMENTARES","H",0.24099999999999999,"19,57",4.7163700000000004]
[null,null,null,"SERVENTE COM ENCARGOS COMPLEMENTARES","H",0.1,"15,85",1.585]
[null,null,null,"TOTAL GERAL S/ BDI",null,null,null,{"$f":"SUM(H1672:H1674)","v":22.96}]
["6.2.9","SINAPI",88489,"APLICAÇÃO MANUAL DE PINTURA COM TINTA LÁTEX ACRÍLICA EM PAREDES, DUAS DEMÃOS. AF_06/2014","M²",1348.56]
[null,null,null,"TINTA ACRILICA PREMIUM, COR BRANCO FOSCO","L","0,3300000","16,80",{"$f":"G1677*F1677","v":5.5439999999999996}]
[null,null,null,"PINTOR COM ENCARGOS COMPLEMENTARES","H",0.107,"19,49",2.0854300000000001]
[null,null,null,"SERVENTE COM ENCARGOS COMPLEMENTARES","H",0.04,"15,85",0.63400000000000001]
[null,null,null,"TOTAL GERAL S/ BDI",null,null,null,{"$f":"SUM(H1677:H1679)","v":8.26}]
[null,null,null,"ESCAVADEIRA HIDRÁULICA SOBRE ESTEIRAS, CAÇAMBA 0,80 M3, PESO OPERACIONAL 17,8 T, POTÊNCIA LÍQUIDA 110 HP - CHI DIURNO. AF_10/2014","CHI","0,0058000","65,42",{"$f":"G1681*F1681","v":0.379436}]
[null,null,null,"SERVENTE COM ENCARGOS COMPLEMENTARES","H",7.0000000000000001E-3,"15,85",0.11094999999999999]
[null,null,null,"ESCAVADEIRA HIDRÁULICA SOBRE ESTEIRAS, CAÇAMBA 0,80 M3, PESO OPERACIONAL 17,8 T, POTÊNCIA LÍQUIDA 110 HP - CHP DIURNO. AF_10/2014","CHP",1.1050000000000001E-2,"143,45",1.5851225]
[null,null,null,"TOTAL GERAL S/ BDI",null,null,null,{"$f":"SUM(H1681:H1683)","v":2.08}]
["6.2.10","SINAPI",88488,"APLICAÇÃO MANUAL DE PINTURA COM TINTA LÁTEX ACRÍLICA EM TETO, DUAS DEMÃOS. AF_06/2014","M²",134.37]
[null,null,null,"TINTA ACRILICA PREMIUM, COR BRANCO FOSCO","L","0,3300000","16,80",{"$f":"G1686*F1686","v":5.5439999999999996}]
[null,null,null,"PINTOR COM ENCARGOS COMPLEMENTARES","H",0.1578,"19,49",3.0755219999999999]
[null,null,null,"SERVENTE COM ENCARGOS COMPLEMENTARES","H",0.05,"15,85",0.79249999999999998]
[null,null,null,"TOTAL GERAL S/ BDI",null,null,null,{"$f":"SUM(H1686:H1688)","v":9.41}]
["6.2.11","SINAPI",68054,"PORTAO DE FERRO EM CHAPA GALVANIZADA PLANA 14 GSG","M²",58.54]
[null,null,null,"ACO CA-25, 10,0 MM, VERGALHAO","KG","5,1000000","4,15",{"$f":"G1691*F1691","v":21.164999999999999}]
[null,null,null,"AREIA MEDIA - POSTO JAZIDA/FORNECEDOR (RETIRADO NA JAZIDA, SEM TRANSPORTE)","M3","0,0250000","55,00",1.375]
[null,null,null,"CAL HIDRATADA CH-I PARA ARGAMASSAS","KG",0.3,"0,80",0.24]
[null,null,null,"CIMENTO PORTLAND COMPOSTO CP II-32","KG","4,6000000","0,43",1.978]
[null,null,null,"CANTONEIRA ACO ABAS IGUAIS (QUALQUER BITOLA), ESPESSURA ENTRE 1/8\" E 1/4\"","KG","8,2600000","4,42",36.5092]
[null,null,null,"CHAPA DE ACO GALVANIZADA BITOLA GSG 14, E = 1,95 MM (15,60 KG/M2)","KG",15.28,"7,70",117.65600000000001]
[null,null,null,"PEDREIRO COM ENCARGOS COMPLEMENTARES","H",0.25073000000000001,"19,57",4.9067860999999997]
[null,null,null,"SERVENTE COM ENCARGOS COMPLEMENTARES","H",0.2,"15,85",3.17]
[null,null,null,"TOTAL GERAL S/ BDI",null,null,null,{"$f":"SUM(H1691:H1698)","v":187}]
["6.2.12","ORSE",6320,"LASTRO DE CONCRETO, FCK=15 MPA, LANÇADO E ADENSADO","M³",7.8]
[null,null,"00126/ORSE","Concreto simples fabricado na obra, fck=15 mpa, lançado e adensado","m3",1,300,{"$f":"G1701*F1701","v":300}]
[null,null,"01213/SINAPI","Carpinteiro de formas","h",0.16539999999999999,13.39,2.2147060000000001]
[null,null,"04750/SINAPI","Pedreiro","h",0.1,13.39,1.339]
[null,null,"06111/SINAPI","Servente de obras","h",1,9.3000000000000007,9.3000000000000007]
[null,null,null,"TOTAL GERAL S/ BDI",null,null,null,{"$f":"SUM(H1701:H1704)","v":312.85000000000002}]
["6.2.13","SINAPI",98679,"PISO CIMENTADO, TRAÇO 1:3 (CIMENTO E AREIA), ACABAMENTO LISO, ESPESSURA 2,0 CM, PREPARO MECÂNICO DA ARGAMASSA. AF_06/2018","M²",78]
[null,null,null,"CIMENTO PORTLAND COMPOSTO CP II-32","KG",0.4,"0,43",{"$f":"G1707*F1707","v":0.17199999999999999}]
[null,null,null,"JUNTA PLASTICA DE DILATACAO PARA PISOS, COR CINZA, 17 X 3 MM (ALTURA X ESPESSURA)","M",1.6,"0,87",1.3919999999999999]
[null,null,null,"ARGAMASSA TRAÇO 1:3 (CIMENTO E AREIA MÉDIA) PARA CONTRAPISO, PREPARO MECÂNICO COM BETONEIRA 400 L. AF_06/2014","M3","0,0310000","463,07",14.355169999999999]
[null,null,null,"PEDREIRO COM ENCARGOS COMPLEMENTARES","H",0.1225,"19,57",2.3973249999999999]
[null,null,null,"SERVENTE COM ENCARGOS COMPLEMENTARES","H",0.15,"15,85",2.3774999999999999]
[null,null,null,"TOTAL GERAL S/ BDI",null,null,null,{"$f":"SUM(H1707:H1711)","v":20.69}]
["6.2.14","SINAPI",94998,"EXECUÇÃO DE PASSEIO (CALÇADA) OU PISO DE CONCRETO COM CONCRETO MOLDADO IN LOCO, FEITO EM OBRA, ACABAMENTO CONVENCIONAL, ESPESSURA 12 CM, ARMADO. AF_07/2016","M²",75.75]
[null,null,null,"LONA PLASTICA PRETA, E= 150 MICRA","M2","1,1280000","1,13",{"$f":"G1714*F1714","v":1.27464}]
[null,null,null,"PECA DE MADEIRA NATIVA/REGIONAL 2,5 X 7,0 CM (SARRAFO-P/FORMA)","M","0,2000000","1,04",0.20799999999999999]
[null,null,null,"TABUA MADEIRA 2A QUALIDADE 2,5 X 30,0CM (1 X 12\") NAO APARELHADA","M","0,1250000","7,93",0.99124999999999996]
[null,null,null,"TELA DE ACO SOLDADA NERVURADA, CA-60, Q-196, (3,11 KG/M2), DIAMETRO DO FIO = 5,0 MM, LARGURA =  2,45 M, ESPACAMENTO DA MALHA = 10 X 10 CM","M2",1.05,"14,42",15.141]
[null,null,null,"CARPINTEIRO DE FORMAS COM ENCARGOS COMPLEMENTARES","H",0.1,"19,45",1.9450000000000001]
[null,null,null,"PEDREIRO COM ENCARGOS COMPLEMENTARES","H",0.12,"19,57",2.3483999999999998]
[null,null,null,"SERVENTE COM ENCARGOS COMPLEMENTARES","H",0.2,"15,85",3.17]
[null,null,null,"CONCRETO FCK = 20MPA, TRAÇO 1:2,7:3 (CIMENTO/ AREIA MÉDIA/ BRITA 1)  - PREPARO MECÂNICO COM BETONEIRA 400 L. AF_07/2016","M3","0,1455000","301,28",43.836239999999997]
[null,null,null,"TOTAL GERAL S/ BDI",null,null,null,{"$f":"SUM(H1714:H1721)","v":68.91}]
["6.2.15","SINAPI",95465,"COBOGO CERAMICO (ELEMENTO VAZADO), 9X20X20CM, ASSENTADO COM ARGAMASSA TRACO 1:4 DE CIMENTO E AREIA","M²",11.52]
[null,null,null,"AREIA MEDIA - POSTO JAZIDA/FORNECEDOR (RETIRADO NA JAZIDA, SEM TRANSPORTE)","M3","0,0190000","55,00",{"$f":"G1724*F1724","v":1.0449999999999999}]
[null,null,null,"CIMENTO PORTLAND COMPOSTO CP II-32","KG",2,"0,43",0.86]
[null,null,null,"ELEMENTO VAZADO CERAMICO 9 X 20 X 20 CM","UN","25,0000000","3,04",76]
[null,null,null,"PEDREIRO COM ENCARGOS COMPLEMENTARES","H",0.5,"19,57",9.7850000000000001]
[null,null,null,"SERVENTE COM ENCARGOS COMPLEMENTARES","H",0.31879999999999997,"15,85",5.0529799999999998]
[null,null,null,"TOTAL GERAL S/ BDI",null,null,null,{"$f":"SUM(H1724:H1728)","v":92.74}]
["6.2.16","SINAPI","74202/1","LAJE PRE-MOLDADA P/FORRO, SOBRECARGA 100KG/M2, VAOS ATE 3,50M/E=8CM, C/LAJOTAS E CAP.C/CONC FCK=20MPA, 3CM, INTER-EIXO 38CM, C/ESCORAMENTO (REAPR.3X) E FERRAGEM NEGATIVA","M²",462]
[null,null,null,"ACO CA-60, 5,0 MM, VERGALHAO","KG","0,4710000","4,50",{"$f":"G1731*F1731","v":2.1194999999999999}]
[null,null,null,"LAJE PRE-MOLDADA CONVENCIONAL (LAJOTAS + VIGOTAS) PARA FORRO, UNIDIRECIONAL, SOBRECARGA DE 100 KG/M2, VAO ATE 4,00 M (SEM COLOCACAO)","M2","1,0000000","33,00",33]
[null,null,null,"PECA DE MADEIRA NATIVA / REGIONAL 7,5 X 7,5CM (3X3) NAO APARELHADA (P/FORMA)","M","0,2900000","6,40",1.8560000000000001]
[null,null,null,"PREGO DE ACO POLIDO COM CABECA 18 X 27 (2 1/2 X 10)","KG","0,0300000","11,20",0.33600000000000002]
[null,null,null,"TABUA MADEIRA 2A QUALIDADE 2,5 X 30,0CM (1 X 12\") NAO APARELHADA","M","0,1700000","7,93",1.3481000000000001]
[null,null,null,"AJUDANTE DE CARPINTEIRO COM ENCARGOS COMPLEMENTARES","H",4.8000000000000001E-2,"19,49",0.93552000000000002]
[null,null,null,"CARPINTEIRO DE FORMAS COM ENCARGOS COMPLEMENTARES","H",0.05,"19,45",0.97250000000000003]
[null,null,null,"PEDREIRO COM ENCARGOS COMPLEMENTARES","H",0.1,"19,57",1.9570000000000001]
[null,null,null,"SERVENTE COM ENCARGOS COMPLEMENTARES","H",0.1,"15,85",1.585]
[null,null,null,"LANÇAMENTO COM USO DE BOMBA, ADENSAMENTO E ACABAMENTO DE CONCRETO EM ESTRUTURAS. AF_12/2015","M3","0,0330000","26,75",0.88275000000000003]
[null,null,null,"CONCRETO FCK = 20MPA, TRAÇO 1:2,7:3 (CIMENTO/ AREIA MÉDIA/ BRITA 1)  - PREPARO MECÂNICO COM BETONEIRA 600 L. AF_07/2016","M3","0,0330000","287,41",9.4845299999999995]
[null,null,null,"TOTAL GERAL S/ BDI",null,null,null,{"$f":"SUM(H1731:H1741)","v":54.48}]
["6.2.17","SINAPI",73661,"FORNECIMENTO E INSTALACAO DE TALHA E TROLEY MANUAL DE 1 TONELADA","UN",3]
[null,null,null,"TALHA MANUAL DE CORRENTE, CAPACIDADE DE 2 T COM ELEVACAO DE 3 M","UN","0,6000000","1.007,00",{"$f":"G1744*F1744","v":604.20000000000005}]
[null,null,null,"TROLEY MANUAL CAPACIDADE 1 T","UN","1,0000000","557,48",557.48]
[null,null,null,"MONTADOR ELETROMECÃNICO COM ENCARGOS COMPLEMENTARES","H",1,"27,96",27.96]
[null,null,null,"SERVENTE COM ENCARGOS COMPLEMENTARES","H",1,"15,85",15.85]
[null,null,null,"CAMINHONETE CABINE SIMPLES COM MOTOR 1.6 FLEX, CÂMBIO MANUAL, POTÊNCIA 101/104 CV, 2 PORTAS - CHP DIURNO. AF_11/2015","CHP",4.8266999999999998,"103,21",498.16370699999999]
[null,null,null,"TOTAL GERAL S/ BDI",null,null,null,{"$f":"SUM(H1744:H1748)","v":1703.65}]
["6.2.18","SINAPI",83514,"FORNECIMENTO DE PERFIL SIMPLES \"I\" OU \"H\" 8 A 12\" INCLUSIVE PERDAS","KG",490.5]
[null,null,null,"OXIGENIO, RECARGA PARA CILINDRO DE CONJUNTO OXICORTE GRANDE","M3","0,0030000","8,32",{"$f":"G1751*F1751","v":2.496E-2}]
[null,null,null,"PERFIL \"I\" DE ACO LAMINADO, \"W\" 410 X 67","KG",1,5.4,5.4]
[null,null,null,"ELETRODO REVESTIDO AWS - E6013, DIAMETRO IGUAL A 4,00 MM","KG",1E-4,"24,57",2.457E-3]
[null,null,null,"SOLDADOR COM ENCARGOS COMPLEMENTARES","H",1E-3,"19,45",1.9449999999999999E-2]
[null,null,null,"TOTAL GERAL S/ BDI",null,null,null,{"$f":"SUM(H1751:H1754)","v":5.45}]
["6.2.19","SEINFRA","C3498","MONTAGEM DE TUBOS, CONEXÕES E PÇS, ELEVATÓRIA C/ VAZÃO DE 10,01 À 20 l/s","UN",490.5]
[null,null,null,"MONTAGEM DE TUBOS, CONEXÕES E PÇS, ELEVATÓRIA C/ VAZÃO DE 10,01 À 20 l/s","UM",1,4365.5,{"$f":"G1757*F1757","v":4365.5}]
[null,null,null,"TOTAL GERAL S/ BDI",null,null,null,4365.5]
["6.3.1","ORSE",11146,"MURO EM ALVENARIA BLOCO CERÂMICO, E= 0,09M, C/ ALV DE PEDRA GRANÍTICA, 0,35 X 0,60M, COLUNAS (9X20CM) E CINTAMENTO (9X15CM) SUPERIOR E INFERIOR CONCRETO AR MADO FCK = 15,0 MPA CADA 3,00M, CHAPISCO E REBOCO","M²",462]
[null,null,"00093/ORSE","Alvenaria pedra granitica argamassada traço (1:5) - 1 saco cimento 50kg / 5 padiolas areia dim. 0,35z0,45x0,23m - Confecção mecânica e transporte","m3",0.105,200,{"$f":"G1760*F1760","v":21}]
[null,null,"00096/ORSE","Concreto simples usinado fck=15mpa, bombeado, lançado e adensado em superestrura","m3",1.2999999999999999E-2,230,2.99]
[null,null,"00115/ORSE","Forma plana para estruturas, em compensado resinado de 12mm, 02 usos, inclusive escoramento - Revisada 07.2015","m2",0.13,84.52,10.9876]
[null,null,"00140/ORSE","Aço CA - 50 Ø 6,3 a 12,5mm, inclusive corte, dobragem, montagem e colocacao de ferragens nas formas, para superestruturas e fundações","kg",0.5,6.53,3.2650000000000001]
[null,null,"03310/ORSE","Chapisco em parede com argamassa traço t1 - 1:3 (cimento / areia) - Revisado 08/2015","m2",1,4.6100000000000003,4.6100000000000003]
[null,null,"03316/ORSE","Reboco ou emboço externo, de parede, com argamassa traço t5 - 1:2:8 (cimento / cal / areia), espessura 2,5 cm","m2",1,26.1,26.1]
[null,null,"00081/ORSE","Aço ca-50 6,3 a 12,5 mm","kg",0.2,4.1500000000000004,0.83]
[null,null,"04750/SINAPI","Pedreiro","h",1.2,"19,57",23.484000000000002]
[null,null,"06111/SINAPI","Servente de obras","h",1.0987,"15,85",17.414394999999999]
[null,null,null,"TOTAL GERAL S/ BDI",null,null,null,{"$f":"SUM(H1760:H1768)","v":110.68}]
["6.3.2","ORSE",4713,"CONCERTINA EM AÇO GALVANIZADO, ESPIRAL DE Ø = 450MM, 3 CLIPES P/ ESPIRAL, LÂM INA DE 30MM E FIO INTERNO DE 2,50MM,  INCLUISIVE INSTALAÇÃO","M",210]
[null,null,"04306/ORSE","Concertina Ripper 450mm ou similar (barreira física efetiva)","m",1,25.73,{"$f":"G1771*F1771","v":25.73}]
[null,null,null,"TOTAL GERAL S/ BDI",null,null,null,{"$f":"SUM(H1771)","v":25.73}]
["6.3.3","SINAPI",88489,"APLICAÇÃO MANUAL DE PINTURA COM TINTA LÁTEX ACRÍLICA EM PAREDES, DUAS DEMÃOS. AF_06/2014","M²",1348.56]
[null,null,null,"TINTA ACRILICA PREMIUM, COR BRANCO FOSCO","L","0,3300000","16,80",{"$f":"G1774*F1774","v":5.5439999999999996}]
[null,null,null,"PINTOR COM ENCARGOS COMPLEMENTARES","H",0.107,"19,49",2.0854300000000001]
[null,null,null,"SERVENTE COM ENCARGOS COMPLEMENTARES","H",0.04,"15,85",0.63400000000000001]
[null,null,null,"TOTAL GERAL S/ BDI",null,null,null,{"$f":"SUM(H1774:H1776)","v":8.26}]
["6.3.4","SINAPI",72799,"PAVIMENTO EM PARALELEPIPEDO SOBRE COLCHAO DE AREIA REJUNTADO COM ARGAMASSA DE CIMENTO E AREIA NO TRAÇO 1:3 (PEDRAS PEQUENAS 30 A 35 PECAS POR M2)","M²",471.69]
[null,null,null,"AREIA FINA - POSTO JAZIDA/FORNECEDOR (RETIRADO NA JAZIDA, SEM TRANSPORTE)","M3","0,0230000","70,00",{"$f":"G1779*F1779","v":1.61}]
[null,null,null,"AREIA GROSSA - POSTO JAZIDA/FORNECEDOR (RETIRADO NA JAZIDA, SEM TRANSPORTE)","M3","0,1000000","65,00",6.5]
[null,null,null,"CIMENTO PORTLAND COMPOSTO CP II-32","KG",8,"0,43",3.44]
[null,null,null,"PARALELEPIPEDO GRANITICO OU BASALTICO, PARA PAVIMENTACAO, SEM FRETE,  *30 A 35* PECAS POR M2","MIL","0,0350000","1.254,00",43.89]
[null,null,null,"CALCETEIRO COM ENCARGOS COMPLEMENTARES","H",0.2,"19,45",3.89]
[null,null,null,"SERVENTE COM ENCARGOS COMPLEMENTARES","H",0.21970000000000001,"15,85",3.4822449999999998]
[null,null,null,"TOTAL GERAL S/ BDI",null,null,null,{"$f":"SUM(H1779:H1784)","v":62.81}]
["6.3.5","SINAPI",94998,"EXECUÇÃO DE PASSEIO (CALÇADA) OU PISO DE CONCRETO COM CONCRETO MOLDADO IN LOCO, FEITO EM OBRA, ACABAMENTO CONVENCIONAL, ESPESSURA 12 CM, ARMADO. AF_07/2016","M²",75.75]
[null,null,null,"LONA PLASTICA PRETA, E= 150 MICRA","M2","1,1280000","1,13",{"$f":"G1787*F1787","v":1.27464}]
[null,null,null,"PECA DE MADEIRA NATIVA/REGIONAL 2,5 X 7,0 CM (SARRAFO-P/FORMA)","M","0,2000000","1,04",0.20799999999999999]
[null,null,null,"TABUA MADEIRA 2A QUALIDADE 2,5 X 30,0CM (1 X 12\") NAO APARELHADA","M","0,1250000","7,93",0.99124999999999996]
[null,null,null,"TELA DE ACO SOLDADA NERVURADA, CA-60, Q-196, (3,11 KG/M2), DIAMETRO DO FIO = 5,0 MM, LARGURA =  2,45 M, ESPACAMENTO DA MALHA = 10 X 10 CM","M2",1.05,"14,42",15.141]
[null,null,null,"CARPINTEIRO DE FORMAS COM ENCARGOS COMPLEMENTARES","H",0.1,"19,45",1.9450000000000001]
[null,null,null,"PEDREIRO COM ENCARGOS COMPLEMENTARES","H",0.12,"19,57",2.3483999999999998]
[null,null,null,"SERVENTE COM ENCARGOS COMPLEMENTARES","H",0.2,"15,85",3.17]
[null,null,null,"CONCRETO FCK = 20MPA, TRAÇO 1:2,7:3 (CIMENTO/ AREIA MÉDIA/ BRITA 1)  - PREPARO MECÂNICO COM BETONEIRA 400 L. AF_07/2016","M3","0,1455000","301,28",43.836239999999997]
[null,null,null,"TOTAL GERAL S/ BDI",null,null,null,{"$f":"SUM(H1787:H1794)","v":68.91}]
["6.3.6","SINAPI",94263,"GUIA (MEIO-FIO) CONCRETO, MOLDADA  IN LOCO  EM TRECHO RETO COM EXTRUSORA, 11,5 CM BASE X 22 CM ALTURA. AF_06/2016","M",30]
[null,null,null,"AREIA MEDIA - POSTO JAZIDA/FORNECEDOR (RETIRADO NA JAZIDA, SEM TRANSPORTE)","M3","0,0070000","55,00",{"$f":"G1797*F1797","v":0.38500000000000001}]
[null,null,null,"CONCRETO USINADO BOMBEAVEL, CLASSE DE RESISTENCIA C20, COM BRITA 0 E 1, SLUMP = 100 +/- 20 MM, EXCLUI SERVICO DE BOMBEAMENTO (NBR 8953)","M3","0,0300000","217,79",6.5336999999999996]
[null,null,null,"AJUDANTE ESPECIALIZADO COM ENCARGOS COMPLEMENTARES","H","0,0870000","19,10",1.6617]
[null,null,null,"PEDREIRO COM ENCARGOS COMPLEMENTARES","H",0.2,"19,57",3.9140000000000001]
[null,null,null,"SERVENTE COM ENCARGOS COMPLEMENTARES","H",0.248,"15,85",3.9308000000000001]
[null,null,null,"ARGAMASSA TRAÇO 1:4 (CIMENTO E AREIA MÉDIA), PREPARO MANUAL. AF_08/2014","M3",1E-3,"356,46",0.35646]
[null,null,null,"MÁQUINA EXTRUSORA DE CONCRETO PARA GUIAS E SARJETAS, MOTOR A DIESEL, POTÊNCIA 14 CV - CHP DIURNO. AF_12/2015","CHP",0.01,"14,62",0.1462]
[null,null,null,"MÁQUINA EXTRUSORA DE CONCRETO PARA GUIAS E SARJETAS, MOTOR A DIESEL, POTÊNCIA 14 CV - CHI DIURNO. AF_12/2015","CHI",0.01,"4,35",4.3499999999999997E-2]
[null,null,null,"TOTAL GERAL S/ BDI",null,null,null,{"$f":"SUM(H1797:H1804)","v":16.97}]
["6.3.7","SINAPI",68054,"PORTAO DE FERRO EM CHAPA GALVANIZADA PLANA 14 GSG","M²",58.54]
[null,null,null,"ACO CA-25, 10,0 MM, VERGALHAO","KG","5,1000000","4,15",{"$f":"G1807*F1807","v":21.164999999999999}]
[null,null,null,"AREIA MEDIA - POSTO JAZIDA/FORNECEDOR (RETIRADO NA JAZIDA, SEM TRANSPORTE)","M3","0,0250000","55,00",1.375]
[null,null,null,"CAL HIDRATADA CH-I PARA ARGAMASSAS","KG",0.3,"0,80",0.24]
[null,null,null,"CIMENTO PORTLAND COMPOSTO CP II-32","KG","4,6000000","0,43",1.978]
[null,null,null,"CANTONEIRA ACO ABAS IGUAIS (QUALQUER BITOLA), ESPESSURA ENTRE 1/8\" E 1/4\"","KG","8,2600000","4,42",36.5092]
[null,null,null,"CHAPA DE ACO GALVANIZADA BITOLA GSG 14, E = 1,95 MM (15,60 KG/M2)","KG",15.28,"7,70",117.65600000000001]
[null,null,null,"PEDREIRO COM ENCARGOS COMPLEMENTARES","H",0.25073000000000001,"19,57",4.9067860999999997]
[null,null,null,"SERVENTE COM ENCARGOS COMPLEMENTARES","H",0.2,"15,85",3.17]
[null,null,null,"TOTAL GERAL S/ BDI",null,null,null,{"$f":"SUM(H1807:H1814)","v":187}]
["6.4.1","SIGMMA ESCO","COTAÇÃO","CONJUNTO MOTO BOMBA RE-AUTOESCORVANTE ESCO (CÓDIGOLP031004P) OU SIMILAR COM AS SEGUINTES CARACTERÍSTICAS: Q = 60,00 M³/H (16,67 L/S) , H = 15,23 MCA, POTÊNCIA CALCULADA = 6,77 CV, POTÊNCIA COMERCIAL = 10 CV, 380 V. ESCOPO DE FORNECIMENTO: BOMBA + BASE + CORREIA/POLIAS + VÁLVULA DE ALÍVIO DE AR + MOTOR, CONFORME PROPOSTA FINANCEIRA APRESENTADA.","UN ",2]
[null,null,null,"CONJUNTO MOTO BOMBA RE-AUTOESCORVANTE ESCO (CÓDIGOLP031004P) OU SIMILAR COM AS SEGUINTES CARACTERÍSTICAS: Q = 60,00 M³/H (16,67 L/S) , H = 15,23 MCA, POTÊNCIA CALCULADA = 6,77 CV, POTÊNCIA COMERCIAL = 10 CV, 380 V. ESCOPO DE FORNECIMENTO: BOMBA + BASE + CORREIA/POLIAS + VÁLVULA DE ALÍVIO DE AR + MOTOR, CONFORME PROPOSTA FINANCEIRA APRESENTADA.","UN ",1,18654.349999999999,{"$f":"G1817*F1817","v":18654.349999999999}]
[null,null,null,"TOTAL GERAL S/ BDI",null,null,null,{"$f":"SUM(H1817)","v":18654.349999999999}]
["6.4.2","SEINFRA","I7266","TUBO FoFo PB JE K-9 P/ ESGOTO DN 150","M",4]
[null,null,null,"TUBO FoFo PB JE K-9 P/ ESGOTO DN 150","M",1,231.28,{"$f":"G1820*F1820","v":231.28}]
[null,null,null,"TOTAL GERAL S/ BDI",null,null,null,{"$f":"SUM(H1820)","v":231.28}]
["6.4.3","SEINFRA","I3893","JUNTA GIBAULT DN 150","UN",6]
[null,null,null,"JUNTA GIBAULT DN 150","UN",1,234.56,{"$f":"G1823*F1823","v":234.56}]
[null,null,null,"TOTAL GERAL S/ BDI",null,null,null,{"$f":"SUM(H1823)","v":234.56}]
["6.4.4","SEINFRA","I6667","TUBO FoFo C/FLANGE E PONTA DN 150 PN10 L=500","UN",4]
[null,null,null,"TUBO FoFo C/FLANGE E PONTA DN 150 PN10 L=500","UN",1,406.83,{"$f":"G1826*F1826","v":406.83}]
[null,null,null,"TOTAL GERAL S/ BDI",null,null,null,{"$f":"SUM(H1826)","v":406.83}]
["6.4.5","ORSE",6343,"REGISTRO GAVETA FOFO, C/ FLANGES, CUNHA BORRACHA, CORPO CURTO E CABEÇOTE, TIP O EURO 23,  PN16, DIAM  = 150MM","UN",6]
[null,null,null,"REGISTRO GAVETA FOFO, C/ FLANGES, CUNHA BORRACHA, CORPO CURTO E CABEÇOTE, TIP O EURO 23,  PN16, DIAM  = 150MM","UN",1,473.77,{"$f":"G1829*F1829","v":473.77}]
[null,null,null,"TOTAL GERAL S/ BDI",null,null,null,{"$f":"SUM(H1829)","v":473.77}]
["6.4.6","ORSE",8656,"TUBO INTEGRAL EM FOFO, PARA ESGOTO - JGS Ø= 150MM","M",0.8]
[null,null,null,"TUBO INTEGRAL EM FOFO, PARA ESGOTO - JGS Ø= 150MM","M",1,188.75,{"$f":"G1832*F1832","v":188.75}]
[null,null,null,"TOTAL GERAL S/ BDI",null,null,null,{"$f":"SUM(H1832)","v":188.75}]
["6.4.7","SEINFRA","I3477","CURVA DE PÉ 90 FF DN 150 PN10","UN",4]
[null,null,null,"CURVA DE PÉ 90 FF DN 150 PN10","UN",1,354.07,{"$f":"G1835*F1835","v":354.07}]
[null,null,null,"TOTAL GERAL S/ BDI",null,null,null,{"$f":"SUM(H1835)","v":354.07}]
["6.4.8","SEINFRA","I4476","TUBO FoFo C/ FLANGES DN 150 PN10 - L=4500","UN",2]
[null,null,null,"TUBO FoFo C/ FLANGES DN 150 PN10 - L=4500","UN",1,1819.89,{"$f":"G1838*F1838","v":1819.89}]
[null,null,null,"TOTAL GERAL S/ BDI",null,null,null,{"$f":"SUM(H1838)","v":1819.89}]
["6.4.9","SEINFRA","I3426","CURVA FoFo 90 FF DN 150 PN10","UN",10]
[null,null,null,"CURVA FoFo 90 FF DN 150 PN10","UN",1,269.47000000000003,{"$f":"G1841*F1841","v":269.47000000000003}]
[null,null,null,"TOTAL GERAL S/ BDI",null,null,null,{"$f":"SUM(H1841)","v":269.47000000000003}]
["6.4.10","SEINFRA","I4473","TUBO FoFo C/ FLANGES DN 150 PN10 - L=3000","UN",4]
[null,null,null,"TUBO FoFo C/ FLANGES DN 150 PN10 - L=3000","UN",1,1360.05,{"$f":"G1844*F1844","v":1360.05}]
[null,null,null,"TOTAL GERAL S/ BDI",null,null,null,{"$f":"SUM(H1844)","v":1360.05}]
["6.4.11","SEINFRA","I7605","REDUÇÃO EXCÊNTRICA C/ FLANGES DN 150 x 80 PN10","UN",4]
[null,null,null,"REDUÇÃO EXCÊNTRICA C/ FLANGES DN 150 x 80 PN10","UN",1,354.58,{"$f":"G1847*F1847","v":354.58}]
[null,null,null,"TOTAL GERAL S/ BDI",null,null,null,{"$f":"SUM(H1847)","v":354.58}]
["6.4.12","SEINFRA","I4083","REDUÇÃO FoFo FF DN 150 x 75 PN10","UN",4]
[null,null,null,"REDUÇÃO FoFo FF DN 150 x 75 PN10","UN",1,289.39,{"$f":"G1850*F1850","v":289.39}]
[null,null,null,"TOTAL GERAL S/ BDI",null,null,null,{"$f":"SUM(H1850)","v":289.39}]
["6.4.13","SEINFRA","I8745","VÁLVULA RETENÇÃO PORTA ÚNICA C/FLANGES DN 150 P/ESGOTO","UN",4]
[null,null,null,"VÁLVULA RETENÇÃO PORTA ÚNICA C/FLANGES DN 150 P/ESGOTO","UN",1,1412.46,{"$f":"G1853*F1853","v":1412.46}]
[null,null,null,"TOTAL GERAL S/ BDI",null,null,null,{"$f":"SUM(H1853)","v":1412.46}]
["6.4.14","SEINFRA","I3796","EXTREMIDADE FLANGE E PONTA DN 150 PN10","UN",8]
[null,null,null,"EXTREMIDADE FLANGE E PONTA DN 150 PN10","UN",1,219.5,{"$f":"G1856*F1856","v":219.5}]
[null,null,null,"TOTAL GERAL S/ BDI",null,null,null,{"$f":"SUM(H1856)","v":219.5}]
["6.4.15","SEINFRA","I3962","TUBO FoFo C/ FLANGES DN 150 PN10 - L=250","UN",4]
[null,null,null,"TUBO FoFo C/ FLANGES DN 150 PN10 - L=250","UN",1,227.36,{"$f":"G1859*F1859","v":227.36}]
[null,null,null,"TOTAL GERAL S/ BDI",null,null,null,{"$f":"SUM(H1859)","v":227.36}]
["6.4.16","SEINFRA","I3409","CURVA FoFo 45 FF DN 150 PN10","UN",2]
[null,null,null,"CURVA FoFo 45 FF DN 150 PN10","UN",1,249.75,{"$f":"G1862*F1862","v":249.75}]
[null,null,null,"TOTAL GERAL S/ BDI",null,null,null,{"$f":"SUM(H1862)","v":249.75}]
["6.4.17","SEINFRA","I3877","JUNÇÃO 45 FoFo FFF DN 150 x 150 PN10","UN",2]
[null,null,null,"JUNÇÃO 45 FoFo FFF DN 150 x 150 PN10","UN",1,745.35,{"$f":"G1865*F1865","v":745.35}]
[null,null,null,"TOTAL GERAL S/ BDI",null,null,null,{"$f":"SUM(H1865)","v":745.35}]
["6.4.18","SEINFRA","I4470","TUBO FoFo C/ FLANGES DN 150 PN10 - L=1500","UN",2]
[null,null,null,"TUBO FoFo C/ FLANGES DN 150 PN10 - L=1500","UN",1,977.14,{"$f":"G1868*F1868","v":977.14}]
[null,null,null,"TOTAL GERAL S/ BDI",null,null,null,{"$f":"SUM(H1868)","v":977.14}]
["6.4.19","SEINFRA","I3646","TE FoFo FF DN 150 x 50 PN10","UN",2]
[null,null,null,"TE FoFo FF DN 150 x 50 PN10","UN",1,464.37,{"$f":"G1871*F1871","v":464.37}]
[null,null,null,"TOTAL GERAL S/ BDI",null,null,null,{"$f":"SUM(H1871)","v":464.37}]
["6.4.20","ORSE",12533,"REGISTRO GAVETA FOFO, C/ FLANGES, CUNHA BORRACHA, CORPO CURTO E VOLANTE, TIPO EURO 23,  PN16, DIAM  = 50MM","UN",3]
[null,null,null,"REGISTRO GAVETA FOFO, C/ FLANGES, CUNHA BORRACHA, CORPO CURTO E VOLANTE, TIPO EURO 23,  PN16, DIAM  = 50MM","UN",1,267.32,{"$f":"G1874*F1874","v":267.32}]
[null,null,null,"TOTAL GERAL S/ BDI",null,null,null,{"$f":"SUM(H1874)","v":267.32}]
["6.4.21","ORSE",6439,"VENTOSA TRÍPLICE FUNÇÃO,  PN 25, DIAM  = 50MM","UN",3]
[null,null,null,"VENTOSA TRÍPLICE FUNÇÃO,  PN 25, DIAM  = 50MM","UN",1,864.91,{"$f":"G1877*F1877","v":864.91}]
[null,null,null,"TOTAL GERAL S/ BDI",null,null,null,{"$f":"SUM(H1877)","v":864.91}]
["6.4.22","SEINFRA","I4655","TUBO FoFo C/FLANGE E PONTA DN 150 PN10 - L=1000","UN",2]
[null,null,null,"TUBO FoFo C/FLANGE E PONTA DN 150 PN10 - L=1000","UN",1,559.03,{"$f":"G1880*F1880","v":559.03}]
[null,null,null,"TOTAL GERAL S/ BDI",null,null,null,{"$f":"SUM(H1880)","v":559.03}]
["6.4.23","SEINFRA","I3648","TE FoFo FF DN 150 x 100 PN10","UN",2]
[null,null,null,"TE FoFo FF DN 150 x 100 PN10","UN",1,493.95,{"$f":"G1883*F1883","v":493.95}]
[null,null,null,"TOTAL GERAL S/ BDI",null,null,null,{"$f":"SUM(H1883)","v":493.95}]
["6.4.24","SEINFRA","I3364","CURVA 90 FoFo BB JUNTA ELÁSTICA DN 150","UN",2]
[null,null,null,"CURVA 90 FoFo BB JUNTA ELÁSTICA DN 150","UN",1,267.61,{"$f":"G1886*F1886","v":267.61}]
[null,null,null,"TOTAL GERAL S/ BDI",null,null,null,{"$f":"SUM(H1886)","v":267.61}]
["6.4.25","SEINFRA","I4658","TUBO FoFo C/FLANGE E PONTA DN 150 PN10 - L=2500","UN",2]
[null,null,null,"TUBO FoFo C/FLANGE E PONTA DN 150 PN10 - L=2500","UN",1,947.22,{"$f":"G1889*F1889","v":947.22}]
[null,null,null,"TOTAL GERAL S/ BDI",null,null,null,{"$f":"SUM(H1889)","v":947.22}]
["6.4.26","ORSE",12532,"REGISTRO GAVETA FOFO, C/ FLANGES, CUNHA BORRACHA, CORPO CURTO E VOLANTE, TIPO EURO 23,  PN16, DIAM  = 100MM","UN",2]
[null,null,null,"REGISTRO GAVETA FOFO, C/ FLANGES, CUNHA BORRACHA, CORPO CURTO E VOLANTE, TIPO EURO 23,  PN16, DIAM  = 100MM","UN",1,427.9,{"$f":"G1892*F1892","v":427.9}]
[null,null,null,"TOTAL GERAL S/ BDI",null,null,null,{"$f":"SUM(H1892)","v":427.9}]
["6.4.27","SEINFRA","I4646","TUBO FoFo C/FLANGE E PONTA DN 100 PN10 - L=2000","UN",3]
[null,null,null,"TUBO FoFo C/FLANGE E PONTA DN 100 PN10 - L=2000","UN",1,605.29,{"$f":"G1895*F1895","v":605.29}]
[null,null,null,"TOTAL GERAL S/ BDI",null,null,null,{"$f":"SUM(H1895)","v":605.29}]
["7.1.1","SINAPI",73672,"DESMATAMENTO E LIMPEZA MECANIZADA DE TERRENO COM ARVORES ATE Ø 15CM, UTILIZANDO TRATOR DE ESTEIRAS","M²",33000]
[null,null,null,"TRATOR DE ESTEIRAS, POTÊNCIA 150 HP, PESO OPERACIONAL 16,7 T, COM RODA MOTRIZ ELEVADA E LÂMINA 3,18 M3 - CHP DIURNO. AF_06/2014","CHP",1.5E-3,"172,12",{"$f":"G1898*F1898","v":0.25818000000000002}]
[null,null,null,"SERVENTE COM ENCARGOS COMPLEMENTARES","H","0,0017000","15,85",{"$f":"G1899*F1899","v":2.6945E-2}]
[null,null,null,"TOTAL GERAL S/ BDI",null,null,null,{"$f":"SUM(H1898:H1899)","v":0.28999999999999998}]
["7.1.2","SINAPI",72898,"CARGA E DESCARGA MECANIZADAS DE ENTULHO EM CAMINHAO BASCULANTE 6 M³","M³",5862.75]
[null,null,null,"CAMINHÃO BASCULANTE 6 M3, PESO BRUTO TOTAL 16.000 KG, CARGA ÚTIL MÁXIMA 13.071 KG, DISTÂNCIA ENTRE EIXOS 4,80 M, POTÊNCIA 230 CV INCLUSIVE CAÇAMBA METÁLICA - CHP DIURNO. AF_06/2014","CHP",6.0000000000000001E-3,"170,06",{"$f":"G1902*F1902","v":1.0203599999999999}]
[null,null,null,"PÁ CARREGADEIRA SOBRE RODAS, POTÊNCIA LÍQUIDA 128 HP, CAPACIDADE DA CAÇAMBA 1,7 A 2,8 M3, PESO OPERACIONAL 11632 KG - CHP DIURNO. AF_06/2014","CHP",1.44E-2,"142,84",2.0568960000000001]
[null,null,null,"SERVENTE COM ENCARGOS COMPLEMENTARES","H",1.0999999999999999E-2,"15,85",0.17435]
[null,null,null,"TOTAL GERAL S/ BDI",null,null,null,{"$f":"SUM(H1902:H1904)","v":3.25}]
["7.1.3","SINAPI",97912,"TRANSPORTE COM CAMINHÃO BASCULANTE DE 6 M3, EM VIA URBANA EM LEITO NATURAL (UNIDADE: M3XKM). AF_01/2018","M³XKM",7400.76]
[null,null,null,"CAMINHÃO BASCULANTE 6 M3 TOCO, PESO BRUTO TOTAL 16.000 KG, CARGA ÚTIL MÁXIMA 11.130 KG, DISTÂNCIA ENTRE EIXOS 5,36 M, POTÊNCIA 185 CV, INCLUSIVE CAÇAMBA METÁLICA - CHP DIURNO. AF_06/2014","CHP",1.225E-2,"147,90",{"$f":"G1907*F1907","v":1.8117749999999999}]
[null,null,null,"CAMINHÃO BASCULANTE 6 M3 TOCO, PESO BRUTO TOTAL 16.000 KG, CARGA ÚTIL MÁXIMA 11.130 KG, DISTÂNCIA ENTRE EIXOS 5,36 M, POTÊNCIA 185 CV, INCLUSIVE CAÇAMBA METÁLICA - CHI DIURNO. AF_06/2014","CHI",5.9999999999999995E-4,"44,04",2.6424E-2]
[null,null,null,"TOTAL GERAL S/ BDI",null,null,null,{"$f":"SUM(H1907:H1908)","v":1.84}]
["7.1.4","SINAPI",83344,"ESPALHAMENTO DE MATERIAL EM BOTA FORA, COM UTILIZACAO DE TRATOR DE ESTEIRAS DE 165 HP","M³",7400.76]
[null,null,null,"TRATOR DE ESTEIRAS, POTÊNCIA 170 HP, PESO OPERACIONAL 19 T, CAÇAMBA 5,2 M3 - CHP DIURNO. AF_06/2014","CHP",2.5999999999999999E-3,"180,99",{"$f":"G1911*F1911","v":0.47057399999999999}]
[null,null,null,"SERVENTE COM ENCARGOS COMPLEMENTARES","H",1.7999999999999999E-2,"15,85",0.2853]
[null,null,null,"TOTAL GERAL S/ BDI",null,null,null,{"$f":"SUM(H1911:H1912)","v":0.76}]
["7.1.5","ORSE",2548,"LOCAÇÃO DE SERVIÇOS DE TERRAPLENAGEM DE OBRAS CIVIS","M²",2206.62]
[null,null,"00048/ORSE","Auxiliar topografia - T4 - Segundo grau completo - DNIT - Mês de ref.: 05/18","h",0.06,9.24,{"$f":"G1915*F1915","v":0.5544}]
[null,null,"00070/ORSE","Topografo - T2 - Fonte DNIT - Mês de ref.: 05/18","h",2.7E-2,15.41,0.41607]
[null,null,null,"TOTAL GERAL S/ BDI",null,null,null,{"$f":"SUM(H1915:H1916)","v":0.97}]
["7.2.1","SINAPI",93358,"ESCAVAÇÃO MANUAL DE VALA COM PROFUNDIDADE MENOR OU IGUAL A 1,30 M. AF_03/2016","M³",2456.1999999999998]
[null,null,null,"SERVENTE COM ENCARGOS COMPLEMENTARES","H",3.1802000000000001,"15,85",{"$f":"G1919*F1919","v":50.406170000000003}]
[null,null,null,"TOTAL GERAL S/ BDI",null,null,null,{"$f":"SUM(H1919)","v":50.41}]
["7.2.2","SINAPI",79480,"ESCAVACAO MECANICA CAMPO ABERTO EM SOLO EXCETO ROCHA ATE 2,00M PROFUNDIDADE","M³",1348.31]
[null,null,null,"TRATOR DE ESTEIRAS, POTÊNCIA 100 HP, PESO OPERACIONAL 9,4 T, COM LÂMINA 2,19 M3 - CHP DIURNO. AF_06/2014","CHP",1.4149999999999999E-2,133.53,{"$f":"G1922*F1922","v":1.8894495}]
[null,null,null,"TOTAL GERAL S/ BDI",null,null,null,{"$f":"SUM(H1922)","v":1.89}]
["7.2.3","ORSE",4357,"ESCAVAÇÃO COM PERFURATRIZ EM MATERIAL DE 2ª CATEGORIA","M³",2108.94]
[null,null,"02463/ORSE","Compressor 250 pcm (atlas copco - xa-120dd - 94,0 hp ou equivalente)","h",0.05,12.15,{"$f":"G1925*F1925","v":0.60750000000000004}]
[null,null,"02479/ORSE","Perfuratriz (atlas copco -rh 571 5l)","h",0.1,2.61,0.26100000000000001]
[null,null,"06111/SINAPI","Servente de obras","h",3.85,15.85,61.022500000000001]
[null,null,"02479/ORSE","Perfuratriz (atlas copco -rh 571 5l)","h",0.161,2.61,0.42020999999999997]
[null,null,"04728/ORSE","Talhadeira chata 10\"","un",7.0000000000000007E-2,9.4499999999999993,0.66149999999999998]
[null,null,null,"TOTAL GERAL S/ BDI",null,null,null,{"$f":"SUM(H1925:H1929)","v":62.97}]
["7.2.4","ORSE",4503,"ESCAVAÇÃO MANUAL DE VALA OU CAVA EM MATERIAL DE 3ª CATEGORIA, PROFUNDIDADE AT É 4,00 M, COM USO DE EXPLOSIVOS E PERFURAÇÃO MECÂNICA","M³",1157.21]
[null,null,"01045/ORSE","Explosivo gelatinoso dinamite 40% (comprimento = 8\" / diâmetro da seção = 1\")","kg",0.2,8.35,{"$f":"G1932*F1932","v":1.67}]
[null,null,"02463/ORSE","Compressor 250 pcm (atlas copco - xa-120dd - 94,0 hp ou equivalente)","h",0.06,11.68,0.7]
[null,null,"02479/ORSE","Perfuratriz (atlas copco -rh 571 5l)","h",0.19,2.4300000000000002,0.46]
[null,null,"02759/SINAPI","Espoleta simples n 8.","un",3,4.0599999999999996,12.18]
[null,null,"02762/SINAPI","Estopim simples","m",3,5.07,15.21]
[null,null,"06111/SINAPI","Servente de obras","h",8.2989999999999995,15.85,131.54]
[null,null,"04163/ORSE","Broca em aço 400 x 35 mm, série 11","un",0,365.52,0]
[null,null,"04165/ORSE","Broca em aço 800 x 34 mm, série 11","un",0,382.42,0]
[null,null,"04166/ORSE","Broca em aço 1600 x 33 mm, série 11","un",0,366.96,0]
[null,null,"04167/ORSE","Broca em aço 2400 x 32 mm, série 11","un",0,570.79999999999995,0]
[null,null,"04168/ORSE","Broca em aço 3200 x 31 mm, série 11","un",0,761.97,0]
[null,null,"04169/ORSE","Broca em aço 4000 x 30 mm, série 11","un",0,888.47,0]
[null,null,"04170/ORSE","Broca em aço 4800 x 29 mm, série 11","un",0,916.63,0]
[null,null,"12894/SINAPI","Capa para chuva em pvc com forro de poliester, com capuz (amarela ou azul)","un",0,10.53,0]
[null,null,"02759/SINAPI","Espoleta simples n 8.","un",3,4.0599999999999996,12.18]
[null,null,"02762/SINAPI","Estopim simples","m",3,5.07,15.21]
[null,null,"01045/ORSE","Explosivo gelatinoso dinamite 40% (comprimento = 8\" / diâmetro da seção = 1\")","kg",0.2,8.35,1.67]
[null,null,"02479/ORSE","Perfuratriz (atlas copco -rh 571 5l)","h",0.19,2.4300000000000002,0.46]
[null,null,null,"TOTAL GERAL S/ BDI",null,null,null,{"$f":"SUM(H1932:H1949)","v":191.28}]
["7.2.5","SINAPI",93382,"REATERRO MANUAL DE VALAS COM COMPACTAÇÃO MECANIZADA. AF_04/2016","M³",302.36]
[null,null,null,"SERVENTE COM ENCARGOS COMPLEMENTARES","H",0.5,"15,85",{"$f":"G1952*F1952","v":7.9249999999999998}]
[null,null,null,"COMPACTADOR DE SOLOS DE PERCUSSÃO (SOQUETE) COM MOTOR A GASOLINA 4 TEMPOS, POTÊNCIA 4 CV - CHP DIURNO. AF_08/2015","CHP",0.2,"37,70",7.54]
[null,null,null,"COMPACTADOR DE SOLOS DE PERCUSSÃO (SOQUETE) COM MOTOR A GASOLINA 4 TEMPOS, POTÊNCIA 4 CV - CHI DIURNO. AF_08/2015","CHI",0.2293,"34,23",7.8489389999999997]
[null,null,null,"UMIDIFICAÇÃO DE MATERIAL PARA VALAS COM CAMINHÃO PIPA 10000L. AF_11/2016","M3","1,0000000","1,29",1.29]
[null,null,null,"TOTAL GERAL S/ BDI",null,null,null,{"$f":"SUM(H1952:H1955)","v":24.6}]
["7.2.6","ORSE",7086,"ATERRO MECANIZADO COM TRATOR DE ESTEIRA, INCLUSIVE COMPACTAÇÃO (MÃO DE OBRA,  CAMINHÃO PIPA, E ROLO)","M³",655.94]
[null,null,"02458/ORSE","Caminhao tanque (pipa)10000 l (m. benz - 2423 K - 184,0 hp ou equivalente)","h",6.0000000000000001E-3,70.87,{"$f":"G1958*F1958","v":0.42521999999999999}]
[null,null,"02501/ORSE","Trator esteira (cat - d6m - xl - 163-6a nacional 140,0 hp ou equivalente)","h",6.0499999999999998E-3,192.23,1.1629915]
[null,null,"04246/ORSE","Aluguel de rolo Compactador DYNAPAC CA- 250P pé de carneiro autop. 11,25 t vibrat","h",8.0000000000000002E-3,105.97,0.84775999999999996]
[null,null,"06111/SINAPI","Servente de obras","h",0.01,"15,85",0.1585]
[null,null,null,"TOTAL GERAL S/ BDI",null,null,null,{"$f":"SUM(H1958:H1961)","v":2.59}]
["7.2.7","ORSE",4986,"CARGA MECÂNICA DE MATERIAL DE 1ª CATEGORIA","M³",1716.86]
[null,null,"04244/ORSE","Pa carregadeira sobre pneus Caterpillar - 924 G","h",5.0000000000000001E-4,129.72999999999999,{"$f":"G1964*F1964","v":6.4865000000000006E-2}]
[null,null,"06111/SINAPI","Servente de obras","h",3.27E-2,15.85,0.51829499999999995]
[null,null,null,"TOTAL GERAL S/ BDI",null,null,null,{"$f":"SUM(H1964:H1965)","v":0.57999999999999996}]
["7.2.8","ORSE",2507,"CARGA MECÂNICA DE MATERIAL DE 2ª CATEGORIA","M³",251.05]
[null,null,"04244/ORSE","Pa carregadeira sobre pneus Caterpillar - 924 G","h",8.0000000000000002E-3,129.72999999999999,{"$f":"G1968*F1968","v":1.0378400000000001}]
[null,null,"06111/SINAPI","Servente de obras","h",4.7500000000000001E-2,15.85,0.75287499999999996]
[null,null,null,"TOTAL GERAL S/ BDI",null,null,null,{"$f":"SUM(H1968:H1969)","v":1.79}]
["7.2.9","ORSE",2508,"CARGA MECÂNICA DE MATERIAL DE 3ª CATEGORIA","M³",5758.67]
[null,null,"02477/ORSE","Pá - carregadeira de esteira 1,53m3 (cat - 953 - 130,0 hp)","h",1.2999999999999999E-2,156.46,{"$f":"G1972*F1972","v":2.0339800000000001}]
[null,null,"06111/SINAPI","Servente de obras","h",3.3000000000000002E-2,15.85,0.52305000000000001]
[null,null,null,"TOTAL GERAL S/ BDI",null,null,null,{"$f":"SUM(H1972:H1973)","v":2.56}]
[]
["7.2.10","SINAPI",97912,"TRANSPORTE COM CAMINHÃO BASCULANTE DE 6 M3, EM VIA URBANA EM LEITO NATURAL (UNIDADE: M3XKM). AF_01/2018","M³XKM",7400.76]
[null,null,null,"CAMINHÃO BASCULANTE 6 M3 TOCO, PESO BRUTO TOTAL 16.000 KG, CARGA ÚTIL MÁXIMA 11.130 KG, DISTÂNCIA ENTRE EIXOS 5,36 M, POTÊNCIA 185 CV, INCLUSIVE CAÇAMBA METÁLICA - CHP DIURNO. AF_06/2014","CHP",1.225E-2,"147,90",{"$f":"G1977*F1977","v":1.8117749999999999}]
[null,null,null,"CAMINHÃO BASCULANTE 6 M3 TOCO, PESO BRUTO TOTAL 16.000 KG, CARGA ÚTIL MÁXIMA 11.130 KG, DISTÂNCIA ENTRE EIXOS 5,36 M, POTÊNCIA 185 CV, INCLUSIVE CAÇAMBA METÁLICA - CHI DIURNO. AF_06/2014","CHI",5.9999999999999995E-4,"44,04",2.6424E-2]
[null,null,null,"TOTAL GERAL S/ BDI",null,null,null,{"$f":"SUM(H1977:H1978)","v":1.84}]
["7.2.11","SINAPI",83344,"ESPALHAMENTO DE MATERIAL EM BOTA FORA, COM UTILIZACAO DE TRATOR DE ESTEIRAS DE 165 HP","M³",7400.76]
[null,null,null,"TRATOR DE ESTEIRAS, POTÊNCIA 170 HP, PESO OPERACIONAL 19 T, CAÇAMBA 5,2 M3 - CHP DIURNO. AF_06/2014","CHP",2.5999999999999999E-3,"180,99",{"$f":"G1981*F1981","v":0.47057399999999999}]
[null,null,null,"SERVENTE COM ENCARGOS COMPLEMENTARES","H",1.7999999999999999E-2,"15,85",0.2853]
[null,null,null,"TOTAL GERAL S/ BDI",null,null,null,{"$f":"SUM(H1981:H1982)","v":0.76}]
["7.2.12","ORSE",3345,"CONCRETO SIMPLES USINADO FCK=40MPA, BOMBEADO, LANÇADO E ADENSADO EM SUPERESTRUTURA","M³",521.79999999999995]
[null,null,"25950/SINAPI","Servico de bombeamento de concreto com consumo minimo de 40m3","m3",1,25,{"$f":"G1985*F1985","v":25}]
[null,null,"34496/SINAPI","Concreto usinado bombeavel, classe de resistencia c40, com brita 0 e 1, slump = 100 +/- 20 mm, exclui servico de bombeamento (nbr 8953)","m3",1,213.97,213.97]
[null,null,"11477/ORSE","Lançamento de concreto usinado, bombeado, para infraestrutura, incluindo colocação, adensamento e acabamento","m3",1,15,15]
[null,null,"04750/SINAPI","Pedreiro","h",0.05,"19,57",0.97850000000000004]
[null,null,"06111/SINAPI","Servente de obras","h",0.02,"15,85",0.317]
[null,null,null,"TOTAL GERAL S/ BDI",null,null,null,{"$f":"SUM(H1985:H1989)","v":255.27}]
["7.2.13","ORSE",3366,"FORMA PLANA PARA ESTRUTURAS, EM COMPENSADO PLASTIFICADO DE 12MM, 07 USOS, INC LUSIVE ESCORAMENTO - REVISADA 07.2015","M²",2404.21]
[null,null,"01569/ORSE","Madeira mista serrada (barrote) 6 x 6cm - 0,0036 m3/m (angelim, louro)","m",0.6,5.87,{"$f":"G1992*F1992","v":3.5219999999999998}]
[null,null,"00333/SINAPI","Arame galvanizado 14 bwg, d = 2,11 mm (0,026 kg/m)","kg",0.15,12.5,1.875]
[null,null,"01213/SINAPI","Carpinteiro de formas","h",0.7,19.45,13.615]
[null,null,"06111/SINAPI","Servente de obras","h",8.1900000000000001E-2,15.85,{"$f":"G1995*F1995","v":1.2981149999999999}]
[null,null,"01347/SINAPI","Chapa de madeira compensada plastificada para forma de concreto, de 2,20 x 1,10 m, e = 12 mm","m2",0.15,32.1,{"$f":"G1996*F1996","v":4.8150000000000004}]
[null,null,"02692/SINAPI","Desmoldante protetor para formas de madeira, de base oleosaemulsionada em agua","l",0.02,6.14,0.12280000000000001]
[null,null,"04509/SINAPI","Tabua de madeira nao aparelhada *2,5 x 10 cm (1 x 4 \") pinus, mista ou equivalente da regiao","m",0.77800000000000002,3.42,2.6607599999999998]
[null,null,"05068/SINAPI","Prego de aco polido com cabeca 17 x 21 (2 x 11)","kg",2.5000000000000001E-2,9.86,0.2465]
[null,null,"05069/SINAPI","Prego de aco polido com cabeca 17 x 27 (2 1/2 x 11)","kg",0.1,10.050000000000001,1.0049999999999999]
[null,null,"06193/SINAPI","Tabua de madeira nao aparelhada *2,5 x 20* cm, cedrinho ou equivalente da regiao","m",8.6999999999999994E-2,5.75,0.50024999999999997]
[null,null,"02378/ORSE","Vale transporte","un",0.20730000000000001,3.5,0.72555000000000003]
[null,null,null,"TOTAL GERAL S/ BDI",null,null,null,{"$f":"SUM(H1992:H2002)","v":30.39}]
["7.2.14","SINAPI",92791,"CORTE E DOBRA DE AÇO CA-60, DIÂMETRO DE 5,0 MM, UTILIZADO EM ESTRUTURAS DIVERSAS, EXCETO LAJES. AF_12/2015","KG",19620.5]
[null,null,null,"ACO CA-60, 5,0 MM, VERGALHAO","KG",1.05,4.5,{"$f":"G2005*F2005","v":4.7249999999999996}]
[null,null,null,"AJUDANTE DE ARMADOR COM ENCARGOS COMPLEMENTARES","H",5.0000000000000001E-3,"14,94",7.4700000000000003E-2]
[null,null,null,"ARMADOR COM ENCARGOS COMPLEMENTARES","H",0.02,"19,45",0.38900000000000001]
[null,null,null,"TOTAL GERAL S/ BDI",null,null,null,{"$f":"SUM(H2005:H2007)","v":5.19}]
["7.2.15","SINAPI",92794,"CORTE E DOBRA DE AÇO CA-50, DIÂMETRO DE 10,0 MM, UTILIZADO EM ESTRUTURAS DIVERSAS, EXCETO LAJES. AF_12/2015","KG",10728.2]
[null,null,null,"ACO CA-50, 10,0 MM, VERGALHAO","KG",1.05,3.95,{"$f":"G2010*F2010","v":4.1475}]
[null,null,null,"AJUDANTE DE ARMADOR COM ENCARGOS COMPLEMENTARES","H",1E-4,"14,94",1.4940000000000001E-3]
[null,null,null,"ARMADOR COM ENCARGOS COMPLEMENTARES","H",5.0000000000000001E-3,"19,45",9.7250000000000003E-2]
[null,null,null,"TOTAL GERAL S/ BDI",null,null,null,{"$f":"SUM(H2010:H2012)","v":4.25}]
["7.2.16","SINAPI",94962,"CONCRETO MAGRO PARA LASTRO, TRAÇO 1:4,5:4,5 (CIMENTO/ AREIA MÉDIA/ BRITA 1)  - PREPARO MECÂNICO COM BETONEIRA 400 L. AF_07/2016","M³",210.44]
[null,null,null,"AREIA MEDIA - POSTO JAZIDA/FORNECEDOR (RETIRADO NA JAZIDA, SEM TRANSPORTE)","M3",0.7,"55,00",{"$f":"G2015*F2015","v":38.5}]
[null,null,null,"CIMENTO PORTLAND COMPOSTO CP II-32","KG","212,2100000","0,43",91.250299999999996]
[null,null,null,"PEDRA BRITADA N. 1 (9,5 a 19 MM) POSTO PEDREIRA/FORNECEDOR, SEM FRETE","M3","0,5790000","55,38",32.065019999999997]
[null,null,null,"SERVENTE COM ENCARGOS COMPLEMENTARES","H",0.9,"15,85",14.265000000000001]
[null,null,null,"OPERADOR DE BETONEIRA ESTACIONÁRIA/MISTURADOR COM ENCARGOS COMPLEMENTARES","H",0.98299999999999998,"28,44",27.956520000000001]
[null,null,null,"BETONEIRA CAPACIDADE NOMINAL DE 400 L, CAPACIDADE DE MISTURA 280 L, MOTOR ELÉTRICO TRIFÁSICO POTÊNCIA DE 2 CV, SEM CARREGADOR - CHP DIURNO. AF_10/2014","CHP",0.5,"1,11",0.55500000000000005]
[null,null,null,"BETONEIRA CAPACIDADE NOMINAL DE 400 L, CAPACIDADE DE MISTURA 280 L, MOTOR ELÉTRICO TRIFÁSICO POTÊNCIA DE 2 CV, SEM CARREGADOR - CHI DIURNO. AF_10/2014","CHI",0.3,"0,27",8.1000000000000003E-2]
[null,null,null,"TOTAL GERAL S/ BDI",null,null,null,{"$f":"SUM(H2015:H2021)","v":204.67}]
["7.2.17","SINAPI",73665,"ESCADA TIPO MARINHEIRO EM ACO CA-50 9,52MM INCLUSO PINTURA COM FUNDO ANTICORROSIVO TIPO ZARCAO","M",55.26]
[null,null,null,"ACO CA-50, 10,0 MM, VERGALHAO","KG","2,8000000","4,54",{"$f":"G2024*F2024","v":12.712}]
[null,null,null,"FUNDO ANTICORROSIVO PARA METAIS FERROSOS (ZARCAO)","L","0,0250000","26,87",0.67174999999999996]
[null,null,null,"ARMADOR COM ENCARGOS COMPLEMENTARES","H","0,3500000","19,45",6.8075000000000001]
[null,null,null,"PEDREIRO COM ENCARGOS COMPLEMENTARES","H",0.5,"19,57",9.7850000000000001]
[null,null,null,"SERVENTE COM ENCARGOS COMPLEMENTARES","H",1.1160000000000001,"15,85",17.688600000000001]
[null,null,null,"ARGAMASSA TRAÇO 1:3 (CIMENTO E AREIA MÉDIA), PREPARO MANUAL. AF_08/2014","M3","0,0034500","387,49",1.3368405000000001]
[null,null,null,"TOTAL GERAL S/ BDI",null,null,null,{"$f":"SUM(H2024:H2029)","v":49}]
["7.2.18","SINAPI",87481,"ALVENARIA DE VEDAÇÃO DE BLOCOS CERÂMICOS FURADOS NA VERTICAL DE 19X19X39CM (ESPESSURA 19CM) DE PAREDES COM ÁREA LÍQUIDA MAIOR OU IGUAL A 6M² SEM VÃOS E ARGAMASSA DE ASSENTAMENTO COM PREPARO EM BETONEIRA. AF_06/2014","M²"]
[null,null,null,"TELA DE ACO SOLDADA GALVANIZADA/ZINCADA PARA ALVENARIA, FIO  D = *1,20 A 1,70* MM, MALHA 15 X 15 MM, (C X L) *50 X 17,5* CM","M","0,4200000","1,84",{"$f":"G2032*F2032","v":0.77280000000000004}]
[null,null,null,"PINO DE ACO COM FURO, HASTE = 27 MM (ACAO DIRETA)","CENTO","0,0100000","38,74",0.38740000000000002]
[null,null,null,"BLOCO CERAMICO DE VEDACAO COM FUROS NA VERTICAL, 19 X 19 X 39 CM - 4,5 MPA (NBR 15270)","UN","13,3500000","1,80",24.03]
[null,null,null,"ARGAMASSA TRAÇO 1:2:8 (CIMENTO, CAL E AREIA MÉDIA) PARA EMBOÇO/MASSA ÚNICA/ASSENTAMENTO DE ALVENARIA DE VEDAÇÃO, PREPARO MECÂNICO COM BETONEIRA 400 L. AF_06/2014","M3","0,0138000","443,03",6.1138139999999996]
[null,null,null,"PEDREIRO COM ENCARGOS COMPLEMENTARES","H",0.51800000000000002,"19,57",10.137259999999999]
[null,null,null,"SERVENTE COM ENCARGOS COMPLEMENTARES","H",0.2,"15,85",3.17]
[null,null,null,"TOTAL GERAL S/ BDI",null,null,null,{"$f":"SUM(H2032:H2037)","v":44.61}]
["7.2.19","ORSE",3310,"CHAPISCO EM PAREDE COM ARGAMASSA TRAÇO T1 - 1:3 (CIMENTO / AREIA) - REVISADO  08/2015","M²"]
[null,null,null,"TOTAL GERAL S/ BDI",null,null,null,3.71]
["7.2.20","SINAPI",96920,"ARGAMASSA TRAÇO 1:3 (CIMENTO E AREIA), PREPARO MECANICO , INCLUSO ADITIVO IMPERMEABILIZANTE","M³",42.15]
[null,null,null,"ADITIVO IMPERMEABILIZANTE DE PEGA NORMAL PARA ARGAMASSAS E CONCRETOS SEM ARMACAO","L",2.9510000000000001,"5,98",{"$f":"G2042*F2042","v":17.646979999999999}]
[null,null,null,"ARGAMASSA TRAÇO 1:3 (CIMENTO E AREIA MÉDIA), PREPARO MECÂNICO COM BETONEIRA 400 L. AF_08/2014","M3",1,"351,64",351.64]
[null,null,null,"TOTAL GERAL S/ BDI",null,null,null,{"$f":"SUM(H2042:H2043)","v":369.29}]
["7.2.21","ORSE",2341,"IMPERMEABILIZAÇAO FLEXÍVEL, BASE ACRÍLICA, TIPO IGOLFLEX BRANCO SIKA OU SIMIL AR, P/LAJES, CALHAS, VARANDAS, TERRAÇOS E COBERTURAS DE RESERVATORIOS","M²",2278.37]
[null,null,"01111/ORSE","Igolflex branco","l",1.5389999999999999,10.69,{"$f":"G2046*F2046","v":16.451910000000002}]
[null,null,"06111/SINAPI","Servente de obras","h",0.4,"19,57",7.8280000000000003]
[null,null,"12873/SINAPI","Impermeabilizador","h",0.8,"15,85",12.68]
[null,null,null,"TOTAL GERAL S/ BDI",null,null,null,{"$f":"SUM(H2046:H2048)","v":36.96}]
[]
["7.3.1","ORSE",7086,"ATERRO MECANIZADO COM TRATOR DE ESTEIRA, INCLUSIVE COMPACTAÇÃO (MÃO DE OBRA,  CAMINHÃO PIPA, E ROLO)","M³",655.94]
[null,null,"02458/ORSE","Caminhao tanque (pipa)10000 l (m. benz - 2423 K - 184,0 hp ou equivalente)","h",6.0000000000000001E-3,70.87,{"$f":"G2052*F2052","v":0.42521999999999999}]
[null,null,"02501/ORSE","Trator esteira (cat - d6m - xl - 163-6a nacional 140,0 hp ou equivalente)","h",6.0499999999999998E-3,192.23,1.1629915]
[null,null,"04246/ORSE","Aluguel de rolo Compactador DYNAPAC CA- 250P pé de carneiro autop. 11,25 t vibrat","h",8.0000000000000002E-3,105.97,0.84775999999999996]
[null,null,"06111/SINAPI","Servente de obras","h",0.01,"15,85",0.1585]
[null,null,null,"TOTAL GERAL S/ BDI",null,null,null,{"$f":"SUM(H2052:H2055)","v":2.59}]
["7.3.2","ORSE",3345,"CONCRETO SIMPLES USINADO FCK=40MPA, BOMBEADO, LANÇADO E ADENSADO EM SUPERESTRUTURA","M³",521.79999999999995]
[null,null,"25950/SINAPI","Servico de bombeamento de concreto com consumo minimo de 40m3","m3",1,25,{"$f":"G2058*F2058","v":25}]
[null,null,"34496/SINAPI","Concreto usinado bombeavel, classe de resistencia c40, com brita 0 e 1, slump = 100 +/- 20 mm, exclui servico de bombeamento (nbr 8953)","m3",1,213.97,213.97]
[null,null,"11477/ORSE","Lançamento de concreto usinado, bombeado, para infraestrutura, incluindo colocação, adensamento e acabamento","m3",1,15,15]
[null,null,"04750/SINAPI","Pedreiro","h",0.05,"19,57",0.97850000000000004]
[null,null,"06111/SINAPI","Servente de obras","h",0.02,"15,85",0.317]
[null,null,null,"TOTAL GERAL S/ BDI",null,null,null,{"$f":"SUM(H2058:H2062)","v":255.27}]
["7.3.3","ORSE",3366,"FORMA PLANA PARA ESTRUTURAS, EM COMPENSADO PLASTIFICADO DE 12MM, 07 USOS, INC LUSIVE ESCORAMENTO - REVISADA 07.2015","M²",2404.21]
[null,null,"01569/ORSE","Madeira mista serrada (barrote) 6 x 6cm - 0,0036 m3/m (angelim, louro)","m",0.6,5.87,{"$f":"G2065*F2065","v":3.5219999999999998}]
[null,null,"00333/SINAPI","Arame galvanizado 14 bwg, d = 2,11 mm (0,026 kg/m)","kg",0.15,12.5,1.875]
[null,null,"01213/SINAPI","Carpinteiro de formas","h",0.7,19.45,13.615]
[null,null,"06111/SINAPI","Servente de obras","h",8.1900000000000001E-2,15.85,{"$f":"G2068*F2068","v":1.2981149999999999}]
[null,null,"01347/SINAPI","Chapa de madeira compensada plastificada para forma de concreto, de 2,20 x 1,10 m, e = 12 mm","m2",0.15,32.1,{"$f":"G2069*F2069","v":4.8150000000000004}]
[null,null,"02692/SINAPI","Desmoldante protetor para formas de madeira, de base oleosaemulsionada em agua","l",0.02,6.14,0.12280000000000001]
[null,null,"04509/SINAPI","Tabua de madeira nao aparelhada *2,5 x 10 cm (1 x 4 \") pinus, mista ou equivalente da regiao","m",0.77800000000000002,3.42,2.6607599999999998]
[null,null,"05068/SINAPI","Prego de aco polido com cabeca 17 x 21 (2 x 11)","kg",2.5000000000000001E-2,9.86,0.2465]
[null,null,"05069/SINAPI","Prego de aco polido com cabeca 17 x 27 (2 1/2 x 11)","kg",0.1,10.050000000000001,1.0049999999999999]
[null,null,"06193/SINAPI","Tabua de madeira nao aparelhada *2,5 x 20* cm, cedrinho ou equivalente da regiao","m",8.6999999999999994E-2,5.75,0.50024999999999997]
[null,null,"02378/ORSE","Vale transporte","un",0.20730000000000001,3.5,0.72555000000000003]
[null,null,null,"TOTAL GERAL S/ BDI",null,null,null,{"$f":"SUM(H2065:H2075)","v":30.39}]
["7.3.4","SINAPI",92791,"CORTE E DOBRA DE AÇO CA-60, DIÂMETRO DE 5,0 MM, UTILIZADO EM ESTRUTURAS DIVERSAS, EXCETO LAJES. AF_12/2015","KG",19620.5]
[null,null,null,"ACO CA-60, 5,0 MM, VERGALHAO","KG",1.05,4.5,{"$f":"G2078*F2078","v":4.7249999999999996}]
[null,null,null,"AJUDANTE DE ARMADOR COM ENCARGOS COMPLEMENTARES","H",5.0000000000000001E-3,"14,94",7.4700000000000003E-2]
[null,null,null,"ARMADOR COM ENCARGOS COMPLEMENTARES","H",0.02,"19,45",0.38900000000000001]
[null,null,null,"TOTAL GERAL S/ BDI",null,null,null,{"$f":"SUM(H2078:H2080)","v":5.19}]
["7.3.5","SINAPI",92794,"CORTE E DOBRA DE AÇO CA-50, DIÂMETRO DE 10,0 MM, UTILIZADO EM ESTRUTURAS DIVERSAS, EXCETO LAJES. AF_12/2015","KG",10728.2]
[null,null,null,"ACO CA-50, 10,0 MM, VERGALHAO","KG",1.05,3.95,{"$f":"G2083*F2083","v":4.1475}]
[null,null,null,"AJUDANTE DE ARMADOR COM ENCARGOS COMPLEMENTARES","H",1E-4,"14,94",1.4940000000000001E-3]
[null,null,null,"ARMADOR COM ENCARGOS COMPLEMENTARES","H",5.0000000000000001E-3,"19,45",9.7250000000000003E-2]
[null,null,null,"TOTAL GERAL S/ BDI",null,null,null,{"$f":"SUM(H2083:H2085)","v":4.25}]
["7.3.6","SINAPI",94962,"CONCRETO MAGRO PARA LASTRO, TRAÇO 1:4,5:4,5 (CIMENTO/ AREIA MÉDIA/ BRITA 1)  - PREPARO MECÂNICO COM BETONEIRA 400 L. AF_07/2016","M³",210.44]
[null,null,null,"AREIA MEDIA - POSTO JAZIDA/FORNECEDOR (RETIRADO NA JAZIDA, SEM TRANSPORTE)","M3",0.7,"55,00",{"$f":"G2088*F2088","v":38.5}]
[null,null,null,"CIMENTO PORTLAND COMPOSTO CP II-32","KG","212,2100000","0,43",91.250299999999996]
[null,null,null,"PEDRA BRITADA N. 1 (9,5 a 19 MM) POSTO PEDREIRA/FORNECEDOR, SEM FRETE","M3","0,5790000","55,38",32.065019999999997]
[null,null,null,"SERVENTE COM ENCARGOS COMPLEMENTARES","H",0.9,"15,85",14.265000000000001]
[null,null,null,"OPERADOR DE BETONEIRA ESTACIONÁRIA/MISTURADOR COM ENCARGOS COMPLEMENTARES","H",0.98299999999999998,"28,44",27.956520000000001]
[null,null,null,"BETONEIRA CAPACIDADE NOMINAL DE 400 L, CAPACIDADE DE MISTURA 280 L, MOTOR ELÉTRICO TRIFÁSICO POTÊNCIA DE 2 CV, SEM CARREGADOR - CHP DIURNO. AF_10/2014","CHP",0.5,"1,11",0.55500000000000005]
[null,null,null,"BETONEIRA CAPACIDADE NOMINAL DE 400 L, CAPACIDADE DE MISTURA 280 L, MOTOR ELÉTRICO TRIFÁSICO POTÊNCIA DE 2 CV, SEM CARREGADOR - CHI DIURNO. AF_10/2014","CHI",0.3,"0,27",8.1000000000000003E-2]
[null,null,null,"TOTAL GERAL S/ BDI",null,null,null,{"$f":"SUM(H2088:H2094)","v":204.67}]
["7.3.6","SINAPI",94962,"CONCRETO MAGRO PARA LASTRO, TRAÇO 1:4,5:4,5 (CIMENTO/ AREIA MÉDIA/ BRITA 1)  - PREPARO MECÂNICO COM BETONEIRA 400 L. AF_07/2016","M³",210.44]
[null,null,null,"AREIA MEDIA - POSTO JAZIDA/FORNECEDOR (RETIRADO NA JAZIDA, SEM TRANSPORTE)","M3",0.7,"55,00",{"$f":"G2097*F2097","v":38.5}]
[null,null,null,"CIMENTO PORTLAND COMPOSTO CP II-32","KG","212,2100000","0,43",91.250299999999996]
[null,null,null,"PEDRA BRITADA N. 1 (9,5 a 19 MM) POSTO PEDREIRA/FORNECEDOR, SEM FRETE","M3","0,5790000","55,38",32.065019999999997]
[null,null,null,"SERVENTE COM ENCARGOS COMPLEMENTARES","H",0.9,"15,85",14.265000000000001]
[null,null,null,"OPERADOR DE BETONEIRA ESTACIONÁRIA/MISTURADOR COM ENCARGOS COMPLEMENTARES","H",0.98299999999999998,"28,44",27.956520000000001]
[null,null,null,"BETONEIRA CAPACIDADE NOMINAL DE 400 L, CAPACIDADE DE MISTURA 280 L, MOTOR ELÉTRICO TRIFÁSICO POTÊNCIA DE 2 CV, SEM CARREGADOR - CHP DIURNO. AF_10/2014","CHP",0.5,"1,11",0.55500000000000005]
[null,null,null,"BETONEIRA CAPACIDADE NOMINAL DE 400 L, CAPACIDADE DE MISTURA 280 L, MOTOR ELÉTRICO TRIFÁSICO POTÊNCIA DE 2 CV, SEM CARREGADOR - CHI DIURNO. AF_10/2014","CHI",0.3,"0,27",8.1000000000000003E-2]
[null,null,null,"TOTAL GERAL S/ BDI",null,null,null,{"$f":"SUM(H2097:H2103)","v":204.67}]
["7.3.7","SEINFRA","C0823","COMPORTA EM FIBRA, CALHA EM ALUMÍNIO","M²",4.09]
[null,null,null,"TOTAL GERAL S/ BDI",null,null,null,332.27]
["7.3.8","CODEVASF","COMPOSIÇÃO","CAMADA DRENANTE DE BRITA Nº 2 PARA LEITO DE SECAGEM","M³",63.72]
[null,null,null,"PEDRA BRITADA N. 2 (19 A 38 MM) POSTO PEDREIRA/FORNECEDOR, SEM FRETE                                                                                                                                                                                                                                                                                                                                                                                                                                      ","M³    ",1.05,48.76,{"$f":"G2108*F2108","v":51.198}]
[null,null,null,"SERVENTE DE OBRAS                                                                                                                                                                                                                                                                                                                                                                                                                                                                                         ","H     ",1E-3,15.85,1.585E-2]
[{"$nulls":6},"SUB-TOTAL",{"$f":"SUM(H2108:H2109)","v":51.21}]
["7.3.9","CODEVASF","COMPOSIÇÃO","CAMADA DRENANTE DE AREIA GROSSA PARA LEITO DE SECAGEM","M³",63.72]
[null,null,null,"AREIA GROSSA - POSTO JAZIDA/FORNECEDOR (RETIRADO NA JAZIDA, SEM TRANSPORTE)                                                                                                                                                                                                                                                                                                                                                                                                                               ","M³    ",1.05,56.87,{"$f":"G2112*F2112","v":59.713500000000003}]
[null,null,null,"SERVENTE DE OBRAS                                                                                                                                                                                                                                                                                                                                                                                                                                                                                         ","H     ",1E-4,15.85,1.585E-3]
[null,null,null,"TOTAL GERAL S/ BDI",null,null,null,{"$f":"SUM(H2112:H2113)","v":59.72}]
["7.4.1","ORSE",7086,"ATERRO MECANIZADO COM TRATOR DE ESTEIRA, INCLUSIVE COMPACTAÇÃO (MÃO DE OBRA,  CAMINHÃO PIPA, E ROLO)","M³",655.94]
[null,null,"02458/ORSE","Caminhao tanque (pipa)10000 l (m. benz - 2423 K - 184,0 hp ou equivalente)","h",6.0000000000000001E-3,70.87,{"$f":"G2116*F2116","v":0.42521999999999999}]
[null,null,"02501/ORSE","Trator esteira (cat - d6m - xl - 163-6a nacional 140,0 hp ou equivalente)","h",6.0499999999999998E-3,192.23,1.1629915]
[null,null,"04246/ORSE","Aluguel de rolo Compactador DYNAPAC CA- 250P pé de carneiro autop. 11,25 t vibrat","h",8.0000000000000002E-3,105.97,0.84775999999999996]
[null,null,"06111/SINAPI","Servente de obras","h",0.01,"15,85",0.1585]
[null,null,null,"TOTAL GERAL S/ BDI",null,null,null,{"$f":"SUM(H2116:H2119)","v":2.59}]
["7.4.2","ORSE",3345,"CONCRETO SIMPLES USINADO FCK=40MPA, BOMBEADO, LANÇADO E ADENSADO EM SUPERESTRUTURA","M³",521.79999999999995]
[null,null,"25950/SINAPI","Servico de bombeamento de concreto com consumo minimo de 40m3","m3",1,25,{"$f":"G2122*F2122","v":25}]
[null,null,"34496/SINAPI","Concreto usinado bombeavel, classe de resistencia c40, com brita 0 e 1, slump = 100 +/- 20 mm, exclui servico de bombeamento (nbr 8953)","m3",1,213.97,213.97]
[null,null,"11477/ORSE","Lançamento de concreto usinado, bombeado, para infraestrutura, incluindo colocação, adensamento e acabamento","m3",1,15,15]
[null,null,"04750/SINAPI","Pedreiro","h",0.05,"19,57",0.97850000000000004]
[null,null,"06111/SINAPI","Servente de obras","h",0.02,"15,85",0.317]
[null,null,null,"TOTAL GERAL S/ BDI",null,null,null,{"$f":"SUM(H2122:H2126)","v":255.27}]
["7.4.3","ORSE",3366,"FORMA PLANA PARA ESTRUTURAS, EM COMPENSADO PLASTIFICADO DE 12MM, 07 USOS, INC LUSIVE ESCORAMENTO - REVISADA 07.2015","M²",2404.21]
[null,null,"01569/ORSE","Madeira mista serrada (barrote) 6 x 6cm - 0,0036 m3/m (angelim, louro)","m",0.6,5.87,{"$f":"G2129*F2129","v":3.5219999999999998}]
[null,null,"00333/SINAPI","Arame galvanizado 14 bwg, d = 2,11 mm (0,026 kg/m)","kg",0.15,12.5,1.875]
[null,null,"01213/SINAPI","Carpinteiro de formas","h",0.7,19.45,13.615]
[null,null,"06111/SINAPI","Servente de obras","h",8.1900000000000001E-2,15.85,{"$f":"G2132*F2132","v":1.2981149999999999}]
[null,null,"01347/SINAPI","Chapa de madeira compensada plastificada para forma de concreto, de 2,20 x 1,10 m, e = 12 mm","m2",0.15,32.1,{"$f":"G2133*F2133","v":4.8150000000000004}]
[null,null,"02692/SINAPI","Desmoldante protetor para formas de madeira, de base oleosaemulsionada em agua","l",0.02,6.14,0.12280000000000001]
[null,null,"04509/SINAPI","Tabua de madeira nao aparelhada *2,5 x 10 cm (1 x 4 \") pinus, mista ou equivalente da regiao","m",0.77800000000000002,3.42,2.6607599999999998]
[null,null,"05068/SINAPI","Prego de aco polido com cabeca 17 x 21 (2 x 11)","kg",2.5000000000000001E-2,9.86,0.2465]
[null,null,"05069/SINAPI","Prego de aco polido com cabeca 17 x 27 (2 1/2 x 11)","kg",0.1,10.050000000000001,1.0049999999999999]
[null,null,"06193/SINAPI","Tabua de madeira nao aparelhada *2,5 x 20* cm, cedrinho ou equivalente da regiao","m",8.6999999999999994E-2,5.75,0.50024999999999997]
[null,null,"02378/ORSE","Vale transporte","un",0.20730000000000001,3.5,0.72555000000000003]
[null,null,null,"TOTAL GERAL S/ BDI",null,null,null,{"$f":"SUM(H2129:H2139)","v":30.39}]
["7.4.4","SINAPI",92791,"CORTE E DOBRA DE AÇO CA-60, DIÂMETRO DE 5,0 MM, UTILIZADO EM ESTRUTURAS DIVERSAS, EXCETO LAJES. AF_12/2015","KG",19620.5]
[null,null,null,"ACO CA-60, 5,0 MM, VERGALHAO","KG",1.05,4.5,{"$f":"G2142*F2142","v":4.7249999999999996}]
[null,null,null,"AJUDANTE DE ARMADOR COM ENCARGOS COMPLEMENTARES","H",5.0000000000000001E-3,"14,94",7.4700000000000003E-2]
[null,null,null,"ARMADOR COM ENCARGOS COMPLEMENTARES","H",0.02,"19,45",0.38900000000000001]
[null,null,null,"TOTAL GERAL S/ BDI",null,null,null,{"$f":"SUM(H2142:H2144)","v":5.19}]
["7.4.5","SINAPI",92794,"CORTE E DOBRA DE AÇO CA-50, DIÂMETRO DE 10,0 MM, UTILIZADO EM ESTRUTURAS DIVERSAS, EXCETO LAJES. AF_12/2015","KG",10728.2]
[null,null,null,"ACO CA-50, 10,0 MM, VERGALHAO","KG",1.05,3.95,{"$f":"G2147*F2147","v":4.1475}]
[null,null,null,"AJUDANTE DE ARMADOR COM ENCARGOS COMPLEMENTARES","H",1E-4,"14,94",1.4940000000000001E-3]
[null,null,null,"ARMADOR COM ENCARGOS COMPLEMENTARES","H",5.0000000000000001E-3,"19,45",9.7250000000000003E-2]
[null,null,null,"TOTAL GERAL S/ BDI",null,null,null,{"$f":"SUM(H2147:H2149)","v":4.25}]
["7.4.6","SINAPI",94962,"CONCRETO MAGRO PARA LASTRO, TRAÇO 1:4,5:4,5 (CIMENTO/ AREIA MÉDIA/ BRITA 1)  - PREPARO MECÂNICO COM BETONEIRA 400 L. AF_07/2016","M³",210.44]
[null,null,null,"AREIA MEDIA - POSTO JAZIDA/FORNECEDOR (RETIRADO NA JAZIDA, SEM TRANSPORTE)","M3",0.7,"55,00",{"$f":"G2152*F2152","v":38.5}]
[null,null,null,"CIMENTO PORTLAND COMPOSTO CP II-32","KG","212,2100000","0,43",91.250299999999996]
[null,null,null,"PEDRA BRITADA N. 1 (9,5 a 19 MM) POSTO PEDREIRA/FORNECEDOR, SEM FRETE","M3","0,5790000","55,38",32.065019999999997]
[null,null,null,"SERVENTE COM ENCARGOS COMPLEMENTARES","H",0.9,"15,85",14.265000000000001]
[null,null,null,"OPERADOR DE BETONEIRA ESTACIONÁRIA/MISTURADOR COM ENCARGOS COMPLEMENTARES","H",0.98299999999999998,"28,44",27.956520000000001]
[null,null,null,"BETONEIRA CAPACIDADE NOMINAL DE 400 L, CAPACIDADE DE MISTURA 280 L, MOTOR ELÉTRICO TRIFÁSICO POTÊNCIA DE 2 CV, SEM CARREGADOR - CHP DIURNO. AF_10/2014","CHP",0.5,"1,11",0.55500000000000005]
[null,null,null,"BETONEIRA CAPACIDADE NOMINAL DE 400 L, CAPACIDADE DE MISTURA 280 L, MOTOR ELÉTRICO TRIFÁSICO POTÊNCIA DE 2 CV, SEM CARREGADOR - CHI DIURNO. AF_10/2014","CHI",0.3,"0,27",8.1000000000000003E-2]
[null,null,null,"TOTAL GERAL S/ BDI",null,null,null,{"$f":"SUM(H2152:H2158)","v":204.67}]
["7.5.1","SINAPI","74142/4","CERCA COM MOUROES DE CONCRETO, SECAO \"T\" PONTA INCLINADA, 10X10CM, ESPACAMENTO DE 3M, CRAVADOS 0,5M, COM 11 FIOS DE ARAME FARPADO Nº 16","M",1500]
[null,null,null,"ARAME FARPADO GALVANIZADO, 16 BWG (1,65 MM), CLASSE 250","M","12,1000000","0,76",{"$f":"G2161*F2161","v":9.1959999999999997}]
[null,null,null,"ARAME GALVANIZADO 18 BWG, 1,24MM (0,009 KG/M)","KG","0,1100000","14,54",1.5993999999999999]
[null,null,null,"ESCORA PRE-MOLDADA EM CONCRETO, *10 X 10* CM, H = 2,30M","UN","0,0800000","33,05",2.6440000000000001]
[null,null,null,"MOURAO CONCRETO CURVO, SECAO \"T\", H = 2,80 M + CURVA COM 0,45 M, COM FUROS PARA FIOS","UN","0,4000000","41,70",16.68]
[null,null,null,"PEDREIRO COM ENCARGOS COMPLEMENTARES","H",0.13450000000000001,"19,57",2.6321650000000001]
[null,null,null,"SERVENTE COM ENCARGOS COMPLEMENTARES","H",0.15,"15,85",2.3774999999999999]
[null,null,null,"CONCRETO MAGRO PARA LASTRO, TRAÇO 1:4,5:4,5 (CIMENTO/ AREIA MÉDIA/ BRITA 1)  - PREPARO MECÂNICO COM BETONEIRA 400 L. AF_07/2016","M3","0,0288000","254,54",7.3307520000000004]
[null,null,null,"TOTAL GERAL S/ BDI",null,null,null,{"$f":"SUM(H2161:H2167)","v":42.46}]
["7.5.2","SEINFRA","C2904","PORTÃO DE TUBO DE AÇO GALVANIZADO DE 2\" (4X2)m, INCL.. PILARES DE SUSTENTAÇÃO","UN",2]
[null,null,null,"PORTÃO DE TUBO DE AÇO GALVANIZADO DE 2\" (4X2)m, INCL.. PILARES DE SUSTENTAÇÃO","UN",1,1951.34,{"$f":"G2170*F2170","v":1951.34}]
[null,null,null,"TOTAL GERAL S/ BDI",null,null,null,{"$f":"SUM(H2170)","v":1951.34}]
["7.5.3","SINAPI",68054,"PORTAO DE FERRO EM CHAPA GALVANIZADA PLANA 14 GSG","M²",58.54]
[null,null,null,"ACO CA-25, 10,0 MM, VERGALHAO","KG","5,1000000","4,15",{"$f":"G2173*F2173","v":21.164999999999999}]
[null,null,null,"AREIA MEDIA - POSTO JAZIDA/FORNECEDOR (RETIRADO NA JAZIDA, SEM TRANSPORTE)","M3","0,0250000","55,00",1.375]
[null,null,null,"CAL HIDRATADA CH-I PARA ARGAMASSAS","KG",0.3,"0,80",0.24]
[null,null,null,"CIMENTO PORTLAND COMPOSTO CP II-32","KG","4,6000000","0,43",1.978]
[null,null,null,"CANTONEIRA ACO ABAS IGUAIS (QUALQUER BITOLA), ESPESSURA ENTRE 1/8\" E 1/4\"","KG","8,2600000","4,42",36.5092]
[null,null,null,"CHAPA DE ACO GALVANIZADA BITOLA GSG 14, E = 1,95 MM (15,60 KG/M2)","KG",15.28,"7,70",117.65600000000001]
[null,null,null,"PEDREIRO COM ENCARGOS COMPLEMENTARES","H",0.25073000000000001,"19,57",4.9067860999999997]
[null,null,null,"SERVENTE COM ENCARGOS COMPLEMENTARES","H",0.2,"15,85",3.17]
[null,null,null,"TOTAL GERAL S/ BDI",null,null,null,{"$f":"SUM(H2173:H2180)","v":187}]
["7.5.4","SINAPI",98510,"PLANTIO DE ÁRVORE ORNAMENTAL COM ALTURA DE MUDA MENOR OU IGUAL A 2,00 M. AF_05/2018, PARA PEDESTRE","UN",375]
[null,null,null,"MUDA DE ARVORE ORNAMENTAL, OITI/AROEIRA SALSA/ANGICO/IPE/JACARANDA OU EQUIVALENTE  DA REGIAO, H= *1* M","UN","1,0000000",32,{"$f":"G2183*F2183","v":32}]
[null,null,null,"SERVENTE COM ENCARGOS COMPLEMENTARES","H",0.7,"15,85",{"$f":"G2184*F2184","v":11.095000000000001}]
[null,null,null,"JARDINEIRO COM ENCARGOS COMPLEMENTARES","H",0.16500000000000001,"18,89",{"$f":"G2185*F2185","v":3.1168499999999999}]
[null,null,null,"TOTAL GERAL S/ BDI",null,null,null,{"$f":"SUM(H2183:H2185)","v":46.21}]
["7.6.1","IDEAL SAN","COTAÇÃO","DIGESTOR E FILTRO ANAERÓBIOS EM FIBRA DE VIDRO, DE FORMA CILÍNDRICA CONSTITUÍDO POR CILÍNDRO INTERNO (DIGESTOR) E ANEL EXTERNO(FILTRO) COM 5,20M DE ALTURA E DIÂMETRO TOTAL DE 7,00M, SENDO 5,00M O DIÂMETRO DO DIGESTOR E  1,00M A LARGURA DA FAIXA QUE CONSTITUÍ O FILTRO, TOTALIZANDO UMA ÁREA EM CHAPAS DE FIBRA DE VIDRO DE 390,00M². FORNECIMENTO, TRANSPORTE, MONTAGEM NO LOCAL E TESTE (MOTAGEM E INTERLIGAÇÃO DE TODAS AS UNIDADES, INCLUINDO COLOCAÇÃO DO MEIO SUPORTE NOS FILTROS)","UN ",11]
[null,null,null,"DIGESTOR E FILTRO ANAERÓBIOS EM FIBRA DE VIDRO, DE FORMA CILÍNDRICA CONSTITUÍDO POR CILÍNDRO INTERNO (DIGESTOR) E ANEL EXTERNO(FILTRO) COM 5,20M DE ALTURA E DIÂMETRO TOTAL DE 7,00M, SENDO 5,00M O DIÂMETRO DO DIGESTOR E  1,00M A LARGURA DA FAIXA QUE CONSTITUÍ O FILTRO, TOTALIZANDO UMA ÁREA EM CHAPAS DE FIBRA DE VIDRO DE 390,00M². FORNECIMENTO, TRANSPORTE, MONTAGEM NO LOCAL E TESTE (MOTAGEM E INTERLIGAÇÃO DE TODAS AS UNIDADES, INCLUINDO COLOCAÇÃO DO MEIO SUPORTE NOS FILTROS)","UN ",1,430055.23,{"$f":"G2188*F2188","v":430055.23}]
[null,null,null,"TOTAL GERAL S/ BDI",null,null,null,{"$f":"SUM(H2188)","v":430055.23}]
["7.6.2","IDEAL SAN","COTAÇÃO","CONJUNTO DE PRÉ-TRATAMENTO, CONSTITUÍDO POR UM MEDIDOR DE VAZÃO TIPO CALHA PARSHALL W=3\" FABRICADA EM PRFV COM ESCALA METRICA PARA MEDIÇÃO DA VAZÃO NA ESTRUTURA DA UNIDADE; STOP-LOG E ANTEPAROS PARA MANOBRAS DOS CANAIS DE SEDIMENTAÇÃO DE AREIA.","UN ",3]
[null,null,null,"CONJUNTO DE PRÉ-TRATAMENTO, CONSTITUÍDO POR UM MEDIDOR DE VAZÃO TIPO CALHA PARSHALL W=3\" FABRICADA EM PRFV COM ESCALA METRICA PARA MEDIÇÃO DA VAZÃO NA ESTRUTURA DA UNIDADE; STOP-LOG E ANTEPAROS PARA MANOBRAS DOS CANAIS DE SEDIMENTAÇÃO DE AREIA.","UN ",1,6352.13,{"$f":"G2191*F2191","v":6352.13}]
[null,null,null,"TOTAL GERAL S/ BDI",null,null,null,{"$f":"SUM(H2191)","v":6352.13}]
["7.6.3","IDEAL SAN","COTAÇÃO","CAIXA SEPARADORA DE AREIA COM COMPARTIMENTO DE SEDIMENTAÇÃO E DE DISTRIBUIÇÃO, MODELO BIODIG CAD.FT 800, FABRICADA EM PRFV - EXCLUSIVAMENTE PELA FIBRA TÉCNICA, INCLUINDO PONTO DE DESCARTE DO MATERIAL SEDIMENTADO COM REGISTRO TIPO GAVETA COM VOLANTE FORNECIMENTO, TRANSPORTE, MONTAGEM NO LOCAL E TESTE.","UN ",3]
[null,null,null,"CAIXA SEPARADORA DE AREIA COM COMPARTIMENTO DE SEDIMENTAÇÃO E DE DISTRIBUIÇÃO, MODELO BIODIG CAD.FT 800, FABRICADA EM PRFV - EXCLUSIVAMENTE PELA FIBRA TÉCNICA, INCLUINDO PONTO DE DESCARTE DO MATERIAL SEDIMENTADO COM REGISTRO TIPO GAVETA COM VOLANTE FORNECIMENTO, TRANSPORTE, MONTAGEM NO LOCAL E TESTE.","UN ",1,8683.92,{"$f":"G2194*F2194","v":8683.92}]
[null,null,null,"TOTAL GERAL S/ BDI",null,null,null,{"$f":"SUM(H2194)","v":8683.92}]
["7.6.4","IDEAL SAN","COTAÇÃO","BARRILETE DE INTERLIGAÇÃO DOS REATORES HÍBRIDOS E TUBULAÇÕES DE LANÇAMENTO NOS LEITOS DE SECAGEM E LAGOA DE MATURAÇÃO, CONSTITUÍDOS POR TUBOS E CONEXÕES EM RPVC, FLANGES E VÁLVULAS.","UN ",2]
[null,null,null,"BARRILETE DE INTERLIGAÇÃO DOS REATORES HÍBRIDOS E TUBULAÇÕES DE LANÇAMENTO NOS LEITOS DE SECAGEM E LAGOA DE MATURAÇÃO, CONSTITUÍDOS POR TUBOS E CONEXÕES EM RPVC, FLANGES E VÁLVULAS.","UN ",1,114820.77,{"$f":"G2197*F2197","v":114820.77}]
[null,null,null,"TOTAL GERAL S/ BDI",null,null,null,{"$f":"SUM(H2197)","v":114820.77}]
["7.6.5","SINAPI",38052,"TUBO DRENO, CORRUGADO, ESPIRALADO, FLEXIVEL, PERFURADO, EM POLIETILENO DE ALTA DENSIDADE (PEAD), DN 100 MM, (4\") PARA DRENAGEM - EM ROLO (NORMA DNIT 093/2006 - E.M)                                                                                                                                                                                                                                                                                                                                      ","M     ",1]
[null,null,null,"TUBO DRENO, CORRUGADO, ESPIRALADO, FLEXIVEL, PERFURADO, EM POLIETILENO DE ALTA DENSIDADE (PEAD), DN 100 MM, (4\") PARA DRENAGEM - EM ROLO (NORMA DNIT 093/2006 - E.M)                                                                                                                                                                                                                                                                                                                                      ","M     ",1,4.58,{"$f":"G2200*F2200","v":4.58}]
[null,null,null,"TOTAL GERAL S/ BDI",null,null,null,{"$f":"SUM(H2200)","v":4.58}]
["7.6.6","SEINFRA","I3180","TUBO PVC CORRUGADO E PERFURADO DN 100","M",31.5]
[null,null,null,"TUBO PVC CORRUGADO E PERFURADO DN 100","M",1,25.51,{"$f":"G2203*F2203","v":25.51}]
[null,null,null,"TOTAL GERAL S/ BDI",null,null,null,{"$f":"SUM(H2203)","v":25.51}]
["7.6.7","SINAPI",7258,"TIJOLO CERAMICO MACICO *5 X 10 X 20* CM                                                                                                                                                                                                                                                                                                                                                                                                                                                                   ","UN    ",31.5]
[null,null,null,"TIJOLO CERAMICO MACICO *5 X 10 X 20* CM                                                                                                                                                                                                                                                                                                                                                                                                                                                                   ","UN    ",1,0.23,{"$f":"G2206*F2206","v":0.23}]
[null,null,null,"TOTAL GERAL S/ BDI",null,null,null,{"$f":"SUM(H2206)","v":0.23}]
["8.1.1","SINAPI","73859/2","CAPINA E LIMPEZA MANUAL DE TERRENO","M²",3750]
[null,null,null,"SERVENTE COM ENCARGOS COMPLEMENTARES","H",6.4000000000000001E-2,"15,85",{"$f":"G2209*F2209","v":1.0144}]
[null,null,null,"TOTAL GERAL S/ BDI",null,null,null,{"$f":"SUM(H2209)","v":1.01}]
["8.1.2","SINAPI",73672,"DESMATAMENTO E LIMPEZA MECANIZADA DE TERRENO COM ARVORES ATE Ø 15CM, UTILIZANDO TRATOR DE ESTEIRAS","M²",33000]
[null,null,null,"TRATOR DE ESTEIRAS, POTÊNCIA 150 HP, PESO OPERACIONAL 16,7 T, COM RODA MOTRIZ ELEVADA E LÂMINA 3,18 M3 - CHP DIURNO. AF_06/2014","CHP",1.5E-3,"172,12",{"$f":"G2212*F2212","v":0.25818000000000002}]
[null,null,null,"SERVENTE COM ENCARGOS COMPLEMENTARES","H","0,0017000","15,85",{"$f":"G2213*F2213","v":2.6945E-2}]
[null,null,null,"TOTAL GERAL S/ BDI",null,null,null,{"$f":"SUM(H2212:H2213)","v":0.28999999999999998}]
["8.1.3","SINAPI",72898,"CARGA E DESCARGA MECANIZADAS DE ENTULHO EM CAMINHAO BASCULANTE 6 M³","M³",5862.75]
[null,null,null,"CAMINHÃO BASCULANTE 6 M3, PESO BRUTO TOTAL 16.000 KG, CARGA ÚTIL MÁXIMA 13.071 KG, DISTÂNCIA ENTRE EIXOS 4,80 M, POTÊNCIA 230 CV INCLUSIVE CAÇAMBA METÁLICA - CHP DIURNO. AF_06/2014","CHP",6.0000000000000001E-3,"170,06",{"$f":"G2216*F2216","v":1.0203599999999999}]
[null,null,null,"PÁ CARREGADEIRA SOBRE RODAS, POTÊNCIA LÍQUIDA 128 HP, CAPACIDADE DA CAÇAMBA 1,7 A 2,8 M3, PESO OPERACIONAL 11632 KG - CHP DIURNO. AF_06/2014","CHP",1.44E-2,"142,84",2.0568960000000001]
[null,null,null,"SERVENTE COM ENCARGOS COMPLEMENTARES","H",1.0999999999999999E-2,"15,85",0.17435]
[null,null,null,"TOTAL GERAL S/ BDI",null,null,null,{"$f":"SUM(H2216:H2218)","v":3.25}]
["8.1.4","SINAPI",97912,"TRANSPORTE COM CAMINHÃO BASCULANTE DE 6 M3, EM VIA URBANA EM LEITO NATURAL (UNIDADE: M3XKM). AF_01/2018","M³XKM",7400.76]
[null,null,null,"CAMINHÃO BASCULANTE 6 M3 TOCO, PESO BRUTO TOTAL 16.000 KG, CARGA ÚTIL MÁXIMA 11.130 KG, DISTÂNCIA ENTRE EIXOS 5,36 M, POTÊNCIA 185 CV, INCLUSIVE CAÇAMBA METÁLICA - CHP DIURNO. AF_06/2014","CHP",1.225E-2,"147,90",{"$f":"G2221*F2221","v":1.8117749999999999}]
[null,null,null,"CAMINHÃO BASCULANTE 6 M3 TOCO, PESO BRUTO TOTAL 16.000 KG, CARGA ÚTIL MÁXIMA 11.130 KG, DISTÂNCIA ENTRE EIXOS 5,36 M, POTÊNCIA 185 CV, INCLUSIVE CAÇAMBA METÁLICA - CHI DIURNO. AF_06/2014","CHI",5.9999999999999995E-4,"44,04",2.6424E-2]
[null,null,null,"TOTAL GERAL S/ BDI",null,null,null,{"$f":"SUM(H2221:H2222)","v":1.84}]
["8.1.5","SINAPI",83344,"ESPALHAMENTO DE MATERIAL EM BOTA FORA, COM UTILIZACAO DE TRATOR DE ESTEIRAS DE 165 HP","M³",7400.76]
[null,null,null,"TRATOR DE ESTEIRAS, POTÊNCIA 170 HP, PESO OPERACIONAL 19 T, CAÇAMBA 5,2 M3 - CHP DIURNO. AF_06/2014","CHP",2.5999999999999999E-3,"180,99",{"$f":"G2225*F2225","v":0.47057399999999999}]
[null,null,null,"SERVENTE COM ENCARGOS COMPLEMENTARES","H",1.7999999999999999E-2,"15,85",0.2853]
[null,null,null,"TOTAL GERAL S/ BDI",null,null,null,{"$f":"SUM(H2225:H2226)","v":0.76}]
["8.2.1","SINAPI",73665,"ESCADA TIPO MARINHEIRO EM ACO CA-50 9,52MM INCLUSO PINTURA COM FUNDO ANTICORROSIVO TIPO ZARCAO","M",55.26]
[null,null,null,"ACO CA-50, 10,0 MM, VERGALHAO","KG","2,8000000","4,54",{"$f":"G2229*F2229","v":12.712}]
[null,null,null,"FUNDO ANTICORROSIVO PARA METAIS FERROSOS (ZARCAO)","L","0,0250000","26,87",0.67174999999999996]
[null,null,null,"ARMADOR COM ENCARGOS COMPLEMENTARES","H","0,3500000","19,45",6.8075000000000001]
[null,null,null,"PEDREIRO COM ENCARGOS COMPLEMENTARES","H",0.5,"19,57",9.7850000000000001]
[null,null,null,"SERVENTE COM ENCARGOS COMPLEMENTARES","H",1.1160000000000001,"15,85",17.688600000000001]
[null,null,null,"ARGAMASSA TRAÇO 1:3 (CIMENTO E AREIA MÉDIA), PREPARO MANUAL. AF_08/2014","M3","0,0034500","387,49",1.3368405000000001]
[null,null,null,"TOTAL GERAL S/ BDI",null,null,null,{"$f":"SUM(H2229:H2234)","v":49}]
["8.2.2","SINAPI",96920,"ARGAMASSA TRAÇO 1:3 (CIMENTO E AREIA), PREPARO MECANICO , INCLUSO ADITIVO IMPERMEABILIZANTE","M³",42.15]
[null,null,null,"ADITIVO IMPERMEABILIZANTE DE PEGA NORMAL PARA ARGAMASSAS E CONCRETOS SEM ARMACAO","L",2.9510000000000001,"5,98",{"$f":"G2237*F2237","v":17.646979999999999}]
[null,null,null,"ARGAMASSA TRAÇO 1:3 (CIMENTO E AREIA MÉDIA), PREPARO MECÂNICO COM BETONEIRA 400 L. AF_08/2014","M3",1,"351,64",351.64]
[null,null,null,"TOTAL GERAL S/ BDI",null,null,null,{"$f":"SUM(H2237:H2238)","v":369.29}]
["8.2.3","ORSE",2341,"IMPERMEABILIZAÇAO FLEXÍVEL, BASE ACRÍLICA, TIPO IGOLFLEX BRANCO SIKA OU SIMIL AR, P/LAJES, CALHAS, VARANDAS, TERRAÇOS E COBERTURAS DE RESERVATORIOS","M²",2278.37]
[null,null,"01111/ORSE","Igolflex branco","l",1.5389999999999999,10.69,{"$f":"G2241*F2241","v":16.451910000000002}]
[null,null,"06111/SINAPI","Servente de obras","h",0.4,"19,57",7.8280000000000003]
[null,null,"12873/SINAPI","Impermeabilizador","h",0.8,"15,85",12.68]
[null,null,null,"TOTAL GERAL S/ BDI",null,null,null,{"$f":"SUM(H2241:H2243)","v":36.96}]
["8.3.1","ORSE",3345,"CONCRETO SIMPLES USINADO FCK=40MPA, BOMBEADO, LANÇADO E ADENSADO EM SUPERESTRUTURA","M³",521.79999999999995]
[null,null,"25950/SINAPI","Servico de bombeamento de concreto com consumo minimo de 40m3","m3",1,25,{"$f":"G2246*F2246","v":25}]
[null,null,"34496/SINAPI","Concreto usinado bombeavel, classe de resistencia c40, com brita 0 e 1, slump = 100 +/- 20 mm, exclui servico de bombeamento (nbr 8953)","m3",1,213.97,213.97]
[null,null,"11477/ORSE","Lançamento de concreto usinado, bombeado, para infraestrutura, incluindo colocação, adensamento e acabamento","m3",1,15,15]
[null,null,"04750/SINAPI","Pedreiro","h",0.05,"19,57",0.97850000000000004]
[null,null,"06111/SINAPI","Servente de obras","h",0.02,"15,85",0.317]
[null,null,null,"TOTAL GERAL S/ BDI",null,null,null,{"$f":"SUM(H2246:H2250)","v":255.27}]
["8.3.2","ORSE",3366,"FORMA PLANA PARA ESTRUTURAS, EM COMPENSADO PLASTIFICADO DE 12MM, 07 USOS, INC LUSIVE ESCORAMENTO - REVISADA 07.2015","M²",2404.21]
[null,null,"01569/ORSE","Madeira mista serrada (barrote) 6 x 6cm - 0,0036 m3/m (angelim, louro)","m",0.6,5.87,{"$f":"G2253*F2253","v":3.5219999999999998}]
[null,null,"00333/SINAPI","Arame galvanizado 14 bwg, d = 2,11 mm (0,026 kg/m)","kg",0.15,12.5,1.875]
[null,null,"01213/SINAPI","Carpinteiro de formas","h",0.7,19.45,13.615]
[null,null,"06111/SINAPI","Servente de obras","h",8.1900000000000001E-2,15.85,{"$f":"G2256*F2256","v":1.2981149999999999}]
[null,null,"01347/SINAPI","Chapa de madeira compensada plastificada para forma de concreto, de 2,20 x 1,10 m, e = 12 mm","m2",0.15,32.1,{"$f":"G2257*F2257","v":4.8150000000000004}]
[null,null,"02692/SINAPI","Desmoldante protetor para formas de madeira, de base oleosaemulsionada em agua","l",0.02,6.14,0.12280000000000001]
[null,null,"04509/SINAPI","Tabua de madeira nao aparelhada *2,5 x 10 cm (1 x 4 \") pinus, mista ou equivalente da regiao","m",0.77800000000000002,3.42,2.6607599999999998]
[null,null,"05068/SINAPI","Prego de aco polido com cabeca 17 x 21 (2 x 11)","kg",2.5000000000000001E-2,9.86,0.2465]
[null,null,"05069/SINAPI","Prego de aco polido com cabeca 17 x 27 (2 1/2 x 11)","kg",0.1,10.050000000000001,1.0049999999999999]
[null,null,"06193/SINAPI","Tabua de madeira nao aparelhada *2,5 x 20* cm, cedrinho ou equivalente da regiao","m",8.6999999999999994E-2,5.75,0.50024999999999997]
[null,null,"02378/ORSE","Vale transporte","un",0.20730000000000001,3.5,0.72555000000000003]
[null,null,null,"TOTAL GERAL S/ BDI",null,null,null,{"$f":"SUM(H2253:H2263)","v":30.39}]
["8.3.3","SINAPI",92791,"CORTE E DOBRA DE AÇO CA-60, DIÂMETRO DE 5,0 MM, UTILIZADO EM ESTRUTURAS DIVERSAS, EXCETO LAJES. AF_12/2015","KG",19620.5]
[null,null,null,"ACO CA-60, 5,0 MM, VERGALHAO","KG",1.05,4.5,{"$f":"G2266*F2266","v":4.7249999999999996}]
[null,null,null,"AJUDANTE DE ARMADOR COM ENCARGOS COMPLEMENTARES","H",5.0000000000000001E-3,"14,94",7.4700000000000003E-2]
[null,null,null,"ARMADOR COM ENCARGOS COMPLEMENTARES","H",0.02,"19,45",0.38900000000000001]
[null,null,null,"TOTAL GERAL S/ BDI",null,null,null,{"$f":"SUM(H2266:H2268)","v":5.19}]
["8.3.4","SINAPI",92794,"CORTE E DOBRA DE AÇO CA-50, DIÂMETRO DE 10,0 MM, UTILIZADO EM ESTRUTURAS DIVERSAS, EXCETO LAJES. AF_12/2015","KG",10728.2]
[null,null,null,"ACO CA-50, 10,0 MM, VERGALHAO","KG",1.05,3.95,{"$f":"G2271*F2271","v":4.1475}]
[null,null,null,"AJUDANTE DE ARMADOR COM ENCARGOS COMPLEMENTARES","H",1E-4,"14,94",1.4940000000000001E-3]
[null,null,null,"ARMADOR COM ENCARGOS COMPLEMENTARES","H",5.0000000000000001E-3,"19,45",9.7250000000000003E-2]
[null,null,null,"TOTAL GERAL S/ BDI",null,null,null,{"$f":"SUM(H2271:H2273)","v":4.25}]
["8.3.5","SEINFRA","C0823","COMPORTA EM FIBRA, CALHA EM ALUMÍNIO","M²",4.09]
[null,null,null,"TOTAL GERAL S/ BDI",null,null,null,332.27]
["8.3.6","CODEVASF","COMPOSIÇÃO","CAMADA DRENANTE DE BRITA Nº 2 PARA LEITO DE SECAGEM","M³",63.72]
[null,null,null,"PEDRA BRITADA N. 2 (19 A 38 MM) POSTO PEDREIRA/FORNECEDOR, SEM FRETE                                                                                                                                                                                                                                                                                                                                                                                                                                      ","M³    ",1.05,48.76,{"$f":"G2278*F2278","v":51.198}]
[null,null,null,"SERVENTE DE OBRAS                                                                                                                                                                                                                                                                                                                                                                                                                                                                                         ","H     ",1E-3,15.85,1.585E-2]
[{"$nulls":6},"SUB-TOTAL",{"$f":"SUM(H2278:H2279)","v":51.21}]
["8.3.7","CODEVASF","COMPOSIÇÃO","CAMADA DRENANTE DE AREIA GROSSA PARA LEITO DE SECAGEM","M³",63.72]
[null,null,null,"AREIA GROSSA - POSTO JAZIDA/FORNECEDOR (RETIRADO NA JAZIDA, SEM TRANSPORTE)                                                                                                                                                                                                                                                                                                                                                                                                                               ","M³    ",1.05,56.87,{"$f":"G2282*F2282","v":59.713500000000003}]
[null,null,null,"SERVENTE DE OBRAS                                                                                                                                                                                                                                                                                                                                                                                                                                                                                         ","H     ",1E-4,15.85,1.585E-3]
[null,null,null,"TOTAL GERAL S/ BDI",null,null,null,{"$f":"SUM(H2282:H2283)","v":59.72}]
["8.4.1","SINAPI","74142/4","CERCA COM MOUROES DE CONCRETO, SECAO \"T\" PONTA INCLINADA, 10X10CM, ESPACAMENTO DE 3M, CRAVADOS 0,5M, COM 11 FIOS DE ARAME FARPADO Nº 16","M",1500]
[null,null,null,"ARAME FARPADO GALVANIZADO, 16 BWG (1,65 MM), CLASSE 250","M","12,1000000","0,76",{"$f":"G2286*F2286","v":9.1959999999999997}]
[null,null,null,"ARAME GALVANIZADO 18 BWG, 1,24MM (0,009 KG/M)","KG","0,1100000","14,54",1.5993999999999999]
[null,null,null,"ESCORA PRE-MOLDADA EM CONCRETO, *10 X 10* CM, H = 2,30M","UN","0,0800000","33,05",2.6440000000000001]
[null,null,null,"MOURAO CONCRETO CURVO, SECAO \"T\", H = 2,80 M + CURVA COM 0,45 M, COM FUROS PARA FIOS","UN","0,4000000","41,70",16.68]
[null,null,null,"PEDREIRO COM ENCARGOS COMPLEMENTARES","H",0.13450000000000001,"19,57",2.6321650000000001]
[null,null,null,"SERVENTE COM ENCARGOS COMPLEMENTARES","H",0.15,"15,85",2.3774999999999999]
[null,null,null,"CONCRETO MAGRO PARA LASTRO, TRAÇO 1:4,5:4,5 (CIMENTO/ AREIA MÉDIA/ BRITA 1)  - PREPARO MECÂNICO COM BETONEIRA 400 L. AF_07/2016","M3","0,0288000","254,54",7.3307520000000004]
[null,null,null,"TOTAL GERAL S/ BDI",null,null,null,{"$f":"SUM(H2286:H2292)","v":42.46}]
["8.4.2","SEINFRA","C2904","CERCA COM MOUROES DE CONCRETO, SECAO \"T\" PONTA INCLINADA, 10X10CM, ESPACAMENTO DE 3M, CRAVADOS 0,5M, COM 11 FIOS DE ARAME FARPADO Nº 16","M",1500]
[null,null,null,"CERCA COM MOUROES DE CONCRETO, SECAO \"T\" PONTA INCLINADA, 10X10CM, ESPACAMENTO DE 3M, CRAVADOS 0,5M, COM 11 FIOS DE ARAME FARPADO Nº 16",null,null,null,1951.34]
[null,null,null,"TOTAL GERAL S/ BDI",null,null,null,{"$f":"SUM(H2295:H2295)","v":1951.34}]
["8.4.3","SEINFRA",68054,"PORTÃO DE TUBO DE AÇO GALVANIZADO DE 2\" (4X2)m, INCL.. PILARES DE SUSTENTAÇÃO","UN",2]
[null,null,null,"ACO CA-25, 10,0 MM, VERGALHAO","KG","5,1000000","4,15",{"$f":"G2298*F2298","v":21.164999999999999}]
[null,null,null,"AREIA MEDIA - POSTO JAZIDA/FORNECEDOR (RETIRADO NA JAZIDA, SEM TRANSPORTE)","M3","0,0250000","55,00",1.375]
[null,null,null,"CAL HIDRATADA CH-I PARA ARGAMASSAS","KG",0.3,"0,80",0.24]
[null,null,null,"CIMENTO PORTLAND COMPOSTO CP II-32","KG","4,6000000","0,43",1.978]
[null,null,null,"CANTONEIRA ACO ABAS IGUAIS (QUALQUER BITOLA), ESPESSURA ENTRE 1/8\" E 1/4\"","KG","8,2600000","4,42",36.5092]
[null,null,null,"CHAPA DE ACO GALVANIZADA BITOLA GSG 14, E = 1,95 MM (15,60 KG/M2)","KG",15.28,"7,70",117.65600000000001]
[null,null,null,"PEDREIRO COM ENCARGOS COMPLEMENTARES","H",0.25073000000000001,"19,57",4.9067860999999997]
[null,null,null,"SERVENTE COM ENCARGOS COMPLEMENTARES","H",0.2,"15,85",3.17]
[null,null,null,"TOTAL GERAL S/ BDI",null,null,null,{"$f":"SUM(H2298:H2305)","v":187}]
["8.4.4","SINAPI",98510,"PLANTIO DE ÁRVORE ORNAMENTAL COM ALTURA DE MUDA MENOR OU IGUAL A 2,00 M. AF_05/2018","UN",2]
[null,null,null,"ACO CA-25, 10,0 MM, VERGALHAO","KG","5,1000000","4,15",{"$f":"G2308*F2308","v":21.164999999999999}]
[null,null,null,"AREIA MEDIA - POSTO JAZIDA/FORNECEDOR (RETIRADO NA JAZIDA, SEM TRANSPORTE)","M3","0,0250000","55,00",1.375]
[null,null,null,"CAL HIDRATADA CH-I PARA ARGAMASSAS","KG",0.3,"0,80",0.24]
[null,null,null,"CIMENTO PORTLAND COMPOSTO CP II-32","KG","4,6000000","0,43",1.978]
[null,null,null,"CANTONEIRA ACO ABAS IGUAIS (QUALQUER BITOLA), ESPESSURA ENTRE 1/8\" E 1/4\"","KG","8,2600000","4,42",36.5092]
[null,null,null,"CHAPA DE ACO GALVANIZADA BITOLA GSG 14, E = 1,95 MM (15,60 KG/M2)","KG",15.28,"7,70",117.65600000000001]
[null,null,null,"PEDREIRO COM ENCARGOS COMPLEMENTARES","H",0.25073000000000001,"19,57",4.9067860999999997]
[null,null,null,"SERVENTE COM ENCARGOS COMPLEMENTARES","H",0.2,"15,85",3.17]
[null,null,null,"TOTAL GERAL S/ BDI",null,null,null,{"$f":"SUM(H2308:H2315)","v":187}]
["8.5.1","IDEAL SAN","COTAÇÃO","DIGESTOR E FILTRO ANAERÓBIOS EM FIBRA DE VIDRO, DE FORMA CILÍNDRICA CONSTITUÍDO POR CILÍNDRO INTERNO (DIGESTOR) E ANEL EXTERNO(FILTRO) COM 5,20M DE ALTURA E DIÂMETRO TOTAL DE 7,00M, SENDO 5,00M O DIÂMETRO DO DIGESTOR E  1,00M A LARGURA DA FAIXA QUE CONSTITUÍ O FILTRO, TOTALIZANDO UMA ÁREA EM CHAPAS DE FIBRA DE VIDRO DE 390,00M². FORNECIMENTO, TRANSPORTE, MONTAGEM NO LOCAL E TESTE (MOTAGEM E INTERLIGAÇÃO DE TODAS AS UNIDADES, INCLUINDO COLOCAÇÃO DO MEIO SUPORTE NOS FILTROS)","UN ",11]
[null,null,null,"TOTAL GERAL S/ BDI",null,null,null,430055.23]
["8.5.2","IDEAL SAN","COTAÇÃO","CONJUNTO DE PRÉ-TRATAMENTO, CONSTITUÍDO POR UM MEDIDOR DE VAZÃO TIPO CALHA PARSHALL W=3\" FABRICADA EM PRFV COM ESCALA METRICA PARA MEDIÇÃO DA VAZÃO NA ESTRUTURA DA UNIDADE; STOP-LOG E ANTEPAROS PARA MANOBRAS DOS CANAIS DE SEDIMENTAÇÃO DE AREIA.","UN ",3]
[null,null,null,"TOTAL GERAL S/ BDI",null,null,null,6352.13]
["8.5.3","IDEAL SAN","COTAÇÃO","CAIXA SEPARADORA DE AREIA COM COMPARTIMENTO DE SEDIMENTAÇÃO E DE DISTRIBUIÇÃO, MODELO BIODIG CAD.FT 800, FABRICADA EM PRFV - EXCLUSIVAMENTE PELA FIBRA TÉCNICA, INCLUINDO PONTO DE DESCARTE DO MATERIAL SEDIMENTADO COM REGISTRO TIPO GAVETA COM VOLANTE FORNECIMENTO, TRANSPORTE, MONTAGEM NO LOCAL E TESTE.","UN ",3]
[null,null,null,"TOTAL GERAL S/ BDI",null,null,null,8683.92]
["8.5.4","IDEAL SAN","COTAÇÃO","BARRILETE DE INTERLIGAÇÃO DOS REATORES HÍBRIDOS E TUBULAÇÕES DE LANÇAMENTO NOS LEITOS DE SECAGEM E LAGOA DE MATURAÇÃO, CONSTITUÍDOS POR TUBOS E CONEXÕES EM RPVC, FLANGES E VÁLVULAS.","UN ",2]
[null,null,null,"TOTAL GERAL S/ BDI",null,null,null,153094.35]
["8.5.5","SINAPI",38052,"TUBO DRENO, CORRUGADO, ESPIRALADO, FLEXIVEL, PERFURADO, EM POLIETILENO DE ALTA DENSIDADE (PEAD), DN 100 MM, (4\") PARA DRENAGEM - EM ROLO (NORMA DNIT 093/2006 - E.M)                                                                                                                                                                                                                                                                                                                                      ","M     ",1]
[null,null,null,"TOTAL GERAL S/ BDI",null,null,null,4.58]
["8.5.6","SEINFRA","I3180","TUBO PVC CORRUGADO E PERFURADO DN 100","M",31.5]
[null,null,null,"TOTAL GERAL S/ BDI",null,null,null,25.51]
["8.5.7","SINAPI",7258,"TIJOLO CERAMICO MACICO *5 X 10 X 20* CM                                                                                                                                                                                                                                                                                                                                                                                                                                                                   ","UN    ",31.5]
[null,null,null,"TOTAL GERAL S/ BDI",null,null,null,0.23]
["9.1.1","CODEVASF","ELE01","FORNECIMENTO DOS MATERIAIS PARA O SISTEMA ELÉTRICO DE UMA EEE","UN",2]
[null,null,null,"TOTAL GERAL S/ BDI",null,null,null,53554.11]
["9.1.2","CODEVASF","ELE02","SERVIÇO PARA INSTALAÇÃO DOS MATERIAIS ELÉTRICOS DE UMA EEE","UN ",2]
[null,null,null,"TOTAL GERAL S/ BDI",null,null,null,2818.8]
["9.1.3","ORSE",11137,"ENTRADA DE ENERGIA ELÉTRICA TRIFÁSICA DEMANDA ENTRE 19 E 26,6 KW","UN",3]
[null,null,"11655/ORSE","ENTRADA DE ENERGIA ELÉTRICA TRIFÁSICA DEMANDA ENTRE 19 E 26,6 KW","un",1,1043.9000000000001,{"$f":"G2336*F2336","v":1043.9000000000001}]
[null,null,null,"TOTAL GERAL S/ BDI",null,null,null,{"$f":"SUM(H2336:H2336)","v":1043.9000000000001}]
["9.1.4","CODEVASF","ELE03","COMISSIONAMENTO E STARTUP PARA CADA EEE","UN ",2]
[null,null,null,"TOTAL GERAL S/ BDI",null,null,null,1028.3699999999999]
["9.2.1","CODEVASF","ELE04","FORNECIMENTO DOS MATERIAIS PARA O SISTEMA ELÉTRICO DA EEE-02","UN",1]
[null,null,null,"TOTAL GERAL S/ BDI",null,null,null,53554.11]
["9.2.2","CODEVASF","ELE05","SERVIÇO PARA INSTALAÇÃO DOS MATERIAIS ELÉTRICOS DA EEE-02","UN ",1]
[null,null,null,"TOTAL GERAL S/ BDI",null,null,null,2818.8]
["9.2.3","ORSE",11137,"ENTRADA DE ENERGIA ELÉTRICA TRIFÁSICA DEMANDA ENTRE 19 E 26,6 KW","UN ",1]
[null,null,null,"TOTAL GERAL S/ BDI",null,null,null,1043.9000000000001]
["9.2.4","CODEVASF","ELE06","COMISSIONAMENTO E STARTUP PARA EEE-02","UN ",1]
[null,null,null,"TOTAL GERAL S/ BDI",null,null,null,1028.3699999999999]
["9.3.1","ORSE",10605,"KIT SOLAR P/ ILUMINAÇÃO HT-012 US35.115.160-6 COM POSTE DE AÇO GALV.DE 6M, PA INEL SOLAR MONOCRISTALINO 135W/24V, 2 BATERIAS 80AH/12V SELADAS DE CHUMBO-ÁCI DO, LÂMPADA LED 40W/24V/3360LM, CONTROLE INTELIGENTE 10A/12V/24V","UN",14]
[null,null,null,"TOTAL GERAL S/ BDI",null,null,null,5209.67]
["9.3.2","CODEVASF","ELE07","SERVIÇO PARA INSTALAÇÃO DOS MATERIAIS ELÉTRICOS DA ETE SBPD E SBCE","UN ",1]
[null,null,null,"TOTAL GERAL S/ BDI",null,null,null,3072.08]
["9.4.1","CODEVASF","ELE08","KIT SOLAR P/ ILUMINAÇÃO HT-012 US35.115.160-6 COM POSTE DE AÇO GALV.DE 6M, PA INEL SOLAR MONOCRISTALINO 135W/24V, 2 BATERIAS 80AH/12V SELADAS DE CHUMBO-ÁCI DO, LÂMPADA LED 40W/24V/3360LM, CONTROLE INTELIGENTE 10A/12V/24V","UN ",1]
[null,null,null,"TOTAL GERAL S/ BDI",null,null,null,5209.67]
["9.4.2","CODEVASF","ELE08","SERVIÇO PARA INSTALAÇÃO DOS MATERIAIS ELÉTRICOS DA ETE SBFD","UN ",1]
[null,null,null,"TOTAL GERAL S/ BDI",null,null,null,2390.84]
["9.5.1","CODEVASF","ELE09","FORNECIMENTO DOS MATERIAIS PARA EXTENSÃO DE REDE BT PARA PARA A EEE-04","KM",0.3]
[null,null,null,"TOTAL GERAL S/ BDI",null,null,null,28866.34]
["9.5.2","CODEVASF","ELE10","SERVIÇO PARA PROJETO DA EXTENSÃO DE REDE BT PARA EEE-04","UN ",1]
[null,null,null,"TOTAL GERAL S/ BDI",null,null,null,942.69]
["9.5.3","ORSE","ELE11","SERVIÇO PARA EXECUÇÃO DA EXTENSÃO DE REDE BT PARA EEE-04","UN ",1]
[null,null,null,"TOTAL GERAL S/ BDI",null,null,null,2124.54]
["10.1.1","CODEVASF","COMPOSIÇÃO","ELABORAÇÃO DO PROJETO ESTRUTURAL","UN ",1]
[null,null,null,"ENGENHEIRO CIVIL DE OBRA JUNIOR                                                                                                                                                                                                                                                                                                                                                                                                                                                                           ","H     ",96.368399999999994,"80,33",{"$f":"G2363*F2363","v":7741.2735720000001}]
[null,null,null,"DESENHISTA PROJETISTA                                                                                                                                                                                                                                                                                                                                                                                                                                                                                     ","H     ",97,"20,63",2001.11]
[null,null,null,"TOTAL GERAL S/ BDI",null,null,null,{"$f":"SUM(H2363:H2364)","v":9742.3799999999992}]
["10.1.2","CODEVASF","COMPOSIÇÃO","ELABORAÇÃO DO PROJETO ELÉTRICO","UN ",1]
[null,null,null,"ENGENHEIRO ELETRICISTA                                                                                                                                                                                                                                                                                                                                                                                                                                                                                    ","H     ",96,"77,07",{"$f":"G2367*F2367","v":7398.72}]
[null,null,null,"DESENHISTA PROJETISTA                                                                                                                                                                                                                                                                                                                                                                                                                                                                                     ","H     ",96,"20,63",1980.48]
[null,null,null,"TOTAL GERAL S/ BDI",null,null,null,{"$f":"SUM(H2367:H2368)","v":9379.2000000000007}]
["10.1.3","CODEVASF","COMPOSIÇÃO","ELABORAÇÃO DO PROJETO HIDRÁULICO  E RELATÓRIOS","UN ",1]
[null,null,null,"ENGENHEIRO SANITARISTA                                                                                                                                                                                                                                                                                                                                                                                                                                                                                    ","H     ",96,"86,78",{"$f":"G2371*F2371","v":8330.8799999999992}]
[null,null,null,"DESENHISTA PROJETISTA                                                                                                                                                                                                                                                                                                                                                                                                                                                                                     ","H     ",98.540999999999997,"20,63",2032.90083]
[null,null,null,"TOTAL GERAL S/ BDI",null,null,null,{"$f":"SUM(H2371:H2372)","v":10363.780000000001}]
["10.1.4","CODEVASF","COMPOSIÇÃO","ELABORAÇÃO DE PLANILHAS ORÇAMENTÁRIAS","UN ",1]
[null,null,null,"ENGENHEIRO CIVIL DE OBRA JUNIOR                                                                                                                                                                                                                                                                                                                                                                                                                                                                           ","H     ",64.325400000000002,"80,33",{"$f":"G2375*F2375","v":5167.26}]
[null,null,null,"TOTAL GERAL S/ BDI",null,null,null,{"$f":"SUM(H2375)","v":5167.26}]
["10.2.1","CODEVASF","COMPOSIÇÃO","SONDAGEM A TRADO (4\")","M",195]
[null,null,null,"TOTAL GERAL S/ BDI",null,null,null,39.67]
["10.2.2","CODEVASF","COMPOSIÇÃO","MOBILIZAÇÃO E DESMOBILIZAÇÃO DE EQUIPAMENTOS PARA SONDAGEM A PERCUSSÃO","UN ",1]
[null,null,null,"TOTAL GERAL S/ BDI",null,null,null,475.03]
["10.2.3","CODEVASF","COMPOSIÇÃO","SONDAGEM À PERCUSSÃO COM SPT","M",80]
[null,null,null,"TOTAL GERAL S/ BDI",null,null,null,41.66]
["10.2.4","CODEVASF","COMPOSIÇÃO","DESLOCAMENTO E INSTALAÇÃO DE EQUIPAMENTO 0 A 200 METROS","UN ",4]
[null,null,null,"TOTAL GERAL S/ BDI",null,null,null,328.97]
["10.2.5","CODEVASF","COMPOSIÇÃO","DESLOCAMENTO E INSTALAÇÃO DE EQUIPAMENTO ACIMA DE 500 METROS","UN ",2]
[null,null,null,"TOTAL GERAL S/ BDI",null,null,null,712.82]

{"sheet":"Cronograma","index":5,"n_rows":39,"n_cols":28,"rows_kept":39,"cut":false,"hidden":false,"merged":[[26,0,27,0],[26,1,27,1],[26,2,27,2],[29,0,30,0],[29,1,30,1],[29,2,30,2],[20,0,21,0],[20,1,21,1],[20,2,21,2],[23,0,24,0],[23,1,24,1],[23,2,24,2],[14,0,15,0],[3,2,4,2],[3,3,3,26],[3,27,4,27],[2,0,2,27],[3,1,4,1],[5,2,6,2],[8,0,9,0],[8,1,9,1],[8,2,9,2],[0,9,0,13],[32,2,33,2],[11,0,12,0],[11,1,12,1],[11,2,12,2],[17,0,18,0],[17,1,18,1],[17,2,18,2],[32,0,33,0],[32,1,33,1],[5,0,6,0],[5,1,6,1],[14,1,15,1],[14,2,15,2],[1,0,1,27],[3,0,4,0]]}
[{"$nulls":9},"COMPANHIA DE DESENVOLVIMENTO DOS                                                                                                                                                         VALES DO SÃO FRANCISCO E DO PARNAÍBA\n3ª Superintendência Regional"]
["COMPLEMENTAÇÃO DAS OBRAS E DOS SERVIÇOS NECESSÁRIOS A IMPLANTAÇÃO DO SISTEMA DE ESGOTAMENTO SANITÁRIO DO MUNICÍPIO DE FLORESTA, NO ESTADO DE PERNAMBUCO, NA ÁREA DE ATUAÇÃO DA 3ª SUPERINTENDÊNCIA REGIONAL DA CODEVASF."]
["CRONOGRAMA FÍSICO-FINANCEIRO"]
["ITEM","DESCRIÇÃO",null,"M E S E S",{"$nulls":23},"TOTAL "]
[null,null,null,"1º","2º","3º","4º","5º","6º","7º","8º","9º","10º","11º","12º","13º","14º","15º","16º","17º","18º","19º","20º","21º","22º","23º","24º"]
[1,"INSTALAÇÕES PRELIMINARES E CANTEIRO DE OBRAS",{"$f":"'PLANILHA ORÇAMENTARIA'!K10","v":540412.32999999996},{"$f":"$C6*D7","v":32424.74},{"$f":"$C6*E7","v":21616.49},21616.49,21616.49,21616.49,21616.49,21616.49,21616.49,21616.49,21616.49,21616.49,21616.49,21616.49,21616.49,21616.49,21616.49,21616.49,21616.49,21616.49,21616.49,21616.49,21616.49,21616.49,32424.74,{"$f":"SUM(D6:AA6)","v":540412.26}]
[null,null,null,0.06,0.04,0.04,0.04,0.04,0.04,0.04,0.04,0.04,0.04,0.04,0.04,0.04,0.04,0.04,0.04,0.04,0.04,0.04,0.04,0.04,0.04,0.04,0.06,{"$f":"AB6/C6","v":1}]
[]
[2,"REDE COLETORA; LINHA DE RECALQUE (EEE-01, EEE-02 e EEE-04); EMISSÁRIO FINAL (ETE-01, ETE-02)",{"$f":"'PLANILHA ORÇAMENTARIA'!K17","v":2108106.5299999998},{"$nulls":4},{"$f":"$C9*H10","v":105405.33},105405.33,105405.33,105405.33,105405.33,105405.33,105405.33,105405.33,105405.33,105405.33,105405.33,105405.33,105405.33,105405.33,105405.33,105405.33,105405.33,105405.33,105405.33,105405.33,{"$f":"SUM(D9:AA9)","v":2108106.6}]
[{"$nulls":7},0.05,0.05,0.05,0.05,0.05,0.05,0.05,0.05,0.05,0.05,0.05,0.05,0.05,0.05,0.05,0.05,0.05,0.05,0.05,0.05,{"$f":"AB9/C9","v":1}]
[]
[3,"REDE CONDOMINIAL",{"$f":"'PLANILHA ORÇAMENTARIA'!K98","v":2350774.27},{"$nulls":4},{"$f":"$C12*H13","v":117538.71},{"$f":"$C12*I13","v":117538.71},{"$f":"$C12*J13","v":117538.71},{"$f":"$C12*K13","v":117538.71},{"$f":"$C12*L13","v":117538.71},{"$f":"$C12*M13","v":117538.71},{"$f":"$C12*N13","v":117538.71},{"$f":"$C12*O13","v":117538.71},{"$f":"$C12*P13","v":117538.71},{"$f":"$C12*Q13","v":117538.71},{"$f":"$C12*R13","v":117538.71},{"$f":"$C12*S13","v":117538.71},{"$f":"$C12*T13","v":117538.71},{"$f":"$C12*U13","v":117538.71},{"$f":"$C12*V13","v":117538.71},{"$f":"$C12*W13","v":117538.71},{"$f":"$C12*X13","v":117538.71},{"$f":"$C12*Y13","v":117538.71},{"$f":"$C12*Z13","v":117538.71},{"$f":"$C12*AA13","v":117538.71},{"$f":"SUM(D12:AA12)","v":2350774.2000000002}]
[{"$nulls":7},0.05,0.05,0.05,0.05,0.05,0.05,0.05,0.05,0.05,0.05,0.05,0.05,0.05,0.05,0.05,0.05,0.05,0.05,0.05,0.05,{"$f":"AB12/C12","v":1}]
[]
[4,"ESTAÇÃO ELEVATÓRIA DE ESGOTO - EEE-01",{"$f":"'PLANILHA ORÇAMENTARIA'!K145","v":209628.36},null,{"$f":"$C15*E16","v":41925.67},{"$f":"$C15*F16","v":62888.51},{"$f":"$C15*G16","v":62888.51},{"$f":"$C15*H16","v":20962.84},{"$f":"$C15*I16","v":20962.84},{"$nulls":18},{"$f":"SUM(D15:AA15)","v":209628.37}]
[{"$nulls":4},0.2,0.3,0.3,0.1,0.1,{"$nulls":18},{"$f":"AB15/C15","v":1}]
[]
[5,"ESTAÇÃO ELEVATÓRIA DE ESGOTO - EEE-02",{"$f":"'PLANILHA ORÇAMENTARIA'!K225","v":316043.32},null,{"$f":"$C18*E19","v":63208.66},{"$f":"$C18*F19","v":94813},{"$f":"$C18*G19","v":94813},{"$f":"$C18*H19","v":31604.33},{"$f":"$C18*I19","v":31604.33},{"$nulls":18},{"$f":"SUM(D18:AA18)","v":316043.32}]
[{"$nulls":4},0.2,0.3,0.3,0.1,0.1,{"$nulls":18},{"$f":"AB18/C18","v":1}]
[]
[6,"ESTAÇÃO ELEVATÓRIA DE ESGOTO - EEE-04",{"$f":"'PLANILHA ORÇAMENTARIA'!K306","v":225409.13},{"$nulls":16},{"$f":"$C21*T22","v":45081.83},{"$f":"$C21*U22","v":45081.83},{"$f":"$C21*V22","v":45081.83},{"$f":"$C21*W22","v":45081.83},{"$f":"$C21*X22","v":45081.83},null,null,null,{"$f":"SUM(D21:AA21)","v":225409.15}]
[{"$nulls":19},0.2,0.2,0.2,0.2,0.2,null,null,null,{"$f":"AB21/C21","v":1}]
[]
[7,"ESTAÇÃO DE TRATAMENTO DE ESGOTOS (SBFD)",{"$f":"'PLANILHA ORÇAMENTARIA'!K386","v":2279742.5499999998},{"$nulls":6},{"$f":"$C24*J25","v":227974.26},{"$f":"$C24*K25","v":227974.26},{"$f":"$C24*L25","v":182379.4},{"$f":"$C24*M25","v":182379.4},{"$f":"$C24*N25","v":182379.4},{"$f":"$C24*O25","v":182379.4},{"$f":"$C24*P25","v":182379.4},{"$f":"$C24*Q25","v":182379.4},{"$f":"$C24*R25","v":182379.4},{"$f":"$C24*S25","v":182379.4},{"$f":"$C24*T25","v":182379.4},{"$f":"$C24*U25","v":182379.4},{"$nulls":6},{"$f":"SUM(D24:AA24)","v":2279742.52}]
[{"$nulls":9},0.1,0.1,0.08,0.08,0.08,0.08,0.08,0.08,0.08,0.08,0.08,0.08,{"$nulls":6},{"$f":"AB24/C24","v":1}]
[]
[8,"ESTAÇÃO DE TRATAMENTO DE ESGOTOS (SBPD E SBCE)",{"$f":"'PLANILHA ORÇAMENTARIA'!K445","v":4402845.8099999996},{"$f":"$C27*D28","v":1100711.45},{"$f":"$C27*E28","v":1100711.45},{"$f":"$C27*F28","v":1100711.45},{"$f":"$C27*G28","v":1100711.45},{"$nulls":20},{"$f":"SUM(D27:AA27)","v":4402845.8}]
[null,null,null,0.25,0.25,0.25,0.25,{"$nulls":20},{"$f":"AB27/C27","v":1}]
[]
[9,"INSTALAÇÕES ELÉTRICAS (EEE-01, EEE-02, EEE-04, ETE-01, ETE-02)",{"$f":"'PLANILHA ORÇAMENTARIA'!K477","v":355747.11},{"$nulls":5},{"$f":"$C30*I31","v":14229.88},{"$f":"$C30*J31","v":21344.83},{"$f":"$C30*K31","v":21344.83},{"$f":"$C30*L31","v":21344.83},{"$f":"$C30*M31","v":21344.83},{"$f":"$C30*N31","v":21344.83},{"$f":"$C30*O31","v":21344.83},{"$f":"$C30*P31","v":21344.83},{"$f":"$C30*Q31","v":21344.83},{"$f":"$C30*R31","v":21344.83},{"$f":"$C30*S31","v":21344.83},{"$f":"$C30*T31","v":21344.83},{"$f":"$C30*U31","v":21344.83},{"$f":"$C30*V31","v":21344.83},{"$f":"$C30*W31","v":21344.83},{"$f":"$C30*X31","v":21344.83},{"$f":"$C30*Y31","v":21344.83},null,null,{"$f":"SUM(D30:AA30)","v":355747.16}]
[{"$nulls":8},0.04,0.06,0.06,0.06,0.06,0.06,0.06,0.06,0.06,0.06,0.06,0.06,0.06,0.06,0.06,0.06,0.06,null,null,{"$f":"AB30/C30","v":1}]
[]
[10,"ELABORAÇÃO DOS PROJETOS EXECUTIVOS HIDRÁULICO, ELÉTRICO, ESTRUTURAL E SONDAGENS",{"$f":"'PLANILHA ORÇAMENTARIA'!K498","v":58639.85},{"$f":"$C33*D34","v":29319.93},{"$f":"$C33*E34","v":29319.93},{"$nulls":22},{"$f":"SUM(D33:AA33)","v":58639.86}]
[null,null,null,0.5,0.5,{"$nulls":22},{"$f":"AB33/C33","v":1}]
[]
[null,"TOTAL MENSAL",null,{"$f":"SUM(D33,D30,D27,D24,D21,D18,D15,D12,D9,D6)","v":1162456.1200000001},{"$f":"SUM(E33,E30,E27,E24,E21,E18,E15,E12,E9,E6)","v":1256782.2},1280029.45,1280029.45,297127.7,311357.58,493879.62,493879.62,448284.76,448284.76,448284.76,448284.76,448284.76,448284.76,448284.76,448284.76,493366.59,493366.59,310987.19,310987.19,310987.19,265905.36,244560.53,255368.78,{"$f":"SUM(D36:AA36)+0.02","v":12847349.26}]
[null,"TOTAL ACUMULADO",{"$f":"SUM(D36:AA36)+0.02","v":12847349.26},{"$f":"D36","v":1162456.1200000001},{"$f":"D37+E36","v":2419238.3199999998},{"$f":"E37+F36","v":3699267.77},4979297.22,5276424.92,5587782.5,6081662.1200000001,6575541.7400000002,7023826.5,7472111.2599999998,7920396.0199999996,8368680.7800000003,8816965.5399999991,9265250.3000000007,9713535.0600000005,10161819.82,10655186.41,11148553,11459540.189999999,11770527.380000001,12081514.57,12347419.93,12591980.460000001,{"$f":"Z37+AA36+0.02","v":12847349.26},{"$f":"AA37","v":12847349.26}]
[null,"PERCENTUAL MENSAL ","",9.0499999999999997E-2,9.7799999999999998E-2,9.9599999999999994E-2,9.9599999999999994E-2,2.3099999999999999E-2,2.4199999999999999E-2,3.8399999999999997E-2,3.8399999999999997E-2,3.49E-2,3.49E-2,3.49E-2,3.49E-2,3.49E-2,3.49E-2,3.49E-2,3.49E-2,3.8399999999999997E-2,3.8399999999999997E-2,2.4199999999999999E-2,2.4199999999999999E-2,2.4199999999999999E-2,2.07E-2,1.9E-2,1.9900000000000001E-2,{"$f":"AB37/C37","v":1}]
[null,"PERCENTUAL MENSAL ACUMULADO",null,{"$f":"D38","v":9.0499999999999997E-2},{"$f":"E38+D39","v":0.1883},{"$f":"F38+E39","v":0.28789999999999999},0.38750000000000001,0.41060000000000002,0.43480000000000002,0.47320000000000001,0.51160000000000005,0.54649999999999999,0.58140000000000003,0.61629999999999996,0.6512,0.68610000000000004,0.72099999999999997,0.75590000000000002,0.79079999999999995,0.82920000000000005,0.86760000000000004,0.89180000000000004,0.91600000000000004,0.94020000000000004,0.96089999999999998,0.97989999999999999,{"$f":"AA38+Z39+0.0002","v":1},{"$f":"AA39","v":1}]

{"sheet":"BDI's","index":6,"n_rows":61,"n_cols":9,"rows_kept":61,"cut":false,"hidden":false,"merged":[[61,1,61,6],[5,1,5,6],[6,1,7,6],[1,2,4,6],[39,2,40,2],[30,1,30,6],[60,1,60,6],[29,1,29,6],[33,2,35,6],[36,1,36,6],[37,1,38,6],[39,1,40,1],[8,1,9,1],[8,2,9,2]]}
[]
[null,null,"COMPANHIA DE DESENVOLVIMENTO DOS                                                                                                                                                         VALES DO SÃO FRANCISCO E DO PARNAÍBA\n3ª Superintendência Regional"]
[]
[]
[]
[null,"DETALHAMENTO DO BDI - SERVIÇOS (ACÓRDÃO Nº 2622/2013 - TCU - PLENÁRIO)"]
[null,"COMPLEMENTAÇÃO DAS OBRAS E DOS SERVIÇOS NECESSÁRIOS A IMPLANTAÇÃO DO SISTEMA DE ESGOTAMENTO SANITÁRIO DO MUNICÍPIO DE FLORESTA, NO ESTADO DE PERNAMBUCO, NA ÁREA DE ATUAÇÃO DA 3ª SUPERINTENDÊNCIA REGIONAL DA CODEVASF."]
[{"$nulls":8}," "]
[null,"Item","Descrição dos Serviços","%","%","%","%"," "]
[null,null,null,"LIMITE INFERIOR","VALOR MÉDIO","LIMITE SUPERIOR","VALOR ADOTADO"]
[null,1,"DESPESAS ADMINISTRATIVAS (DA)",4.71,6.81,9.1999999999999993,4.71," "]
[null,"1.1","Seguros + Garantias",0.28000000000000003,0.49,0.75,0.28000000000000003]
[null,"1.2","Riscos",1,1.39,1.74,1]
[null,"1.3","Administração Central",3.43,4.93,6.71,3.43]
[null," "," ",null,null," "," "]
[null,2,"TRIBUTOS (T)",8.65,8.65,8.65,8.65]
[null,"2.1","ISS",5,5,5,5]
[null,"2.2","PIS",0.65,0.65,0.65,0.65]
[null,"2.3","Cofins",3,3,3,3]
[null,"2.4","CPRB",0,0,0,0]
[]
[null,3,"DESPESAS FINANCEIRAS (DF)",0.94,0.99,1.17,0.94," "]
[]
[null,4,"LUCRO (L)",6.74,8.0399999999999991,9.4,7.6]
[]
[null,5,"BDI RECOMENDADO",20.76,24.18,26.44]
[]
[null,6,"BDI CALCULADO",null,null,null,24.5]
[null,7,"BDI ADOTADO",null,null,null,24.5]
[null,"ACÓRDÃO Nº 2622/2013 - TCU - PLENÁRIO:"]
[]
[]
[]
[null,null,"COMPANHIA DE DESENVOLVIMENTO DOS                                                                                                                                                         VALES DO SÃO FRANCISCO E DO PARNAÍBA\n3ª Superintendência Regional"]
[]
[]
[null,"DETALHAMENTO DO BDI - MATERIAIS (ACÓRDÃO Nº 2622/2013 - TCU - PLENÁRIO)"]
[null,"COMPLEMENTAÇÃO DAS OBRAS E DOS SERVIÇOS NECESSÁRIOS A IMPLANTAÇÃO DO SISTEMA DE ESGOTAMENTO SANITÁRIO DO MUNICÍPIO DE FLORESTA, NO ESTADO DE PERNAMBUCO, NA ÁREA DE ATUAÇÃO DA 3ª SUPERINTENDÊNCIA REGIONAL DA CODEVASF."]
[]
[null,"Item","Descrição dos Serviços","%","%","%","%"]
[null,null,null,"LIMITE INFERIOR","VALOR MÉDIO","LIMITE SUPERIOR","VALOR ADOTADO"]
[null,1,"DESPESAS ADMINISTRATIVAS (DA)",2.36,4.78,6.2,2.36]
[null,"1.1","Seguros + Garantias",0.3,0.48,0.82,0.3]
[null,"1.2","Riscos",0.56000000000000005,0.85,0.89,0.56000000000000005]
[null,"1.3","Administração Central",1.5,3.45,4.49,1.5]
[null," "," ",null,null," "," "]
[null,2,"TRIBUTOS (T)",3.65,3.65,3.65,3.65]
[null,"2.1","ISS",0,0,0,0]
[null,"2.2","PIS",0.65,0.65,0.65,0.65]
[null,"2.3","Cofins",3,3,3,3]
[null,"2.4","CPRB",0,0,0,0]
[]
[null,3,"DESPESAS FINANCEIRAS (DF)",0.85,0.85,1.1100000000000001,0.85]
[]
[null,4,"LUCRO (L)",3.5,5.1100000000000003,6.22,5.47]
[]
[null,5,"BDI RECOMENDADO",11.1,14.02,16.8,"-"]
[]
[null,6,"BDI CALCULADO",null,null,null,13]
[null,7,"BDI ADOTADO",null,null,null,13]
[null,"ACÓRDÃO Nº 2622/2013 - TCU - PLENÁRIO:"]

{"sheet":"Leis Sociais","index":7,"n_rows":44,"n_cols":4,"rows_kept":44,"cut":false,"hidden":false,"merged":[[0,0,0,1],[0,2,0,3],[1,0,1,3],[2,0,2,3],[43,0,43,1],[42,0,42,3],[3,2,4,2],[3,3,4,3],[3,0,4,1],[14,0,14,3],[27,0,27,3],[35,0,35,3],[40,0,40,3]]}
["COMPLEMENTAÇÃO DAS OBRAS E DOS SERVIÇOS NECESSÁRIOS A IMPLANTAÇÃO DO SISTEMA DE ESGOTAMENTO SANITÁRIO DO MUNICÍPIO DE FLORESTA, NO ESTADO DE PERNAMBUCO, NA ÁREA DE ATUAÇÃO DA 3ª SUPERINTENDÊNCIA REGIONAL DA CODEVASF."]
["ENCARGOS SOCIAIS (%) - SEM DESONORAÇÃO"]
[]
["Taxas de leis sociais e riscos do trabalho (%)",null,"HORISTA","MENSALISTA"]
[]
["A1","INSS",20,20]
["A2","SESI",1.5,1.5]
["A3","SENAI",1,1]
["A4","INCRA",0.2,0.2]
["A5","SEBRAE",0.6,0.6]
["A6","Salário Educação",2.5,2.5]
["A7","Seguro Contra Acidentes de Trabalho",3,3]
["A8","FGTS",8,8]
["A9","SECONCI",0,0]
[]
["A","Total dos Encargos Sociais",36.799999999999997,36.799999999999997]
[]
["B1","Repouso Semanal Remunerado",18.079999999999998,"-"]
["B2","Feriados",4.34,"-"]
["B3","Auxílio-enfermidade",0.92,0.7]
["B4","13° salário",10.94,8.33]
["B5","Licença-paternidade",7.0000000000000007E-2,0.05]
["B6","Faltas Justificadas",0.73,0.56000000000000005]
["B7","Dias de chuva",2.2799999999999998,"-"]
["B8","Auxílio Acidente de Trabalho",0.11,0.08]
["B9","Férias Gozadas",8.9,6.78]
["B10","Salário Maternidade",0.03,0.02]
[]
["B","Total dos Encargos Sociais que recebem as incidências de A",46.4,16.52]
[]
["C1","Aviso Prévio Indenizado",5.65,4.3099999999999996]
["C2","Aviso Prévio Trabalhado",0.13,0.1]
["C3","Férias Indenizadas",5.08,3.87]
["C4","Depósito Rescisão Sem Justa Causa",5.0599999999999996,3.85]
["C5","Indenização Adicional",0.48,0.36]
[]
["C","Total dos Encargos Sociais que não recebem as incidências de A",16.399999999999999,12.49]
[]
["D1","Reincidência de A sobre B",17.079999999999998,6.08]
["D2","Reincidência de Grupo A sobre Aviso Prévio Trabalhado e Reincidência do FGTS sobre Aviso Prévio Indenizado",0.5,0.38]
[]
["D","Total da Reincidências",17.579999999999998,6.46]
[]
["T O T A L (%)",null,117.18,72.27]